{"text_format":"1","workbook":"xlsx","n_sheets":3,"sheets":["BaseDonnée","Recherche","Traitement"],"not_rendered":{"charts":1,"images":6,"macros":1,"external_links":0,"defined_names":4,"comments":0,"pivot_tables":0},"unopened":[],"bounds":{"document_bytes":16777216,"sheet_cells":100000,"rows_first":2000,"rows_last":500,"rows_between":2000,"halvings":0,"cell_chars":16384,"cell_head_chars":4096},"cells_cut":0,"cells_raw":0,"read":"whole","date_system":"1900"}

{"sheet":"BaseDonnée","index":0,"n_rows":10670,"n_cols":12,"rows_kept":10670,"cut":false,"hidden":false,"merged":[]}
["Référence","Désignation","N°BC","Traitement","Date","Qté","Prix U","Montant","TRAIT 1","TRAIT 2","TRAIT 3","TRAIT 4"]
[8855,"TUBE PISTON SOUDE",10869,"CHR",2009,4,{"$f":"H2/F2","v":31.5},126,"CHR"]
[8855,"TUBE PISTON SOUDE",14554,"CHR",2011,5,{"$f":"H3/F3","v":28.2},141,"CHR"]
[8855,"TUBE PISTON SOUDE",10637,"CND",2009,6,25.466666666666669,152.80000000000001,"CND"]
[8855,"TUBE PISTON SOUDE",14355,"CND",2011,5,27.560000000000002,137.80000000000001,"CND"]
[8855,"TUBE PISTON SOUDE",10951,"RADIO",2009,4,24.75,99,"RADIO"]
[8855,"TUBE PISTON SOUDE",14507,"RADIO",2011,5,19.802,99.01,"RADIO"]
[8855,"TUBE PISTON SOUDE",10312,"SOUDURE",2009,6,30.376666666666665,182.26,"SOUD"]
[8855,"TUBE PISTON SOUDE",13976,"SOUDURE",2011,5,33.648000000000003,168.24,"SOUD"]
[8855,"TUBE PISTON SOUDE",10489,"TTH",2009,6,12.301666666666668,73.81,"TTH"]
[8855,"TUBE PISTON SOUDE",14162,"TTH",2011,5,7.0299999999999994,35.15,"TTH"]
[8856,"TIGE",9987,"USI",2009,7,2,14,"USI"]
[8856,"TIGE",13367,"USI",2011,5,15.4,77,"USI"]
[8857,"APPUI-JOINT",13367,"USI",2011,5,30.6,153,"USI"]
[8863,"RONDELLE",10350,"OAC",2009,5,15.358000000000001,76.790000000000006,"OAC"]
[10494,"AXE",9465,"CNDDETPHOMSE",2009,7,5.1100000000000003,35.770000000000003,"CND","DET","PHO"]
[10494,"AXE",9466,"PEIMSE",2009,7,18.242857142857144,127.7,"PEI"]
[10831,"RONDELLE",9379,"OAC",2009,42,2.1416666666666666,89.95,"OAC"]
[10831,"RONDELLE",13252,"OAC",2010,25,2.044,51.1,"OAC"]
[10831,"RONDELLE",13937,"OAC",2011,40,4.1979999999999995,167.92,"OAC"]
[10831,"RONDELLE",17979,"OAC",2013,39,5.2279487179487178,203.89,"OAC"]
[12658,"BOUCHON",17965,"OAC",2013,16,8.4600000000000009,135.36000000000001,"OAC"]
[13363,"ECROU",10725,"CAD",2009,7,62.64,438.48,"CAD"]
[13607,"BAGUE D'APPUI",15525,"DETCADMSE",2012,24,5.9708333333333341,143.30000000000001,"DET","CAD"]
[13607,"BAGUE D'APPUI",15027,"TTHMSE",2011,1,146.65,146.65,"TTH"]
[14347,"ENTRAINEUR",15187,"TTHMSE",2011,30,1.1090000000000002,33.270000000000003,"TTH"]
[14347,"ENTRAINEUR",15188,"TTHMSE",2011,30,2.283666666666667,68.510000000000005,"TTH"]
[14347,"ENTRAINEUR",14283,"TTHMSE",2011,85,6.1764705882352944,525,"TTH"]
[14523,"BAGUE",15219,"TTHMSE",2011,1,37.43,37.43,"TTH"]
[14523,"BAGUE",16762,"TTHMSE",2012,2,77.55,155.1,"TTH"]
[14523,"BAGUE",13230,"TTHMSE",2011,1,472.5,472.5,"TTH"]
[14524,"BAGUE",20001,"DETPHOMSE",2014,10,73.405000000000001,734.05,"DET","PHO"]
[14524,"BAGUE",17213,"DETPHOMSE",2012,52,6.8709615384615388,357.29,"DET","PHO"]
[14524,"BAGUE",16594,"TTHMSE",2012,3,6.7166666666666659,20.149999999999999,"TTH"]
[14524,"BAGUE",19058,"TTHMSE",2013,1,13.11,13.11,"TTH"]
[14524,"BAGUE",13179,"TTHMSE",2010,2,1245.5,2491,"TTH"]
[14544,"DEMI-BAGUE",10860,"DETCADMSE",2009,36,2.9808333333333334,107.31,"DET","CAD"]
[14544,"DEMI-BAGUE",10609,"TTHMSE",2009,2,45.615000000000002,91.23,"TTH"]
[14563,"AXE",10786,"CNDMSE",2009,9,3.9744444444444449,35.770000000000003,"CND"]
[14563,"AXE",10787,"RECTIFMSE",2009,9,2.4988888888888887,22.49,"RECTIF"]
[14694,"RONDELLE",13560,"DETCADMSE",2011,17,8.0070588235294125,136.12,"DET","CAD"]
[14694,"RONDELLE",15532,"DETCADMSE",2012,54,17.135555555555555,925.32,"DET","CAD"]
[14694,"RONDELLE",15189,"TTHMSE",2011,6,7.2650000000000006,43.59,"TTH"]
[14694,"RONDELLE",13047,"TTHMSE",2010,2,639,1278,"TTH"]
[14696,"RONDELLE",10377,"PELMSE",2009,5,616.22399999999993,3081.12,"PEL"]
[14858,"BAGUE",17278,"DETPHOMSE",2012,31,0.82903225806451608,25.7,"DET","PHO"]
[14858,"BAGUE",16810,"TTHMSE",2012,3,22.303333333333331,66.91,"TTH"]
[15061,"AXE",9077,"CADMSE",2009,44,9.2272727272727266,406,"CAD"]
[15061,"AXE",8848,"CHRMSE",2009,44,5.5095454545454539,242.42,"CHR"]
[15087,"RONDELLE",14705,"CADMSE",2011,97,82.599587628865976,8012.16,"CAD"]
[15087,"RONDELLE",15482,"CADMSE",2012,184,0.54347826086956519,100,"CAD"]
[15087,"RONDELLE",15702,"CADMSE",2012,32,11.9,380.8,"CAD"]
[15087,"RONDELLE",16179,"CADMSE",2012,115,0.9,103.5,"CAD"]
[15588,"TOLE FREIN",20007,"CAD",2014,67,0.89552238805970152,60,"CAD"]
[15588,"TOLE FREIN",19619,"CAD",2013,30,4.360666666666666,130.82,"CAD"]
[15588,"TOLE FREIN",11538,"CAD",2010,63,3.0158730158730158,190,"CAD"]
[15588,"TOLE FREIN",12919,"CAD",2010,60,0,0,"CAD"]
[15588,"TOLE FREIN",14408,"CAD",2011,80,0.71250000000000002,57,"CAD"]
[15588,"TOLE FREIN",20245,"CADMSE",2014,38,4.2631578947368425,162,"CAD"]
[16418,"RONDELLE",15848,"CADMSE",2012,18,6.666666666666667,120,"CAD"]
[16418,"RONDELLE",16215,"CADMSE",2012,128,0.9375,120,"CAD"]
[16828,"ECROU",20259,"CAD",2014,19,7.7684210526315782,147.6,"CAD"]
[16828,"ECROU",9422,"CAD",2009,13,5.5384615384615383,72,"CAD"]
[16828,"ECROU",11765,"CAD",2010,15,20,300,"CAD"]
[16828,"ECROU",19586,"TTH",2013,2,8.4250000000000007,16.850000000000001,"TTH"]
[16828,"ECROU",8883,"TTH",2009,1,93.15,93.15,"TTH"]
[16828,"ECROU",11352,"TTH",2010,1,{"$f":"H67/F67","v":19.95},19.95,"TTH"]
[16844,"ENTRAINEUR",10652,"CUI",2009,95,1.0327368421052632,98.11,"CUI"]
[16844,"ENTRAINEUR",14556,"CUI",2011,50,5.0335999999999999,251.68,"CUI"]
[16844,"ENTRAINEUR",10063,"TTH",2009,18,1.0861111111111112,19.55,"TTH"]
[16844,"ENTRAINEUR",14205,"TTH",2011,10,2.411,24.11,"TTH"]
[17107,"BAGUE",11703,"DETPHOMSE",2010,6,5.9616666666666669,35.770000000000003,"DET","PHO"]
[17108,"BAGUE",11704,"DETPHOMSE",2010,6,79.48833333333333,476.93,"DET","PHO"]
[17147,"BAGUE",12010,"DETPHOMSE",2010,11,10.385454545454545,114.24,"DET","PHO"]
[17147,"BAGUE",11695,"TTHMSE",2010,12,8.5358333333333345,102.43,"TTH"]
[17148,"BOUCHON",11973,"PHOMSE",2010,6,16.5,99,"PHO"]
[17149,"BAGUE",11522,"DETPHOMSE",2010,10,87.227999999999994,872.28,"DET","PHO"]
[17149,"BAGUE",11353,"TTHMSE",2010,1,88.35,88.35,"TTH"]
[17916,"ECROU",11355,"TTHMSE",2010,1,21.95,21.95,"TTH"]
[17916,"ECROU",19862,"TTHMSE",2014,1,2244,2244,"TTH"]
[18223,"RACCORD DE REDUCTION",10443,"PEL",2009,1,3227.84,3227.84,"PEL"]
[18223,"RACCORD DE REDUCTION",16126,"PEL",2012,4,531.25,2125,"PEL"]
[18223,"RACCORD DE REDUCTION",18295,"PEL",2013,5,33.4,167,"PEL"]
[18223,"RACCORD DE REDUCTION",18537,"PEL",2013,8,404.79,3238.32,"PEL"]
[18227,"EMBOUT",15118,"CNDOAC",2011,2,17.885000000000002,35.770000000000003,"CND","OAC"]
[18227,"EMBOUT",18214,"CNDOAC",2013,2,171.35,342.7,"CND","OAC"]
[18228,"EMBOUT",17885,"CNDOAS",2013,5,22.536000000000001,112.68,"CND","OAS"]
[18228,"EMBOUT",18866,"CNDOAS",2013,8,4.4712500000000004,35.770000000000003,"CND","OAS"]
[18297,"BOUCHON DE STOCKAGE",11519,"OAS",2010,12,27.338333333333335,328.06,"OAS"]
[18446,"CORPS",14723,"CNDOAC",2011,3,40.633333333333333,121.9,"CND","OAC"]
[18448,"VIS",14937,"OAC",2011,13,5.1261538461538461,66.64,"OAC"]
[18574,"BOUCHON DE STOCKAGE",19859,"OAS",2013,63,0.82079365079365085,51.71,"OAS"]
[18574,"BOUCHON DE STOCKAGE",19612,"USI",2013,63,0.53968253968253965,34,"USI"]
[18678,"SIEGE DE CLAPET",17011,"CNDCAD",2012,5,190.5,952.5,"CND","CAD"]
[18678,"SIEGE DE CLAPET",16452,"TTH",2012,1,184.07,184.07,"TTH"]
[18732,"GLACE REFLECTEUR",17039,"CND",2012,22,130.95454545454547,2881,"CND"]
[18736,"ECROU",16688,"CAD",2012,13,12.393846153846154,161.12,"CAD"]
[18736,"ECROU",16688,"PEI",2012,13,29.446153846153848,382.8,"PEI"]
[18736,"ECROU",16181,"TTH",2012,1,125.01,125.01,"TTH"]
[18897,"BOUCHON",18704,"OAS",2013,22,6.956818181818182,153.05000000000001,"OAS"]
[18937,"EMBOUT USINE",16094,"CNDPHO",2012,8,41.888750000000002,335.11,"CND","PHO"]
[18937,"EMBOUT USINE",17863,"CNDPHO",2013,3,279,837,"CND","PHO"]
[18937,"EMBOUT USINE",19212,"CNDPHO",2013,4,171.75,687,"CND","PHO"]
[18937,"EMBOUT USINE",18060,"PEI",2013,3,18.883333333333333,56.65,"PEI"]
[18937,"EMBOUT USINE",19485,"PEI",2013,4,30.137499999999999,120.55,"PEI"]
[18937,"EMBOUT USINE",16094,"PEI",2012,8,15.9625,127.7,"PEI"]
[18937,"EMBOUT USINE",15517,"TTH",2012,10,7.05,70.5,"TTH"]
[18937,"EMBOUT USINE",16900,"TTH",2012,3,61.356666666666662,184.07,"TTH"]
[18946,"ECROU",8944,"CNDPHO",2009,31,2.9670967741935486,91.98,"CND","PHO"]
[18946,"ECROU",12337,"CNDPHO",2010,35,1.022,35.770000000000003,"CND","PHO"]
[18946,"ECROU",13444,"CNDPHO",2011,59,5.6798305084745762,335.11,"CND","PHO"]
[18946,"ECROU",15643,"CNDPHO",2012,56,5.9841071428571428,335.11,"CND","PHO"]
[18946,"ECROU",16411,"CNDPHO",2012,59,5.6798305084745762,335.11,"CND","PHO"]
[18946,"ECROU",19468,"CNDPHO",2013,56,25.714285714285715,1440,"CND","PHO"]
[18946,"ECROU",20415,"CNDPHO",2014,46,1.4367391304347827,66.09,"CND","PHO"]
[18946," DÉFAUT N°1 2",20058,"DECAPPEI",2014,46,0,0,"DECAP","PEI"]
[18946," DÉFAUT N°1 2",20246,"DECAPPHO",2014,46,6.0986956521739133,280.54000000000002,"DECAP","PHO"]
[18946,"ECROU",19469,"PEI",2014,56,0.64124999999999999,35.909999999999997,"PEI"]
[18946,"ECROU",20738,"PEI",2014,46,57.678260869565214,2653.2,"PEI"]
[18946,"ECROU",12337,"PEI",2010,35,3.0900000000000003,108.15,"PEI"]
[18946,"ECROU",13444,"PEI",2011,59,1.8252542372881355,107.69,"PEI"]
[18946,"ECROU",15643,"PEI",2012,56,14.672321428571427,821.65,"PEI"]
[18946,"ECROU",16411,"PEI",2012,59,5.3694915254237294,316.8,"PEI"]
[18946,"ECROU",8945,"PEI",2009,31,4.1193548387096772,127.7,"PEI"]
[18946,"ECROU",14614,"TTH",2011,14,8.2249999999999996,115.15,"TTH"]
[18946,"ECROU",15978,"TTH",2012,15,8.3339999999999996,125.01,"TTH"]
[18946,"ECROU",18988,"TTH",2013,14,1.2192857142857143,17.07,"TTH"]
[18946,"ECROU",20112,"TTH",2014,14,3.6107142857142853,50.55,"TTH"]
[18946,"ECROU",12109,"TTH",2010,9,4.2411111111111115,38.17,"TTH"]
[18946,"ECROU",13280,"TTH",2010,15,6.242,93.63,"TTH"]
[18946,"ECROU",20337,"USI",2014,56,{"$f":"H131/F131","v":0.79357142857142848},44.44,"USI"]
[18946,"ECROU",15149,"USI",2012,56,0.50714285714285712,28.4,"USI"]
[18946,"ECROU",16124,"USI",2012,59,0.27796610169491526,16.399999999999999,"USI"]
[18946,"ECROU",19181,"USI",2013,56,15.991071428571429,895.5,"USI"]
[18982,"RONDELLE",11610,"OADMSE",2010,16,7.4225000000000003,118.76,"OAD"]
[18996,"DOUILLE DE VERROUILLAGE",10824,"CND",2009,9,16.977777777777778,152.80000000000001,"CND"]
[18996,"DOUILLE DE VERROUILLAGE",10604,"TTH",2009,2,44.174999999999997,88.35,"TTH"]
[19518,"BOUCHON DE STOCKAGE",18908,"OASROUGE",2013,12,38.529166666666669,462.35,"OASROUGE"]
[19518,"BOUCHON DE STOCKAGE",20113,"OASROUGE",2014,14,12.982142857142858,181.75,"OASROUGE"]
[19518,"BOUCHON DE STOCKAGE",9761,"OASROUGE",2009,9,5.677777777777778,51.1,"OASROUGE"]
[19518,"BOUCHON DE STOCKAGE",10465,"OASROUGE",2009,8,12.776249999999999,102.21,"OASROUGE"]
[19518,"BOUCHON DE STOCKAGE",12437,"OASROUGE",2010,16,3.1937500000000001,51.1,"OASROUGE"]
[19518,"BOUCHON DE STOCKAGE",17027,"OASROUGE",2012,19,2.7110526315789474,51.51,"OASROUGE"]
[19559,"DEFLECTEUR",10344,"CNDOAS",2009,53,3.0109433962264154,159.58000000000001,"CND","OAS"]
[19559,"DEFLECTEUR",13130,"CNDOAS",2010,26,15.917692307692308,413.86,"CND","OAS"]
[19559,"DEFLECTEUR",14204,"CNDOAS",2011,61,1.1727868852459018,71.540000000000006,"CND","OAS"]
[19559,"DEFLECTEUR",16128,"CNDOAS",2012,53,0.71245283018867922,37.76,"CND","OAS"]
[19559,"DEFLECTEUR",17948,"CNDOAS",2013,52,2.495769230769231,129.78,"CND","OAS"]
[19559,"DEFLECTEUR",20367,"OAS",2014,49,24.704081632653061,1210.5,"OAS"]
[19559,"DEFLECTEUR",19643,"OAS",2013,52,0.98269230769230775,51.1,"OAS"]
[19583,"PENE",14528,"CNDCHRPHO",2011,10,14.275,142.75,"CND","CHR","PHO"]
[19583,"PENE",14237,"TTH",2011,5,33.988,169.94,"TTH"]
[19584,"CORPS",9363,"CNDOAS",2009,6,5.9616666666666669,35.770000000000003,"CND","OAS"]
[19584,"CORPS",9862,"CNDOAS",2009,7,5.1100000000000003,35.770000000000003,"CND","OAS"]
[19584,"CORPS",10668,"CNDOAS",2009,4,161.26249999999999,645.04999999999995,"CND","OAS"]
[19584,"CORPS",11017,"CNDOAS",2009,5,38.130000000000003,190.65,"CND","OAS"]
[19584,"CORPS",13478,"CNDOAS",2011,9,17.493333333333332,157.44,"CND","OAS"]
[19586,"CORPS EQUIPE",9678,"PEI",2009,5,524.79600000000005,2623.98,"PEI"]
[19586,"CORPS EQUIPE",10154,"PEI",2009,5,17.509999999999998,87.55,"PEI"]
[19586,"CORPS EQUIPE",10254,"PEI",2009,5,2.92,14.6,"PEI"]
[19586,"CORPS EQUIPE",10758,"PEIOC",2009,4,271.5675,1086.27,"PEI","OC"]
[19586,"CORPS EQUIPE",15173,"PEIOC",2012,9,356.32,3206.88,"PEI","OC"]
[19634,"FOND",19855,"OAS",2014,17,4.9147058823529406,83.55,"OAS"]
[19634,"FOND",9513,"OAS",2009,25,6.7167999999999992,167.92,"OAS"]
[19634,"FOND",11732,"OAS",2010,15,3.4066666666666667,51.1,"OAS"]
[19634,"FOND",19855,"PEI",2014,17,185.74588235294118,3157.68,"PEI"]
[19634,"FOND",9514,"PEI",2009,25,2.6368,65.92,"PEI"]
[19634,"FOND",11733,"PEI",2010,15,20.755333333333333,311.33,"PEI"]
[19636,"ECROU",19901,"OAS",2014,30,1.7033333333333334,51.1,"OAS"]
[19636,"ECROU",8982,"OAS",2009,29,3.4362068965517243,99.65,"OAS"]
[19636,"ECROU",10726,"OAS",2009,25,16.002800000000001,400.07,"OAS"]
[19636,"ECROU",10727,"PEI",2009,25,8.17,204.25,"PEI"]
[19636,"ECROU",8983,"PEI",2009,29,4.4034482758620692,127.7,"PEI"]
[19641,"BAGUE",19802,"CAD",2014,10,7.2,72,"CAD"]
[19641,"BAGUE",20635,"CAD",2014,14,10.542857142857143,147.6,"CAD"]
[19641,"BAGUE",8995,"CAD",2009,13,0,0,"CAD"]
[19641,"BAGUE",11740,"CAD",2010,8,33,264,"CAD"]
[19641,"BAGUE",19421,"TTH",2013,1,22.41,22.41,"TTH"]
[19641,"BAGUE",20118,"TTH",2014,1,267.69,267.69,"TTH"]
[19641,"BAGUE",8882,"TTH",2009,1,27.15,27.15,"TTH"]
[19641,"BAGUE",11630,"TTH",2010,1,57.56,57.56,"TTH"]
[19643,"PISTON",9854,"COMP",2009,7,7.2700000000000005,50.89,"COMP"]
[19644,"CENTREUR",9956,"OAS",2009,17,23.954705882352943,407.23,"OAS"]
[19644,"CENTREUR",19813,"OAS",2013,10,5.1100000000000003,51.1,"OAS"]
[19649,"VIS",19824,"OAS",2014,12,13.385833333333332,160.63,"OAS"]
[19649,"VIS",9891,"OAS",2009,11,126.38363636363637,1390.22,"OAS"]
[19649,"VIS",19824,"PEI",2014,12,0.8666666666666667,10.4,"PEI"]
[19649,"VIS",9892,"PEI",2009,11,4.4890909090909092,49.38,"PEI"]
[19689,"BAGUE",10049,"PASMSE",2009,7,49.285714285714285,345,"PAS"]
[19812,"SUPPORT DE CONTREFICHE",10006,"CNDOAS",2009,5,7.1540000000000008,35.770000000000003,"CND","OAS"]
[19812,"SUPPORT DE CONTREFICHE",10007,"CNDOAS",2009,4,8.9425000000000008,35.770000000000003,"CND","OAS"]
[19812,"SUPPORT DE CONTREFICHE",13105,"CNDOAS",2010,3,11.923333333333334,35.770000000000003,"CND","OAS"]
[19812,"SUPPORT DE CONTREFICHE",20699,"CNDOAS",2014,12,3.1466666666666665,37.76,"CND","OAS"]
[19812,"SUPPORT DE CONTREFICHE",10006,"PEI",2009,5,438,2190,"PEI"]
[19812,"SUPPORT DE CONTREFICHE",10007,"PEI",2009,4,{"$f":"H195/F195","v":492.75},1971,"PEI"]
[19812,"SUPPORT DE CONTREFICHE",13106,"PEI",2011,3,42.56666666666667,127.7,"PEI"]
[19832,"BAGUE",8797,"PAS",2009,40,12.218999999999999,488.76,"PAS"]
[19832,"BAGUE",10157,"PAS",2009,11,64.545454545454547,710,"PAS"]
[19832,"BAGUE",11371,"PAS",2010,25,2.044,51.1,"PAS"]
[19832,"BAGUE",12936,"PAS",2010,14,3.65,51.1,"PAS"]
[19832,"BAGUE",14597,"PAS",2011,7,36.857142857142854,258,"PAS"]
[19832,"BAGUE",17589,"PAS",2012,8,33.967500000000001,271.74,"PAS"]
[19832,"BAGUE",19075,"PAS",2013,56,1.3125,73.5,"PAS"]
[19843,"EMBOUT",10044,"CNDOAS",2009,10,20.838000000000001,208.38,"CND","OAS"]
[19843,"EMBOUT",20535,"CNDOAS",2014,7,4.7957142857142854,33.57,"CND","OAS"]
[19843,"EMBOUT",12011,"CNDOAS",2010,2,53.945,107.89,"CND","OAS"]
[19843,"EMBOUT",12872,"CNDOAS",2010,3,22.58666666666667,67.760000000000005,"CND","OAS"]
[19843,"EMBOUT",20534,"CNDOAS",2014,7,18.454285714285714,129.18,"CND","OAS"]
[19843,"EMBOUT",10044,"PEI",2009,10,140.43,1404.3,"PEI"]
[19843,"EMBOUT",20535,"PEI",2014,7,406.54857142857145,2845.84,"PEI"]
[19843,"EMBOUT",12012,"PEI",2010,2,17.984999999999999,35.97,"PEI"]
[19843,"EMBOUT",12873,"PEI",2010,3,12.016666666666666,36.049999999999997,"PEI"]
[19848,"CROCHET",9577,"MAGNACAD",2009,16,6.131875,98.11,"MAGNA","CAD"]
[19848,"CROCHET",9988,"MAGNACAD",2009,12,7.2225000000000001,86.67,"MAGNA","CAD"]
[19848,"CROCHET",11086,"MAGNACAD",2010,8,6.3612500000000001,50.89,"MAGNA","CAD"]
[19848,"CROCHET",11185,"MAGNACAD",2010,8,5.2424999999999997,41.94,"MAGNA","CAD"]
[19848,"CROCHET",11382,"MAGNACAD",2010,9,7.767777777777777,69.91,"MAGNA","CAD"]
[19848,"CROCHET",11384,"MAGNACAD",2010,8,74.836250000000007,598.69000000000005,"MAGNA","CAD"]
[19848,"CROCHET",13365,"MAGNACAD",2011,14,0,0,"MAGNA","CAD"]
[19848,"CROCHET",13879,"MAGNACAD",2011,9,18.963333333333331,170.67,"MAGNA","CAD"]
[19848,"CROCHET",14070,"MAGNACAD",2011,19,2.1784210526315788,41.39,"MAGNA","CAD"]
[19848,"CROCHET",15475,"MAGNACAD",2012,15,13.274666666666667,199.12,"MAGNA","CAD"]
[19848,"CROCHET",18215,"MAGNACAD",2013,18,10.220555555555556,183.97,"MAGNA","CAD"]
[19848,"CROCHET",19900,"MAGNACAD",2014,21,8.7604761904761901,183.97,"MAGNA","CAD"]
[19848,"CROCHET",15031,"TTH",2011,5,78.78,393.9,"TTH"]
[19848,"CROCHET",17514,"TTH",2013,7,17.862857142857145,125.04,"TTH"]
[19848,"CROCHET",18326,"TTH",2013,8,3.2062499999999998,25.65,"TTH"]
[19848,"CROCHET",10768,"TTH",2009,3,12.583333333333334,37.75,"TTH"]
[19848,"CROCHET",10768,"TTH",2009,3,0,0,"TTH"]
[19848,"CROCHET",10768,"TTH",2009,3,69.55,208.65,"TTH"]
[19848,"CROCHET",13154,"TTH",2010,5,4.2299999999999995,21.15,"TTH"]
[19848,"CROCHET",13419,"TTH",2011,3,97.633333333333326,292.89999999999998,"TTH"]
[19848,"CROCHET",13801,"TTH",2011,7,4.4185714285714282,30.93,"TTH"]
[19848,"CROCHET",20828,"TTH",2014,10,87.85499999999999,878.55,"TTH"]
[19852,"PISTON",20308,"CNDOAS",2014,10,12.813999999999998,128.13999999999999,"CND","OAS"]
[19852,"PISTON",20697,"CNDOAS",2014,10,3.5770000000000004,35.770000000000003,"CND","OAS"]
[19852,"PISTON",9884,"CNDOAS",2009,11,4.831818181818182,53.15,"CND","OAS"]
[19852,"PISTON",12263,"CNDOAS",2010,8,8.1762499999999996,65.41,"CND","OAS"]
[19852,"PISTON",20902,"CNDOAS",2014,10,5.1609999999999996,51.61,"CND","OAS"]
[19853,"ECROU",9480,"CND",2009,9,15.777777777777779,142,"CND"]
[19853,"ECROU",12341,"CND",2010,10,8.1,81,"CND"]
[19853,"ECROU",19312,"CND",2013,9,324.5888888888889,2921.3,"CND"]
[19853,"ECROU",9600,"CUI",2009,9,6.3588888888888881,57.23,"CUI"]
[19853,"ECROU",12342,"CUI",2010,10,17.14,171.4,"CUI"]
[19853,"ECROU",19417,"CUI",2013,9,13.626666666666667,122.64,"CUI"]
[19853,"ECROU",10002,"DECUI",2009,8,38.08,304.64,"DEC","UI"]
[19853,"ECROU",12661,"DECUI",2010,10,29.370999999999999,293.70999999999998,"DEC","UI"]
[19853,"ECROU",20573,"DECUI",2014,9,12.223333333333334,110.01,"DEC","UI"]
[19853,"ECROU",20248,"NIT",2014,9,13.567777777777778,122.11,"NIT"]
[19853,"ECROU",9760,"NIT",2009,8,0,0,"NIT"]
[19853,"ECROU",12493,"NIT",2010,10,34.083999999999996,340.84,"NIT"]
[19861,"BIELLETTE",9400,"BRO",2009,10,3.5770000000000004,35.770000000000003,"BROCHAGE"]
[19861,"BIELLETTE",9975,"BRO",2009,2,187.13,374.26,"BROCHAGE"]
[19861,"BIELLETTE",11070,"BRO",2009,11,8.1754545454545458,89.93,"BROCHAGE"]
[19861,"BIELLETTE",9603,"CNDCAD",2009,10,267.40700000000004,2674.07,"CND","CAD"]
[19861,"BIELLETTE",10147,"CNDCAD",2009,2,32.195,64.39,"CND","CAD"]
[19861,"BIELLETTE",11366,"CNDCAD",2010,11,5.6363636363636367,62,"CND","CAD"]
[19861,"BIELLETTE",8825,"TTH",2009,1,117.15,117.15,"TTH"]
[19861,"BIELLETTE",9717,"TTH",2009,1,{"$f":"H259/F259","v":64.78},64.78,"TTH"]
[19861,"BIELLETTE",10768,"TTH",2009,1,1374.03,1374.03,"TTH"]
[19863,"LEVIER",9806,"BRO",2009,9,6.4655555555555555,58.19,"BROCHAGE"]
[19863,"LEVIER",11212,"BRO",2010,8,7.1537499999999996,57.23,"BROCHAGE"]
[19863,"LEVIER",19541,"BRO",2013,10,3.75,37.5,"BROCHAGE"]
[19863,"LEVIER",9964,"CNDOAS",2009,7,21.860000000000003,153.02000000000001,"CND","OAS"]
[19863,"LEVIER",20099,"CNDOAS",2014,9,4.7688888888888892,42.92,"CND","OAS"]
[19863,"LEVIER",11427,"CNDOAS",2010,7,10.220000000000001,71.540000000000006,"CND","OAS"]
[19863,"LEVIER",9964,"PEI",2009,7,22.557142857142857,157.9,"PEI"]
[19863,"LEVIER",20099,"PEI",2014,9,14.18888888888889,127.7,"PEI"]
[19863,"LEVIER",11428,"PEI",2010,7,66.618571428571428,466.33,"PEI"]
[19864,"AXE",19967,"CNDCAD",2014,7,7.3,51.1,"CND","CAD"]
[19864,"AXE",20189,"PEI",2014,7,446.64285714285717,3126.5,"PEI"]
[19864,"AXE",20762,"PEI",2014,7,18.242857142857144,127.7,"PEI"]
[19864,"AXE",19313,"TAILLAGE",2013,7,29.395714285714288,205.77,"TAIL"]
[19872,"BAGUE",9145,"PASMSE",2009,22,4.1818181818181817,92,"PAS"]
[19873,"BAGUE",14279,"PASCADMSE",2011,22,6.8636363636363633,151,"PAS","CAD"]
[19873,"BAGUE",14893,"PASCADMSE",2011,42,50.571428571428569,2124,"PAS","CAD"]
[19877,"PALIER",20521,"CNDOAS",2014,11,3.9018181818181819,42.92,"CND","OAS"]
[19877,"PALIER",9516,"CNDOAS",2009,10,15.144,151.44,"CND","OAS"]
[19877,"PALIER",10127,"CNDOAS",2009,7,141.42857142857142,990,"CND","OAS"]
[19877,"PALIER",11399,"CNDOAS",2010,7,10.220000000000001,71.540000000000006,"CND","OAS"]
[19877,"PALIER",20520,"CNDOAS",2014,11,9.8109090909090906,107.92,"CND","OAS"]
[19878,"BAGUE SPECIALE",11266,"OAS",2010,8,4.4712500000000004,35.770000000000003,"OAS"]
[19878,"BAGUE SPECIALE",18535,"OAS",2013,21,18.130476190476191,380.74,"OAS"]
[19879,"BAGUE SPECIALE",12627,"CNDOAS",2010,20,20.612500000000001,412.25,"CND","OAS"]
[19879,"BAGUE SPECIALE",9998,"OAS",2009,9,5.6544444444444446,50.89,"OAS"]
[19879,"BAGUE SPECIALE",9909,"OAS",2009,5,10.220000000000001,51.1,"OAS"]
[19879,"BAGUE SPECIALE",9998,"PEI",2009,9,28.111111111111111,253,"PEI"]
[19879,"BAGUE SPECIALE",9909,"PEI",2009,5,0,0,"PEI"]
[19879,"BAGUE SPECIALE",12628,"PEI",2010,20,3.6030000000000002,72.06,"PEI"]
[19881,"ECROU",9997,"OAS",2009,8,7.5525000000000002,60.42,"OAS"]
[19881,"ECROU",20148,"OAS",2014,15,17.123333333333335,256.85000000000002,"OAS"]
[19881,"ECROU",20549,"OAS",2014,21,67.714285714285708,1422,"OAS"]
[19881,"ECROU",9167,"OAS",2009,19,0,0,"OAS"]
[19881,"ECROU",10720,"OAS",2009,16,8.8812499999999996,142.1,"OAS"]
[19881,"ECROU",9221,"PEI",2009,19,125.7978947368421,2390.16,"PEI"]
[19881,"ECROU",9997,"PEI",2009,8,121.125,969,"PEI"]
[19881,"ECROU",20148,"PEI",2014,15,20.790000000000003,311.85000000000002,"PEI"]
[19881,"ECROU",20549,"PEI",2014,21,16.985714285714284,356.7,"PEI"]
[19881,"ECROU",10721,"PEI",2009,16,41.734999999999999,667.76,"PEI"]
[19892,"TIGE DE RAPPEL",20282,"CNDCAD",2014,9,17.005555555555556,153.05000000000001,"CND","CAD"]
[19892,"TIGE DE RAPPEL",9563,"CNDCAD",2009,7,404.56285714285713,2831.94,"CND","CAD"]
[19892,"TIGE DE RAPPEL",11373,"CNDCAD",2010,6,20.046666666666667,120.28,"CND","CAD"]
[19894,"DOIGT DE VERROUILLAGE",13021,"CNDPEL",2010,14,9.125,127.75,"CND","PEL"]
[19894,"DOIGT DE VERROUILLAGE",13924,"CNDPEL",2011,9,3.9744444444444449,35.770000000000003,"CND","PEL"]
[19894,"DOIGT DE VERROUILLAGE",14555,"CNDPEL",2011,14,10.884285714285713,152.38,"CND","PEL"]
[19894,"DOIGT DE VERROUILLAGE",15986,"CNDPEL",2012,14,2.5550000000000002,35.770000000000003,"CND","PEL"]
[19894,"DOIGT DE VERROUILLAGE",12961,"RECTIF",2010,14,3.8428571428571425,53.8,"RECTIF"]
[19894,"DOIGT DE VERROUILLAGE",13823,"RECTIF",2011,9,26.486666666666665,238.38,"RECTIF"]
[19894,"DOIGT DE VERROUILLAGE",14399,"RECTIF",2011,14,14.464285714285714,202.5,"RECTIF"]
[19894,"DOIGT DE VERROUILLAGE",15801,"RECTIF",2012,14,11.415000000000001,159.81,"RECTIF"]
[19894,"DOIGT DE VERROUILLAGE",15455,"TTH",2012,3,49.330000000000005,147.99,"TTH"]
[19894,"DOIGT DE VERROUILLAGE",12598,"TTH",2010,3,15.383333333333333,46.15,"TTH"]
[19894,"DOIGT DE VERROUILLAGE",13412,"TTH",2011,2,16.574999999999999,33.15,"TTH"]
[19894,"DOIGT DE VERROUILLAGE",14045,"TTH",2011,3,8.3833333333333329,25.15,"TTH"]
[19901,"PLAQUE",9181,"CAD",2009,19,2.6315789473684212,50,"CAD"]
[19901,"PLAQUE",10110,"CAD",2009,16,3.125,50,"CAD"]
[19901,"PLAQUE",12728,"CAD",2010,17,2.9411764705882355,50,"CAD"]
[19901,"PLAQUE",20678,"CAD",2014,28,5.135357142857143,143.79,"CAD"]
[19901,"PLAQUE",20171,"TTH",2014,28,0.89249999999999996,24.99,"TTH"]
[19901,"PLAQUE",8884,"TTH",2009,20,6.5575000000000001,131.15,"TTH"]
[19901,"PLAQUE",9800,"TTH",2009,16,2.2481249999999999,35.97,"TTH"]
[19901,"PLAQUE",12442,"TTH",2010,20,3.1280000000000001,62.56,"TTH"]
[19902,"PLAQUE",19733,"CAD",2013,13,{"$f":"H323/F323","v":5.8176923076923073},75.63,"CAD"]
[19902,"PLAQUE",11243,"CAD",2010,10,25.65,256.5,"CAD"]
[19902,"PLAQUE",19360,"TTH",2013,1,13.38,13.38,"TTH"]
[19902,"PLAQUE",10767,"TTH",2009,1,32.18,32.18,"TTH"]
[19904,"ECROU",9159,"CNDCAD",2009,12,231.88416666666669,2782.61,"CND","CAD"]
[19904,"ECROU",11441,"CNDCAD",2010,7,8.8571428571428577,62,"CND","CAD"]
[19904,"ECROU",13311,"CNDCAD",2011,8,43.125,345,"CND","CAD"]
[19904,"ECROU",13714,"CNDCAD",2011,6,8.5166666666666675,51.1,"CND","CAD"]
[19904,"ECROU",14429,"CNDCAD",2011,10,31.333999999999996,313.33999999999997,"CND","CAD"]
[19904,"ECROU",14567,"CNDCAD",2011,9,11.366666666666667,102.3,"CND","CAD"]
[19904,"ECROU",18972,"CNDCAD",2013,15,11.4,171,"CND","CAD"]
[19904,"ECROU",18762,"TTH",2013,4,32.924999999999997,131.69999999999999,"TTH"]
[19904,"ECROU",11181,"TTH",2010,2,26.024999999999999,52.05,"TTH"]
[19904,"ECROU",13053,"TTH",2010,2,34.5,69,"TTH"]
[19904,"ECROU",13413,"TTH",2011,2,62.655000000000001,125.31,"TTH"]
[19904,"ECROU",14129,"TTH",2011,4,18.037500000000001,72.150000000000006,"TTH"]
[19904,"ECROU",14344,"TTH",2011,4,35.1,140.4,"TTH"]
[19907,"AXE DE CROCHET",10126,"CNDCAD",2009,14,71.964285714285708,1007.5,"CND","CAD"]
[19907,"AXE DE CROCHET",10275,"CNDCAD",2009,14,3.65,51.1,"CND","CAD"]
[19907,"AXE DE CROCHET",10460,"CNDCAD",2009,14,11.313571428571427,158.38999999999999,"CND","CAD"]
[19907,"AXE DE CROCHET",10736,"CNDCAD",2009,15,39.244666666666667,588.66999999999996,"CND","CAD"]
[19907,"AXE DE CROCHET",13217,"CNDCAD",2011,20,0.50350000000000006,10.07,"CND","CAD"]
[19907,"AXE DE CROCHET",13217,"CNDCAD",2011,16,137.76499999999999,2204.2399999999998,"CND","CAD"]
[19907,"AXE DE CROCHET",18462,"CNDCAD",2013,5,0,0,"CND","CAD"]
[19907,"AXE DE CROCHET",18461,"CNDCAD",2013,11,15.547272727272729,171.02,"CND","CAD"]
[19907,"AXE DE CROCHET",18624,"CNDCAD",2013,11,9.17090909090909,100.88,"CND","CAD"]
[19907,"AXE DE CROCHET",19628,"COMPLET",2014,11,4.66,51.26,"COMP"]
[19907,"AXE DE CROCHET",19628,"COMPLET",2014,11,3.2518181818181819,35.770000000000003,"COMP"]
[19911,"FOND",8696,"COMP",2009,24,33.044583333333335,793.07,"COMP"]
[19917,"RONDELLE",9646,"PAS",2009,23,6.6830434782608696,153.71,"PAS"]
[19917,"RONDELLE",9833,"PAS",2009,68,4.2647058823529411,290,"PAS"]
[19917,"RONDELLE",10399,"PAS",2009,31,2.8483870967741933,88.3,"PAS"]
[19917,"RONDELLE",18222,"PAS",2013,30,6.2,186,"PAS"]
[19917,"RONDELLE",19397,"PAS",2013,45,7.333333333333333,330,"PAS"]
[19941,"BAGUE",8784,"CAD",2009,18,80,1440,"CAD"]
[19941,"BAGUE",10203,"CAD",2009,4,37.5,150,"CAD"]
[19941,"BAGUE",10950,"CAD",2009,8,28.71125,229.69,"CAD"]
[19941,"BAGUE",12288,"PASCAD",2010,9,23.607777777777777,212.47,"PAS","CAD"]
[19941,"BAGUE",18410,"PASCAD",2013,7,203.93571428571428,1427.55,"PAS","CAD"]
[19941,"BAGUE",19789,"PASCAD",2013,17,28.823529411764707,490,"PAS","CAD"]
[19951,"BAGUE",8693,"PASCAD",2009,10,24.8,248,"PAS","CAD"]
[19951,"BAGUE",11106,"PASCAD",2010,8,0,0,"PAS","CAD"]
[19951,"BAGUE",14881,"PASCAD",2011,6,70.726666666666674,424.36,"PAS","CAD"]
[19951,"BAGUE",18834,"PASCAD",2013,14,10,140,"PAS","CAD"]
[19980,"EMBOUT",9817,"CNDOAS",2009,7,33.164285714285718,232.15,"CND","OAS"]
[19980,"EMBOUT",20467,"CNDOAS",2014,6,40.253333333333337,241.52,"CND","OAS"]
[19980,"EMBOUT",11248,"CNDOAS",2010,11,7.1536363636363633,78.69,"CND","OAS"]
[19980,"EMBOUT",12714,"CNDOAS",2010,3,11.923333333333334,35.770000000000003,"CND","OAS"]
[19980,"EMBOUT",12714,"CNDOAS",2010,3,11.923333333333334,35.770000000000003,"CND","OAS"]
[19980,"EMBOUT",20466,"CNDOAS",2014,6,0,0,"CND","OAS"]
[19982,"CARDAN",19475,"CNDOAS",2013,8,8.9425000000000008,71.540000000000006,"CND","OAS"]
[19982,"CARDAN",9364,"CNDOAS",2009,10,5.0590000000000002,50.59,"CND","OAS"]
[19982,"CARDAN",12159,"CNDOAS",2010,5,94.33,471.65,"CND","OAS"]
[19982,"CARDAN",13240,"CNDOAS",2010,7,5.1100000000000003,35.770000000000003,"CND","OAS"]
[19982,"CARDAN",13952,"CNDOAS",2011,4,8.9425000000000008,35.770000000000003,"CND","OAS"]
[19982,"CARDAN",15818,"CNDOAS",2012,8,232.5,1860,"CND","OAS"]
[19982,"CARDAN",15819,"PEI",2012,8,23.37875,187.03,"PEI"]
[19982,"CARDAN",19475,"PEI",2013,8,26.166250000000002,209.33,"PEI"]
[19982,"CARDAN",9365,"PEI",2009,10,4.2850000000000001,42.85,"PEI"]
[19982,"CARDAN",12160,"PEI",2010,5,7.2180000000000009,36.090000000000003,"PEI"]
[19982,"CARDAN",13241,"PEI",2011,7,18.242857142857144,127.7,"PEI"]
[19982,"CARDAN",13953,"PEI",2011,4,673.2,2692.8,"PEI"]
[19984,"BAGUE",8728,"PASCAD",2009,31,4.032258064516129,125,"PAS","CAD"]
[19984,"BAGUE",9882,"PASCAD",2009,14,24.071428571428573,337,"PAS","CAD"]
[19984,"BAGUE",10916,"PASCAD",2009,27,{"$f":"H387/F387","v":7.0370370370370372},190,"PAS","CAD"]
[19984,"BAGUE",10916,"PASCAD",2009,26,54.011538461538457,1404.3,"PAS","CAD"]
[19984,"BAGUE",14663,"PASCAD",2011,22,0,0,"PAS","CAD"]
[19984,"BAGUE",15926,"PASCAD",2012,11,106.54545454545455,1172,"PAS","CAD"]
[19984,"BAGUE",18212,"PASCAD",2013,23,4.5130434782608697,103.8,"PAS","CAD"]
[19984,"BAGUE",19725,"PASCAD",2013,57,4.7368421052631575,270,"PAS","CAD"]
[19984,"BAGUE",20404,"PASCAD",2014,32,55.125,1764,"PAS","CAD"]
[19986,"CLAPET SUPERIEUR",16065,"TTHMSE",2012,1,49.35,49.35,"TTH"]
[19986,"CLAPET SUPERIEUR",17216,"TTHMSE",2012,1,45.9,45.9,"TTH"]
[20027,"GALET",14515,"TTH",2011,56,3.3571428571428572,188,"TTH"]
[20027,"GALET",9321,"TTH",2009,26,0.76730769230769225,19.95,"TTH"]
[20027,"GALET",10644,"TTH",2009,12,3.5141666666666667,42.17,"TTH"]
[20027,"GALET",12352,"TTH",2010,18,2.1194444444444445,38.15,"TTH"]
[20027,"GALET",12450,"TTH",2010,13,2.3284615384615384,30.27,"TTH"]
[20045,"CORPS",12726,"CNDOAC",2010,2,17.885000000000002,35.770000000000003,"CND","OAC"]
[20045,"CORPS",19581,"CNDOAC",2013,17,22.952941176470588,390.2,"CND","OAC"]
[20045,"CORPS",8560,"CNDOAC",2009,9,164.38888888888889,1479.5,"CND","OAC"]
[20045,"CORPS",9935,"CNDOAC",2009,10,139.5,1395,"CND","OAC"]
[20045,"CORPS",11058,"CNDOAC",2010,10,18.45,184.5,"CND","OAC"]
[20045,"CORPS",9767,"CNDOAC",2009,10,21.93,219.3,"CND","OAC"]
[20045,"CORPS",12722,"CNDOAC",2010,2,223.065,446.13,"CND","OAC"]
[20045,"CORPS",12950,"OAD",2010,2,65.58,131.16,"OAD"]
[20045,"CORPS",20190,"OAD",2014,14,69.127142857142857,967.78,"OAD"]
[20045,"CORPS",8977,"OAD",2009,9,6.0255555555555551,54.23,"OAD"]
[20045,"CORPS",9992,"OAD",2009,10,8.4770000000000003,84.77,"OAD"]
[20045,"CORPS",11273,"OAD",2010,10,10.348000000000001,103.48,"OAD"]
[20045,"CORPS",9043,"PEI",2009,9,21.666666666666668,195,"PEI"]
[20045,"CORPS",10046,"PEI",2009,10,6.165,61.65,"PEI"]
[20045,"CORPS",20847,"PEI",2014,14,3.5357142857142856,49.5,"PEI"]
[20045,"CORPS",11460,"PEI",2010,10,8.1479999999999997,81.48,"PEI"]
[20047,"ECROU",20365,"CNDOAS",2014,5,7.1540000000000008,35.770000000000003,"CND","OAS"]
[20047,"ECROU",20803,"CNDOAS",2014,28,2.0439285714285713,57.23,"CND","OAS"]
[20047,"ECROU",9796,"CNDOAS",2009,9,3.9744444444444449,35.770000000000003,"CND","OAS"]
[20047,"ECROU",10921,"CNDOAS",2009,13,13.836153846153847,179.87,"CND","OAS"]
[20047,"ECROU",11779,"CNDOAS",2010,14,87.142857142857139,1220,"CND","OAS"]
[20047,"ECROU",20364,"CNDOAS",2014,5,16.759999999999998,83.8,"CND","OAS"]
[20047,"ECROU",20802,"CNDOAS",2014,28,9.836785714285714,275.43,"CND","OAS"]
[20047,"ECROU",9797,"PEI",2009,9,160,1440,"PEI"]
[20047,"ECROU",20596,"PEI",2014,5,219.44,1097.2,"PEI"]
[20047,"ECROU",10922,"PEI",2009,13,124.55615384615385,1619.23,"PEI"]
[20047,"ECROU",11780,"PEI",2010,14,4.3635714285714284,61.09,"PEI"]
[20056,"PISTON",20219,"CNDOAS",2014,29,1.9734482758620688,57.23,"CND","OAS"]
[20056,"PISTON",20423,"CNDOAS",2014,5,19.315999999999999,96.58,"CND","OAS"]
[20056,"PISTON",9777,"CNDOAS",2009,13,3.3253846153846149,43.23,"CND","OAS"]
[20056,"PISTON",11607,"CNDOAS",2010,27,1.8548148148148147,50.08,"CND","OAS"]
[20056,"PISTON",20422,"CNDOAS",2014,5,14.308000000000002,71.540000000000006,"CND","OAS"]
[20078,"EMBASE",9578,"OAS",2009,23,21.62086956521739,497.28,"OAS"]
[20078,"EMBASE",9579,"PEI",2009,23,1.5665217391304349,36.03,"PEI"]
[20079,"PONTET",9346,"CAD",2009,12,13.5,162,"CAD"]
[20079,"PONTET",10268,"CAD",2009,12,4.5,54,"CAD"]
[20079,"PONTET",9347,"PEI",2009,12,3.605,43.26,"PEI"]
[20079,"PONTET",10269,"PEI",2009,12,32.906666666666666,394.88,"PEI"]
[20086,"RESERVOIR",9958,"CNDOAS",2009,3,32.726666666666667,98.18,"CND","OAS"]
[20086,"RESERVOIR",11096,"CNDOAS",2009,8,10.125,81,"CND","OAS"]
[20086,"RESERVOIR",11798,"CNDOAS",2010,9,135.55555555555554,1220,"CND","OAS"]
[20086,"RESERVOIR",20597,"CNDOAS",2014,16,0,0,"CND","OAS"]
[20086,"RESERVOIR",9958,"PEI",2009,3,0,0,"PEI"]
[20086,"RESERVOIR",11097,"PEI",2010,8,19.268750000000001,154.15,"PEI"]
[20086,"RESERVOIR",11799,"PEI",2010,9,24.756666666666668,222.81,"PEI"]
[20088,"ENTRETOISE",11422,"OAS",2010,18,5.677777777777778,102.2,"OAS"]
[20088,"ENTRETOISE",19993,"OAS",2014,14,4.4735714285714288,62.63,"OAS"]
[20096,"EMBOUT",20142,"CNDCAD",2014,17,3.0058823529411764,51.1,"CND","CAD"]
[20096,"EMBOUT",9694,"CNDCAD",2009,9,20.016666666666666,180.15,"CND","CAD"]
[20096,"EMBOUT",11053,"CNDCAD",2010,17,85.647058823529406,1456,"CND","CAD"]
[20096,"EMBOUT",13102,"CNDCAD",2010,10,{"$f":"H451/F451","v":123.52000000000001},1235.2,"CND","CAD"]
[20096,"EMBOUT",19460,"TTH",2013,18,2.6627777777777779,47.93,"TTH"]
[20096,"EMBOUT",20494,"TTH",2014,8,1.7562500000000001,14.05,"TTH"]
[20096,"EMBOUT",8992,"TTH",2009,10,12.045,120.45,"TTH"]
[20096,"EMBOUT",10769,"TTH",2009,18,1.4372222222222222,25.87,"TTH"]
[20096,"EMBOUT",12439,"TTH",2010,10,12.885,128.85,"TTH"]
[20097,"BAGUE",10301,"CAD",2009,15,13.333333333333334,200,"CAD"]
[20097,"BAGUE",11582,"CAD",2010,20,11.018000000000001,220.36,"CAD"]
[20097,"BAGUE",12376,"CAD",2010,21,5.7142857142857144,120,"CAD"]
[20097,"BAGUE",12538,"CAD",2010,21,5.7142857142857144,120,"CAD"]
[20097,"BAGUE",13614,"CAD",2011,9,75,675,"CAD"]
[20097,"BAGUE",15871,"CAD",2012,8,17.5,140,"CAD"]
[20097,"BAGUE",18292,"CAD",2013,9,5.6,50.4,"CAD"]
[20097,"BAGUE",19910,"CAD",2014,30,4,120,"CAD"]
[20097,"BAGUE",20817,"CAD",2014,20,3.5,70,"CAD"]
[20149,"EMBOUT DE STOCKAGE",19853,"OAS",2013,10,20.155999999999999,201.56,"OAS"]
[20149,"EMBOUT DE STOCKAGE",9929,"OAS",2009,15,104.23733333333332,1563.56,"OAS"]
[20149,"EMBOUT DE STOCKAGE",11417,"OAS",2010,10,8.891,88.91,"OAS"]
[20151,"SUPPORT",19547,"OAS",2013,7,181.21571428571428,1268.51,"OAS"]
[20151,"SUPPORT",9757,"OAS",2009,16,12.08,193.28,"OAS"]
[20151,"SUPPORT",19354,"OAS",2013,7,26.28142857142857,183.97,"OAS"]
[20352,"SEGMENT D’ETANCHEITE",20257,"OAS",2014,25,2.044,51.1,"OAS"]
[20352,"SEGMENT D’ETANCHEITE",9670,"OAS",2009,20,7.31,146.19999999999999,"OAS"]
[20352,"SEGMENT D’ETANCHEITE",11494,"OAS",2010,41,1.2463414634146341,51.1,"OAS"]
[20352,"SEGMENT D’ETANCHEITE",12962,"OAS",2010,18,9.668333333333333,174.03,"OAS"]
[20352,"SEGMENT D’ETANCHEITE",19151,"OAS",2013,12,11.527500000000002,138.33000000000001,"OAS"]
[20352,"SEGMENT D’ETANCHEITE",19433,"OAS",2013,36,1.4194444444444445,51.1,"OAS"]
[20366,"TUBE DE REALIMENTATION",20366,"OAS",2014,14,101.57142857142857,1422,"OAS"]
[20366,"TUBE DE REALIMENTATION",9607,"OAS",2009,8,85.438749999999999,683.51,"OAS"]
[20366,"TUBE DE REALIMENTATION",11446,"OAS",2010,19,38.352105263157895,728.69,"OAS"]
[20366,"TUBE DE REALIMENTATION",20366,"PEI",2014,14,201.04642857142858,2814.65,"PEI"]
[20366,"TUBE DE REALIMENTATION",9608,"PEI",2009,8,4.5062499999999996,36.049999999999997,"PEI"]
[20366,"TUBE DE REALIMENTATION",11447,"PEI",2010,19,51.152631578947364,971.9,"PEI"]
[20461,"ENTRETOISE",9805,"PEL",2009,11,290.58181818181816,3196.4,"PEL"]
[20461,"ENTRETOISE",11167,"PEL",2010,11,1.9054545454545455,20.96,"PEL"]
[20461,"ENTRETOISE",19424,"PEL",2013,17,122.67764705882352,2085.52,"PEL"]
[20514,"SUPPORT",9804,"OAS",2009,13,3.930769230769231,51.1,"OAS"]
[20514,"SUPPORT",19209,"OAS",2013,14,69.557857142857145,973.81,"OAS"]
[20514,"SUPPORT",11415,"OAS",2010,16,46.899374999999999,750.39,"OAS"]
[20514,"SUPPORT",9804,"PEI",2009,13,108.69230769230769,1413,"PEI"]
[20514,"SUPPORT",19209,"PEI",2013,14,5.1357142857142861,71.900000000000006,"PEI"]
[20514,"SUPPORT",11416,"PEI",2010,16,30.988125,495.81,"PEI"]
[20661,"RONDELLE",9739,"PELPASMSE",2009,30,107.57066666666667,3227.12,"PEL","PAS"]
[50252,"BOUCHON",17981,"OAS",2013,17,3.0058823529411764,51.1,"OAS"]
[84727,"ECROU",9520,"CAD",2009,6,0,0,"CAD"]
[84727,"ECROU",10426,"CAD",2009,69,0,0,"CAD"]
[84727,"ECROU",13871,"CAD",2011,175,0.14285714285714285,25,"CAD"]
[84727,"ECROU",15288,"CAD",2011,91,0.37054945054945054,33.72,"CAD"]
[84727,"ECROU",16801,"CAD",2012,61,0.69098360655737701,42.15,"CAD"]
[84727,"ECROU",18297,"CAD",2013,50,6.1951999999999998,309.76,"CAD"]
[84727,"ECROU",18336,"CAD",2013,159,1.9481761006289307,309.76,"CAD"]
[90541,"MODELE",11059,"CAD",2010,29,0,0,"CAD"]
[90541,"ECROU",10810,"TTH",2009,5,20.368000000000002,101.84,"TTH"]
[90904,"BOUCHON DE STOCKAGE",20813,"USI",2014,266,0.91488721804511286,243.36,"USI"]
[90904,"BOUCHON DE STOCKAGE",18855,"USI",2013,170,8.9411764705882355,1520,"USI"]
[91933,"FOURRURE",15247,"CNDCAD",2011,16,52.25,836,"CND","CAD"]
[91933,"FOURRURE",19912,"CNDCAD",2014,15,44.638000000000005,669.57,"CND","CAD"]
[92804,"RONDELLE DE BLOCAGE",13400,"CNDCAD",2011,30,20.271999999999998,608.16,"CND","CAD"]
[92804,"RONDELLE DE BLOCAGE",17542,"CNDCAD",2012,11,5.6109090909090904,61.72,"CND","CAD"]
[94774,"BOUCHON DE PROTECTION",19474,"OASMSE",2013,83,0,0,"OAS"]
[94774,"BOUCHON DE PROTECTION",15707,"OASMSE",2012,205,0.24926829268292683,51.1,"OAS"]
[94774,"BOUCHON DE PROTECTION",18183,"OASROUGE",2013,43,6.0023255813953496,258.10000000000002,"OASROUGE"]
[94774,"BOUCHON DE PROTECTION",12784,"OASROUGE",2010,180,1.2181111111111111,219.26,"OASROUGE"]
[94774,"BOUCHON DE PROTECTION",12959,"OASROUGE",2010,210,2.3671904761904763,497.11,"OASROUGE"]
[94774,"BOUCHON DE PROTECTION",13704,"OASROUGE",2011,208,{"$f":"H515/F515","v":0.24567307692307694},51.1,"OASROUGE"]
[94774,"BOUCHON DE PROTECTION",14547,"OASROUGE",2011,130,3.35,435.5,"OASROUGE"]
[94774,"BOUCHON DE PROTECTION",12766,"USI",2010,210,0.45714285714285713,96,"USI"]
[94774,"BOUCHON DE PROTECTION",12571,"USI",2010,180,0.26666666666666666,48,"USI"]
[94774,"BOUCHON DE PROTECTION",12914,"USI",2011,210,0.4,84,"USI"]
[94774,"BOUCHON DE PROTECTION",14115,"USI",2011,130,1.1376923076923078,147.9,"USI"]
[94774,"BOUCHON DE PROTECTION",15570,"USI",2012,205,0.37560975609756098,77,"USI"]
[94774,"BOUCHON DE PROTECTION",17966,"USI",2013,43,9.145348837209303,393.25,"USI"]
[94774,"BOUCHON DE PROTECTION",19177,"USI",2013,83,6.1626506024096388,511.5,"USI"]
[95097,"COLLERETTE",16427,"OAS",2012,29,3.5241379310344829,102.2,"OAS"]
[95122,"BAGUE 2 PIECES",16975,"OAS",2012,24,6.7537500000000001,162.09,"OAS"]
[96440,"BOUCHON",18162,"OASROUGE",2013,138,7.0762318840579708,976.52,"OASROUGE"]
[96440,"BOUCHON",9292,"OASROUGE",2009,364,0.16475274725274724,59.97,"OASROUGE"]
[96440,"BOUCHON",9781,"OASROUGE",2009,60,1.4546666666666668,87.28,"OASROUGE"]
[96440,"BOUCHON",10939,"OASROUGE",2009,127,0.40236220472440948,51.1,"OASROUGE"]
[96440,"BOUCHON",15509,"OASROUGE",2011,82,0.83756097560975618,68.680000000000007,"OASROUGE"]
[96440,"BOUCHON",17317,"OASROUGE",2012,107,0.95514018691588787,102.2,"OASROUGE"]
[96440,"BOUCHON",15066,"USI",2011,82,0.55487804878048785,45.5,"USI"]
[96440,"BOUCHON",17212,"USI",2012,105,0.52,54.6,"USI"]
[96440,"BOUCHON",17966,"USI",2013,140,1.9928571428571429,279,"USI"]
[96442,"BOUCHON DE STOCKAGE",16641,"OASROUGE",2012,106,4.6279245283018868,490.56,"OASROUGE"]
[96442,"BOUCHON DE STOCKAGE",16392,"USIN",2012,106,1.5084905660377359,159.9,"USI"]
[96443,"BOUCHON DE STOCKAGE",17972,"OAS",2013,130,0.3930769230769231,51.1,"OAS"]
[96443,"BOUCHON DE STOCKAGE",12170,"OAS",2010,180,0.55211111111111111,99.38,"OAS"]
[96443,"BOUCHON DE STOCKAGE",12666,"OAS",2010,131,0,0,"OAS"]
[96443,"BOUCHON DE STOCKAGE",14572,"OAS",2011,150,0.7665333333333334,114.98,"OAS"]
[96443,"BOUCHON DE STOCKAGE",15297,"OAS",2011,902,0.28805986696230595,259.83,"OAS"]
[96443,"BOUCHON DE STOCKAGE",16642,"OAS",2012,120,3.20675,384.81,"OAS"]
[96443,"BOUCHON DE STOCKAGE",11785,"USI",2010,150,0.34720000000000001,52.08,"USI"]
[96443,"BOUCHON DE STOCKAGE",11785,"USI",2010,-150,-0.26853333333333335,40.28,"USI"]
[96443,"BOUCHON DE STOCKAGE",12421,"USI",2010,131,0.28549618320610687,37.4,"USI"]
[96443,"BOUCHON DE STOCKAGE",14115,"USI",2011,150,0.36,54,"USI"]
[96443,"BOUCHON DE STOCKAGE",15066,"USI",2011,900,0.21527777777777779,193.75,"USI"]
[96443,"BOUCHON DE STOCKAGE",16323,"USI",2012,120,0.88833333333333331,106.6,"USI"]
[96443,"BOUCHON DE STOCKAGE",17636,"USI",2013,130,1.0153846153846153,132,"USI"]
[96445,"BOUCHON DE STOCKAGE",10198,"OAS",2009,75,0.99746666666666672,74.81,"OAS"]
[96445,"BOUCHON DE STOCKAGE",15967,"OAS",2012,174,0.29367816091954024,51.1,"OAS"]
[96451,null,18187,"OASROUGE",2013,116,1.8810344827586205,218.2,"OASROUGE"]
[96451,null,19816,"OASROUGE",2013,85,0.63047058823529412,53.59,"OASROUGE"]
[96451,null,17796,"OASROUGE",2013,47,1.6004255319148937,75.22,"OASROUGE"]
[96451,null,9623,"OASROUGE",2009,1068,0.1523689138576779,162.72999999999999,"OASROUGE"]
[96451,null,9944,"OASROUGE",2009,463,0.42526997840172787,196.9,"OASROUGE"]
[96451,null,12116,"OASROUGE",2010,530,0.13786792452830188,73.069999999999993,"OASROUGE"]
[96451,null,12992,"OASROUGE",2010,110,0.80499999999999994,88.55,"OASROUGE"]
[96451,null,13788,"OASROUGE",2011,356,0.73191011235955061,260.56,"OASROUGE"]
[96451,null,17728,"OASROUGE",2013,47,1.0872340425531914,51.1,"OASROUGE"]
[96451,"CHAPEAU DE PROTECTION",11639,"USI",2010,535,0.2691588785046729,144,"USI"]
[96451,"CHAPEAU DE PROTECTION",12573,"USI",2010,110,0.68181818181818177,75,"USI"]
[96451,"CHAPEAU DE PROTECTION",12953,"USI",2011,360,7.2500000000000009E-2,26.1,"USI"]
[96451,"CHAPEAU DE PROTECTION",0,"USI",2011,1,66,66,"USI"]
[96451,"CHAPEAU DE PROTECTION",17859,"USI",2013,116,1.5969827586206897,185.25,"USI"]
[96451,"CHAPEAU DE PROTECTION",19177,"USI",2013,85,10.535294117647059,895.5,"USI"]
[96453,"CHAPEAU DE PROTECTION",20730,"OAS",2014,140,9.077571428571428,1270.8599999999999,"OAS"]
[96453,"CHAPEAU DE PROTECTION",19842,"USI",2014,140,1.0214285714285714,143,"USI"]
[96455,"CHAPEAU DE PROTECTION",9704,"OASROUGE",2009,108,0.47314814814814815,51.1,"OASROUGE"]
[97260,"BAGUE ELASTIQUE",12780,"CAD",2010,50,1.08,54,"CAD"]
[97716,"BOUCHON DE STOCKAGE",17973,"OAS",2013,78,1.3102564102564103,102.2,"OAS"]
[97716,"BOUCHON DE STOCKAGE",9780,"OAS",2009,411,0.19046228710462287,78.28,"OAS"]
[97716,"BOUCHON DE STOCKAGE",17859,"USI",2013,78,0.69230769230769229,54,"USI"]
[98450,"FOND",15995,"OAS",2012,4,44.8825,179.53,"OAS"]
[261936,"CORPS DE ROBINET",15630,"CNDCAD",2012,5,36.386000000000003,181.93,"CND","CAD"]
[261936,"CORPS DE ROBINET",19274,"CNDCAD",2013,14,6.140714285714286,85.97,"CND","CAD"]
[261936,"CORPS DE ROBINET",14717,"TTH",2011,9,10.765555555555556,96.89,"TTH"]
[261936,"CORPS DE ROBINET",18262,"TTH",2013,17,4.1264705882352946,70.150000000000006,"TTH"]
[264127,"GOUPILLE",12625,"PAS",2010,90,{"$f":"H579/F579","v":7.45},670.5,"PAS"]
[264127,"GOUPILLE",12413,"USI",2010,365,0.11178082191780821,40.799999999999997,"USI"]
[267392,"EMBOUT",15129,"CNDOAC",2011,17,2.1041176470588239,35.770000000000003,"CND","OAC"]
[267659,"MANCHON",19850,"CNDPHOCAD",2014,7,39.961428571428577,279.73,"CND","PHO","CAD"]
[267659,"MANCHON",17329,"CNDPHOCAD",2012,16,3.0662500000000001,49.06,"CND","PHO","CAD"]
[267659,"MANCHON",17329,"CNDPHOCAD",2012,16,21.564374999999998,345.03,"CND","PHO","CAD"]
[267659,"MANCHON",15809,"TAILLAGE",2012,16,6.9393750000000001,111.03,"TAIL"]
[267659,"MANCHON",16833,"TAILLAGE",2012,16,5.7556250000000002,92.09,"TAIL"]
[267659,"MANCHON",17833,"TAILLAGE",2013,1,110.98,110.98,"TAIL"]
[267659,"MANCHON",18255,"TAILLAGE",2013,2,101.8,203.6,"TAIL"]
[267659,"MANCHON",18483,"TAILLAGE",2013,12,7.1241666666666665,85.49,"TAIL"]
[267659,"MANCHON",19573,"TAILLAGE",2013,7,23.515714285714289,164.61,"TAIL"]
[267659,"MANCHON",15516,"TTH",2012,17,12.894705882352941,219.21,"TTH"]
[267659,"MANCHON",17015,"TTH",2012,18,11.116111111111111,200.09,"TTH"]
[267659,"MANCHON",18679,"TTH",2013,9,51.572222222222223,464.15,"TTH"]
[268240,"PLAQUE",11556,"CNDPHO",2010,7,11.827142857142858,82.79,"CND","PHO"]
[268240,"PLAQUE",11557,"PEI",2010,7,44.474285714285713,311.32,"PEI"]
[271012,"BAGUE",19997,"PHO",2014,51,3.2745098039215685,167,"PHO"]
[271012,"BAGUE",9823,"PHO",2009,21,7.9523809523809526,167,"PHO"]
[271012,"BAGUE",11746,"PHO",2010,39,29.641025641025642,1156,"PHO"]
[271012,"BAGUE",12431,"PHO",2010,50,2.2000000000000002,110,"PHO"]
[271012,"BAGUE",13442,"PHO",2011,65,139.95599999999999,9097.14,"PHO"]
[271012,"BAGUE",13921,"PHO",2011,92,1.3043478260869565,120,"PHO"]
[271012,"BAGUE",14906,"PHO",2011,64,1.875,120,"PHO"]
[271012,"BAGUE",15927,"PHO",2012,70,0.44285714285714284,31,"PHO"]
[271074,"BIELLETTE",15322,"PELPAS",2011,18,209.60000000000002,3772.8,"PEL","PAS"]
[271081,"CORPS",12490,"CNDOAC",2010,5,7.1540000000000008,35.770000000000003,"CND","OAC"]
[272069,"EMBOUT DE RESSORT",19250,"CND",2013,11,30.362727272727273,333.99,"CND"]
[272239,"CORPS DE ROBINET",12672,"CNDOC",2010,7,39.244285714285709,274.70999999999998,"CND","OC"]
[272247,"FLASQUE ARRIERE",11027,"OAC",2009,15,51.278666666666666,769.18,"OAC"]
[272770,"BAGUE",9638,"CADMSE",2009,29,4.1379310344827589,120,"CAD"]
[272770,"BAGUE",9835,"CADMSE",2009,29,5.5862068965517242,162,"CAD"]
[272770,"BAGUE",18499,"CADMSE",2013,6,42.663333333333334,255.98,"CAD"]
[272770,"BAGUE",20208,"CADMSE",2014,15,8,120,"CAD"]
[273191,"FOND DE PISTON",19457,"TTHMSE",2013,2,0,0,"TTH"]
[273218,"PORTE GARNITURE",17621,"OAC",2013,-11,-31.719090909090912,348.91,"OAC"]
[273218,"PORTE GARNITURE",16587,"OAC",2012,21,36.938095238095244,775.7,"OAC"]
[273218,"PORTE GARNITURE",17621,"OAC",2013,22,4.2272727272727275,93,"OAC"]
[273218,"PORTE GARNITURE",18348,"OAC",2013,5,24.336000000000002,121.68,"OAC"]
[273218,"PORTE GARNITURE",18619,"OAC",2013,7,0,0,"OAC"]
[273277,"MANETON",11840,"BRO",2010,27,1.1111111111111112,30,"BROCHAGE"]
[273277,"MANETON",19623,"BRO",2013,17,8.5294117647058822,145,"BROCHAGE"]
[273277,"MANETON",12100,"CND",2010,25,9.5972000000000008,239.93,"CND"]
[273277,"MANETON",19812,"CND",2013,10,201.4,2014,"CND"]
[273277,"MANETON",19304,"TTH",2013,17,0.84411764705882353,14.35,"TTH"]
[273277,"MANETON",11198,"TTH",2010,27,2.2277777777777779,60.15,"TTH"]
[273277,"MANETON",20780,"TTH",2014,6,5.9649999999999999,35.79,"TTH"]
[273596,"TUBE",14064,"CND",2011,9,4.2277777777777779,38.049999999999997,"CND"]
[273944,"BAGUE",18247,"CAD",2013,31,8.4077419354838714,260.64,"CAD"]
[274035,"ECROU AUTOFREINE",15573,"TTH",2012,2,55.5,111,"TTH"]
[274160,"PORTE GARNITURE",16138,"CNDOAS",2012,54,2.1355555555555554,115.32,"CND","OAS"]
[274163,"PORTE GARNITURE",16561,"OAC",2012,28,128.65,3602.2,"OAC"]
[274504,"FLASQUE AVANT",11019,"OAC",2009,10,5.1100000000000003,51.1,"OAC"]
[274504,"FLASQUE AVANT",13777,"OAC",2011,19,13.351578947368422,253.68,"OAC"]
[274600,"BOITIER",15571,"CNDCAD",2012,13,13.376153846153844,173.89,"CND","CAD"]
[274600,"BOITIER",15924,"CNDCAD",2012,21,1.927142857142857,40.47,"CND","CAD"]
[274600,"BOITIER",17088,"CNDCAD",2012,52,4.3807692307692312,227.8,"CND","CAD"]
[274814,"ASSIETTE DE RESSORT",13237,"CNDCAD",2011,8,3.7749999999999999,30.2,"CND","CAD"]
[274814,"ASSIETTE DE RESSORT",12923,"TTH",2010,9,7.7911111111111113,70.12,"TTH"]
[275739,"BAGUE",20724,"PHO",2014,7,241.49285714285716,1690.45,"PHO"]
[275739,"BAGUE",20455,"TTH",2014,1,45.15,45.15,"TTH"]
[277336,"ENTRETOISE",11103,"CNDPHOMSE",2010,11,23.859090909090909,262.45,"CND","PHO"]
[277336,"ENTRETOISE",15468,"CNDPHOMSE",2011,12,6.8091666666666661,81.709999999999994,"CND","PHO"]
[277336,"MODELE",15193,"TTHMSE",2011,4,41.902500000000003,167.61,"TTH"]
[277336,"MODELE",10898,"TTHMSE",2009,4,{"$f":"H643/F643","v":12.2875},49.15,"TTH"]
[277337,"ENTRETOISE",12320,"CNDPHOMSE",2010,6,12.025,72.150000000000006,"CND","PHO"]
[277337,"ENTRETOISE",15313,"CNDPHOMSE",2011,4,8.9425000000000008,35.770000000000003,"CND","PHO"]
[277337,"ENTRETOISE",15035,"TTHMSE",2011,2,11.175000000000001,22.35,"TTH"]
[277337,"ENTRETOISE",16282,"TTHMSE",2012,10,2.7410000000000001,27.41,"TTH"]
[277337,"ENTRETOISE",19142,"TTHMSE",2013,19,1.3121052631578947,24.93,"TTH"]
[277337,"ENTRETOISE",12127,"TTHMSE",2010,2,184.27500000000001,368.55,"TTH"]
[277504,"ENTRETOISE",18913,"OAC",2013,-2,-81.045000000000002,162.09,"OAC"]
[277504,"ENTRETOISE",18913,"OAC",2013,10,0,0,"OAC"]
[277504,"ENTRETOISE",19832,"OAC",2014,31,16.20032258064516,502.21,"OAC"]
[277578,"RONDELLE",20034,"CADMSE",2014,12,9.23,110.76,"CAD"]
[277578,"RONDELLE",19478,"TTHMSE",2013,1,67.2,67.2,"TTH"]
[278582,"FOND",10246,"CNDOACMSE",2009,19,6.4547368421052633,122.64,"CND","OAC"]
[278582,"FOND",16944,"CNDOACMSE",2012,3,11.923333333333334,35.770000000000003,"CND","OAC"]
[278582,"FOND",17493,"CNDOACMSE",2012,1,71.540000000000006,71.540000000000006,"CND","OAC"]
[278582,"FOND",16944,"CNDOACMSE",2013,0,{"$error":"#DIV/0!"},71.540000000000006,"CND","OAC"]
[279162,"RONDELLE",15566,"TTHMSE",2012,1,35.35,35.35,"TTH"]
[279165,"RONDELLE",15969,"PELMSE",2012,17,24.301764705882352,413.13,"PEL"]
[279165,"RONDELLE",15623,"TTHMSE",2012,1,20.07,20.07,"TTH"]
[279349,"RACCORD",14386,"CNDOAC",2011,7,5.1100000000000003,35.770000000000003,"CND","OAC"]
[279349,"ENSEMBLE RACCORD D'ASPIRATION",14211,"SOUD",2011,7,15.857142857142858,111,"SOUD"]
[280359,"PLAQUETTE D’EQUILIBRAGE",9184,"PHO",2009,18,133.22222222222223,2398,"PHO"]
[280359,"PLAQUETTE D’EQUILIBRAGE",14026,"PHO",2011,57,2.9824561403508771,170,"PHO"]
[281170,"CHAPE PISTON",11761,"CNDCAD",2010,10,12.028,120.28,"CND","CAD"]
[281170,"CHAPE PISTON",14306,"CNDCAD",2011,5,44.1,220.5,"CND","CAD"]
[281170,"CHAPE PISTON",11473,"TTH",2010,12,3.9708333333333332,47.65,"TTH"]
[281170,"CHAPE PISTON",13893,"TTH",2011,6,19.708333333333332,118.25,"TTH"]
[281625,"RACCORD D'ASPIRATION",14060,"CNDOC",2011,7,44.07714285714286,308.54000000000002,"CND","OC"]
[281911,"BOUCHON",18703,"OAC",2013,9,0,0,"OAC"]
[284597,"BOITIER",18602,"CNDPHO",2013,28,33.714285714285715,944,"CND","PHO"]
[284597,"BOITIER",19156,"CNDPHO",2013,25,27.48,687,"CND","PHO"]
[285065,"ENTRETOISE",9829,"OACMSE",2009,22,2.3227272727272728,51.1,"OAC"]
[285065,"ENTRETOISE",10456,"OACMSE",2009,13,5.9753846153846162,77.680000000000007,"OAC"]
[285065,"ENTRETOISE",11926,"OACMSE",2010,12,37.895833333333336,454.75,"OAC"]
[285065,"ENTRETOISE",12501,"OACMSE",2010,30,1.9073333333333333,57.22,"OAC"]
[285065,"ENTRETOISE",13089,"OACMSE",2010,17,6.7541176470588233,114.82,"OAC"]
[285065,"ENTRETOISE",13829,"OACMSE",2011,28,3.1535714285714285,88.3,"OAC"]
[285065,"ENTRETOISE",15591,"OACMSE",2012,12,8.7125000000000004,104.55,"OAC"]
[285754,"PISTON",19093,"CHR",2013,5,25.2,126,"CHR"]
[285754,"PISTON",19029,"CND",2013,5,625.59399999999994,3127.97,"CND"]
[285754,"PISTON",19831,"PHO",2014,5,33.4,167,"PHO"]
[285757,"SUPPORT DE BALANCIER",15511,"CNDPHO",2012,7,47.872857142857143,335.11,"CND","PHO"]
[286235,"BAGUE",20100,"OAC",2014,7,7.3,51.1,"OAC"]
[286243,"RONDELLE FREIN",13122,"PAS",2010,39,2.8207692307692307,110.01,"PAS"]
[286243,"RONDELLE FREIN",16631,"PAS",2012,48,5.1835416666666667,248.81,"PAS"]
[286243,"RONDELLE FREIN",0,"USI",2012,1,52,52,"USI"]
[286838,"RACCORD",17554,"CNDOAC",2012,4,73.797499999999999,295.19,"CND","OAC"]
[287754,"BOUCHON",9523,"OAC",2009,7,5.8400000000000007,40.880000000000003,"OAC"]
[287755,"ECROU CYLINDRIQUE",18367,"CNDOAC",2013,7,21.665714285714284,151.66,"CND","OAC"]
[287860,"GALET",11443,"CND",2010,6,21.666666666666668,130,"CND"]
[287860,"GALET",13221,"CND",2010,11,1.5745454545454545,17.32,"CND"]
[483006,"ECROU HZ",10719,"CAD",2009,46,9.5321739130434793,438.48,"CAD"]
[483006,"ECROU HZ",12366,"CAD",2010,13,3.8461538461538463,50,"CAD"]
[483006,"ECROU HZ",15597,"CAD",2012,10,0,0,"CAD"]
[740531,"CORPS",17937,"CNDOAC",2013,8,7.56,60.48,"CND","OAC"]
[749910,"BAGUE",15782,"CAD",2012,21,9.5904761904761902,201.4,"CAD"]
[749910,"BAGUE",18466,"CAD",2013,16,12.5,200,"CAD"]
[749910,"BAGUE",20442,"TTH",2014,1,32.03,32.03,"TTH"]
[749942,"RONDELLE",11231,"CAD",2010,65,0.92307692307692313,60,"CAD"]
[749942,"RONDELLE",12952,"CAD",2010,45,9.2555555555555564,416.5,"CAD"]
[749942,"RONDELLE",14133,"CAD",2011,50,2.4592000000000001,122.96,"CAD"]
[749942,"RONDELLE",15314,"CAD",2011,90,0.28855555555555557,25.97,"CAD"]
[749942,"RONDELLE",16473,"CAD",2012,36,17.20888888888889,619.52,"CAD"]
[749942,"RONDELLE",16881,"CAD",2012,56,2.9089285714285715,162.9,"CAD"]
[749942,"RONDELLE",19073,"CAD",2013,90,{"$f":"H707/F707","v":2.8959999999999999},260.64,"CAD"]
[760283,"RONDELLE DE REGLAGE",19382,"CAD",2013,425,0.12023529411764707,51.1,"CAD"]
[760283,"RONDELLE",19161,"USI",2013,425,1.8705882352941177,795,"USI"]
[761857,"ECROU",9786,"DETCADMSE",2009,13,16.509230769230768,214.62,"DET","CAD"]
[761857,"ECROU",9436,"TTHMSE",2009,4,9.7074999999999996,38.83,"TTH"]
[762869,"ECROU A ENCOCHES",14651,"CAD",2011,11,40.479999999999997,445.28,"CAD"]
[762869,"ECROU A ENCOCHES",15443,"CAD",2011,16,3.3125,53,"CAD"]
[762869,"ECROU A ENCOCHES",15081,"TTH",2011,4,27.74,110.96,"TTH"]
[762869,"ECROU A ENCOCHES",14421,"TTH",2011,4,7.8525,31.41,"TTH"]
[763012,"BOUCHON RACCORD",15479,"CNDPELPAS",2012,5,7.1540000000000008,35.770000000000003,"CND","PEL","PAS"]
[981943,"RONDELLE",15726,"CADMSE",2012,14,34.585714285714282,484.2,"CAD"]
[981943,"RONDELLE",15518,"TTHMSE",2012,1,30.21,30.21,"TTH"]
[114193607,"BAGUE",9900,"CADMSE",2009,18,9,162,"CAD"]
[114193607,"BAGUE",9901,"PEIMSE",2009,18,12.387222222222222,222.97,"PEI"]
[114193607,"BAGUE",10795,"CADMSE",2009,18,6.9444444444444446,125,"CAD"]
[114193607,"BAGUE",12000,"CADMSE",2010,24,5.208333333333333,125,"CAD"]
[114193607,"BAGUE",12000,"PEIMSE",2010,24,1.9304166666666667,46.33,"PEI"]
[114193607,"BAGUE",10796,"PEIMSE",2009,18,1.7466666666666668,31.44,"PEI"]
[201058602,"BAGUE",9008,"CADMSE",2009,5,120.44800000000001,602.24,"CAD"]
[201058602,"BAGUE",9009,"PEIMSE",2009,5,624.60799999999995,3123.04,"PEI"]
[201058607,"BAGUE",9013,"CADMSE",2009,5,10,50,"CAD"]
[201058607,"BAGUE",9014,"PEIMSE",2009,5,33.4,167,"PEI"]
[201163621,"BAGUE",9280,"CADMSE",2009,3,54,162,"CAD"]
[201163621,"BAGUE",9281,"PEIMSE",2009,3,673.38666666666666,2020.16,"PEI"]
[201170602,"RONDELLE",8922,"OACMSE",2009,33,5.5748484848484852,183.97,"OAC"]
[201170602,"RONDELLE",8923,"PEIMSE",2009,33,5.0606060606060606,167,"PEI"]
[201173606,"RONDELLE",13285,"PASMSE",2011,12,-1.25,-15,"PAS"]
[201173641,"BAGUE",9302,"CADMSE",2009,47,4.6885106382978723,220.36,"CAD"]
[201173641,"BAGUE",9303,"PEIMSE",2009,47,17.53085106382979,823.95,"PEI"]
[201173659,"BAGUE",9249,"CADMSE",2009,47,19.361702127659573,910,"CAD"]
[201173659,"BAGUE",9250,"PEIMSE",2009,47,17.423191489361702,818.89,"PEI"]
[201389602,"BAGUE",13114,"CADPEIMSE",2011,8,19.2,153.6,"CAD","PEI"]
[201389602,"BAGUE",16474,"CADPEIMSE",2012,26,4.8461538461538458,126,"CAD","PEI"]
[201389602,"BAGUE",17975,"CADPEIMSE",2013,21,3.7371428571428575,78.48,"CAD","PEI"]
[201389602,"BAGUE",20661,"USI",2014,29,2.9172413793103447,84.6,"USI"]
[201389609,"ECROU",16535,"TTHMSE",2012,9,3.0166666666666666,27.15,"TTH"]
[201389609,"ECROU",17107,"TTHMSE",2012,10,5.859,58.59,"TTH"]
[201389609,"ECROU",17614,"TTHMSE",2012,20,1.9075,38.15,"TTH"]
[201389609,"ECROU",20782,"TTHMSE",2014,14,174.57142857142858,2444,"TTH"]
[201525608,"BAGUE",8816,"CADMSE",2009,10,12,120,"CAD"]
[261435780,"COUVERCLE MAIN",11730,"CND",2010,1,1512,1512,"CND"]
[261435780,"COUVERCLE MAIN",11730,"OASOC",2010,1,217.89,217.89,"OAS","OC"]
[261435793,"COUVERCLE MAIN",11729,"CND",2010,1,173.8,173.8,"CND"]
[261435793,"COUVERCLE MAIN",11729,"OC",2010,1,51.1,51.1,"OC"]
[261435805,"COUVERCLE MAIN",11728,"CND",2010,1,1512,1512,"CND"]
[261435805,"COUVERCLE MAIN",11728,"OACOC",2010,1,304.64999999999998,304.64999999999998,"OAC","OC"]
[261435813,"COUVERCLE MAIN",11727,"CND",2010,1,126,126,"CND"]
[261435813,"COUVERCLE MAIN",11727,"OASOC",2010,1,108.38,108.38,"OAS","OC"]
[261435826,"COUVERCLE MAIN",11726,"CND",2010,1,455.81,455.81,"CND"]
[261435826,"COUVERCLE MAIN",11726,"OC",2010,1,199.12,199.12,"OC"]
["10-89854","RONDELLE",11979,"OAS",2010,49,1.0428571428571429,51.1,"OAS"]
["10-89854","RONDELLE",12659,"OAS",2010,240,0.39037499999999997,93.69,"OAS"]
["10-89854","RONDELLE",17649,"OAS",2012,79,4.75367088607595,375.54,"OAS"]
["11679US","BARRE D'ETALONNAGE",11151,"CAD",2010,23,2.1739130434782608,50,"CAD"]
["11679US","BARRE D'ETALONNAGE",14254,"CAD",2011,43,1.3255813953488371,57,"CAD"]
["11679US","BARRE D'ETALONNAGE",18232,"CAD",2013,28,5.7542857142857144,161.12,"CAD"]
["11679US","BARRE D'ETALONNAGE",19447,"CAD",2013,14,18.617142857142856,260.64,"CAD"]
["11679US","BARRE D'ETALONNAGE",17633,"TTH",2012,28,19.930714285714284,558.05999999999995,"TTH"]
["11679US","BARRE D'ETALONNAGE",19239,"TTH",2013,14,1.6821428571428572,23.55,"TTH"]
["11679US","BARRE D'ETALONNAGE",10808,"TTH",2009,23,1.4978260869565219,34.450000000000003,"TTH"]
["11679US","BARRE D'ETALONNAGE",13690,"TTH",2011,45,0.84888888888888892,38.200000000000003,"TTH"]
["14-89854","BAGUE",15059,"OAS",2011,105,0,0,"OAS"]
["14929A","CHEMISE",10794,"CNDPELMSE",2009,8,4.4712500000000004,35.770000000000003,"CND","PEL"]
["14929A","CHEMISE",10942,"PASMSE",2009,7,18.857142857142858,132,"PAS"]
["14929A","CHEMISE",10608,"TTHMSE",2009,3,{"$f":"H771/F771","v":17.510000000000002},52.53,"TTH"]
["15061A","AXE",8973,"RECTIFMSE",2009,44,2.7259090909090911,119.94,"RECTIF"]
["15144A","BAGUE",12912,"PASCADMSE",2010,25,9.9600000000000009,249,"PAS","CAD"]
["15144A","BAGUE",13710,"PASCADMSE",2011,26,4.615384615384615,120,"PAS","CAD"]
["15144A","BAGUE",12600,"TTHMSE",2010,3,620,1860,"TTH"]
["15144A","BAGUE",13231,"TTHMSE",2010,3,1161.6666666666667,3485,"TTH"]
["15144A","BAGUE",14125,"TTHMSE",2011,1,1200,1200,"TTH"]
["15787A","BAGUE",11398,"CAD",2010,43,3.5813953488372094,154,"CAD"]
["15787A","BAGUE",11398,"CAD",2010,24,0,0,"CAD"]
["15787A","BAGUE",13746,"CAD",2011,23,5.7391304347826084,132,"CAD"]
["15787A","BAGUE",13746,"CAD",2011,22,3.75,82.5,"CAD"]
["15787A","BAGUE",16103,"CAD",2012,33,1.2772727272727273,42.15,"CAD"]
["15787A","BAGUE",15677,"TTH",2012,7,105.20571428571429,736.44,"TTH"]
["15787A","BAGUE",11179,"TTH",2010,9,1.8566666666666667,16.71,"TTH"]
["15787A","BAGUE",11179,"TTH",2010,6,4.6916666666666664,28.15,"TTH"]
["15787A","BAGUE",13530,"TTH",2011,4,14.6075,58.43,"TTH"]
["15787A","BAGUE",13530,"TTH",2011,4,7.35,29.4,"TTH"]
["16-77331","CORPS",10292,"CNDOAS",2009,3,23.846666666666668,71.540000000000006,"CND","OAS"]
["16-89854-1","ANNEAU ENTRETOISE",15154,"OAS",2011,114,3.0839473684210525,351.57,"OAS"]
["17157-001-00","BAGUE",15447,"TTHMSE",2011,1,396.65,396.65,"TTH"]
["17157-001-00","BAGUE",15973,"TTHMSE",2012,1,16.75,16.75,"TTH"]
["17186-001-00R3","BAGUE",16346,"CADMSE",2012,12,42.531666666666666,510.38,"CAD"]
["17794-000-01","CLAVETTE",10628,"CND",2009,99,7.3498989898989899,727.64,"CND"]
["17794-000-01","CLAVETTE",11156,"CND",2010,192,0.67708333333333337,130,"CND"]
["17794-000-01","CLAVETTE",11484,"CND",2010,52,4.703846153846154,244.6,"CND"]
["17794-000-01","CLAVETTE",12902,"CND",2010,50,5.1339999999999995,256.7,"CND"]
["17794-000-01","CLAVETTE",13862,"CND",2011,103,1.5524271844660196,159.9,"CND"]
["17794-000-01","CLAVETTE",15851,"CND",2012,50,2.84,142,"CND"]
["17794-000-01","CLAVETTE",19774,"CND",2013,28,10.017857142857142,280.5,"CND"]
["17794-000-01","CLAVETTE",18103,"CND",2013,105,11.3,1186.5,"CND"]
["17794-000-01","CLAVETTE",18942,"CND",2013,81,12.154320987654321,984.5,"CND"]
["17794-000-01","CLAVETTE",19775,"CUI",2014,28,1.8978571428571429,53.14,"CUI"]
["17794-000-01","CLAVETTE",10700,"CUI",2009,99,1.2213131313131314,120.91,"CUI"]
["17794-000-01","CLAVETTE",11485,"CUI",2010,52,0.51923076923076927,27,"CUI"]
["17794-000-01","CLAVETTE",11157,"CUI",2010,190,0.49263157894736836,93.6,"CUI"]
["17794-000-01","CLAVETTE",12903,"CUI",2010,50,0,0,"CUI"]
["17794-000-01","CLAVETTE",13863,"CUI",2011,103,0,0,"CUI"]
["17794-000-01","CLAVETTE",15852,"CUI",2012,50,0.71540000000000004,35.770000000000003,"CUI"]
["17794-000-01","CLAVETTE",18209,"CUI",2013,103,0.34728155339805827,35.770000000000003,"CUI"]
["17794-000-01","CLAVETTE",19062,"CUI",2013,79,0,0,"CUI"]
["17794-000-01","CLAVETTE",11072,"DECUI",2009,97,1.0590721649484536,102.73,"DEC","UI"]
["17794-000-01","CLAVETTE",11964,"DECUI",2010,50,1.9125999999999999,95.63,"DEC","UI"]
["17794-000-01","CLAVETTE",12072,"DECUI",2010,190,1.8634210526315791,354.05,"DEC","UI"]
["17794-000-01","CLAVETTE",13410,"DECUI",2011,50,2.8788,143.94,"DEC","UI"]
["17794-000-01","CLAVETTE",14137,"DECUI",2011,100,1.6331,163.31,"DEC","UI"]
["17794-000-01","CLAVETTE",16267,"DECUI",2012,50,2.8782000000000001,143.91,"DEC","UI"]
["17794-000-01","CLAVETTE",18413,"DECUI",2013,103,0.34728155339805827,35.770000000000003,"DEC","UI"]
["17794-000-01","CLAVETTE",19440,"DECUI",2013,81,0.44160493827160496,35.770000000000003,"DEC","UI"]
["17794-000-01","CLAVETTE",20403,"DECUI",2014,30,3.5963333333333334,107.89,"DEC","UI"]
["17794-000-01","CLAVETTE",20239,"NIT",2014,28,1.825,51.1,"NIT"]
["17794-000-01","CLAVETTE",11931,"NIT",2010,52,3.5769230769230771,186,"NIT"]
["17794-000-01","CLAVETTE",12029,"NIT",2010,190,0.82447368421052636,156.65,"NIT"]
["17794-000-01","CLAVETTE",13318,"NIT",2011,50,2.8330000000000002,141.65,"NIT"]
["17794-000-01","CLAVETTE",14053,"NIT",2011,100,1.1037999999999999,110.38,"NIT"]
["17794-000-01","CLAVETTE",16170,"NIT",2012,50,1.6740000000000002,83.7,"NIT"]
["17794-000-01","CLAVETTE",18350,"NIT",2013,105,0.48666666666666669,51.1,"NIT"]
["17794-000-01","CLAVETTE",19314,"NIT",2013,81,1.2617283950617284,102.2,"NIT"]
["17794-000-01","CLAVETTE",10997,"NIT",2009,99,0.53010101010101007,52.48,"NIT"]
["17794-000-01","CLAVETTE",11166,"PHO",2010,97,2.4041237113402061,233.2,"PHO"]
["17794-000-01","CLAVETTE",12024,"PHO",2010,50,3.34,167,"PHO"]
["17794-000-01","CLAVETTE",12169,"PHO",2010,190,16.268421052631577,3091,"PHO"]
["17794-000-01","CLAVETTE",13563,"PHO",2011,50,29.52,1476,"PHO"]
["17794-000-01","CLAVETTE",14198,"PHO",2011,100,1.2,120,"PHO"]
["17794-000-01","CLAVETTE",16363,"PHO",2012,50,1.8597999999999999,92.99,"PHO"]
["17794-000-01","CLAVETTE",18482,"PHO",2013,105,{"$f":"H835/F835","v":0.59057142857142852},62.01,"PHO"]
["17794-000-01","CLAVETTE",19681,"PHO",2013,81,1.4698765432098766,119.06,"PHO"]
["17794-000-01","CLAVETTE",20566,"PHO",2014,28,5.0364285714285719,141.02000000000001,"PHO"]
["17794-000-01","CLAVETTE",15381,"TTH",2011,53,7.0949056603773579,376.03,"TTH"]
["17794-000-01","CLAVETTE",17721,"TTH",2013,105,1.8284761904761906,191.99,"TTH"]
["17794-000-01","CLAVETTE",18424,"TTH",2013,105,0.18885714285714283,19.829999999999998,"TTH"]
["17794-000-01","CLAVETTE",19237,"TTH",2013,31,2.2306451612903229,69.150000000000006,"TTH"]
["17794-000-01","CLAVETTE",10219,"TTH",2009,107,0.57149532710280371,61.15,"TTH"]
["17794-000-01","CLAVETTE",10450,"TTH",2009,210,0.183,38.43,"TTH"]
["17794-000-01","CLAVETTE",11182,"TTH",2010,52,17.558653846153845,913.05,"TTH"]
["17794-000-01","CLAVETTE",12597,"TTH",2010,53,2.7669811320754718,146.65,"TTH"]
["17794-000-01","CLAVETTE",13575,"TTH",2011,103,0.41941747572815535,43.2,"TTH"]
["18367R3","BAGUE",18780,"DETCNDPHOMSE",2013,4,17.537500000000001,70.150000000000006,"DET","CND","PHO"]
["18367R3","BAGUE",18495,"TTHMSE",2013,2,79.575000000000003,159.15,"TTH"]
["18368R3","BAGUE",16059,"DETPHOMSE",2012,4,24.737500000000001,98.95,"DET","PHO"]
["18495R3","DOUILLE",14598,"PAS",2011,13,93.199999999999989,1211.5999999999999,"PAS"]
["18714-001","GOULOTTE DE REMPLISSAGE",16979,"OAS",2012,7,7.3,51.1,"OAS"]
["18714-001","GOULOTTE DE REMPLISSAGE",17315,"OAS",2012,8,6.3875000000000002,51.1,"OAS"]
["18714-001","GOULOTTE DE REMPLISSAGE",16980,"PEI",2012,7,2.9428571428571431,20.6,"PEI"]
["18714-001","GOULOTTE DE REMPLISSAGE",17316,"PEI",2012,8,4.5112500000000004,36.090000000000003,"PEI"]
["18724-001","SUPPORT",14131,"CNDOAC",2011,5,7.1540000000000008,35.770000000000003,"CND","OAC"]
["18724-001","SUPPORT",16590,"CNDOAC",2012,3,37.473333333333336,112.42,"CND","OAC"]
["18724-001","SUPPORT",16591,"PEI",2012,3,44.666666666666664,134,"PEI"]
["18724-001","SUPPORT",14132,"PEI",2011,5,80.846000000000004,404.23,"PEI"]
["1-89302","GALET",15656,"CND",2012,4,96.5,386,"CND"]
["18934-000-02","CORPS",8801,"CNDPHO",2009,22,0,0,"CND","PHO"]
["18934-000-02","CORPS",10168,"CNDPHO",2009,20,5.7945000000000002,115.89,"CND","PHO"]
["18934-000-02","CORPS",10189,"CNDPHO",2009,20,1.7885000000000002,35.770000000000003,"CND","PHO"]
["18934-000-02","CORPS",12229,"CNDPHO",2010,23,1.5552173913043479,35.770000000000003,"CND","PHO"]
["18934-000-02","CORPS",13292,"CNDPHO",2011,23,14.57,335.11,"CND","PHO"]
["18934-000-02","CORPS",14226,"CNDPHO",2011,18,18.617222222222225,335.11,"CND","PHO"]
["18934-000-02","CORPS",14226,"CNDPHO",2011,5,67.02000000000001,335.1,"CND","PHO"]
["18934-000-02","CORPS",14802,"CNDPHO",2011,32,10.4721875,335.11,"CND","PHO"]
["18934-000-02","CORPS",15717,"CNDPHO",2012,31,13.512258064516129,418.88,"CND","PHO"]
["18934-000-02","CORPS",16394,"CNDPHO",2012,33,10.154848484848486,335.11,"CND","PHO"]
["18934-000-02","CORPS",17442,"CNDPHO",2012,31,27,837,"CND","PHO"]
["18934-000-02","CORPS",18342,"CNDPHO",2013,29,15.310344827586206,444,"CND","PHO"]
["18934-000-02","CORPS",19470,"CNDPHO",2013,29,49.655172413793103,1440,"CND","PHO"]
["18934-000-02","CORPS",20796,"CNDPHO",2014,34,2.1041176470588239,71.540000000000006,"CND","PHO"]
["18934-000-02","CORPS",8929,"PEI",2009,22,10.227272727272727,225,"PEI"]
["18934-000-02","CORPS",8586,"PEI",2009,18,40.111111111111114,722,"PEI"]
["18934-000-02","CORPS",10388,"PEI",2009,19,12.294736842105262,233.6,"PEI"]
["18934-000-02","CORPS",10334,"PEI",2009,20,11.68,233.6,"PEI"]
["18934-000-02","CORPS",18512,"PEI",2013,29,2.3234482758620687,67.38,"PEI"]
["18934-000-02","CORPS",19471,"PEI",2014,29,1.2382758620689653,35.909999999999997,"PEI"]
["18934-000-02","CORPS",12229,"PEI",2010,23,7.5704347826086957,174.12,"PEI"]
["18934-000-02","CORPS",13292,"PEI",2011,23,2.4721739130434783,56.86,"PEI"]
["18934-000-02","CORPS",14226,"PEI",2011,15,2.6366666666666663,39.549999999999997,"PEI"]
["18934-000-02","CORPS",14226,"PEI",2011,5,7.9099999999999993,39.549999999999997,"PEI"]
["18934-000-02","CORPS",14802,"PEI",2011,32,9.9,316.8,"PEI"]
["18934-000-02","CORPS",15717,"PEI",2012,31,1.3412903225806452,41.58,"PEI"]
["18934-000-02","CORPS",16394,"PEI",2012,33,0.3,9.9,"PEI"]
["18934-000-02","CORPS",17442,"PEI",2012,31,88.780645161290323,2752.2,"PEI"]
["18934-000-02","CORPS",12084,"PEI",2010,12,6.1491666666666669,73.790000000000006,"PEI"]
["18934-000-02","CORPS D'AMORTISSEUR",14762,"TTH",2011,32,6.5856250000000003,210.74,"TTH"]
["18934-000-02","CORPS D'AMORTISSEUR",15108,"TTH",2011,33,3.3639393939393942,111.01,"TTH"]
["18934-000-02","CORPS D'AMORTISSEUR",16186,"TTH",2012,32,6.9746874999999999,223.19,"TTH"]
["18934-000-02","CORPS D'AMORTISSEUR",17983,"TTH",2013,33,-0.15515151515151515,-5.12,"TTH"]
["18934-000-02","CORPS D'AMORTISSEUR",18528,"TTH",2013,33,0.69727272727272727,23.01,"TTH"]
["18934-000-02","CORPS D'AMORTISSEUR",20249,"TTH",2014,35,0.38542857142857145,13.49,"TTH"]
["18934-000-02","CORPS D'AMORTISSEUR",20688,"TTH",2014,32,0.73218749999999999,23.43,"TTH"]
["18934-000-02","CORPS D'AMORTISSEUR",9475,"TTH",2009,22,0.62863636363636366,13.83,"TTH"]
["18934-000-02","CORPS D'AMORTISSEUR",11699,"TTH",2010,23,1.1778260869565218,27.09,"TTH"]
["18934-000-02","CORPS D'AMORTISSEUR",12703,"TTH",2010,24,0.85791666666666666,20.59,"TTH"]
["18934-000-02","CORPS D'AMORTISSEUR",13051,"TTH",2010,23,{"$f":"H899/F899","v":0.86695652173913051},19.940000000000001,"TTH"]
["18934-000-02","CORPS D'AMORTISSEUR",13802,"TTH",2011,34,0.71176470588235297,24.2,"TTH"]
["18936-000-01","PISTON",20299,"CNDOAS",2014,53,0.89471698113207554,47.42,"CND","OAS"]
["18936-000-01","PISTON",14277,"CNDOAS",2011,54,0.66240740740740744,35.770000000000003,"CND","OAS"]
["18936-000-01","PISTON",15990,"CNDOAS",2012,53,2.1694339622641512,114.98,"CND","OAS"]
["18936-000-01","PISTON",18184,"CNDOAS",2013,52,2.0440384615384617,106.29,"CND","OAS"]
["18936-000-01","PISTON",20298,"CNDOAS",2014,53,1.8943396226415095,100.4,"CND","OAS"]
["18939-000-01","PISTON",9691,"OAS",2009,34,2.4273529411764705,82.53,"OAS"]
["18939-000-01","PISTON",12331,"OAS",2010,33,3.2666666666666666,107.8,"OAS"]
["18939-000-01","PISTON",13789,"OAS",2011,55,0,0,"OAS"]
["18939-000-01","PISTON",15740,"OAS",2012,54,53.880185185185191,2909.53,"OAS"]
["18939-000-01","PISTON",16813,"OAS",2012,62,1.3564516129032258,84.1,"OAS"]
["18939-000-01","PISTON",19090,"OAS",2013,53,0.96415094339622642,51.1,"OAS"]
["18941-000-00","ECROU",15217,"TTH",2011,55,4.2934545454545452,236.14,"TTH"]
["18941-000-00","ECROU",16635,"TTH",2012,54,4.3062962962962965,232.54,"TTH"]
["18941-000-00","ECROU",18719,"TTH",2013,60,4.34,260.39999999999998,"TTH"]
["18941-000-00","ECROU",9532,"TTH",2009,33,1.8833333333333333,62.15,"TTH"]
["18941-000-00","ECROU",12079,"TTH",2010,33,2.2606060606060603,74.599999999999994,"TTH"]
["18941-000-00","ECROU",13529,"TTH",2011,55,0.83836363636363631,46.11,"TTH"]
["18997-003-00","CORPS DE VERIN DROIT USINE",9604,"CNDOAC",2009,4,17.885000000000002,71.540000000000006,"CND","OAC"]
["18997-003-00","CORPS DE VERIN DROIT USINE",14855,"CNDOAC",2011,3,11.923333333333334,35.770000000000003,"CND","OAC"]
["19028-000-01","CORPS INTERMEDIAIRE",13494,"CNDCAD",2011,17,3.0058823529411764,51.1,"CND","CAD"]
["19028-000-01","CORPS INTERMEDIAIRE",13494,"PEI",2011,17,2.1205882352941177,36.049999999999997,"PEI"]
["19028-000-01","CORPS INTERMEDIAIRE",13151,"TTH",2010,18,2.6805555555555554,48.25,"TTH"]
["1-90611-1","CORPS MATRICE USINE",18331,"CNDOAS",2013,5,16.312000000000001,81.56,"CND","OAS"]
["1-90938","BAGUE",20490,"CNDCAD",2014,13,10.220000000000001,132.86000000000001,"CND","CAD"]
["1-90938","BAGUE",13135,"CNDCAD",2010,16,42.9,686.4,"CND","CAD"]
["1-90942","VIS",10363,"PEL",2009,6,537.97333333333336,3227.84,"PEL"]
["1-95090","CORPS",16588,"OAS",2012,22,2.3227272727272728,51.1,"OAS"]
["1-95784","CONTRE ECROU",9467,"CAD",2009,35,0,0,"CAD"]
["1-95784","CONTRE ECROU",11822,"CNDCAD",2010,18,6.6822222222222223,120.28,"CND","CAD"]
["1-95784","CONTRE ECROU",15428,"CNDCAD",2011,20,5.1150000000000002,102.3,"CND","CAD"]
["1-95784","CONTRE ECROU",17899,"CNDCAD",2013,20,55.064999999999998,1101.3,"CND","CAD"]
["1-95784","CONTRE ECROU",14877,"TTH",2011,2,136,272,"TTH"]
["1-95784","CONTRE ECROU",17392,"TTH",2012,2,62.5,125,"TTH"]
["1-95784","CONTRE ECROU",8824,"TTH",2009,3,27.73,83.19,"TTH"]
["1-95784","CONTRE ECROU",11129,"TTH",2010,2,49.454999999999998,98.91,"TTH"]
["1-96142","CARTER",15602,"CAD",2012,78,1.0252564102564103,79.97,"CAD"]
["1-96142","CARTER",17182,"CAD",2012,24,8.3916666666666675,201.4,"CAD"]
["1-96142","CARTER",16848,"RECUITMAGN",2012,28,3.5367857142857142,99.03,"RECUIT","MAGN"]
["19638-001","FOND",20284,"CNDOAS",2014,7,16.228571428571428,113.6,"CND","OAS"]
["19638-001","FOND",20283,"CNDOAS",2014,7,14.857142857142858,104,"CND","OAS"]
["19638-001","FOND",9899,"OAS",2009,14,2.5550000000000002,35.770000000000003,"OAS"]
["19638-001","FOND",9899,"PEI",2009,14,9.3228571428571438,130.52000000000001,"PEI"]
["19638-001","FOND",20284,"PEI",2014,7,192.64285714285714,1348.5,"PEI"]
["19673-000-01","BAGUE",10871,"PASCADMSE",2009,13,45.815384615384616,595.6,"PAS","CAD"]
["1-97431","VIS",14943,"CAD",2011,11,17.272727272727273,190,"CAD"]
["1-97431","VIS",19659,"CAD",2013,14,27.657142857142855,387.2,"CAD"]
["1-97431","VIS",11423,"CAD",2010,5,29.439999999999998,147.19999999999999,"CAD"]
["1-97431","VIS",19988,"CAD",2014,16,3.125,50,"CAD"]
["19933-001","BAGUE",20753,"OAS",2014,16,9.1981249999999992,147.16999999999999,"OAS"]
["19933-001","BAGUE",9880,"OAS",2009,10,5.1100000000000003,51.1,"OAS"]
["19933-001","BAGUE",19788,"OAS",2013,15,52.268000000000001,784.02,"OAS"]
["19953-001","PALETTE",10421,"OAS",2009,17,17.715882352941179,301.17,"OAS"]
["19953-001","PALETTE",10422,"PEI",2009,17,159.56470588235294,2712.6,"PEI"]
["19983-000-00","AXE",9220,"CAD",2009,29,49.655172413793103,1440,"CAD"]
["19983-000-00","AXE",10272,"CAD",2009,7,35.714285714285715,250,"CAD"]
["19983-000-00","AXE",11328,"CAD",2010,19,6.3157894736842106,120,"CAD"]
["19983-000-00","AXE",13459,"CAD",2011,6,293.33333333333331,1760,"CAD"]
["19983-000-00","AXE",13999,"CAD",2011,7,95.142857142857139,666,"CAD"]
["19983-000-00","AXE",15854,"CAD",2012,11,3.2,35.200000000000003,"CAD"]
["19983-000-00","AXE",17434,"CAD",2012,110,1.0909090909090908,120,"CAD"]
["19983-000-00","AXE",20201,"CAD",2014,23,8.695652173913043,200,"CAD"]
["19983-000-00","AXE",9139,"CND",2009,29,2.2413793103448274,65,"CND"]
["19983-000-00","AXE",10271,"CNDPAS",2009,7,{"$f":"H963/F963","v":10.220000000000001},71.540000000000006,"CND","PAS"]
["19983-000-00","AXE",11327,"CNDPAS",2010,19,5.9168421052631581,112.42,"CND","PAS"]
["19983-000-00","AXE",13458,"CNDPAS",2011,6,22.923333333333332,137.54,"CND","PAS"]
["19983-000-00","AXE",13998,"CNDPAS",2011,7,5.1100000000000003,35.770000000000003,"CND","PAS"]
["19983-000-00","AXE",15853,"CNDPAS",2012,11,3.2518181818181819,35.770000000000003,"CND","PAS"]
["19983-000-00","AXE",17428,"CNDPAS",2012,110,0.65036363636363637,71.540000000000006,"CND","PAS"]
["19983-000-00","AXE",20043,"CNDPAS",2014,23,4.51,103.73,"CND","PAS"]
["19983-000-00","AXE",11223,"RECTIF",2010,19,3.6042105263157898,68.48,"RECTIF"]
["19983-000-00","AXE",13284,"RECTIF",2011,6,2.9883333333333333,17.93,"RECTIF"]
["19983-000-00","AXE",13859,"RECTIF",2011,7,66.935714285714283,468.55,"RECTIF"]
["19983-000-00","AXE",15515,"RECTIF",2012,11,9.0009090909090919,99.01,"RECTIF"]
["19983-000-00","AXE",16973,"RECTIF",2012,112,0.88375000000000004,98.98,"RECTIF"]
["19983-000-00","AXE",19533,"RECTIF",2013,26,4.148076923076923,107.85,"RECTIF"]
["19983-000-00","AXE",20787,"RECTIF",2014,18,13.722777777777777,247.01,"RECTIF"]
["20172-000-01","RONDELLE",9755,"PELPASMSE",2009,29,6.6579310344827594,193.08,"PEL","PAS"]
["20172-000-01","RONDELLE",14874,"TTHMSE",2011,1,27.63,27.63,"TTH"]
["20172-000-01","RONDELLE",9395,"TTHMSE",2009,1,43.99,43.99,"TTH"]
["20172-000-01","RONDELLE",9687,"USIMSE",2009,29,5.4827586206896548,159,"USI"]
["20172-000-01","RONDELLE",15046,"USIMSE",2011,15,9.7560000000000002,146.34,"USI"]
["202-91241","BAGUE FILETEE",15039,"CND",2011,13,14.846153846153847,193,"CND"]
["202-91241","BAGUE FILETEE",14465,"TTH",2011,3,18.849999999999998,56.55,"TTH"]
["202-91241","BAGUE FILETEE",15040,"ZING",2011,13,6.8876923076923084,89.54,"ZING"]
["204-90309","BAGUE FILETEE",9233,"CND",2009,21,3.3333333333333335,70,"CND"]
["204-90309","BAGUE FILETEE",9231,"CND",2009,21,21.577142857142857,453.12,"CND"]
["204-90309","BAGUE FILETEE",10004,"CND",2009,24,8.6666666666666661,208,"CND"]
["204-90309","BAGUE FILETEE",10281,"CND",2009,24,7.7191666666666663,185.26,"CND"]
["204-90309","BAGUE FILETEE",10642,"CND",2009,28,8.6446428571428573,242.05,"CND"]
["204-90309","BAGUE FILETEE",11302,"CND",2010,27,11.067407407407407,298.82,"CND"]
["204-90309","BAGUE FILETEE",11389,"CND",2010,29,4.4827586206896548,130,"CND"]
["204-90309","BAGUE FILETEE",11927,"CND",2010,35,4.0228571428571431,140.80000000000001,"CND"]
["204-90309","BAGUE FILETEE",13519,"CND",2011,30,7.7333333333333334,232,"CND"]
["204-90309","BAGUE FILETEE",13751,"CND",2011,24,6.6625000000000005,159.9,"CND"]
["204-90309","BAGUE FILETEE",13751,"CND",2011,24,6.666666666666667,160,"CND"]
["204-90309","BAGUE FILETEE",15768,"CND",2012,23,15.565217391304348,358,"CND"]
["204-90309","BAGUE FILETEE",15766,"CND",2012,24,8.875,213,"CND"]
["204-90309","BAGUE FILETEE",16133,"CND",2012,44,18.752727272727274,825.12,"CND"]
["204-90309","BAGUE FILETEE",16131,"CND",2012,26,20.386538461538461,530.04999999999995,"CND"]
["204-90309","BAGUE FILETEE",17717,"CND",2013,59,18.271186440677965,1078,"CND"]
["204-90309","BAGUE FILETEE",19079,"CND",2013,60,0.25,15,"CND"]
["204-90309","BAGUE FILETEE",20376,"CND",2014,60,27.17,1630.2,"CND"]
["204-90309","BAGUE FILETEE",20044,"CND",2014,56,0.52857142857142858,29.6,"CND"]
["204-90309","BAGUE FILETEE",15262,"TTH",2012,5,22.202000000000002,111.01,"TTH"]
["204-90309","BAGUE FILETEE",15262,"TTH",2012,5,78.753999999999991,393.77,"TTH"]
["204-90309","BAGUE FILETEE",15739,"TTH",2012,8,2.5462500000000001,20.37,"TTH"]
["204-90309","BAGUE FILETEE",15739,"TTH",2012,4,100.9875,403.95,"TTH"]
["204-90309","BAGUE FILETEE",16449,"TTH",2012,10,12.501000000000001,125.01,"TTH"]
["204-90309","BAGUE FILETEE",18260,"TTH",2013,10,2.0460000000000003,20.46,"TTH"]
["204-90309","BAGUE FILETEE",19143,"TTH",2013,10,7.2780000000000005,72.78,"TTH"]
["204-90309","BAGUE FILETEE",19267,"TTH",2013,10,14.415000000000001,144.15,"TTH"]
["204-90309","BAGUE FILETEE",20690,"TTH",2014,11,4.3118181818181816,47.43,"TTH"]
["204-90309","BAGUE FILETEE",8828,"TTH",2009,5,8.23,41.15,"TTH"]
["204-90309","BAGUE FILETEE",8828,"TTH",2009,5,3.4299999999999997,17.149999999999999,"TTH"]
["204-90309","BAGUE FILETEE",8828,"TTH",2009,5,6.581999999999999,32.909999999999997,"TTH"]
["204-90309","BAGUE FILETEE",8828,"TTH",2009,5,8.23,41.15,"TTH"]
["204-90309","BAGUE FILETEE",10605,"TTH",2009,5,2.4699999999999998,12.35,"TTH"]
["204-90309","BAGUE FILETEE",11131,"TTH",2010,9,3.9499999999999997,35.549999999999997,"TTH"]
["204-90309","BAGUE FILETEE",13276,"TTH",2010,5,7.99,39.950000000000003,"TTH"]
["204-90309","BAGUE FILETEE",13531,"TTH",2011,4,5.6425000000000001,22.57,"TTH"]
["204-90309","BAGUE FILETEE",13531,"TTH",2011,4,113.53749999999999,454.15,"TTH"]
["204-90309","BAGUE FILETEE",9232,"ZING",2009,21,23.516666666666669,493.85,"ZING"]
["204-90309","BAGUE FILETEE",9234,"ZING",2009,21,8.8214285714285712,185.25,"ZING"]
["204-90309","BAGUE FILETEE",10005,"ZING",2009,24,5.791666666666667,139,"ZING"]
["204-90309","BAGUE FILETEE",10282,"ZING",2009,24,3.0625,73.5,"ZING"]
["204-90309","BAGUE FILETEE",10643,"ZING",2009,28,1.8803571428571428,52.65,"ZING"]
["204-90309","BAGUE FILETEE",11303,"ZING",2010,27,{"$f":"H1027/F1027","v":2.4151851851851851},65.209999999999994,"ZING"]
["204-90309","BAGUE FILETEE",11390,"ZING",2010,29,2.9655172413793105,86,"ZING"]
["204-90309","BAGUE FILETEE",11928,"ZING",2010,35,7.4457142857142866,260.60000000000002,"ZING"]
["204-90309","BAGUE FILETEE",13520,"ZING",2011,30,0.78333333333333333,23.5,"ZING"]
["204-90309","BAGUE FILETEE",13752,"ZING",2011,24,10.858333333333334,260.60000000000002,"ZING"]
["204-90309","BAGUE FILETEE",13752,"ZING",2011,24,0.97916666666666663,23.5,"ZING"]
["204-90309","BAGUE FILETEE",15767,"ZING",2012,24,6.708333333333333,161,"ZING"]
["204-90309","BAGUE FILETEE",15769,"ZING",2012,23,8.9565217391304355,206,"ZING"]
["204-90309","BAGUE FILETEE",16134,"ZING",2012,44,5.3409090909090908,235,"ZING"]
["204-90309","BAGUE FILETEE",16132,"ZING",2012,26,1.5769230769230769,41,"ZING"]
["204-90309","BAGUE FILETEE",17718,"ZING",2013,59,2.7288135593220337,161,"ZING"]
["204-90309","BAGUE FILETEE",19080,"ZING",2013,60,15.116666666666667,907,"ZING"]
["204-90309","BAGUE FILETEE",20221,"ZING",2014,56,13.589285714285714,761,"ZING"]
["204-90309","BAGUE FILETEE",20377,"ZING",2014,60,0.6,36,"ZING"]
["206-90314","BAGUE FILETEE",9795,"CND",2009,14,13.785714285714286,193,"CND"]
["206-90314","BAGUE FILETEE",11781,"CND",2010,39,5.8205128205128203,227,"CND"]
["206-90314","BAGUE FILETEE",17116,"CND",2012,21,27.965714285714284,587.28,"CND"]
["206-90314","BAGUE FILETEE",17364,"PEI",2012,21,1.7166666666666666,36.049999999999997,"PEI"]
["206-90314","BAGUE FILETEE",9895,"PEI",2009,14,6.2535714285714281,87.55,"PEI"]
["206-90314","BAGUE FILETEE",11946,"PEI",2010,39,1.3205128205128205,51.5,"PEI"]
["206-90314","BAGUE FILETEE",9894,"ZIN",2009,14,18.614285714285717,260.60000000000002,"ZING"]
["206-90314","BAGUE FILETEE",11782,"ZIN",2010,39,4,156,"ZING"]
["206-90314","BAGUE FILETEE",17117,"ZIN",2012,21,7.3809523809523814,155,"ZING"]
["21034-000-00","RONDELLE ANTI DEVERS",8919,"DETCAD",2009,33,6.5345454545454542,215.64,"DET","CAD"]
["211-90316","CORPS DE ROBINET",15409,"CNDOAS",2011,26,1.3757692307692309,35.770000000000003,"CND","OAS"]
["211-90316","CORPS DE ROBINET",16716,"CNDOAS",2012,7,5.1100000000000003,35.770000000000003,"CND","OAS"]
["211-90316","CORPS DE ROBINET",16894,"CNDOAS",2012,7,5.8400000000000007,40.880000000000003,"CND","OAS"]
["212-99749","RACCORD",13804,"CNDOAS",2011,13,9.2376923076923081,120.09,"CND","OAS"]
["212-99749","RACCORD",20042,"CNDOAS",2014,13,2.7515384615384617,35.770000000000003,"CND","OAS"]
["21302-000-00","ECROU",12965,"CNDCAD",2010,10,296.39999999999998,2964,"CND","CAD"]
["21302-000-00","ECROU",13288,"CNDCAD",2011,10,117.602,1176.02,"CND","CAD"]
["21302-000-00","ECROU",18605,"CNDCAD",2013,17,5.0658823529411769,86.12,"CND","CAD"]
["21302-000-00","ECROU",20258,"CNDCAD",2014,14,5.4714285714285706,76.599999999999994,"CND","CAD"]
["21302-000-00","ECROU",18069,"TTH",2013,9,76.666666666666671,690,"TTH"]
["21302-000-00","ECROU",19359,"TTH",2013,8,2.5237500000000002,20.190000000000001,"TTH"]
["21302-000-00","ECROU",12702,"TTH",2010,5,6.758,33.79,"TTH"]
["21302-000-00","ECROU",13050,"TTH",2010,5,12.49,62.45,"TTH"]
["21573-000-00EB","BAGUE",16046,"PASMSE",2012,40,5.125,205,"PAS"]
["215-99749","DEPART EN 10 X 1",9335,"CNDOAS",2009,2,241.6,483.2,"CND","OAS"]
["215-99749","DEPART EN 10 X 1",13535,"CNDOAS",2011,5,78.722000000000008,393.61,"CND","OAS"]
["215-99749","DEPART EN 10 X 1",9336,"PEI",2009,2,34.765000000000001,69.53,"PEI"]
["215-99749","DEPART EN 10 X 1",13536,"PEI",2011,5,63.36,316.8,"PEI"]
["22537-000-00","PALIER MOBLE",18380,"CNDOASMSE",2013,6,5.9616666666666669,35.770000000000003,"CND","OAS"]
["22843-000-00","PLATINE",20899,"CADMSE",2014,36,3.5,126,"CAD"]
["22852-000-00EB","BAGUE",19929,"USI",2014,44,5.495454545454546,241.8,"USI"]
["22939-000-00","ENTRETOISE",18959,"CADMSE",2013,5,24,120,"CAD"]
["22939-000-00","ENTRETOISE",20513,"CADMSE",2014,18,13.408333333333333,241.35,"CAD"]
["2-36608","PAPILLON",10518,"CNDOAS",2009,11,3.2518181818181819,35.770000000000003,"CND","OAS"]
["2-36608","PAPILLON",10694,"OAS",2009,4,25.55,102.2,"OAS"]
["24046-000-00TTH","EMBOUT EBAUCHE TREMPE",18027,null,2013,49,2.5510204081632653,125]
["24046-000-00TTH","EMBOUT EBAUCHE TREMPE",18680,null,2013,38,3.2894736842105261,125]
["24047-000-00","EMBOUT USINE",8958,"CNDPHO",2009,14,3.2642857142857147,45.7,"CND","PHO"]
["24047-000-00","EMBOUT USINE",9286,"CNDPHO",2009,11,6.5036363636363639,71.540000000000006,"CND","PHO"]
["24047-000-00","EMBOUT USINE",10371,"CNDPHO",2009,7,5.1100000000000003,35.770000000000003,"CND","PHO"]
["24047-000-00","EMBOUT USINE",10491,"CNDPHO",2009,2,46.195,92.39,"CND","PHO"]
["24047-000-00","EMBOUT USINE",10617,"CNDPHO",2009,2,36.765000000000001,73.53,"CND","PHO"]
["24047-000-00","EMBOUT USINE",11253,"CNDPHO",2010,16,29.753125000000001,476.05,"CND","PHO"]
["24047-000-00","EMBOUT USINE",12005,"CNDPHO",2010,8,13.49,107.92,"CND","PHO"]
["24047-000-00","EMBOUT USINE",12561,"CNDPHO",2010,11,5.875454545454545,64.63,"CND","PHO"]
["24047-000-00","EMBOUT USINE",13095,"CNDPHO",2010,4,256.77249999999998,1027.0899999999999,"CND","PHO"]
["24047-000-00","EMBOUT USINE",13316,"CNDPHO",2011,6,55.851666666666667,335.11,"CND","PHO"]
["24047-000-00","EMBOUT USINE",13628,"CNDPHO",2011,7,47.872857142857143,335.11,"CND","PHO"]
["24047-000-00","EMBOUT USINE",13644,"CNDPHO",2011,1,335.11,335.11,"CND","PHO"]
["24047-000-00","EMBOUT USINE",13877,"CNDPHO",2011,8,47.612499999999997,380.9,"CND","PHO"]
["24047-000-00","EMBOUT USINE",13878,"CNDPHO",2011,7,{"$f":"H1091/F1091","v":47.872857142857143},335.11,"CND","PHO"]
["24047-000-00","EMBOUT USINE",14338,"CNDPHO",2011,8,41.886249999999997,335.09,"CND","PHO"]
["24047-000-00","EMBOUT USINE",14339,"CNDPHO",2011,8,41.888750000000002,335.11,"CND","PHO"]
["24047-000-00","EMBOUT USINE",14930,"CNDPHO",2011,10,33.511000000000003,335.11,"CND","PHO"]
["24047-000-00","EMBOUT USINE",14929,"CNDPHO",2011,11,30.463636363636365,335.1,"CND","PHO"]
["24047-000-00","EMBOUT USINE",15387,"CNDPHO",2012,9,37.234444444444449,335.11,"CND","PHO"]
["24047-000-00","EMBOUT USINE",16058,"CNDPHO",2012,11,38.080909090909088,418.89,"CND","PHO"]
["24047-000-00","EMBOUT USINE",16480,"CNDPHO",2012,15,22.340666666666667,335.11,"CND","PHO"]
["24047-000-00","EMBOUT USINE",16612,"CNDPHO",2012,10,33.512,335.12,"CND","PHO"]
["24047-000-00","EMBOUT USINE",16850,"CNDPHO",2012,31,27.746774193548386,860.15,"CND","PHO"]
["24047-000-00","EMBOUT USINE",17865,"CNDPHO",2013,31,27,837,"CND","PHO"]
["24047-000-00","EMBOUT USINE",19271,"CNDPHO",2013,36,19.083055555555557,686.99,"CND","PHO"]
["24047-000-00","EMBOUT USINE",19660,"CNDPHO",2013,40,4.8815,195.26,"CND","PHO"]
["24047-000-00","EMBOUT USINE",10305,"DEPEINDRE",2009,7,7.9414285714285722,55.59,"DEPEINDRE"]
["24047-000-00","EMBOUT USINE",10306,"DEPHOS",2009,7,5.1100000000000003,35.770000000000003,"DEPHOS"]
["24047-000-00","EMBOUT USINE",19272,"PEI",2013,36,7.2075000000000005,259.47000000000003,"PEI"]
["24047-000-00","EMBOUT USINE",19661,"PEI",2014,40,8.516,340.64,"PEI"]
["24047-000-00","EMBOUT USINE",12005,"PEI",2010,8,2.4750000000000001,19.8,"PEI"]
["24047-000-00","EMBOUT USINE",12561,"PEI",2010,11,7.4909090909090912,82.4,"PEI"]
["24047-000-00","EMBOUT USINE",13095,"PEI",2010,4,65.36,261.44,"PEI"]
["24047-000-00","EMBOUT USINE",13316,"PEI",2011,6,6.0083333333333329,36.049999999999997,"PEI"]
["24047-000-00","EMBOUT USINE",13628,"PEI",2011,7,8.1228571428571428,56.86,"PEI"]
["24047-000-00","EMBOUT USINE",13644,"PEI",2011,1,72.099999999999994,72.099999999999994,"PEI"]
["24047-000-00","EMBOUT USINE",13877,"PEI",2011,8,6.18,49.44,"PEI"]
["24047-000-00","EMBOUT USINE",13878,"PEI",2011,7,14.037142857142857,98.26,"PEI"]
["24047-000-00","EMBOUT USINE",14338,"PEI",2011,8,4.5062499999999996,36.049999999999997,"PEI"]
["24047-000-00","EMBOUT USINE",14339,"PEI",2011,8,9.2962500000000006,74.37,"PEI"]
["24047-000-00","EMBOUT USINE",14930,"PEI",2011,10,31.68,316.8,"PEI"]
["24047-000-00","EMBOUT USINE",14929,"PEI",2011,11,241.2,2653.2,"PEI"]
["24047-000-00","EMBOUT USINE",15387,"PEI",2012,9,513.9755555555555,4625.78,"PEI"]
["24047-000-00","EMBOUT USINE",16058,"PEI",2012,11,11.609090909090909,127.7,"PEI"]
["24047-000-00","EMBOUT USINE",16480,"PEI",2012,15,21.12,316.8,"PEI"]
["24047-000-00","EMBOUT USINE",16612,"PEI",2012,10,31.68,316.8,"PEI"]
["24047-000-00","EMBOUT USINE",16850,"PEI",2012,31,2.2354838709677418,69.3,"PEI"]
["24047-000-00","EMBOUT USINE",17865,"PEI",2013,31,1.1629032258064516,36.049999999999997,"PEI"]
["24047-000-00","EMBOUT USINE",9287,"PEI",2009,11,9.2509090909090919,101.76,"PEI"]
["24047-000-00","EMBOUT USINE",10372,"PEI",2009,7,25.938571428571429,181.57,"PEI"]
["24047-000-00","EMBOUT USINE",10492,"PEI",2009,2,158.4,316.8,"PEI"]
["24047-000-00","EMBOUT USINE",10626,"PEI",2009,6,52.800000000000004,316.8,"PEI"]
["24047-000-00","EMBOUT USINE",9137,"PEI",2009,14,190.22142857142856,2663.1,"PEI"]
["24047-000-00","EMBOUT USINE",11378,"PEI",2010,16,2.2512500000000002,36.020000000000003,"PEI"]
["24047-000-00","EMBOUT USINE",15030,"TTH",2011,10,11.1,111,"TTH"]
["24047-000-00","EMBOUT USINE",15453,"TTH",2012,11,11.658181818181818,128.24,"TTH"]
["24047-000-00","EMBOUT USINE",15882,"TTH",2012,15,13.331333333333333,199.97,"TTH"]
["24047-000-00","EMBOUT USINE",15976,"TTH",2012,10,17.199000000000002,171.99,"TTH"]
["24047-000-00","EMBOUT USINE",16328,"TTH",2012,31,4.032258064516129,125,"TTH"]
["24047-000-00","EMBOUT USINE",16922,"TTH",2012,32,3.9059374999999998,124.99,"TTH"]
["24047-000-00","EMBOUT USINE",17634,"TTH",2012,37,3.3791891891891894,125.03,"TTH"]
["24047-000-00","EMBOUT USINE",9774,"TTH",2009,9,2.2388888888888889,20.149999999999999,"TTH"]
["24047-000-00","EMBOUT USINE",10380,"TTH",2009,16,1.2037500000000001,19.260000000000002,"TTH"]
["24047-000-00","EMBOUT USINE",10380,"TTH",2009,8,2.9437500000000001,23.55,"TTH"]
["24047-000-00","EMBOUT USINE",11516,"TTH",2010,12,2.1125000000000003,25.35,"TTH"]
["24047-000-00","EMBOUT USINE",12306,"TTH",2010,5,11.83,59.15,"TTH"]
["24047-000-00","EMBOUT USINE",12922,"TTH",2010,8,8.8524999999999991,70.819999999999993,"TTH"]
["24047-000-00","EMBOUT USINE",13279,"TTH",2010,8,6.1912500000000001,49.53,"TTH"]
["24047-000-00","EMBOUT USINE",13417,"TTH",2011,8,5.5187499999999998,44.15,"TTH"]
["24047-000-00","EMBOUT USINE",13417,"TTH",2011,8,3.7562500000000001,30.05,"TTH"]
["24047-000-00","EMBOUT USINE",14046,"TTH",2011,8,4.6537499999999996,37.229999999999997,"TTH"]
["24047-000-00","EMBOUT USINE",14046,"TTH",2011,8,8.625,69,"TTH"]
["24047-000-00","EMBOUT USINE",14468,"TTH",2011,11,24.581818181818178,270.39999999999998,"TTH"]
["24047-000-00","EMBOUT USINE",14468,"TTH",2011,10,5.6549999999999994,56.55,"TTH"]
["24288-000-00","SUPPORT",20392,"OACPEIMSE",2014,14,5.0107142857142861,70.150000000000006,"OAC","PEI"]
["24289-000-00","SUPPORT",20544,"OACPEIMSE",2014,19,3.4963157894736847,66.430000000000007,"OAC","PEI"]
["24313-000-00","RONDELLE",10742,"OCMSE",2009,15,13.748666666666667,206.23,"OC"]
["24324-000-00","APPUI DE CRIC",18640,"TTHMSE",2013,22,{"$f":"H1155/F1155","v":1.8777272727272729},41.31,"TTH"]
["24338-000-00EB","BAGUE",20145,"USI",2014,72,2.1333333333333333,153.6,"USI"]
["2627-S6-P2","CALIBRE TETE",13837,"TTH",2011,11,10.090909090909092,111,"TTH"]
["2627-S6-P2","CALIBRE TETE",14369,"TTH",2011,215,1.0566046511627907,227.17,"TTH"]
["2627-S6-P2","CALIBRE TETE",19324,"TTH",2013,55,0.8143636363636364,44.79,"TTH"]
["2627-S6-P2","CALIBRE TETE",20004,"TTH",2014,167,0.40808383233532936,68.150000000000006,"TTH"]
["2-84725","ECROU",20220,"CAD",2014,37,3.8935135135135135,144.06,"CAD"]
["2-84725","ECROU",13338,"CAD",2011,58,2.5862068965517242,150,"CAD"]
["2-85386","ECROU BORGNE",16032,"OAS",2012,7,72.632857142857148,508.43,"OAS"]
["2-88512","BAGUE",13175,"CND",2010,22,0.39363636363636362,8.66,"CND"]
["2-88512","BAGUE",9716,"TTH",2009,23,0.86130434782608689,19.809999999999999,"TTH"]
["2-88512","BAGUE",12882,"TTH",2010,23,3.8978260869565218,89.65,"TTH"]
["2-96145","SUPPORT DE NOYAU",10782,"CND",2009,3,83.016666666666666,249.05,"CND"]
["2-96145","SUPPORT DE NOYAU",14350,"CND",2011,23,3.3643478260869562,77.38,"CND"]
["2-96145","SUPPORT DE NOYAU",15753,"CND",2012,37,6.5389189189189185,241.94,"CND"]
["2-96151","EMBOUT",10233,"CNDBRU",2009,22,2.3313636363636365,51.29,"CND","BRU"]
["2-96151","EMBOUT",14473,"CNDBRU",2011,22,179.40727272727273,3946.96,"CND","BRU"]
["2-96151","EMBOUT",15956,"CNDBRU",2012,23,136.85652173913041,3147.7,"CND","BRU"]
["2-96151","EMBOUT",18654,"CNDBRU",2013,19,2.6894736842105265,51.1,"CND","BRU"]
["2P97155","INTERFACE MEN",17351,"OAD",2012,4,230.64,922.56,"OAD"]
["2P97155","INTERFACE MEN",17403,"OAD",2012,5,15.746,78.73,"OAD"]
["2P98670","INTERFACE MEN",17352,"OAD",2012,6,32.506666666666668,195.04,"OAD"]
["2P98670","INTERFACE MEN",17448,"SURTEC",2012,5,43.480000000000004,217.4,"SURTEC"]
["35CD4TTH","BARRE RECUIT + TTH",19060,"TTH",2013,5,4.42,22.1,"TTH"]
["35CD4TTH","BARRE RECUIT + TTH",19060,"TTH",2013,9,3.7944444444444443,34.15,"TTH"]
["3-91239","FOND",13320,"CNDOAC",2011,14,4.2050000000000001,58.87,"CND","OAC"]
["3-96854","CORPS",15812,"CNDOAS",2012,3,210,630,"CND","OAS"]
["3-98615","ECROU",15371,"CAD",2011,12,16.783333333333335,201.4,"CAD"]
["3-98615","ECROU",19087,"CAD",2013,18,5.2777777777777777,95,"CAD"]
["450237011C5","BAGUE",12805,"CADMSE",2010,27,1.8518518518518519,50,"CAD"]
["5-79793","LEVIER",13352,"CNDMSE",2011,38,1.8826315789473687,71.540000000000006,"CND"]
["5-79793","LEVIER",13353,"DETNITMSE",2011,38,0,0,"DET","NIT"]
["5-90309","BAGUE FILETEE",11850,"CND",2010,4,32.5,130,"CND"]
["5-90309","BAGUE FILETEE",11131,"TTH",2010,1,234.15,234.15,"TTH"]
["5-90309","BAGUE FILETEE",11851,"ZING",2010,4,60.6,242.4,"ZING"]
["5-99412","CORPS MASSE",10829,"CND",2009,2,76.400000000000006,152.80000000000001,"CND"]
["5-99412","CORPS MASSE",10919,"OAS",2009,2,39.344999999999999,78.69,"OAS"]
["66-1003186-00","BAGUE REPARATION",16244,"DETCADMSE",2012,34,5.5308823529411768,188.05,"DET","CAD"]
["66-1019050-00","BAGUE",16335,"OACMSE",2012,27,3.7974074074074076,102.53,"OAC"]
["66-1110037-00","BAGUE",16230,"DETCADMSE",2012,36,1.9872222222222224,71.540000000000006,"DET","CAD"]
["6-96142","CARTER",10745,"CAD",2009,101,0.79207920792079212,80,"CAD"]
["6-96142","CARTER",10563,"CND",2009,102,27.588235294117649,2814,"CND"]
["6-96142","CARTER",10647,"TTH",2009,101,0.97930693069306929,98.91,"TTH"]
["70-88006","ECROU",10595,"PELPAS",2009,22,1.4290909090909092,31.44,"PEL","PAS"]
["70-93175","ECROU",10425,"PELPAS",2009,17,191.7223529411765,3259.28,"PEL","PAS"]
["70-96151","EMBOUT",12377,"CNDBRU",2010,8,6.3875000000000002,51.1,"CND","BRU"]
["70-96151","EMBOUT",16560,"CNDBRU",2012,27,38.007777777777783,1026.21,"CND","BRU"]
["70-97220","CORPS",9185,"CND",2009,7,21.828571428571429,152.80000000000001,"CND"]
["70-97220","CORPS",9192,"CND",2009,3,128.66666666666666,386,"CND"]
["70-97220","CORPS",9295,"CND",2009,1,386,386,"CND"]
["70-97220","CORPS",9326,"OAS",2009,7,24.227142857142859,169.59,"OAS"]
["70-97220","CORPS",9326,"OAS",2009,2,94.155000000000001,188.31,"OAS"]
["70-97220","CORPS",9435,"OAS",2009,2,99.89,199.78,"OAS"]
["70-97221","EMBOUT DE LEVIER",18736,"CNDOAS",2013,5,25.55,127.75,"CND","OAS"]
["70-97229","PISTON",8880,"CHR",2009,7,17.262857142857143,120.84,"CHR"]
["70-97229","PISTON",9090,"CNDCAD",2009,7,291.28000000000003,2038.96,"CND","CAD"]
["70-97229","PISTON",9017,"RECTIF",2009,7,2.4457142857142857,17.12,"RECTIF"]
["70-97230","PISTON",13068,"CAD",2010,10,19,190,"CAD"]
["70-97230","PISTON",8930,"CAD",2009,10,170.5,1705,"CAD"]
["70-97230","PISTON",12798,"CAD",2010,10,21.3,213,"CAD"]
["70-97230","PISTON",12423,"CHR",2010,10,32.18,321.8,"CHR"]
["70-97230","PISTON",12632,"CND",2010,10,20.8,208,"CND"]
["70-97230","PISTON",12423,"CND1",2010,10,84,840,"CND1"]
["70-97230","PISTON",12510,"REC",2010,10,7.5220000000000002,75.22,"REC"]
["70-97230","PISTON",12047,"TTH830",2010,12,{"$f":"H1219/F1219","v":80.439166666666665},965.27,"TTH830"]
["70-97230R1","PISTON",13409,"CAD",2011,5,30.4,152,"CAD"]
["70-97230R1","PISTON",12995,"CHR",2010,5,25.2,126,"CHR"]
["70-97230R1","PISTON",13263,"CND",2011,5,26,130,"CND"]
["70-97230R1","PISTON",12995,"CND1",2010,5,183.352,916.76,"CND1"]
["70-97230R1","PISTON",13149,"REC",2010,5,26.322000000000003,131.61000000000001,"REC"]
["70-97230R1","PISTON",12701,"TTH",2010,6,5.6749999999999998,34.049999999999997,"TTH"]
["70-97242","VIS",19226,"CNDCAD",2013,4,206.25,825,"CND","CAD"]
["70-97242","VIS",18983,"TTH",2013,1,69.150000000000006,69.150000000000006,"TTH"]
["70-97246","VIS",10236,"COMPLET",2009,4,182.17250000000001,728.69,"COMP"]
["70-97246","VIS",18540,"COMPLET",2013,6,35.270000000000003,211.62,"COMP"]
["70-97253","BOUCHON",10459,"PELPAS",2009,5,125.75999999999999,628.79999999999995,"PEL","PAS"]
["70-97723","BOUCHON",9852,"COMPLETE",2009,22,2.313181818181818,50.89,"COMP"]
["70-97724","BOUCHON",11075,"OAS",2009,5,37.814,189.07,"OAS"]
["70-97724","BOUCHON",11075,"OAS",2010,5,202.602,1013.01,"OAS"]
["71-97221","EMBOUT DE LEVIER",11363,"CNDOAS",2010,31,1.1538709677419356,35.770000000000003,"CND","OAS"]
["71-97251","BOUCHON",15282,"PELPAS",2011,8,13.1,104.8,"PEL","PAS"]
["7-90966","CORPS",9361,"CNDOAS",2009,16,4.4712500000000004,71.540000000000006,"CND","OAS"]
["7-90966","CORPS",11869,"CNDOAS",2010,25,1.4308000000000001,35.770000000000003,"CND","OAS"]
["7-90966","CORPS",14581,"CNDOAS",2011,24,9.3895833333333325,225.35,"CND","OAS"]
["7-90966","CORPS",16044,"CNDOAS",2012,7,21.681428571428572,151.77000000000001,"CND","OAS"]
["7955-001","BOUCHON",9955,"OAC",2009,8,0,0,"OAC"]
["7-96151","EMBOUT",10352,"CNDBRU",2009,29,2.2413793103448274,65,"CND","BRU"]
["7-96151","EMBOUT",11280,"CNDBRU",2010,52,0.98269230769230775,51.1,"CND","BRU"]
["7-96151","EMBOUT",13920,"CNDBRU",2011,33,2.99,98.67,"CND","BRU"]
["8-94550","CLAVETTE A TALON",10872,"CADMSE",2009,6,20.833333333333332,125,"CAD"]
["8-94550","CLAVETTE A TALON",11985,"CADMSE",2010,22,10.472272727272726,230.39,"CAD"]
["8-94550","CLAVETTE A TALON",15474,"CADMSE",2011,207,0.38647342995169082,80,"CAD"]
["8-94550","CLAVETTE A TALON",18686,"CADMSE",2013,218,3.6394495412844035,793.4,"CAD"]
["90311-225","FOND",11800,"CNDOACPEI",2010,18,4.1505555555555551,74.709999999999994,"CND","OAC","PEI"]
["90312-5","FOND",11693,"CNDOAC",2010,20,9.5659999999999989,191.32,"CND","OAC"]
["90312-5","FOND",8751,"PEI",2009,7,5.7385714285714284,40.17,"PEI"]
["90312-5","FOND",11694,"PEI",2010,20,10.815000000000001,216.3,"PEI"]
["90312-5 EB","FOND",11403,"OAC",2010,7,17.528571428571428,122.7,"OAC"]
["90312-5 EB","FOND",15466,"OAC",2011,12,0,0,"OAC"]
["91240-8","PISTON",13407,"CNDOAC",2011,5,41.33,206.65,"CND","OAC"]
["91240-8","PISTON",13516,"CNDOAC",2011,5,41.31,206.55,"CND","OAC"]
["91240-8","PISTON",14911,"CNDOAC",2011,2,89.424999999999997,178.85,"CND","OAC"]
["91240-8","PISTON",17191,"CNDOAC",2012,59,0.60627118644067801,35.770000000000003,"CND","OAC"]
["91240-8","PISTON",18652,"CNDOAC",2013,15,16.692666666666664,250.39,"CND","OAC"]
["91240-8EB","PISTON",11483,"CND",2010,3,16.2,48.6,"CND"]
["91240-8EB","PISTON",18647,"CND",2013,11,148.20000000000002,1630.2,"CND"]
["91240-8EB","PISTON",18914,"CND",2013,20,54.39,1087.8,"CND"]
["91240-8R1","PISTON",11478,"CNDOAC",2010,4,8.9425000000000008,35.770000000000003,"CND","OAC"]
["91240-8R1","PISTON",13375,"CNDOAC",2011,9,45.307777777777773,407.77,"CND","OAC"]
["91240-8R1","PISTON",17192,"CNDOAC",2012,13,2.7515384615384617,35.770000000000003,"CND","OAC"]
["91243-5","PISTON",8799,"CNDOAC",2009,12,66.729166666666671,800.75,"CND","OAC"]
["91243-5","PISTON",9668,"CNDOAC",2009,21,7.3971428571428577,155.34,"CND","OAC"]
["91243-5","PISTON",10730,"CNDOAC",2009,20,2.1920000000000002,43.84,"CND","OAC"]
["91243-5","PISTON",10730,"CNDOAC",2009,20,1.7885000000000002,35.770000000000003,"CND","OAC"]
["91243-5","PISTON",10730,"CNDOAC",2009,15,7.5019999999999998,112.53,"CND","OAC"]
["91243-5","PISTON",12224,"CNDOAC",2010,10,20.591999999999999,205.92,"CND","OAC"]
["91243-5","PISTON",15932,"CNDOAC",2012,20,4.6500000000000004,93,"CND","OAC"]
["91243-5","PISTON",16531,"CNDOAC",2012,29,1.9172413793103449,55.6,"CND","OAC"]
["91243-5","PISTON",17622,"CNDOAC",2012,43,14.651162790697674,630,"CND","OAC"]
["91243-5","PISTON",18735,"CNDOAC",2013,25,10.015599999999999,250.39,"CND","OAC"]
["91243-5","PISTON",20469,"CNDOAC",2014,30,2.3846666666666669,71.540000000000006,"CND","OAC"]
["91243-5","PISTON",13334,"OAC",2011,20,4.9710000000000001,99.42,"OAC"]
["91243-5","PISTON",13335,"OAC",2011,20,2.044,40.880000000000003,"OAC"]
["91243-5","PISTON",14599,"OAC",2011,20,6.4590000000000005,129.18,"OAC"]
["91243-5","PISTON",15233,"OAC",2011,20,0,0,"OAC"]
["91244-2","PISTON",11523,"CNDOAC",2010,5,7.1540000000000008,35.770000000000003,"CND","OAC"]
["91244-2 EB","PISTON",13247,"CNDOAC",2011,13,2.7515384615384617,35.770000000000003,"CND","OAC"]
["91244-2 EB","PISTON",16920,"CNDOAC",2012,9,20.156666666666666,181.41,"CND","OAC"]
["91244-2 EB","PISTON",18902,"CNDOAC",2013,13,{"$f":"H1283/F1283","v":6.0530769230769232},78.69,"CND","OAC"]
["91244-2R1","PISTON",16243,"CNDOAC",2012,5,15.697999999999999,78.489999999999995,"CND","OAC"]
["91244-2R2","PISTON",9832,"CNDOAC",2009,3,199.5,598.5,"CND","OAC"]
["91244-2R3","PISTON",10025,"CNDOAC",2009,3,39.886666666666663,119.66,"CND","OAC"]
["95784-1","CONTRE-ECROU",15085,"CAD",2011,13,12.115384615384615,157.5,"CAD"]
["95784-1","CONTRE-ECROU",9515,"CAD",2009,19,3.7894736842105261,72,"CAD"]
["95784-1","CONTRE-ECROU",12545,"CAD",2010,12,7.5,90,"CAD"]
["95784-1","CONTRE-ECROU",14466,"TTH",2011,1,110.99,110.99,"TTH"]
["95784-1","CONTRE-ECROU",8824,"TTH",2009,1,48.05,48.05,"TTH"]
["95784-1","CONTRE-ECROU",12305,"TTH",2010,1,49,49,"TTH"]
["95794-8","RONDELLE",9285,"CAD",2009,701,9.2154065620542069E-2,64.599999999999994,"CAD"]
["95794-8","RONDELLE",12553,"CAD",2010,120,0,0,"CAD"]
["95794-8","RONDELLE",15429,"CAD",2011,119,1.0951260504201681,130.32,"CAD"]
["95794-8","RONDELLE",16805,"CAD",2012,110,0.45981818181818179,50.58,"CAD"]
["95794-8","RONDELLE",18786,"CAD",2013,238,0.4899159663865546,116.6,"CAD"]
["95794-8","RONDELLE",18205,"TTH",2013,8,59.5,476,"TTH"]
["9-79793","LEVIER",8928,"CND",2009,29,7.6413793103448278,221.6,"CND"]
["9-79793","LEVIER",9721,"CND",2009,40,4.8250000000000002,193,"CND"]
["9-79793","LEVIER",8938,"CNDMSE",2009,50,4.5069999999999997,225.35,"CND"]
["9-79793","LEVIER",9696,"CNDMSE",2009,83,0.50903614457831325,42.25,"CND"]
["9-79793","LEVIER",12396,"CNDMSE",2010,23,8.8708695652173919,204.03,"CND"]
["9-79793","LEVIER",13347,"CNDMSE",2011,45,7.79,350.55,"CND"]
["9-79793","LEVIER",17169,"CNDMSE",2012,32,2.7337500000000001,87.48,"CND"]
["9-79793","LEVIER",17170,"DETNITMSE",2012,32,0,0,"DET","NIT"]
["9-79793","LEVIER",9052,"DETNITMSE",2009,50,3.6792000000000002,183.96,"DET","NIT"]
["9-79793","LEVIER",9790,"DETNITMSE",2009,81,15.766543209876541,1277.0899999999999,"DET","NIT"]
["9-79793","LEVIER",9040,"NIT",2009,29,0,0,"NIT"]
["9-79793","LEVIER",9801,"NIT",2009,40,26.674250000000001,1066.97,"NIT"]
["9-79793","LEVIER",13348,"NITMSE",2011,45,1.1742222222222223,52.84,"NIT"]
["A10-58697","BOITIER",9698,"CAD",2009,7,26.72,187.04,"CAD"]
["A10-58697","BOITIER",15770,"CAD",2012,10,131.85,1318.5,"CAD"]
["A10-58697","BOITIER",9622,"CND",2009,7,55.142857142857146,386,"CND"]
["A10-58697","BOITIER",15649,"CND",2012,10,20.420999999999999,204.21,"CND"]
["A11-58697","BOITIER",9647,"CAD",2009,2,111.05500000000001,222.11,"CAD"]
["A11-58697","BOITIER",10394,"CAD",2009,6,33.121666666666663,198.73,"CAD"]
["A11-58697","BOITIER",9616,"CND",2009,2,212.46,424.92,"CND"]
["A11-58697","BOITIER",10321,"CND",2009,7,26.467142857142857,185.27,"CND"]
["A117-52702","RACLEUR",12719,"CND",2010,150,1.3866666666666667,208,"CND"]
["A117-52702","RACLEUR",12720,"ZING",2010,150,1.84,276,"ZING"]
["A117-52702R12","RACLEUR",15541,"ZING",2012,110,2.3690909090909091,260.60000000000002,"ZING"]
["A117-52702R12","RACLEUR",16118,"ZING",2012,117,2.2735042735042734,266,"ZING"]
["A117-52702R13","RACLEUR",16530,"ZING",2012,111,0.46450450450450453,51.56,"ZING"]
["A117-66600R3","BAGUE INTERIEURE",13820,"CND",2011,11,14.536363636363637,159.9,"CND"]
["A117-66600R3","BAGUE INTERIEURE",13621,"TTH",2011,12,44.322499999999998,531.87,"TTH"]
["A125-52702","RACLEUR",17361,"ZING",2012,22,6.5,143,"ZING"]
["A125-52702","RACLEUR",9191,"ZINGMSE",2009,37,1.4216216216216218,52.6,"ZING"]
["A125-52702","RACLEUR",18211,"ZINGMSE",2013,20,6.25,125,"ZING"]
["A125-66600","ROTULE",9908,"CNDMSE",2009,11,3.2518181818181819,35.770000000000003,"CND"]
["A125-66600","ROTULE",9635,"TTHMSE",2009,12,5.5683333333333325,66.819999999999993,"TTH"]
["A1-27248","RONDELLE",12835,"OAS",2010,27,37.518888888888888,1013.01,"OAS"]
["A1-27248","RONDELLE",17590,"OAS",2012,40,3.3592500000000003,134.37,"OAS"]
["A1-27249","COUPELLE",12945,"OAS",2010,16,11.87125,189.94,"OAS"]
["A1-27249","COUPELLE",17845,"OAS",2013,14,5.3492857142857142,74.89,"OAS"]
["A1-27910","SUPPORT DE DISQUE",20759,"TTH",2014,4,15.8475,63.39,"TTH"]
["A1-29090","BAGUE",14673,"CND",2011,13,14.846153846153847,193,"CND"]
["A1-29090","BAGUE",15330,"CND",2011,22,45.789090909090909,1007.36,"CND"]
["A1-29090","BAGUE",18760,"CND",2013,15,0,0,"CND"]
["A1-29090","BAGUE",14925,"TTH",2011,4,58.05,232.2,"TTH"]
["A1-29090","BAGUE",18492,"TTH",2013,2,70.575000000000003,141.15,"TTH"]
["A1-29090","BAGUE",14423,"TTH",2011,2,15.555,31.11,"TTH"]
["A1-29322","BARRETTE",9174,"CAD",2009,121,1.5702479338842976,190,"CAD"]
["A1-29322","BARRETTE",14335,"CNDCAD",2011,105,3.3054285714285712,347.07,"CND","CAD"]
["A1-29322","BARRETTE",16167,"CNDCAD",2012,50,144.072,7203.6,"CND","CAD"]
["A1-29480","ECROU",20758,"TTH",2014,1,27.15,27.15,"TTH"]
["A1-29509","COUPELLE",20393,"OAS",2014,36,{"$f":"H1347/F1347","v":17.659444444444446},635.74,"OAS"]
["A1-29509","COUPELLE",10569,"OAS",2009,22,22.610454545454544,497.43,"OAS"]
["A1-29509","COUPELLE",11749,"OAS",2010,12,14.986666666666666,179.84,"OAS"]
["A1-29509","COUPELLE",12067,"OAS",2010,15,6.9053333333333331,103.58,"OAS"]
["A1-29509","COUPELLE",13192,"OAS",2010,22,2.252272727272727,49.55,"OAS"]
["A1-29509","COUPELLE",13888,"OAS",2011,16,0,0,"OAS"]
["A1-29509","COUPELLE",15639,"OAS",2012,64,2.0623437500000001,131.99,"OAS"]
["A1-29509","COUPELLE",18145,"OAS",2013,34,3.0058823529411764,102.2,"OAS"]
["A1-29877","BAGUE PORTE FEUTRE",20895,"CND",2014,22,113.45454545454545,2496,"CND"]
["A1-29877","BAGUE PORTE FEUTRE",20525,"CNDOAS",2014,12,14.308333333333332,171.7,"CND","OAS"]
["A1-29877","BAGUE PORTE FEUTRE",20523,"CNDOAS",2014,11,3.2518181818181819,35.770000000000003,"CND","OAS"]
["A1-29877","BAGUE PORTE FEUTRE",20881,"CNDOAS",2014,12,2.9808333333333334,35.770000000000003,"CND","OAS"]
["A1-29877","BAGUE PORTE FEUTRE",10649,"CNDOAS",2009,22,1.625909090909091,35.770000000000003,"CND","OAS"]
["A1-29877","BAGUE PORTE FEUTRE",11981,"CNDOAS",2010,31,15.508064516129032,480.75,"CND","OAS"]
["A1-29877","BAGUE PORTE FEUTRE",15855,"CNDOAS",2012,22,28.636363636363637,630,"CND","OAS"]
["A1-29877","BAGUE PORTE FEUTRE",18753,"CNDOAS",2013,21,1.7033333333333336,35.770000000000003,"CND","OAS"]
["A1-29877","BAGUE PORTE FEUTRE",20522,"CNDOAS",2014,11,10.220000000000001,112.42,"CND","OAS"]
["A1-29877","BAGUE PORTE FEUTRE",10424,"OAS",2009,22,4.0763636363636371,89.68,"OAS"]
["A1-29877R1","BAGUE PORTE FEUTRE",15843,"CNDOAS",2012,22,57.272727272727273,1260,"CND","OAS"]
["A1-29877R1","BAGUE PORTE FEUTRE",10423,"OAS",2009,22,14.112727272727273,310.48,"OAS"]
["A1-29877R1","BAGUE PORTE FEUTRE",10650,"OAS",2009,22,1.625909090909091,35.770000000000003,"OAS"]
["A1-29877R4","BAGUE PORTE FEUTRE",20215,"CNDOAS",2014,5,10.364000000000001,51.82,"CND","OAS"]
["A1-29877R4","BAGUE PORTE FEUTRE",20215,"CNDOAS",2014,4,8.9425000000000008,35.770000000000003,"CND","OAS"]
["A1-29877R4","BAGUE PORTE FEUTRE",12865,"CNDOAS",2010,7,5.1100000000000003,35.770000000000003,"CND","OAS"]
["A1-30061","DOUILLE",17028,"CNDCAD",2012,10,95.87,958.7,"CND","CAD"]
["A1-30061","DOUILLE",19684,"CNDCAD",2013,4,13.15,52.6,"CND","CAD"]
["A1-30366","COURONNE D'ENTRAINEMENT",12537,"CNDCAD",2010,10,5.1100000000000003,51.1,"CND","CAD"]
["A1-30366","COURONNE D'ENTRAINEMENT",16417,"CNDCAD",2012,9,13.364444444444445,120.28,"CND","CAD"]
["A1-30366","COURONNE D'ENTRAINEMENT",20374,"CNDCAD",2014,3,215.85333333333332,647.55999999999995,"CND","CAD"]
["A1-30366 OP30","COURONNE D'ENTRAINEMENT",15914,"TTH",2012,10,12.498999999999999,124.99,"TTH"]
["A1-30366 OP30","COURONNE D'ENTRAINEMENT",19195,"TTH",2013,4,5.8875000000000002,23.55,"TTH"]
["A1-30366 OP30","COURONNE D'ENTRAINEMENT",12128,"TTH",2010,10,3.8180000000000001,38.18,"TTH"]
["A1-30378","BAGUE",13373,"CNDCAD",2011,8,991.82500000000005,7934.6,"CND","CAD"]
["A1-30378","BAGUE",20279,"CNDCAD",2014,8,12.3775,99.02,"CND","CAD"]
["A1-30382","ECROU",8368,"PEI",2009,7,10.299999999999999,72.099999999999994,"PEI"]
["A130-66600","BAGUE INTERIEURE",11364,"CND",2010,19,11.521052631578948,218.9,"CND"]
["A130-66600","BAGUE INTERIEURE",12906,"CNDNIT",2010,20,1.7885000000000002,35.770000000000003,"CND","NIT"]
["A130-66600","BAGUE INTERIEURE",11064,"TTH",2009,20,18.02,360.4,"TTH"]
["A130-66600","BAGUE INTERIEURE",12711,"TTH",2010,20,2.1105,42.21,"TTH"]
["A130-66600R1","BAGUE INTERIEURE",15201,"CNDNIT",2011,12,2.9808333333333334,35.770000000000003,"CND","NIT"]
["A130-66600R1","BAGUE INTERIEURE",15679,"CNDNIT",2012,33,1.5793939393939394,52.12,"CND","NIT"]
["A130-66600R1","BAGUE INTERIEURE",16921,"CNDNIT",2012,14,2.4092857142857143,33.729999999999997,"CND","NIT"]
["A130-66600R1","BAGUE INTERIEURE",18948,"CNDNIT",2013,13,28.301538461538463,367.92,"CND","NIT"]
["A130-66600R1","BAGUE INTERIEURE",14923,"TTH",2011,12,22.666666666666668,272,"TTH"]
["A130-66600R1","BAGUE INTERIEURE",15451,"TTH",2011,34,11.520588235294117,391.7,"TTH"]
["A130-66600R1","BAGUE INTERIEURE",16694,"TTH",2012,14,8.9292857142857152,125.01,"TTH"]
["A130-66600R1","BAGUE INTERIEURE",18763,"TTH",2013,14,0.71071428571428563,9.9499999999999993,"TTH"]
["A1-46402","BOUCHON DE PROTECTION",13904,"OAS",2011,70,1.863,130.41,"OAS"]
["A15-66600","BAGUE ROTULE",11514,"CND",2010,15,8.6666666666666661,130,"CND"]
["A15-66600","BAGUE ROTULE",15445,"CND",2011,14,12.062857142857142,168.88,"CND"]
["A15-66600","BAGUE ROTULE",15107,"TTH",2011,14,3.9642857142857144,55.5,"TTH"]
["A15-66600","BAGUE ROTULE",11281,"TTH",2010,15,1.5073333333333332,22.61,"TTH"]
["A1-59200R5","CAGE DE ROTULE",8746,"CNDDETCADMSE",2009,26,2.7515384615384617,71.540000000000006,"CND","DET","CAD"]
["A1-59285","BAGUE",10755,"CADMSE",2009,4,31.25,125,"CAD"]
["A1-59285","BAGUE",11369,"CADMSE",2010,12,10.416666666666666,125,"CAD"]
["A1-59285","BAGUE",13593,"CADMSE",2011,5,25,125,"CAD"]
["A1-59346","DIAPHRAGME",8900,"CNDMSE",2009,8,4.4712500000000004,35.770000000000003,"CND"]
["A1-59346EB","DIAPHRAGME",9245,"CNDMSE",2009,25,4.2923999999999998,107.31,"CND"]
["A1-59388","BAGUE",10754,"CADMSE",2009,4,128.89750000000001,515.59,"CAD"]
["A1-59388","BAGUE",11368,"CADMSE",2010,12,10.416666666666666,125,"CAD"]
["A1-59388","BAGUE",13595,"CADMSE",2011,3,101,303,"CAD"]
["A1-60218","CALE",12245,"OASMSE",2010,19,8.4757894736842108,161.04,"OAS"]
["A1-60219R3","FOND",16245,"CNDOAC",2012,12,3.2366666666666668,38.840000000000003,"CND","OAC"]
["A1-60495","BAGUE FILETEE",12310,"CND",2010,9,14.444444444444445,130,"CND"]
["A1-60495","BAGUE FILETEE",11702,"TTH",2010,2,{"$f":"H1411/F1411","v":12.675000000000001},25.35,"TTH"]
["A1-60495","BAGUE FILETEE",11385,"ZING",2010,2,26.3,52.6,"ZING"]
["A1-60495","BAGUE FILETEE",11385,"ZING",2010,3,70.333333333333329,211,"ZING"]
["A1-60495","BAGUE FILETEE",12311,"ZING",2010,9,26.222222222222221,236,"ZING"]
["A1-61169","CYLINDRE",11204,"CAD",2010,3,91.8,275.39999999999998,"CAD"]
["A1-61169","CYLINDRE",11159,"CND",2010,3,49.336666666666666,148.01,"CND"]
["A1-61169","CYLINDRE",10771,"TTH",2009,5,20.73,103.65,"TTH"]
["A1-61315EB","DOUILLE VERROUILLAGE",9190,"CND",2009,8,48.25,386,"CND"]
["A1-61315EB","DOUILLE VERROUILLAGE",8838,"TTH",2009,4,5.2575000000000003,21.03,"TTH"]
["A1-61315R5","DOUILLE VERROUILLAGE",13515,"CND",2011,3,488.25,1464.75,"CND"]
["A1-61315R5","DOUILLE VERROUILLAGE",13056,"TTH",2011,2,23.475000000000001,46.95,"TTH"]
["A1-61366","PISTON",10749,"OASMSE",2009,4,49.78,199.12,"OAS"]
["A1-64831","FOND",13501,"CNDOAC",2011,6,5.9616666666666669,35.770000000000003,"CND","OAC"]
["A1-64831","FOND",16028,"CNDOAC",2012,7,12.805714285714286,89.64,"CND","OAC"]
["A1-65109","RONDELLE",11555,"OASMSE",2010,11,18.09181818181818,199.01,"OAS"]
["A1-65223R1","PISTON",16061,"CND",2012,33,6.4848484848484844,214,"CND"]
["A1-65223R1","PISTON",17461,"CND",2012,30,2.7626666666666666,82.88,"CND"]
["A1-65223R3","PISTON",18310,"CND",2013,16,25.234999999999999,403.76,"CND"]
["A1-65224","FOND",9108,"CNDOAS",2009,12,6.5575000000000001,78.69,"CND","OAS"]
["A1-65224","FOND",12173,"CNDOAS",2010,36,17.011388888888888,612.41,"CND","OAS"]
["A1-65224","FOND",13942,"CNDOAS",2011,66,1.2325757575757574,81.349999999999994,"CND","OAS"]
["A1-65224","FOND",14991,"CNDOAS",2011,22,1.625909090909091,35.770000000000003,"CND","OAS"]
["A1-65224","FOND",17938,"CNDOAS",2013,34,1.0520588235294119,35.770000000000003,"CND","OAS"]
["A1-65431","BAGUE FILETEE",13753,"CAD",2011,12,5,60,"CAD"]
["A1-65431","BAGUE FILETEE",13055,"TTH",2010,2,22.145,44.29,"TTH"]
["A1-65440","FOND COTE TIGE",11558,"CNDOAS",2010,32,1.7884374999999999,57.23,"CND","OAS"]
["A1-65440","FOND COTE TIGE",14976,"CNDOAS",2011,9,15.625555555555556,140.63,"CND","OAS"]
["A1-65440","FOND COTE TIGE",17950,"CNDOAS",2013,5,14.715999999999999,73.58,"CND","OAS"]
["A1-65458","ECROU",13551,"OASMSE",2011,8,6.3875000000000002,51.1,"OAS"]
["A1-65576","MAMELON",10457,"OAS",2009,74,1.6162162162162161,119.6,"OAS"]
["A1-65576","MAMELON",10651,"OAS",2009,31,2.3077419354838713,71.540000000000006,"OAS"]
["A1-65576","MAMELON",15627,"OAS",2012,23,5.1100000000000003,117.53,"OAS"]
["A1-65576","MAMELON",10591,"OC",2009,43,4.6695348837209298,200.79,"OC"]
["A1-65611","COUVERCLE",10679,"CND",2009,5,38.6,193,"CND"]
["A1-65771","MANCHON",10949,"CND",2009,11,9.836363636363636,108.2,"CND"]
["A16-72137","RACCORD",13339,"PEL",2011,20,39.636000000000003,792.72,"PEL"]
["A16-72137","RACCORD",14902,"PEL",2011,3,440.18,1320.54,"PEL"]
["A16-72137","RACCORD",18056,"PEL",2013,17,9.8235294117647065,167,"PEL"]
["A1-69279","CORPS",13220,"CNDCAD",2011,2,772.68,1545.36,"CND","CAD"]
["A1-69460","CARTER",18705,"OAS",2013,17,38.47529411764706,654.08000000000004,"OAS"]
["A1-69460","CARTER",18837,"OAS",2013,17,0,0,"OAS"]
["A1-69460","CARTER",18837,"OAS",2013,-17,-27.431764705882351,466.34,"OAS"]
["A1-69460","CARTER",20577,"OAS",2014,20,23.201000000000001,464.02,"OAS"]
["A1-69460","CARTER",15369,"OAS",2011,9,21.63111111111111,194.68,"OAS"]
["A1-69460","CARTER",17228,"OAS",2012,18,13.598333333333334,244.77,"OAS"]
["A1-72305","CYLINDRE",9651,"CNDCAD",2009,13,100.19230769230769,1302.5,"CND","CAD"]
["A1-72305","CYLINDRE",14394,"CNDCAD",2011,21,45.653809523809528,958.73,"CND","CAD"]
["A1-72305","CYLINDRE",14674,"CNDCAD",2011,19,9.77,185.63,"CND","CAD"]
["A1-72305","CYLINDRE",15357,"CNDCAD",2011,18,4.3177777777777777,77.72,"CND","CAD"]
["A1-72305","CYLINDRE",18953,"CNDCAD",2013,5,34.204000000000001,171.02,"CND","CAD"]
["A1-72305","CYLINDRE",19076,"CNDCAD",2013,1,85.97,85.97,"CND","CAD"]
["A1-72305","CYLINDRE",20013,"CNDCAD",2014,16,28.69875,459.18,"CND","CAD"]
["A1-72305","CYLINDRE",9566,"REC",2009,13,32.261538461538457,419.4,"REC"]
["A1-72305","CYLINDRE",14220,"REC",2011,21,4.715238095238095,99.02,"REC"]
["A1-72305","CYLINDRE",14543,"REC",2011,19,21.807894736842105,414.35,"REC"]
["A1-72305","CYLINDRE",15274,"REC",2011,18,2.3888888888888888,43,"REC"]
["A1-72305","CYLINDRE",18669,"REC",2013,13,8.2830769230769228,107.68,"REC"]
["A1-72305","CYLINDRE",19795,"REC",2014,16,15.86125,253.78,"REC"]
["A1-72305","CYLINDRE",14871,"TTH",2011,18,7.318888888888889,131.74,"TTH"]
["A1-72305","CYLINDRE",18208,"TTH",2013,14,55.714285714285715,780,"TTH"]
["A1-72305","CYLINDRE",19052,"TTH",2013,18,3.2705555555555552,58.87,"TTH"]
["A1-72305","CYLINDRE",9010,"TTH",2009,15,1.3120000000000001,19.68,"TTH"]
["A1-72305","CYLINDRE",13896,"TTH",2011,23,1.4321739130434781,32.94,"TTH"]
["A1-72305","CYLINDRE",14342,"TTH",2011,21,0.79380952380952385,16.670000000000002,"TTH"]
["A1-72305","CYLINDRE",20824,"TTH",2014,8,{"$f":"H1475/F1475","v":6.3762499999999998},51.01,"TTH"]
["A1-72305","CYLINDRE",20865,"TTH",2014,23,1.5847826086956522,36.450000000000003,"TTH"]
["A1-72308","CHEMISE",8860,"CND",2009,20,6.5,130,"CND"]
["A1-72325","ECROU",15280,"OAS",2011,24,4.2583333333333337,102.2,"OAS"]
["A1-72325","ECROU",16101,"OAS",2012,11,4.6454545454545455,51.1,"OAS"]
["A1-72416","EMBOUT",16865,"OAS",2012,-3,-126.04666666666667,378.14,"OAS"]
["A1-72416","EMBOUT",16865,"OAS",2012,3,138.85666666666665,416.57,"OAS"]
["A1-72417","BAGUE",9562,"CND",2009,8,167.55375000000001,1340.43,"CND"]
["A1-72417","BAGUE",12789,"CND",2010,14,82.54285714285713,1155.5999999999999,"CND"]
["A1-72417","BAGUE",19131,"CND",2013,10,95.201999999999998,952.02,"CND"]
["A1-72417","BAGUE",9674,"NICK",2009,8,13.89875,111.19,"NICK"]
["A1-72417","BAGUE",12844,"NICK",2010,14,4.8542857142857141,67.959999999999994,"NICK"]
["A1-72417","BAGUE",19284,"NICK",2013,10,10.220000000000001,102.2,"NICK"]
["A1-72486","CORPS MASSE",19319,"CNDOAS",2013,5,25.754000000000001,128.77000000000001,"CND","OAS"]
["A1-72670","CAME EXCENTRIQUE",14711,"CNDNITAL",2011,14,1.2778571428571428,17.89,"CND","NIT"]
["A1-72670","CAME EXCENTRIQUE",15111,"CNDNITAL",2011,14,1.2778571428571428,17.89,"CND","NIT"]
["A1-72670","CAME EXCENTRIQUE",14605,"RECTIF",2011,14,8.0771428571428565,113.08,"RECTIF"]
["A1-72670","CAME EXCENTRIQUE",14966,"RECTIF",2011,14,0.79428571428571426,11.12,"RECTIF"]
["A1-72670","CAME EXCENTRIQUE",14755,"SABLAGE",2011,14,7.9292857142857143,111.01,"SAB"]
["A1-72670","CAME EXCENTRIQUE",15112,"SABLAGE",2011,14,9.3478571428571424,130.87,"SAB"]
["A1-72670","CAME EXCENTRIQUE",14764,"TTH",2011,14,14.542142857142858,203.59,"TTH"]
["A1-72670","CAME EXCENTRIQUE",14455,"TTH",2011,14,4.4792857142857141,62.71,"TTH"]
["A1-72679","ECROU",12177,"CNDOAS",2010,20,3.5770000000000004,71.540000000000006,"CND","OAS"]
["A1-72679","ECROU",14007,"CNDOAS",2011,28,1.2778571428571428,35.78,"CND","OAS"]
["A1-72679","ECROU",15641,"CNDOAS",2012,28,1.2775000000000001,35.770000000000003,"CND","OAS"]
["A1-72894","COUVERCLE",10537,"CNDOAC",2009,5,19.577999999999999,97.89,"CND","OAC"]
["A1-72894","COUVERCLE",11595,"CNDOAC",2010,2,52.01,104.02,"CND","OAC"]
["A1-72894","COUVERCLE",11724,"CNDOAC",2010,2,35.770000000000003,71.540000000000006,"CND","OAC"]
["A1-72894","COUVERCLE",10697,"OC",2009,4,104.6525,418.61,"OC"]
["A1-72894","COUVERCLE",11865,"OC",2010,2,34.034999999999997,68.069999999999993,"OC"]
["A1-73449","SUPPORT",12585,"CNDOAS",2010,28,1.3796428571428572,38.630000000000003,"CND","OAS"]
["A1-73495","BUTEE",12461,"PELPAS",2010,12,275.9733333333333,3311.68,"PEL","PAS"]
["A1-73495","BUTEE",14135,"PELPAS",2011,17,166.76470588235293,2835,"PEL","PAS"]
["A1-73495","BUTEE",16302,"PELPAS",2012,21,143.22666666666669,3007.76,"PEL","PAS"]
["A1-73819","CORPS",12237,"CNDOAS",2010,6,7.7666666666666666,46.6,"CND","OAS"]
["A1-73819","CORPS",12357,"PEI",2010,6,8.6866666666666656,52.12,"PEI"]
["A1-75970","EMBOUT",18924,"OAC",2013,8,11.61125,92.89,"OAC"]
["A1-76987","CORPS",9230,"CNDOAS",2009,6,21.285,127.71,"CND","OAS"]
["A1-76987","CORPS",15242,"CNDOAS",2011,6,5.9616666666666669,35.770000000000003,"CND","OAS"]
["A200-65226","RACCORD",9722,"CNDOAS",2009,8,4.4712500000000004,35.770000000000003,"CND","OAS"]
["A200-65226","RACCORD",19091,"CNDOAS",2013,22,8.1759090909090908,179.87,"CND","OAS"]
["A203-51942","FOND",13282,"CNDOAC",2011,5,7.1540000000000008,35.770000000000003,"CND","OAC"]
["A203-51942","FOND",15272,"CNDOAC",2011,14,2.5550000000000002,35.770000000000003,"CND","OAC"]
["A203-51942EB","FOND",18799,"CND",2013,6,304.245,1825.47,"CND"]
["A20-60359","BUTEE",13416,"CEM",2011,8,33.75,270,"CEM"]
["A20-60359","BUTEE",14130,"CEM",2011,6,20,120,"CEM"]
["A20-60359","BUTEE",14707,"CND",2011,6,35.18333333333333,211.1,"CND"]
["A20-60359","BUTEE",14098,"CND",2011,8,7.8125,62.5,"CND"]
["A20-60359","BUTEE",14037,"NITALDET",2011,8,25.32375,202.59,"NIT","DET","ET"]
["A20-60359","BUTEE",14707,"NITALDET",2011,6,15.5,93,"NIT","DET","ET"]
["A20-60359","BUTEE",13883,"RECTIF",2011,8,20.392499999999998,163.13999999999999,"RECTIF"]
["A20-60359","BUTEE",14606,"RECTIF",2011,6,16.5,99,"RECTIF"]
["A20-60359","BUTEE",13803,"TTH",2011,8,6.2062499999999998,49.65,"TTH"]
["A20-60359","BUTEE",14345,"TTH",2011,6,23.400000000000002,140.4,"TTH"]
["A209-52115","FOND",11574,"CNDOAC",2010,3,0,0,"CND","OAC"]
["A209-52115EB","FOND",18402,"CND",2013,2,390,780,"CND"]
["A216-54777","CORPS",18020,"CNDOAS",2013,4,10.4625,41.85,"CND","OAS"]
["A218-52115EB","FOND",20655,"CND",2014,2,63,126,"CND"]
["A225-52352","CORPS",20431,"CNDOAS",2014,15,10.336,155.04,"CND","OAS"]
["A225-52352","CORPS",20430,"CNDOAS",2014,15,71.581333333333333,1073.72,"CND","OAS"]
["A2-27120","ECROU",17626,"CNDOAS",2012,10,6.2960000000000003,62.96,"CND","OAS"]
["A2-29105","BAGUE",13914,"CNDCAD",2011,10,5.1100000000000003,51.1,"CND","CAD"]
["A2-29105R1","BAGUE",15949,"CAD",2012,6,16.29,97.74,"CAD"]
["A2-29105R2","BAGUE",15948,"CAD",2012,6,10.86,65.16,"CAD"]
["A2-29105R3","BAGUE",15947,"CAD",2012,7,{"$f":"H1539/F1539","v":23.271428571428572},162.9,"CAD"]
["A2-29582","ETRIER",16410,"CNDCAD",2012,18,17,306,"CND","CAD"]
["A2-29582","ETRIER",16943,"PEI",2012,5,4.12,20.6,"PEI"]
["A2-29582","ETRIER",16410,"PEI",2012,18,141.89999999999998,2554.1999999999998,"PEI"]
["A2-29582","ETRIER",16761,"PEI",2012,5,25.54,127.7,"PEI"]
["A251-58697","BOITIER",12168,"CAD",2010,4,51.5,206,"CAD"]
["A251-58697","BOITIER",12167,"CND",2010,4,208.98500000000001,835.94,"CND"]
["A2-52116EB","FOND",17565,"CND",2012,3,752.4,2257.1999999999998,"CND"]
["A25-66600","BAGUE ROTULE",20082,"CND",2014,4,49,196,"CND"]
["A25-66600","BAGUE ROTULE",19688,"TTH",2013,4,16.352499999999999,65.41,"TTH"]
["A2-58710","CHAPEAU",15647,"CAD",2012,17,39.705882352941174,675,"CAD"]
["A2-58874","CYLINDRE DE VERROUILLAGE",17326,"CAD",2012,5,32.224000000000004,161.12,"CAD"]
["A2-58874","CYLINDRE DE VERROUILLAGE",17867,"CAD",2013,2,65.16,130.32,"CAD"]
["A2-58874","CYLINDRE DE VERROUILLAGE",16478,"CHR",2012,7,11.142857142857142,78,"CHR"]
["A2-58874","CYLINDRE DE VERROUILLAGE",17325,"CHR",2012,2,63,126,"CHR"]
["A2-58874","CYLINDRE DE VERROUILLAGE",16477,"CND",2012,7,134.01857142857142,938.13,"CND"]
["A2-58874","CYLINDRE DE VERROUILLAGE",17094,"RECTIF",2012,5,19.8,99,"RECTIF"]
["A2-58874","CYLINDRE DE VERROUILLAGE",17715,"RECTIF",2013,2,49.51,99.02,"RECTIF"]
["A2-58874","CYLINDRE DE VERROUILLAGE",16148,"TTH",2012,9,6.7166666666666668,60.45,"TTH"]
["A2-59557","RONDELLE",10663,"CAD",2009,14,6.4285714285714288,90,"CAD"]
["A2-59557","RONDELLE",11288,"CNDCAD",2010,20,6.0140000000000002,120.28,"CND","CAD"]
["A2-59557","RONDELLE",12174,"CNDCAD",2010,11,177.54545454545453,1953,"CND","CAD"]
["A2-59557","RONDELLE",15324,"CNDCAD",2011,33,3.644848484848485,120.28,"CND","CAD"]
["A2-60581","ECROU",11100,"CND",2010,14,31.08642857142857,435.21,"CND"]
["A2-60581","ECROU",13479,"CND",2011,12,6.6616666666666662,79.94,"CND"]
["A2-60581","ECROU",14709,"CND",2011,13,14.846153846153847,193,"CND"]
["A2-60581","ECROU",18306,"CND",2013,14,36.89,516.46,"CND"]
["A2-61219",null,15414,"CND",2011,6,37.555,225.33,"CND"]
["A2-61219","PISTON",15228,"RECTIF",2011,6,16.501666666666669,99.01,"RECTIF"]
["A2-61219",null,15415,"SULF",2012,6,18.373333333333331,110.24,"SULF"]
["A2-61219","PISTON",14768,"TTH",2011,6,20.184999999999999,121.11,"TTH"]
["A2-61229","VOLANT",16731,"CAD",2012,13,3.2615384615384615,42.4,"CAD"]
["A2-61229","VOLANT",16412,"TAILLAGE",2012,13,8.5415384615384617,111.04,"TAIL"]
["A2-61229","VOLANT",15615,"TTH",2012,13,8.5361538461538462,110.97,"TTH"]
["A2-64833","BAGUE",12888,"CND",2010,10,13,130,"CND"]
["A2-64833","BAGUE",15114,"CND",2011,6,-70.5,-423,"CND"]
["A2-64833","BAGUE",15841,"CND",2012,18,11.833333333333334,213,"CND"]
["A2-64833","BAGUE",14822,"TTH",2011,1,112.61,112.61,"TTH"]
["A2-64833","BAGUE",15564,"TTH",2012,3,23.5,70.5,"TTH"]
["A2-64833","BAGUE",12705,"TTH",2010,2,13.375,26.75,"TTH"]
["A2-64833","BAGUE",13003,"ZING",2010,10,23.6,236,"ZING"]
["A2-64833","BAGUE",15115,"ZING",2011,6,4.8083333333333336,28.85,"ZING"]
["A2-64833","BAGUE",15842,"ZING",2012,18,14.47777777777778,260.60000000000002,"ZING"]
["A2-65225","EMBOUT A ROTULE",13020,"CNDCAD",2010,72,-13.052083333333334,-939.75,"CND","CAD"]
["A2-65225","EMBOUT A ROTULE",13569,"CNDCAD",2011,70,10.908571428571429,763.6,"CND","CAD"]
["A2-65225","EMBOUT",12777,"EB",2010,74,0,0,"EB"]
["A2-65225","EMBOUT",12778,"EB",2010,74,1.6193243243243243,119.83,"EB"]
["A2-65237","TIGE",14207,"CHR",2011,25,8.2859999999999996,207.15,"CHR"]
["A2-65237","TIGE",14207,"CND",2011,25,5.2,130,"CND"]
["A2-65237","TIGE",14703,"CND1",2011,25,56.991999999999997,1424.8,"CND1"]
["A2-65237","TIGE",14520,"REC",2011,25,3.9596,98.99,"REC"]
["A2-65237","TIGE",13799,"TTH",2011,25,1.248,31.2,"TTH"]
["A2-66299","CYLINDRE",11002,"CNDCAD",2009,1,39.47,39.47,"CND","CAD"]
["A2-66299","CYLINDRE",13201,"CNDCAD",2011,22,98.012727272727275,2156.2800000000002,"CND","CAD"]
["A2-66299","CYLINDRE",13663,"CNDCAD",2011,19,3.7115789473684209,70.52,"CND","CAD"]
["A2-66299","CYLINDRE",10661,"TTH",2009,1,63.39,63.39,"TTH"]
["A2-66299","CYLINDRE",12733,"TTH",2010,24,1.1575,27.78,"TTH"]
["A2-66299","CYLINDRE",13332,"TTH",2011,20,10.0825,201.65,"TTH"]
["A2-71928","SUPPORT DE NOYAU",8948,"CND",2009,32,7.7687499999999998,248.6,"CND"]
["A2-71928","SUPPORT DE NOYAU",10496,"CND",2009,3,50.933333333333337,152.80000000000001,"CND"]
["A2-71928","SUPPORT DE NOYAU",9217,"NICK",2009,28,0,0,"NICK"]
["A2-71928","SUPPORT DE NOYAU",10707,"NICK",2009,3,52.216666666666669,156.65,"NICK"]
["A2-71928","SUPPORT DE NOYAU",9051,"TTH",2009,29,0,0,"TTH"]
["A2-71928","SUPPORT DE NOYAU",10611,"TTH",2009,3,6.3,18.899999999999999,"TTH"]
["A2-72735","BUTEE",14505,"TTH",2011,120,{"$f":"H1603/F1603","v":0.92500000000000004},111,"TTH"]
["A2-73835","PALONNIER",9011,"CNDOAS",2009,11,3.2518181818181819,35.770000000000003,"CND","OAS"]
["A2-73835","PALONNIER",12156,"CNDOAS",2010,31,15.824516129032258,490.56,"CND","OAS"]
["A2-73835","PALONNIER",9012,"PEI",2009,11,35.559090909090905,391.15,"PEI"]
["A2-73835","PALONNIER",12157,"PEI",2010,31,1.1961290322580644,37.08,"PEI"]
["A2-74922","CHEMISE",15104,"CNDPHO",2011,7,0,0,"CND","PHO"]
["A2-74932R3","CHEMISE",16129,"CNDPEL",2012,4,8.9425000000000008,35.770000000000003,"CND","PEL"]
["A2-74932R3","CHEMISE",16333,"RECTIF",2012,4,24.747499999999999,98.99,"RECTIF"]
["A2-75722","PLAQUE",15686,"OAS",2012,8,14.69125,117.53,"OAS"]
["A2-76282","SUPPORT",14265,"OAS",2011,14,7.3,102.2,"OAS"]
["A2-76282",null,14266,"PEI",2011,14,1.4714285714285715,20.6,"PEI"]
["A2-76593","EMBOUT",18511,"CNDOAS",2013,7,5.1100000000000003,35.770000000000003,"CND","OAS"]
["A2-76593","EMBOUT",11600,"CNDOAS",2010,3,17.906666666666666,53.72,"CND","OAS"]
["A2-76593","EMBOUT",12123,"CNDOAS",2010,5,16.774000000000001,83.87,"CND","OAS"]
["A2-76593","EMBOUT",17664,"CNDOAS",2012,7,24.194285714285716,169.36,"CND","OAS"]
["A2-76861","RONDELLE",9602,"CNDPAS",2009,21,14.502857142857144,304.56,"CND","PAS"]
["A2-76861","RONDELLE",11206,"CNDPAS",2010,20,2.1179999999999999,42.36,"CND","PAS"]
["A2-76861","RONDELLE",11987,"CNDPAS",2010,23,2.4882608695652171,57.23,"CND","PAS"]
["A2-76861","RONDELLE",12038,"CNDPAS",2010,23,1.5552173913043479,35.770000000000003,"CND","PAS"]
["A27899","POUSSOIR MASSE",14753,"OAS",2011,24,2.7083333333333335,65,"OAS"]
["A2-84370","BRIDE",13017,"CNDCAD",2010,32,40.5546875,1297.75,"CND","CAD"]
["A28724","RONDELLE",11242,"OAS",2010,34,4.2529411764705882,144.6,"OAS"]
["A29300","RONDELLE DE BLOCAGE",15271,"CAD",2011,107,2.5031775700934578,267.83999999999997,"CAD"]
["A29300","RONDELLE DE BLOCAGE",17072,"CAD",2012,52,1.8269230769230769,95,"CAD"]
["A29300","RONDELLE DE BLOCAGE",20408,"CAD",2014,36,1.8733333333333333,67.44,"CAD"]
["A29301","ECROU DE BLOCAGE",14697,"CAD",2011,70,0,0,"CAD"]
["A29301","ECROU DE BLOCAGE",14914,"CAD",2011,70,2.1957142857142857,153.69999999999999,"CAD"]
["A29301","ECROU DE BLOCAGE",14422,"TTH",2011,3,7.25,21.75,"TTH"]
["A29321-4","CLAVETTE",18876,"CNDCAD",2013,94,9.7527659574468082,916.76,"CND","CAD"]
["A29321-4","CLAVETTE",18876,"CNDCAD",2013,1,1135.2,1135.2,"CND","CAD"]
["A29321-4","CLAVETTE",18876,"CNDCAD",2013,1,1976,1976,"CND","CAD"]
["A29321-4","CLAVETTE",18876,"CNDCAD",2014,1,669.57,669.57,"CND","CAD"]
["A29321-5","CLAVETTE",18876,"CNDCAD",2013,15,197.6,2964,"CND","CAD"]
["A29462","ECROU",14294,"CAD",2011,20,4.0545,81.09,"CAD"]
["A29462","ECROU",17605,"CAD",2012,15,4.4959999999999996,67.44,"CAD"]
["A29462","ECROU",18859,"CAD",2013,13,5.1876923076923074,67.44,"CAD"]
["A29473","NOYAU",13187,"CNDCHRBRU",2011,9,6.5844444444444443,59.26,"CND","CHR","BRU"]
["A29473","NOYAU",13761,"CNDCHRBRU",2011,9,13.898888888888889,125.09,"CND","CHR","BRU"]
["A29476","ECROU",13033,"OAC",2010,16,10.230625,163.69,"OAC"]
["A29476","ECROU",13172,"PEI",2010,13,2.773076923076923,36.049999999999997,"PEI"]
["A29572","PISTON DE VERROUILLAGE",13084,"CNDOAS",2010,71,1.1969014084507044,84.98,"CND","OAS"]
["A29572","PISTON DE VERROUILLAGE",15646,"CNDOAS",2012,66,0.54196969696969699,35.770000000000003,"CND","OAS"]
["A29572","PISTON DE VERROUILLAGE",16605,"CNDOAS",2012,54,2.5927777777777776,140.01,"CND","OAS"]
["A29586","BAGUE",10678,"CND",2009,12,16.083333333333332,193,"CND"]
["A29586","BAGUE",13088,"CND",2010,35,6.1714285714285717,216,"CND"]
["A29586","BAGUE",15083,"CND",2011,63,6.1269841269841274,386,"CND"]
["A29586","BAGUE",16772,"CND",2012,33,3.2424242424242422,107,"CND"]
["A29586","BAGUE",20281,"CND",2014,23,44.815217391304351,1030.75,"CND"]
["A29586","BAGUE",14676,"TTH",2011,64,2.3751562499999999,152.01,"TTH"]
["A29586","BAGUE",15977,"TTH",2012,33,1.2627272727272727,41.67,"TTH"]
["A29586","BAGUE",19585,"TTH",2013,23,1.3139130434782609,30.22,"TTH"]
["A29586","BAGUE",10018,"TTH",2009,12,2.3024999999999998,27.63,"TTH"]
["A29586","BAGUE",12794,"TTH",2010,35,0.97571428571428565,34.15,"TTH"]
["A29687","BAGUE MAITIEN RESSORT",17104,"CND",2013,33,3.8181818181818183,126,"CND"]
["A29687","BAGUE MAITIEN RESSORT",13039,"CND",2010,45,-3.4873333333333334,-156.93,"CND"]
["A29687","BAGUE MAITIEN RESSORT",15464,"CND",2011,170,1.1924705882352942,202.72,"CND"]
["A29687","BAGUE MAITIEN RESSORT",15029,"TTH",2011,170,0.65288235294117647,110.99,"TTH"]
["A29687","BAGUE MAITIEN RESSORT",16695,"TTH",2012,33,12.001818181818182,396.06,"TTH"]
["A29687","BAGUE MAITIEN RESSORT",12794,"TTH",2010,45,0.45377777777777784,20.420000000000002,"TTH"]
["A29709","BAGUE ENTRETOISE",13139,"CND",2010,64,1.3531249999999999,86.6,"CND"]
["A29709","BAGUE ENTRETOISE",15787,"CND",2012,56,3.8035714285714284,213,"CND"]
["A29709","BAGUE ENTRETOISE",18074,"CND",2013,58,52.569482758620694,3049.03,"CND"]
["A29882","COUPELLE",10846,"CNDOAS",2009,131,0.54610687022900772,71.540000000000006,"CND","OAS"]
["A29882","COUPELLE",11884,"OAS",2010,26,1.9653846153846155,51.1,"OAS"]
["A29882","COUPELLE",15879,"OAS",2012,16,{"$f":"H1667/F1667","v":35.499375000000001},567.99,"OAS"]
["A29882","COUPELLE",17439,"OAS",2012,11,108.42090909090911,1192.6300000000001,"OAS"]
["A29882","COUPELLE",19723,"OAS",2013,60,4.0846666666666671,245.08,"OAS"]
["A29898-1","SIEGE",10479,"CNDCAD",2009,13,4.3638461538461533,56.73,"CND","CAD"]
["A29898-1","SIEGE",12231,"CNDCAD",2010,3,17.033333333333335,51.1,"CND","CAD"]
["A30062","BAGUE",12745,"OAS",2010,38,0,0,"OAS"]
["A30191","CLAVETTE",10323,"CAD",2009,105,0.47619047619047616,50,"CAD"]
["A30191","CLAVETTE",10880,"CAD",2009,1062,0.13653483992467044,145,"CAD"]
["A30191","CLAVETTE",11339,"CAD",2010,353,0,0,"CAD"]
["A30191","CLAVETTE",16153,"CAD",2012,883,6.0022650056625139E-2,53,"CAD"]
["A30191","CLAVETTE",17071,"CAD",2012,44,0.96363636363636362,42.4,"CAD"]
["A30191","CLAVETTE",18758,"CAD",2013,457,0.92678336980306353,423.54,"CAD"]
["A30191","CLAVETTE",16854,"DECAD",2012,44,10.545454545454545,464,"DECAD"]
["A30191","CLAVETTE",15776,"TTH",2012,893,0.13998880179171333,125.01,"TTH"]
["A30191","CLAVETTE",18560,"TTH",2013,465,3.0301075268817205E-2,14.09,"TTH"]
["A30191","CLAVETTE",10053,"TTH",2009,108,0.47472222222222227,51.27,"TTH"]
["A30191","CLAVETTE",10528,"TTH",2009,1079,8.8721037998146429E-2,95.73,"TTH"]
["A30191","CLAVETTE",11090,"TTH",2009,360,4.7777777777777773E-2,17.2,"TTH"]
["A30328EB","BUTEE",12610,"CND",2010,87,5.8664367816091954,510.38,"CND"]
["A30328EB","BUTEE",16790,"CND",2012,20,16.8,336,"CND"]
["A30328EB","BUTEE",12611,"CUI",2010,87,0,0,"CUI"]
["A30328EB","BUTEE",16792,"CUI",2012,20,18.899999999999999,378,"CUI"]
["A30329EB","BUTEE",12612,"CND",2010,92,0.70652173913043481,65,"CND"]
["A30329EB","BUTEE",16789,"CND",2012,14,17.928571428571427,251,"CND"]
["A30329EB","BUTEE",12613,"CUI",2010,92,1.9668478260869564,180.95,"CUI"]
["A30329EB","BUTEE",16793,"CUI",2012,14,13.5,189,"CUI"]
["A30355","PISTON",12040,"CND",2010,14,9.2857142857142865,130,"CND"]
["A30355","PISTON",13726,"CND",2011,15,5.333333333333333,80,"CND"]
["A30355","PISTON",12041,"NICK",2010,13,2.7515384615384617,35.770000000000003,"NICK"]
["A30355","PISTON",13727,"NICK",2011,15,11.194666666666667,167.92,"NICK"]
["A30360","SECTEUR FIXE",19296,"CND",2013,33,68.511515151515155,2260.88,"CND"]
["A30360","SECTEUR FIXE",19419,"ZING",2013,33,31.424242424242426,1037,"ZING"]
["A30387","PORTE GARNITURE SIMPLE",9409,"CAD",2009,57,0,0,"CAD"]
["A30387","PORTE GARNITURE SIMPLE",11716,"CAD",2010,48,1.25,60,"CAD"]
["A30601","RONDELLE",9034,"CAD",2009,40,8.6999999999999993,348,"CAD"]
["A30601","RONDELLE",9035,"PEI",2009,40,1.1975,47.9,"PEI"]
["A30644","CHEMISE",14912,"CND",2011,300,1.2866666666666666,386,"CND"]
["A30644","CHEMISE",14907,"CND",2011,203,0.75270935960591134,152.80000000000001,"CND"]
["A30644","CHEMISE",15849,"CND",2012,214,0.66355140186915884,142,"CND"]
["A30644","CHEMISE",14908,"CUI",2011,203,0.25945812807881774,52.67,"CUI"]
["A30644","CHEMISE",14913,"CUI",2011,300,0.6169,185.07,"CUI"]
["A30644","CHEMISE",15850,"CUI",2012,214,0.16714953271028038,35.770000000000003,"CUI"]
["A30727","COUVERCLE",11020,"CAD",2009,65,0.88676923076923075,57.64,"CAD"]
["A30727","COUVERCLE",11393,"CAD",2010,105,1.4666666666666666,154,"CAD"]
["A30727","COUVERCLE",13248,"CAD",2011,110,1.0227272727272727,112.5,"CAD"]
["A30727","COUVERCLE",13248,"PEI",2011,110,2.1382727272727275,235.21,"PEI"]
["A30727","COUVERCLE",11021,"PEI",2010,65,2.4604615384615385,159.93,"PEI"]
["A30727","COUVERCLE",11394,"PEI",2010,105,0.77590476190476187,81.47,"PEI"]
["A30727","COUVERCLE",10602,"TTH",2009,65,0.82923076923076922,53.9,"TTH"]
["A30727","COUVERCLE",11065,"TTH",2009,106,0.37688679245283019,39.950000000000003,"TTH"]
["A30727","COUVERCLE",12304,"TTH",2010,110,0.22718181818181818,24.99,"TTH"]
["A31267","BAGUE",16686,"OC",2012,7,7.3,51.1,"OC"]
["A31268","MASSE D'EQUILIBRAGE",14269,"CAD",2011,10,9.5,95,"CAD"]
["A31268","MASSE D'EQUILIBRAGE",18534,"CAD",2013,15,10.662666666666667,159.94,"CAD"]
["A31268","MASSE D'EQUILIBRAGE",18922,"CAD",2013,33,1.7272727272727273,57,"CAD"]
["A31268","MASSE D'EQUILIBRAGE",14269,"PEI",2011,10,3.7079999999999997,37.08,"PEI"]
["A31324","BAGUE",16962,"CAD",2012,41,3.9297560975609755,161.12,"CAD"]
["A31324","BAGUE",17263,"DECADCAD",2012,41,3.3356097560975608,136.76,"DECAD","CAD"]
["A31325","RONDELLE DE BLOCAGE",16421,"CAD",2012,34,14.804705882352941,503.36,"CAD"]
["A31398R5","PISTON",11463,"CNDOAD",2010,49,0.73000000000000009,35.770000000000003,"CND","OAD"]
["A31398R5","PISTON",11914,"OCPEI",2010,49,3.2436734693877551,158.94,"OC","PEI"]
["A31442","RONDELLE",8719,"CAD",2009,106,0.84905660377358494,90,"CAD"]
["A31926-2","PISTON",10000,"CHR",2009,3,42,126,"CHR"]
["A31926-2","PISTON",14199,"CHR",2011,27,7.6296296296296298,206,"CHR"]
["A31926-2","PISTON",13830,"CND",2011,27,{"$f":"H1731/F1731","v":1.5333333333333332},41.4,"CND"]
["A31926-2","PISTON",9792,"CND",2009,5,187.95,939.75,"CND"]
["A31926-2","PISTON",8909,"PHO",2009,14,15.097142857142858,211.36,"PHO"]
["A31926-2","PISTON",10681,"PHO",2009,2,83.5,167,"PHO"]
["A31926-2","PISTON",15202,"PHO",2011,7,17.142857142857142,120,"PHO"]
["A31926-2","PISTON",15578,"PHO",2012,13,13.095384615384615,170.24,"PHO"]
["A31926-2","PISTON",9940,"RECTIF",2009,3,11.406666666666666,34.22,"RECTIF"]
["A31926-2","PISTON",14061,"RECTIF",2011,27,8.0588888888888892,217.59,"RECTIF"]
["A31926-2","PISTON",9834,"SHOT",2009,3,39.496666666666663,118.49,"SHO"]
["A31926-2","PISTON",13831,"SHOT",2011,27,4.1111111111111107,111,"SHO"]
["A31966-1","RONDELLE",12486,"CAD",2010,2684,3.0178837555886736E-2,81,"CAD"]
["A31966-1","RONDELLE",14538,"CAD",2011,2875,4.4243478260869565E-2,127.2,"CAD"]
["A31966-1","RONDELLE",16152,"CAD",2012,2845,2.7943760984182778E-2,79.5,"CAD"]
["A31966-1","RONDELLE",17183,"CAD",2012,2974,5.417619367854741E-2,161.12,"CAD"]
["A31966-1","RONDELLE",18545,"CAD",2013,3770,2.906896551724138E-2,109.59,"CAD"]
["A31966-1","RONDELLE",13719,"USI",2011,2885,1.1230502599653379E-2,32.4,"USI"]
["A31966-1","RONDELLE",20662,"USI",2014,2620,4.5419847328244271E-2,119,"USI"]
["A31966-1","RONDELLE",18298,"USI",2013,3770,1.0610079575596816E-2,40,"USI"]
["A31966-1","RONDELLE",16780,"USI",2012,2950,2.7118644067796612E-3,8,"USI"]
["A31966-1","RONDELLE",15877,"USI",2012,2850,0.12684210526315789,361.5,"USI"]
["A31994","PISTON",12052,"CNDOAC",2010,11,3.2518181818181819,35.770000000000003,"CND","OAC"]
["A32097","BAGUE IA63",14117,"CNDCAD",2011,59,1.0913559322033899,64.39,"CND","CAD"]
["A32097","BAGUE IA63",16135,"CNDCAD",2012,56,20.74285714285714,1161.5999999999999,"CND","CAD"]
["A32097","BAGUE IA63",19302,"CNDCAD",2013,105,0.97066666666666668,101.92,"CND","CAD"]
["A32097","BAGUE IA63",15616,"TTH",2012,7,16.204285714285714,113.43,"TTH"]
["A32097","BAGUE IA63",19011,"TTH",2013,14,3.6535714285714285,51.15,"TTH"]
["A32097","BAGUE IA63",13845,"TTH",2011,7,7.5357142857142856,52.75,"TTH"]
["A32107","MASSE D'EQUILIBRAGE",13941,"CAD",2011,46,2.8565217391304349,131.4,"CAD"]
["A32107","MASSE D'EQUILIBRAGE",18816,"CAD",2013,20,8.0560000000000009,161.12,"CAD"]
["A32107","MASSE D'EQUILIBRAGE",19398,"CAD",2013,18,2.2377777777777776,40.28,"CAD"]
["A32107","MASSE D'EQUILIBRAGE",20838,"CAD",2014,32,10.07,322.24,"CAD"]
["A32144","TOLE DE PROTECTION",18465,"OAS",2013,42,2.4333333333333336,102.2,"OAS"]
["A32144","TOLE DE PROTECTION",18625,"OAS",2013,31,1.1538709677419356,35.770000000000003,"OAS"]
["A32144","TOLE DE PROTECTION",18909,"OAS",2013,29,80.931034482758619,2347,"OAS"]
["A32144","TOLE DE PROTECTION",10778,"OAS",2009,25,2.044,51.1,"OAS"]
["A32144","TOLE DE PROTECTION",12608,"OAS",2010,45,0,0,"OAS"]
["A32144","TOLE DE PROTECTION",15989,"OAS",2012,55,0,0,"OAS"]
["A32149","BAGUE 2 PIECES",9765,"CAD",2009,59,1.3830508474576271,81.599999999999994,"CAD"]
["A32149","BAGUE 2 PIECES",12289,"CNDCAD",2010,73,0.82602739726027397,60.3,"CND","CAD"]
["A32149","BAGUE 2 PIECES",12693,"CNDCAD",2010,60,0.91983333333333328,55.19,"CND","CAD"]
["A32149","BAGUE 2 PIECES",13188,"CNDCAD",2010,60,47,2820,"CND","CAD"]
["A32149","BAGUE 2 PIECES",14213,"CNDCAD",2011,177,5.4336158192090398,961.75,"CND","CAD"]
["A32149","BAGUE 2 PIECES",15692,"CNDCAD",2012,119,0.8158823529411765,97.09,"CND","CAD"]
["A32149","BAGUE 2 PIECES",17429,"CNDCAD",2012,136,0.8970588235294118,122,"CND","CAD"]
["A32149","BAGUE 2 PIECES",20234,"CNDCAD",2014,95,16.63421052631579,1580.25,"CND","CAD"]
["A32150","RONDELLE",11581,"CAD",2010,129,1.4728682170542635,190,"CAD"]
["A32150","RONDELLE",12614,"CAD",2010,110,1.0909090909090908,120,"CAD"]
["A32150","RONDELLE",14148,"CAD",2011,260,0,0,"CAD"]
["A32150","RONDELLE",14156,"CAD",2011,351,0.86823361823361822,304.75,"CAD"]
["A32150","RONDELLE",16304,"CAD",2012,351,0.1623931623931624,57,"CAD"]
["A32150","RONDELLE",19970,"CAD",2014,180,2.5813333333333333,464.64,"CAD"]
["A32202","MASSE D'EQUILIBRAGE",9151,"CAD",2009,12,5,60,"CAD"]
["A32202","MASSE D'EQUILIBRAGE",12890,"CAD",2010,33,0,0,"CAD"]
["A32552","MODELE",10776,"CNDCAD",2009,2,25.55,51.1,"CND","CAD"]
["A32552","MODELE",10775,"CNDCAD",2009,5,48.04,240.2,"CND","CAD"]
["A32552","MODELE",13930,"CNDCAD",2011,43,11.401162790697674,490.25,"CND","CAD"]
["A32552","MODELE",16750,"CNDCAD",2012,46,20.369565217391305,937,"CND","CAD"]
["A32552","MODELE",19483,"CNDCAD",2013,48,1.7918750000000001,86.01,"CND","CAD"]
["A32552","BAGUE D'ARRET",16034,"TTH",2012,10,26.2,262,"TTH"]
["A32552","BAGUE D'ARRET",19194,"TTH",2013,11,4.9118181818181821,54.03,"TTH"]
["A32552","BAGUE D'ARRET",13532,"TTH",2011,9,3.4000000000000004,30.6,"TTH"]
["A32552","BAGUE D'ARRET",20451,"TTH",2014,9,45.599999999999994,410.4,"TTH"]
["A32598","CHEMISE",8867,"CAD",2009,109,0,0,"CAD"]
["A32598","CHEMISE",12649,"CNDCAD",2010,59,1.5018644067796609,88.61,"CND","CAD"]
["A32598","CHEMISE",14069,"CNDCAD",2011,101,{"$f":"H1795/F1795","v":2.1856435643564356},220.75,"CND","CAD"]
["A32598","CHEMISE",14685,"CNDCAD",2011,161,0.9597515527950311,154.52000000000001,"CND","CAD"]
["A32598","CHEMISE",17580,"CNDCAD",2012,154,0.40259740259740262,62,"CND","CAD"]
["A32598","CHEMISE",18061,"CNDCAD",2013,101,0.61425742574257425,62.04,"CND","CAD"]
["A32598","CHEMISE",20606,"CNDCAD",2014,58,9.5981034482758627,556.69000000000005,"CND","CAD"]
["A32598","CHEMISE",17301,"TTH",2012,22,7.8181818181818183,172,"TTH"]
["A32598","CHEMISE",17638,"TTH",2012,15,8.3333333333333339,125,"TTH"]
["A32628","RONDELLE",9690,"PELPAS",2009,232,32.256810344827585,7483.58,"PEL","PAS"]
["A32628","RONDELLE",10336,"PELPAS",2009,171,7.9672514619883046,1362.4,"PEL","PAS"]
["A32628","RONDELLE",13538,"PELPAS",2011,46,71.993043478260873,3311.68,"PEL","PAS"]
["A32628","RONDELLE",13561,"PELPAS",2011,231,14.290909090909091,3301.2,"PEL","PAS"]
["A32628","RONDELLE",14516,"PELPAS",2011,172,1.058779069767442,182.11,"PEL","PAS"]
["A32628","RONDELLE",15005,"PELPAS",2011,214,0.78037383177570097,167,"PEL","PAS"]
["A32628","RONDELLE",15476,"PELPAS",2012,238,0.92436974789915971,220,"PEL","PAS"]
["A32628","RONDELLE",20397,"PELPAS",2014,108,9.7037037037037047E-2,10.48,"PEL","PAS"]
["A32628","RONDELLE",20288,"PELPAS",2014,99,3.6327272727272728,359.64,"PEL","PAS"]
["A32628","RONDELLE",14675,"TTH",2011,55,7.1629090909090909,393.96,"TTH"]
["A32628","RONDELLE",15032,"TTH",2011,63,1.1976190476190476,75.45,"TTH"]
["A32628","RONDELLE",19459,"TTH",2013,30,2.0383333333333331,61.15,"TTH"]
["A32628","RONDELLE",20250,"TTH",2014,33,1.7772727272727273,58.65,"TTH"]
["A32628","RONDELLE",9256,"TTH",2009,59,1.0220338983050847,60.3,"TTH"]
["A32628","RONDELLE",9725,"TTH",2009,43,0.63139534883720927,27.15,"TTH"]
["A32628","RONDELLE",12793,"TTH",2010,12,1.1108333333333333,13.33,"TTH"]
["A32628","RONDELLE",13178,"TTH",2010,58,1.876551724137931,108.84,"TTH"]
["A32628","RONDELLE",14044,"TTH",2011,43,3.3523255813953488,144.15,"TTH"]
["A32628","RONDELLE",19437,"USI",2013,171,0.1023391812865497,17.5,"USI"]
["A32628","RONDELLE",19722,"USI",2014,108,1.1805555555555556,127.5,"USI"]
["A32628","RONDELLE",20452,"USI",2014,130,0.32307692307692309,42,"USI"]
["A32718","TOLE",11420,"OAC",2010,48,0.74520833333333336,35.770000000000003,"OAC"]
["A32718","TOLE",12272,"OAC",2010,128,1.915,245.12,"OAC"]
["A32718","TOLE",12563,"OAC",2010,48,6.1668750000000001,296.01,"OAC"]
["A32718","TOLE",13553,"OAC",2011,48,5.0077083333333334,240.37,"OAC"]
["A32718","TOLE",14089,"OAC",2011,32,16.8790625,540.13,"OAC"]
["A32718","TOLE",15900,"OAC",2012,48,2.1291666666666669,102.2,"OAC"]
["A32718","TOLE",19249,"OAC",2013,53,87.347169811320754,4629.3999999999996,"OAC"]
["A32718","TOLE",19259,"OAC",2013,29,0,0,"OAC"]
["A32719","BAGUE",14035,"CNDCAD",2011,34,1.5029411764705882,51.1,"CND","CAD"]
["A32719","BAGUE",16636,"CNDCAD",2012,22,5.4672727272727277,120.28,"CND","CAD"]
["A32719","BAGUE",18458,"CNDCAD",2013,14,12.215714285714286,171.02,"CND","CAD"]
["A32719","BAGUE",18460,"CNDCAD",2013,14,6.1428571428571432,86,"CND","CAD"]
["A32719","BAGUE",19208,"CNDCAD",2013,28,2.7142857142857144,76,"CND","CAD"]
["A32719","BAGUE",16111,"TTH",2012,4,24.487500000000001,97.95,"TTH"]
["A32719","BAGUE",18261,"TTH",2013,2,9.6750000000000007,19.350000000000001,"TTH"]
["A32719","BAGUE",18261,"TTH",2013,2,8.7750000000000004,17.55,"TTH"]
["A32719","BAGUE",18987,"TTH",2013,4,20.085000000000001,80.34,"TTH"]
["A32719","BAGUE",13622,"TTH",2011,5,9.83,49.15,"TTH"]
["A32724","SUPPORT",11137,"CNDOAC",2010,14,2.5550000000000002,35.770000000000003,"CND","OAC"]
["A32724","SUPPORT",12683,"CNDOAC",2010,53,0.67490566037735855,35.770000000000003,"CND","OAC"]
["A32724","SUPPORT",13603,"CNDOAC",2011,50,1.4308000000000001,71.540000000000006,"CND","OAC"]
["A32724","SUPPORT",15000,"CNDOAC",2011,14,2.5550000000000002,35.770000000000003,"CND","OAC"]
["A32724","SUPPORT",16893,"CNDOAC",2012,16,9.6449999999999996,154.32,"CND","OAC"]
["A32724","SUPPORT",18113,"CNDOAC",2013,26,12.67923076923077,329.66,"CND","OAC"]
["A32724","SUPPORT",12818,"CNDOACMSE",2010,10,195.3,1953,"CND","OAC"]
["A32724","SUPPORT",15001,"CNDOACMSE",2011,16,58.125,930,"CND","OAC"]
["A32724","SUPPORT",16121,"CNDOACMSE",2012,17,5.1194117647058821,87.03,"CND","OAC"]
["A32727","TIGE DE FRICTION",12299,"CHR",2010,249,1.6597590361445782,413.28,"CHR"]
["A32727","TIGE DE FRICTION",12609,"CHR",2010,373,0.32171581769436997,120,"CHR"]
["A32727","TIGE DE FRICTION",11377,"CHR",2010,182,0.69230769230769229,126,"CHR"]
["A32727","TIGE DE FRICTION",14354,"CHR",2011,251,0.47808764940239046,120,"CHR"]
["A32727","TIGE DE FRICTION",15725,"CHR",2012,351,0.35897435897435898,126,"CHR"]
["A32727","TIGE DE FRICTION",19024,"CHR",2013,300,0.74086666666666667,222.26,"CHR"]
["A32727","TIGE DE FRICTION",17100,"CHR",2012,189,0.71957671957671954,136,"CHR"]
["A32727","TIGE DE FRICTION",19987,"CHR",2014,322,2.2675155279503105,730.14,"CHR"]
["A32727","TIGE DE FRICTION",11376,"CNDPEL",2010,184,1.077336956521739,198.23,"CND","PEL"]
["A32727","TIGE DE FRICTION",12299,"CNDPEL",2010,249,{"$f":"H1859/F1859","v":0.31192771084337351},77.67,"CND","PEL"]
["A32727","TIGE DE FRICTION",12609,"CNDPEL",2010,373,0.3876943699731904,144.61000000000001,"CND","PEL"]
["A32727","TIGE DE FRICTION",14354,"CNDPEL",2011,251,0,0,"CND","PEL"]
["A32727","TIGE DE FRICTION",15579,"CNDPEL",2012,351,0.20381766381766384,71.540000000000006,"CND","PEL"]
["A32727","TIGE DE FRICTION",17100,"CNDPEL",2012,189,1.2491005291005293,236.08,"CND","PEL"]
["A32727","TIGE DE FRICTION",18845,"CNDPEL",2013,300,0.9811333333333333,294.33999999999997,"CND","PEL"]
["A32727","TIGE DE FRICTION",19738,"CNDPEL",2014,322,0.22217391304347828,71.540000000000006,"CND","PEL"]
["A32727","TIGE DE FRICTION",20666,"PAS",2014,321,0.26202492211838008,84.11,"PAS"]
["A32727","TIGE DE FRICTION",11778,"PAS",2010,147,1.5006122448979593,220.59,"PAS"]
["A32727","TIGE DE FRICTION",12629,"PAS",2010,247,2.1214574898785425,524,"PAS"]
["A32727","TIGE DE FRICTION",12982,"PAS",2010,373,0.13699731903485254,51.1,"PAS"]
["A32727","TIGE DE FRICTION",14702,"PAS",2011,250,0.55988000000000004,139.97,"PAS"]
["A32727","TIGE DE FRICTION",16105,"PAS",2012,350,0.66742857142857137,233.6,"PAS"]
["A32727","TIGE DE FRICTION",17646,"PAS",2012,187,4.7625668449197862,890.6,"PAS"]
["A32727","TIGE DE FRICTION",19295,"PAS",2013,296,0.8783783783783784,260,"PAS"]
["A32727","TIGE DE FRICTION",20322,"RECTIF",2014,321,5.3302180685358254E-2,17.11,"RECTIF"]
["A32727","TIGE DE FRICTION",17421,"RECTIF",2012,187,0.75395721925133696,140.99,"RECTIF"]
["A32727","TIGE DE FRICTION",19188,"RECTIF",2013,300,7.3133333333333342E-2,21.94,"RECTIF"]
["A32727","TIGE DE FRICTION",11624,"RECTIF",2010,182,0.54401098901098899,99.01,"RECTIF"]
["A32727","TIGE DE FRICTION",12504,"RECTIF",2010,249,0.39763052208835342,99.01,"RECTIF"]
["A32727","TIGE DE FRICTION",12842,"RECTIF",2010,373,0.26538873994638068,98.99,"RECTIF"]
["A32727","TIGE DE FRICTION",14501,"RECTIF",2011,250,0.39607999999999999,99.02,"RECTIF"]
["A32727","TIGE DE FRICTION",15952,"RECTIF",2012,351,0.50142450142450146,176,"RECTIF"]
["A32728","RONDELLE",13775,"CAD",2011,169,0.53254437869822491,90,"CAD"]
["A32728","RONDELLE",13775,"CAD",2011,135,9.8222222222222229,1326,"CAD"]
["A32728","RONDELLE",13775,"CAD",2011,168,0.23214285714285715,39,"CAD"]
["A32728","RONDELLE",15022,"CAD",2011,370,1.2034594594594594,445.28,"CAD"]
["A32728","RONDELLE",17119,"CAD",2012,379,0.11187335092348284,42.4,"CAD"]
["A32728","RONDELLE",18092,"CAD",2013,177,1.1378531073446327,201.4,"CAD"]
["A32728","RONDELLE",19088,"CAD",2013,544,0.27849264705882354,151.5,"CAD"]
["A32728","RONDELLE",19540,"CAD",2013,229,0.36812227074235809,84.3,"CAD"]
["A32728","RONDELLE",19182,"USI",2013,233,11.6137339055794,2706,"USI"]
["A32728-1","RONDELLE",10966,"CAD",2009,60,2.4166666666666665,145,"CAD"]
["A32728-1","RONDELLE",12274,"CAD",2010,460,6.5217391304347824E-2,30,"CAD"]
["A32728-1","RONDELLE",12513,"CAD",2010,578,9.6885813148788927E-2,56,"CAD"]
["A32728-1","RONDELLE",14985,"CAD",2011,80,2.0362499999999999,162.9,"CAD"]
["A32728-1","RONDELLE",14984,"CAD",2011,440,0.12045454545454545,53,"CAD"]
["A32728-1","RONDELLE",16830,"CAD",2012,380,0.25,95,"CAD"]
["A32729","SUPPORT",11146,"OAC",2010,27,1.3248148148148149,35.770000000000003,"OAC"]
["A32729","SUPPORT",12361,"OAC",2010,17,6.0117647058823529,102.2,"OAC"]
["A32729","SUPPORT",15327,"OAC",2011,17,18.852941176470587,320.5,"OAC"]
["A32729","SUPPORT",17563,"OAC",2012,17,3.2588235294117647,55.4,"OAC"]
["A32729","SUPPORT",19003,"OAC",2013,32,3.25,104,"OAC"]
["A32833","AXE D'ALIMENTATION",12532,"CNDPAS",2010,62,0.57693548387096782,35.770000000000003,"CND","PAS"]
["A32833","AXE D'ALIMENTATION",12318,"PEL",2010,64,15.317500000000001,980.32,"PEL"]
["A32833","AXE D'ALIMENTATION",12319,"RECTIF",2010,64,1.546875,99,"RECTIF"]
["A3-28753","COUVERCLE",20920,"CNDOAS",2014,19,1.8821052631578947,35.76,"CND","OAS"]
["A3-28753","COUVERCLE",14136,"CNDOAS",2011,23,5.1100000000000003,117.53,"CND","OAS"]
["A3-28753","COUVERCLE",15799,"CNDOAS",2012,56,0.63875000000000004,35.770000000000003,"CND","OAS"]
["A3-28753","COUVERCLE",16336,"CNDOAS",2012,107,4.8878504672897201,523,"CND","OAS"]
["A3-28753","COUVERCLE",20830,"CNDOAS",2014,19,3.7652631578947373,71.540000000000006,"CND","OAS"]
["A32926","BAGUE",10260,"OAC",2009,10,15.044,150.44,"OAC"]
["A32926","BAGUE",12868,"OAC",2010,46,3.9993478260869564,183.97,"OAC"]
["A32926","BAGUE",15164,"OAC",2011,40,96.474999999999994,3859,"OAC"]
["A32957","ETRIER",12089,"CAD",2010,335,0.53731343283582089,180,"CAD"]
["A32957","ETRIER",12752,"CAD",2010,995,0.32363819095477386,322.02,"CAD"]
["A32957","ETRIER",14611,"CAD",2011,1147,0.58456843940714909,670.5,"CAD"]
["A32957","ETRIER",15716,"CAD",2012,255,7.6941176470588237,1962,"CAD"]
["A32957","ETRIER",16633,"CAD",2012,275,0.72363636363636363,199,"CAD"]
["A32957","ETRIER",17005,"CAD",2012,226,0.66814159292035402,151,"CAD"]
["A32957","ETRIER",17323,"CAD",2012,219,0.54794520547945202,120,"CAD"]
["A32957","ETRIER",17388,"CAD",2012,289,0.56401384083044981,163,"CAD"]
["A32957","ETRIER",17552,"CAD",2012,228,0.64035087719298245,146,"CAD"]
["A32957","ETRIER",18151,"CAD",2013,294,0.75850340136054417,223,"CAD"]
["A32957","ETRIER",20595,"CAD",2014,345,{"$f":"H1923/F1923","v":0.34782608695652173},120,"CAD"]
["A32957","ETRIER",20945,"CNDPAS",2014,207,0.17280193236714977,35.770000000000003,"CND","PAS"]
["A32957","ETRIER",12088,"CNDPAS",2010,335,0.14949253731343284,50.08,"CND","PAS"]
["A32957","ETRIER",12751,"CNDPAS",2010,995,0,0,"CND","PAS"]
["A32957","ETRIER",14517,"CNDPAS",2011,1306,0.11072741194486985,144.61000000000001,"CND","PAS"]
["A32957","ETRIER",15524,"CNDPAS",2012,255,1.9401960784313725,494.75,"CND","PAS"]
["A32957","ETRIER",16501,"CNDPAS",2012,275,7.3933454545454547,2033.17,"CND","PAS"]
["A32957","ETRIER",17004,"CNDPAS",2012,226,0,0,"CND","PAS"]
["A32957","ETRIER",17322,"CNDPAS",2012,219,0.32666666666666672,71.540000000000006,"CND","PAS"]
["A32957","ETRIER",17387,"CNDPAS",2012,289,0.15539792387543253,44.91,"CND","PAS"]
["A32957","ETRIER",17350,"CNDPAS",2012,228,0.56657894736842107,129.18,"CND","PAS"]
["A32957","ETRIER",18150,"CNDPAS",2013,294,0,0,"CND","PAS"]
["A32957","ETRIER",20287,"CNDPAS",2014,345,12.519014492753625,4319.0600000000004,"CND","PAS"]
["A32957","ETRIER",10165,"PASCAD",2009,630,0.40476190476190477,255,"PAS","CAD"]
["A32957","ETRIER",13567,"USI",2011,1350,2.4666666666666663E-2,33.299999999999997,"USI"]
["A32957","ETRIER",16780,"USI",2012,233,7.9828326180257522E-2,18.600000000000001,"USI"]
["A32957","ETRIER",16981,"USI",2012,292,0.5547945205479452,162,"USI"]
["A32957","ETRIER",20072,"USI",2014,300,0.08,24,"USI"]
["A32957","ETRIER",20071,"USI",2014,210,2.3300952380952382,489.32,"USI"]
["A32957","ETRIER",16506,"USI",2012,233,4.5836909871244634E-2,10.68,"USI"]
["A32957","ETRIER",16533,"USI",2012,233,8.2618025751072965E-2,19.25,"USI"]
["A32957","ETRIER",17465,"USI",2012,302,0.16556291390728478,50,"USI"]
["A32957","ETRIER",19177,"USI",2013,356,1.3356741573033708,475.5,"USI"]
["A32957","ETRIER",15874,"USI",2012,280,2.3285714285714287,652,"USI"]
["A32961","TOLE POUR STOCKAGE",9785,"OAS",2009,59,4.8345762711864406,285.24,"OAS"]
["A32961","TOLE POUR STOCKAGE",12199,"OAS",2010,131,0.42290076335877863,55.4,"OAS"]
["A32961","TOLE POUR STOCKAGE",12350,"OAS",2010,129,0,0,"OAS"]
["A32961","TOLE POUR STOCKAGE",14994,"OAS",2011,126,0,0,"OAS"]
["A32961","TOLE POUR STOCKAGE",16629,"OAS",2012,126,0.40555555555555556,51.1,"OAS"]
["A32964","TOLE POUR STOCKAGE",10933,"OAS",2009,64,3.8804687499999999,248.35,"OAS"]
["A32964","TOLE POUR STOCKAGE",12007,"OAS",2010,165,0.21678787878787881,35.770000000000003,"OAS"]
["A32964","TOLE POUR STOCKAGE",13512,"OAS",2011,71,0,0,"OAS"]
["A32964","TOLE POUR STOCKAGE",16617,"OAS",2012,75,0.68133333333333335,51.1,"OAS"]
["A32967","RONDELLE DE BLOCAGE",9179,"CAD",2009,18,3.3333333333333335,60,"CAD"]
["A32967","RONDELLE DE BLOCAGE",15328,"CAD",2011,14,17.262857142857143,241.68,"CAD"]
["A32982","ENTRETOISE",19185,"OAC",2013,81,1.392962962962963,112.83,"OAC"]
["A32982","ENTRETOISE",20684,"OAC",2014,55,18.263636363636362,1004.5,"OAC"]
["A32982","ENTRETOISE",9432,"OAC",2009,52,7.1932692307692312,374.05,"OAC"]
["A32982","ENTRETOISE",10432,"OAC",2009,41,1.2463414634146341,51.1,"OAC"]
["A32982","ENTRETOISE",11747,"OAC",2010,52,0.99249999999999994,51.61,"OAC"]
["A32982","ENTRETOISE",12576,"OAC",2010,62,0.8241935483870968,51.1,"OAC"]
["A32982","ENTRETOISE",13454,"OAC",2011,42,21.822142857142858,916.53,"OAC"]
["A32982","ENTRETOISE",14358,"OAC",2011,65,0.77046153846153842,50.08,"OAC"]
["A32982","ENTRETOISE",15555,"OAC",2012,64,0.55890625000000005,35.770000000000003,"OAC"]
["A32982","ENTRETOISE",16669,"OAC",2012,93,1.5165591397849461,141.04,"OAC"]
["A32982","ENTRETOISE",17894,"OAC",2013,80,1.9213750000000001,153.71,"OAC"]
["A32982","ENTRETOISE",15557,"PEINT",2012,64,2.609375,167,"PEI"]
["A32982","ENTRETOISE",14359,"PEINT",2011,65,13.196,857.74,"PEI"]
["A32982","ENTRETOISE",16670,"PEINT",2012,93,35.947526881720428,3343.12,"PEI"]
["A32982","ENTRETOISE",17895,"PEINT",2013,80,3.8722499999999997,309.77999999999997,"PEI"]
["A32982","ENTRETOISE",20684,"PEINT",2014,55,10.309090909090909,567,"PEI"]
["A32982","ENTRETOISE",9433,"PEINT",2009,52,7.8123076923076926,406.24,"PEI"]
["A32982","ENTRETOISE",10433,"PEINT",2009,41,4.0731707317073171,167,"PEI"]
["A32982","ENTRETOISE",11748,"PEINT",2010,52,38.090769230769233,1980.72,"PEI"]
["A32982","ENTRETOISE",12577,"PEINT",2010,62,14.459516129032258,896.49,"PEI"]
["A32982","ENTRETOISE",13455,"PEINT",2011,42,7.6709523809523814,322.18,"PEI"]
["A32982","ENTRETOISE",20193,"USI",2014,93,0.29731182795698924,27.65,"USI"]
["A3-29856","PLAQUETTE DE FREIN",16961,"CNDCAD",2012,18,6.7777777777777777,122,"CND","CAD"]
["A3-29856","PLAQUETTE DE FREIN",17466,"CNDCAD",2012,136,6.3654411764705889,865.7,"CND","CAD"]
["A3-29856","PLAQUETTE DE FREIN",19924,"CNDCAD",2014,29,49.655172413793103,1440,"CND","CAD"]
["A33010","COUVERCLE DU BOITIER",15136,"CAD",2011,53,1.0188679245283019,54,"CAD"]
["A33010","COUVERCLE DU BOITIER",8675,"CAD",2009,18,12.444444444444445,224,"CAD"]
["A33010","COUVERCLE DU BOITIER",8675,"CAD",2009,18,10.555555555555555,190,"CAD"]
["A33010","COUVERCLE DU BOITIER",11063,"CAD",2010,35,1.4285714285714286,50,"CAD"]
["A33010","COUVERCLE DU BOITIER",13827,"CAD",2011,58,{"$f":"H1987/F1987","v":1.1724137931034482},68,"CAD"]
["A33010","COUVERCLE DU BOITIER",14161,"CAD",2011,13,3.4099999999999997,44.33,"CAD"]
["A33010","COUVERCLE DU BOITIER",14977,"CAD",2011,53,0.15905660377358491,8.43,"CAD"]
["A33010","COUVERCLE DU BOITIER",15312,"CAD",2011,53,1.7924528301886793,95,"CAD"]
["A33010","COUVERCLE DU BOITIER",16897,"CAD",2012,21,2.5238095238095237,53,"CAD"]
["A33010","COUVERCLE DU BOITIER",17832,"CAD",2013,15,10.741333333333333,161.12,"CAD"]
["A33010","COUVERCLE DU BOITIER",19184,"CAD",2013,10,9.5,95,"CAD"]
["A33011","BOITIER",9196,"CNDCAD",2009,20,0.98650000000000004,19.73,"CND","CAD"]
["A33011","BOITIER",10889,"CNDCAD",2009,81,38.495061728395058,3118.1,"CND","CAD"]
["A33011","BOITIER",11057,"CNDCAD",2010,79,0.78481012658227844,62,"CND","CAD"]
["A33011","BOITIER",15161,"CNDCAD",2011,11,4.6463636363636365,51.11,"CND","CAD"]
["A33011","BOITIER",15772,"CNDCAD",2012,71,1.9140845070422536,135.9,"CND","CAD"]
["A33011","BOITIER",17529,"DETCNDCAD",2012,26,3.833076923076923,99.66,"DET","CND","CAD"]
["A33011","BOITIER",18954,"DETCNDCAD",2013,14,4.5550000000000006,63.77,"DET","CND","CAD"]
["A33127-1","CLAVETTE",8942,"OAT",2009,203,3.7525123152709359,761.76,"OAT"]
["A33127-1","CLAVETTE",8964,"OAT",2009,210,0.24333333333333335,51.1,"OAT"]
["A33127-1","CLAVETTE",9269,"OAT",2009,413,0.25358353510895887,104.73,"OAT"]
["A33127-1","CLAVETTE",9443,"OAT",2009,110,0.46454545454545454,51.1,"OAT"]
["A33127-1","CLAVETTE",9484,"OAT",2009,412,0.12898058252427186,53.14,"OAT"]
["A33127-1","CLAVETTE",10544,"OAT",2009,414,0.39958937198067634,165.43,"OAT"]
["A33127-1","CLAVETTE",10682,"OAT",2009,706,0.14475920679886686,102.2,"OAT"]
["A33127-1","CLAVETTE",10704,"OAT",2009,210,0.61952380952380948,130.1,"OAT"]
["A33127-1","CLAVETTE",10965,"OAT",2009,410,0.24926829268292683,102.2,"OAT"]
["A33127-1","CLAVETTE",11098,"OAT",2010,522,9.7892720306513414E-2,51.1,"OAT"]
["A33127-1","CLAVETTE",11229,"OAT",2010,122,0.43959016393442624,53.63,"OAT"]
["A33127-1","CLAVETTE",11225,"OAT",2010,424,0.12648584905660379,53.63,"OAT"]
["A33127-1","CLAVETTE",11449,"OAT",2010,633,8.4723538704581366E-2,53.63,"OAT"]
["A33127-1","CLAVETTE",11756,"OAT",2010,500,0.10726000000000001,53.63,"OAT"]
["A33127-1","CLAVETTE",11895,"OAT",2010,500,0.1022,51.1,"OAT"]
["A33127-1","CLAVETTE",11962,"OAT",2010,514,9.9416342412451369E-2,51.1,"OAT"]
["A33127-1","CLAVETTE",12057,"OAT",2010,800,6.3875000000000001E-2,51.1,"OAT"]
["A33127-1","CLAVETTE",12146,"OAT",2010,555,0.17679279279279281,98.12,"OAT"]
["A33127-1","CLAVETTE",12512,"OAT",2010,503,0.10159045725646124,51.1,"OAT"]
["A33127-1","CLAVETTE",12617,"OAT",2010,418,0.1222488038277512,51.1,"OAT"]
["A33127-1","CLAVETTE",12951,"OAT",2010,500,0.11081999999999999,55.41,"OAT"]
["A33127-1","CLAVETTE",13164,"OAT",2010,600,8.5166666666666668E-2,51.1,"OAT"]
["A33127-1","CLAVETTE",13261,"OAT",2011,303,0.27759075907590758,84.11,"OAT"]
["A33127-1","CLAVETTE",13440,"OAT",2011,507,0.10078895463510848,51.1,"OAT"]
["A33127-1","CLAVETTE",13555,"OAT",2011,311,0.2159163987138264,67.150000000000006,"OAT"]
["A33127-1","CLAVETTE",13695,"OAT",2011,212,0.37740566037735851,80.010000000000005,"OAT"]
["A33127-1","CLAVETTE",13755,"OAT",2011,107,1.805233644859813,193.16,"OAT"]
["A33127-1","CLAVETTE",13918,"OAT",2011,309,0.18126213592233009,56.01,"OAT"]
["A33127-1","CLAVETTE",13988,"OAT",2011,296,0.2483108108108108,73.5,"OAT"]
["A33127-1","CLAVETTE",14255,"OAT",2011,400,0.40649999999999997,162.6,"OAT"]
["A33127-1","CLAVETTE",14322,"OAT",2011,107,0.4981308411214953,53.3,"OAT"]
["A33127-1","CLAVETTE",14308,"OAT",2011,200,0.46689999999999998,93.38,"OAT"]
["A33127-1","CLAVETTE",14407,"OAT",2011,400,1.7374000000000001,694.96,"OAT"]
["A33127-1","CLAVETTE",14498,"OAT",2011,420,0.63266666666666671,265.72000000000003,"OAT"]
["A33127-1","CLAVETTE",14655,"OAT",2011,493,0.41600405679513186,205.09,"OAT"]
["A33127-1","CLAVETTE",14807,"OAT",2011,306,0.3339869281045752,102.2,"OAT"]
["A33127-1","CLAVETTE",14956,"OAT",2011,711,0.15524613220815753,110.38,"OAT"]
["A33127-1","CLAVETTE",15044,"OAT",2011,512,0.15203125000000001,77.84,"OAT"]
["A33127-1","CLAVETTE",15225,"OAT",2011,624,8.1891025641025642E-2,51.1,"OAT"]
["A33127-1","CLAVETTE",15810,"OAT",2012,800,0.15361250000000001,122.89,"OAT"]
["A33127-1","CLAVETTE",16004,"OAT",2012,415,1.4423614457831326,598.58000000000004,"OAT"]
["A33127-1","CLAVETTE",16229,"OAT",2012,104,1.9482692307692309,202.62,"OAT"]
["A33127-1","CLAVETTE",16228,"OAT",2012,115,0.44434782608695655,51.1,"OAT"]
["A33127-1","CLAVETTE",16260,"OAT",2012,315,0.16222222222222224,51.1,"OAT"]
["A33127-1","CLAVETTE",17047,"OAT",2012,411,0.12433090024330901,51.1,"OAT"]
["A33127-1","CLAVETTE",17158,"OAT",2012,512,0.22425781249999999,114.82,"OAT"]
["A33127-1","CLAVETTE",17374,"OAT",2012,409,0.12493887530562348,51.1,"OAT"]
["A33127-1","CLAVETTE",17527,"OAT",2012,519,0.32934489402697498,170.93,"OAT"]
["A33127-1","CLAVETTE",17896,"OAT",2013,468,0.13382478632478634,62.63,"OAT"]
["A33127-1R1","CLAVETTE",14144,"OAT",2011,41,0,0,"OAT"]
["A33127-1R2","CLAVETTE",19594,"OAT",2013,11,{"$f":"H2051/F2051","v":15.039090909090909},165.43,"OAT"]
["A33235","PISTON",10615,"CHR",2009,51,2.5490196078431371,130,"CHR"]
["A33235","PISTON",11529,"CHR",2010,35,6.5257142857142858,228.4,"CHR"]
["A33235","PISTON",15473,"CHR",2011,74,2.6486486486486487,196,"CHR"]
["A33235","PISTON",17464,"CHR",2012,65,1.9384615384615385,126,"CHR"]
["A33235","PISTON",17931,"CHR",2013,581,0.2908777969018933,169,"CHR"]
["A33235","PISTON",18106,"CHR",2013,497,0.20020120724346077,99.5,"CHR"]
["A33235","PISTON",18578,"CHR",2013,128,0.984375,126,"CHR"]
["A33235","PISTON",18577,"CHR",2013,138,0.91304347826086951,126,"CHR"]
["A33235","PISTON",19004,"CHR",2013,167,0.75449101796407181,126,"CHR"]
["A33235","PISTON",18993,"CHR",2013,100,1.26,126,"CHR"]
["A33235","PISTON",20683,"CHR",2014,48,5.1560416666666669,247.49,"CHR"]
["A33235","PISTON",17827,"CND",2013,500,0.53761999999999999,268.81,"CND"]
["A33235","PISTON",20514,"CND",2014,48,2.625,126,"CND"]
["A33235","PISTON",10461,"CND",2009,51,3.784313725490196,193,"CND"]
["A33235","PISTON",11528,"CND",2010,35,4.0265714285714287,140.93,"CND"]
["A33235","PISTON",15339,"CND",2011,74,2.8378378378378377,210,"CND"]
["A33235","PISTON",17463,"CND",2012,65,1.3538461538461539,88,"CND"]
["A33235","PISTON",17930,"CND",2013,581,0.28769363166953532,167.15,"CND"]
["A33235","PISTON",18825,"CND",2013,100,1.62,162,"CND"]
["A33235","PISTON",18828,"CND",2013,168,0,0,"CND"]
["A33235","PISTON",18532,"CND",2013,138,4.8105072463768117,663.85,"CND"]
["A33235","PISTON",18520,"CND",2013,128,1.71875,220,"CND"]
["A33235","PISTON",10865,"NICK",2009,51,1.5866666666666667,80.92,"NICK"]
["A33235","PISTON",11864,"NICK",2010,35,6.3071428571428569,220.75,"NICK"]
["A33235","PISTON",15670,"NICK",2012,74,1.2070270270270269,89.32,"NICK"]
["A33235","PISTON",17921,"NICK",2013,65,0.7861538461538462,51.1,"NICK"]
["A33235","PISTON",18453,"NICK",2013,158,0.64683544303797469,102.2,"NICK"]
["A33235","PISTON",18453,"NICK",2013,206,0.25733009708737864,53.01,"NICK"]
["A33235","PISTON",18453,"NICK",2013,25,2.044,51.1,"NICK"]
["A33235","PISTON",18453,"NICK",2013,16,2.2356250000000002,35.770000000000003,"NICK"]
["A33235","PISTON",18453,"NICK",2013,49,1.0112244897959184,49.55,"NICK"]
["A33235","PISTON",18453,"NICK",2013,48,11.5375,553.79999999999995,"NICK"]
["A33235","PISTON",18453,"NICK",2013,83,0,0,"NICK"]
["A33235","PISTON",18672,"NICK",2013,95,0,0,"NICK"]
["A33235","PISTON",18672,"NICK",2013,383,0.3250130548302872,124.48,"NICK"]
["A33235","PISTON",18890,"NICK",2013,90,2.0270000000000001,182.43,"NICK"]
["A33235","PISTON",18890,"NICK",2013,47,2.8493617021276592,133.91999999999999,"NICK"]
["A33235","PISTON",18891,"NICK",2013,126,0.81111111111111112,102.2,"NICK"]
["A33235","PISTON",19499,"NICK",2013,166,0.79915662650602404,132.66,"NICK"]
["A33235","PISTON",19569,"NICK",2013,100,0.51100000000000001,51.1,"NICK"]
["A33235","PISTON",10785,"RECTIFDET",2009,51,3.2941176470588234,168,"RECTIF","DET"]
["A33235","PISTON",11690,"RECTIFDET",2010,35,7.427428571428571,259.95999999999998,"RECTIF","DET"]
["A33235","PISTON",15572,"RECTIFDET",2012,74,2.2702702702702702,168,"RECTIF","DET"]
["A33235","PISTON",17775,"RECTIFDET",2013,65,2.5844615384615386,167.99,"RECTIF","DET"]
["A33235","PISTON",18319,"RECTIFDET",2013,585,0.1692136752136752,98.99,"RECTIF","DET"]
["A33235","PISTON",18464,"RECTIFDET",2013,492,0.4635569105691057,228.07,"RECTIF","DET"]
["A33235","PISTON",18740,"RECTIFDET",2013,128,3.3210937500000002,425.1,"RECTIF","DET"]
["A33235","PISTON",18741,"RECTIFDET",2013,138,0.7172463768115942,98.98,"RECTIF","DET"]
["A33235","PISTON",19334,"RECTIFDET",2013,167,1.0054491017964071,167.91,"RECTIF","DET"]
["A33235","PISTON",19498,"RECTIFDET",2013,100,0.1119,11.19,"RECTIF","DET"]
["A33235","PISTON",20859,"RECTIFDET",2014,48,2.4987499999999998,119.94,"RECTIF","DET"]
["A33235","PISTON ATL2",15080,"TTH",2011,15,7.4,111,"TTH"]
["A33235","PISTON ATL2",17016,"TTH",2012,15,8.3326666666666664,124.99,"TTH"]
["A33235","PISTON ATL2",17360,"TTH",2012,107,1.1682242990654206,125,"TTH"]
["A33235","PISTON ATL2",17569,"TTH",2012,120,2.1833333333333331,262,"TTH"]
["A33235","PISTON ATL2",18204,"TTH",2013,32,21,672,"TTH"]
["A33235","PISTON ATL2",18288,"TTH",2013,23,0.84739130434782606,19.489999999999998,"TTH"]
["A33235","PISTON ATL2",10017,"TTH",2009,11,2.3781818181818184,26.16,"TTH"]
["A33235","PISTON ATL2",11285,"TTH",2010,7,9.2871428571428574,65.010000000000005,"TTH"]
["A33235","PISTON ATL2",17451,"USI",2013,500,0.1,50,"USI"]
["A33235","PISTON ATL2",17771,"USI",2013,581,0.16523235800344235,96,"USI"]
["A33235","PISTON ATL2",18335,"USI",2013,138,0.47173913043478255,65.099999999999994,"USI"]
["A33235","PISTON ATL2",18414,"USI",2013,128,1.5142968750000001,193.83,"USI"]
["A33235","PISTON ATL2",18598,"USI",2013,169,{"$f":"H2115/F2115","v":0.3923076923076923},66.3,"USI"]
["A33235","PISTON ATL2",18599,"USI",2013,100,7.400000000000001E-2,7.4,"USI"]
["A33235","PISTON ATL2",20057,"USI",2014,48,0.89166666666666661,42.8,"USI"]
["A33240","BARRETTE A-JET",9907,"CAD",2009,76,0,0,"CAD"]
["A33240","BARRETTE A-JET",10756,"CAD",2009,74,0.67567567567567566,50,"CAD"]
["A33240","BARRETTE A-JET",11406,"CAD",2010,231,0,0,"CAD"]
["A33240","BARRETTE A-JET",12855,"CNDCAD",2010,569,0.69367311072056237,394.7,"CND","CAD"]
["A33240","BARRETTE A-JET",14564,"CNDCAD",2011,392,1.8278571428571428,716.52,"CND","CAD"]
["A33265","RONDELLE DE STOCKAGE",18958,"OAS",2013,20,27.8,556,"OAS"]
["A33354-1","BAGUE",9911,"CAD",2009,33,3.8181818181818183,126,"CAD"]
["A33354-1","BAGUE",18055,"CAD",2013,32,0.79031249999999997,25.29,"CAD"]
["A33518","COUPELLE",11051,"CAD",2010,58,2,116,"CAD"]
["A33518","COUPELLE",14000,"CAD",2011,56,0.5357142857142857,30,"CAD"]
["A33518","COUPELLE",16493,"CAD",2012,60,1.2116666666666667,72.7,"CAD"]
["A33518","COUPELLE",18991,"CAD",2013,48,0.83958333333333324,40.299999999999997,"CAD"]
["A33518","COUPELLE",20887,"CAD",2014,52,6.1969230769230768,322.24,"CAD"]
["A33518","COUPELLE",16110,"TTH",2012,15,6.53,97.95,"TTH"]
["A33518","COUPELLE",18600,"TTH",2013,14,1.5964285714285715,22.35,"TTH"]
["A33518","COUPELLE",20106,"TTH",2014,13,1.506153846153846,19.579999999999998,"TTH"]
["A33518","COUPELLE",10016,"TTH",2009,15,2.81,42.15,"TTH"]
["A33518","COUPELLE",13689,"TTH",2011,14,1.1135714285714287,15.59,"TTH"]
["A33548-1","SUPPORT",13618,"OC",2011,2,189.93,379.86,"OC"]
["A33550-1","CAPOT",17774,"OAC",2013,3,48.423333333333339,145.27000000000001,"OAC"]
["A33582","MASSELOTTE",13128,"CAD",2010,13,11.692307692307692,152,"CAD"]
["A33690","CARTER",19572,"OAC",2013,4,86.232500000000002,344.93,"OAC"]
["A33728-5","CLAVETTE",10211,"NICK",2009,307,0.39794788273615633,122.17,"NICK"]
["A33728-5","CLAVETTE",10276,"NICK",2009,155,0,0,"NICK"]
["A33728-5","CLAVETTE",10783,"NICK",2009,155,0.32580645161290323,50.5,"NICK"]
["A33728-5","CLAVETTE",10783,"NICK",2009,-155,-13.412903225806451,2079,"NICK"]
["A33728-5","CLAVETTE",10276,"NICK",2009,41,0,0,"NICK"]
["A33728-5","CLAVETTE",10276,"NICK",2009,136,1.6556617647058822,225.17,"NICK"]
["A33728-5","CLAVETTE",11045,"NICK",2010,44,3.5,154,"NICK"]
["A33728-5","CLAVETTE",11552,"NICK",2010,185,0.40362162162162163,74.67,"NICK"]
["A33728-5","CLAVETTE",11552,"NICK",2010,-185,-0.316,58.46,"NICK"]
["A33728-5","CLAVETTE",17745,"TTH",2013,320,0.39075000000000004,125.04,"TTH"]
["A33728-5","CLAVETTE",19742,"TTH",2013,320,0.10359375,33.15,"TTH"]
["A33728-5","CLAVETTE",9268,"TTH",2009,310,6.3161290322580638E-2,19.579999999999998,"TTH"]
["A33728-5","CLAVETTE",9268,"TTH",2009,614,8.7996742671009778E-2,54.03,"TTH"]
["A33728-5","CLAVETTE",9327,"TTH",2009,310,0.18796774193548388,58.27,"TTH"]
["A33728-5","CLAVETTE",9939,"TTH",2009,313,5.9584664536741209E-2,18.649999999999999,"TTH"]
["A33728-5","CLAVETTE",9939,"TTH",2009,335,8.2477611940298498E-2,27.63,"TTH"]
["A33728-5","CLAVETTE",20826,"TTH",2014,320,8.496875000000001E-2,27.19,"TTH"]
["A33728-5R2","CLAVETTE",16067,"CND",2012,47,6.2127659574468082,292,"CND"]
["A33728-5R2","CLAVETTE",20036,"CND",2014,30,69.730666666666664,2091.92,"CND"]
["A33728-5R2","CLAVETTE",16166,"NICK",2012,47,2.9712765957446812,139.65,"NICK"]
["A33728-5R2","CLAVETTE",15674,"TTH",2012,49,2.2661224489795919,111.04,"TTH"]
["A33728-5R2","CLAVETTE",19633,"TTH",2013,30,0.81833333333333336,24.55,"TTH"]
["A33757","BAGUE",18285,"CNDCAD",2013,90,0.95522222222222219,85.97,"CND","CAD"]
["A33757","BAGUE",20218,"CNDCAD",2014,60,1.2298333333333333,73.790000000000006,"CND","CAD"]
["A33757","BAGUE",17982,"TTH",2013,2,415.8,831.6,"TTH"]
["A33827-1","MASSELOTTE",8758,"CAD",2009,549,0.4663023679417122,256,"CAD"]
["A33827-1","MASSELOTTE",10204,"CAD",2009,528,0.10227272727272728,54,"CAD"]
["A33827-1","MASSELOTTE",11823,"CAD",2010,508,0.59055118110236215,300,"CAD"]
["A33827-1","MASSELOTTE",12426,"CAD",2010,592,0,0,"CAD"]
["A33827-1","MASSELOTTE",13482,"CAD",2011,514,0.50583657587548636,260,"CAD"]
["A33827-1","MASSELOTTE",14972,"CAD",2011,593,6.3237774030354132E-2,37.5,"CAD"]
["A33827-1","MASSELOTTE",16509,"CAD",2012,517,0.38955512572533851,201.4,"CAD"]
["A33827-1","MASSELOTTE",17864,"CAD",2013,576,0.45249999999999996,260.64,"CAD"]
["A33827-1","MASSELOTTE",18775,"CAD",2013,574,0.35087108013937285,201.4,"CAD"]
["A33827-1","MASSELOTTE",20102,"CAD",2014,588,0.55408163265306121,325.8,"CAD"]
["A33827-1","MASSELOTTE",20776,"CAD",2014,511,0.13197651663405088,67.44,"CAD"]
["A33827-2","MASSELOTE D'EQUILIBRAGE",10082,"CAD",2009,520,0.10384615384615385,54,"CAD"]
["A33827-2","MASSELOTE D'EQUILIBRAGE",14416,"CAD",2011,563,0.16873889875666073,95,"CAD"]
["A33827-2","MASSELOTE D'EQUILIBRAGE",16402,"CAD",2012,560,0.35964285714285715,201.4,"CAD"]
["A33827-2","MASSELOTE D'EQUILIBRAGE",19944,"CAD",2014,543,{"$f":"H2179/F2179","v":0.85569060773480665},464.64,"CAD"]
["A33827-3","MASSELOTE D’EQUILIBRAGE",10082,"CAD",2009,521,0.17274472168905949,90,"CAD"]
["A33827-4","MASSELOTE D’EQUILIBRAGE",17942,"CAD",2013,505,8.3168316831683173E-2,42,"CAD"]
["A33827-5","MASSELOTE D’EQUILIBRAGE",10082,"CAD",2009,516,0,0,"CAD"]
["A33874","CHAPEAU D'ENTRAINEMENT",13377,"CNDOAC",2011,2,17.885000000000002,35.770000000000003,"CND","OAC"]
["A33874","CHAPEAU D'ENTRAINEMENT",13377,"CNDOAC",2011,3,41,123,"CND","OAC"]
["A33876","GUIDE",13319,"OAC",2011,8,1745.81125,13966.49,"OAC"]
["A34007","PLAQUE DE RETENUE",10998,"CNDOAC",2009,130,0.46346153846153848,60.25,"CND","OAC"]
["A34007","PLAQUE DE RETENUE",11410,"CNDOAC",2010,137,0.26109489051094892,35.770000000000003,"CND","OAC"]
["A34007","PLAQUE DE RETENUE",15962,"CNDOAC",2012,104,0.34394230769230771,35.770000000000003,"CND","OAC"]
["A34007","PLAQUE DE RETENUE",18147,"CNDOAC",2013,71,1.1335211267605634,80.48,"CND","OAC"]
["A34007","PLAQUE DE RETENUE",15963,"PEI",2012,104,3.1984615384615385,332.64,"PEI"]
["A34007","PLAQUE DE RETENUE",18148,"PEI",2013,71,0.86985915492957744,61.76,"PEI"]
["A34007","PLAQUE DE RETENUE",11411,"PEI",2010,134,2.3641791044776119,316.8,"PEI"]
["A34007","PLAQUE DE RETENUE",15727,"SCIAGE",2012,104,1.3414423076923077,139.51,"SCI"]
["A34007","PLAQUE DE RETENUE",17729,"SCIAGE",2013,71,1.31,93.01,"SCI"]
["A34210","BARRETTE D'ENTRAINEMENT",20691,"TTH",2014,145,0.11275862068965518,16.350000000000001,"TTH"]
["A34490","ETRIER",11419,"CNDPHO",2010,1225,2.9200000000000004E-2,35.770000000000003,"CND","PHO"]
["A34490","ETRIER",11651,"CNDPHO",2010,1405,5.0918149466192178E-2,71.540000000000006,"CND","PHO"]
["A34490","ETRIER",11886,"CNDPHO",2010,1417,0,0,"CND","PHO"]
["A34490","ETRIER",12207,"CNDPHO",2010,997,0.23679037111334003,236.08,"CND","PHO"]
["A34490","ETRIER",12235,"CNDPHO",2010,1225,0.37604897959183675,460.66,"CND","PHO"]
["A34490","ETRIER",12372,"CNDPHO",2010,1042,3.4328214971209213E-2,35.770000000000003,"CND","PHO"]
["A34490","ETRIER",12759,"CNDPHO",2010,1022,4.4324853228962818E-2,45.3,"CND","PHO"]
["A34490","ETRIER",12856,"CNDPHO",2010,1036,3.4527027027027028E-2,35.770000000000003,"CND","PHO"]
["A34490","ETRIER",13374,"CNDPHO",2011,343,0.97699708454810497,335.11,"CND","PHO"]
["A34490","ETRIER",14016,"CNDPHO",2011,1794,0.18679487179487181,335.11,"CND","PHO"]
["A34490","ETRIER",14195,"CNDPHO",2011,1935,0.17318346253229974,335.11,"CND","PHO"]
["A34490","ETRIER",14795,"CNDPHO",2011,1463,0.22906356801093644,335.12,"CND","PHO"]
["A34490","ETRIER",15783,"CNDPHO",2012,558,0.60055555555555562,335.11,"CND","PHO"]
["A34490","ETRIER",15857,"CNDPHO",2012,1554,0.26955598455598456,418.89,"CND","PHO"]
["A34490","ETRIER",15943,"CNDPHO",2012,2044,0.20492172211350293,418.86,"CND","PHO"]
["A34490","ETRIER",15987,"CNDPHO",2012,1544,0.27128238341968913,418.86,"CND","PHO"]
["A34490","ETRIER",16097,"CNDPHO",2012,2400,0.18654166666666666,447.7,"CND","PHO"]
["A34490","ETRIER",18253,"CNDPHO",2013,1057,0.12704824976348156,134.29,"CND","PHO"]
["A34490","ETRIER",18542,"CNDPHO",2013,1050,0.23238095238095238,244,"CND","PHO"]
["A34490","ETRIER",18660,"CNDPHO",2013,1050,0.42285714285714288,444,"CND","PHO"]
["A34490","ETRIER",19867,"CNDPHO",2014,1027,3.4829600778967872E-2,35.770000000000003,"CND","PHO"]
["A34490","ETRIER",20270,"CNDPHO",2014,3017,1.251574411667219E-2,37.76,"CND","PHO"]
["A34490","ETRIER",20589,"CNDPHO",2014,2019,5.3150074294205055E-2,107.31,"CND","PHO"]
["A34490","ETRIER",20886,"CNDPHO",2014,2026,1.7655478775913131E-2,35.770000000000003,"CND","PHO"]
["A34490","ETRIER",0,"CUBAGE",2013,1,35.770000000000003,35.770000000000003,"CUB"]
["A34490","ETRIER",0,"CUBAGE",2013,1,0,0,"CUB"]
["A34490","ETRIER",0,"CUBAGE",2013,1,113.07,113.07,"CUB"]
["A34490","ETRIER",9711,"PHO",2009,2065,0.13092009685230024,270.35000000000002,"PHO"]
["A34490","ETRIER",10083,"PHO",2009,1008,0.16567460317460317,167,"PHO"]
["A34490","ETRIER",10294,"PHO",2009,1018,0.4992632612966601,508.25,"PHO"]
["A34490","ETRIER",10535,"PHO",2009,1029,0.16229348882410108,167,"PHO"]
["A34490","ETRIER",10834,"PHO",2009,2022,5.7171117705242334E-3,11.56,"PHO"]
["A34490","ETRIER",10870,"PHO",2009,2021,0.33175655616031668,670.48,"PHO"]
["A34490","ETRIER",10975,"TTH",2009,175,0.26828571428571429,46.95,"TTH"]
["A34490","ETRIER",11134,"TTH",2010,204,0.10794117647058823,22.02,"TTH"]
["A34490","ETRIER",11134,"TTH",2010,204,9.9656862745098038E-2,20.329999999999998,"TTH"]
["A34490","ETRIER",11939,"TTH",2010,145,0.42931034482758623,62.25,"TTH"]
["A34490","ETRIER",11939,"TTH",2010,175,0.98799999999999999,172.9,"TTH"]
["A34490R1","ETRIER",15144,"CNDPHO",2011,1087,0.15832566697332107,172.1,"CND","PHO"]
["A34490R1","ETRIER",11708,"CNDPHO",2010,1079,0.34059314179796107,367.5,"CND","PHO"]
["A34490R1","ETRIER",13351,"CNDPHO",2011,1055,0.3426161137440758,361.46,"CND","PHO"]
["A34490R1","ETRIER",14488,"CNDPHO",2011,63,5.3190476190476197,335.1,"CND","PHO"]
["A34490R1","ETRIER",16459,"CNDPHO",2012,1050,0.31915238095238097,335.11,"CND","PHO"]
["A34490R1","ETRIER",20475,"CNDPHO",2014,307,0.43488599348534202,133.51,"CND","PHO"]
["A34490R1","ETRIER",20499,"CNDPHO",2014,630,0.57474603174603167,362.09,"CND","PHO"]
["A34490R1","ETRIER",20695,"CNDPHO",2014,693,0.11326118326118326,78.489999999999995,"CND","PHO"]
["A34490R1","ETRIER",10111,"PHO",2009,529,4.1587901701323249,2200,"PHO"]
["A34496","BAGUE",9273,"CAD",2009,57,{"$f":"H2243/F2243","v":24.473684210526315},1395,"CAD"]
["A34496","BAGUE",12259,"CAD",2010,28,4.6428571428571432,130,"CAD"]
["A34496","BAGUE",13111,"CAD",2010,56,2.1428571428571428,120,"CAD"]
["A34496","BAGUE",15232,"CAD",2011,55,12.272727272727273,675,"CAD"]
["A34496","BAGUE",15760,"CAD",2012,50,2.73,136.5,"CAD"]
["A34496","BAGUE",17995,"CAD",2013,64,1.875,120,"CAD"]
["A34496","BAGUE",19216,"CAD",2013,52,2.8846153846153846,150,"CAD"]
["A34496","BAGUE",15033,"TTH",2011,55,1.0287272727272727,56.58,"TTH"]
["A34496","BAGUE",15456,"TTH",2012,50,1.7952000000000001,89.76,"TTH"]
["A34496","BAGUE",17666,"TTH",2012,66,0.68515151515151518,45.22,"TTH"]
["A34496","BAGUE",18927,"TTH",2013,54,0.74351851851851847,40.15,"TTH"]
["A34496","BAGUE",8986,"TTH",2009,57,0.40368421052631581,23.01,"TTH"]
["A34496","BAGUE",12048,"TTH",2010,28,9.7200000000000006,272.16000000000003,"TTH"]
["A34496","BAGUE",12792,"TTH",2010,56,0.70267857142857149,39.35,"TTH"]
["A34525","BAGUE",12028,"CNDOAC",2010,65,5.7735384615384611,375.28,"CND","OAC"]
["A34525","BAGUE",13885,"CNDOAC",2011,15,2.3846666666666669,35.770000000000003,"CND","OAC"]
["A34525","BAGUE",15286,"CNDOAC",2011,60,0.59616666666666673,35.770000000000003,"CND","OAC"]
["A34525","BAGUE",16488,"CNDOAC",2012,34,1.0520588235294119,35.770000000000003,"CND","OAC"]
["A34525","BAGUE",17825,"CNDOAC",2013,6,55,330,"CND","OAC"]
["A34525","BAGUE",19395,"CNDOAC",2013,36,0.99361111111111122,35.770000000000003,"CND","OAC"]
["A34525","BAGUE",20083,"CNDOAC",2014,36,2.3016666666666667,82.86,"CND","OAC"]
["A34525","BAGUE",9458,"OAC",2009,57,1.9849122807017543,113.14,"OAC"]
["A34527","PROTECTEUR DE STOCKAGE",19113,"OAS",2013,21,14.716666666666667,309.05,"OAS"]
["A34527","PROTECTEUR DE STOCKAGE",19919,"OAS",2014,46,1.9356521739130437,89.04,"OAS"]
["A34527","PROTECTEUR DE STOCKAGE",17799,"OAS",2013,19,14.195263157894736,269.70999999999998,"OAS"]
["A34527","PROTECTEUR DE STOCKAGE",10116,"OAS",2009,48,2.1291666666666669,102.2,"OAS"]
["A34527","PROTECTEUR DE STOCKAGE",11980,"OAS",2010,94,0.54361702127659572,51.1,"OAS"]
["A34527","PROTECTEUR DE STOCKAGE",13905,"OAS",2011,36,4.605833333333333,165.81,"OAS"]
["A34527","PROTECTEUR DE STOCKAGE",15349,"OAS",2011,35,9.3791428571428561,328.27,"OAS"]
["A34527","PROTECTEUR DE STOCKAGE",15953,"OAS",2012,26,3.930769230769231,102.2,"OAS"]
["A34566","CAVALIER USINE",19773,"CAD",2014,100,1.45,145,"CAD"]
["A34566","CAVALIER USINE",19422,"CAD",2013,94,1.2765957446808511,120,"CAD"]
["A34566","CAVALIER USINE",19772,"CND",2013,100,10.29,1029,"CND"]
["A34566","CAVALIER USINE",20897,"CND",2014,13,32.057692307692307,416.75,"CND"]
["A34566","CAVALIER USINE",19327,"CND",2013,94,85.855319148936161,8070.4,"CND"]
["A34566","CAVALIER USINE",19491,"PEI",2013,44,1.6340909090909093,71.900000000000006,"PEI"]
["A34566","CAVALIER USINE",20097,"PEI",2014,20,225,4500,"PEI"]
["A34566","CAVALIER USINE",20097,"PEI",2014,80,1.5962499999999999,127.7,"PEI"]
["A34580","ETRIER",12069,"CNDPHO",2010,516,0.1386434108527132,71.540000000000006,"CND","PHO"]
["A34580","ETRIER",13666,"CNDPHO",2011,655,0.51161832061068702,335.11,"CND","PHO"]
["A34580","ETRIER",15206,"CNDPHO",2011,1036,0.32345559845559846,335.1,"CND","PHO"]
["A34580","ETRIER",16508,"CNDPHO",2012,1072,0.31261194029850747,335.12,"CND","PHO"]
["A34580","ETRIER",20141,"CNDPHO",2014,528,0.12094696969696969,63.86,"CND","PHO"]
["A34580","ETRIER",20686,"CNDPHO",2014,516,0.43156976744186049,222.69,"CND","PHO"]
["A34580","ETRIER",11901,"TTH",2010,86,0.76709302325581397,65.97,"TTH"]
["A34580","ETRIER",19618,"USI",2013,90,5.4368888888888884,489.32,"USI"]
["A34580-1","ETRIER",15160,"CNDPHO",2011,1385,0.27671480144404331,383.25,"CND","PHO"]
["A34580-1","ETRIER",11448,"CNDPHO",2010,1498,2.3878504672897198E-2,35.770000000000003,"CND","PHO"]
["A34580-1","ETRIER",11767,"CNDPHO",2010,1348,4.9280415430267066E-2,66.430000000000007,"CND","PHO"]
["A34580-1","ETRIER",12108,"CNDPHO",2010,1113,3.2138364779874216E-2,35.770000000000003,"CND","PHO"]
["A34580-1","ETRIER",12373,"CNDPHO",2010,1043,3.4295302013422825E-2,35.770000000000003,"CND","PHO"]
["A34580-1","ETRIER",13383,"CNDPHO",2011,1012,0.33113636363636367,335.11,"CND","PHO"]
["A34580-1","ETRIER",13684,"CNDPHO",2011,1114,0.30081687612208258,335.11,"CND","PHO"]
["A34580-1","ETRIER",14469,"CNDPHO",2011,446,0.75136771300448435,335.11,"CND","PHO"]
["A34580-1","ETRIER",14527,"CNDPHO",2011,1288,0.26017080745341614,335.1,"CND","PHO"]
["A34580-1","ETRIER",16009,"CNDPHO",2012,1121,0.37366636931311331,418.88,"CND","PHO"]
["A34580-1","ETRIER",16318,"CNDPHO",2012,1755,0.19074074074074074,334.75,"CND","PHO"]
["A34580-1","ETRIER",16435,"CNDPHO",2012,1153,0.29095403295750222,335.47,"CND","PHO"]
["A34580-1","ETRIER",16853,"CNDPHO",2012,1050,0.31915238095238097,335.11,"CND","PHO"]
["A34580-1","ETRIER",16949,"CNDPHO",2012,350,0.9574571428571429,335.11,"CND","PHO"]
["A34580-1","ETRIER",16950,"CNDPHO",2012,1746,0.20904925544100803,365,"CND","PHO"]
["A34580-1","ETRIER",16949,"CNDPHO",2012,350,2.3914285714285715,837,"CND","PHO"]
["A34580-1","ETRIER",17585,"CNDPHO",2013,409,2.0464547677261615,837,"CND","PHO"]
["A34580-1","ETRIER",17871,"CNDPHO",2013,952,0.93781512605042017,892.8,"CND","PHO"]
["A34580-1","ETRIER",18179,"CNDPHO",2013,1050,{"$f":"H2307/F2307","v":0.13027619047619046},136.79,"CND","PHO"]
["A34580-1","ETRIER",18191,"CNDPHO",2013,1050,0.17661904761904762,185.45,"CND","PHO"]
["A34580-1","ETRIER",18607,"CNDPHO",2013,1036,0.37451737451737449,388,"CND","PHO"]
["A34580-1","ETRIER",19515,"CNDPHO",2013,1043,0.10728667305848515,111.9,"CND","PHO"]
["A34580-1","ETRIER",19631,"CNDPHO",2013,1042,0.18968330134357006,197.65,"CND","PHO"]
["A34580-1","ETRIER",20474,"CNDPHO",2014,1035,3.4560386473429953E-2,35.770000000000003,"CND","PHO"]
["A34580-1","ETRIER",20809,"CNDPHO",2014,1047,3.4164278892072589E-2,35.770000000000003,"CND","PHO"]
["A34580-1","ETRIER",20946,"CNDPHO",2014,1049,8.769304099142039E-2,91.99,"CND","PHO"]
["A34580-1","ETRIER",0,"CUBAGE",2013,1,79.510000000000005,79.510000000000005,"CUB"]
["A34580-1","ETRIER",0,"CUBAGE",2013,1,0,0,"CUB"]
["A34580-1","ETRIER",0,"CUBAGE",2013,1,115.34,115.34,"CUB"]
["A34580-1",null,0,"CUBAGE150P",2013,1,146.51,146.51,"CUB150P"]
["A34580-1","ETRIER",9164,"PHO",2009,1976,0.86200404858299595,1703.32,"PHO"]
["A34580-1","ETRIER",9652,"PHO",2009,1585,1.7488958990536279,2772,"PHO"]
["A34580-1","ETRIER",10150,"PHO",2009,731,3.1751025991792066,2321,"PHO"]
["A34580-1","ETRIER",10187,"PHO",2009,1502,1.0985352862849533,1650,"PHO"]
["A34580-1","ETRIER",17515,"TTH",2012,136,0.72022058823529411,97.95,"TTH"]
["A34623-2","BAGUE",9464,"OAS",2009,11,11.015454545454546,121.17,"OAS"]
["A34623-2","BAGUE",10362,"OAS",2009,6,22.51,135.06,"OAS"]
["A34623-2","BAGUE",10673,"OAS",2009,12,2.9808333333333334,35.770000000000003,"OAS"]
["A34623-2","BAGUE",11894,"OAS",2010,12,4.2583333333333337,51.1,"OAS"]
["A34623-2","BAGUE",13906,"OAS",2011,13,61.32,797.16,"OAS"]
["A34623-2","BAGUE",17031,"OAS",2012,17,3.0058823529411764,51.1,"OAS"]
["A34623-2","BAGUE",17873,"OAS",2013,16,9.9968749999999993,159.94999999999999,"OAS"]
["A34626-1","BAGUE",9424,"CAD",2009,34,38.25,1300.5,"CAD"]
["A34626-1","BAGUE",11854,"CAD",2010,31,3.870967741935484,120,"CAD"]
["A34626-1","BAGUE",18823,"CAD",2013,42,-1.2,-50.4,"CAD"]
["A34626-1","BAGUE",11853,"CND",2010,31,6.2564516129032253,193.95,"CND"]
["A34650","ETRIER",11814,"CNDPHO",2010,225,0,0,"CND","PHO"]
["A34650","ETRIER",11812,"CNDPHO",2010,120,2.2974166666666664,275.69,"CND","PHO"]
["A34650","ETRIER",11813,"CNDPHO",2010,120,2.2143333333333337,265.72000000000003,"CND","PHO"]
["A34650","ETRIER",16019,"CNDPHO",2012,340,1.8355882352941177,624.1,"CND","PHO"]
["A34650","ETRIER",17872,"CNDPHO",2013,654,1.3426605504587157,878.1,"CND","PHO"]
["A34650","ETRIER",19413,"CNDPHO",2013,120,14.666666666666666,1760,"CND","PHO"]
["A34650","ETRIER",20122,"CNDPHO",2014,114,0.41421052631578947,47.22,"CND","PHO"]
["A34650","ETRIER",20110,"CNDPHO",2014,313,0.22856230031948885,71.540000000000006,"CND","PHO"]
["A34650","ETRIER",20111,"CNDPHO",2014,215,0.37130232558139536,79.83,"CND","PHO"]
["A34650","ETRIER",20703,"CNDPHO",2014,480,7.4520833333333342E-2,35.770000000000003,"CND","PHO"]
["A34650","ETRIER",17515,"TTH",2012,109,0.89862385321100924,97.95,"TTH"]
["A34650","ETRIER",10975,"TTH",2009,38,15.025,570.95000000000005,"TTH"]
["A34650","ETRIER",19615,"USI",2013,37,3.0270270270270272,112,"USI"]
["A34650","ETRIER",19613,"USI",2013,20,4.2,84,"USI"]
["A34650","ETRIER",19614,"USI",2013,54,0.51851851851851849,28,"USI"]
["A34929-1","CLAVETTE",16548,"CND",2012,323,0.79733746130030969,257.54000000000002,"CND"]
["A34929-1","CLAVETTE",16202,"CUBAGE",2012,323,0,0,"CUB"]
["A34929-1","CLAVETTE",16549,"NICK",2012,59,0.97,57.23,"NICK"]
["A34929-1","CLAVETTE",16549,"NICK",2013,261,0.49532567049808429,129.28,"NICK"]
["A34929-1","CLAVETTE",15773,"TTH1",2012,323,0.84486068111455104,272.89,"TTH1"]
["A3-51529","BAGUE",8720,"CADMSE",2009,25,4.8,120,"CAD"]
["A3-51529","BAGUE",10280,"CADMSE",2009,11,11.363636363636363,125,"CAD"]
["A3-51529","BAGUE",11026,"CADMSE",2009,8,16.25375,130.03,"CAD"]
["A3-51529","BAGUE",13346,"CADMSE",2011,7,24.571428571428573,172,"CAD"]
["A3-51529","BAGUE",19089,"CADMSE",2013,18,7.2222222222222223,130,"CAD"]
["A3-51529","BAGUE",19920,"CADMSE",2014,11,64.36363636363636,708,"CAD"]
["A3-51529","BAGUE",20942,"CADMSE",2014,6,27,162,"CAD"]
["A3-51942R5","FOND",18963,"CNDOAC",2013,4,85.082499999999996,340.33,"CND","OAC"]
["A3-51942R5","FOND",11107,"CNDOAC",2010,3,11.923333333333334,35.770000000000003,"CND","OAC"]
["A3-51942R5","FOND",13675,"CNDOAC",2011,3,16.963333333333335,50.89,"CND","OAC"]
["A3-51942R5","FOND",18796,"CNDOAC",2013,4,8.9425000000000008,35.770000000000003,"CND","OAC"]
["A3-51942R5","FOND",20023,"CNDOAC",2014,4,8.9425000000000008,35.770000000000003,"CND","OAC"]
["A3-51962R5","FOND",9044,"CNDOAC",2009,3,22.176666666666666,66.53,"CND","OAC"]
["A3-51962R5","FOND",12166,"CNDOAC",2010,10,3.5770000000000004,35.770000000000003,"CND","OAC"]
["A3-51962R5","FOND",13686,"CNDOAC",2011,4,17.272500000000001,69.09,"CND","OAC"]
["A35227","RONDELLE",8829,"CAD",2009,2195,6.3781321184510256E-2,140,"CAD"]
["A35227","RONDELLE",10085,"CAD",2009,2015,{"$f":"H2371/F2371","v":4.1687344913151368E-2},84,"CAD"]
["A35227","RONDELLE",11095,"CAD",2010,2016,9.4246031746031744E-2,190,"CAD"]
["A35227","RONDELLE",12291,"CAD",2010,2036,0.21536345776031435,438.48,"CAD"]
["A35227","RONDELLE",13355,"CAD",2011,1715,4.3731778425655975E-2,75,"CAD"]
["A35227","RONDELLE",14176,"CAD",2011,2015,6.5756823821339946E-2,132.5,"CAD"]
["A35227","RONDELLE",15424,"CAD",2012,2100,4.5238095238095237E-2,95,"CAD"]
["A35227","RONDELLE",16000,"CAD",2012,2200,1.9159090909090907E-2,42.15,"CAD"]
["A35227","RONDELLE",17788,"CAD",2013,2550,1.6627450980392155E-2,42.4,"CAD"]
["A35227","RONDELLE",19164,"CAD",2013,2599,0.15498268564832629,402.8,"CAD"]
["A35227","RONDELLE",19595,"CAD",2013,3070,2.8416938110749183E-2,87.24,"CAD"]
["A35227","RONDELLE",20003,"CAD",2014,2692,7.4294205052005943E-2,200,"CAD"]
["A35227","RONDELLE",20448,"CAD",2014,3059,2.4191304347826086,7400.12,"CAD"]
["A35227","RONDELLE",13567,"USI",2011,2020,1.3366336633663366E-2,27,"USI"]
["A35227","RONDELLE",15874,"USI",2012,2200,8.1818181818181818E-2,180,"USI"]
["A35227","RONDELLE",19762,"USI",2014,2692,8.174219910846954E-2,220.05,"USI"]
["A35227","RONDELLE",17557,"USI",2012,2550,4.7058823529411764E-2,120,"USI"]
["A35227","RONDELLE",18935,"USI",2013,2600,1.0358653846153847,2693.25,"USI"]
["A35227","RONDELLE",19177,"USI",2013,3070,3.798045602605863E-2,116.6,"USI"]
["A35266","COUPELLE",8910,"CAD",2009,72,2.2916666666666665,165,"CAD"]
["A35270","BAGUE",8994,"CAD",2009,117,1.6239316239316239,190,"CAD"]
["A35270","BAGUE",13189,"CNDCAD",2011,56,32.418750000000003,1815.45,"CND","CAD"]
["A35270","BAGUE",16886,"CNDCAD",2012,52,17.721153846153847,921.5,"CND","CAD"]
["A35270","BAGUE",19268,"CNDCAD",2013,108,2.085185185185185,225.2,"CND","CAD"]
["A35270","BAGUE",20233,"CNDCAD",2014,51,8.5784313725490193,437.5,"CND","CAD"]
["A35447-1","CLAVETTE",11030,"PAS",2010,181,0.6465193370165746,117.02,"PAS"]
["A35447-1","CLAVETTE",16747,"PAS",2012,105,2.5855238095238096,271.48,"PAS"]
["A35447-1","CLAVETTE",17750,"PAS",2013,156,0.53846153846153844,84,"PAS"]
["A35447-1","CLAVETTE",19817,"PAS",2013,53,7.2377358490566044,383.6,"PAS"]
["A35447-1","CLAVETTE",19616,"USI",2013,70,0.8,56,"USI"]
["A35452","RONDELLE",9537,"CAD",2009,444,0.40653153153153154,180.5,"CAD"]
["A35452","RONDELLE",9925,"CAD",2009,115,0,0,"CAD"]
["A35452","RONDELLE",14415,"CAD",2011,511,0.11154598825831702,57,"CAD"]
["A35452","RONDELLE",17309,"CAD",2012,323,0.49882352941176472,161.12,"CAD"]
["A35452","RONDELLE",19248,"CAD",2013,309,0.30744336569579289,95,"CAD"]
["A35452","RONDELLE",19500,"CAD",2013,420,0.16057142857142856,67.44,"CAD"]
["A35452","RONDELLE",18985,"TTH",2013,8,2.6837499999999999,21.47,"TTH"]
["A35452","RONDELLE",16858,"TTH",2012,8,3.3712499999999999,26.97,"TTH"]
["A35452","RONDELLE",19315,"USI",2013,420,2.4511904761904764,1029.5,"USI"]
["A35469","BAGUE RAFALE",13028,"CND",2010,57,3.6491228070175437,208,"CND"]
["A35469","BAGUE RAFALE",15372,"CND",2011,107,3.6074766355140189,386,"CND"]
["A35469","BAGUE RAFALE",18178,"CND",2013,255,0.50980392156862742,130,"CND"]
["A35469","BAGUE RAFALE",9763,"OAT",2009,53,1.0979245283018868,58.19,"OAT"]
["A35469","BAGUE RAFALE",13029,"OAT",2010,57,0.89649122807017545,51.1,"OAT"]
["A35469","BAGUE RAFALE",15373,"OAT",2012,107,1.7329906542056075,185.43,"OAT"]
["A35469","BAGUE RAFALE",18308,"OAT",2013,255,0.24560784313725492,62.63,"OAT"]
["A35525-1","CLAVETTE RAFALE",9057,"PAS",2009,362,1.2025138121546961,435.31,"PAS"]
["A35525-1","CLAVETTE RAFALE",9963,"PAS",2009,371,0.34649595687331541,128.55000000000001,"PAS"]
["A35525-1","CLAVETTE RAFALE",11725,"PAS",2010,160,2.1142499999999997,338.28,"PAS"]
["A35525-1","CLAVETTE RAFALE",11725,"PAS",2010,110,0.46454545454545454,51.1,"PAS"]
["A35525-1","CLAVETTE RAFALE",12671,"PAS",2010,100,1.655,165.5,"PAS"]
["A35525-1","CLAVETTE RAFALE",12845,"PAS",2010,331,0.15438066465256797,51.1,"PAS"]
["A35525-1","CLAVETTE RAFALE",15390,"PAS",2011,363,0.21564738292011021,78.28,"PAS"]
["A35525-1","CLAVETTE RAFALE",16460,"PAS",2012,164,2.4741463414634146,405.76,"PAS"]
["A35525-1","CLAVETTE RAFALE",17445,"PAS",2012,416,0.61105769230769225,254.2,"PAS"]
["A35525-1","CLAVETTE RAFALE",19414,"PAS",2013,286,0.43706293706293708,125,"PAS"]
["A35525-1","CLAVETTE RAFALE",19927,"PAS",2014,330,0.59090909090909094,195,"PAS"]
["A35525-1","CLAVETTE RAFALE",20563,"USI",2014,288,0.46614583333333331,134.25,"USI"]
["A35525-1","CLAVETTE RAFALE",19617,"USI",2013,331,0.47250755287009066,156.4,"USI"]
["A35-52702","RACLEUR",14375,"ZING",2011,36,2.6222222222222222,94.4,"ZING"]
["A35-52702","RACLEUR",18938,"ZING",2013,21,7.0714285714285712,148.5,"ZING"]
["A35-52702","RACLEUR",20031,"ZING",2014,15,28.767999999999997,431.52,"ZING"]
["A35-52702R1","RACLEUR",12477,"CND",2010,11,12.8,140.80000000000001,"CND"]
["A35-52702R1","RACLEUR",13926,"CND",2011,22,6.168181818181818,135.69999999999999,"CND"]
["A35-52702R1","RACLEUR",12478,"ZING",2010,11,4.7818181818181822,52.6,"ZING"]
["A35-52702R1","RACLEUR",13927,"ZING",2011,22,{"$f":"H2435/F2435","v":16.5},363,"ZING"]
["A35-52702R2","RACLEUR",13928,"ZING",2011,17,16.176470588235293,275,"ZING"]
["A35-52702R3","RACLEUR",12475,"CND",2010,11,11.818181818181818,130,"CND"]
["A35-52702R3","RACLEUR",18939,"CND",2013,15,35.643333333333331,534.65,"CND"]
["A35-52702R3","RACLEUR",19965,"CND",2014,15,136.5,2047.5,"CND"]
["A35-52702R3","RACLEUR",12476,"ZING",2010,11,23.690909090909091,260.60000000000002,"ZING"]
["A35-52702R3","RACLEUR",18940,"ZING",2013,15,3.6933333333333334,55.4,"ZING"]
["A35-52702R4","RACLEUR",18936,"CND",2013,5,24,120,"CND"]
["A35-52702R4","RACLEUR",19964,"CND",2014,16,171.23750000000001,2739.8,"CND"]
["A35-52702R4","RACLEUR",18937,"ZING",2013,11,9.0909090909090917,100,"ZING"]
["A35564","BAGUE",13321,"CND",2011,11,2.3618181818181818,25.98,"CND"]
["A35564","BAGUE",13590,"CND",2011,53,138.57509433962264,7344.48,"CND"]
["A35564","BAGUE",13864,"CND",2011,89,0.89831460674157304,79.95,"CND"]
["A35564","BAGUE",17366,"CND",2012,42,14.55,611.1,"CND"]
["A35564","BAGUE",17700,"CND",2013,41,14.897560975609755,610.79999999999995,"CND"]
["A35564","BAGUE",18043,"CND",2013,63,1.9047619047619047,120,"CND"]
["A35564","BAGUE",18062,"CND",2013,51,3.2341176470588233,164.94,"CND"]
["A35564","BAGUE",18852,"CND",2013,40,5.2755000000000001,211.02,"CND"]
["A35564","BAGUE",19135,"CND",2013,84,0,0,"CND"]
["A35564","BAGUE",19837,"CND",2013,72,29.041666666666668,2091,"CND"]
["A35564","BAGUE",16948,"CND",2012,52,32.307692307692307,1680,"CND"]
["A35564","BAGUE",19836,"CND",2013,82,-0.55365853658536579,-45.4,"CND"]
["A35564EB","BAGUE",14139,"CND",2011,4,28.08,112.32,"CND"]
["A35582","CAVALIER S 92",20715,"CNDPAS",2014,72,1.1241666666666665,80.94,"CND","PAS"]
["A35582","CAVALIER S 92",12348,"CNDPAS",2010,59,1.212542372881356,71.540000000000006,"CND","PAS"]
["A35582","CAVALIER S 92",13750,"CNDPAS",2011,100,1.5158,151.58000000000001,"CND","PAS"]
["A35582","CAVALIER S 92",14305,"CNDPAS",2011,92,21.695326086956523,1995.97,"CND","PAS"]
["A35582","CAVALIER S 92",14735,"CNDPAS",2011,56,5.6173214285714286,314.57,"CND","PAS"]
["A35582","CAVALIER S 92",14810,"CNDPAS",2011,68,1.2775000000000001,86.87,"CND","PAS"]
["A35582","CAVALIER S 92",17044,"CNDPAS",2012,77,0.46454545454545459,35.770000000000003,"CND","PAS"]
["A35582","CAVALIER S 92",17145,"CNDPAS",2012,80,0.44712500000000005,35.770000000000003,"CND","PAS"]
["A35582","CAVALIER S 92",17044,"CNDPAS",2012,77,2.4479220779220778,188.49,"CND","PAS"]
["A35582","CAVALIER S 92",17875,"CNDPAS",2013,60,0.77666666666666673,46.6,"CND","PAS"]
["A35582","CAVALIER S 92",17887,"CNDPAS",2013,58,3.2434482758620691,188.12,"CND","PAS"]
["A35582","CAVALIER S 92",17919,"CNDPAS",2013,57,0.62754385964912285,35.770000000000003,"CND","PAS"]
["A35582","CAVALIER S 92",17918,"CNDPAS",2013,60,1.7169999999999999,103.02,"CND","PAS"]
["A35582","CAVALIER S 92",18709,"CNDPAS",2013,88,5.6047727272727279,493.22,"CND","PAS"]
["A35582","CAVALIER S 92",18774,"CNDPAS",2013,68,3.5739705882352943,243.03,"CND","PAS"]
["A35582","CAVALIER S 92",19276,"CNDPAS",2013,92,13.056521739130435,1201.2,"CND","PAS"]
["A35582","CAVALIER S 92",19899,"CNDPAS",2014,123,0,0,"CND","PAS"]
["A35582","CAVALIER S 92",19897,"CNDPAS",2014,64,3.9523437499999998,252.95,"CND","PAS"]
["A35582","CAVALIER S 92",20084,"CNDPAS",2014,103,5.921650485436893,609.92999999999995,"CND","PAS"]
["A35582","CAVALIER S 92",9453,"PAS",2009,88,0.58068181818181819,51.1,"PAS"]
["A35582","CAVALIER S 92",9653,"PAS",2009,56,2.8732142857142859,160.9,"PAS"]
["A35582","CAVALIER S 92",10390,"PAS",2009,30,4.4123333333333337,132.37,"PAS"]
["A35582","CAVALIER S 92",10536,"PAS",2009,58,1.691551724137931,98.11,"PAS"]
["A35582","CAVALIER S 92",10540,"PAS",2009,100,1.022,102.2,"PAS"]
["A35582","CAVALIER S 92",11806,"PAS",2010,50,2.044,102.2,"PAS"]
["A35628","BARRETTE",20470,"CNDPAS",2014,550,0.13007272727272728,71.540000000000006,"CND","PAS"]
["A35628","BARRETTE",12202,"CNDPAS",2010,60,1.7288333333333334,103.73,"CND","PAS"]
["A35628","BARRETTE",12390,"CNDPAS",2010,504,0.10097222222222223,50.89,"CND","PAS"]
["A35628","BARRETTE",14145,"CNDPAS",2011,520,6.8788461538461548E-2,35.770000000000003,"CND","PAS"]
["A35628","BARRETTE",15542,"CNDPAS",2012,506,2.1783201581027667,1102.23,"CND","PAS"]
["A35628","BARRETTE",16743,"CNDPAS",2012,501,0.44674650698602791,223.82,"CND","PAS"]
["A35628","BARRETTE",17252,"CNDPAS",2012,536,0.15429104477611941,82.7,"CND","PAS"]
["A35628","BARRETTE",17253,"CNDPAS",2012,535,6.6859813084112152E-2,35.770000000000003,"CND","PAS"]
["A35628","BARRETTE",18094,"CNDPAS",2013,503,0,0,"CND","PAS"]
["A35628","BARRETTE",18116,"CNDPAS",2013,507,0.66218934911242611,335.73,"CND","PAS"]
["A35628","BARRETTE",18157,"CNDPAS",2013,506,0.87252964426877466,441.5,"CND","PAS"]
["A35628","BARRETTE",19431,"CNDPAS",2013,674,0,0,"CND","PAS"]
["A35628","BARRETTE",20375,"CNDPAS",2014,511,0.3884148727984344,198.48,"CND","PAS"]
["A35628","BARRETTE",9264,"PAS",2009,415,0.32506024096385544,134.9,"PAS"]
["A35628","BARRETTE",9288,"PAS",2009,490,0.10428571428571429,51.1,"PAS"]
["A35628","BARRETTE",10045,"PAS",2009,530,0,0,"PAS"]
["A35628","BARRETTE",10094,"PAS",2009,535,{"$f":"H2499/F2499","v":0.75177570093457946},402.2,"PAS"]
["A35628","BARRETTE",11313,"PAS",2010,538,0.65343866171003717,351.55,"PAS"]
["A35628","BARRETTE",11903,"PAS",2010,505,0.10118811881188119,51.1,"PAS"]
["A35651EB","BAGUE EBAUCHE REPARATION",15514,"CND",2012,12,47.758333333333333,573.1,"CND"]
["A35651EB","BAGUE EBAUCHE REPARATION",16278,"CND",2012,9,8.4444444444444446,76,"CND"]
["A35-66600","BAGUE  INTERIEURE",14409,"CND",2011,34,4.4941176470588236,152.80000000000001,"CND"]
["A35-66600","BAGUE  INTERIEURE",18645,"CND",2013,9,36.711111111111109,330.4,"CND"]
["A35-66600","BAGUE  INTERIEURE",20988,"CND",2014,6,193.91666666666666,1163.5,"CND"]
["A35-66600","BAGUE  INTERIEURE",14317,"NITAL",2011,34,0,0,"NIT"]
["A35-66600","BAGUE  INTERIEURE",18568,"NITAL",2013,9,26.798888888888889,241.19,"NIT"]
["A35-66600","BAGUE  INTERIEURE",20794,"NITAL",2014,6,19.601666666666667,117.61,"NIT"]
["A35-66600","BAGUE  INTERIEURE",18468,"TTH",2013,9,6.3666666666666663,57.3,"TTH"]
["A35-66600","BAGUE  INTERIEURE",20561,"TTH",2014,6,21.504999999999999,129.03,"TTH"]
["A35-66600","BAGUE  INTERIEURE EBAUCHE",14128,"TTH",2011,34,1.2397058823529412,42.15,"TTH"]
["A35-66600EB","BAGUE  INTERIEURE EBAUCHE",9837,"CNDMSE",2009,5,7.1540000000000008,35.770000000000003,"CND"]
["A35-66600EB","BAGUE  INTERIEURE EBAUCHE",10315,"CNDMSE",2009,5,14.308000000000002,71.540000000000006,"CND"]
["A35-66600EB","BAGUE  INTERIEURE EBAUCHE",11249,"CNDMSE",2010,5,38.875999999999998,194.38,"CND"]
["A35-66600EB","BAGUE INTERIEURE EBAUCHE",9634,"TTHMSE",2009,6,10.365,62.19,"TTH"]
["A35-66600EB","BAGUE INTERIEURE EBAUCHE",10134,"TTHMSE",2009,5,5.734,28.67,"TTH"]
["A35-66600EB","BAGUE INTERIEURE EBAUCHE",11068,"TTHMSE",2009,5,5.806,29.03,"TTH"]
["A35859-1","VIS",18785,"PAS",2013,199,1.6040201005025125,319.2,"PAS"]
["A35894","RONDELLE",19866,"ZING",2014,261,0.20172413793103447,52.65,"ZING"]
["A35894","RONDELLE",11636,"ZING",2010,287,0.14721254355400698,42.25,"ZING"]
["A35894","RONDELLE",16507,"ZING",2012,275,0.36363636363636365,100,"ZING"]
["A35894","RONDELLE",17227,"ZING",2012,265,0.59486792452830184,157.63999999999999,"ZING"]
["A35894","RONDELLE",18851,"ZING",2013,255,1.9627450980392156,500.5,"ZING"]
["A35894","RONDELLE",19152,"ZING",2013,278,0.23597122302158272,65.599999999999994,"ZING"]
["A35956EB","BAGUE REPAR B767",15054,"CND",2011,17,22.705882352941178,386,"CND"]
["A35956EB","BAGUE REPAR B767",15669,"CND",2012,33,4.7806060606060603,157.76,"CND"]
["A35956EB","BAGUE REPAR B767",16664,"CND",2012,58,3.1724137931034484,184,"CND"]
["A35956EB","BAGUE REPAR B767",17214,"CND",2012,37,33.621621621621621,1244,"CND"]
["A35956EB","BAGUE REPAR B767",18254,"CND",2013,44,6.0136363636363646,264.60000000000002,"CND"]
["A35956EB","BAGUE REPAR B767",20314,"EB",2014,15,2.4459999999999997,36.69,"EB"]
["A35956EB","BAGUE REPAR B767",15449,"TTH",2012,18,3.5711111111111111,64.28,"TTH"]
["A35956EB","BAGUE REPAR B767",16456,"TTH",2012,29,4.3106896551724141,125.01,"TTH"]
["A35956EB","BAGUE REPAR B767",16841,"TTH",2012,19,25.73263157894737,488.92,"TTH"]
["A35956EB","BAGUE REPAR B767",17991,"TTH",2013,22,-6.4577272727272721,-142.07,"TTH"]
["A35956EB","BAGUE REPAR B767",20508,"TTH",2014,15,2.0766666666666667,31.15,"TTH"]
["A35956EB",null,0,null,2013,1,165,165]
["A35957EB","BAGUE REPARATION",20814,"USI",2014,187,0.80213903743315507,150,"USI"]
["A35958EB","BAGUE REPAR B767",20905,"CND",2014,11,278.97818181818184,3068.76,"CND"]
["A35958EB","BAGUE REPAR B767",20251,"TTH",2014,11,1.4954545454545454,16.45,"TTH"]
["A35979","RONDELLE",9272,"PELPAS",2009,265,0.4745660377358491,125.76,"PEL","PAS"]
["A35979","RONDELLE",9681,"PELPAS",2009,102,5.1735294117647062,527.70000000000005,"PEL","PAS"]
["A35979","RONDELLE",10109,"PELPAS",2009,105,1.5904761904761904,167,"PEL","PAS"]
["A35979","RONDELLE",11104,"PELPAS",2010,105,9.980952380952382E-2,10.48,"PEL","PAS"]
["A35979","RONDELLE",11622,"PELPAS",2010,107,38.876261682242991,4159.76,"PEL","PAS"]
["A35979","RONDELLE",11622,"PELPAS",2010,55,60.021818181818176,3301.2,"PEL","PAS"]
["A35979","RONDELLE",12854,"PELPAS",2010,105,31.839238095238095,3343.12,"PEL","PAS"]
["A35979","RONDELLE",12862,"PELPAS",2010,160,10.525124999999999,1684.02,"PEL","PAS"]
["A35979","RONDELLE",13745,"PELPAS",2011,155,1.0774193548387097,167,"PEL","PAS"]
["A35979","RONDELLE",14351,"PELPAS",2011,157,26.70063694267516,4192,"PEL","PAS"]
["A35979","RONDELLE",15050,"PELPAS",2011,54,3.0925925925925926,167,"PEL","PAS"]
["A35979","RONDELLE",15064,"PELPAS",2011,106,17.220471698113208,1825.37,"PEL","PAS"]
["A35979","RONDELLE",15800,"PELPAS",2012,154,1.0844155844155845,167,"PEL","PAS"]
["A35979","RONDELLE",16226,"PELPAS",2012,407,1.5043243243243243,612.26,"PEL","PAS"]
["A35979","RONDELLE",16849,"PELPAS",2012,172,1.2790697674418605,220,"PEL","PAS"]
["A35979","RONDELLE",17063,"PELPAS",2012,176,2.3675568181818183,416.69,"PEL","PAS"]
["A35979","RONDELLE",17179,"PELPAS",2012,346,8.2083236994219657,2840.08,"PEL","PAS"]
["A35979","RONDELLE",17276,"PELPAS",2012,204,14.589803921568627,2976.32,"PEL","PAS"]
["A35979","RONDELLE",17261,"PELPAS",2012,109,12.69137614678899,1383.36,"PEL","PAS"]
["A35979","RONDELLE",17335,"PELPAS",2012,208,2.6053846153846152,541.91999999999996,"PEL","PAS"]
["A35979","RONDELLE",17813,"PELPAS",2013,150,10.48,1572,"PEL","PAS"]
["A35979","RONDELLE",18284,"PELPAS",2013,310,10.682838709677419,3311.68,"PEL","PAS"]
["A35979","RONDELLE",18880,"PELPAS",2013,262,{"$f":"H2563/F2563","v":0.63740458015267176},167,"PEL","PAS"]
["A35979","RONDELLE",14763,"TTH",2011,14,7.7942857142857145,109.12,"TTH"]
["A35979","RONDELLE",15382,"TTH",2011,40,4.7,188,"TTH"]
["A35979","RONDELLE",15828,"TTH",2012,103,1.2134951456310679,124.99,"TTH"]
["A35979","RONDELLE",16401,"TTH",2012,44,3.9090909090909092,172,"TTH"]
["A35979","RONDELLE",17411,"TTH",2012,40,3.125,125,"TTH"]
["A35979","RONDELLE",17498,"TTH",2012,80,1.5625,125,"TTH"]
["A35979","RONDELLE",20560,"TTH",2014,40,0.42675000000000002,17.07,"TTH"]
["A35979","RONDELLE",16696,"TTH",2012,53,0.75377358490566038,39.950000000000003,"TTH"]
["A35979","RONDELLE",16697,"TTH",2012,28,1.9546428571428571,54.73,"TTH"]
["A35979","RONDELLE",0,"TTH",2012,1,314.38,314.38,"TTH"]
["A35979","RONDELLE",16699,"TTH",2012,53,0.48660377358490564,25.79,"TTH"]
["A35979","RONDELLE",16700,"TTH",2012,90,0.29366666666666669,26.43,"TTH"]
["A35979","RONDELLE",9060,"TTH",2009,26,1.1211538461538462,29.15,"TTH"]
["A35979","RONDELLE",9434,"TTH",2009,27,0.85,22.95,"TTH"]
["A35979","RONDELLE",10807,"TTH",2009,27,0.67592592592592593,18.25,"TTH"]
["A35979","RONDELLE",11091,"TTH",2010,28,8.1053571428571427,226.95,"TTH"]
["A35979","RONDELLE",11128,"TTH",2010,14,2.9378571428571432,41.13,"TTH"]
["A35979","RONDELLE",12595,"TTH",2010,27,0.82037037037037031,22.15,"TTH"]
["A35979","RONDELLE",12595,"TTH",2010,40,0.34575,13.83,"TTH"]
["A35979","RONDELLE",13275,"TTH",2011,40,0.57525000000000004,23.01,"TTH"]
["A35979","RONDELLE",14043,"TTH",2011,40,9.8849999999999998,395.4,"TTH"]
["A35979","RONDELLE",19865,"TTH",2014,40,0.82874999999999999,33.15,"TTH"]
["A35979","RONDELLE",14467,"TTH",2011,27,2.0370370370370372,55,"TTH"]
["A35979","RONDELLE",18347,"USI",2013,116,0.22327586206896549,25.9,"USI"]
["A35979","RONDELLE",18347,"USI",2013,146,0.33904109589041098,49.5,"USI"]
["A35979","RONDELLE",19959,"USI",2014,40,1.28,51.2,"USI"]
["A35979","RONDELLE",20743,"USI",2014,154,0.43831168831168832,67.5,"USI"]
["A35994R3","BARRETTE",15469,"CND",2011,100,2.14,214,"CND"]
["A35994R3","BARRETTE",15549,"CND",2012,193,1.2578756476683939,242.77,"CND"]
["A35994R3","BARRETTE",20500,"CNDPAS",2014,114,0.31377192982456142,35.770000000000003,"CND","PAS"]
["A36003","BARRETTE",8723,"TUNG",2009,291,5.8419243986254292,1700,"TUNG"]
["A36003R1","BARRETTE",13118,"CND",2010,15,18.466666666666665,277,"CND"]
["A36003R1","BARRETTE",13119,"TUNG",2011,15,71.544000000000011,1073.1600000000001,"TUNG"]
["A36003R2","BARRETTE",13462,"CND",2011,14,2.8928571428571428,40.5,"CND"]
["A36003R2","BARRETTE",13463,"TUNG",2011,14,47.142857142857146,660,"TUNG"]
["A36003R3","BARRETTE",13464,"CND",2011,14,4.8214285714285712,67.5,"CND"]
["A36003R3","BARRETTE",13465,"TUNG",2011,14,45.047142857142852,630.66,"TUNG"]
["A36088-1","BARRETTE",20608,"CNDPAS",2014,319,0.24028213166144202,76.650000000000006,"CND","PAS"]
["A36088-1","BARRETTE",12528,"CNDPAS",2010,307,0.23302931596091206,71.540000000000006,"CND","PAS"]
["A36088-1","BARRETTE",15495,"CNDPAS",2012,301,0.42578073089700996,128.16,"CND","PAS"]
["A36088-1","BARRETTE",16030,"CNDPAS",2012,245,0.14600000000000002,35.770000000000003,"CND","PAS"]
["A36088-1","BARRETTE",16316,"CNDPAS",2012,311,0,0,"CND","PAS"]
["A36088-1","BARRETTE",16572,"CNDPAS",2012,314,0.41009554140127391,128.77000000000001,"CND","PAS"]
["A36088-1","BARRETTE",16996,"CNDPAS",2012,384,1.4438541666666669,554.44000000000005,"CND","PAS"]
["A36088-1","BARRETTE",17319,"CNDPAS",2012,335,0.10677611940298508,35.770000000000003,"CND","PAS"]
["A36088-1","BARRETTE",17811,"CNDPAS",2013,325,0.22012307692307695,71.540000000000006,"CND","PAS"]
["A36088-1","BARRETTE",18320,"CNDPAS",2013,317,1.4121135646687697,447.64,"CND","PAS"]
["A36088-1","BARRETTE",18995,"CNDPAS",2013,308,7.6655844155844158E-2,23.61,"CND","PAS"]
["A36088-1","BARRETTE",19647,"CNDPAS",2013,317,0.32444794952681388,102.85,"CND","PAS"]
["A36088-1","BARRETTE",20439,"CUBAGE 2",2014,310,0.51561290322580644,159.84,"CUB2"]
["A36088-1","BARRETTE",19316,"CUBAGE 2",2013,320,0.114625,36.68,"CUB2"]
["A36088-1","BARRETTE",9266,"CUBAGE 2",2009,315,2.3466666666666667,739.2,"CUB2"]
["A36088-1","BARRETTE",17273,"CUBAGE 2",2012,330,0.96018181818181825,316.86,"CUB2"]
["A36088-1","BARRETTE",9239,"CUBAGE 2",2009,311,0.48977491961414787,152.32,"CUB2"]
["A36088-1","BARRETTE",9240,"CUBAGE 2",2009,311,0.11501607717041802,35.770000000000003,"CUB2"]
["A36088-1","BARRETTE",9241,"CUBAGE 2",2009,261,0.28172413793103451,73.53,"CUB2"]
["A36088-1","BARRETTE",19757,"CUBAGE 2",2014,320,0.4145625,132.66,"CUB2"]
["A36088-1","BARRETTE",15813,"CUBAGE 2",2012,315,0.230031746031746,72.459999999999994,"CUB2"]
["A36088-1","BARRETTE",15813,"CUBAGE 2",2012,269,0.47490706319702602,127.75,"CUB2"]
["A36088-1","BARRETTE",18099,"CUBAGE 2",2013,320,0.36553124999999997,116.97,"CUB2"]
["A36088-1","BARRETTE",15813,"CUBAGE 2",2012,46,2.7652173913043478,127.2,"CUB2"]
["A36088-1","BARRETTE",16584,"CUBAGE 2",2012,384,0.26416666666666666,101.44,"CUB2"]
["A36088-1","BARRETTE",18727,"CUBAGE 2",2013,310,0.11538709677419356,35.770000000000003,"CUB2"]
["A36088-1","BARRETTE",16797,"CUBAGE 2",2012,336,{"$f":"H2627/F2627","v":0.10645833333333335},35.770000000000003,"CUB2"]
["A36088-1","BARRETTE",8839,"PAS",2009,306,0.40679738562091505,124.48,"PAS"]
["A36088-1","BARRETTE",8911,"PAS",2009,311,1.3394533762057879,416.57,"PAS"]
["A36088-1","BARRETTE",9228,"PAS",2009,291,0.7404123711340207,215.46,"PAS"]
["A36088-1","BARRETTE",9337,"PAS",2009,291,0.17560137457044675,51.1,"PAS"]
["A36088-1","BARRETTE",9390,"PAS",2009,314,0.74229299363057333,233.08,"PAS"]
["A36088-1","BARRETTE",12374,"PAS",2010,307,1.6286644951140066,500,"PAS"]
["A36088-1","BARRETTE",9632,"TTH",2009,309,0.10025889967637541,30.98,"TTH"]
["A36088-1","BARRETTE",9632,"TTH",2009,309,9.1682847896440128E-2,28.33,"TTH"]
["A36088-1","BARRETTE",9632,"TTH",2009,261,0.24823754789272032,64.790000000000006,"TTH"]
["A36088-1","BARRETTE",18996,"TUNG",2013,308,8.5756493506493516,2641.3,"TUNG"]
["A36088-1","BARRETTE",19648,"TUNG",2014,247,1.4089068825910931,348,"TUNG"]
["A36088-1","BARRETTE",20609,"TUNG",2014,319,4.1379310344827589,1320,"TUNG"]
["A36088-1","BARRETTE",8088,"TUNG",2009,300,3.4,1020,"TUNG"]
["A36088-1","BARRETTE",8431,"TUNG",2009,294,8.6326530612244898,2538,"TUNG"]
["A36088-1","BARRETTE",8912,"TUNG",2009,311,1.157556270096463,360,"TUNG"]
["A36088-1","BARRETTE",8840,"TUNG",2009,306,2.1568627450980391,660,"TUNG"]
["A36088-1","BARRETTE",9229,"TUNG",2009,291,1.6082474226804124,468,"TUNG"]
["A36088-1","BARRETTE",9391,"TUNG",2009,314,3.9363057324840764,1236,"TUNG"]
["A36088-1","BARRETTE",9338,"TUNG",2009,290,0.77586206896551724,225,"TUNG"]
["A36088-1","BARRETTE",12529,"TUNG",2010,305,3.3182950819672135,1012.08,"TUNG"]
["A36088-1","BARRETTE",15496,"TUNG",2012,301,0.35880398671096347,108,"TUNG"]
["A36088-1","BARRETTE",16031,"TUNG",2012,240,0.17937499999999998,43.05,"TUNG"]
["A36088-1","BARRETTE",16317,"TUNG",2012,311,3.306688102893891,1028.3800000000001,"TUNG"]
["A36088-1","BARRETTE",16573,"TUNG",2012,314,6.3694267515923567E-2,20,"TUNG"]
["A36088-1","BARRETTE",16997,"TUNG",2012,384,0.5815104166666667,223.3,"TUNG"]
["A36088-1","BARRETTE",17320,"TUNG",2012,335,0.7,234.5,"TUNG"]
["A36088-1","BARRETTE",17812,"TUNG",2013,325,0.60246153846153849,195.8,"TUNG"]
["A36088-1","BARRETTE",18321,"TUNG",2013,317,9.4069400630914832E-2,29.82,"TUNG"]
["A36217","BARRETTE",18487,"CND",2013,63,47.357142857142854,2983.5,"CND"]
["A36217","BARRETTE",20398,"CND",2014,268,2.5858208955223883,693,"CND"]
["A36217","BARRETTE",20350,"CND",2014,368,1.8831521739130435,693,"CND"]
["A36217","BARRETTE",20483,"CND",2014,411,2.6335766423357665,1082.4000000000001,"CND"]
["A36217","BARRETTE",20763,"CND",2014,291,23.350515463917525,6795,"CND"]
["A36217","BARRETTE",20833,"CND",2014,307,2.5267752442996745,775.72,"CND"]
["A36217","BARRETTE",18488,"NICK",2013,60,7.2629999999999999,435.78,"NICK"]
["A36217","BARRETTE",18488,"NICK",2013,3,30.47666666666667,91.43,"NICK"]
["A36217","BARRETTE",19882,"NICK",2014,250,0.78488000000000002,196.22,"NICK"]
["A36217","BARRETTE",19882,"NICK",2014,137,0.4218978102189781,57.8,"NICK"]
["A36217","BARRETTE",19882,"NICK",2014,20,2.8005,56.01,"NICK"]
["A36217","BARRETTE",20090,"NICK",2014,150,1.8704666666666667,280.57,"NICK"]
["A36217","BARRETTE",20090,"NICK",2014,250,0.4088,102.2,"NICK"]
["A36217","BARRETTE",20352,"NICK",2014,150,3.302,495.3,"NICK"]
["A36217","BARRETTE",20352,"NICK",2014,218,0.23440366972477064,51.1,"NICK"]
["A36217","BARRETTE",20399,"NICK",2014,252,0.20277777777777778,51.1,"NICK"]
["A36217","BARRETTE",20484,"NICK",2014,200,0.22089999999999999,44.18,"NICK"]
["A36217","BARRETTE",20484,"NICK",2014,211,0.17701421800947867,37.35,"NICK"]
["A36217","BARRETTE",20090,"NICK",2014,20,4.7009999999999996,94.02,"NICK"]
["A36217","BARRETTE",20764,"NICK",2014,281,1.1347330960854094,318.86,"NICK"]
["A36217","BARRETTE",20834,"NICK",2014,305,0.16757377049180328,51.11,"NICK"]
["A36217","BARRETTE",20764,"NICK",2014,10,0,0,"NICK"]
["A36217","BARRETTE",18489,"TUNG",2013,60,3,180,"TUNG"]
["A36217","BARRETTE",18489,"TUNG",2013,3,60.620000000000005,181.86,"TUNG"]
["A36217","BARRETTE",19883,"TUNG",2014,250,6.2668800000000005,1566.72,"TUNG"]
["A36217","BARRETTE",19883,"TUNG",2014,137,12.071240875912409,1653.76,"TUNG"]
["A36217","BARRETTE",19883,"TUNG",2014,20,86.015999999999991,1720.32,"TUNG"]
["A36217","BARRETTE",20091,"TUNG",2014,150,14.191666666666666,2128.75,"TUNG"]
["A36217","BARRETTE",20091,"TUNG",2014,250,9.1530400000000007,2288.2600000000002,"TUNG"]
["A36217","BARRETTE",20353,"TUNG",2014,150,10.922666666666668,1638.4,"TUNG"]
["A36217","BARRETTE",20765,"TUNG",2014,281,5.8306049822064061,1638.4,"TUNG"]
["A36217","BARRETTE",20835,"TUNG",2014,305,5.3046557377049179,1617.92,"TUNG"]
["A36217","BARRETTE",20765,"TUNG",2014,10,18.649000000000001,186.49,"TUNG"]
["A36217","BARRETTE",20400,"TUNG",2014,252,9.8849206349206344,2491,"TUNG"]
["A36217","BARRETTE",20353,"TUNG",2014,218,3.2752293577981653,714,"TUNG"]
["A36217","BARRETTE",20485,"TUNG",2014,200,{"$f":"H2691/F2691","v":3.3},660,"TUNG"]
["A36217","BARRETTE",20485,"TUNG",2014,211,20.85308056872038,4400,"TUNG"]
["A36217","BARRETTE",20091,"TUNG",2014,20,37.1,742,"TUNG"]
["A36249","BAGUE DE JOINT DE ROULEMENT",9177,"PAS",2009,191,1.134083769633508,216.61,"PAS"]
["A36249","BAGUE DE JOINT DE ROULEMENT",9741,"PAS",2009,161,3.6180124223602483,582.5,"PAS"]
["A36249","BAGUE DE JOINT DE ROULEMENT",11220,"PAS",2010,18,9.8738888888888887,177.73,"PAS"]
["A36291","BAGUE",8847,"CAD",2009,153,1.2418300653594772,190,"CAD"]
["A36291","BAGUE",9068,"CAD",2009,152,0.39473684210526316,60,"CAD"]
["A36291","BAGUE",9472,"CAD",2009,157,0.57961783439490444,91,"CAD"]
["A36291","BAGUE",9505,"CAD",2009,152,0.59210526315789469,90,"CAD"]
["A36291","BAGUE",10156,"CAD",2009,153,0.35294117647058826,54,"CAD"]
["A36291","BAGUE",10234,"CAD",2009,150,0,0,"CAD"]
["A36291","BAGUE",10309,"CAD",2009,160,0,0,"CAD"]
["A36291","BAGUE",10635,"CAD",2009,153,0.62745098039215685,96,"CAD"]
["A36291","BAGUE",10752,"CAD",2009,153,1.2418300653594772,190,"CAD"]
["A36291","BAGUE",20009,"CNDCAD",2014,153,0.53437908496732034,81.760000000000005,"CND","CAD"]
["A36291","BAGUE",20276,"CNDCAD",2014,64,55.504062500000003,3552.26,"CND","CAD"]
["A36291","BAGUE",20277,"CNDCAD",2014,86,48.110465116279073,4137.5,"CND","CAD"]
["A36291","BAGUE",20401,"CNDCAD",2014,151,0.41139072847682118,62.12,"CND","CAD"]
["A36291","BAGUE",20519,"CNDCAD",2014,30,4.0093333333333332,120.28,"CND","CAD"]
["A36291","BAGUE",20519,"CNDCAD",2014,5,566.41999999999996,2832.1,"CND","CAD"]
["A36291","BAGUE",20552,"CNDCAD",2014,70,14.367142857142857,1005.7,"CND","CAD"]
["A36291","BAGUE",20552,"CNDCAD",2014,38,78,2964,"CND","CAD"]
["A36291","BAGUE",20552,"CNDCAD",2014,13,19.600000000000001,254.8,"CND","CAD"]
["A36291","BAGUE",11584,"CNDCAD",2010,153,0.78614379084967323,120.28,"CND","CAD"]
["A36291","BAGUE",11662,"CNDCAD",2010,152,0.79131578947368419,120.28,"CND","CAD"]
["A36291","BAGUE",11679,"CNDCAD",2010,156,0.77102564102564108,120.28,"CND","CAD"]
["A36291","BAGUE",11968,"CNDCAD",2010,153,0.78614379084967323,120.28,"CND","CAD"]
["A36291","BAGUE",12003,"CNDCAD",2010,302,0.11400662251655629,34.43,"CND","CAD"]
["A36291","BAGUE",12078,"CNDCAD",2010,132,3.75,495,"CND","CAD"]
["A36291","BAGUE",12117,"CNDCAD",2010,302,3.1117549668874172,939.75,"CND","CAD"]
["A36291","BAGUE",12438,"CNDCAD",2010,153,0.3339869281045752,51.1,"CND","CAD"]
["A36291","BAGUE",12593,"CNDCAD",2010,153,0.6679738562091504,102.2,"CND","CAD"]
["A36291","BAGUE",13521,"CNDCAD",2011,150,4.18,627,"CND","CAD"]
["A36291","BAGUE",13504,"CNDCAD",2011,151,0.3384105960264901,51.1,"CND","CAD"]
["A36291","BAGUE",13626,"CNDCAD",2011,152,0.33618421052631581,51.1,"CND","CAD"]
["A36291","BAGUE",14311,"CNDCAD",2011,153,11.058823529411764,1692,"CND","CAD"]
["A36291","BAGUE",14316,"CNDCAD",2011,153,1.0727450980392157,164.13,"CND","CAD"]
["A36291","BAGUE",14525,"CNDCAD",2011,152,5.1905263157894739,788.96,"CND","CAD"]
["A36291","BAGUE",14932,"CNDCAD",2011,152,0.22855263157894737,34.74,"CND","CAD"]
["A36291","BAGUE",14931,"CNDCAD",2011,152,0.5446052631578947,82.78,"CND","CAD"]
["A36291","BAGUE",15708,"CNDCAD",2012,151,2.1295364238410595,321.56,"CND","CAD"]
["A36291","BAGUE",15715,"CNDCAD",2012,152,0.76164473684210521,115.77,"CND","CAD"]
["A36291","BAGUE",15741,"CNDCAD",2012,153,3.6928104575163401,565,"CND","CAD"]
["A36291","BAGUE",16537,"CNDCAD",2012,150,0.80186666666666673,120.28,"CND","CAD"]
["A36291","BAGUE",16514,"CNDCAD",2012,150,0.80186666666666673,120.28,"CND","CAD"]
["A36291","BAGUE",16608,"CNDCAD",2012,150,0.80186666666666673,120.28,"CND","CAD"]
["A36291","BAGUE",17050,"CNDCAD",2012,153,0.79738562091503273,122,"CND","CAD"]
["A36291","BAGUE",17481,"CNDCAD",2012,149,1.2536912751677853,186.8,"CND","CAD"]
["A36291","BAGUE",17961,"CNDCAD",2013,151,5.4251655629139073,819.2,"CND","CAD"]
["A36291","BAGUE",17949,"CNDCAD",2013,150,6.35,952.5,"CND","CAD"]
["A36291","BAGUE",18901,"CNDCAD",2013,150,1.0734666666666668,161.02000000000001,"CND","CAD"]
["A36291","BAGUE",19344,"CNDCAD",2013,149,1.1478523489932886,171.03,"CND","CAD"]
["A36369EB","BAGUE EBAUCHE",15249,"CHR",2011,10,20.6,206,"CHR"]
["A36369EB","BAGUE EBAUCHE",18418,"CHR",2013,10,2.2839999999999998,22.84,"CHR"]
["A36370EB","BAGUE REPARATION",20159,"EB",2014,26,1.9653846153846155,51.1,"EB"]
["A36370EB","BAGUE REPARATION",20641,"FIN",2014,26,5.2907692307692304,137.56,"FIN"]
["A36370EB","BAGUE REPARATION",14641,"TTH",2011,3,56.01,168.03,"TTH"]
["A36370EB","BAGUE REPARATION",20445,"TTH",2014,26,0.83653846153846156,21.75,"TTH"]
["A36371EB","BAGUE REPARATION",20310,"EB",2014,26,32.428846153846152,843.15,"EB"]
["A36371EB","BAGUE REPARATION",20639,"FIN",2014,24,4.2583333333333337,102.2,"FIN"]
["A36371EB","BAGUE REPARATION",14641,"TTH",2011,3,37.01,111.03,"TTH"]
["A36371EB","BAGUE REPARATION",20507,"TTH",2014,26,0.6069230769230769,15.78,"TTH"]
["A36373EB","BAGUE REPARATION",20311,"EB",2014,26,3.4723076923076923,90.28,"EB"]
["A36373EB","BAGUE REPARATION",20638,"FIN",2014,26,{"$f":"H2755/F2755","v":1.3757692307692309},35.770000000000003,"FIN"]
["A36373EB","BAGUE REPARATION",20638,"FIN",2014,0,{"$error":"#DIV/0!"},202.23,"FIN"]
["A36373EB","BAGUE REPARATION",14641,"TTH",2011,3,36.993333333333332,110.98,"TTH"]
["A36373EB","BAGUE REPARATION",20507,"TTH",2014,26,1.198076923076923,31.15,"TTH"]
["A36374EB","BAGUE REPARATION",20160,"EB",2014,25,2.044,51.1,"EB"]
["A36374EB","BAGUE REPARATION",20640,"FIN",2014,24,4.4133333333333331,105.92,"FIN"]
["A36374EB","BAGUE REPARATION",14641,"TTH",2011,3,46.066666666666663,138.19999999999999,"TTH"]
["A36374EB","BAGUE REPARATION",20445,"TTH",2014,25,1.7036000000000002,42.59,"TTH"]
["A36514","BARRETTE",8805,"CND",2009,32,56.71875,1815,"CND"]
["A36514","BARRETTE",9444,"CND",2009,32,218.21312499999999,6982.82,"CND"]
["A36514","BARRETTE",9525,"CND",2009,32,5.3415625000000002,170.93,"CND"]
["A36514","BARRETTE",9658,"CND",2009,32,3.75,120,"CND"]
["A36514","BARRETTE",9707,"CND",2009,32,13.8771875,444.07,"CND"]
["A36514","BARRETTE",9813,"CND",2009,32,19,608,"CND"]
["A36514","BARRETTE",9849,"CND",2009,32,4.3931250000000004,140.58000000000001,"CND"]
["A36514","BARRETTE",9873,"CND",2009,32,6.8287500000000003,218.52,"CND"]
["A36514","BARRETTE",9913,"CND",2009,32,7.1315625000000002,228.21,"CND"]
["A36514","BARRETTE",9976,"CND",2009,32,44.610937499999999,1427.55,"CND"]
["A36514","BARRETTE",10137,"CND",2009,32,4.4437499999999996,142.19999999999999,"CND"]
["A36514","BARRETTE",10191,"CND",2009,32,28.2075,902.64,"CND"]
["A36514","BARRETTE",10239,"CND",2009,32,5.28125,169,"CND"]
["A36514","BARRETTE",10286,"CND",2009,32,3.9375,126,"CND"]
["A36514","BARRETTE",10445,"CND",2009,32,6.6362500000000004,212.36,"CND"]
["A36514","BARRETTE",10508,"CND",2009,32,3.9375,126,"CND"]
["A36514","BARRETTE",10571,"CND",2009,32,3.9375,126,"CND"]
["A36514","BARRETTE",10654,"CND",2009,32,3.9375,126,"CND"]
["A36514","BARRETTE",10710,"CND",2009,32,0,0,"CND"]
["A36514","BARRETTE",10803,"CND",2009,32,4.0625,130,"CND"]
["A36514","BARRETTE",10999,"CND",2009,32,22.139687500000001,708.47,"CND"]
["A36514","BARRETTE",11039,"CND",2009,32,6.25,200,"CND"]
["A36514","BARRETTE",11122,"CND",2010,32,8.1621874999999999,261.19,"CND"]
["A36514","BARRETTE",11274,"CND",2010,32,6.25,200,"CND"]
["A36514","BARRETTE",11324,"CND",2010,32,6.25,200,"CND"]
["A36514","BARRETTE",12369,"CND",2010,307,7.5921824104234537,2330.8000000000002,"CND"]
["A36514","BARRETTE",12506,"CND",2010,287,5.1036585365853657,1464.75,"CND"]
["A36514","BARRETTE",8497,"NICK",2009,32,1.7503124999999999,56.01,"NICK"]
["A36514","BARRETTE",8671,"NICK",2009,305,0.52754098360655743,160.9,"NICK"]
["A36514","BARRETTE",8717,"NICK",2009,32,4.359375,139.5,"NICK"]
["A36514","BARRETTE",8579,"NICK",2009,32,7.4734375000000002,239.15,"NICK"]
["A36514","BARRETTE",8717,"NICK",2009,273,0.3016849816849817,82.36,"NICK"]
["A36514","BARRETTE",8771,"NICK",2009,274,11.036496350364963,3024,"NICK"]
["A36514","BARRETTE",8771,"NICK",2009,32,6.0003124999999997,192.01,"NICK"]
["A36514","BARRETTE",8806,"NICK",2009,32,0,0,"NICK"]
["A36514","BARRETTE",8806,"NICK",2009,270,0.57685185185185184,155.75,"NICK"]
["A36514","BARRETTE",9445,"NICK",2009,258,0.22689922480620156,58.54,"NICK"]
["A36514","BARRETTE",9445,"NICK",2009,32,2.2356250000000002,71.540000000000006,"NICK"]
["A36514","BARRETTE",9526,"NICK",2009,299,0.36745819397993312,109.87,"NICK"]
["A36514","BARRETTE",9708,"NICK",2009,300,0.16516666666666666,49.55,"NICK"]
["A36514","BARRETTE",9659,"NICK",2009,300,1.1467000000000001,344.01,"NICK"]
["A36514","BARRETTE",9814,"NICK",2009,270,0.13248148148148151,35.770000000000003,"NICK"]
["A36514","BARRETTE",9814,"NICK",2009,30,0,0,"NICK"]
["A36514","BARRETTE",9850,"NICK",2009,260,2.8930384615384619,752.19,"NICK"]
["A36514","BARRETTE",9874,"NICK",2009,305,1.4569508196721312,444.37,"NICK"]
["A36514","BARRETTE",9850,"NICK",2009,30,14.812333333333333,444.37,"NICK"]
["A36514","BARRETTE",9914,"NICK",2009,268,0.36496268656716419,97.81,"NICK"]
["A36514","BARRETTE",9874,"NICK",2009,5,8.7279999999999998,43.64,"NICK"]
["A36514","BARRETTE",9977,"NICK",2009,265,0.19283018867924528,51.1,"NICK"]
["A36514","BARRETTE",9977,"NICK",2009,1,35.770000000000003,35.770000000000003,"NICK"]
["A36514","BARRETTE",9977,"NICK",2009,2,96.58,193.16,"NICK"]
["A36514","BARRETTE",9977,"NICK",2009,32,3.8643749999999999,123.66,"NICK"]
["A36514","BARRETTE",9914,"NICK",2009,32,5.3028124999999999,169.69,"NICK"]
["A36514","BARRETTE",10138,"NICK",2009,268,0.70335820895522383,188.5,"NICK"]
["A36514","BARRETTE",10192,"NICK",2009,268,0.19067164179104479,51.1,"NICK"]
["A36514","BARRETTE",10138,"NICK",2009,32,17.547812499999999,561.53,"NICK"]
["A36514","BARRETTE",10240,"NICK",2009,258,{"$f":"H2819/F2819","v":0.7583333333333333},195.65,"NICK"]
["A36514","BARRETTE",10240,"NICK",2009,1,0,0,"NICK"]
["A36514","BARRETTE",10192,"NICK",2009,32,3.15,100.8,"NICK"]
["A36514","BARRETTE",10240,"NICK",2009,32,19.569375000000001,626.22,"NICK"]
["A36514","BARRETTE",10287,"NICK",2009,7,24.774285714285714,173.42,"NICK"]
["A36514","BARRETTE",10287,"NICK",2009,303,0,0,"NICK"]
["A36514","BARRETTE",10446,"NICK",2009,268,0,0,"NICK"]
["A36514","BARRETTE",10240,"NICK",2009,1,401.95,401.95,"NICK"]
["A36514","BARRETTE",10509,"NICK",2009,278,0,0,"NICK"]
["A36514","BARRETTE",10446,"NICK",2009,32,19.4021875,620.87,"NICK"]
["A36514","BARRETTE",10572,"NICK",2009,274,0,0,"NICK"]
["A36514","BARRETTE",10509,"NICK",2009,32,6.4675000000000002,206.96,"NICK"]
["A36514","BARRETTE",10655,"NICK",2009,274,0,0,"NICK"]
["A36514","BARRETTE",10572,"NICK",2009,32,7.9046874999999996,252.95,"NICK"]
["A36514","BARRETTE",10655,"NICK",2009,32,7.1768749999999999,229.66,"NICK"]
["A36514","BARRETTE",10711,"NICK",2009,267,0.21434456928838949,57.23,"NICK"]
["A36514","BARRETTE",10711,"NICK",2009,32,1.596875,51.1,"NICK"]
["A36514","BARRETTE",10804,"NICK",2009,269,0.53475836431226764,143.85,"NICK"]
["A36514","BARRETTE",11000,"NICK",2009,274,0.34594890510948906,94.79,"NICK"]
["A36514","BARRETTE",10804,"NICK",2009,32,5.5187499999999998,176.6,"NICK"]
["A36514","BARRETTE",11040,"NICK",2010,272,0.13150735294117649,35.770000000000003,"NICK"]
["A36514","BARRETTE",11040,"NICK",2010,32,30.243124999999999,967.78,"NICK"]
["A36514","BARRETTE",11123,"NICK",2010,305,0.16754098360655739,51.1,"NICK"]
["A36514","BARRETTE",11275,"NICK",2010,272,0.24422794117647062,66.430000000000007,"NICK"]
["A36514","BARRETTE",11123,"NICK",2010,32,2.2356250000000002,71.540000000000006,"NICK"]
["A36514","BARRETTE",11325,"NICK",2010,270,0.18925925925925927,51.1,"NICK"]
["A36514","BARRETTE",11275,"NICK",2010,32,3.7953125000000001,121.45,"NICK"]
["A36514","BARRETTE",11325,"NICK",2010,32,2.5390625,81.25,"NICK"]
["A36514","BARRETTE",11000,"NICK",2010,28,0,0,"NICK"]
["A36514","BARRETTE",12370,"NICK",2010,307,11.081433224755701,3402,"NICK"]
["A36514","BARRETTE",12507,"NICK",2010,287,0.92682926829268297,266,"NICK"]
["A36514","BARRETTE",12507,"NICK",2010,0,{"$error":"#DIV/0!"},167.61,"NICK"]
["A36514","BARRETTE",10656,"TUNG",2009,306,1.803921568627451,552,"TUNG"]
["A36514","BARRETTE",8406,"TUNG",2009,32,54.1875,1734,"TUNG"]
["A36514","BARRETTE",8498,"TUNG",2009,270,43.703703703703702,11800,"TUNG"]
["A36514","BARRETTE",7340,"TUNG",2009,2,348,696,"TUNG"]
["A36514","BARRETTE",8406,"TUNG",2009,270,1.3333333333333333,360,"TUNG"]
["A36514","BARRETTE",8581,"TUNG",2009,282,2.2340425531914891,630,"TUNG"]
["A36514","BARRETTE",8772,"TUNG",2009,306,8.2941176470588243,2538,"TUNG"]
["A36514","BARRETTE",8807,"TUNG",2009,32,77.84375,2491,"TUNG"]
["A36514","BARRETTE",8498,"TUNG",2009,32,63.25,2024,"TUNG"]
["A36514","BARRETTE",8718,"TUNG",2009,32,77.4375,2478,"TUNG"]
["A36514","BARRETTE",8672,"TUNG",2009,305,11.816393442622951,3604,"TUNG"]
["A36514","BARRETTE",8807,"TUNG",2009,270,2.8888888888888888,780,"TUNG"]
["A36514","BARRETTE",8581,"TUNG",2009,32,18.5625,594,"TUNG"]
["A36514","BARRETTE",8718,"TUNG",2009,273,0.82417582417582413,225,"TUNG"]
["A36514","BARRETTE",9446,"TUNG",2009,257,2.7315175097276265,702,"TUNG"]
["A36514","BARRETTE",9527,"TUNG",2009,299,3.0301003344481607,906,"TUNG"]
["A36514","BARRETTE",9446,"TUNG",2009,32,26.25,840,"TUNG"]
["A36514","BARRETTE",9709,"TUNG",2009,300,3.26,978,"TUNG"]
["A36514","BARRETTE",9660,"TUNG",2009,300,3.9666666666666668,1190,"TUNG"]
["A36514","BARRETTE",9815,"TUNG",2009,270,5.1333333333333337,1386,"TUNG"]
["A36514","BARRETTE",9851,"TUNG",2009,30,62,1860,"TUNG"]
["A36514","BARRETTE",9851,"TUNG",2009,260,7.1538461538461542,1860,"TUNG"]
["A36514","BARRETTE",9875,"TUNG",2009,310,6,1860,"TUNG"]
["A36514","BARRETTE",9815,"TUNG",2009,30,42,1260,"TUNG"]
["A36514","BARRETTE",9915,"TUNG",2009,268,4.7462686567164178,1272,"TUNG"]
["A36514","BARRETTE",9978,"TUNG",2009,265,2.1132075471698113,560,"TUNG"]
["A36514","BARRETTE",9978,"TUNG",2009,1,840,840,"TUNG"]
["A36514","BARRETTE",9978,"TUNG",2009,2,642,1284,"TUNG"]
["A36514","BARRETTE",9978,"TUNG",2009,32,79.6875,2550,"TUNG"]
["A36514","BARRETTE",9915,"TUNG",2009,32,36.40625,1165,"TUNG"]
["A36514","BARRETTE",10139,"TUNG",2009,268,1.8582089552238805,498,"TUNG"]
["A36514","BARRETTE",10139,"TUNG",2009,32,21.25,680,"TUNG"]
["A36514","BARRETTE",10193,"TUNG",2009,268,{"$f":"H2883/F2883","v":9.4029850746268657},2520,"TUNG"]
["A36514","BARRETTE",10241,"TUNG",2009,267,8,2136,"TUNG"]
["A36514","BARRETTE",10193,"TUNG",2009,32,77.84375,2491,"TUNG"]
["A36514","BARRETTE",10241,"TUNG",2009,32,77.84375,2491,"TUNG"]
["A36514","BARRETTE",10288,"TUNG",2009,303,2.1881188118811883,663,"TUNG"]
["A36514","BARRETTE",10447,"TUNG",2009,268,2.4738805970149254,663,"TUNG"]
["A36514","BARRETTE",10510,"TUNG",2009,278,1.9064748201438848,530,"TUNG"]
["A36514","BARRETTE",10510,"TUNG",2009,32,16.5625,530,"TUNG"]
["A36514","BARRETTE",10573,"TUNG",2009,298,2.1342281879194629,636,"TUNG"]
["A36514","BARRETTE",10712,"TUNG",2009,267,2.3820224719101124,636,"TUNG"]
["A36514","BARRETTE",10712,"TUNG",2009,32,19.5,624,"TUNG"]
["A36514","BARRETTE",10447,"TUNG",2009,32,49.125,1572,"TUNG"]
["A36514","BARRETTE",10805,"TUNG",2009,269,3.3457249070631971,900,"TUNG"]
["A36514","BARRETTE",10712,"TUNG",2009,32,27.5625,882,"TUNG"]
["A36514","BARRETTE",11041,"TUNG",2010,32,57.6,1843.2,"TUNG"]
["A36514","BARRETTE",11001,"TUNG",2010,276,18.244565217391305,5035.5,"TUNG"]
["A36514","BARRETTE",10805,"TUNG",2010,32,109.765625,3512.5,"TUNG"]
["A36514","BARRETTE",11041,"TUNG",2010,272,41.911764705882355,11400,"TUNG"]
["A36514","BARRETTE",11124,"TUNG",2010,305,2.7540983606557377,840,"TUNG"]
["A36514","BARRETTE",11276,"TUNG",2010,272,2.3161764705882355,630,"TUNG"]
["A36514","BARRETTE",11326,"TUNG",2010,270,0.77037037037037037,208,"TUNG"]
["A36514","BARRETTE",11276,"TUNG",2010,32,30.371874999999999,971.9,"TUNG"]
["A36514","BARRETTE",11326,"TUNG",2010,32,30.765625,984.5,"TUNG"]
["A36514","BARRETTE",11001,"TUNG",2010,28,34.598214285714285,968.75,"TUNG"]
["A36514","BARRETTE",12371,"TUNG",2010,307,3.2860586319218243,1008.82,"TUNG"]
["A36514","BARRETTE",12508,"TUNG",2010,287,3.4809756097560975,999.04,"TUNG"]
["A36-54909EB","SUPPORT",11370,"OASMSE",2010,6,19.04,114.24,"OAS"]
["A36-54909EB","SUPPORT",12948,"OASMSE",2010,13,11.792307692307693,153.30000000000001,"OAS"]
["A36-54909EB","SUPPORT",13398,"OASMSE",2011,12,6.0991666666666662,73.19,"OAS"]
["A36565","BARRETTE",20424,"CNDPAS",2014,319,0.52639498432601872,167.92,"CND","PAS"]
["A36565","BARRETTE",20471,"CNDPAS",2014,318,0.22496855345911951,71.540000000000006,"CND","PAS"]
["A36565","BARRETTE",20790,"CNDPAS",2014,319,0.38445141065830724,122.64,"CND","PAS"]
["A36565","BARRETTE",13717,"CNDPAS",2011,307,0.11651465798045603,35.770000000000003,"CND","PAS"]
["A36565","BARRETTE",13779,"CNDPAS",2011,315,0.86028571428571432,270.99,"CND","PAS"]
["A36565","BARRETTE",13835,"CNDPAS",2011,319,1.1829467084639498,377.36,"CND","PAS"]
["A36565","BARRETTE",13867,"CNDPAS",2011,315,3.7786031746031745,1190.26,"CND","PAS"]
["A36565","BARRETTE",14536,"CNDPAS",2011,313,0.11428115015974442,35.770000000000003,"CND","PAS"]
["A36565","BARRETTE",14665,"CNDPAS",2011,315,1.5330158730158729,482.9,"CND","PAS"]
["A36565","BARRETTE",15023,"CNDPAS",2011,321,0.80230529595015587,257.54000000000002,"CND","PAS"]
["A36565","BARRETTE",15071,"CNDPAS",2011,305,9.4532459016393435,2883.24,"CND","PAS"]
["A36565","BARRETTE",15263,"CNDPAS",2011,309,0.56721682847896449,175.27,"CND","PAS"]
["A36565","BARRETTE",15363,"CNDPAS",2011,615,0.27419512195121948,168.63,"CND","PAS"]
["A36565","BARRETTE",15604,"CNDPAS",2012,313,0.22856230031948885,71.540000000000006,"CND","PAS"]
["A36565","BARRETTE",15599,"CNDPAS",2012,321,0.52775700934579439,169.41,"CND","PAS"]
["A36565","BARRETTE",15653,"CNDPAS",2012,318,0.11248427672955975,35.770000000000003,"CND","PAS"]
["A36565","BARRETTE",16387,"CNDPAS",2012,304,0.67572368421052631,205.42,"CND","PAS"]
["A36565","BARRETTE",16418,"CNDPAS",2012,306,1.0954901960784316,335.22,"CND","PAS"]
["A36565","BARRETTE",16659,"CNDPAS",2012,312,0.22929487179487182,71.540000000000006,"CND","PAS"]
["A36565","BARRETTE",16735,"CNDPAS",2012,307,0,0,"CND","PAS"]
["A36565","BARRETTE",16823,"CNDPAS",2012,314,1.0545541401273886,331.13,"CND","PAS"]
["A36565","BARRETTE",16874,"CNDPAS",2012,306,1.0757189542483661,329.17,"CND","PAS"]
["A36565","BARRETTE",17089,"CNDPAS",2012,321,0.11143302180685359,35.770000000000003,"CND","PAS"]
["A36565","BARRETTE",17250,"CNDPAS",2012,323,0.11074303405572757,35.770000000000003,"CND","PAS"]
["A36565","BARRETTE",17477,"CNDPAS",2012,336,0.5535714285714286,186,"CND","PAS"]
["A36565","BARRETTE",17642,"CNDPAS",2013,336,0,0,"CND","PAS"]
["A36565","BARRETTE",17710,"CNDPAS",2013,333,1.0925825825825826,363.83,"CND","PAS"]
["A36565","BARRETTE",17955,"CNDPAS",2013,309,0.25135922330097088,77.67,"CND","PAS"]
["A36565","BARRETTE",18009,"CNDPAS",2013,289,0.15501730103806227,44.8,"CND","PAS"]
["A36565","BARRETTE",18192,"CNDPAS",2013,320,0,0,"CND","PAS"]
["A36565","BARRETTE",18419,"CNDPAS",2013,320,0.11178125000000001,35.770000000000003,"CND","PAS"]
["A36565","BARRETTE",18446,"CNDPAS",2013,302,0.11844370860927153,35.770000000000003,"CND","PAS"]
["A36565","BARRETTE",18638,"CNDPAS",2013,316,6.889240506329114E-2,21.77,"CND","PAS"]
["A36565","BARRETTE",18689,"CNDPAS",2013,316,8.0379746835443036E-2,25.4,"CND","PAS"]
["A36565","BARRETTE",19170,"CNDPAS",2013,308,0.42620129870129875,131.27000000000001,"CND","PAS"]
["A36565","BARRETTE",19269,"CNDPAS",2013,625,{"$f":"H2947/F2947","v":0.13305600000000001},83.16,"CND","PAS"]
["A36565","BARRETTE",20296,"CNDPAS",2014,317,0.19044164037854888,60.37,"CND","PAS"]
["A36565","BARRETTE",20687,"CUBAGE",2014,320,0.25493749999999998,81.58,"CUB"]
["A36565","BARRETTE",17731,"CUBAGE",2013,310,2.6080645161290321,808.5,"CUB"]
["A36565","BARRETTE",17731,"CUBAGE",2013,289,0,0,"CUB"]
["A36565","BARRETTE",17273,"CUBAGE",2012,336,0.10645833333333335,35.770000000000003,"CUB"]
["A36565","BARRETTE",9165,"CUBAGE",2009,322,0.35546583850931673,114.46,"CUB"]
["A36565","BARRETTE",9166,"CUBAGE",2009,322,0,0,"CUB"]
["A36565","BARRETTE",17273,"CUBAGE",2012,336,0.10645833333333335,35.770000000000003,"CUB"]
["A36565","BARRETTE",17273,"CUBAGE",2012,336,0.10645833333333335,35.770000000000003,"CUB"]
["A36565","BARRETTE",15067,"CUBAGE",2011,320,0.54662499999999992,174.92,"CUB"]
["A36565","BARRETTE",15067,"CUBAGE",2011,320,0.11178125000000001,35.770000000000003,"CUB"]
["A36565","BARRETTE",19757,"CUBAGE",2014,320,0,0,"CUB"]
["A36565","BARRETTE",18035,"CUBAGE",2013,320,1.5343437500000001,490.99,"CUB"]
["A36565","BARRETTE",15814,"CUBAGE",2012,310,0.11538709677419356,35.770000000000003,"CUB"]
["A36565","BARRETTE",15814,"CUBAGE",2012,41,0,0,"CUB"]
["A36565","BARRETTE",9350,"CUBAGE",2009,305,0.70606557377049184,215.35,"CUB"]
["A36565","BARRETTE",9350,"CUBAGE",2009,305,1.0245573770491803,312.49,"CUB"]
["A36565","BARRETTE",18098,"CUBAGE",2013,320,0,0,"CUB"]
["A36565","BARRETTE",18097,"CUBAGE",2013,320,0.16399999999999998,52.48,"CUB"]
["A36565","BARRETTE",15814,"CUBAGE",2012,269,3.1147955390334574,837.88,"CUB"]
["A36565","BARRETTE",15814,"CUBAGE",2012,316,2.2603164556962025,714.26,"CUB"]
["A36565","BARRETTE",15814,"CUBAGE",2012,316,1.3664556962025316,431.8,"CUB"]
["A36565","BARRETTE",15814,"CUBAGE",2012,316,0,0,"CUB"]
["A36565","BARRETTE",18301,"CUBAGE",2013,320,3.3894687500000003,1084.6300000000001,"CUB"]
["A36565","BARRETTE",18302,"CUBAGE",2013,314,0.16207006369426752,50.89,"CUB"]
["A36565","BARRETTE",16511,"CUBAGE",2012,324,2.9311419753086421,949.69,"CUB"]
["A36565","BARRETTE",18727,"CUBAGE",2013,310,0.60864516129032264,188.68,"CUB"]
["A36565","BARRETTE",18727,"CUBAGE",2013,630,8.5269841269841273E-2,53.72,"CUB"]
["A36565","BARRETTE",16512,"CUBAGE",2012,324,0.20188271604938271,65.41,"CUB"]
["A36565","BARRETTE",19318,"CUBAGE",2014,320,0.24112499999999998,77.16,"CUB"]
["A36565","BARRETTE",19365,"CUBAGE",2014,319,0.28128526645768026,89.73,"CUB"]
["A36565","BARRETTE",16796,"CUBAGE",2012,328,0.44088414634146345,144.61000000000001,"CUB"]
["A36565","BARRETTE",9075,"PAS",2009,307,0.16644951140065148,51.1,"PAS"]
["A36565","BARRETTE",9117,"PAS",2009,306,0.48,146.88,"PAS"]
["A36565","BARRETTE",9456,"PAS",2009,320,0.15968750000000001,51.1,"PAS"]
["A36565","BARRETTE",9772,"PAS",2009,322,0.55124223602484468,177.5,"PAS"]
["A36565","BARRETTE",9897,"PAS",2009,302,0,0,"PAS"]
["A36565","BARRETTE",11149,"PAS",2010,297,0.45050505050505052,133.80000000000001,"PAS"]
["A36565","BARRETTE",11631,"PAS",2010,239,2.0011715481171546,478.28,"PAS"]
["A36565","BARRETTE",13718,"TUNG",2011,307,6.4677524429967423,1985.6,"TUNG"]
["A36565","BARRETTE",13780,"TUNG",2011,315,6.2571428571428571,1971,"TUNG"]
["A36565","BARRETTE",13836,"TUNG",2011,319,2.7147335423197493E-2,8.66,"TUNG"]
["A36565","BARRETTE",13868,"TUNG",2011,315,0.71479365079365076,225.16,"TUNG"]
["A36565","BARRETTE",18088,"TUNG",2013,233,10.778540772532189,2511.4,"TUNG"]
["A36565","BARRETTE",18792,"TUNG",2013,233,6.4062231759656658,1492.65,"TUNG"]
["A36565","BARRETTE",18690,"TUNG",2013,316,8.9066455696202524,2814.5,"TUNG"]
["A36565","BARRETTE",19270,"TUNG",2013,625,0.10824,67.650000000000006,"TUNG"]
["A36565","BARRETTE",19171,"TUNG",2013,308,8.5756493506493516,2641.3,"TUNG"]
["A36565","BARRETTE",20791,"TUNG",2014,319,0.85739811912225705,273.51,"TUNG"]
["A36565","BARRETTE",20297,"TUNG",2014,315,13.933333333333334,4389,"TUNG"]
["A36565","BARRETTE",20425,"TUNG",2014,319,0.10344827586206896,33,"TUNG"]
["A36565","BARRETTE",20472,"TUNG",2014,318,3.3396226415094339,1062,"TUNG"]
["A36565","BARRETTE",8589,"TUNG",2009,310,3.870967741935484,1200,"TUNG"]
["A36565","BARRETTE",9076,"TUNG",2009,307,1.1726384364820848,360,"TUNG"]
["A36565","BARRETTE",9118,"TUNG",2009,306,2.9607843137254903,906,"TUNG"]
["A36565","BARRETTE",9457,"TUNG",2009,320,11.6875,3740,"TUNG"]
["A36565","BARRETTE",9773,"TUNG",2009,230,4.1086956521739131,945,"TUNG"]
["A36565","BARRETTE",9898,"TUNG",2009,302,3.7748344370860929,1140,"TUNG"]
["A36565","BARRETTE",18447,"TUNG",2013,302,8.442913907284769,2549.7600000000002,"TUNG"]
["A36565","BARRETTE",11150,"TUNG",2010,297,16.072727272727274,4773.6000000000004,"TUNG"]
["A36565","BARRETTE",11632,"TUNG",2010,239,3.0251046025104604,723,"TUNG"]
["A36565","BARRETTE",14537,"TUNG",2011,313,2.8099041533546325,879.5,"TUNG"]
["A36565","BARRETTE",14666,"TUNG",2011,315,0.67739682539682533,213.38,"TUNG"]
["A36565","BARRETTE",15024,"TUNG",2011,321,{"$f":"H3011/F3011","v":2.7771339563862929},891.46,"TUNG"]
["A36565","BARRETTE",15072,"TUNG",2011,305,0.1901639344262295,58,"TUNG"]
["A36565","BARRETTE",15264,"TUNG",2011,309,0.34951456310679613,108,"TUNG"]
["A36565","BARRETTE",15364,"TUNG",2012,615,0.17560975609756097,108,"TUNG"]
["A36565","BARRETTE",15600,"TUNG",2012,321,0.3364485981308411,108,"TUNG"]
["A36565","BARRETTE",15654,"TUNG",2012,318,0.52830188679245282,168,"TUNG"]
["A36565","BARRETTE",16388,"TUNG",2012,304,0.20723684210526316,63,"TUNG"]
["A36565","BARRETTE",16419,"TUNG",2012,306,0.18235294117647058,55.8,"TUNG"]
["A36565","BARRETTE",16660,"TUNG",2012,312,4.807692307692308E-2,15,"TUNG"]
["A36565","BARRETTE",16736,"TUNG",2012,307,0.3745928338762215,115,"TUNG"]
["A36565","BARRETTE",16824,"TUNG",2012,291,0.74742268041237114,217.5,"TUNG"]
["A36565","BARRETTE",16824,"TUNG",2012,23,3.1304347826086958,72,"TUNG"]
["A36565","BARRETTE",16875,"TUNG",2012,306,0.24509803921568626,75,"TUNG"]
["A36565","BARRETTE",17251,"TUNG",2012,323,0.33126934984520123,107,"TUNG"]
["A36565","BARRETTE",17090,"TUNG",2012,321,8.4112149532710276E-2,27,"TUNG"]
["A36565","BARRETTE",17478,"TUNG",2013,336,0.87648809523809523,294.5,"TUNG"]
["A36565","BARRETTE",17711,"TUNG",2013,333,0.24774774774774774,82.5,"TUNG"]
["A36565","BARRETTE",17643,"TUNG",2013,336,1.9395833333333334,651.70000000000005,"TUNG"]
["A36565","BARRETTE",17956,"TUNG",2013,69,2.2260869565217392,153.6,"TUNG"]
["A36565","BARRETTE",18010,"TUNG",2013,289,3.2179930795847751E-2,9.3000000000000007,"TUNG"]
["A36565","BARRETTE",18307,"TUNG",2013,320,0.45,144,"TUNG"]
["A36565","BARRETTE",18420,"TUNG",2013,320,0.56874999999999998,182,"TUNG"]
["A36565","BARRETTE",18639,"TUNG",2013,316,0.73101265822784811,231,"TUNG"]
["A36565","BARRETTE",15605,"TUNG",2012,313,0.26837060702875398,84,"TUNG"]
["A36581","BAGUE RX03",10185,"CAD",2009,52,1.0384615384615385,54,"CAD"]
["A36581","BAGUE RX03",11809,"CNDCAD",2010,52,2.313076923076923,120.28,"CND","CAD"]
["A36581","BAGUE RX03",11897,"CNDCAD",2010,52,2.313076923076923,120.28,"CND","CAD"]
["A36581","BAGUE RX03",14292,"CNDCAD",2011,53,53.20754716981132,2820,"CND","CAD"]
["A36581","BAGUE RX03",14291,"CNDCAD",2011,53,67.02943396226415,3552.56,"CND","CAD"]
["A36581","BAGUE RX03",14737,"CNDCAD",2011,53,0.96415094339622642,51.1,"CND","CAD"]
["A36581","BAGUE RX03",14738,"CNDCAD",2011,53,0.96415094339622642,51.1,"CND","CAD"]
["A36581","BAGUE RX03",15846,"CNDCAD",2012,58,1.5575862068965518,90.34,"CND","CAD"]
["A36581","BAGUE RX03",16271,"CNDCAD",2012,53,27.658490566037738,1465.9,"CND","CAD"]
["A36581","BAGUE RX03",16429,"CNDCAD",2012,52,41.423461538461538,2154.02,"CND","CAD"]
["A36581","BAGUE RX03",16423,"CNDCAD",2012,53,28.485849056603772,1509.75,"CND","CAD"]
["A36581","BAGUE RX03",16889,"CNDCAD",2012,53,13.116981132075473,695.2,"CND","CAD"]
["A36581","BAGUE RX03",17373,"CNDCAD",2012,53,1.8588679245283017,98.52,"CND","CAD"]
["A36581","BAGUE RX03",17787,"CNDCAD",2013,51,1.8235294117647058,93,"CND","CAD"]
["A36581","BAGUE RX03",18001,"CNDCAD",2013,51,16.549019607843139,844,"CND","CAD"]
["A36581","BAGUE RX03",18294,"CNDCAD",2013,53,1.169622641509434,61.99,"CND","CAD"]
["A36581","BAGUE RX03",18516,"CNDCAD",2013,53,1.9150943396226414,101.5,"CND","CAD"]
["A36581","BAGUE RX03",18609,"CNDCAD",2013,53,1.6233962264150945,86.04,"CND","CAD"]
["A36581","BAGUE RX03",18610,"CNDCAD",2013,52,3.2876923076923079,170.96,"CND","CAD"]
["A36581","BAGUE RX03",19190,"CNDCAD",2013,51,1.6862745098039216,86,"CND","CAD"]
["A36581","BAGUE RX03",19350,"CNDCAD",2013,52,2.5192307692307692,131,"CND","CAD"]
["A36581","BAGUE RX03",19678,"CNDCAD",2013,53,2.4716981132075473,131,"CND","CAD"]
["A36581","BAGUE RX03",19679,"CNDCAD",2013,53,2.2090566037735848,117.08,"CND","CAD"]
["A36581","BAGUE RX03",20680,"USI",2014,40,2.2800000000000002,91.2,"USI"]
["A36581","BAGUE RX03",20682,"USI",2014,53,0.92452830188679247,49,"USI"]
["A36581","BAGUE RX03",19509,"USI",2013,53,23.849056603773583,1264,"USI"]
["A36581","BAGUE RX03",19509,"USI",2013,53,8.5188679245283012,451.5,"USI"]
["A36581EB","BAGUE RX03",14486,"CND",2011,4,48.25,193,"CND"]
["A36582","BAGUE RX03",8852,"CAD",2009,53,7.9284905660377358,420.21,"CAD"]
["A36582","BAGUE RX03",8851,"CAD",2009,53,0.18867924528301888,10,"CAD"]
["A36582","BAGUE RX03",11873,"CAD",2010,52,1.1538461538461537,60,"CAD"]
["A36582","BAGUE RX03",13679,"CNDCAD",2011,53,1.0918867924528302,57.87,"CND","CAD"]
["A36582","BAGUE RX03",13884,"CNDCAD",2011,53,2.560754716981132,135.72,"CND","CAD"]
["A36582","BAGUE RX03",14256,"CNDCAD",2011,52,1.9653846153846155,102.2,"CND","CAD"]
["A36582","BAGUE RX03",14431,"CNDCAD",2011,53,0.96415094339622642,51.1,"CND","CAD"]
["A36582","BAGUE RX03",14742,"CNDCAD",2011,53,3.2186792452830191,170.59,"CND","CAD"]
["A36582","BAGUE RX03",15971,"CNDCAD",2012,53,0.96415094339622642,51.1,"CND","CAD"]
["A36582","BAGUE RX03",15988,"CNDCAD",2012,53,18.147169811320754,961.8,"CND","CAD"]
["A36582","BAGUE RX03",16272,"CNDCAD",2012,53,59.805283018867918,3169.68,"CND","CAD"]
["A36582","BAGUE RX03",16303,"CNDCAD",2012,51,67.45882352941176,3440.4,"CND","CAD"]
["A36582","BAGUE RX03",16749,"CNDCAD",2012,53,{"$f":"H3075/F3075","v":1.6603773584905661},88,"CND","CAD"]
["A36582","BAGUE RX03",16748,"CNDCAD",2012,52,15.098076923076924,785.1,"CND","CAD"]
["A36582","BAGUE RX03",17730,"CNDCAD",2013,53,2.3018867924528301,122,"CND","CAD"]
["A36582","BAGUE RX03",17886,"CNDCAD",2013,51,5.9117647058823533,301.5,"CND","CAD"]
["A36582","BAGUE RX03",17915,"CNDCAD",2013,54,1.1481481481481481,62,"CND","CAD"]
["A36582","BAGUE RX03",18364,"CNDCAD",2013,53,2.4720754716981133,131.02000000000001,"CND","CAD"]
["A36582","BAGUE RX03",18633,"CNDCAD",2013,52,3.289423076923077,171.05,"CND","CAD"]
["A36582","BAGUE RX03",18632,"CNDCAD",2013,51,1.6864705882352942,86.01,"CND","CAD"]
["A36582","BAGUE RX03",19320,"CNDCAD",2013,51,1.6862745098039216,86,"CND","CAD"]
["A36582","BAGUE RX03",19335,"CNDCAD",2013,53,1.6226415094339623,86,"CND","CAD"]
["A36582","BAGUE RX03",19686,"CNDCAD",2013,51,1.6862745098039216,86,"CND","CAD"]
["A36582","BAGUE RX03",19683,"CNDCAD",2013,51,1.6847058823529413,85.92,"CND","CAD"]
["A36582","BAGUE RX03",17043,"DECADCAD",2012,53,115.10377358490567,6100.5,"DECAD","CAD"]
["A36582","BAGUE RX03",20629,"USI",2014,53,0.42264150943396223,22.4,"USI"]
["A36582","BAGUE RX03",20602,"USI",2014,52,0.875,45.5,"USI"]
["A36582","BAGUE RX03",20681,"USI",2014,21,2.4,50.4,"USI"]
["A36582","BAGUE RX03",20716,"USI",2014,53,1.4300000000000002,75.790000000000006,"USI"]
["A36582","BAGUE RX03",19512,"USI",2013,51,24.735294117647058,1261.5,"USI"]
["A36582","BAGUE RX03",19512,"USI",2013,51,5.0882352941176467,259.5,"USI"]
["A36582EB","BAGUE RX03",14479,"CND",2011,4,96.5,386,"CND"]
["A36583","BAGUE RX03",9003,"CAD",2009,51,0,0,"CAD"]
["A36583","BAGUE RX03",9003,"CAD",2009,51,3.4313725490196076,175,"CAD"]
["A36583","BAGUE RX03",9474,"CAD",2009,54,1.1666666666666667,63,"CAD"]
["A36583",null,11922,"CNDCAD",2010,53,2.2694339622641508,120.28,"CND","CAD"]
["A36583",null,12118,"CNDCAD",2010,53,28.30188679245283,1500,"CND","CAD"]
["A36583",null,14212,"CNDCAD",2011,53,24.605094339622639,1304.07,"CND","CAD"]
["A36583",null,14270,"CNDCAD",2011,53,4.2566037735849056,225.6,"CND","CAD"]
["A36583",null,14589,"CNDCAD",2011,52,1.966923076923077,102.28,"CND","CAD"]
["A36583",null,15326,"CNDCAD",2011,53,2.3018867924528301,122,"CND","CAD"]
["A36583",null,16029,"CNDCAD",2012,50,2.0455999999999999,102.28,"CND","CAD"]
["A36583",null,16020,"CNDCAD",2012,50,18.482399999999998,924.12,"CND","CAD"]
["A36583",null,16439,"CNDCAD",2012,51,2.3584313725490196,120.28,"CND","CAD"]
["A36583",null,16440,"CNDCAD",2012,53,2.2694339622641508,120.28,"CND","CAD"]
["A36583",null,16953,"CNDCAD",2012,50,18.925999999999998,946.3,"CND","CAD"]
["A36583",null,17362,"CNDCAD",2012,53,1.8573584905660376,98.44,"CND","CAD"]
["A36583",null,17716,"CNDCAD",2013,52,9.4346153846153857,490.6,"CND","CAD"]
["A36583",null,17725,"CNDCAD",2013,53,9.2566037735849065,490.6,"CND","CAD"]
["A36583",null,18228,"CNDCAD",2013,53,8.2622641509433965,437.9,"CND","CAD"]
["A36583",null,18417,"CNDCAD",2013,48,1.7916666666666667,86,"CND","CAD"]
["A36583",null,18824,"CNDCAD",2013,50,3.4204000000000003,171.02,"CND","CAD"]
["A36583",null,19340,"CNDCAD",2013,53,2.4711320754716981,130.97,"CND","CAD"]
["A36583",null,19630,"CNDCAD",2013,53,1.4152830188679246,75.010000000000005,"CND","CAD"]
["A36583",null,19676,"CNDCAD",2013,52,2.6153846153846154,136,"CND","CAD"]
["A36583",null,19675,"CNDCAD",2013,53,4.4528301886792452,236,"CND","CAD"]
["A36583",null,20324,"CNDCAD",2014,53,42.147169811320758,2233.8000000000002,"CND","CAD"]
["A36583","BAGUE RX03",20604,"USI",2014,53,1.4716981132075471,78,"USI"]
["A36583","BAGUE RX03",20603,"USI",2014,53,0.60377358490566035,32,"USI"]
["A36583","BAGUE RX03",19511,"USI",2013,53,9.2735849056603765,491.5,"USI"]
["A36583","BAGUE RX03",19511,"USI",2013,53,18.028301886792452,955.5,"USI"]
["A36583","BAGUE RX03",19511,"USI",2013,52,7.8173076923076925,406.5,"USI"]
["A36583EB","BAGUE",14478,"CND",2011,4,48.25,193,"CND"]
["A36595-1","ENTRETOISE",9141,"PAS",2009,51,2.3045098039215688,117.53,"PAS"]
["A36595-1","ENTRETOISE",9140,"PAS",2009,92,2.2039130434782606,202.76,"PAS"]
["A36595-1","ENTRETOISE",9551,"PAS",2009,60,6.7330000000000005,403.98,"PAS"]
["A36595-1","ENTRETOISE",9738,"PAS",2009,105,1.0652380952380951,111.85,"PAS"]
["A36595-1","ENTRETOISE",9990,"PAS",2009,53,1.9179245283018869,101.65,"PAS"]
["A36595-1","ENTRETOISE",10163,"PAS",2009,48,6.479166666666667,311,"PAS"]
["A36595-1","ENTRETOISE",10163,"PAS",2009,48,4.645833333333333,223,"PAS"]
["A36595-1","ENTRETOISE",10599,"PAS",2009,44,6.5388636363636357,287.70999999999998,"PAS"]
["A36595-1","ENTRETOISE",10674,"PAS",2009,69,3.0585507246376809,211.04,"PAS"]
["A36595-1","ENTRETOISE",11666,"PAS",2010,51,5.5137254901960784,281.2,"PAS"]
["A36595-2","ENTRETOISE",11956,"PAS",2010,53,12.41433962264151,657.96,"PAS"]
["A36595-2","ENTRETOISE",13708,"PAS",2011,50,2.5528,127.64,"PAS"]
["A36595-2","ENTRETOISE",14066,"PAS",2011,52,2.8584615384615382,148.63999999999999,"PAS"]
["A36595-2","ENTRETOISE",14142,"PAS",2011,51,{"$f":"H3139/F3139","v":3.4937254901960784},178.18,"PAS"]
["A36595-2","ENTRETOISE",14141,"PAS",2011,52,3.7146153846153847,193.16,"PAS"]
["A36595-2","ENTRETOISE",14592,"PAS",2011,54,12.219444444444445,659.85,"PAS"]
["A36595-2","ENTRETOISE",14591,"PAS",2011,54,17.698518518518519,955.72,"PAS"]
["A36595-2","ENTRETOISE",14634,"PAS",2011,54,8.4259259259259256,455,"PAS"]
["A36595-2","ENTRETOISE",15332,"PAS",2011,54,4.2392592592592591,228.92,"PAS"]
["A36595-2","ENTRETOISE",15333,"PAS",2011,104,0.7861538461538462,81.760000000000005,"PAS"]
["A36595-2","ENTRETOISE",15401,"PAS",2011,53,2.4383018867924529,129.22999999999999,"PAS"]
["A36595-2","ENTRETOISE",15395,"PAS",2011,102,2.8235294117647061,288,"PAS"]
["A36595-2","ENTRETOISE",15402,"PAS",2011,51,12.901176470588236,657.96,"PAS"]
["A36595-2","ENTRETOISE",15560,"PAS",2012,53,7.7498113207547172,410.74,"PAS"]
["A36595-2","ENTRETOISE",16353,"PAS",2012,53,2.7588679245283019,146.22,"PAS"]
["A36595-2","ENTRETOISE",16725,"PAS",2012,52,0.98269230769230775,51.1,"PAS"]
["A36595-2","ENTRETOISE",16908,"PAS",2012,50,13.041600000000001,652.08000000000004,"PAS"]
["A36595-2","ENTRETOISE",17769,"PAS",2013,54,2.7407407407407409,148,"PAS"]
["A36595-2","ENTRETOISE",17770,"PAS",2013,54,8.0555555555555554,435,"PAS"]
["A36595-2","ENTRETOISE",17768,"PAS",2013,53,6.8867924528301883,365,"PAS"]
["A36595-2","ENTRETOISE",17834,"PAS",2013,53,4.8207547169811322,255.5,"PAS"]
["A36595-2","ENTRETOISE",18389,"PAS",2013,54,6.2037037037037033,335,"PAS"]
["A36595-2","ENTRETOISE",18538,"PAS",2013,52,7.5576923076923075,393,"PAS"]
["A36595-2","ENTRETOISE",18543,"PAS",2013,53,10.584905660377359,561,"PAS"]
["A36595-2","ENTRETOISE",19597,"PAS",2013,53,8.9622641509433958,475,"PAS"]
["A36595-2","ENTRETOISE",19596,"PAS",2013,53,6.2264150943396226,330,"PAS"]
["A36595-2","ENTRETOISE",19599,"PAS",2013,53,12.788679245283017,677.8,"PAS"]
["A36595-2","ENTRETOISE",13719,"USI",2011,51,4.5490196078431371,232,"USI"]
["A36595-2","ENTRETOISE",14485,"USI",2011,54,1.7777777777777777,96,"USI"]
["A36595-2","ENTRETOISE",14485,"USI",2011,54,5.5370370370370372,299,"USI"]
["A36595-2","ENTRETOISE",14489,"USI",2011,53,0.99056603773584906,52.5,"USI"]
["A36595-2","ENTRETOISE",15393,"USI",2011,53,1.5849056603773586,84,"USI"]
["A36595-2","ENTRETOISE",18093,"USI",2013,54,0.83333333333333337,45,"USI"]
["A36595-2","ENTRETOISE",18323,"USI",2013,53,6.3811320754716983,338.2,"USI"]
["A36595-2","ENTRETOISE",18323,"USI",2013,52,0.24615384615384617,12.8,"USI"]
["A36595-2","ENTRETOISE",20811,"USI",2014,52,2.1538461538461537,112,"USI"]
["A36595-2","ENTRETOISE",16454,"USI",2012,50,7.444,372.2,"USI"]
["A36595-2","ENTRETOISE",15874,"USI",2012,53,11.402075471698112,604.30999999999995,"USI"]
["A36595-2","ENTRETOISE",16454,"USI",2012,52,0.5476923076923077,28.48,"USI"]
["A36595-2","ENTRETOISE",17601,"USI",2012,54,7.318888888888889,395.22,"USI"]
["A36595-2","ENTRETOISE",17390,"USI",2012,53,3.6905660377358491,195.6,"USI"]
["A36595-2","ENTRETOISE",17390,"USI",2012,54,0.35555555555555557,19.2,"USI"]
["A36595-2","ENTRETOISE",17390,"USI",2012,53,3.9245283018867925,208,"USI"]
["A36595-2","ENTRETOISE",19177,"USI",2013,53,18.79245283018868,996,"USI"]
["A36595-2","ENTRETOISE",19265,"USI",2013,53,3.3000000000000003,174.9,"USI"]
["A36595-2","ENTRETOISE",19265,"USI",2013,53,20.056603773584907,1063,"USI"]
["A36605","BAGUE DE FRICTION RX03",20816,"PELPAS",2014,152,1.0986842105263157,167,"PEL","PAS"]
["A36605","BAGUE DE FRICTION RX03",11489,"PELPAS",2010,69,39.412608695652168,2719.47,"PEL","PAS"]
["A36605","BAGUE DE FRICTION RX03",12993,"PELPAS",2010,63,4.2963492063492064,270.67,"PEL","PAS"]
["A36605","BAGUE DE FRICTION RX03",13607,"PELPAS",2011,73,26.388082191780821,1926.33,"PEL","PAS"]
["A36605","BAGUE DE FRICTION RX03",13606,"PELPAS",2011,74,0.28324324324324324,20.96,"PEL","PAS"]
["A36605","BAGUE DE FRICTION RX03",14532,"PELPAS",2011,71,31.332394366197182,2224.6,"PEL","PAS"]
["A36605","BAGUE DE FRICTION RX03",14792,"PELPAS",2011,76,14.341052631578949,1089.92,"PEL","PAS"]
["A36605","BAGUE DE FRICTION RX03",14791,"PELPAS",2011,77,43.553246753246754,3353.6,"PEL","PAS"]
["A36605","BAGUE DE FRICTION RX03",15308,"PELPAS",2011,144,6.5907638888888895,949.07,"PEL","PAS"]
["A36605","BAGUE DE FRICTION RX03",15905,"PELPAS",2012,138,21.415652173913045,2955.36,"PEL","PAS"]
["A36605","BAGUE DE FRICTION RX03",18185,"PELPAS",2013,61,2.737704918032787,167,"PEL","PAS"]
["A36605","BAGUE DE FRICTION RX03",18563,"PELPAS",2013,122,0.3436065573770492,41.92,"PEL","PAS"]
["A36605","BAGUE DE FRICTION RX03",18797,"PELPAS",2013,112,30.000357142857144,3360.04,"PEL","PAS"]
["A36605","BAGUE DE FRICTION RX03",20152,"PELPAS",2014,136,24.350588235294115,3311.68,"PEL","PAS"]
["A36605","BAGUE DE FRICTION RX03",20068,"USI",2014,152,1.2315789473684209,187.2,"USI"]
["A36605","BAGUE DE FRICTION RX03",19956,"USI",2014,136,0.11029411764705882,15,"USI"]
["A36692","BARRETTE A400M",14172,"CND",2011,210,10.248571428571427,2152.1999999999998,"CND"]
["A36692","BARRETTE A400M",14172,"CND",2011,218,7.4064220183486231,1614.6,"CND"]
["A36692","BARRETTE A400M",14695,"CND",2011,86,83.720930232558146,7200,"CND"]
["A36692","BARRETTE A400M",14812,"CND",2011,129,6.8837209302325579,888,"CND"]
["A36692","BARRETTE A400M",14812,"CND",2011,129,2.6643410852713179,343.7,"CND"]
["A36692","BARRETTE A400M",14172,"CND",2012,-218,{"$f":"H3203/F3203","v":-10.114678899082568},2205,"CND"]
["A36692","BARRETTE A400M",15244,"CND",2011,220,0.21772727272727271,47.9,"CND"]
["A36692","BARRETTE A400M",16876,"CND",2012,428,2.5500000000000003,1091.4000000000001,"CND"]
["A36692","BARRETTE A400M",17829,"CND",2013,412,0.6310679611650486,260,"CND"]
["A36692","BARRETTE A400M",18160,"CND",2013,309,0.12401294498381878,38.32,"CND"]
["A36692","BARRETTE A400M",18440,"CND",2013,249,3.0150602409638556,750.75,"CND"]
["A36692","BARRETTE A400M",19603,"CND",2013,278,6.7084172661870509,1864.94,"CND"]
["A36692","BARRETTE A400M",20304,"CND",2014,297,10.133198653198653,3009.56,"CND"]
["A36692","BARRETTE A400M",20581,"CND",2014,302,8.2649006622516552,2496,"CND"]
["A36692","BARRETTE A400M",7488,"NICK",2009,358,0.47220670391061453,169.05,"NICK"]
["A36692","BARRETTE A400M",14172,"NICK",2011,210,0.2998095238095238,62.96,"NICK"]
["A36692","BARRETTE A400M",14695,"NICK",2011,80,2.7237499999999999,217.9,"NICK"]
["A36692","BARRETTE A400M",14812,"NICK",2011,129,0.79224806201550391,102.2,"NICK"]
["A36692","BARRETTE A400M",15245,"NICK",2011,220,1.913909090909091,421.06,"NICK"]
["A36692","BARRETTE A400M",15091,"NICK",2011,5,21.577999999999999,107.89,"NICK"]
["A36692","BARRETTE A400M",14695,"NICK",2012,3,248.15,744.45,"NICK"]
["A36692","BARRETTE A400M",14172,"NICK",2012,5,20.956,104.78,"NICK"]
["A36692","BARRETTE A400M",16877,"NICK",2012,413,0.17322033898305086,71.540000000000006,"NICK"]
["A36692","BARRETTE A400M",16877,"NICK",2012,10,8.9430000000000014,89.43,"NICK"]
["A36692","BARRETTE A400M",17830,"NICK",2013,72,0.70972222222222225,51.1,"NICK"]
["A36692","BARRETTE A400M",17830,"NICK",2013,338,0.14650887573964497,49.52,"NICK"]
["A36692","BARRETTE A400M",16877,"NICK",2013,5,28.330000000000002,141.65,"NICK"]
["A36692","BARRETTE A400M",18161,"NICK",2013,291,4.4364261168384878E-2,12.91,"NICK"]
["A36692","BARRETTE A400M",18441,"NICK",2013,247,1.0872064777327937,268.54000000000002,"NICK"]
["A36692","BARRETTE A400M",19604,"NICK",2013,278,0.43748201438848922,121.62,"NICK"]
["A36692","BARRETTE A400M",20305,"NICK",2014,100,4.8543000000000003,485.43,"NICK"]
["A36692","BARRETTE A400M",20305,"NICK",2014,50,1.4381999999999999,71.91,"NICK"]
["A36692","BARRETTE A400M",20305,"NICK",2014,147,0.34761904761904761,51.1,"NICK"]
["A36692","BARRETTE A400M",18441,"NICK",2014,1,360.4,360.4,"NICK"]
["A36692","BARRETTE A400M",20582,"NICK",2014,58,3.2068965517241379,186,"NICK"]
["A36692","BARRETTE A400M",20582,"NICK",2014,100,0.43640000000000001,43.64,"NICK"]
["A36692","BARRETTE A400M",20582,"NICK",2014,129,0.39612403100775195,51.1,"NICK"]
["A36692","BARRETTE A400M",20582,"NICK",2014,10,7.1540000000000008,71.540000000000006,"NICK"]
["A36692","BARRETTE A400M",18073,"TUNG",2013,72,19.956249999999997,1436.85,"TUNG"]
["A36692","BARRETTE A400M",18442,"TUNG",2013,247,1.3323076923076922,329.08,"TUNG"]
["A36692","BARRETTE A400M",19605,"TUNG",2014,238,0.28445378151260503,67.7,"TUNG"]
["A36692","BARRETTE A400M",20306,"TUNG",2014,150,0.27079999999999999,40.619999999999997,"TUNG"]
["A36692","BARRETTE A400M",20583,"TUNG",2014,100,19.632999999999999,1963.3,"TUNG"]
["A36692","BARRETTE A400M",20306,"TUNG",2014,150,29.333333333333332,4400,"TUNG"]
["A36692","BARRETTE A400M",20583,"TUNG",2014,58,42.137931034482762,2444,"TUNG"]
["A36692","BARRETTE A400M",18442,"TUNG",2014,1,795,795,"TUNG"]
["A36692","BARRETTE A400M",7489,"TUNG",2009,372,6.696236559139785,2491,"TUNG"]
["A36692","BARRETTE A400M",14173,"TUNG",2011,210,2.9720952380952381,624.14,"TUNG"]
["A36692","BARRETTE A400M",14696,"TUNG",2011,80,12.936250000000001,1034.9000000000001,"TUNG"]
["A36692","BARRETTE A400M",14813,"TUNG",2011,129,9.1596899224806201,1181.5999999999999,"TUNG"]
["A36692","BARRETTE A400M",15246,"TUNG",2012,220,4.7613636363636367,1047.5,"TUNG"]
["A36692","BARRETTE A400M",15277,"TUNG",2012,8,13.5,108,"TUNG"]
["A36692","BARRETTE A400M",14696,"TUNG",2012,3,36,108,"TUNG"]
["A36692","BARRETTE A400M",15684,"TUNG",2012,11,9.8181818181818183,108,"TUNG"]
["A36692","BARRETTE A400M",16878,"TUNG",2012,413,0.34140435835351091,141,"TUNG"]
["A36692","BARRETTE A400M",16878,"TUNG",2012,10,33.660000000000004,336.6,"TUNG"]
["A36692","BARRETTE A400M",17831,"TUNG",2013,338,0.38239644970414199,129.25,"TUNG"]
["A36692","BARRETTE A400M",18344,"TUNG",2013,6,10.666666666666666,64,"TUNG"]
["A36692","BARRETTE A400M",18351,"TUNG",2013,290,9.3103448275862075E-2,27,"TUNG"]
["A36692","BARRETTE A400M",14173,"TUNG",2012,7,21.599999999999998,151.19999999999999,"TUNG"]
["A36807EB","BAGUE REPARATION",17501,"TTH",2012,3,57.326666666666661,171.98,"TTH"]
["A36807EB","BAGUE REPARATION",19477,"TTH",2013,7,12.62142857142857,88.35,"TTH"]
["A36808EB","BAGUE REPARATION",17500,"TTH",2012,8,15.625,125,"TTH"]
["A36808EB","BAGUE REPARATION",13968,"TTH",2011,2,11.63,23.26,"TTH"]
["A36808EB","BAGUE REPARATION",14343,"TTH",2011,5,9.65,48.25,"TTH"]
["A36809EB","BAGUE",13967,"TTH",2011,2,12.675000000000001,25.35,"TTH"]
["A36810EB","BAGUE",13966,"TTH",2011,2,44.174999999999997,88.35,"TTH"]
["A36865","CALE TITANE RTP B787",12899,"CND",2010,220,0.94545454545454544,208,"CND"]
["A36865","CALE TITANE RTP B787",13286,"CND",2011,304,0.42763157894736842,130,"CND"]
["A36865","CALE TITANE RTP B787",13639,"CND",2011,315,{"$f":"H3267/F3267","v":0.41269841269841268},130,"CND"]
["A36865","CALE TITANE RTP B787",14356,"CND",2011,315,1.1777777777777778,371,"CND"]
["A36865","CALE TITANE RTP B787",14951,"CND",2011,548,2.4361313868613137,1335,"CND"]
["A36968-3","BARRETTE ISSUE DE A36968",7836,"NICK",2009,447,0.14085011185682328,62.96,"NICK"]
["A36968-3","BARRETTE ISSUE DE A36968",7836,"NICK",2009,4,17.885000000000002,71.540000000000006,"NICK"]
["A36968-3","BARRETTE ISSUE DE A36968",7837,"TUNG",2009,445,2.2651685393258427,1008,"TUNG"]
["A37012EB","BAGUE",18947,"EB",2013,82,0,0,"EB"]
["A37012EB","BAGUE",19083,"EB",2013,231,1.2274458874458876,283.54000000000002,"EB"]
["A37012EB","BAGUE",19383,"EB",2013,109,0,0,"EB"]
["A37012EB","BAGUE",19700,"EB",2014,57,5.3610526315789473,305.58,"EB"]
["A37012EB","BAGUE",19890,"EB",2014,198,0.4162121212121212,82.41,"EB"]
["A37012EB","BAGUE",20390,"EB",2014,182,0,0,"EB"]
["A37012EB","BAGUE",20131,"EB",2014,163,0.69030674846625761,112.52,"EB"]
["A37012EB","BAGUE",20478,"EB",2014,177,0.96446327683615829,170.71,"EB"]
["A37012EB","BAGUE",20628,"EB",2014,103,9.2202912621359232,949.69,"EB"]
["A37012EB","BAGUE",19286,"FIN",2013,81,3.4102469135802473,276.23,"FIN"]
["A37012EB","BAGUE",19592,"FIN",2013,231,0.15484848484848487,35.770000000000003,"FIN"]
["A37012EB","BAGUE",19765,"FIN",2014,108,0.33120370370370372,35.770000000000003,"FIN"]
["A37012EB","BAGUE",20062,"FIN",2014,56,1.0219642857142857,57.23,"FIN"]
["A37012EB","BAGUE",20217,"FIN",2014,197,0.33116751269035533,65.239999999999995,"FIN"]
["A37012EB","BAGUE",20744,"FIN",2014,57,9.9014035087719297,564.38,"FIN"]
["A37012EB","BAGUE",20746,"FIN",2014,103,1.9795145631067961,203.89,"FIN"]
["A37012EB","BAGUE",20747,"FIN",2014,182,0.64576923076923076,117.53,"FIN"]
["A37012EB","BAGUE",20806,"FIN",2014,60,8.054333333333334,483.26,"FIN"]
["A37012EB","BAGUE",20807,"FIN",2014,60,1.4631666666666667,87.79,"FIN"]
["A37012EB","BAGUE",20841,"FIN",2014,50,1.7374000000000001,86.87,"FIN"]
["A37012EB","BAGUE REPARATION",16924,"TTH",2012,7,17.855714285714285,124.99,"TTH"]
["A37012EB","BAGUE REPARATION",19163,"TTH",2013,82,1.3920731707317073,114.15,"TTH"]
["A37012EB","BAGUE REPARATION",19257,"TTH",2013,60,19.020500000000002,1141.23,"TTH"]
["A37012EB","BAGUE REPARATION",19257,"TTH",2013,60,0.87850000000000006,52.71,"TTH"]
["A37012EB","BAGUE REPARATION",19257,"TTH",2013,60,0.23916666666666667,14.35,"TTH"]
["A37012EB","BAGUE REPARATION",19257,"TTH",2013,51,0.29470588235294115,15.03,"TTH"]
["A37012EB","BAGUE REPARATION",19687,"TTH",2013,55,0.57054545454545458,31.38,"TTH"]
["A37012EB","BAGUE REPARATION",19687,"TTH",2013,54,0.3527777777777778,19.05,"TTH"]
["A37012EB","BAGUE REPARATION",20052,"TTH",2014,60,0.26300000000000001,15.78,"TTH"]
["A37012EB","BAGUE REPARATION",20052,"TTH",2014,18,0.94833333333333336,17.07,"TTH"]
["A37012EB","BAGUE REPARATION",20052,"TTH",2014,60,0.41649999999999998,24.99,"TTH"]
["A37012EB","BAGUE REPARATION",20559,"TTH",2014,50,0.51100000000000001,25.55,"TTH"]
["A37012EB","BAGUE REPARATION",20559,"TTH",2014,32,2.3109375000000001,73.95,"TTH"]
["A37012EB","BAGUE REPARATION",20559,"TTH",2014,50,7.9920000000000009,399.6,"TTH"]
["A37012EB","BAGUE REPARATION",20559,"TTH",2014,50,0.6492,32.46,"TTH"]
["A37012EB","BAGUE REPARATION",20631,"TTH",2014,43,0.57093023255813957,24.55,"TTH"]
["A37012EB","BAGUE REPARATION",20631,"TTH",2014,60,0.8670000000000001,52.02,"TTH"]
["A37012EB","BAGUE REPARATION",20632,"TTH",2014,57,1.1780701754385965,67.150000000000006,"TTH"]
["A37012EB","BAGUE REPARATION",20632,"TTH",2014,60,2.9611666666666663,177.67,"TTH"]
["A37012EB","BAGUE REPARATION",20631,"TTH",2014,60,0.26250000000000001,15.75,"TTH"]
["A37012EB","BAGUE REPARATION",20632,"TTH",2014,60,0.40916666666666668,24.55,"TTH"]
["A37012EB","BAGUE REPARATION",19978,"TTH",2014,57,1.1366666666666667,64.790000000000006,"TTH"]
["A37012EB","BAGUE REPARATION",20052,"TTH",2014,60,0.57783333333333331,34.67,"TTH"]
["A37012EB","BAGUE REPARATION",20052,"TTH",2014,60,0.47149999999999997,28.29,"TTH"]
["A37012EB","BAGUE REPARATION",20052,"TTH",2014,60,0.41683333333333333,25.01,"TTH"]
["A37012EB","BAGUE REPARATION",20052,"TTH",2014,18,2.8333333333333335,51,"TTH"]
["A37012EB","BAGUE REPARATION",20825,"TTH",2014,60,0.38350000000000001,23.01,"TTH"]
["A37012EB","BAGUE REPARATION",20825,"TTH",2014,43,0.44558139534883723,19.16,"TTH"]
["A37013EB","BAGUE",20479,"EB",2014,13,0,0,"EB"]
["A37013EB","BAGUE",20745,"FIN",2014,13,17.963846153846156,233.53,"FIN"]
["A37013EB","BAGUE REPARATION",20632,"TTH",2014,13,7.8115384615384613,101.55,"TTH"]
["A37019","BARRETTE",18248,"CND",2013,185,10.721405405405406,1983.46,"CND"]
["A37019","BARRETTE",8954,"CND",2009,32,12.65625,405,"CND"]
["A37019","BARRETTE",9104,"CND",2009,32,6.359375,203.5,"CND"]
["A37019","BARRETTE",9242,"CND",2009,32,3.4375,110,"CND"]
["A37019","BARRETTE",9277,"CND",2009,32,9.28125,297,"CND"]
["A37019","BARRETTE",9317,"CND",2009,32,65.761875000000003,2104.38,"CND"]
["A37019","BARRETTE",9374,"CND",2009,32,50.606875000000002,1619.42,"CND"]
["A37019","BARRETTE",9416,"CND",2009,32,{"$f":"H3331/F3331","v":23.465624999999999},750.9,"CND"]
["A37019","BARRETTE",10123,"CND",2009,32,6.2887500000000003,201.24,"CND"]
["A37019","BARRETTE",11503,"CND",2010,32,19,608,"CND"]
["A37019","BARRETTE",11771,"CND",2010,251,1.6548605577689244,415.37,"CND"]
["A37019","BARRETTE",11793,"CND",2010,300,0.54,162,"CND"]
["A37019","BARRETTE",11860,"CND",2010,305,0.69213114754098359,211.1,"CND"]
["A37019","BARRETTE",11891,"CND",2010,222,1.7387387387387387,386,"CND"]
["A37019","BARRETTE",11951,"CND",2010,295,1.3084745762711865,386,"CND"]
["A37019","BARRETTE",11974,"CND",2010,304,1.2697368421052631,386,"CND"]
["A37019","BARRETTE",12092,"CND",2010,305,0,0,"CND"]
["A37019","BARRETTE",12246,"CND",2010,303,1.273927392739274,386,"CND"]
["A37019","BARRETTE",12590,"CND",2010,327,0.6042813455657492,197.6,"CND"]
["A37019","BARRETTE",12748,"CND",2010,335,0.38805970149253732,130,"CND"]
["A37019","BARRETTE",12859,"CND",2010,326,0.3987730061349693,130,"CND"]
["A37019","BARRETTE",12972,"CND",2010,277,0.75090252707581229,208,"CND"]
["A37019","BARRETTE",12975,"CND",2010,58,3.5862068965517242,208,"CND"]
["A37019","BARRETTE",13081,"CND",2010,301,1.8322923588039866,551.52,"CND"]
["A37019","BARRETTE",13202,"CND",2010,156,0.83333333333333337,130,"CND"]
["A37019","BARRETTE",13205,"CND",2010,156,11.156153846153845,1740.36,"CND"]
["A37019","BARRETTE",13297,"CND",2011,323,0.53250773993808054,172,"CND"]
["A37019","BARRETTE",13300,"CND",2011,95,1.368421052631579,130,"CND"]
["A37019","BARRETTE",13434,"CND",2011,353,0.36827195467422097,130,"CND"]
["A37019","BARRETTE",13488,"CND",2011,14,9.2857142857142865,130,"CND"]
["A37019","BARRETTE",13491,"CND",2011,5,158.702,793.51,"CND"]
["A37019","BARRETTE",13548,"CND",2011,262,1.5610687022900764,409,"CND"]
["A37019","BARRETTE",13586,"CND",2011,270,0.48148148148148145,130,"CND"]
["A37019","BARRETTE",13681,"CND",2011,305,1.2655737704918033,386,"CND"]
["A37019","BARRETTE",13722,"CND",2011,139,2.7769784172661871,386,"CND"]
["A37019","BARRETTE",13983,"CND",2011,190,6.0631578947368423,1152,"CND"]
["A37019","BARRETTE",13983,"CND",2011,157,6.8216560509554141,1071,"CND"]
["A37019","BARRETTE",14108,"CND",2011,402,6.9477611940298507,2793,"CND"]
["A37019","BARRETTE",14108,"CND",2011,402,2.3203980099502486,932.8,"CND"]
["A37019","BARRETTE",13983,"CND",2011,400,9.6720000000000006,3868.8,"CND"]
["A37019","BARRETTE",14222,"CND",2011,402,2.4865671641791045,999.6,"CND"]
["A37019","BARRETTE",14272,"CND",2011,240,12.543749999999999,3010.5,"CND"]
["A37019","BARRETTE",14222,"CND",2011,402,7.6641791044776122,3081,"CND"]
["A37019","BARRETTE",14272,"CND",2011,240,4.3283333333333331,1038.8,"CND"]
["A37019","BARRETTE",14340,"CND",2011,240,11.305,2713.2,"CND"]
["A37019","BARRETTE",14326,"CND",2011,232,4.6318965517241377,1074.5999999999999,"CND"]
["A37019","BARRETTE",14390,"CND",2011,232,34.702586206896555,8051,"CND"]
["A37019","BARRETTE",14508,"CND",2011,237,0.92827004219409281,220,"CND"]
["A37019","BARRETTE",14568,"CND",2011,357,0.61624649859943981,220,"CND"]
["A37019","BARRETTE",14638,"CND",2011,233,6.2326180257510728,1452.2,"CND"]
["A37019","BARRETTE",14534,"CND",2011,236,7.1186440677966099,1680,"CND"]
["A37019","BARRETTE",14691,"CND",2011,303,4.6891089108910888,1420.8,"CND"]
["A37019","BARRETTE",14828,"CND",2011,310,0.83225806451612905,258,"CND"]
["A37019","BARRETTE",14828,"CND",2011,310,3.8961290322580644,1207.8,"CND"]
["A37019","BARRETTE",14879,"CND",2011,302,0.5682119205298013,171.6,"CND"]
["A37019","BARRETTE",14957,"CND",2011,267,1.9308988764044943,515.54999999999995,"CND"]
["A37019","BARRETTE",14957,"CND",2011,38,51.315789473684212,1950,"CND"]
["A37019","BARRETTE",14222,"CND",2012,-402,-1.7029850746268658,684.6,"CND"]
["A37019","BARRETTE",14272,"CND",2012,-240,-4.96,1190.4000000000001,"CND"]
["A37019","BARRETTE",15061,"CND",2011,306,6.6058169934640523,2021.38,"CND"]
["A37019","BARRETTE",15209,"CND",2011,310,1.112516129032258,344.88,"CND"]
["A37019","BARRETTE",15167,"CND",2011,304,9.706052631578947,2950.64,"CND"]
["A37019","BARRETTE",15342,"CND",2011,305,8.5434754098360663,2605.7600000000002,"CND"]
["A37019","BARRETTE",15396,"CND",2011,307,0.90495114006514654,277.82,"CND"]
["A37019","BARRETTE",15500,"CND",2011,312,9.2115384615384613E-2,28.74,"CND"]
["A37019","BARRETTE",15505,"CND",2012,329,5.911063829787234,1944.74,"CND"]
["A37019","BARRETTE",15657,"CND",2012,314,3.050955414012739E-2,9.58,"CND"]
["A37019","BARRETTE",15666,"CND",2012,308,1.9284415584415586,593.96,"CND"]
["A37019","BARRETTE",15815,"CND",2012,310,3.121225806451613,967.58,"CND"]
["A37019","BARRETTE",15730,"CND",2012,305,9.5485901639344259,2912.32,"CND"]
["A37019","BARRETTE",15830,"CND",2012,349,8.3722063037249281,2921.9,"CND"]
["A37019","BARRETTE",15939,"CND",2012,322,{"$f":"H3395/F3395","v":9.3717391304347828},3017.7,"CND"]
["A37019","BARRETTE",16022,"CND",2012,306,9.3295424836601306,2854.84,"CND"]
["A37019","BARRETTE",16001,"CND",2012,306,7.9019607843137258,2418,"CND"]
["A37019","BARRETTE",16091,"CND",2012,307,8.1302931596091206,2496,"CND"]
["A37019","BARRETTE",16139,"CND",2012,308,12.224025974025974,3765,"CND"]
["A37019","BARRETTE",16162,"CND",2012,304,13.6875,4161,"CND"]
["A37019","BARRETTE",16197,"CND",2012,309,1.6763754045307444,518,"CND"]
["A37019","BARRETTE",16290,"CND",2012,308,2.6909090909090909,828.8,"CND"]
["A37019","BARRETTE",16359,"CND",2012,308,9.9221428571428572,3056.02,"CND"]
["A37019","BARRETTE",16395,"CND",2012,304,9.832105263157894,2988.96,"CND"]
["A37019","BARRETTE",16432,"CND",2012,305,0.91088524590163933,277.82,"CND"]
["A37019","BARRETTE",16461,"CND",2012,315,6.0825396825396824E-2,19.16,"CND"]
["A37019","BARRETTE",16543,"CND",2012,316,8.7614556962025318,2768.62,"CND"]
["A37019","BARRETTE",16568,"CND",2012,320,8.9513125000000002,2864.42,"CND"]
["A37019","BARRETTE",16622,"CND",2012,319,9.4298432601880879,3008.12,"CND"]
["A37019","BARRETTE",16769,"CND",2012,303,0.1897029702970297,57.48,"CND"]
["A37019","BARRETTE",16826,"CND",2012,306,4.5666666666666673,1397.4,"CND"]
["A37019","BARRETTE",16909,"CND",2012,307,1.6758957654723128,514.5,"CND"]
["A37019","BARRETTE",16963,"CND",2012,308,0.12441558441558441,38.32,"CND"]
["A37019","BARRETTE",16992,"CND",2012,302,9.6434437086092721,2912.32,"CND"]
["A37019","BARRETTE",17006,"CND",2012,306,2.4534313725490198,750.75,"CND"]
["A37019","BARRETTE",17074,"CND",2012,334,4.2876646706586827,1432.08,"CND"]
["A37019","BARRETTE",17111,"CND",2012,191,25.357591623036651,4843.3,"CND"]
["A37019","BARRETTE",17122,"CND",2012,200,14.37,2874,"CND"]
["A37019","BARRETTE",17161,"CND",2012,337,5.6854599406528192E-2,19.16,"CND"]
["A37019","BARRETTE",17164,"CND",2012,337,8.6987537091988134,2931.48,"CND"]
["A37019","BARRETTE",17201,"CND",2012,309,9.5179935275080911,2941.06,"CND"]
["A37019","BARRETTE",17289,"CND",2012,309,0.970873786407767,300,"CND"]
["A37019","BARRETTE",17377,"CND",2012,319,0.15015673981191222,47.9,"CND"]
["A37019","BARRETTE",17404,"CND",2012,189,37.469841269841268,7081.8,"CND"]
["A37019","BARRETTE",17453,"CND",2012,308,9.6603896103896112,2975.4,"CND"]
["A37019","BARRETTE",17471,"CND",2012,241,7.7655601659751037,1871.5,"CND"]
["A37019","BARRETTE",17544,"CND",2012,308,5.9408441558441556,1829.78,"CND"]
["A37019","BARRETTE",17516,"CND",2012,307,9.2055374592833878,2826.1,"CND"]
["A37019","BARRETTE",17608,"CND",2012,310,0.33993548387096773,105.38,"CND"]
["A37019","BARRETTE",17625,"CND",2013,189,16.625608465608465,3142.24,"CND"]
["A37019","BARRETTE",17679,"CND",2013,1,1916,1916,"CND"]
["A37019","BARRETTE",17679,"CND",2013,78,41.390512820512818,3228.46,"CND"]
["A37019","BARRETTE",17686,"CND",2013,308,9.611103896103895,2960.22,"CND"]
["A37019","BARRETTE",17752,"CND",2013,310,10.414387096774194,3228.46,"CND"]
["A37019","BARRETTE",17901,"CND",2013,309,0.82459546925566352,254.8,"CND"]
["A37019","BARRETTE",17998,"CND",2013,309,13.466019417475728,4161,"CND"]
["A37019","BARRETTE",17967,"CND",2013,199,18.162814070351761,3614.4,"CND"]
["A37019","BARRETTE",17967,"CND",2013,1,3056.02,3056.02,"CND"]
["A37019","BARRETTE",18089,"CND",2013,306,9.4547712418300645,2893.16,"CND"]
["A37019","BARRETTE",18256,"CND",2013,320,9.1608750000000008,2931.48,"CND"]
["A37019","BARRETTE",18394,"CND",2013,312,4.0858653846153841,1274.79,"CND"]
["A37019","BARRETTE",18397,"CND",2013,139,56.664748201438847,7876.4,"CND"]
["A37019","BARRETTE",18590,"CND",2013,315,3.1422222222222222,989.8,"CND"]
["A37019","BARRETTE",18634,"CND",2013,319,0.37705329153605016,120.28,"CND"]
["A37019","BARRETTE",18661,"CND",2013,319,0.37705329153605016,120.28,"CND"]
["A37019","BARRETTE",18750,"CND",2013,318,0.37823899371069181,120.28,"CND"]
["A37019","BARRETTE",18793,"CND",2013,318,0.37823899371069181,120.28,"CND"]
["A37019","BARRETTE",19016,"CND",2013,320,0.37587500000000001,120.28,"CND"]
["A37019","BARRETTE",19013,"CND",2013,104,1.1565384615384615,120.28,"CND"]
["A37019","BARRETTE",18895,"CND",2013,400,0.30070000000000002,120.28,"CND"]
["A37019","BARRETTE",19120,"CND",2013,360,0.33411111111111114,120.28,"CND"]
["A37019","BARRETTE",19174,"CND",2013,282,10.742163120567376,3029.29,"CND"]
["A37019","BARRETTE",19288,"CND",2013,271,11.178191881918819,3029.29,"CND"]
["A37019","BARRETTE",16656,"CND",2012,313,4.0047923322683703,1253.5,"CND"]
["A37019","BARRETTE",8956,"NICK",2009,276,0.46148550724637682,127.37,"NICK"]
["A37019","BARRETTE",9243,"NICK",2009,305,0.50596721311475412,154.32,"NICK"]
["A37019","BARRETTE",9278,"NICK",2009,274,0.57700729927007299,158.1,"NICK"]
["A37019","BARRETTE",9318,"NICK",2009,305,4.6392131147540985,1414.96,"NICK"]
["A37019","BARRETTE",9417,"NICK",2009,32,{"$f":"H3459/F3459","v":25.7734375},824.75,"NICK"]
["A37019","BARRETTE",9318,"NICK",2009,1,55.27,55.27,"NICK"]
["A37019","BARRETTE",9375,"NICK",2009,303,0.16864686468646864,51.1,"NICK"]
["A37019","BARRETTE",9417,"NICK",2009,266,1.3435714285714284,357.39,"NICK"]
["A37019","BARRETTE",9105,"NICK",2009,30,1.7493333333333332,52.48,"NICK"]
["A37019","BARRETTE",9278,"NICK",2009,30,18.602666666666668,558.08000000000004,"NICK"]
["A37019","BARRETTE",9105,"NICK",2009,273,1.5384615384615385,420,"NICK"]
["A37019","BARRETTE",10124,"NICK",2009,248,0.75842741935483871,188.09,"NICK"]
["A37019","BARRETTE",10124,"NICK",2009,32,0,0,"NICK"]
["A37019","BARRETTE",11504,"NICK",2010,274,0.32824817518248173,89.94,"NICK"]
["A37019","BARRETTE",11504,"NICK",2010,6,11.015000000000001,66.09,"NICK"]
["A37019","BARRETTE",11772,"NICK",2010,250,0.90939999999999999,227.35,"NICK"]
["A37019","BARRETTE",11794,"NICK",2010,300,0.23846666666666669,71.540000000000006,"NICK"]
["A37019","BARRETTE",11861,"NICK",2010,305,0.17357377049180328,52.94,"NICK"]
["A37019","BARRETTE",11772,"NICK",2010,1,53.09,53.09,"NICK"]
["A37019","BARRETTE",11892,"NICK",2010,222,4.1420720720720716,919.54,"NICK"]
["A37019","BARRETTE",11975,"NICK",2010,304,0.17641447368421054,53.63,"NICK"]
["A37019","BARRETTE",11952,"NICK",2010,294,0.18074829931972788,53.14,"NICK"]
["A37019","BARRETTE",12093,"NICK",2010,305,0.13770491803278689,42,"NICK"]
["A37019","BARRETTE",11504,"NICK",2010,26,1.3992307692307693,36.380000000000003,"NICK"]
["A37019","BARRETTE",11952,"NICK",2010,1,444.8,444.8,"NICK"]
["A37019","BARRETTE",12247,"NICK",2010,299,2.7959866220735785,836,"NICK"]
["A37019","BARRETTE",12591,"NICK",2010,327,0.45474006116207949,148.69999999999999,"NICK"]
["A37019","BARRETTE",12749,"NICK",2010,333,0.15345345345345346,51.1,"NICK"]
["A37019","BARRETTE",12860,"NICK",2010,326,0.82865030674846618,270.14,"NICK"]
["A37019","BARRETTE",13082,"NICK",2010,116,0.30836206896551727,35.770000000000003,"NICK"]
["A37019","BARRETTE",12860,"NICK",2010,30,2.8326666666666669,84.98,"NICK"]
["A37019","BARRETTE",13082,"NICK",2011,159,0.22496855345911951,35.770000000000003,"NICK"]
["A37019","BARRETTE",12860,"NICK",2011,80,11.645,931.6,"NICK"]
["A37019","BARRETTE",12976,"NICK",2011,40,18.375,735,"NICK"]
["A37019","BARRETTE",12973,"NICK",2011,210,9.25,1942.5,"NICK"]
["A37019","BARRETTE",12860,"NICK",2011,26,28.26923076923077,735,"NICK"]
["A37019","BARRETTE",13082,"NICK",2011,11,0,0,"NICK"]
["A37019","BARRETTE",12976,"NICK",2011,13,63.835384615384619,829.86,"NICK"]
["A37019","BARRETTE",13206,"NICK",2011,129,1.1037984496124029,142.38999999999999,"NICK"]
["A37019","BARRETTE",12973,"NICK",2011,53,0,0,"NICK"]
["A37019","BARRETTE",12860,"NICK",2011,10,59.326999999999998,593.27,"NICK"]
["A37019","BARRETTE",13082,"NICK",2011,9,5.9544444444444444,53.59,"NICK"]
["A37019","BARRETTE",13206,"NICK",2011,23,8.0582608695652169,185.34,"NICK"]
["A37019","BARRETTE",13203,"NICK",2011,136,1.1934558823529411,162.31,"NICK"]
["A37019","BARRETTE",12749,"NICK",2011,2,31.274999999999999,62.55,"NICK"]
["A37019","BARRETTE",13298,"NICK",2011,313,0.11428115015974442,35.770000000000003,"NICK"]
["A37019","BARRETTE",13301,"NICK",2011,75,0.47693333333333338,35.770000000000003,"NICK"]
["A37019","BARRETTE",12247,"NICK",2011,4,19.942499999999999,79.77,"NICK"]
["A37019","BARRETTE",12976,"NICK",2011,1,244.38,244.38,"NICK"]
["A37019","BARRETTE",13206,"NICK",2011,1,260.05,260.05,"NICK"]
["A37019","BARRETTE",13203,"NICK",2011,14,7.3,102.2,"NICK"]
["A37019","BARRETTE",13082,"NICK",2011,3,101.54666666666667,304.64,"NICK"]
["A37019","BARRETTE",12973,"NICK",2011,3,34.06666666666667,102.2,"NICK"]
["A37019","BARRETTE",13435,"NICK",2011,352,1.1607386363636363,408.58,"NICK"]
["A37019","BARRETTE",13587,"NICK",2011,177,0.40412429378531073,71.53,"NICK"]
["A37019","BARRETTE",13549,"NICK",2011,238,4.986260504201681,1186.73,"NICK"]
["A37019","BARRETTE",13492,"NICK",2011,5,114.976,574.88,"NICK"]
["A37019","BARRETTE",13649,"NICK",2011,2,170.16499999999999,340.33,"NICK"]
["A37019","BARRETTE",13653,"NICK",2011,3,77.016666666666666,231.05,"NICK"]
["A37019","BARRETTE",13655,"NICK",2011,3,35.18333333333333,105.55,"NICK"]
["A37019","BARRETTE",13645,"NICK",2011,2,152,304,"NICK"]
["A37019","BARRETTE",13682,"NICK",2011,305,0,0,"NICK"]
["A37019","BARRETTE",13298,"NICK",2011,10,48.933,489.33,"NICK"]
["A37019","BARRETTE",12973,"NICK",2011,2,114.83,229.66,"NICK"]
["A37019","BARRETTE",13082,"NICK",2011,1,67.150000000000006,67.150000000000006,"NICK"]
["A37019","BARRETTE",13587,"NICK",2011,10,11.423999999999999,114.24,"NICK"]
["A37019","BARRETTE",13723,"NICK",2011,139,1.5524460431654676,215.79,"NICK"]
["A37019","BARRETTE",12976,"NICK",2011,1,51.1,51.1,"NICK"]
["A37019","BARRETTE",13489,"NICK",2011,14,{"$f":"H3523/F3523","v":5.9057142857142866},82.68,"NICK"]
["A37019","BARRETTE",13647,"NICK",2011,4,12.775,51.1,"NICK"]
["A37019","BARRETTE",13435,"NICK",2011,1,51.1,51.1,"NICK"]
["A37019","BARRETTE",13549,"NICK",2011,22,2.3227272727272728,51.1,"NICK"]
["A37019","BARRETTE",13203,"NICK",2011,1,102.2,102.2,"NICK"]
["A37019","BARRETTE",13587,"NICK",2011,80,0.44712500000000005,35.770000000000003,"NICK"]
["A37019","BARRETTE",13983,"NICK",2011,190,0.18826315789473685,35.770000000000003,"NICK"]
["A37019","BARRETTE",13983,"NICK",2011,157,2.461528662420382,386.46,"NICK"]
["A37019","BARRETTE",13389,"NICK",2011,40,1.5329999999999999,61.32,"NICK"]
["A37019","BARRETTE",14108,"NICK",2011,402,8.8980099502487572E-2,35.770000000000003,"NICK"]
["A37019","BARRETTE",14222,"NICK",2011,402,0.35455223880597014,142.53,"NICK"]
["A37019","BARRETTE",13983,"NICK",2011,53,34.98415094339623,1854.16,"NICK"]
["A37019","BARRETTE",14272,"NICK",2011,240,0.72662499999999997,174.39,"NICK"]
["A37019","BARRETTE",14208,"NICK",2011,53,11.228867924528302,595.13,"NICK"]
["A37019","BARRETTE",14208,"NICK",2011,1,472.17,472.17,"NICK"]
["A37019","BARRETTE",14340,"NICK",2011,240,0.21291666666666667,51.1,"NICK"]
["A37019","BARRETTE",14326,"NICK",2011,232,0.25551724137931037,59.28,"NICK"]
["A37019","BARRETTE",14208,"NICK",2011,3,40.39,121.17,"NICK"]
["A37019","BARRETTE",14208,"NICK",2011,14,4.9928571428571429,69.900000000000006,"NICK"]
["A37019","BARRETTE",14208,"NICK",2011,1,55.92,55.92,"NICK"]
["A37019","BARRETTE",14208,"NICK",2011,12,7.5733333333333333,90.88,"NICK"]
["A37019","BARRETTE",14390,"NICK",2011,232,0.22025862068965518,51.1,"NICK"]
["A37019","BARRETTE",14258,"NICK",2011,13,5.3769230769230774,69.900000000000006,"NICK"]
["A37019","BARRETTE",14508,"NICK",2011,232,0.22025862068965518,51.1,"NICK"]
["A37019","BARRETTE",14568,"NICK",2011,350,2.8322857142857143,991.3,"NICK"]
["A37019","BARRETTE",14638,"NICK",2011,233,0.3200429184549356,74.569999999999993,"NICK"]
["A37019","BARRETTE",14534,"NICK",2011,213,0.23990610328638498,51.1,"NICK"]
["A37019","BARRETTE",14568,"NICK",2011,7,7.3,51.1,"NICK"]
["A37019","BARRETTE",14534,"NICK",2011,23,2.2217391304347829,51.1,"NICK"]
["A37019","BARRETTE",14638,"NICK",2011,41,1.7304878048780488,70.95,"NICK"]
["A37019","BARRETTE",14691,"NICK",2011,303,0.11805280528052807,35.770000000000003,"NICK"]
["A37019","BARRETTE",14828,"NICK",2011,310,0.11538709677419356,35.770000000000003,"NICK"]
["A37019","BARRETTE",14879,"NICK",2011,302,0.16920529801324505,51.1,"NICK"]
["A37019","BARRETTE",14957,"NICK",2011,267,1.3595880149812734,363.01,"NICK"]
["A37019","BARRETTE",15062,"NICK",2011,306,0.23379084967320263,71.540000000000006,"NICK"]
["A37019","BARRETTE",15168,"NICK",2011,292,0.30660958904109592,89.53,"NICK"]
["A37019","BARRETTE",14508,"NICK",2011,5,10.056000000000001,50.28,"NICK"]
["A37019","BARRETTE",14691,"NICK",2011,6,41.306666666666665,247.84,"NICK"]
["A37019","BARRETTE",14326,"NICK",2011,17,3.0058823529411764,51.1,"NICK"]
["A37019","BARRETTE",15210,"NICK",2011,309,0.16537216828478965,51.1,"NICK"]
["A37019","BARRETTE",15168,"NICK",2011,12,7.833333333333333,94,"NICK"]
["A37019","BARRETTE",14957,"NICK",2011,38,6.5286842105263156,248.09,"NICK"]
["A37019","BARRETTE",15210,"NICK",2011,1,51.1,51.1,"NICK"]
["A37019","BARRETTE",15343,"NICK",2011,298,0.4685906040268456,139.63999999999999,"NICK"]
["A37019","BARRETTE",13301,"NICK",2011,20,2.6245000000000003,52.49,"NICK"]
["A37019","BARRETTE",15397,"NICK",2012,290,0,0,"NICK"]
["A37019","BARRETTE",15397,"NICK",2012,5,229.87600000000003,1149.3800000000001,"NICK"]
["A37019","BARRETTE",15343,"NICK",2012,7,0,0,"NICK"]
["A37019","BARRETTE",15397,"NICK",2012,12,17.246666666666666,206.96,"NICK"]
["A37019","BARRETTE",15501,"NICK",2012,308,0,0,"NICK"]
["A37019","BARRETTE",15501,"NICK",2012,4,135.16,540.64,"NICK"]
["A37019","BARRETTE",15506,"NICK",2012,325,1.0565846153846152,343.39,"NICK"]
["A37019","BARRETTE",15658,"NICK",2012,100,1.0358000000000001,103.58,"NICK"]
["A37019","BARRETTE",15658,"NICK",2012,213,0.16793427230046951,35.770000000000003,"NICK"]
["A37019","BARRETTE",15506,"NICK",2012,4,88.852500000000006,355.41,"NICK"]
["A37019","BARRETTE",15667,"NICK",2012,293,0.17440273037542661,51.1,"NICK"]
["A37019","BARRETTE",15658,"NICK",2012,1,198.78,198.78,"NICK"]
["A37019","BARRETTE",14879,"NICK",2012,5,25.475999999999999,127.38,"NICK"]
["A37019","BARRETTE",15667,"NICK",2012,15,6.8133333333333335,102.2,"NICK"]
["A37019","BARRETTE",15731,"NICK",2012,305,0.13403278688524592,40.880000000000003,"NICK"]
["A37019","BARRETTE",15816,"NICK",2012,306,0.18303921568627451,56.01,"NICK"]
["A37019","BARRETTE",15831,"NICK",2012,339,0.2455457227138643,83.24,"NICK"]
["A37019","BARRETTE",15831,"NICK",2012,10,77.518000000000001,775.18,"NICK"]
["A37019","BARRETTE",15816,"NICK",2012,3,25.89,77.67,"NICK"]
["A37019","BARRETTE",15940,"NICK",2012,319,{"$f":"H3587/F3587","v":0.39564263322884008},126.21,"NICK"]
["A37019","BARRETTE",16023,"NICK",2012,306,0,0,"NICK"]
["A37019","BARRETTE",15940,"NICK",2012,3,102.2,306.60000000000002,"NICK"]
["A37019","BARRETTE",16002,"NICK",2012,306,0,0,"NICK"]
["A37019","BARRETTE",16092,"NICK",2012,274,3.2148175182481751,880.86,"NICK"]
["A37019","BARRETTE",16140,"NICK",2012,287,0.35609756097560974,102.2,"NICK"]
["A37019","BARRETTE",16092,"NICK",2012,3,18.396666666666665,55.19,"NICK"]
["A37019","BARRETTE",16140,"NICK",2012,21,4.2857142857142856,90,"NICK"]
["A37019","BARRETTE",16163,"NICK",2012,298,0,0,"NICK"]
["A37019","BARRETTE",16198,"NICK",2012,193,2.3786010362694299,459.07,"NICK"]
["A37019","BARRETTE",16163,"NICK",2012,4,28.672499999999999,114.69,"NICK"]
["A37019","BARRETTE",16198,"NICK",2012,10,10.220000000000001,102.2,"NICK"]
["A37019","BARRETTE",16291,"NICK",2012,100,2.5053999999999998,250.54,"NICK"]
["A37019","BARRETTE",16198,"NICK",2012,1,56,56,"NICK"]
["A37019","BARRETTE",16291,"NICK",2012,208,0.24038461538461539,50,"NICK"]
["A37019","BARRETTE",16163,"NICK",2012,1,0,0,"NICK"]
["A37019","BARRETTE",16360,"NICK",2012,298,0.57885906040268453,172.5,"NICK"]
["A37019","BARRETTE",16413,"NICK",2012,101,0,0,"NICK"]
["A37019","BARRETTE",16396,"NICK",2012,304,0.30263157894736842,92,"NICK"]
["A37019","BARRETTE",16433,"NICK",2012,290,0,0,"NICK"]
["A37019","BARRETTE",16433,"NICK",2012,15,13.752000000000001,206.28,"NICK"]
["A37019","BARRETTE",16462,"NICK",2012,305,0.6825573770491804,208.18,"NICK"]
["A37019","BARRETTE",16462,"NICK",2012,10,119.97499999999999,1199.75,"NICK"]
["A37019","BARRETTE",16544,"NICK",2012,315,0.28552380952380951,89.94,"NICK"]
["A37019","BARRETTE",16569,"NICK",2012,289,0.13826989619377164,39.96,"NICK"]
["A37019","BARRETTE",16623,"NICK",2012,319,0.11213166144200629,35.770000000000003,"NICK"]
["A37019","BARRETTE",16569,"NICK",2012,29,2.2613793103448274,65.58,"NICK"]
["A37019","BARRETTE",16657,"NICK",2012,313,0.35821086261980833,112.12,"NICK"]
["A37019","BARRETTE",16569,"NICK",2012,2,471.83,943.66,"NICK"]
["A37019","BARRETTE",16770,"NICK",2012,299,3.2367224080267558,967.78,"NICK"]
["A37019","BARRETTE",16827,"NICK",2012,304,0.39072368421052633,118.78,"NICK"]
["A37019","BARRETTE",16770,"NICK",2012,4,8.9425000000000008,35.770000000000003,"NICK"]
["A37019","BARRETTE",16360,"NICK",2012,6,97.176666666666662,583.05999999999995,"NICK"]
["A37019","BARRETTE",16910,"NICK",2012,307,0.22504885993485343,69.09,"NICK"]
["A37019","BARRETTE",16964,"NICK",2012,273,0.26205128205128209,71.540000000000006,"NICK"]
["A37019","BARRETTE",16827,"NICK",2012,2,286.98,573.96,"NICK"]
["A37019","BARRETTE",16964,"NICK",2012,30,1.7033333333333334,51.1,"NICK"]
["A37019","BARRETTE",16964,"NICK",2012,5,17.006,85.03,"NICK"]
["A37019","BARRETTE",16993,"NICK",2012,302,0.27344370860927153,82.58,"NICK"]
["A37019","BARRETTE",17007,"NICK",2012,295,3.2499661016949153,958.74,"NICK"]
["A37019","BARRETTE",17075,"NICK",2012,328,0.27731707317073168,90.96,"NICK"]
["A37019","BARRETTE",17007,"NICK",2012,11,12.453636363636365,136.99,"NICK"]
["A37019","BARRETTE",17112,"NICK",2012,191,0.2995811518324607,57.22,"NICK"]
["A37019","BARRETTE",17165,"NICK",2012,337,0.10614243323442138,35.770000000000003,"NICK"]
["A37019","BARRETTE",17075,"NICK",2012,4,76.14,304.56,"NICK"]
["A37019","BARRETTE",17123,"NICK",2012,200,0.17885000000000001,35.770000000000003,"NICK"]
["A37019","BARRETTE",17162,"NICK",2012,337,0.13252225519287833,44.66,"NICK"]
["A37019","BARRETTE",17290,"NICK",2012,309,0.17181229773462783,53.09,"NICK"]
["A37019","BARRETTE",17202,"NICK",2012,309,0.16197411003236245,50.05,"NICK"]
["A37019","BARRETTE",17378,"NICK",2012,319,0.16018808777429466,51.1,"NICK"]
["A37019","BARRETTE",17405,"NICK",2012,189,1.2572486772486773,237.62,"NICK"]
["A37019","BARRETTE",17454,"NICK",2012,306,0.42803921568627445,130.97999999999999,"NICK"]
["A37019","BARRETTE",17472,"NICK",2012,236,0.1515677966101695,35.770000000000003,"NICK"]
["A37019","BARRETTE",17545,"NICK",2013,307,0.11651465798045603,35.770000000000003,"NICK"]
["A37019","BARRETTE",17472,"NICK",2013,5,10.114000000000001,50.57,"NICK"]
["A37019","BARRETTE",17517,"NICK",2013,305,0.46075409836065573,140.53,"NICK"]
["A37019","BARRETTE",17687,"NICK",2013,308,0.16590909090909092,51.1,"NICK"]
["A37019","BARRETTE",17609,"NICK",2013,308,0.21662337662337661,66.72,"NICK"]
["A37019","BARRETTE",17680,"NICK",2013,1,35.770000000000003,35.770000000000003,"NICK"]
["A37019","BARRETTE",17680,"NICK",2013,78,0.45858974358974364,35.770000000000003,"NICK"]
["A37019","BARRETTE",17517,"NICK",2013,2,863.84500000000003,1727.69,"NICK"]
["A37019","BARRETTE",17753,"NICK",2013,308,0.16590909090909092,51.1,"NICK"]
["A37019","BARRETTE",17753,"NICK",2013,2,37.020000000000003,74.040000000000006,"NICK"]
["A37019","BARRETTE",17902,"NICK",2013,309,0.25003236245954696,77.260000000000005,"NICK"]
["A37019","BARRETTE",17999,"NICK",2013,309,{"$f":"H3651/F3651","v":1.4668284789644013},453.25,"NICK"]
["A37019","BARRETTE",17968,"NICK",2013,199,0.51356783919597992,102.2,"NICK"]
["A37019","BARRETTE",17968,"NICK",2013,1,0,0,"NICK"]
["A37019","BARRETTE",18090,"NICK",2013,294,3.0173469387755101,887.1,"NICK"]
["A37019","BARRETTE",18249,"NICK",2013,185,2.0371351351351352,376.87,"NICK"]
["A37019","BARRETTE",18090,"NICK",2013,12,40.0625,480.75,"NICK"]
["A37019","BARRETTE",18257,"NICK",2013,317,0.57359621451104104,181.83,"NICK"]
["A37019","BARRETTE",18398,"NICK",2013,130,1.3966923076923077,181.57,"NICK"]
["A37019","BARRETTE",18395,"NICK",2013,311,1.5536977491961415,483.2,"NICK"]
["A37019","BARRETTE",18257,"NICK",2013,3,16.353333333333335,49.06,"NICK"]
["A37019","BARRETTE",18395,"NICK",2013,1,51.63,51.63,"NICK"]
["A37019","BARRETTE",18398,"NICK",2013,9,6.3588888888888881,57.23,"NICK"]
["A37019","BARRETTE",18591,"NICK",2013,315,0.37473015873015875,118.04,"NICK"]
["A37019","BARRETTE",18635,"NICK",2013,316,0.20645569620253162,65.239999999999995,"NICK"]
["A37019","BARRETTE",18635,"NICK",2013,3,11.923333333333334,35.770000000000003,"NICK"]
["A37019","BARRETTE",18662,"NICK",2013,319,12.003134796238244,3829,"NICK"]
["A37019","BARRETTE",18830,"NICK",2013,198,3.4203030303030304,677.22,"NICK"]
["A37019","BARRETTE",18751,"NICK",2013,316,1.3965189873417723,441.3,"NICK"]
["A37019","BARRETTE",18751,"NICK",2013,2,364.34500000000003,728.69,"NICK"]
["A37019","BARRETTE",18794,"NICK",2013,315,2.2532698412698413,709.78,"NICK"]
["A37019","BARRETTE",18896,"NICK",2013,400,0.24527499999999999,98.11,"NICK"]
["A37019","BARRETTE",19014,"NICK",2013,104,4.0422115384615385,420.39,"NICK"]
["A37019","BARRETTE",19017,"NICK",2013,320,1.19759375,383.23,"NICK"]
["A37019","BARRETTE",18830,"NICK",2013,10,22.177,221.77,"NICK"]
["A37019","BARRETTE",19121,"NICK",2013,360,0.25833333333333336,93,"NICK"]
["A37019","BARRETTE",19175,"NICK",2013,282,0.69170212765957451,195.06,"NICK"]
["A37019","BARRETTE",18794,"NICK",2013,2,74.564999999999998,149.13,"NICK"]
["A37019","BARRETTE",19330,"NICK",2013,287,0.17804878048780487,51.1,"NICK"]
["A37019","BARRETTE",19289,"NICK",2013,271,0.57926199261992617,156.97999999999999,"NICK"]
["A37019","BARRETTE",19342,"NICK",2013,284,0.40341549295774648,114.57,"NICK"]
["A37019","BARRETTE",19375,"NICK",2013,132,4.456969696969697,588.32000000000005,"NICK"]
["A37019","BARRETTE",19441,"NICK",2013,319,0.32037617554858933,102.2,"NICK"]
["A37019","BARRETTE",19373,"NICK",2013,316,0.92386075949367086,291.94,"NICK"]
["A37019","BARRETTE",19373,"NICK",2013,4,58.53,234.12,"NICK"]
["A37019","BARRETTE",19578,"NICK",2013,262,0.13652671755725193,35.770000000000003,"NICK"]
["A37019","BARRETTE",19601,"NICK",2013,316,0.16170886075949367,51.1,"NICK"]
["A37019","BARRETTE",19578,"NICK",2013,40,7.4237500000000001,296.95,"NICK"]
["A37019","BARRETTE",19441,"NICK",2013,1,57.23,57.23,"NICK"]
["A37019","BARRETTE",19641,"NICK",2013,326,3.8277914110429445,1247.8599999999999,"NICK"]
["A37019","BARRETTE",19578,"NICK",2014,3,19.076666666666664,57.23,"NICK"]
["A37019","BARRETTE",19827,"NICK",2014,219,0.46666666666666667,102.2,"NICK"]
["A37019","BARRETTE",19578,"NICK",2014,1,379.68,379.68,"NICK"]
["A37019","BARRETTE",19601,"NICK",2014,3,34.06666666666667,102.2,"NICK"]
["A37019","BARRETTE",20656,"NICK",2014,150,1.3274666666666668,199.12,"NICK"]
["A37019","BARRETTE",20656,"NICK",2014,150,4.0396000000000001,605.94000000000005,"NICK"]
["A37019","BARRETTE",20751,"NICK",2014,300,0.14933333333333332,44.8,"NICK"]
["A37019","BARRETTE",20928,"NICK",2014,321,0.60492211838006238,194.18,"NICK"]
["A37019","BARRETTE",13550,"TUNG",2011,243,8.1711934156378589,1985.6,"TUNG"]
["A37019","BARRETTE",13588,"TUNG",2011,187,11.906417112299465,2226.5,"TUNG"]
["A37019","BARRETTE",13299,"TUNG",2011,10,23.36,233.6,"TUNG"]
["A37019","BARRETTE",12977,"TUNG",2011,1,233.6,233.6,"TUNG"]
["A37019","BARRETTE",13724,"TUNG",2011,139,17.444604316546762,2424.8000000000002,"TUNG"]
["A37019","BARRETTE",12974,"TUNG",2011,2,555.67499999999995,1111.3499999999999,"TUNG"]
["A37019","BARRETTE",13083,"TUNG",2011,1,204.4,204.4,"TUNG"]
["A37019","BARRETTE",13939,"TUNG",2011,3,721.66666666666663,2165,"TUNG"]
["A37019","BARRETTE",13683,"TUNG",2011,305,8.5180327868852466,2598,"TUNG"]
["A37019","BARRETTE",13961,"TUNG",2011,3,880.43333333333339,2641.3,"TUNG"]
["A37019","BARRETTE",13961,"TUNG",2011,2,4.33,8.66,"TUNG"]
["A37019","BARRETTE",13961,"TUNG",2011,3,640.84,1922.52,"TUNG"]
["A37019","BARRETTE",13961,"TUNG",2011,14,188.04571428571427,2632.64,"TUNG"]
["A37019","BARRETTE",13961,"TUNG",2011,5,509.20799999999997,2546.04,"TUNG"]
["A37019","BARRETTE",13961,"TUNG",2011,3,880.43333333333339,2641.3,"TUNG"]
["A37019","BARRETTE",13648,"TUNG",2011,4,647.33500000000004,2589.34,"TUNG"]
["A37019","BARRETTE",13204,"TUNG",2011,1,2241.1,2241.1,"TUNG"]
["A37019","BARRETTE",13550,"TUNG",2011,22,{"$f":"H3715/F3715","v":82.48863636363636},1814.75,"TUNG"]
["A37019","BARRETTE",13588,"TUNG",2011,80,26.188749999999999,2095.1,"TUNG"]
["A37019","BARRETTE",14092,"TUNG",2011,1,165.9,165.9,"TUNG"]
["A37019","BARRETTE",14092,"TUNG",2011,2,1415.91,2831.82,"TUNG"]
["A37019","BARRETTE",13984,"TUNG",2011,190,15.177789473684211,2883.78,"TUNG"]
["A37019","BARRETTE",13984,"TUNG",2011,157,8.7703184713375801,1376.94,"TUNG"]
["A37019","BARRETTE",15920,"TUNG",2012,48,20.928333333333331,1004.56,"TUNG"]
["A37019","BARRETTE",15920,"TUNG",2012,56,4.6392857142857142,259.8,"TUNG"]
["A37019","BARRETTE",16100,"TUNG",2012,250,0.62351999999999996,155.88,"TUNG"]
["A37019","BARRETTE",16100,"TUNG",2012,21,15.714285714285714,330,"TUNG"]
["A37019","BARRETTE",16141,"TUNG",2012,211,6.5257819905213275,1376.94,"TUNG"]
["A37019","BARRETTE",16141,"TUNG",2012,36,19.003888888888888,684.14,"TUNG"]
["A37019","BARRETTE",16292,"TUNG",2012,308,0.30928571428571427,95.26,"TUNG"]
["A37019","BARRETTE",16100,"TUNG",2012,5,363.71999999999997,1818.6,"TUNG"]
["A37019","BARRETTE",16164,"TUNG",2012,272,0.82779411764705879,225.16,"TUNG"]
["A37019","BARRETTE",16164,"TUNG",2012,29,3.8820689655172411,112.58,"TUNG"]
["A37019","BARRETTE",16164,"TUNG",2012,3,152.99333333333334,458.98,"TUNG"]
["A37019","BARRETTE",16199,"TUNG",2012,203,0.42660098522167483,86.6,"TUNG"]
["A37019","BARRETTE",16199,"TUNG",2012,1,77.94,77.94,"TUNG"]
["A37019","BARRETTE",16141,"TUNG",2012,62,21.091290322580647,1307.6600000000001,"TUNG"]
["A37019","BARRETTE",16414,"TUNG",2012,101,3.0495049504950495,308,"TUNG"]
["A37019","BARRETTE",16397,"TUNG",2012,304,1.013157894736842,308,"TUNG"]
["A37019","BARRETTE",16434,"TUNG",2012,305,3.8331147540983603,1169.0999999999999,"TUNG"]
["A37019","BARRETTE",16463,"TUNG",2012,315,8.6050158730158728,2710.58,"TUNG"]
["A37019","BARRETTE",16361,"TUNG",2012,298,5.8120805369127518E-2,17.32,"TUNG"]
["A37019","BARRETTE",16624,"TUNG",2012,319,2.7147335423197493E-2,8.66,"TUNG"]
["A37019","BARRETTE",16658,"TUNG",2012,312,9.77025641025641,3048.32,"TUNG"]
["A37019","BARRETTE",16570,"TUNG",2012,29,4.1806896551724133,121.24,"TUNG"]
["A37019","BARRETTE",16570,"TUNG",2012,2,17.32,34.64,"TUNG"]
["A37019","BARRETTE",16570,"TUNG",2012,289,8.9896193771626304E-2,25.98,"TUNG"]
["A37019","BARRETTE",16771,"TUNG",2012,299,8.6889632107023412E-2,25.98,"TUNG"]
["A37019","BARRETTE",16545,"TUNG",2012,314,2.7579617834394905E-2,8.66,"TUNG"]
["A37019","BARRETTE",16361,"TUNG",2012,6,578.77666666666664,3472.66,"TUNG"]
["A37019","BARRETTE",16771,"TUNG",2012,4,322.875,1291.5,"TUNG"]
["A37019","BARRETTE",16828,"TUNG",2012,304,1.5098026315789475,458.98,"TUNG"]
["A37019","BARRETTE",16966,"TUNG",2012,300,6.9279999999999999,2078.4,"TUNG"]
["A37019","BARRETTE",16828,"TUNG",2012,2,1740.66,3481.32,"TUNG"]
["A37019","BARRETTE",16994,"TUNG",2012,306,1.499934640522876,458.98,"TUNG"]
["A37019","BARRETTE",16911,"TUNG",2012,307,2.8208469055374594E-2,8.66,"TUNG"]
["A37019","BARRETTE",16817,"TUNG",2012,1,2078.4,2078.4,"TUNG"]
["A37019","BARRETTE",16545,"TUNG",2012,5,401.82399999999996,2009.12,"TUNG"]
["A37019","BARRETTE",17113,"TUNG",2012,191,0.63476439790575911,121.24,"TUNG"]
["A37019","BARRETTE",17008,"TUNG",2012,295,2.9355932203389831E-2,8.66,"TUNG"]
["A37019","BARRETTE",17008,"TUNG",2012,11,2.3618181818181818,25.98,"TUNG"]
["A37019","BARRETTE",17076,"TUNG",2012,328,2.6402439024390243E-2,8.66,"TUNG"]
["A37019","BARRETTE",17124,"TUNG",2012,200,0.51960000000000006,103.92,"TUNG"]
["A37019","BARRETTE",17166,"TUNG",2012,337,5.9617804154302672,2009.12,"TUNG"]
["A37019","BARRETTE",17203,"TUNG",2012,309,0.36433656957928801,112.58,"TUNG"]
["A37019","BARRETTE",17166,"TUNG",2012,337,4.3188427299703269,1455.45,"TUNG"]
["A37019","BARRETTE",17379,"TUNG",2012,319,4.5916927899686524,1464.75,"TUNG"]
["A37019","BARRETTE",17291,"TUNG",2012,302,6.6527152317880791,2009.12,"TUNG"]
["A37019","BARRETTE",17076,"TUNG",2012,4,123,492,"TUNG"]
["A37019","BARRETTE",17455,"TUNG",2012,306,5.4337254901960783,1662.72,"TUNG"]
["A37019","BARRETTE",17688,"TUNG",2013,307,1.1283387622149836,346.4,"TUNG"]
["A37019","BARRETTE",17518,"TUNG",2013,307,0.14104234527687295,43.3,"TUNG"]
["A37019","BARRETTE",17473,"TUNG",2013,236,7.8160169491525417,1844.58,"TUNG"]
["A37019","BARRETTE",17473,"TUNG",2013,5,39.835999999999999,199.18,"TUNG"]
["A37019","BARRETTE",17406,"TUNG",2013,189,0.32074074074074072,60.62,"TUNG"]
["A37019","BARRETTE",17546,"TUNG",2013,305,9.9377049180327877,3031,"TUNG"]
["A37019","BARRETTE",17341,"TUNG",2013,1,2623.98,2623.98,"TUNG"]
["A37019","BARRETTE",17291,"TUNG",2013,7,99.857142857142861,699,"TUNG"]
["A37019","BARRETTE",17681,"TUNG",2013,78,8.9615384615384617,699,"TUNG"]
["A37019","BARRETTE",17970,"TUNG",2013,1,2350,2350,"TUNG"]
["A37019","BARRETTE",17610,"TUNG",2013,308,8.1818181818181817,2520,"TUNG"]
["A37019","BARRETTE",17291,"TUNG",2013,15,{"$f":"H3779/F3779","v":75},1125,"TUNG"]
["A37019","BARRETTE",17518,"TUNG",2013,2,1100,2200,"TUNG"]
["A37019","BARRETTE",17688,"TUNG",2013,1,2684.6,2684.6,"TUNG"]
["A37019","BARRETTE",17754,"TUNG",2013,308,0.16870129870129871,51.96,"TUNG"]
["A37019","BARRETTE",17903,"TUNG",2013,309,2.56747572815534,793.35,"TUNG"]
["A37019","BARRETTE",17754,"TUNG",2013,2,73.61,147.22,"TUNG"]
["A37019","BARRETTE",18000,"TUNG",2013,309,4.8305825242718452,1492.65,"TUNG"]
["A37019","BARRETTE",17969,"TUNG",2013,199,13.142311557788945,2615.3200000000002,"TUNG"]
["A37019","BARRETTE",17969,"TUNG",2013,1,1418.25,1418.25,"TUNG"]
["A37019","BARRETTE",18024,"TUNG",2013,11,206.26545454545456,2268.92,"TUNG"]
["A37019","BARRETTE",17624,"TUNG",2013,15,0.57733333333333337,8.66,"TUNG"]
["A37019","BARRETTE",18250,"TUNG",2013,185,0.23405405405405405,43.3,"TUNG"]
["A37019","BARRETTE",18091,"TUNG",2013,12,220.83,2649.96,"TUNG"]
["A37019","BARRETTE",18258,"TUNG",2013,317,7.9770347003154569,2528.7199999999998,"TUNG"]
["A37019","BARRETTE",18091,"TUNG",2013,294,0.32401360544217689,95.26,"TUNG"]
["A37019","BARRETTE",18399,"TUNG",2013,130,11.088461538461539,1441.5,"TUNG"]
["A37019","BARRETTE",18396,"TUNG",2013,311,4.35048231511254,1353,"TUNG"]
["A37019","BARRETTE",18258,"TUNG",2013,3,953.25,2859.75,"TUNG"]
["A37019","BARRETTE",17986,"TUNG",2013,3,16.400000000000002,49.2,"TUNG"]
["A37019","BARRETTE",18399,"TUNG",2013,9,19.244444444444444,173.2,"TUNG"]
["A37019","BARRETTE",18396,"TUNG",2013,1,2580.6799999999998,2580.6799999999998,"TUNG"]
["A37019","BARRETTE",18592,"TUNG",2013,315,2.7492063492063491E-2,8.66,"TUNG"]
["A37019","BARRETTE",18636,"TUNG",2013,316,8.4407594936708872,2667.28,"TUNG"]
["A37019","BARRETTE",18636,"TUNG",2013,3,596.98333333333335,1790.95,"TUNG"]
["A37019","BARRETTE",18663,"TUNG",2013,317,0.10927444794952682,34.64,"TUNG"]
["A37019","BARRETTE",18752,"TUNG",2013,316,0.10544303797468355,33.32,"TUNG"]
["A37019","BARRETTE",18831,"TUNG",2013,196,7.5443877551020408,1478.7,"TUNG"]
["A37019","BARRETTE",18752,"TUNG",2013,2,17.32,34.64,"TUNG"]
["A37019","BARRETTE",18795,"TUNG",2013,315,5.8558095238095236,1844.58,"TUNG"]
["A37019","BARRETTE",18831,"TUNG",2013,10,253.738,2537.38,"TUNG"]
["A37019","BARRETTE",18897,"TUNG",2013,400,0.10825,43.3,"TUNG"]
["A37019","BARRETTE",19018,"TUNG",2013,319,2.7147335423197493E-2,8.66,"TUNG"]
["A37019","BARRETTE",19015,"TUNG",2013,104,1.2490384615384615,129.9,"TUNG"]
["A37019","BARRETTE",19122,"TUNG",2013,360,5.1249999999999997E-2,18.45,"TUNG"]
["A37019","BARRETTE",19176,"TUNG",2013,282,10.410425531914893,2935.74,"TUNG"]
["A37019","BARRETTE",18795,"TUNG",2013,2,12.99,25.98,"TUNG"]
["A37019","BARRETTE",19331,"TUNG",2013,287,0.30174216027874562,86.6,"TUNG"]
["A37019","BARRETTE",19290,"TUNG",2013,271,9.7784501845018443,2649.96,"TUNG"]
["A37019","BARRETTE",19343,"TUNG",2013,284,9.1478873239436626E-2,25.98,"TUNG"]
["A37019","BARRETTE",19376,"TUNG",2013,132,20.075454545454544,2649.96,"TUNG"]
["A37019","BARRETTE",19442,"TUNG",2013,319,5.8007836990595614,1850.45,"TUNG"]
["A37019","BARRETTE",19374,"TUNG",2013,316,4.5028481012658235,1422.9,"TUNG"]
["A37019","BARRETTE",19374,"TUNG",2013,4,514.17499999999995,2056.6999999999998,"TUNG"]
["A37019","BARRETTE",19579,"TUNG",2013,262,6.0970992366412213,1597.44,"TUNG"]
["A37019","BARRETTE",19442,"TUNG",2014,1,1571.84,1571.84,"TUNG"]
["A37019","BARRETTE",19602,"TUNG",2014,316,4.7149367088607601,1489.92,"TUNG"]
["A37019","BARRETTE",19579,"TUNG",2014,3,39.253333333333337,117.76,"TUNG"]
["A37019","BARRETTE",19579,"TUNG",2014,40,62.879999999999995,2515.1999999999998,"TUNG"]
["A37019","BARRETTE",19642,"TUNG",2014,326,8.5767177914110437,2796.01,"TUNG"]
["A37019","BARRETTE",19579,"TUNG",2014,1,2194.25,2194.25,"TUNG"]
["A37019","BARRETTE",19828,"TUNG",2014,219,7.5046575342465749,1643.52,"TUNG"]
["A37019","BARRETTE",19602,"TUNG",2014,3,573.43999999999994,1720.32,"TUNG"]
["A37019","BARRETTE",20752,"TUNG",2014,300,6.9211666666666662,2076.35,"TUNG"]
["A37019","BARRETTE",20657,"TUNG",2014,150,4.33,649.5,"TUNG"]
["A37019","BARRETTE",20775,"TUNG",2014,16,276.375,4422,"TUNG"]
["A37019","BARRETTE",20657,"TUNG",2014,150,4.8,720,"TUNG"]
["A37019","BARRETTE",8174,"TUNG",2009,310,49.354838709677416,15300,"TUNG"]
["A37019","BARRETTE",8229,"TUNG",2009,35,29.142857142857142,1020,"TUNG"]
["A37019","BARRETTE",8229,"TUNG",2009,269,9.2602230483271377,2491,"TUNG"]
["A37019","BARRETTE",8957,"TUNG",2009,276,0.93478260869565222,258,"TUNG"]
["A37019","BARRETTE",9244,"TUNG",2009,305,4.249180327868852,1296,"TUNG"]
["A37019","BARRETTE",9106,"TUNG",2009,275,1.2436363636363637,342,"TUNG"]
["A37019","BARRETTE",9279,"TUNG",2009,276,4.1304347826086953,1140,"TUNG"]
["A37019","BARRETTE",9319,"TUNG",2009,306,2.2745098039215685,696,"TUNG"]
["A37019","BARRETTE",9418,"TUNG",2009,292,{"$f":"H3843/F3843","v":3.7260273972602738},1088,"TUNG"]
["A37019","BARRETTE",9279,"TUNG",2009,30,39.5,1185,"TUNG"]
["A37019","BARRETTE",9106,"TUNG",2009,30,18.3,549,"TUNG"]
["A37019","BARRETTE",9376,"TUNG",2009,303,51.485148514851488,15600,"TUNG"]
["A37019","BARRETTE",10125,"TUNG",2009,280,65.785714285714292,18420,"TUNG"]
["A37019","BARRETTE",15507,"TUNG",2012,-4,-228.75,915,"TUNG"]
["A37019","BARRETTE",11505,"TUNG",2010,280,3.4485714285714288,965.6,"TUNG"]
["A37019","BARRETTE",11773,"TUNG",2010,250,3.9001999999999999,975.05,"TUNG"]
["A37019","BARRETTE",11795,"TUNG",2010,300,3.3026666666666666,990.8,"TUNG"]
["A37019","BARRETTE",11862,"TUNG",2010,305,3.4240983606557376,1044.3499999999999,"TUNG"]
["A37019","BARRETTE",11773,"TUNG",2010,1,997.1,997.1,"TUNG"]
["A37019","BARRETTE",11893,"TUNG",2010,222,4.4063063063063064,978.2,"TUNG"]
["A37019","BARRETTE",11976,"TUNG",2010,304,3.3506578947368424,1018.6,"TUNG"]
["A37019","BARRETTE",11953,"TUNG",2010,294,3.5282312925170065,1037.3,"TUNG"]
["A37019","BARRETTE",12094,"TUNG",2010,305,3.87127868852459,1180.74,"TUNG"]
["A37019","BARRETTE",11953,"TUNG",2010,1,1092.72,1092.72,"TUNG"]
["A37019","BARRETTE",11505,"TUNG",2010,26,40.021538461538462,1040.56,"TUNG"]
["A37019","BARRETTE",12248,"TUNG",2010,299,3.480133779264214,1040.56,"TUNG"]
["A37019","BARRETTE",12592,"TUNG",2010,327,3.1050152905198778,1015.34,"TUNG"]
["A37019","BARRETTE",12750,"TUNG",2010,333,3.2494894894894895,1082.08,"TUNG"]
["A37019","BARRETTE",12861,"TUNG",2010,159,6.3652830188679248,1012.08,"TUNG"]
["A37019","BARRETTE",13083,"TUNG",2010,116,8.6124137931034479,999.04,"TUNG"]
["A37019","BARRETTE",12861,"TUNG",2010,30,33.409999999999997,1002.3,"TUNG"]
["A37019","BARRETTE",12861,"TUNG",2010,18,59.438888888888897,1069.9000000000001,"TUNG"]
["A37019","BARRETTE",13083,"TUNG",2011,159,6.6113207547169814,1051.2,"TUNG"]
["A37019","BARRETTE",12861,"TUNG",2011,79,13.26506329113924,1047.94,"TUNG"]
["A37019","BARRETTE",13083,"TUNG",2011,11,90.525454545454537,995.78,"TUNG"]
["A37019","BARRETTE",12974,"TUNG",2011,210,4.788380952380952,1005.56,"TUNG"]
["A37019","BARRETTE",12861,"TUNG",2011,26,38.800769230769234,1008.82,"TUNG"]
["A37019","BARRETTE",12977,"TUNG",2011,13,107.94461538461539,1403.28,"TUNG"]
["A37019","BARRETTE",12974,"TUNG",2011,53,19.095849056603775,1012.08,"TUNG"]
["A37019","BARRETTE",12861,"TUNG",2011,10,102.752,1027.52,"TUNG"]
["A37019","BARRETTE",13083,"TUNG",2011,9,111.72888888888889,1005.56,"TUNG"]
["A37019","BARRETTE",13207,"TUNG",2011,151,7.2638410596026484,1096.8399999999999,"TUNG"]
["A37019","BARRETTE",13204,"TUNG",2011,135,8.1971851851851838,1106.6199999999999,"TUNG"]
["A37019","BARRETTE",13299,"TUNG",2011,313,3.5355271565495205,1106.6199999999999,"TUNG"]
["A37019","BARRETTE",12750,"TUNG",2011,2,507.67,1015.34,"TUNG"]
["A37019","BARRETTE",13207,"TUNG",2011,1,1015.34,1015.34,"TUNG"]
["A37019","BARRETTE",13697,"TUNG",2011,352,2.9771022727272727,1047.94,"TUNG"]
["A37019","BARRETTE",13204,"TUNG",2011,14,44.581428571428567,624.14,"TUNG"]
["A37019","BARRETTE",12248,"TUNG",2011,4,253.02,1012.08,"TUNG"]
["A37019","BARRETTE",13083,"TUNG",2011,3,264.55333333333334,793.66,"TUNG"]
["A37019","BARRETTE",12974,"TUNG",2011,3,356.23,1068.69,"TUNG"]
["A37019","BARRETTE",12977,"TUNG",2011,1,1008.82,1008.82,"TUNG"]
["A37019","BARRETTE",14109,"TUNG",2011,401,2.6361596009975061,1057.0999999999999,"TUNG"]
["A37019","BARRETTE",13984,"TUNG",2011,53,6.1509433962264146E-2,3.26,"TUNG"]
["A37019","BARRETTE",14273,"TUNG",2011,240,1.0928333333333333,262.27999999999997,"TUNG"]
["A37019","BARRETTE",14223,"TUNG",2011,402,2.5257213930348259,1015.34,"TUNG"]
["A37019","BARRETTE",14209,"TUNG",2011,53,19.218867924528304,1018.6,"TUNG"]
["A37019","BARRETTE",14209,"TUNG",2011,1,1488.5,1488.5,"TUNG"]
["A37019","BARRETTE",14341,"TUNG",2011,240,4.2305833333333336,1015.34,"TUNG"]
["A37019","BARRETTE",14327,"TUNG",2011,232,4.3764655172413791,1015.34,"TUNG"]
["A37019","BARRETTE",14209,"TUNG",2011,14,46.910000000000004,656.74,"TUNG"]
["A37019","BARRETTE",14209,"TUNG",2011,1,3.26,3.26,"TUNG"]
["A37019","BARRETTE",14209,"TUNG",2011,3,335.18666666666667,1005.56,"TUNG"]
["A37019","BARRETTE",14209,"TUNG",2011,1,346.4,346.4,"TUNG"]
["A37019","BARRETTE",14209,"TUNG",2011,12,90.791666666666671,1089.5,"TUNG"]
["A37019","BARRETTE",14391,"TUNG",2011,232,4.5310344827586206,1051.2,"TUNG"]
["A37019","BARRETTE",14391,"TUNG",2011,13,81.739999999999995,1062.6199999999999,"TUNG"]
["A37019","BARRETTE",14509,"TUNG",2011,232,1.9876724137931034,461.14,"TUNG"]
["A37019","BARRETTE",14639,"TUNG",2011,192,1.5869791666666666,304.7,"TUNG"]
["A37019","BARRETTE",14639,"TUNG",2011,40,26.198500000000003,1047.94,"TUNG"]
["A37019","BARRETTE",14509,"TUNG",2011,5,209.58800000000002,1047.94,"TUNG"]
["A37019","BARRETTE",14535,"TUNG",2011,213,4.9046009389671363,1044.68,"TUNG"]
["A37019","BARRETTE",14535,"TUNG",2011,23,{"$f":"H3907/F3907","v":45.420869565217394},1044.68,"TUNG"]
["A37019","BARRETTE",14569,"TUNG",2011,7,59.428571428571431,416,"TUNG"]
["A37019","BARRETTE",14569,"TUNG",2011,350,0.61185714285714288,214.15,"TUNG"]
["A37019","BARRETTE",14692,"TUNG",2011,303,3.4693069306930693,1051.2,"TUNG"]
["A37019","BARRETTE",14829,"TUNG",2011,310,1.1194838709677419,347.04,"TUNG"]
["A37019","BARRETTE",14692,"TUNG",2011,6,218.66666666666666,1312,"TUNG"]
["A37019","BARRETTE",14327,"TUNG",2011,17,54.74,930.58,"TUNG"]
["A37019","BARRETTE",14880,"TUNG",2011,302,0.26688741721854303,80.599999999999994,"TUNG"]
["A37019","BARRETTE",14958,"TUNG",2011,262,0.24045801526717558,63,"TUNG"]
["A37019","BARRETTE",15090,"TUNG",2011,1,63,63,"TUNG"]
["A37019","BARRETTE",15088,"TUNG",2011,5,12.6,63,"TUNG"]
["A37019","BARRETTE",15063,"TUNG",2011,306,0.20588235294117646,63,"TUNG"]
["A37019","BARRETTE",15169,"TUNG",2011,292,3.3595890410958904,981,"TUNG"]
["A37019","BARRETTE",15169,"TUNG",2011,11,9.8181818181818183,108,"TUNG"]
["A37019","BARRETTE",15211,"TUNG",2011,310,0.34838709677419355,108,"TUNG"]
["A37019","BARRETTE",13302,"TUNG",2012,20,5.4,108,"TUNG"]
["A37019","BARRETTE",15344,"TUNG",2012,298,2.9586577181208051,881.68,"TUNG"]
["A37019","BARRETTE",15211,"TUNG",2012,1,108,108,"TUNG"]
["A37019","BARRETTE",14958,"TUNG",2012,38,31.781052631578948,1207.68,"TUNG"]
["A37019","BARRETTE",15398,"TUNG",2012,290,4.6477931034482758,1347.86,"TUNG"]
["A37019","BARRETTE",15701,"TUNG",2012,11,9.8181818181818183,108,"TUNG"]
["A37019","BARRETTE",15502,"TUNG",2012,308,0.35064935064935066,108,"TUNG"]
["A37019","BARRETTE",15507,"TUNG",2012,325,0.3323076923076923,108,"TUNG"]
["A37019","BARRETTE",15507,"TUNG",2012,4,30.75,123,"TUNG"]
["A37019","BARRETTE",15502,"TUNG",2012,4,285,1140,"TUNG"]
["A37019","BARRETTE",15507,"TUNG",2012,4,30.875,123.5,"TUNG"]
["A37019","BARRETTE",15659,"TUNG",2012,213,0.69483568075117375,148,"TUNG"]
["A37019","BARRETTE",15668,"TUNG",2012,293,3.5210238907849831,1031.6600000000001,"TUNG"]
["A37019","BARRETTE",14880,"TUNG",2012,5,21.6,108,"TUNG"]
["A37019","BARRETTE",15659,"TUNG",2012,1,108,108,"TUNG"]
["A37019","BARRETTE",15668,"TUNG",2012,15,67.254666666666665,1008.82,"TUNG"]
["A37019","BARRETTE",15732,"TUNG",2012,305,0.35409836065573769,108,"TUNG"]
["A37019","BARRETTE",15817,"TUNG",2012,305,0.35409836065573769,108,"TUNG"]
["A37019","BARRETTE",15832,"TUNG",2012,339,0.31858407079646017,108,"TUNG"]
["A37019","BARRETTE",15817,"TUNG",2012,3,36,108,"TUNG"]
["A37019","BARRETTE",15941,"TUNG",2012,319,0.33855799373040751,108,"TUNG"]
["A37019","BARRETTE",15832,"TUNG",2012,10,74.924999999999997,749.25,"TUNG"]
["A37019","BARRETTE",16024,"TUNG",2012,306,2.0098039215686274,615,"TUNG"]
["A37019","BARRETTE",15941,"TUNG",2012,3,19.666666666666668,59,"TUNG"]
["A37019","BARRETTE",16003,"TUNG",2012,306,4.7563725490196083,1455.45,"TUNG"]
["A37019","BARRETTE",13302,"TUNG",2011,75,0.23333333333333334,17.5,"TUNG"]
["A37019","BARRETTE",12977,"TUNG",2011,40,1.95,78,"TUNG"]
["A37040","EQUERRE",20741,"CND",2014,635,0.38491338582677165,244.42,"CND"]
["A37040","EQUERRE",11820,"CND",2010,852,1.531349765258216,1304.71,"CND"]
["A37040","EQUERRE",12415,"CND",2010,1302,9.9846390168970817E-2,130,"CND"]
["A37040","EQUERRE",13574,"CND",2011,485,1.0523298969072166,510.38,"CND"]
["A37040","EQUERRE",13825,"CND",2011,271,0.29501845018450185,79.95,"CND"]
["A37040","EQUERRE",14201,"CND",2011,578,0.73183391003460208,423,"CND"]
["A37040","EQUERRE",14586,"CND",2011,639,0.29849765258215966,190.74,"CND"]
["A37040","EQUERRE",14625,"CND",2011,569,0.36952548330404217,210.26,"CND"]
["A37040","EQUERRE",14898,"CND",2011,923,0.20910075839653305,193,"CND"]
["A37040","EQUERRE",15135,"CND",2011,272,1.1676838235294118,317.61,"CND"]
["A37040","EQUERRE",15431,"CND",2011,222,0.3058558558558559,67.900000000000006,"CND"]
["A37040","EQUERRE",15752,"CND",2012,1127,0.21468500443655722,241.95,"CND"]
["A37040","EQUERRE",15957,"CND",2012,814,0.54459459459459458,443.3,"CND"]
["A37040","EQUERRE",16726,"CND",2012,1957,0.16530403679100664,323.5,"CND"]
["A37040","EQUERRE",17237,"CND",2012,400,18.952375,7580.95,"CND"]
["A37040","EQUERRE",17224,"CND",2012,462,10.467337662337663,4835.91,"CND"]
["A37040","EQUERRE",17376,"CND",2012,595,3.6302521008403361,2160,"CND"]
["A37040","EQUERRE",17376,"CND",2013,177,1.1394915254237288,201.69,"CND"]
["A37040","EQUERRE",18583,"CND",2013,637,3.9189952904238621,2496.4,"CND"]
["A37040","EQUERRE",18618,"CND",2013,488,3.276639344262295,1599,"CND"]
["A37040","EQUERRE",19721,"CND",2013,416,5.9629807692307688,2480.6,"CND"]
["A37040","EQUERRE",18886,"CND",2013,857,1.1831971995332555,1014,"CND"]
["A37040","EQUERRE",18916,"CND",2013,164,{"$f":"H3971/F3971","v":11.973231707317073},1963.61,"CND"]
["A37040","EQUERRE",18918,"CND",2013,230,4.2913043478260866E-2,9.8699999999999992,"CND"]
["A37040","EQUERRE",20918,"CND",2014,494,5.9919028340080976E-2,29.6,"CND"]
["A37040","EQUERRE",20918,"CND",2014,330,0.26912121212121215,88.81,"CND"]
["A37040","EQUERRE",20182,"CND",2014,215,14.548697674418603,3127.97,"CND"]
["A37040","EQUERRE",20132,"CND",2014,448,6.9600446428571425,3118.1,"CND"]
["A37040","EQUERRE",20280,"CND",2014,684,1.6596491228070176,1135.2,"CND"]
["A37040","EQUERRE",20405,"CND",2014,375,1.456,546,"CND"]
["A37163","TOOLING",10316,"PAS",2009,8,12.775,102.2,"PAS"]
["A37164","TOOLING",10317,"PAS",2009,8,20.868749999999999,166.95,"PAS"]
["A3-71915","CORPS",11603,"CNDPAS",2010,3,23.846666666666668,71.540000000000006,"CND","PAS"]
["A3-71915","CORPS",9449,"PEL",2009,3,1072.4533333333334,3217.36,"PEL"]
["A3-71915","CORPS",11507,"RECTIF",2010,3,19.753333333333334,59.26,"RECTIF"]
["A3-71915","CORPS",11687,"RODAGE",2010,3,197.13,591.39,"ROD"]
["A3-71915","CORPS",10345,"STELLITESABL",2010,5,27.22,136.1,"STELLITE","SABL"]
["A3-72969","BIELLETTE MATRICEE USINEE",9046,"CNDCAD",2009,6,129.86166666666665,779.17,"CND","CAD"]
["A3-72969","BIELLETTE MATRICEE USINEE",10657,"CNDCAD",2009,2,25.55,51.1,"CND","CAD"]
["A3-72969","BIELLETTE MATRICEE USINEE",10788,"CNDCAD",2009,2,1573.85,3147.7,"CND","CAD"]
["A3-72969","BIELLETTE MATRICEE USINEE",11619,"CNDCAD",2010,4,30.07,120.28,"CND","CAD"]
["A3-72969","BIELLETTE MATRICEE USINEE",11621,"CNDCAD",2010,16,7.5175000000000001,120.28,"CND","CAD"]
["A3-72969","BIELLETTE MATRICEE USINEE",10379,"TTH",2009,4,100.1,400.4,"TTH"]
["A3-72969","BIELLETTE MATRICEE USINEE",11202,"TTH",2010,17,3.2558823529411764,55.35,"TTH"]
["A3-72969","BIELLETTE MATRICEE USINEE",11202,"TTH",2010,4,4.875,19.5,"TTH"]
["A3-73197","MANCHON",15238,"NUFLON",2011,26,0,0,"NUFLON"]
["A3-73197","MANCHON",15640,"NUFLON",2012,19,9.4421052631578952,179.4,"NUFLON"]
["A37433","TORQUE BUTTON",17036,"CND",2013,398,0.3165829145728643,126,"CND"]
["A37433","TORQUE BUTTON",14950,"CND",2011,201,0.96019900497512434,193,"CND"]
["A37433","TORQUE BUTTON",16146,"CND",2012,310,2.1763225806451612,674.66,"CND"]
["A37433","TORQUE BUTTON",16466,"CND",2012,180,5.4845555555555556,987.22,"CND"]
["A37433","TORQUE BUTTON",16551,"CND",2012,214,3.457943925233645,740,"CND"]
["A37433","TORQUE BUTTON",16815,"CND",2012,200,0.255,51,"CND"]
["A37433","TORQUE BUTTON",16898,"CND",2012,200,0.26300000000000001,52.6,"CND"]
["A37433","TORQUE BUTTON",18111,"CND",2013,995,1.197386934673367,1191.4000000000001,"CND"]
["A37433","TORQUE BUTTON",16673,"CND",2012,400,1.3256250000000001,530.25,"CND"]
["A37433","TORQUE BUTTON",17318,"USI",2012,999,0.17177177177177178,171.6,"USI"]
["A37433","TORQUE BUTTON",16289,"USI",2012,400,7.2000000000000008E-2,28.8,"USI"]
["A37433","TORQUE BUTTON",16269,"USI",2012,399,0.31954887218045114,127.5,"USI"]
["A37433","TORQUE BUTTON",16269,"USI",2012,3,99.06,297.18,"USI"]
["A37433","TORQUE BUTTON",16441,"USI",2012,400,6.4000000000000001E-2,25.6,"USI"]
["A37433","TORQUE BUTTON",16442,"USI",2012,402,0.13059701492537312,52.5,"USI"]
["A37508","BARRETTE",18554,"CND",2013,45,2.6728888888888891,120.28,"CND"]
["A37508","BARRETTE",19650,"NICK",2013,150,0.34066666666666667,51.1,"NICK"]
["A37508","BARRETTE",19650,"NICK",2013,20,2.6239999999999997,52.48,"NICK"]
["A37508","BARRETTE",19876,"NICK",2014,108,0.33453703703703708,36.130000000000003,"NICK"]
["A37508","BARRETTE",19876,"NICK",2014,21,26.264285714285712,551.54999999999995,"NICK"]
["A37508","BARRETTE",20155,"NICK",2014,290,0,0,"NICK"]
["A37508","BARRETTE",20155,"NICK",2014,2,63.115000000000002,126.23,"NICK"]
["A37508","BARRETTE",18556,"TUNG",2013,4,690.63499999999999,2762.54,"TUNG"]
["A37508","BARRETTE",18556,"TUNG",2013,15,95.2,1428,"TUNG"]
["A37508","BARRETTE",19651,"TUNG",2013,150,0.75313333333333332,112.97,"TUNG"]
["A37508","BARRETTE",19651,"TUNG",2013,20,70.679999999999993,1413.6,"TUNG"]
["A37508","BARRETTE",19877,"TUNG",2014,96,17.760000000000002,1704.96,"TUNG"]
["A37508","BARRETTE",19877,"TUNG",2014,18,19.626666666666665,353.28,"TUNG"]
["A37508","BARRETTE",20156,"TUNG",2014,290,5.1023448275862071,1479.68,"TUNG"]
["A37508","BARRETTE",20156,"TUNG",2014,2,90,180,"TUNG"]
["A3-76593","EMBOUT",11601,"CNDOAS",2010,3,11.923333333333334,35.770000000000003,"CND","OAS"]
["A3-76593","EMBOUT",12124,"CNDOAS",2010,10,32.192999999999998,321.93,"CND","OAS"]
["A4-28003","BAGUE",13792,"CAD",2011,12,5,60,"CAD"]
["A4-28003","BAGUE",19699,"CAD",2013,10,10,100,"CAD"]
["A4-28003R1","BAGUE",11331,"CAD",2010,22,7.213636363636363,158.69999999999999,"CAD"]
["A4-28003R1","BAGUE",11332,"CAD",2010,23,0,0,"CAD"]
["A4-28003R1","BAGUE",13794,"CAD",2011,9,12.222222222222221,110,"CAD"]
["A4-28003R1","BAGUE",16870,"CAD",2012,22,1.9272727272727272,42.4,"CAD"]
["A4-28003R2","BAGUE",18374,"CAD",2013,6,12.5,75,"CAD"]
["A4-51942R5","FOND MATRICE",18835,"CNDOAC",2013,11,{"$f":"H4035/F4035","v":9.1027272727272717},100.13,"CND","OAC"]
["A45-52702","RACLEUR",10141,"CADMSE",2009,10,16.2,162,"CAD"]
["A45-52702","RACLEUR",14182,"CADMSE",2011,40,9.625,385,"CAD"]
["A45-52702","RACLEUR",14690,"CADMSE",2011,38,5.4221052631578948,206.04,"CAD"]
["A46100","CHAPEAU DE PROTECTION",13715,"OASROUGE",2011,88,0.58068181818181819,51.1,"OASROUGE"]
["A46100","CHAPEAU DE PROTECTION",13901,"OASROUGE",2011,24,18.876666666666669,453.04,"OASROUGE"]
["A46106","BOUCHON DE STOCKAGE",18628,"OAS",2013,38,1.3447368421052632,51.1,"OAS"]
["A46106","BOUCHON DE STOCKAGE",16242,"OAS",2012,31,1.6483870967741936,51.1,"OAS"]
["A46211","BOUCHON DE STOCKAGE",17773,"OAS",2013,48,3.5679166666666666,171.26,"OAS"]
["A46211","BOUCHON DE STOCKAGE",14496,"OAS",2011,103,1.3122330097087378,135.16,"OAS"]
["A46211","BOUCHON DE STOCKAGE",15392,"OAS",2011,27,4.3529629629629634,117.53,"OAS"]
["A46232","BOUCHON DE STOCKAGE",16957,"CADPEI",2012,55,3.1818181818181817,175,"CAD","PEI"]
["A46241","CHAPEAU DE PROTECTION",18571,"OAS",2013,90,4.0525555555555561,364.73,"OAS"]
["A46241","CHAPEAU DE PROTECTION",9111,"OAS",2009,43,2.5409302325581398,109.26,"OAS"]
["A46241","CHAPEAU DE PROTECTION",12324,"OAS",2010,35,3.0602857142857141,107.11,"OAS"]
["A46241","CHAPEAU DE PROTECTION",15484,"OAS",2011,110,0.46454545454545454,51.1,"OAS"]
["A46241","CHAPEAU DE PROTECTION",15066,"USI",2011,110,1.9783636363636363,217.62,"USI"]
["A46241","CHAPEAU DE PROTECTION",18298,"USI",2013,90,0.72,64.8,"USI"]
["A46298","PLAQUE DE PROTECTION",14526,"CNDOAS",2011,11,10.18090909090909,111.99,"CND","OAS"]
["A46302","BOUCHON DE STOCKAGE",9655,"OASROUGE",2009,66,7.041818181818182,464.76,"OASROUGE"]
["A46306-1","BOUCHON DE STOCKAGE",12821,"OAS",2010,12,12.008333333333333,144.1,"OAS"]
["A46327","CHAPEAU DE PROTECTION",15279,"OAS",2011,179,0.62117318435754187,111.19,"OAS"]
["A46405-4","CHAPEAU",19112,"OASROUGE",2013,69,2.3639130434782611,163.11000000000001,"OASROUGE"]
["A46405-4","CHAPEAU",16832,"OASROUGE",2012,6,8.5166666666666675,51.1,"OASROUGE"]
["A46433-32","BOUCHON DE PROTECTION",19430,"OASROUGE",2013,67,2.064626865671642,138.33000000000001,"OASROUGE"]
["A46433-32","BOUCHON DE PROTECTION",11397,"OASROUGE",2010,34,4.3247058823529407,147.04,"OASROUGE"]
["A46433-32","BOUCHON DE PROTECTION",19161,"USI",2013,70,11.592857142857143,811.5,"USI"]
["A46447-32","PLAQUE D'ACCES",15786,"OAS",2012,26,9.740384615384615,253.25,"OAS"]
["A46447-32","PLAQUE D'ACCES",16652,"OAS",2012,13,3.930769230769231,51.1,"OAS"]
["A46447-92","PLAQUE D'ACCES",14720,"OAS",2011,8,9.6,76.8,"OAS"]
["A46447-92","PLAQUE D'ACCES",14721,"OAS",2011,26,1.9653846153846155,51.1,"OAS"]
["A46447-92","PLAQUE D'ACCES",15861,"OAS",2012,17,25.99529411764706,441.92,"OAS"]
["A46447-92","PLAQUE D'ACCES",17469,"OAS",2012,28,15.037857142857144,421.06,"OAS"]
["A46447-92","PLAQUE D'ACCES",17469,"OAS",2012,28,5.5071428571428571,154.19999999999999,"OAS"]
["A46457-2","BAGUE ENTRETOISE",15052,"OAS",2011,23,5.2,119.6,"OAS"]
["A46457-3","BAGUE ENTRETOISE",8921,"OAS",2009,10,19.827000000000002,198.27,"OAS"]
["A46457-5","BAGUE ENTRETOISE",18651,"OAS",2013,19,4.8947368421052628,93,"OAS"]
["A46457-5","BAGUE ENTRETOISE",16767,"OAS",2012,46,2.2517391304347827,103.58,"OAS"]
["A46467-1","CHAPEAU DE PROTECTION",19066,"OASROUGE",2013,61,6.2157377049180331,379.16,"OASROUGE"]
["A46467-1","CHAPEAU DE PROTECTION",20717,"OASROUGE",2014,25,2.044,51.1,"OASROUGE"]
["A46467-1","CHAPEAU DE PROTECTION",12660,"OASROUGE",2010,118,1.3920338983050846,164.26,"OASROUGE"]
["A46467-1","CHAPEAU DE PROTECTION",14412,"OASROUGE",2011,114,2.4524561403508769,279.58,"OASROUGE"]
["A46467-1","CHAPEAU DE PROTECTION",15706,"OASROUGE",2012,310,0.36945161290322581,114.53,"OASROUGE"]
["A46467-1","CHAPEAU DE PROTECTION",16365,"OASROUGE",2012,30,5.1373333333333333,154.12,"OASROUGE"]
["A46467-1","CHAPEAU DE PROTECTION",17342,"OASROUGE",2012,40,2.5550000000000002,102.2,"OASROUGE"]
["A46467-1","CHAPEAU DE PROTECTION",19211,"OASROUGEMSE",2013,7,7.3,51.1,"OASROUGE"]
["A46467-1","CHAPEAU DE PROTECTION",13557,"USI",2011,114,1.2606140350877193,143.71,"USI"]
["A46467-1","CHAPEAU DE PROTECTION",15570,"USI",2012,310,2.8201612903225808,874.25,"USI"]
["A46467-1","CHAPEAU DE PROTECTION",16168,"USI",2012,30,0.26666666666666666,8,"USI"]
["A46467-1","CHAPEAU DE PROTECTION",17160,"USI",2012,40,2.5,100,"USI"]
["A46467-1","CHAPEAU DE PROTECTION",18846,"USI",2013,61,38.934426229508198,2375,"USI"]
["A46467-10","CHAPEAU DE PROTECTION",15955,"OAS",2012,46,1.1108695652173914,51.1,"OAS"]
["A46467-10","CHAPEAU DE PROTECTION",19007,"OASMSE",2013,94,2.0577659574468088,193.43,"OAS"]
["A46467-10","CHAPEAU DE PROTECTION",20779,"OASMSE",2014,68,5.533823529411765,376.3,"OAS"]
["A46467-12","CHAPEAU DE PROTECTION",18169,"OASROUGE",2013,190,2.155736842105263,409.59,"OASROUGE"]
["A46467-12","CHAPEAU DE PROTECTION",19273,"OASROUGE",2013,190,1.9932105263157893,378.71,"OASROUGE"]
["A46467-12","CHAPEAU DE PROTECTION",20936,"OASROUGE",2014,200,0.36590000000000006,73.180000000000007,"OASROUGE"]
["A46467-12","CHAPEAU DE PROTECTION",17766,"OASROUGE",2013,110,0.88445454545454549,97.29,"OASROUGE"]
["A46467-12","CHAPEAU DE PROTECTION",17765,"OASROUGE",2013,61,4.4285245901639341,270.14,"OASROUGE"]
["A46467-12","CHAPEAU DE PROTECTION",17767,"OASROUGE",2013,60,13.299666666666667,797.98,"OASROUGE"]
["A46467-12","CHAPEAU DE PROTECTION",9782,"OASROUGE",2009,52,38.364230769230772,1994.94,"OASROUGE"]
["A46467-12","CHAPEAU DE PROTECTION",10146,"OASROUGE",2009,50,3.8936000000000002,194.68,"OASROUGE"]
["A46467-12","CHAPEAU DE PROTECTION",10146,"OASROUGE",2009,50,2.044,102.2,"OASROUGE"]
["A46467-12","CHAPEAU DE PROTECTION",10146,"OASROUGE",2009,365,0.8849315068493151,323,"OASROUGE"]
["A46467-12","CHAPEAU DE PROTECTION",10503,"OASROUGE",2009,70,{"$f":"H4099/F4099","v":1.68},117.6,"OASROUGE"]
["A46467-12","CHAPEAU DE PROTECTION",10743,"OASROUGE",2009,68,2.3610294117647062,160.55000000000001,"OASROUGE"]
["A46467-12","CHAPEAU DE PROTECTION",11455,"OASROUGE",2010,50,2.2075999999999998,110.38,"OASROUGE"]
["A46467-12","CHAPEAU DE PROTECTION",11455,"OASROUGE",2010,50,1.9316,96.58,"OASROUGE"]
["A46467-12","CHAPEAU DE PROTECTION",11455,"OASROUGE",2010,50,2.044,102.2,"OASROUGE"]
["A46467-12","CHAPEAU DE PROTECTION",11455,"OASROUGE",2010,50,3.8287999999999998,191.44,"OASROUGE"]
["A46467-12","CHAPEAU DE PROTECTION",12121,"OASROUGE",2010,281,0.33925266903914592,95.33,"OASROUGE"]
["A46467-12","CHAPEAU DE PROTECTION",12960,"OASROUGE",2010,50,2.3506,117.53,"OASROUGE"]
["A46467-12","CHAPEAU DE PROTECTION",12960,"OASROUGE",2010,50,1.022,51.1,"OASROUGE"]
["A46467-12","CHAPEAU DE PROTECTION",13325,"OASROUGE",2011,53,0.96415094339622642,51.1,"OASROUGE"]
["A46467-12","CHAPEAU DE PROTECTION",13325,"OASROUGE",2011,53,0.96415094339622642,51.1,"OASROUGE"]
["A46467-12","CHAPEAU DE PROTECTION",14413,"OASROUGE",2011,155,0.60767741935483865,94.19,"OASROUGE"]
["A46467-12","CHAPEAU DE PROTECTION",14560,"OASROUGE",2011,155,5.427806451612903,841.31,"OASROUGE"]
["A46467-12","CHAPEAU DE PROTECTION",14719,"OASROUGE",2011,105,0.48666666666666669,51.1,"OASROUGE"]
["A46467-12","CHAPEAU DE PROTECTION",14718,"OASROUGE",2011,105,0.48666666666666669,51.1,"OASROUGE"]
["A46467-12","CHAPEAU DE PROTECTION",14729,"OASROUGE",2011,416,1.7518990384615383,728.79,"OASROUGE"]
["A46467-12","CHAPEAU DE PROTECTION",15086,"OASROUGE",2011,209,2.3626315789473686,493.79,"OASROUGE"]
["A46467-12","CHAPEAU DE PROTECTION",16366,"OASROUGE",2012,119,0.6956302521008404,82.78,"OASROUGE"]
["A46467-12","CHAPEAU DE PROTECTION",17041,"OASROUGE",2012,54,1.0385185185185184,56.08,"OASROUGE"]
["A46467-12","CHAPEAU DE PROTECTION",17234,"OASROUGE",2012,116,1.3215517241379311,153.30000000000001,"OASROUGE"]
["A46467-12","CHAPEAU DE PROTECTION",11087,"USI",2010,50,4.68,234,"USI"]
["A46467-12","CHAPEAU DE PROTECTION",11087,"USI",2010,50,1.0584,52.92,"USI"]
["A46467-12","CHAPEAU DE PROTECTION",11087,"USI",2010,50,0.96,48,"USI"]
["A46467-12","CHAPEAU DE PROTECTION",11087,"USI",2010,50,0,0,"USI"]
["A46467-12","CHAPEAU DE PROTECTION",11784,"USI",2010,280,0.54285714285714282,152,"USI"]
["A46467-12","CHAPEAU DE PROTECTION",12572,"USI",2010,55,0.65454545454545454,36,"USI"]
["A46467-12","CHAPEAU DE PROTECTION",12572,"USI",2010,55,0.63636363636363635,35,"USI"]
["A46467-12","CHAPEAU DE PROTECTION",12954,"USI",2010,53,2.1509433962264151,114,"USI"]
["A46467-12","CHAPEAU DE PROTECTION",12954,"USI",2010,53,1.3622641509433964,72.2,"USI"]
["A46467-12","CHAPEAU DE PROTECTION",13850,"USI",2011,155,0.43225806451612903,67,"USI"]
["A46467-12","CHAPEAU DE PROTECTION",14446,"USI",2011,105,3.6743809523809525,385.81,"USI"]
["A46467-12","CHAPEAU DE PROTECTION",14446,"USI",2011,105,3.8095238095238099E-2,4,"USI"]
["A46467-12","CHAPEAU DE PROTECTION",14578,"USI",2011,417,0.14892086330935253,62.1,"USI"]
["A46467-12","CHAPEAU DE PROTECTION",20630,"USI",2014,200,5.7750000000000003E-2,11.55,"USI"]
["A46467-12","CHAPEAU DE PROTECTION",14938,"USI",2011,210,0.31071428571428572,65.25,"USI"]
["A46467-12","CHAPEAU DE PROTECTION",16780,"USI",2012,54,7.2222222222222223,390,"USI"]
["A46467-12","CHAPEAU DE PROTECTION",16168,"USI",2012,119,0.50420168067226889,60,"USI"]
["A46467-12","CHAPEAU DE PROTECTION",17091,"USI",2012,116,1.4482758620689655,168,"USI"]
["A46467-12","CHAPEAU DE PROTECTION",17601,"USI",2012,60,1.125,67.5,"USI"]
["A46467-12","CHAPEAU DE PROTECTION",17536,"USI",2012,60,0,0,"USI"]
["A46467-12","CHAPEAU DE PROTECTION",17536,"USI",2012,110,1.1499999999999999,126.5,"USI"]
["A46467-12","CHAPEAU DE PROTECTION",17966,"USI",2013,190,12.5,2375,"USI"]
["A46467-12","CHAPEAU DE PROTECTION",18810,"USI",2013,190,8.75,1662.5,"USI"]
["A46467-2","CHAPEAU DE PROTECTION",16225,"OASMSE",2012,199,0.35653266331658295,70.95,"OAS"]
["A46467-2","CHAPEAU DE PROTECTION",16825,"OASMSE",2012,220,0.62072727272727268,136.56,"OAS"]
["A46467-2","CHAPEAU DE PROTECTION",9354,"OASROUGE",2009,129,0.39612403100775195,51.1,"OASROUGE"]
["A46467-2","CHAPEAU DE PROTECTION",9353,"OASROUGE",2009,220,1.7234545454545456,379.16,"OASROUGE"]
["A46467-2","CHAPEAU DE PROTECTION",11032,"OASROUGE",2009,84,1.0938095238095238,91.88,"OASROUGE"]
["A46467-2","CHAPEAU DE PROTECTION",11561,"OASROUGE",2010,205,0.60482926829268291,123.99,"OASROUGE"]
["A46467-2","CHAPEAU DE PROTECTION",13705,"OASROUGE",2011,227,0.22511013215859033,51.1,"OASROUGE"]
["A46467-2","CHAPEAU DE PROTECTION",15065,"OASROUGE",2011,321,2.7067912772585672,868.88,"OASROUGE"]
["A46467-2","CHAPEAU DE PROTECTION",15266,"OASROUGE",2011,108,0.47314814814814815,51.1,"OASROUGE"]
["A46467-2","CHAPEAU DE PROTECTION",11037,"USI",2010,200,0.26250000000000001,52.5,"USI"]
["A46467-2","CHAPEAU DE PROTECTION",13142,"USI",2011,225,0.14799999999999999,33.299999999999997,"USI"]
["A46467-2","CHAPEAU DE PROTECTION",13664,"USI",2011,321,9.2523364485981308E-2,29.7,"USI"]
["A46467-2","CHAPEAU DE PROTECTION",14938,"USI",2011,110,0.43636363636363634,48,"USI"]
["A46467-2","CHAPEAU DE PROTECTION",15570,"USI",2012,200,0.43200000000000005,86.4,"USI"]
["A46467-2","CHAPEAU DE PROTECTION",16323,"USI",2012,220,0.54545454545454541,120,"USI"]
["A46467-3","CHAPEAU DE PROTECTION",19473,"OAS",2013,310,1.1561935483870969,358.42,"OAS"]
["A46467-3","CHAPEAU DE PROTECTION",17803,"OAS",2013,104,0.85490384615384607,88.91,"OAS"]
["A46467-3","CHAPEAU DE PROTECTION",9153,"OAS",2009,100,22.395599999999998,2239.56,"OAS"]
["A46467-3","CHAPEAU DE PROTECTION",9654,"OAS",2009,105,1.0588571428571429,111.18,"OAS"]
["A46467-3","CHAPEAU DE PROTECTION",11753,"OAS",2010,313,0.16325878594249202,51.1,"OAS"]
["A46467-3","CHAPEAU DE PROTECTION",14321,"OAS",2011,309,0.16537216828478965,51.1,"OAS"]
["A46467-3","CHAPEAU DE PROTECTION",15170,"OAS",2011,211,{"$f":"H4163/F4163","v":0.80886255924170614},170.67,"OAS"]
["A46467-3","CHAPEAU DE PROTECTION",13199,"USI",2011,310,0.16145161290322579,50.05,"USI"]
["A46467-3","CHAPEAU DE PROTECTION",14938,"USI",2011,210,0.22142857142857142,46.5,"USI"]
["A46467-3","CHAPEAU DE PROTECTION",17536,"USI",2013,104,0.61538461538461542,64,"USI"]
["A46467-3","CHAPEAU DE PROTECTION",18811,"USI",2013,310,9.6072580645161292,2978.25,"USI"]
["A46467-7","CHAPEAU DE PROTECTION",19869,"OASROUGE",2014,151,0.3384105960264901,51.1,"OASROUGE"]
["A46467-7","CHAPEAU DE PROTECTION",12176,"OASROUGE",2010,68,3.8264705882352938,260.2,"OASROUGE"]
["A46467-7","CHAPEAU DE PROTECTION",19612,"USI",2013,151,0.76026490066225161,114.8,"USI"]
["A46467-8","CHAPEAU DE PROTECTION",18291,"OAS",2013,118,0.67559322033898306,79.72,"OAS"]
["A46467-8","CHAPEAU DE PROTECTION",17763,"OAS",2013,200,0,0,"OAS"]
["A46467-8","CHAPEAU DE PROTECTION",9339,"OAS",2009,100,4.6267000000000005,462.67,"OAS"]
["A46467-8","CHAPEAU DE PROTECTION",11623,"OAS",2010,36,3.2477777777777779,116.92,"OAS"]
["A46467-8","CHAPEAU DE PROTECTION",11659,"OAS",2010,55,0.93654545454545446,51.51,"OAS"]
["A46467-8","CHAPEAU DE PROTECTION",13324,"OAS",2011,105,7.6212380952380956,800.23,"OAS"]
["A46467-8","CHAPEAU DE PROTECTION",14320,"OAS",2011,105,2.226952380952381,233.83,"OAS"]
["A46467-8","CHAPEAU DE PROTECTION",14319,"OAS",2011,105,1.0879999999999999,114.24,"OAS"]
["A46467-8","CHAPEAU DE PROTECTION",15508,"OAS",2011,114,1.213421052631579,138.33000000000001,"OAS"]
["A46467-8","CHAPEAU DE PROTECTION",12955,"USI",2010,105,1.2,126,"USI"]
["A46467-8","CHAPEAU DE PROTECTION",13664,"USI",2011,105,0.44114285714285717,46.32,"USI"]
["A46467-8","CHAPEAU DE PROTECTION",13664,"USI",2011,105,2.7428571428571429,288,"USI"]
["A46467-8","CHAPEAU DE PROTECTION",15393,"USI",2011,114,0.81149122807017549,92.51,"USI"]
["A46467-8","CHAPEAU DE PROTECTION",18093,"USI",2013,118,0.34406779661016951,40.6,"USI"]
["A46467-8","CHAPEAU DE PROTECTION",17601,"USI",2012,200,0.40250000000000002,80.5,"USI"]
["A46475-17","BOUCHON DE PROTECTION",9006,"OASROUGE",2009,102,1.0019607843137255,102.2,"OASROUGE"]
["A46482-1","CHAPEAU",14336,"OAS",2011,25,4.5695999999999994,114.24,"OAS"]
["A46520-11","BOUCHON DE PROTECTION",18173,"OAS",2013,151,0.87013245033112574,131.38999999999999,"OAS"]
["A46520-11","BOUCHON DE PROTECTION",15230,"OAS",2011,124,0,0,"OAS"]
["A46520-11","BOUCHON DE PROTECTION",17966,"USI",2013,151,1.4643708609271524,221.12,"USI"]
["A46520-2","BOUCHON DE STOCKAGE",9555,"OASROUGE",2009,68,14.010441176470589,952.71,"OASROUGE"]
["A46520-2","BOUCHON DE STOCKAGE",13228,"OASROUGE",2010,55,9.4952727272727273,522.24,"OASROUGE"]
["A46520-2","BOUCHON DE STOCKAGE",13228,"OASROUGE",2010,100,0.51100000000000001,51.1,"OASROUGE"]
["A46520-2","BOUCHON DE STOCKAGE",13228,"OASROUGE",2010,55,0.92909090909090908,51.1,"OASROUGE"]
["A46520-2","BOUCHON DE STOCKAGE",17526,"OASROUGE",2012,110,2.0347272727272725,223.82,"OASROUGE"]
["A46520-2","BOUCHON DE STOCKAGE",17525,"OASROUGE",2012,95,1.5646315789473684,148.63999999999999,"OASROUGE"]
["A46520-2","BOUCHON DE STOCKAGE",17357,"USI",2012,110,1.1227272727272728,123.5,"USI"]
["A46520-2","BOUCHON DE STOCKAGE",17358,"USI",2012,95,0.52105263157894732,49.5,"USI"]
["A46520-2","BOUCHON DE STOCKAGE",12915,"USI",2010,55,1.7454545454545454,96,"USI"]
["A46520-2","BOUCHON DE STOCKAGE",12916,"USI",2010,100,3,300,"USI"]
["A46520-3","BOUCHON DE STOCKAGE",18674,"OASROUGE",2013,14,3.65,51.1,"OASROUGE"]
["A46520-3","BOUCHON DE STOCKAGE",20447,"OASROUGE",2014,17,3.0058823529411764,51.1,"OASROUGE"]
["A46520-4","BOUCHON DE STOCKAGE",9019,"OAS",2009,112,1.6752678571428572,187.63,"OAS"]
["A46520-4","BOUCHON DE STOCKAGE",9340,"OAS",2009,113,7.3321238938053099,828.53,"OAS"]
["A46520-4","BOUCHON DE STOCKAGE",9545,"OAS",2009,101,1.8214851485148515,183.97,"OAS"]
["A46520-4","BOUCHON DE STOCKAGE",9554,"OAS",2009,103,0.49611650485436892,51.1,"OAS"]
["A46520-5","BOUCHON DE STOCKAGE",9546,"OASROUGE",2009,105,0.48666666666666669,51.1,"OASROUGE"]
["A46520-5","BOUCHON DE STOCKAGE",11029,"OASROUGE",2009,122,0.41885245901639345,51.1,"OASROUGE"]
["A46520-5","BOUCHON DE STOCKAGE",13227,"OASROUGE",2010,110,2.1539999999999999,236.94,"OASROUGE"]
["A46536-3","CHAPEAU DE PROTECTION",19870,"OASROUGE",2014,57,1.2103508771929823,68.989999999999995,"OASROUGE"]
["A46536-3","CHAPEAU DE PROTECTION",19963,"OASROUGE",2014,50,3.6793999999999998,183.97,"OASROUGE"]
["A46536-3","CHAPEAU DE PROTECTION",15548,"OASROUGE",2012,114,5.7088596491228065,650.80999999999995,"OASROUGE"]
["A46536-3","CHAPEAU DE PROTECTION",16151,"OASROUGE",2012,105,1.4536190476190476,152.63,"OASROUGE"]
["A46536-3","CHAPEAU DE PROTECTION",16356,"OASROUGE",2012,92,4.5766304347826088,421.05,"OASROUGE"]
["A46536-3","CHAPEAU DE PROTECTION",15066,"USI",2011,114,1.4792105263157895,168.63,"USI"]
["A46536-3","CHAPEAU DE PROTECTION",19612,"USI",2013,57,0.73684210526315785,42,"USI"]
["A46536-3","CHAPEAU DE PROTECTION",19612,"USI",2013,50,2.7119999999999997,135.6,"USI"]
["A46536-3","CHAPEAU DE PROTECTION",16195,"USI",2012,92,0.82380434782608702,75.790000000000006,"USI"]
["A46536-3","CHAPEAU DE PROTECTION",15874,"USI",2012,105,8.1857142857142851,859.5,"USI"]
["A46610","PLAQUE",14154,"OAS",2011,12,14.96,179.52,"OAS"]
["A46617-1","BOUCHON",18721,"OAS",2013,75,10.072933333333333,755.47,"OAS"]
["A46617-1","BOUCHON",20383,"OAS",2014,25,5.8836000000000004,147.09,"OAS"]
["A46617-1","BOUCHON",17651,"OAS",2012,12,22.515000000000001,270.18,"OAS"]
["A46641-5","CHAPEAU DE PROTECTION",20098,"OAS",2014,25,2.1236000000000002,53.09,"OAS"]
["A46641-5","CHAPEAU DE PROTECTION",14225,"OAS",2011,28,2.0003571428571427,56.01,"OAS"]
["A46676","BOUCHON DE PROTECTION",18049,"OAS",2013,25,1.4308000000000001,35.770000000000003,"OAS"]
["A46726-2","BOUCHON DE PROTECTION",15120,"CAD",2011,50,{"$f":"H4227/F4227","v":2.8812000000000002},144.06,"CAD"]
["A46726-2","BOUCHON DE PROTECTION",8950,"CAD",2009,93,2.043010752688172,190,"CAD"]
["A46726-2","BOUCHON DE PROTECTION",10937,"CAD",2009,49,4.9591836734693882,243,"CAD"]
["A46726-2","BOUCHON DE PROTECTION",12226,"CAD",2010,35,2.6,91,"CAD"]
["A46726-2","BOUCHON DE PROTECTION",13224,"CAD",2011,101,0.49504950495049505,50,"CAD"]
["A46726-2","BOUCHON DE PROTECTION",13762,"CAD",2011,49,1.8367346938775511,90,"CAD"]
["A46726-2","BOUCHON DE PROTECTION",14811,"CAD",2011,32,2.1875,70,"CAD"]
["A46726-2","BOUCHON DE PROTECTION",18595,"CAD",2013,40,2.7397499999999999,109.59,"CAD"]
["A46726-2","BOUCHON DE PROTECTION",9219,"PEI",2009,93,23.548387096774192,2190,"PEI"]
["A46726-2","BOUCHON DE PROTECTION",10938,"PEI",2009,49,39.777551020408161,1949.1,"PEI"]
["A46726-2","BOUCHON DE PROTECTION",12227,"PEI",2010,35,0.98199999999999987,34.369999999999997,"PEI"]
["A46726-2","BOUCHON DE PROTECTION",13511,"PEI",2011,101,0.19801980198019803,20,"PEI"]
["A46726-2","BOUCHON DE PROTECTION",13935,"PEI",2011,49,3.0175510204081637,147.86000000000001,"PEI"]
["A46726-2","BOUCHON DE PROTECTION",14998,"PEI",2011,32,3.9906250000000001,127.7,"PEI"]
["A46726-2","BOUCHON DE PROTECTION",15267,"PEI",2011,50,74.588200000000001,3729.41,"PEI"]
["A46726-2","BOUCHON DE PROTECTION",18768,"PEI",2013,40,1.4019999999999999,56.08,"PEI"]
["A46726-3","BOUCHON DE PROTECTION",12651,"CAD",2010,33,1.6363636363636365,54,"CAD"]
["A46726-3","BOUCHON DE PROTECTION",17087,"CAD",2012,42,0.80285714285714282,33.72,"CAD"]
["A46726-3","BOUCHON DE PROTECTION",12783,"PEI",2010,33,17.575757575757574,580,"PEI"]
["A46726-3","BOUCHON DE PROTECTION",17365,"PEI",2012,42,11.558333333333334,485.45,"PEI"]
["A46726-4","BOUCHON",15951,"CAD",2012,69,0.94434782608695644,65.16,"CAD"]
["A46726-4","BOUCHON",16776,"CAD",2012,29,1.4620689655172414,42.4,"CAD"]
["A46726-4","BOUCHON",16157,"PEI",2012,69,1.5563768115942029,107.39,"PEI"]
["A46726-4","BOUCHON",16777,"PEI",2012,29,7.1848275862068967,208.36,"PEI"]
["A46915","CHAPEAU DE PROTECTION",18041,"OAS",2013,30,1.7033333333333334,51.1,"OAS"]
["A46915","CHAPEAU DE PROTECTION",17971,"USI",2013,15,158.33333333333334,2375,"USI"]
["A46915","CHAPEAU DE PROTECTION",17636,"USI",2013,15,158.96666666666667,2384.5,"USI"]
["A47053","PROTECTEUR",14382,"OAS",2011,15,7.4746666666666668,112.12,"OAS"]
["A4-70744","SIEGE",12956,"COMPLET",2011,12,2.9808333333333334,35.770000000000003,"COMP"]
["A4-70744","SIEGE",13766,"COMPLET",2011,17,18.436470588235295,313.42,"COMP"]
["A47218-2","BOUCHON DE PROTECTION",9344,"CAD",2009,55,0,0,"CAD"]
["A47218-2","BOUCHON DE PROTECTION",9542,"CAD",2009,53,0,0,"CAD"]
["A47218-2","BOUCHON DE PROTECTION",18225,"CAD",2013,80,5.8079999999999998,464.64,"CAD"]
["A47218-2","BOUCHON DE PROTECTION",18544,"CAD",2013,73,0.58082191780821912,42.4,"CAD"]
["A47218-2","BOUCHON DE PROTECTION",18693,"CAD",2013,73,0.9238356164383561,67.44,"CAD"]
["A47218-2","BOUCHON DE PROTECTION",18920,"CAD",2013,82,0.69512195121951215,57,"CAD"]
["A47218-2","BOUCHON DE PROTECTION",19966,"CAD",2014,72,3.6199999999999997,260.64,"CAD"]
["A47218-2","BOUCHON DE PROTECTION",11479,"CNDCAD",2010,35,3.4365714285714284,120.28,"CND","CAD"]
["A47218-2","BOUCHON DE PROTECTION",12652,"CNDCAD",2010,29,1.7620689655172415,51.1,"CND","CAD"]
["A47218-2","BOUCHON DE PROTECTION",13701,"CNDCAD",2011,24,2.1291666666666669,51.1,"CND","CAD"]
["A47218-2","BOUCHON DE PROTECTION",13701,"CNDCAD",2011,24,7.4637500000000001,179.13,"CND","CAD"]
["A47218-2","BOUCHON DE PROTECTION",16177,"CNDCAD",2012,27,109.77777777777777,2964,"CND","CAD"]
["A47218-2","BOUCHON DE PROTECTION",16906,"CNDCAD",2012,27,35.162962962962965,949.4,"CND","CAD"]
["A47218-2","BOUCHON DE PROTECTION",16906,"CNDCAD",2012,27,37.803703703703704,1020.7,"CND","CAD"]
["A47218-2","BOUCHON DE PROTECTION",9769,"PEI",2009,53,4.0822641509433968,216.36,"PEI"]
["A47218-2","BOUCHON DE PROTECTION",11670,"PEI",2010,34,50.735294117647058,1725,"PEI"]
["A47218-2","BOUCHON DE PROTECTION",12782,"PEI",2010,29,23.758620689655171,689,"PEI"]
["A47218-2","BOUCHON DE PROTECTION",13886,"PEI",2011,24,5.1708333333333334,124.1,"PEI"]
["A47218-2","BOUCHON DE PROTECTION",13887,"PEI",2011,24,5.1220833333333333,122.93,"PEI"]
["A47218-2","BOUCHON DE PROTECTION",16301,"PEI",2012,27,4.12,111.24,"PEI"]
["A47218-2","BOUCHON DE PROTECTION",16907,"PEI",2012,27,49.944444444444443,1348.5,"PEI"]
["A47218-2","BOUCHON DE PROTECTION",19001,"PEI",2013,82,1.3190243902439025,108.16,"PEI"]
["A47218-2","BOUCHON DE PROTECTION",20222,"PEI",2014,72,5.2152777777777777,375.5,"PEI"]
["A47218-4","BOUCHON DE PROTECTION",9799,"CAD",2009,45,0,0,"CAD"]
["A47218-4","BOUCHON DE PROTECTION",11108,"CAD",2010,83,2.2891566265060241,190,"CAD"]
["A47218-4","BOUCHON DE PROTECTION",11904,"CAD",2010,46,0,0,"CAD"]
["A47218-4","BOUCHON DE PROTECTION",13497,"CAD",2011,101,0.74257425742574257,75,"CAD"]
["A47218-4","BOUCHON DE PROTECTION",14986,"CAD",2011,136,0.6519117647058823,88.66,"CAD"]
["A47218-4","BOUCHON DE PROTECTION",17120,"CAD",2012,71,0.9498591549295774,67.44,"CAD"]
["A47218-4","BOUCHON DE PROTECTION",17120,"CAD",2012,12,4.75,57,"CAD"]
["A47218-4","BOUCHON DE PROTECTION",18303,"CAD",2013,119,3.9045378151260501,464.64,"CAD"]
["A47218-4","BOUCHON DE PROTECTION",19408,"CAD",2013,92,4.2495652173913046,390.96,"CAD"]
["A47218-4","BOUCHON DE PROTECTION",9936,"PEI",2009,45,42.177777777777777,1898,"PEI"]
["A47218-4","BOUCHON DE PROTECTION",11246,"PEI",2010,83,27.56385542168675,2287.8000000000002,"PEI"]
["A47218-4","BOUCHON DE PROTECTION",12018,"PEI",2010,46,{"$f":"H4291/F4291","v":36.521739130434781},1680,"PEI"]
["A47218-4","BOUCHON DE PROTECTION",13747,"PEI",2011,101,3.5956435643564357,363.16,"PEI"]
["A47218-4","BOUCHON DE PROTECTION",15078,"PEI",2011,136,0.93897058823529411,127.7,"PEI"]
["A47218-4","BOUCHON DE PROTECTION",17328,"PEI",2012,62,4.3570967741935478,270.14,"PEI"]
["A47218-4","BOUCHON DE PROTECTION",17420,"PEI",2012,21,151.35619047619048,3178.48,"PEI"]
["A47218-4","BOUCHON DE PROTECTION",18426,"PEI",2013,119,26.709831932773106,3178.47,"PEI"]
["A47218-4","BOUCHON DE PROTECTION",20646,"PEI",2014,29,104.12068965517241,3019.5,"PEI"]
["A47220-2","BOUCHON DE PROTECTION",17996,"OASROUGE",2013,213,0.86370892018779344,183.97,"OASROUGE"]
["A47220-2","BOUCHON DE PROTECTION",18188,"OASROUGE",2013,57,0.89631578947368429,51.09,"OASROUGE"]
["A47220-2","BOUCHON DE PROTECTION",18684,"OASROUGE",2013,261,0.39157088122605366,102.2,"OASROUGE"]
["A47220-2","BOUCHON DE PROTECTION",18701,"OASROUGE",2013,120,2.0597499999999997,247.17,"OASROUGE"]
["A47220-2","BOUCHON DE PROTECTION",19753,"OASROUGE",2013,300,0.29096666666666671,87.29,"OASROUGE"]
["A47220-2","BOUCHON DE PROTECTION",11909,"OASROUGE",2010,210,0.24333333333333335,51.1,"OASROUGE"]
["A47220-2","BOUCHON DE PROTECTION",16104,"OASROUGE",2012,207,1.6956521739130435,351,"OASROUGE"]
["A47220-2","BOUCHON DE PROTECTION",11278,"USIN",2010,210,1.6778571428571429,352.35,"USI"]
["A47220-2","BOUCHON DE PROTECTION",14938,"USIN",2011,210,0.59428571428571431,124.8,"USI"]
["A47220-2","BOUCHON DE PROTECTION",17636,"USIN",2013,214,0.58317757009345794,124.8,"USI"]
["A47220-2","BOUCHON DE PROTECTION",18093,"USIN",2013,120,0.93599999999999994,112.32,"USI"]
["A47220-2","BOUCHON DE PROTECTION",18428,"USIN",2013,260,0.24,62.4,"USI"]
["A47220-2","BOUCHON DE PROTECTION",17966,"USIN",2013,57,22.55263157894737,1285.5,"USI"]
["A47220-2","BOUCHON DE PROTECTION",18811,"USIN",2013,310,0.82903225806451608,257,"USI"]
["A47220-3","BOUCHON DE PROTECTION",17910,"OASROUGE",2013,206,0.82106796116504843,169.14,"OASROUGE"]
["A47220-3","BOUCHON DE PROTECTION",20204,"OASROUGE",2014,303,0.28442244224422447,86.18,"OASROUGE"]
["A47220-3","BOUCHON DE PROTECTION",11911,"OASROUGE",2010,210,0.24333333333333335,51.1,"OASROUGE"]
["A47220-3","BOUCHON DE PROTECTION",15426,"OASROUGE",2011,205,0.24926829268292683,51.1,"OASROUGE"]
["A47220-3","BOUCHON DE PROTECTION",11278,"USIN",2010,210,0.48095238095238096,101,"USI"]
["A47220-3","BOUCHON DE PROTECTION",14938,"USIN",2011,210,0.41666666666666669,87.5,"USI"]
["A47220-3","BOUCHON DE PROTECTION",17636,"USIN",2013,212,0.75471698113207553,160,"USI"]
["A47220-3","BOUCHON DE PROTECTION",18811,"USIN",2013,310,1.1129032258064515,345,"USI"]
["A47220-5","BOUCHON DE PROTECTION",18190,"OASROUGE",2013,215,0.47534883720930232,102.2,"OASROUGE"]
["A47220-5","BOUCHON DE PROTECTION",11910,"OASROUGE",2010,210,2.1286666666666667,447.02,"OASROUGE"]
["A47220-5","BOUCHON DE PROTECTION",14459,"OASROUGE",2011,210,0.79814285714285715,167.61,"OASROUGE"]
["A47220-5","BOUCHON DE PROTECTION",17151,"OASROUGE",2012,213,0.3039906103286385,64.75,"OASROUGE"]
["A47220-5","BOUCHON DE PROTECTION",11278,"USIN",2010,210,0.77757142857142858,163.29,"USI"]
["A47220-5","BOUCHON DE PROTECTION",13342,"USIN",2011,210,0.80952380952380953,170,"USI"]
["A47220-5","BOUCHON DE PROTECTION",16780,"USIN",2012,213,0.58591549295774648,124.8,"USI"]
["A47220-5","BOUCHON DE PROTECTION",17966,"USIN",2013,216,1.5149537037037037,327.23,"USI"]
["A47220-5","BOUCHON DE PROTECTION",19363,"USIN",2013,262,0.42351145038167937,110.96,"USI"]
["A47220-9","BOUCHON DE PROTECTION",18083,"OASROUGE",2013,199,0.56341708542713576,112.12,"OASROUGE"]
["A47220-9","BOUCHON DE PROTECTION",11671,"OASROUGE",2010,208,0.49134615384615388,102.2,"OASROUGE"]
["A47220-9","BOUCHON DE PROTECTION",14916,"OASROUGE",2011,201,0.25422885572139303,51.1,"OASROUGE"]
["A47220-9","BOUCHON DE PROTECTION",17159,"OASROUGE",2012,203,1.3738916256157634,278.89999999999998,"OASROUGE"]
["A47220-9","BOUCHON DE PROTECTION",11278,"USIN",2010,207,0.40579710144927539,84,"USI"]
["A47220-9","BOUCHON DE PROTECTION",14228,"USIN",2011,200,0.312,62.4,"USI"]
["A47220-9","BOUCHON DE PROTECTION",16780,"USIN",2012,206,0.26189320388349518,53.95,"USI"]
["A47220-9","BOUCHON DE PROTECTION",20078,"USIN",2014,200,0.3125,62.5,"USI"]
["A47220-9","BOUCHON DE PROTECTION",20078,"USIN",2014,22,4.2727272727272725,94,"USI"]
["A47220-9","BOUCHON DE PROTECTION",17859,"USIN",2013,206,0.44174757281553401,91,"USI"]
["A47330","BAGUE ENTRETOISE",20216,"OASMSE",2014,14,3.65,51.1,"OAS"]
["A47450","TIGE FILETEE",9821,"PHO",2009,420,0.39761904761904759,167,"PHO"]
["A47450","TIGE FILETEE",11247,"PHO",2010,420,0.39761904761904759,167,"PHO"]
["A47450","TIGE FILETEE",12758,"PHO",2010,419,0.39856801909307876,167,"PHO"]
["A47450","TIGE FILETEE",14582,"PHO",2011,409,0.29339853300733498,120,"PHO"]
["A47450","TIGE FILETEE",15811,"PHO",2012,420,0.22380952380952382,94,"PHO"]
["A47450","TIGE FILETEE",16782,"PHO",2012,419,0.46331742243436752,194.13,"PHO"]
["A47450","TIGE FILETEE",19732,"PHO",2014,420,0.22383333333333336,94.01,"PHO"]
["A47565","CHAPEAU DE PROTECTON",18047,"OAS",2013,14,5.487857142857143,76.83,"OAS"]
["A47565","CHAPEAU DE PROTECTON",18047,"OAS",2013,-14,-20.939285714285713,293.14999999999998,"OAS"]
["A47565","CHAPEAU DE PROTECTON",17777,"OAS",2013,14,6.3507142857142851,88.91,"OAS"]
["A47565","CHAPEAU DE PROTECTON",9103,"OAS",2009,16,6.6987500000000004,107.18,"OAS"]
["A47565","CHAPEAU DE PROTECTON",15825,"OAS",2012,6,8.5166666666666675,51.1,"OAS"]
["A47567","BOUCHON DE STOCKAGE",19644,"OASROUGE",2013,150,1.2672666666666668,190.09,"OASROUGE"]
["A47567","BOUCHON DE STOCKAGE",17764,"OASROUGE",2013,170,1.0561176470588234,179.54,"OASROUGE"]
["A47567","BOUCHON DE STOCKAGE",9018,"OASROUGE",2009,170,5.6041764705882358,952.71,"OASROUGE"]
["A47567","BOUCHON DE STOCKAGE",9092,"OASROUGE",2009,107,{"$f":"H4355/F4355","v":0.47757009345794393},51.1,"OASROUGE"]
["A47567","BOUCHON DE STOCKAGE",11562,"OASROUGE",2010,101,0.60712871287128711,61.32,"OASROUGE"]
["A47567","BOUCHON DE STOCKAGE",13386,"OASROUGE",2011,66,0.77424242424242429,51.1,"OASROUGE"]
["A47567","BOUCHON DE STOCKAGE",14101,"OASROUGE",2011,160,0.38006250000000003,60.81,"OASROUGE"]
["A47567","BOUCHON DE STOCKAGE",14546,"OASROUGE",2011,110,1.4977272727272728,164.75,"OASROUGE"]
["A47567","BOUCHON DE STOCKAGE",16200,"OASROUGE",2012,88,9.2444318181818179,813.51,"OASROUGE"]
["A47567","BOUCHON DE STOCKAGE",17134,"OASROUGE",2012,129,0.68387596899224801,88.22,"OASROUGE"]
["A47567","BOUCHON",13850,"USI",2011,165,1.39,229.35,"USI"]
["A47567","BOUCHON",14115,"USI",2011,110,0.43636363636363634,48,"USI"]
["A47567","BOUCHON",16780,"USI",2012,129,0.43410852713178294,56,"USI"]
["A47567","BOUCHON",17390,"USI",2012,170,0.29411764705882354,50,"USI"]
["A47567","BOUCHON",19362,"USI",2013,150,7.31,1096.5,"USI"]
["A47638","PROTECTEUR",18101,"OASROUGE",2013,13,4.8100000000000005,62.53,"OASROUGE"]
["A47691","CHAPEAU DE PROTECTION",18163,"OAS",2013,117,2.3823931623931625,278.74,"OAS"]
["A47691","CHAPEAU DE PROTECTION",19341,"OAS",2013,140,15.632,2188.48,"OAS"]
["A47691","CHAPEAU DE PROTECTION",19992,"OAS",2014,230,0.44434782608695655,102.2,"OAS"]
["A47691","CHAPEAU DE PROTECTION",9293,"OAS",2009,201,0.52064676616915428,104.65,"OAS"]
["A47691","CHAPEAU DE PROTECTION",13019,"OAS",2010,55,2.3896363636363636,131.43,"OAS"]
["A47691","CHAPEAU DE PROTECTION",13552,"OAS",2011,154,0.74662337662337663,114.98,"OAS"]
["A47691","CHAPEAU DE PROTECTION",14318,"OAS",2011,108,3.8609259259259261,416.98,"OAS"]
["A47691","CHAPEAU DE PROTECTION",16405,"OAS",2012,110,1.163909090909091,128.03,"OAS"]
["A47691","CHAPEAU DE PROTECTION",13141,"USI",2011,155,0.30967741935483872,48,"USI"]
["A47691","CHAPEAU DE PROTECTION",13850,"USI",2011,110,3.7818181818181817,416,"USI"]
["A47691","CHAPEAU DE PROTECTION",19841,"USI",2013,230,6.1402173913043478,1412.25,"USI"]
["A47691","CHAPEAU DE PROTECTION",16323,"USI",2012,110,0.54545454545454541,60,"USI"]
["A47691","CHAPEAU DE PROTECTION",17966,"USI",2013,117,6.6292307692307695,775.62,"USI"]
["A47691","CHAPEAU DE PROTECTION",19177,"USI",2013,140,5.6785714285714288,795,"USI"]
["A47692","CHAPEAU",18174,"OASROUGE",2013,163,0.61926380368098155,100.94,"OASROUGE"]
["A47692","CHAPEAU",19403,"OASROUGE",2013,214,1.2926635514018692,276.63,"OASROUGE"]
["A47692","CHAPEAU",11521,"OASROUGE",2010,218,1.0055045871559634,219.2,"OASROUGE"]
["A47692","CHAPEAU",13022,"OASROUGE",2010,110,0.68754545454545446,75.63,"OASROUGE"]
["A47692","CHAPEAU",17135,"OASROUGE",2012,130,0.3930769230769231,51.1,"OASROUGE"]
["A47692","CHAPEAU",17232,"OASROUGE",2012,171,0.29883040935672517,51.1,"OASROUGE"]
["A47692","CHAPEAU",11036,"USIN",2010,217,0.42857142857142855,93,"USI"]
["A47692","CHAPEAU",12505,"USIN",2010,110,0.94463636363636361,103.91,"USI"]
["A47692","CHAPEAU",16780,"USIN",2012,130,0.96,124.8,"USI"]
["A47692","CHAPEAU",17160,"USIN",2012,170,0.53529411764705881,91,"USI"]
["A47692","CHAPEAU",17859,"USIN",2013,163,2.0629447852760734,336.26,"USI"]
["A47692","CHAPEAU",19177,"USIN",2013,214,0.14485981308411214,31,"USI"]
["A49347","OBTURATEUR",15236,"OAS",2011,57,5.7915789473684214,330.12,"OAS"]
["A49347","OBTURATEUR",16027,"OAS",2012,21,0,0,"OAS"]
["A49347","OBTURATEUR",17920,"OAS",2013,37,8.0832432432432419,299.08,"OAS"]
["A49347","OBTURATEUR",18668,"OAS",2013,28,1.825,51.1,"OAS"]
["A49347","OBTURATEUR",18838,"OAS",2013,180,2.0951666666666666,377.13,"OAS"]
["A49347","OBTURATEUR",20194,"USI",2014,66,0.41893939393939394,27.65,"USI"]
["A49393-2","FOND",11637,"CNDRIL",2010,26,0,0,"CND","RIL"]
["A49393-2","FOND",12744,"CNDRIL",2010,2,38.965000000000003,77.930000000000007,"CND","RIL"]
["A49393-2","FOND",17935,"CNDRIL",2013,6,8.75,52.5,"CND","RIL"]
["A49393-2","FOND",11920,"OAC",2010,25,3.5592000000000001,88.98,"OAC"]
["A49393-2","FOND",12867,"OAC",2010,2,25.55,51.1,"OAC"]
["A49393-2","FOND",18230,"OAC",2013,6,156.77500000000001,940.65,"OAC"]
["A49393-2","FOND",12125,"OC",2010,25,12.396400000000002,309.91000000000003,"OC"]
["A49393-2","FOND",12978,"OC",2010,1,93.31,93.31,"OC"]
["A49393-2","FOND",18791,"OC",2013,3,17.986666666666668,53.96,"OC"]
["A49397R1","PISTON",19084,"CND",2013,11,14.727272727272727,162,"CND"]
["A49517","SEGMENT D'APPUI",15561,"DETCADMSE",2012,15,8.7040000000000006,130.56,"DET","CAD"]
["A49517","SEGMENT D'APPUI",15256,"TTHMSE",2011,2,15.135,30.27,"TTH"]
["A50-52702","RACLEUR",11527,"CADMSE",2010,75,1.6666666666666667,125,"CAD"]
["A50-52702","RACLEUR",9372,"CNDCADMSE",2009,15,4.7693333333333339,71.540000000000006,"CND","CAD"]
["A50-53420","RACCORD",12242,"CNDCAD",2010,5,112.17400000000001,560.87,"CND","CAD"]
["A50-53420","RACCORD",11130,"TTH",2010,5,13.827999999999999,69.14,"TTH"]
["A50-66600","BAGUE INTERIEURE",10047,"CNDMSE",2009,12,12.835000000000001,154.02000000000001,"CND"]
["A50-66600","BAGUE INTERIEURE",11723,"CNDMSE",2010,7,8.76,61.32,"CND"]
["A50-66600","BAGUE INTERIEURE",9809,"TTHMSE",2009,12,2.3024999999999998,27.63,"TTH"]
["A50-66600","BAGUE INTERIEURE",11568,"TTHMSE",2010,7,{"$f":"H4419/F4419","v":6.3357142857142863},44.35,"TTH"]
["A50892","SEGMENT D'APPUI 2 PIECES",12122,"DETCADMSE",2010,16,10.251250000000001,164.02,"DET","CAD"]
["A50892","SEGMENT D'APPUI 2 PIECES",11701,"TTHMSE",2010,2,37.695,75.39,"TTH"]
["A52116-6EB","FOND",17579,"CND",2012,5,220,1100,"CND"]
["A52702","RACLEUR",10738,"CNDMSE",2009,15,2.555333333333333,38.33,"CND"]
["A52702","RACLEUR",10739,"ZINGMSE",2009,15,14.706666666666667,220.6,"ZING"]
["A5-51962","FOND",15652,"CNDOAC",2012,11,3.2518181818181819,35.770000000000003,"CND","OAC"]
["A5-65246","FOND",15146,"CND",2011,17,11.588235294117647,197,"CND"]
["A5-65246","FOND",10058,"CND",2009,8,16.25,130,"CND"]
["A5-65246","FOND",10058,"CND",2009,10,13,130,"CND"]
["A5-65246","FOND",11848,"CND",2010,2,65,130,"CND"]
["A5-65246","FOND",14331,"CND",2011,9,21.86,196.74,"CND"]
["A5-65246","FOND",19542,"CND",2013,7,220.35142857142858,1542.46,"CND"]
["A5-65246","FOND",10133,"GRENAIL",2009,8,66.667500000000004,533.34,"GRENAIL"]
["A5-65246","FOND",10133,"GRENAIL",2009,10,5.3959999999999999,53.96,"GRENAIL"]
["A5-65246","FOND",11849,"GRENAIL",2010,2,33.725000000000001,67.45,"GRENAIL"]
["A5-65246","FOND",14332,"GRENAIL",2011,9,12.323333333333332,110.91,"GRENAIL"]
["A5-65246","FOND",15147,"GRENAIL",2011,17,2.993529411764706,50.89,"GRENAIL"]
["A5-65246","FOND",19667,"GRENAIL",2013,7,43.537142857142854,304.76,"GRENAIL"]
["A5-65246","FOND",15366,"OC",2011,17,27.353529411764704,465.01,"OC"]
["A5-65246","FOND",19777,"OC",2013,7,22.472857142857144,157.31,"OC"]
["A5-65246","FOND",10245,"OC",2009,7,12.22,85.54,"OC"]
["A5-65246","FOND",10245,"OC",2009,9,9.0055555555555546,81.05,"OC"]
["A5-65246","FOND",12016,"OC",2010,2,25.55,51.1,"OC"]
["A5-65246","FOND",14403,"OC",2011,9,12.457777777777778,112.12,"OC"]
["A56661","BAGUE",9662,"OASMSE",2009,60,35.787666666666674,2147.2600000000002,"OAS"]
["A56661","BAGUE",15200,"OASMSE",2011,35,2.92,102.2,"OAS"]
["A5-67137EB","FOND",11154,"CND",2010,4,50,200,"CND"]
["A5-67317EB","FOND",12236,"CND",2010,4,58.774999999999999,235.1,"CND"]
["A5-67317EB","FOND",17492,"CND",2012,4,22,88,"CND"]
["A56760","BAGUE",17307,"BRUMSE",2012,4,14.375,57.5,"BRU"]
["A57064-2","BUTEE REGLABLE",17225,"DETCNDCADMSE",2012,5,204.31800000000001,1021.59,"DET","CND","CAD"]
["A57064-2","BUTEE REGLABLE",16811,"TTHMSE",2012,1,39.65,39.65,"TTH"]
["A5-71916","CORPS MOULE USINE",10495,"CNDPAS",2009,1,64.03,64.03,"CND","PAS"]
["A5-71916","CORPS MOULE USINE",10328,"PEP",2009,2,83.5,167,"PEP"]
["A5-71916","CORPS MOULE USINE",10612,"ROD",2009,1,168.02,168.02,"ROD"]
["A5-71950","CORPS",9887,"CNDPHO",2009,5,24.222000000000001,121.11,"CND","PHO"]
["A5-71950","CORPS",9304,"TTH",2009,7,8.8785714285714281,62.15,"TTH"]
["A57315","CONTRE-ECROU",16550,"CAD",2012,16,6.25,100,"CAD"]
["A57315","CONTRE-ECROU",16063,"TTH",2012,3,47.32,141.96,"TTH"]
["A57532","BAGUE",11863,"PELMSE",2010,47,1.1712765957446807,55.05,"PEL"]
["A57532","BAGUE",15765,"PELMSE",2012,40,4.1749999999999998,167,"PEL"]
["A57626","TAQUET",12541,"CAD",2010,16,0,0,"CAD"]
["A57626","TAQUET",13849,"CAD",2011,69,1.3043478260869565,90,"CAD"]
["A57626","TAQUET",15880,"CAD",2012,19,3,57,"CAD"]
["A57626","TAQUET",17954,"CAD",2013,58,1.1627586206896552,67.44,"CAD"]
["A57626","TAQUET",18728,"CAD",2013,20,4.75,95,"CAD"]
["A57626","TAQUET",18860,"CAD",2013,159,0.25345911949685535,40.299999999999997,"CAD"]
["A57626","TAQUET",15216,"TTH",2011,20,1.0365,20.73,"TTH"]
["A57626","TAQUET",17155,"TTH",2012,59,2.1184745762711863,124.99,"TTH"]
["A57626","TAQUET",18154,"TTH",2013,20,37.4,748,"TTH"]
["A57626","TAQUET",18244,"TTH",2013,160,0.57693749999999999,92.31,"TTH"]
["A57626","TAQUET",12258,"TTH",2010,17,1.1194117647058823,19.03,"TTH"]
["A57626","TAQUET",13422,"TTH",2011,70,1.3752857142857142,96.27,"TTH"]
["A57626","TAQUET",19861,"TTH",2014,70,7.5592857142857142,529.15,"TTH"]
["A57626","TAQUET",20069,"USI",2014,70,1.212,84.84,"USI"]
["A58585","CLAVETTE",11576,"BRU",2010,7,47.142857142857146,330,"BRU"]
["A58585","CLAVETTE",12323,"BRU",2010,15,12.666666666666666,190,"BRU"]
["A58585","CLAVETTE",12971,"BRU",2010,26,7.3076923076923075,190,"BRU"]
["A58585","CLAVETTE",14736,"BRU",2011,44,1.1363636363636365,50,"BRU"]
["A58676","RACCORD",15289,"CNDCAD",2011,12,41.65,499.8,"CND","CAD"]
["A58676","RACCORD",17890,"CNDCAD",2013,15,4.1346666666666669,62.02,"CND","CAD"]
["A58676","RACCORD",18296,"CNDCAD",2013,15,6.5679999999999996,98.52,"CND","CAD"]
["A58676","RACCORD",18570,"CNDCAD",2013,15,11.4,171,"CND","CAD"]
["A58709","ECROU",15688,"CAD",2012,12,{"$f":"H4483/F4483","v":44.210833333333333},530.53,"CAD"]
["A58709","ECROU",13380,"CADMSE",2011,20,7.0129999999999999,140.26,"CAD"]
["A58709","ECROU",15380,"TTH",2012,1,133.71,133.71,"TTH"]
["A58712","EMBASE",10184,"PHO",2009,13,12.846153846153847,167,"PHO"]
["A58712","EMBASE",12388,"PHO",2010,14,239.64285714285714,3355,"PHO"]
["A58712","EMBASE",12676,"PHO",2010,12,294.25,3531,"PHO"]
["A58712","EMBASE",15355,"PHO",2011,24,5,120,"PHO"]
["A58712","EMBASE",12042,"PHOMSE",2010,16,6.1868749999999997,98.99,"PHO"]
["A58712","EMBASE",12367,"PHOMSE",2010,10,7.7409999999999997,77.41,"PHO"]
["A58712","EMBASE",15356,"PHOMSE",2011,29,13.633448275862069,395.37,"PHO"]
["A58739","TUBE",13196,"OAS",2010,17,3.47,58.99,"OAS"]
["A58739","TUBE",14357,"OAS",2011,16,7.0075000000000003,112.12,"OAS"]
["A58988","BAGUE",14649,"CAD",2011,7,0,0,"CAD"]
["A58989","BAGUE",14544,"CAD",2011,4,116.16,464.64,"CAD"]
["A59041","ECROU",10060,"CNDCADMSE",2009,80,10.68375,854.7,"CND","CAD"]
["A59041","ECROU",16250,"CNDCADMSE",2012,148,0.24168918918918922,35.770000000000003,"CND","CAD"]
["A59041","ECROU",15883,"TTHMSE",2012,15,8.7433333333333341,131.15,"TTH"]
["A59041","ECROU",9437,"TTHMSE",2009,8,3.4812500000000002,27.85,"TTH"]
["A59196","ECROU",14437,"CNDCAD",2011,15,28.037333333333333,420.56,"CND","CAD"]
["A59196","ECROU",17102,"CNDCAD",2012,11,95.045454545454547,1045.5,"CND","CAD"]
["A59196","ECROU",16765,"TTH",2012,2,106.375,212.75,"TTH"]
["A59196","ECROU",14084,"TTH",2011,2,34.215000000000003,68.430000000000007,"TTH"]
["A59284","BAGUE",10784,"CADMSE",2009,5,25,125,"CAD"]
["A59284","BAGUE",11551,"CADMSE",2010,9,3.4822222222222221,31.34,"CAD"]
["A59284","BAGUE",8715,"CADMSE",2009,17,1,17,"CAD"]
["A59345","TIGE DE PISTON",12807,"DETCNDMSE",2010,10,12.122,121.22,"DET","CND"]
["A59345","TIGE DE PISTON",12808,"RECTMSE",2010,10,9.9009999999999998,99.01,"RECTIF"]
["A59351","ECROU",9369,"CNDDETCADMSE",2009,9,53.398888888888884,480.59,"CND","DET","CAD"]
["A59351","ECROU",9861,"CNDDETCADMSE",2009,17,4.7523529411764711,80.790000000000006,"CND","DET","CAD"]
["A59351","ECROU",12239,"CNDDETCADMSE",2010,8,4.4712500000000004,35.770000000000003,"CND","DET","CAD"]
["A59351","ECROU",9534,"TTHMSE",2009,1,84.19,84.19,"TTH"]
["A59351","ECROU",11943,"TTHMSE",2010,1,10.08,10.08,"TTH"]
["A59352EB","BUTEE",12569,"OASMSE",2010,9,25.066666666666666,225.6,"OAS"]
["A59352EB","BUTEE",12638,"OASMSE",2010,9,1.0266666666666666,9.24,"OAS"]
["A59353","ECROU",9749,"CNDDETCADMSE",2009,18,10.986666666666666,197.76,"CND","DET","CAD"]
["A59353","ECROU",9549,"TTHMSE",2009,18,8.6416666666666675,155.55000000000001,"TTH"]
["A59704","AXE",12774,"CNDCAD",2010,8,389.76249999999999,3118.1,"CND","CAD"]
["A59704","AXE",12692,"RECTIF",2010,8,13.088749999999999,104.71,"RECTIF"]
["A59928","BAGUE",10793,"CNDCADMSE",2009,3,28.52333333333333,85.57,"CND","CAD"]
["A59928","BAGUE",11589,"CNDCADMSE",2010,7,402.13,2814.91,"CND","CAD"]
["A60303R1","BAGUE",19536,"CNDCADMSE",2013,8,14.10375,112.83,"CND","CAD"]
["A60303R2","BAGUE",19546,"CNDCADMSE",2013,8,4.4712500000000004,35.770000000000003,"CND","CAD"]
["A60303R3","BAGUE",19707,"CNDCADMSE",2013,5,41.902000000000001,209.51,"CND","CAD"]
["A60318R3","PISTON",11055,"CNDMSE",2009,7,10.220000000000001,71.540000000000006,"CND"]
["A60318R3","PISTON",13243,"CNDMSE",2010,10,14.869,148.69,"CND"]
["A60358R5","PISTON",11144,"CND",2010,12,16.666666666666668,200,"CND"]
["A60358R5","PISTON",12900,"CND",2010,8,29.387499999999999,235.1,"CND"]
["A60358R5","PISTON",14604,"CND",2011,11,35.090909090909093,386,"CND"]
["A60477R3","FOND",16940,"CNDOAC",2012,14,2.5550000000000002,35.770000000000003,"CND","OAC"]
["A60477R3","FOND",17115,"CNDOAC",2012,14,3.7957142857142858,53.14,"CND","OAC"]
["A60485","CARTER",15545,"OASMSE",2012,8,20.368749999999999,162.94999999999999,"OAS"]
["A60485","CARTER",16575,"OASMSE",2012,7,137.82428571428571,964.77,"OAS"]
["A60582","FOND",12365,"CAD",2010,3,16.666666666666668,50,"CAD"]
["A60582","FOND",14457,"CAD",2011,16,11.6075,185.72,"CAD"]
["A60582","FOND",14684,"CAD",2011,11,9.8181818181818183,108,"CAD"]
["A60582","FOND",18630,"CAD",2013,5,52.128,260.64,"CAD"]
["A60582","FOND",18928,"CAD",2013,6,16.86,101.16,"CAD"]
["A60582","FOND",12009,"CHR",2010,1,162,162,"CHR"]
["A60582","FOND",12009,"CHR",2010,2,81,162,"CHR"]
["A60582","FOND",14146,"CHR",2011,16,9.1875,147,"CHR"]
["A60582","FOND",14480,"CHR",2011,11,12.412727272727272,136.54,"CHR"]
["A60582","FOND",18383,"CHR",2013,5,26.631999999999998,133.16,"CHR"]
["A60582","FOND",18706,"CHR",2013,6,10.981666666666667,65.89,"CHR"]
["A60582","FOND",18034,"CND",2013,6,70,420,"CND"]
["A60582","FOND",20492,"CND",2014,7,{"$f":"H4547/F4547","v":18},126,"CND"]
["A60582","FOND",11858,"CND",2010,2,151.715,303.43,"CND"]
["A60582","FOND",13759,"CND",2011,16,5,80,"CND"]
["A60582","FOND",14218,"CND",2011,11,0,0,"CND"]
["A60582","FOND",11405,"CND",2010,2,9.8650000000000002,19.73,"CND"]
["A60582","FOND",18473,"CND",2013,6,238.55999999999997,1431.36,"CND"]
["A60582","FOND",20966,"CND",2014,11,0.89727272727272722,9.8699999999999992,"CND"]
["A60582","FOND",11459,"RECTIF",2010,2,200,400,"RECTIF"]
["A60582","FOND",11859,"RECTIF",2010,2,49.51,99.02,"RECTIF"]
["A60582","FOND",13760,"RECTIF",2011,16,8.9700000000000006,143.52000000000001,"RECTIF"]
["A60582","FOND",14219,"RECTIF",2011,11,4.499090909090909,49.49,"RECTIF"]
["A60582","FOND",18131,"RECTIF",2013,5,21.597999999999999,107.99,"RECTIF"]
["A60582","FOND",18525,"RECTIF",2013,6,17.734999999999999,106.41,"RECTIF"]
["A60582","FOND",17450,"TTH",2012,10,27.523000000000003,275.23,"TTH"]
["A60582","FOND",17883,"TTH",2013,6,10.415000000000001,62.49,"TTH"]
["A60582","FOND",18601,"TTH",2013,8,63.75,510,"TTH"]
["A60582","FOND",19783,"TTH",2013,12,2.3874999999999997,28.65,"TTH"]
["A60582","FOND",10478,"TTH",2009,4,5.6124999999999998,22.45,"TTH"]
["A60582","FOND",11629,"TTH",2010,3,6.55,19.649999999999999,"TTH"]
["A60582","FOND",13333,"TTH",2011,17,1.6088235294117648,27.35,"TTH"]
["A60582","FOND",13735,"TTH",2011,15,6.77,101.55,"TTH"]
["A60583","PISTON",11490,"CNDOAS",2010,2,260.14999999999998,520.29999999999995,"CND","OAS"]
["A60590","RONDELLE",18243,"TTH",2013,4,747.65250000000003,2990.61,"TTH"]
["A60590","RONDELLE",9255,"TTH",2009,2,12.935,25.87,"TTH"]
["A60590","RONDELLE",13624,"TTH",2011,2,29.324999999999999,58.65,"TTH"]
["A60625","BAGUE",17304,"DETBRUMSE",2012,2,35.774999999999999,71.55,"DET","BRU"]
["A60631EB","BAGUE",19713,"BRUMSE",2013,19,1.9736842105263157,37.5,"BRU"]
["A60631EB","BAGUE",19307,"TTHMSE",2013,20,4.2995000000000001,85.99,"TTH"]
["A60633EB","BAGUE",14949,"TTHMSE",2011,2,58.695,117.39,"TTH"]
["A60633EB","BAGUE",15250,"TTHMSE",2011,2,23.204999999999998,46.41,"TTH"]
["A60633EB","BAGUE",17720,"TTHMSE",2013,2,36.704999999999998,73.41,"TTH"]
["A60633EB","BAGUE",11738,"TTHMSE",2010,2,42.674999999999997,85.35,"TTH"]
["A60634EB","BAGUE",14949,"TTHMSE",2011,9,8.2366666666666664,74.13,"TTH"]
["A60634EB","BAGUE",15379,"TTHMSE",2012,12,2.3691666666666666,28.43,"TTH"]
["A60634EB","BAGUE",11738,"TTHMSE",2010,10,2.415,24.15,"TTH"]
["A60635EB","BAGUE",14949,"TTHMSE",2011,9,4.3166666666666664,38.85,"TTH"]
["A60635EB","BAGUE",15379,"TTHMSE",2012,12,10.5,126,"TTH"]
["A60635EB","BAGUE",11738,"TTHMSE",2010,10,3.4350000000000001,34.35,"TTH"]
["A60699","RONDELLE",13236,"BRUMSE",2011,29,5,145,"BRU"]
["A60736","BAGUE",14760,"TTHMSE",2011,1,21.84,21.84,"TTH"]
["A60736","BAGUE",16812,"TTHMSE",2012,3,18.136666666666667,54.41,"TTH"]
["A60763","RONDELLE",9342,"CADMSE",2009,16,7.5,120,"CAD"]
["A60763","RONDELLE",17108,"TTHMSE",2012,1,91.35,91.35,"TTH"]
["A60763","RONDELLE",9062,"TTHMSE",2009,1,23.15,23.15,"TTH"]
["A60764","BAGUE",16354,"DETBRUMSE",2012,15,9.51,142.65,"DET","BRU"]
["A60874","RONDELLE",16370,"CNDMSE",2012,30,8.3803333333333327,251.41,"CND"]
["A60874","RONDELLE",16371,"SULFMSE",2012,30,1.6286666666666667,48.86,"SULF"]
["A60874","RONDELLE",16106,"TTHMSE",2012,6,0,0,"TTH"]
["A60875","RONDELLE",15895,"CNDMSE",2012,27,3.1796296296296296,85.85,"CND"]
["A60875","RONDELLE",18769,"CNDMSE",2013,27,1.48,39.96,"CND"]
["A60875","RONDELLE",15896,"SULFMSE",2012,27,20.142962962962965,543.86,"SULF"]
["A60875","RONDELLE",18770,"SULFMSE",2013,27,5.0659259259259262,136.78,"SULF"]
["A60875","RONDELLE",15621,"TTHMSE",2012,3,17.29,51.87,"TTH"]
["A60875","RONDELLE",18026,"TTHMSE",2013,3,24.87,74.61,"TTH"]
["A61127","BOUCHON",15582,"OASMSE",2012,18,3.8833333333333337,69.900000000000006,"OAS"]
["A61219","PISTON DE VERROUILLAGE",10893,"CND",2009,20,0.49349999999999994,9.8699999999999992,"CND"]
["A61219","PISTON DE VERROUILLAGE",18317,"CND",2013,32,15.1875,486,"CND"]
["A61219","PISTON DE VERROUILLAGE",18392,"SULF",2013,32,3.4449999999999998,110.24,"SULF"]
["A61219","PISTON DE VERROUILLAGE",10953,"SULF",2009,20,9.7525000000000013,195.05,"SULF"]
["A61219","PISTON DE VERROUILLAGE",17743,"TTH",2013,7,17.85857142857143,125.01,"TTH"]
["A61219","PISTON DE VERROUILLAGE",10531,"TTH",2009,5,4.0659999999999998,20.329999999999998,"TTH"]
["A61247","BAGUE FILETEE",11183,"OAS",2010,9,5.677777777777778,51.1,"OAS"]
["A61356","AXE",15835,"DET",2012,4,8.9425000000000008,35.770000000000003,"DET"]
["A61356","AXE",16071,"RECTIF",2012,4,19.977499999999999,79.91,"RECTIF"]
["A61356","AXE",16309,"SULF",2012,4,{"$f":"H4611/F4611","v":1.7224999999999999},6.89,"SULF"]
["A61356","AXE",15452,"TTH",2012,2,117.17,234.34,"TTH"]
["A61369","RONDELLE",15253,"TTHMSE",2011,1,75.3,75.3,"TTH"]
["A61370","RONDELLE",13938,"PHOMSE",2011,98,1.3105102040816328,128.43,"PHO"]
["A61370","RONDELLE",15839,"PHOMSE",2012,117,0.84606837606837604,98.99,"PHO"]
["A61371","BAGUE",11608,"OASMSE",2010,9,5.677777777777778,51.1,"OAS"]
["A61371","BAGUE",12474,"OASMSE",2010,9,59.554444444444442,535.99,"OAS"]
["A61371","BAGUE",15163,"OASMSE",2011,31,13.991612903225807,433.74,"OAS"]
["A61399","BUTEE",9779,"CADMSE",2009,13,30.957692307692305,402.45,"CAD"]
["A61399","BUTEE",11143,"CADMSE",2010,17,11.764705882352942,200,"CAD"]
["A61399","BUTEE",9438,"TTHMSE",2009,3,48.066666666666663,144.19999999999999,"TTH"]
["A61399","BUTEE",9825,"TTHMSE",2009,4,12.5,50,"TTH"]
["A61437","RONDELLE A ERGOT",17257,"TTHMSE",2012,2,12.135,24.27,"TTH"]
["A62050EB","PISTON",12813,"CNDMSE",2010,9,10.953333333333333,98.58,"CND"]
["A62050EB","PISTON",13709,"CNDMSE",2011,8,12.19875,97.59,"CND"]
["A62199EB","BAGUE",12920,"CNDMSE",2010,8,17.407499999999999,139.26,"CND"]
["A62199EB","BAGUE",13729,"CNDMSE",2011,18,29.971666666666668,539.49,"CND"]
["A62199EB","BAGUE",12921,"SULFMSE",2010,8,3.46875,27.75,"SULF"]
["A62199EB","BAGUE",13730,"SULFMSE",2011,18,6.166666666666667,111,"SULF"]
["A62199EB","BAGUE",12403,"TTHMSE",2010,2,48.414999999999999,96.83,"TTH"]
["A62199EB","BAGUE",13472,"TTHMSE",2011,3,5384,16152,"TTH"]
["A62216","DEMI CAGE DE ROTULE",9807,"CNDDETBRUMSE",2009,6,10.136666666666667,60.82,"CND","DET","BRU"]
["A62216","DEMI CAGE DE ROTULE",11583,"CNDDETBRUMSE",2010,10,3.5770000000000004,35.770000000000003,"CND","DET","BRU"]
["A62222","AXE",16222,"DETCNDCADMSE",2012,28,1.2775000000000001,35.770000000000003,"DET","CND","CAD"]
["A62222","AXE",15827,"TTHMSE",2012,29,1.3244827586206895,38.409999999999997,"TTH"]
["A63362","RONDELLE",12165,"DETBRUMSE",2010,18,11.854999999999999,213.39,"DET","BRU"]
["A63362","RONDELLE",11992,"TTHMSE",2010,2,10.164999999999999,20.329999999999998,"TTH"]
["A63533","RONDELLE",19724,"PHOMSE",2013,27,11.6,313.2,"PHO"]
["A63533","RONDELLE",19308,"TTHMSE",2013,3,26.150000000000002,78.45,"TTH"]
["A63541","BAGUE FILETEE",12103,"DETCNDCADMSE",2010,12,29.382499999999997,352.59,"DET","CND","CAD"]
["A63541","BAGUE FILETEE",11712,"TTHMSE",2010,2,23.475000000000001,46.95,"TTH"]
["A63543R10","ROTULE",11900,"CNDMSE",2010,8,4.4712500000000004,35.770000000000003,"CND"]
["A63543R10","ROTULE",11697,"TTHMSE",2010,8,4.2387499999999996,33.909999999999997,"TTH"]
["A63723","BUTEE",15399,"OASMSE",2011,32,8.49,271.68,"OAS"]
["A63738","ECROU DE FOND",11035,"CNDCAD",2090,13,198.86615384615385,2585.2600000000002,"CND","CAD"]
["A63738","ECROU DE FOND",13517,"CNDCAD",2011,14,44.785714285714285,627,"CND","CAD"]
["A63738","ECROU DE FOND",13716,"CNDCAD",2011,12,4.2583333333333337,51.1,"CND","CAD"]
["A63738","ECROU DE FOND",14097,"CNDCAD",2011,15,3.4066666666666667,51.1,"CND","CAD"]
["A63738","ECROU DE FOND",14545,"CNDCAD",2011,13,11.589230769230769,150.66,"CND","CAD"]
["A63738","ECROU DE FOND",10772,"TTH",2009,13,2.3284615384615384,30.27,"TTH"]
["A63738","ECROU DE FOND",13056,"TTH",2011,14,3.3321428571428569,46.65,"TTH"]
["A63738","ECROU DE FOND",13414,"TTH",2011,13,1.5138461538461538,19.68,"TTH"]
["A63738","ECROU DE FOND",13894,"TTH",2011,15,10.653333333333334,159.80000000000001,"TTH"]
["A63738","ECROU DE FOND",14238,"TTH",2011,13,1.4653846153846155,19.05,"TTH"]
["A63745EB","PORTE GARNITURE",14257,"CNDOAS",2011,14,2.5550000000000002,35.770000000000003,"CND","OAS"]
["A63745EB","PORTE GARNITURE",15405,"CNDOAS",2011,14,2.5550000000000002,35.770000000000003,"CND","OAS"]
["A63776-2","PISTON",11707,"CNDOAC",2010,16,41.25,660,"CND","OAC"]
["A64297","SUPPORT",12032,"CND",2010,28,4.6428571428571432,130,"CND"]
["A64298","SUPPORT",11173,"CND",2010,1,186.1,186.1,"CND"]
["A64677EB","PISTON AMORTISSEUR",11054,"CNDMSE",2009,44,1.625909090909091,71.540000000000006,"CND"]
["A64851R3","ROTULE",11929,"CNDMSE",2010,6,11.923333333333334,71.540000000000006,"CND"]
["A64851R3","ROTULE",11697,"TTHMSE",2010,6,17.525000000000002,105.15,"TTH"]
["A64933","RONDELLE",14388,"CADMSE",2011,42,2.8571428571428572,120,"CAD"]
["A64933","RONDELLE",14086,"TTHMSE",2011,3,116.66666666666667,350,"TTH"]
["A65094","ECROU",9994,"CNDOASMSE",2009,93,2.2858064516129035,212.58,"CND","OAS"]
["A65094","ECROU",14048,"CNDOASMSE",2011,53,1.1569811320754717,61.32,"CND","OAS"]
["A65094","ECROU",10037,"OASMSE",2009,93,1.9418279569892474,180.59,"OAS"]
["A65165","CORPS DE CLAPET",13091,"CND",2010,3,91.666666666666671,275,"CND"]
["A65165","CORPS DE CLAPET",18334,"CND",2013,5,124.8,624,"CND"]
["A65165","CORPS DE CLAPET",17722,"TTH",2013,6,46,276,"TTH"]
["A65165","CORPS DE CLAPET",12644,"TTH",2010,4,54.472499999999997,217.89,"TTH"]
["A65172","PISTON",13138,"CNDOAS",2010,15,24.648000000000003,369.72,"CND","OAS"]
["A65172","PISTON",13625,"CNDOAS",2011,10,18.175000000000001,181.75,"CND","OAS"]
["A65172","PISTON",14031,"CNDOAS",2011,11,9.9409090909090896,109.35,"CND","OAS"]
["A65172","PISTON",14434,"CNDOAS",2011,23,{"$f":"H4675/F4675","v":56.854347826086958},1307.6500000000001,"CND","OAS"]
["A65173","PORTE GARNITURE",9923,"CNDOASMSE",2009,8,12.26375,98.11,"CND","OAS"]
["A65173","PORTE GARNITURE",12333,"CNDOASMSE",2010,14,10.709285714285715,149.93,"CND","OAS"]
["A65173","PORTE GARNITURE",13507,"CNDOASMSE",2011,14,4.38,61.32,"CND","OAS"]
["A65173","PORTE GARNITURE",14484,"CNDOASMSE",2011,19,14.088421052631579,267.68,"CND","OAS"]
["A65173","PORTE GARNITURE",16589,"CNDOASMSE",2012,6,13.626666666666667,81.760000000000005,"CND","OAS"]
["A65173","PORTE GARNITURE",9970,"CNDOASMSE",2009,8,14.0525,112.42,"CND","OAS"]
["A65173","PORTE GARNITURE",11404,"CNDOASMSE",2010,8,8.9425000000000008,71.540000000000006,"CND","OAS"]
["A65174","BAGUE FILETEE",16809,"TTH",2012,3,41.666666666666664,125,"TTH"]
["A65174","BAGUE FILETEE",13623,"TTH",2011,5,3.2700000000000005,16.350000000000001,"TTH"]
["A6-52128EB","FOND",11566,"CND",2010,6,22.666666666666668,136,"CND"]
["A6-52128EB","FOND",18655,"CND",2013,6,465.5,2793,"CND"]
["A65435","CALE",9154,"CNDOAS",2009,24,1.4904166666666667,35.770000000000003,"CND","OAS"]
["A65488","BAGUE",20227,"USI",2014,400,0.20405000000000001,81.62,"USI"]
["A65488","BAGUE",20227,"USI",2014,-105,-0.46952380952380951,49.3,"USI"]
["A65490","BAGUE",13786,"BRUMSE",2011,9,21.111111111111111,190,"BRU"]
["A65490","BAGUE",13471,"TTHMSE",2011,5,153.6,768,"TTH"]
["A65490R4","BAGUE",18278,"BRUMSE",2013,5,15,75,"BRU"]
["A65490R4","BAGUE",17719,"TTHMSE",2013,3,10.016666666666667,30.05,"TTH"]
["A65490R4","BAGUE",13418,"TTHMSE",2011,6,203.66666666666666,1222,"TTH"]
["A66190","CALE",20081,"OAS",2014,56,1.8212499999999998,101.99,"OAS"]
["A66190","CALE",16579,"OAS",2012,32,1.596875,51.1,"OAS"]
["A66190","CALE",17591,"OAS",2012,56,6.9282142857142857,387.98,"OAS"]
["A66190","CALE",16580,"PEI",2012,32,88.932500000000005,2845.84,"PEI"]
["A66190","CALE",17592,"PEI",2012,56,0.64446428571428582,36.090000000000003,"PEI"]
["A66190","CALE",20081,"PEI",2014,56,49.376250000000006,2765.07,"PEI"]
["A66637","RONDELLE",19768,"BRUMSE",2013,10,5,50,"BRU"]
["A66637","RONDELLE",19769,"BRUMSE",2013,225,0.51555555555555554,116,"BRU"]
["A66638","GALET",11776,"DETBRUMSE",2010,6,0,0,"DET","BRU"]
["A66638","GALET",12270,"DETBRUMSE",2010,9,0,0,"DET","BRU"]
["A66638","GALET",12804,"DETBRUMSE",2010,16,20.593125000000001,329.49,"DET","BRU"]
["A66639-1","SUPPORT",13912,"OASMSE",2011,4,12.775,51.1,"OAS"]
["A66640-1","SUPPORT",9748,"OASMSE",2009,10,225.6,2256,"OAS"]
["A66640-1","SUPPORT",16344,"OASMSE",2012,7,7.3,51.1,"OAS"]
["A66814","CYLINDRE DE VERROUILLAGE",18787,"CAD",2013,2,51.15,102.3,"CAD"]
["A66814","CYLINDRE DE VERROUILLAGE",19114,"CAD",2013,3,17.033333333333335,51.1,"CAD"]
["A66814","CYLINDRE DE VERROUILLAGE",18159,"CHR",2013,5,19.899999999999999,99.5,"CHR"]
["A66814","CYLINDRE DE VERROUILLAGE",18046,"CND",2013,5,65.674000000000007,328.37,"CND"]
["A66814","CYLINDRE DE VERROUILLAGE",18472,"RECTIF",2013,5,37.652000000000001,188.26,"RECTIF"]
["A66814","CYLINDRE DE VERROUILLAGE",18869,"RECTIF",2013,3,33.003333333333337,99.01,"RECTIF"]
["A66814","CYLINDRE DE VERROUILLAGE",17499,"TTH",2012,6,20.833333333333332,125,"TTH"]
["A66816","DOUILLE",14770,"TTH",2011,1,168,168,"TTH"]
["A66980EB","ENTRETOISE",17109,"TTHMSE",2012,3,40.266666666666666,120.8,"TTH"]
["A66980EB","ENTRETOISE",10897,"TTHMSE",2009,5,13.27,66.349999999999994,"TTH"]
["A66984","RONDELLE",13169,"CNDMSE",2010,18,21.183888888888887,381.31,"CND"]
["A66984","RONDELLE",12546,"DETCNDMSE",2010,13,75.353076923076927,979.59,"DET","CND"]
["A66984","RONDELLE",12547,"SULFMSE",2010,13,9.9561538461538461,129.43,"SULF"]
["A66984","RONDELLE",13170,"SULFMSE",2011,18,0.92722222222222228,16.690000000000001,"SULF"]
["A66984","RONDELLE",12343,"TTHMSE",2010,1,46.41,46.41,"TTH"]
["A66984","RONDELLE",12698,"TTHMSE",2010,2,440,880,"TTH"]
["A67140","RONDELLE",10131,"DETCADMSE",2009,36,1.0644444444444445,38.32,"DET","CAD"]
["A67140","RONDELLE",12657,"DETCADMSE",2010,89,2.7152808988764043,241.66,"DET","CAD"]
["A6-72886","SUPPORT MATRICE USINE",16235,"CEM",2012,12,10.5,126,"CEM"]
["A6-72886","SUPPORT MATRICE USINE",17412,"CEM",2012,6,32.666666666666664,196,"CEM"]
["A6-72886","SUPPORT MATRICE USINE",17013,"CND",2013,12,10.5,126,"CND"]
["A6-72886","SUPPORT MATRICE USINE",17990,"CND",2013,6,21,126,"CND"]
["A6-72886","SUPPORT MATRICE USINE",17482,"CND1",2012,12,259.01916666666665,3108.23,"CND1"]
["A6-72886","SUPPORT MATRICE USINE",18146,"CND1",2013,5,224,1120,"CND1"]
["A6-72886","SUPPORT MATRICE USINE",16055,"CUI",2012,12,12.246666666666668,146.96,"CUI"]
["A6-72886","SUPPORT MATRICE USINE",17026,"CUI",2012,6,0,0,"CUI"]
["A6-72886","SUPPORT MATRICE USINE",16634,"DECUI",2012,12,4.0883333333333338,49.06,"DEC","UI"]
["A6-72886","SUPPORT MATRICE USINE",17657,"DECUI",2012,6,5.9616666666666669,35.770000000000003,"DEC","UI"]
["A6-72886","SUPPORT MATRICE USINE",17619,"PEI",2013,12,3.9658333333333338,47.59,"PEI"]
["A6-72886","SUPPORT MATRICE USINE",18235,"PEI",2013,5,25.54,127.7,"PEI"]
["A6-72886","SUPPORT MATRICE USINE",17311,"RECTIF",2012,12,{"$f":"H4739/F4739","v":8.2508333333333344},99.01,"RECTIF"]
["A6-72886","SUPPORT MATRICE USINE",18072,"RECTIF",2013,6,20.358333333333334,122.15,"RECTIF"]
["A6-72886","SUPPORT MATRICE USINE",16901,"TTH",2012,12,19.678333333333331,236.14,"TTH"]
["A6-72886","SUPPORT MATRICE USINE",17837,"TTH",2013,6,20.831666666666667,124.99,"TTH"]
["A68302","RONDELLE",16564,"CNDMSE",2012,18,14.74111111111111,265.33999999999997,"CND"]
["A68302","RONDELLE",16727,"SULFMSE",2012,18,2.1749999999999998,39.15,"SULF"]
["A68302","RONDELLE",16106,"TTHMSE",2012,1,190.65,190.65,"TTH"]
["A68809","CLAPET",12223,"CNDMSE",2010,12,21.253333333333334,255.04,"CND"]
["A68809","CLAPET",12112,"TTHMSE",2010,1,280.25,280.25,"TTH"]
["A68974","FOURRURE",11564,"CNDMSE",2010,6,16.258333333333333,97.55,"CND"]
["A68974","FOURRURE",13447,"CNDMSE",2011,2,17.885000000000002,35.770000000000003,"CND"]
["A68974","FOURRURE",11565,"PASCADMSE",2010,6,259.16666666666669,1555,"PAS","CAD"]
["A68974","FOURRURE",13448,"PASCADMSE",2011,2,292.5,585,"PAS","CAD"]
["A68998","BAGUE",17305,"BRUMSE",2012,6,15,90,"BRU"]
["A69829","BAGUE",14869,"PELPAS",2011,26,10.168076923076923,264.37,"PEL","PAS"]
["A70-69464","BOULE",18844,"OAS",2013,16,5.4606250000000003,87.37,"OAS"]
["A70-69464","BOULE",20576,"OAS",2014,14,8.4885714285714293,118.84,"OAS"]
["A70-69464","BOULE",14642,"OAS",2011,16,50.237499999999997,803.8,"OAS"]
["A70-69464","BOULE",15527,"OAS",2012,15,10.774000000000001,161.61000000000001,"OAS"]
["A70-70184","BOUCHON",17814,"CNDPELPAS",2013,16,0,0,"CND","PEL","PAS"]
["A70-72046","CORPS",16048,"CNDOAS",2012,16,6.7068750000000001,107.31,"CND","OAS"]
["A70-73160","FOND",10259,"CNDOAS",2009,55,220.36363636363637,12120,"CND","OAS"]
["A70-73288","CARTER",19996,"CND",2014,5,30.6,153,"CND"]
["A70-73288","CARTER",11734,"CND",2010,1,142,142,"CND"]
["A70-73288","CARTER",13978,"CND",2011,9,6.9333333333333336,62.4,"CND"]
["A70-73288","CARTER",19574,"CND",2013,6,1010,6060,"CND"]
["A70-73443","BAGUE FILETEE",10417,"PELPAS",2009,11,290.77181818181816,3198.49,"PEL","PAS"]
["A70-73499","FLASQUE",12362,"CNDPELPAS",2010,18,20.723888888888887,373.03,"CND","PEL","PAS"]
["A71319","EMBOUT",13209,"CND",2010,7,205.71428571428572,1440,"CND"]
["A71321","SIEGE DE CLAPET",13660,"CND",2011,53,2.7849056603773583,147.6,"CND"]
["A71390","ECROU",20842,"CAD",2014,11,0,0,"CAD"]
["A71390","ECROU",14374,"CAD",2011,18,0,0,"CAD"]
["A71390","ECROU",15695,"CAD",2012,15,32.648000000000003,489.72,"CAD"]
["A71-73000","EMBOUT",15311,"CNDOAC",2011,5,15.238,76.19,"CND","OAC"]
["A71763","BAGUE EPAULEE",11571,"CAD",2010,59,0,0,"CAD"]
["A71763","BAGUE EPAULEE",13218,"CAD",2011,14,10.357142857142858,145,"CAD"]
["A71798","BAGUE",13223,"PELPAS",2010,17,14.303529411764705,243.16,"PEL","PAS"]
["A71903","EMBOUT TOURNANT",10117,"CNDCAD",2009,64,28.1484375,1801.5,"CND","CAD"]
["A71903","EMBOUT TOURNANT",11493,"CNDCAD",2010,34,3.5376470588235294,120.28,"CND","CAD"]
["A71903","EMBOUT TOURNANT",15723,"CNDCAD",2012,26,16.471153846153847,428.25,"CND","CAD"]
["A71903","EMBOUT TOURNANT",17095,"CNDCAD",2012,16,3.875,62,"CND","CAD"]
["A71903","EMBOUT TOURNANT",15185,"TTH",2011,28,2.9607142857142859,82.9,"TTH"]
["A71903","EMBOUT TOURNANT",16327,"TTH",2012,18,11.068333333333333,199.23,"TTH"]
["A71903","EMBOUT TOURNANT",9756,"TTH",2009,67,4.2037313432835814,281.64999999999998,"TTH"]
["A71903","EMBOUT TOURNANT",11092,"TTH",2009,36,0.85694444444444451,30.85,"TTH"]
["A71903-14","EMBOUT TOURNANT",20438,"CNDPELPASRIL",2014,2,26.504999999999999,53.01,"CND","PEL","PAS","RIL"]
["A71903-14","EMBOUT TOURNANT",12234,"CNDPELPASRIL",2010,3,53.893333333333338,161.68,"CND","PEL","PAS","RIL"]
["A71903-14","EMBOUT TOURNANT",14450,"CNDPELPASRIL",2011,2,35.770000000000003,71.540000000000006,"CND","PEL","PAS","RIL"]
["A71903-14","EMBOUT TOURNANT",11997,"PEP",2010,3,7.333333333333333,22,"PEP"]
["A71903-14","EMBOUT TOURNANT",14063,"PEP",2011,3,55.666666666666664,167,"PEP"]
["A71903-14","EMBOUT TOURNANT",18411,"PEP",2013,3,67.326666666666668,201.98,"PEP"]
["A71903-14","EMBOUT TOURNANT",19523,"PEP",2013,4,41.75,167,"PEP"]
["A71906","BAGUE EPAULEE",9854,"USI",2009,66,0.42424242424242425,28,"USI"]
["A72307","ECROU",15175,"CAD",2011,17,20.498823529411766,348.48,"CAD"]
["A72307","ECROU",18404,"CAD",2013,15,10.741333333333333,161.12,"CAD"]
["A72307","ECROU",19223,"CAD",2013,17,5.5882352941176467,95,"CAD"]
["A72307","ECROU",14765,"TTH",2011,3,131.99333333333334,395.98,"TTH"]
["A72307","ECROU",17993,"TTH",2013,3,464.31,1392.93,"TTH"]
["A72307","ECROU",18932,"TTH",2013,3,6.7166666666666659,20.149999999999999,"TTH"]
["A72418-3","PISTON ETAGE",10948,"CND",2009,10,38.466000000000001,384.66,"CND"]
["A72505","FOND",14090,"CNDPHO",2011,14,23.936428571428571,335.11,"CND","PHO"]
["A72507","BAGUE",20698,"NICK",2014,8,24.89,199.12,"NICK"]
["A72666","BASCULEUR",14750,"CNDPHO",2011,15,22.340666666666667,335.11,"CND","PHO"]
["A72666","BASCULEUR",14751,"CNDPHO",2011,4,83.777500000000003,335.11,"CND","PHO"]
["A72666","BASCULEUR",15761,"CNDPHO",2012,9,{"$f":"H4803/F4803","v":37.235555555555557},335.12,"CND","PHO"]
["A72679","ECROU",9943,"OAS",2009,75,18.069333333333333,1355.2,"OAS"]
["A72679","ECROU",12043,"OAS",2010,35,2.6911428571428573,94.19,"OAS"]
["A72679","ECROU",15650,"OAS",2012,30,1.7033333333333334,51.1,"OAS"]
["A72679","ECROU",20363,"USI",2014,16,2.915,46.64,"USI"]
["A72-73249","CORPS",17147,"CND",2012,22,61.800909090909087,1359.62,"CND"]
["A72887-7","BOUCHON",17934,"CND",2013,27,6.2418518518518518,168.53,"CND"]
["A72994","CORPS",13819,"CNDOAS",2011,6,5.9616666666666669,35.770000000000003,"CND","OAS"]
["A72994","CORPS",19224,"CNDOAS",2013,10,10.220000000000001,102.2,"CND","OAS"]
["A72996","CORPS",18723,"CNDPAS",2013,3,23.116666666666664,69.349999999999994,"CND","PAS"]
["A72996","CORPS",17669,"TTH",2012,1,62.5,62.5,"TTH"]
["A73098","BRIDE",11038,"PEL",2010,30,27.248000000000001,817.44,"PEL"]
["A73098","BRIDE",18265,"PEL",2013,21,157.04714285714286,3297.99,"PEL"]
["A73098","BRIDE",17992,"TTH",2013,2,-200,-400,"TTH"]
["A73268-2","CORPS",11162,"CAD",2010,14,2.1428571428571428,30,"CAD"]
["A73268-2","CORPS",11983,"CAD",2010,32,14.3,457.6,"CAD"]
["A73268-2","CORPS",12002,"CAD",2010,49,3.8775510204081631,190,"CAD"]
["A73268-2","CORPS",15696,"CAD",2012,25,0,0,"CAD"]
["A73268-2","CORPS",16868,"CAD",2012,17,11.498823529411764,195.48,"CAD"]
["A73268-2","CORPS",11085,"CHR",2009,14,14,196,"CHR"]
["A73268-2","CORPS",11825,"CHR",2010,32,3.9375,126,"CHR"]
["A73268-2","CORPS",11824,"CHR",2010,49,3.0673469387755103,150.30000000000001,"CHR"]
["A73268-2","CORPS",15569,"CHR",2012,25,5.04,126,"CHR"]
["A73268-2","CORPS",16651,"CHR",2012,17,4.5882352941176467,78,"CHR"]
["A73268-2","CORPS",15444,"CND",2011,25,5.68,142,"CND"]
["A73268-2","CORPS",16649,"CND",2012,17,12.588235294117647,214,"CND"]
["A73268-2","CORPS",11034,"CND",2009,14,217.08285714285714,3039.16,"CND"]
["A73268-2","CORPS",11744,"CND",2010,32,0.30843749999999998,9.8699999999999992,"CND"]
["A73354","BOUCHON",13208,"NICK",2010,71,0.50380281690140849,35.770000000000003,"NICK"]
["A73442","SUPPORT",11145,"OAS",2010,19,6.8836842105263152,130.79,"OAS"]
["A73467","LEVIER",11774,"OAS",2010,8,67.48,539.84,"OAS"]
["A73725","CORPS MOULE USINE",14121,"CND",2011,4,98.125,392.5,"CND"]
["A74093","EMBOUT",16137,"CNDCAD",2012,8,377.4375,3019.5,"CND","CAD"]
["A74093","EMBOUT",15719,"TTH",2012,2,46.305,92.61,"TTH"]
["A74093","EMBOUT",19979,"TTH",2014,10,10.574999999999999,105.75,"TTH"]
["A74291","CORPS MOULE USINE",12641,"OAS",2010,4,0,0,"OAS"]
["A74291","CORPS MOULE USINE",12642,"PEI",2010,4,20.857500000000002,83.43,"PEI"]
["A74295","SUPPORT",12240,"CND",2010,5,55,275,"CND"]
["A74295","SUPPORT",14150,"CND",2011,8,11.7,93.6,"CND"]
["A74295","SUPPORT",12241,"NICK",2010,5,89.575999999999993,447.88,"NICK"]
["A74295","SUPPORT",14151,"NICK",2011,8,6.3875000000000002,51.1,"NICK"]
["A74671-21","RACCORD",18021,"PELPAS",2013,4,52.4,209.6,"PEL","PAS"]
["A74778","ARBRE",18900,"COMPLETE",2013,4,15.202500000000001,60.81,"COMP"]
["A74778","ARBRE",19798,"PAS",2013,4,12.775,51.1,"PAS"]
["A74778","ARBRE",19298,"TAILLAGE",2013,4,63,252,"TAIL"]
["A74921","CORPS",12454,"CND",2010,4,41.49,165.96,"CND"]
["A74928","RALLONGE",12825,"COMPLETE",2011,7,7.7671428571428569,54.37,"COMP"]
["A75063","LEVIER",19873,"OAS",2014,4,13.81,55.24,"OAS"]
["A75192","CORPS",10801,"CNDOAS",2009,6,13.67,82.02,"CND","OAS"]
["A75192","CORPS",13991,"CNDOAS",2011,25,5.8032000000000004,145.08000000000001,"CND","OAS"]
["A75194","ECROU",14280,"CNDCAD",2011,25,68,1700,"CND","CAD"]
["A75194","ECROU",14019,"TTH",2011,3,6.7166666666666659,20.149999999999999,"TTH"]
["A75196","VIS",14170,"CAD",2011,25,0,0,"CAD"]
["A75196","VIS",13964,"TTH",2011,2,23.055,46.11,"TTH"]
["A75416","MAMELON",10070,"PHO",2009,23,7.2608695652173916,167,"PHO"]
["A75416","MAMELON",10735,"PHO",2009,11,15.181818181818182,167,"PHO"]
["A75494","CORPS",17294,"CNDOAS",2012,11,6.5036363636363639,71.540000000000006,"CND","OAS"]
["A75494","CORPS",17069,"EROSION",2012,11,12.104545454545455,133.15,"EROSION"]
["A75594","COUVERCLE",10023,"CND",2009,9,14.444444444444445,130,"CND"]
["A75594","COUVERCLE",10498,"CND",2009,8,48.25,386,"CND"]
["A75594","COUVERCLE",19451,"CND",2013,4,84.875,339.5,"CND"]
["A75625","CORPS D'ACCU",8952,"CND",2009,15,8.6666666666666661,130,"CND"]
["A75625","CORPS D'ACCU",12983,"CND",2010,18,50.367777777777775,906.62,"CND"]
["A75625","CORPS D'ACCU",19070,"CND",2013,23,0,0,"CND"]
["A75625","CORPS D'ACCU",10893,"CND",2009,8,{"$f":"H4867/F4867","v":96.207499999999996},769.66,"CND"]
["A75625","CORPS D'ACCU",18375,"TTH",2013,8,10.706250000000001,85.65,"TTH"]
["A75625","CORPS D'ACCU",8953,"ZING",2009,15,8.2799999999999994,124.2,"ZING"]
["A75625","CORPS D'ACCU",10954,"ZING",2009,8,4,32,"ZING"]
["A75625","CORPS D'ACCU",12984,"ZING",2010,18,13.111111111111111,236,"ZING"]
["A75625","CORPS D'ACCU",19071,"ZING",2013,23,19.173913043478262,441,"ZING"]
["A76224-6","CORPS",19851,"CNDOAS",2014,3,14.35,43.05,"CND","OAS"]
["A76224-7","CORPS",8971,"CNDOAS",2009,2,35.869999999999997,71.739999999999995,"CND","OAS"]
["A76224-7","CORPS",8972,"OC",2009,2,25.55,51.1,"OC"]
["A76224-7","CORPS",8972,"OC",2009,2,90.875,181.75,"OC"]
["A76320","CALE",15229,"OAS",2011,7,17.077142857142857,119.54,"OAS"]
["A76320","CALE",17369,"OAS",2012,14,3.6507142857142858,51.11,"OAS"]
["A76505-10","EMBOUT MASSE",12023,"CND",2010,6,37.875,227.25,"CND"]
["A76505-10","EMBOUT MASSE",12200,"OAC",2010,6,37.021666666666668,222.13,"OAC"]
["A76505-10","EMBOUT MASSE",12087,"OAC",2010,6,2720.9733333333334,16325.84,"OAC"]
["A76505-12","EMBOUT MASSE",12455,"CND",2010,6,21.666666666666668,130,"CND"]
["A76505-12","EMBOUT MASSE",12560,"OAC",2010,6,11.923333333333334,71.540000000000006,"OAC"]
["A76528","ENTRETOISE",9883,"OAS",2009,122,2.7824590163934424,339.46,"OAS"]
["A76839","CORPS",11476,"CNDOASMSE",2010,10,3.5770000000000004,35.770000000000003,"CND","OAS"]
["A76839","CORPS",11477,"CNDOASMSE",2010,10,7.1540000000000008,71.540000000000006,"CND","OAS"]
["A76936","CORPS",13958,"CNDOAS",2011,9,7.9488888888888898,71.540000000000006,"CND","OAS"]
["A76936","CORPS",14059,"OC",2011,9,5.677777777777778,51.1,"OC"]
["A76937","MANCHON",13969,"CND",2011,10,120,1200,"CND"]
["A76937","MANCHON",13970,"NUFLON",2011,10,171.32499999999999,1713.25,"NUFLON"]
["A76938","CYLINDRE",14301,"CND",2011,9,1.6666666666666667,15,"CND"]
["A76938","CYLINDRE",13737,"TTH",2011,2,18.715,37.43,"TTH"]
["A77048","BOITIER",14636,"OAC",2011,7,16.87857142857143,118.15,"OAC"]
["A77048","BOITIER",17233,"OAC",2012,13,8.7653846153846153,113.95,"OAC"]
["A77048","BOITIER",15174,"OC",2011,7,7.8285714285714283,54.8,"OC"]
["A77048","BOITIER",17543,"OC",2012,12,22.583333333333332,271,"OC"]
["A77049","MASSE POLAIRE",14400,"CND",2011,7,20.798571428571428,145.59,"CND"]
["A77049","MASSE POLAIRE",17423,"CND",2012,12,120,1440,"CND"]
["A77049","MASSE POLAIRE",14401,"NICK",2011,7,21.198571428571427,148.38999999999999,"NICK"]
["A77049","MASSE POLAIRE",17424,"NICK",2013,12,5.059166666666667,60.71,"NICK"]
["A77049","MASSE POLAIRE",14312,"RECTIF",2011,7,25.142857142857142,176,"RECTIF"]
["A77049","MASSE POLAIRE",17314,"RECTIF",2012,12,14.83,177.96,"RECTIF"]
["A77056","GUIDE",14706,"NICK",2011,6,18.686666666666667,112.12,"NICK"]
["A77056","GUIDE",16855,"NICK",2012,6,79.736666666666665,478.42,"NICK"]
["A77056","GUIDE",17385,"NICK",2012,4,26.572500000000002,106.29,"NICK"]
["A77056","GUIDE",14519,"RECTIF",2011,7,19.63,137.41,"RECTIF"]
["A77056","GUIDE",16655,"RECTIF",2012,6,54.081666666666671,324.49,"RECTIF"]
["A77056","GUIDE",17010,"RECTIF",2012,4,65,260,"RECTIF"]
["A77068","FOND",14100,"COMPLETE",2011,5,14.758000000000001,73.790000000000006,"COMP"]
["A77068","FOND",17131,"COMPLETE",2012,11,8.9254545454545458,98.18,"COMP"]
["A77124-3","EMBOUT TOURNANT",13041,"CNDPELPASRIL",2010,5,12.032,60.16,"CND","PEL","PAS","RIL"]
["A77124-3","EMBOUT TOURNANT",13948,"CNDPELPASRIL",2011,3,50.363333333333337,151.09,"CND","PEL","PAS","RIL"]
["A77124-3","EMBOUT TOURNANT",14430,"CNDPELPASRIL",2011,3,11.923333333333334,35.770000000000003,"CND","PEL","PAS","RIL"]
["A77124-3","EMBOUT TOURNANT",12400,"PEP",2010,7,235.71428571428572,1650,"PEP"]
["A77124-3","EMBOUT TOURNANT",13453,"PEP",2011,4,41.75,167,"PEP"]
["A77124-3","EMBOUT TOURNANT",14174,"PEP",2011,3,55.666666666666664,167,"PEP"]
["A77124-3","EMBOUT TOURNANT",14274,"TTH",2011,3,45.716666666666669,137.15,"TTH"]
["A77124-3","EMBOUT TOURNANT",12704,"TTH",2010,7,2.25,15.75,"TTH"]
["A77124-3","EMBOUT TOURNANT",13539,"TTH",2011,4,16.977499999999999,67.91,"TTH"]
["A77138-1","EMBOUT",10458,"CNDOAC",2009,26,1.3757692307692309,35.770000000000003,"CND","OAC"]
["A77138-1","EMBOUT",11871,"CNDOAC",2010,7,5.1100000000000003,35.770000000000003,"CND","OAC"]
["A77138-1","EMBOUT",11871,"CNDOAC",2010,13,60.46153846153846,786,"CND","OAC"]
["A77138-1","EMBOUT",14919,"CNDOAC",2011,8,6.9249999999999998,55.4,"CND","OAC"]
["A77138-1","EMBOUT",14918,"CNDOAC",2011,6,24.323333333333334,145.94,"CND","OAC"]
["A77138-1","EMBOUT",16424,"CNDOAC",2012,21,6.10952380952381,128.30000000000001,"CND","OAC"]
["A77138-1","EMBOUT",17776,"CNDOAC",2013,11,28.90909090909091,318,"CND","OAC"]
["A77140-2","CORPS",12152,"CNDRIL",2010,5,0,0,"CND","RIL"]
["A77140-2","CORPS",12686,"CNDRIL",2010,6,32.895000000000003,197.37,"CND","RIL"]
["A77140-2","CORPS",12315,"OC",2010,5,13.081999999999999,65.41,"OC"]
["A77140-2","CORPS",12858,"OC",2010,6,8.5166666666666675,51.1,"OC"]
["A77140-2","CORPS",12482,"OC1",2010,5,{"$f":"H4931/F4931","v":23.693999999999999},118.47,"OC1"]
["A77140-2","CORPS",13145,"OC1",2010,5,21.584,107.92,"OC1"]
["A77140-2","CORPS",13290,"OC1",2011,5,10.220000000000001,51.1,"OC1"]
["A77180","BOUCHON",10343,"CNDOAS",2009,12,8.1824999999999992,98.19,"CND","OAS"]
["A77180","BOUCHON",13012,"OAS",2010,37,1.3810810810810812,51.1,"OAS"]
["A77598-1","PALIER 2 PIECES",14078,"CNDCAD",2011,14,9.2857142857142865,130,"CND","CAD"]
["A77598-1","PALIER 2 PIECES",15287,"CNDCAD",2011,27,51.34,1386.18,"CND","CAD"]
["A77605","PLAQUE",12470,"OAS",2010,8,26.25,210,"OAS"]
["A77728","CORPS",10313,"CNDPELPASMSE",2009,36,2.1761111111111111,78.34,"CND","PEL","PAS"]
["A77728","CORPS",10877,"CNDPELPASMSE",2009,8,10.071249999999999,80.569999999999993,"CND","PEL","PAS"]
["A77787-1","PLAQUE",19228,"OAC",2013,46,84.414782608695646,3883.08,"OAC"]
["A77788","CORPS",9133,"CNDRIL",2009,8,0,0,"CND","RIL"]
["A77788","CORPS",12578,"CNDRIL",2010,12,0,0,"CND","RIL"]
["A77788","CORPS",15724,"CNDRIL",2012,4,14.307499999999999,57.23,"CND","RIL"]
["A77788","CORPS",16263,"OC",2012,3,17.033333333333335,51.1,"OC"]
["A77788","CORPS",10225,"OC",2009,6,17.033333333333335,102.2,"OC"]
["A77788","CORPS",11466,"OC",2010,2,311.2,622.4,"OC"]
["A77788","CORPS",12911,"OC",2010,8,6.3875000000000002,51.1,"OC"]
["A77821-6","CORPS",11509,"CNDOAC",2010,2,17.885000000000002,35.770000000000003,"CND","OAC"]
["A77821-6","CORPS",11587,"OC",2010,2,119.72499999999999,239.45,"OC"]
["A77827-3","SIEGE DE CLAPET",13393,"CND",2011,7,3.8571428571428572,27,"CND"]
["A77827-3","SIEGE DE CLAPET",18718,"CND",2013,8,13.567500000000001,108.54,"CND"]
["A77827-3","SIEGE DE CLAPET",19082,"PEI",2013,8,6.74,53.92,"PEI"]
["A77827-3","SIEGE DE CLAPET",19690,"PEI",2013,8,26.164999999999999,209.32,"PEI"]
["A77827-3","SIEGE DE CLAPET",20428,"PEI",2014,8,20.6875,165.5,"PEI"]
["A77827-3","SIEGE DE CLAPET",13634,"PEI",2011,7,384.68571428571431,2692.8,"PEI"]
["A77827-3","SIEGE DE CLAPET",13195,"RECTIF",2011,8,8.9674999999999994,71.739999999999995,"RECTIF"]
["A77827-3","SIEGE DE CLAPET",18497,"RECTIF",2013,8,12.375,99,"RECTIF"]
["A77827-3","SIEGE DE CLAPET",14029,"RECTIF1",2011,7,14.14,98.98,"RECTIF1"]
["A77827-3","SIEGE DE CLAPET",20607,"RECTIF1",2014,8,21,168,"RECTIF1"]
["A77827-3","SIEGE DE CLAPET",13394,"SABLZING",2011,7,18.088571428571431,126.62,"SAB","ZING"]
["A77827-3","SIEGE DE CLAPET",18790,"SABLZING",2013,8,15.44375,123.55,"SAB","ZING"]
["A77827-3","SIEGE DE CLAPET",19928,"SABLZING",2014,8,21,168,"SAB","ZING"]
["A77827-3","SIEGE DE CLAPET",20260,"SABLZING",2014,8,21.001249999999999,168.01,"SAB","ZING"]
["A77827-3","SIEGE DE CLAPET",18329,"TTH",2013,8,6.8812499999999996,55.05,"TTH"]
["A77827-3","SIEGE DE CLAPET",13054,"TTH",2010,8,4.3137499999999998,34.51,"TTH"]
["A77910-1","CHEMISE",17236,"CND",2013,21,32.014285714285712,672.3,"CND"]
["A77910-1","CHEMISE",17236,"CND",2013,21,30.235714285714288,634.95000000000005,"CND"]
["A77910-1","CHEMISE",17909,"CND",2013,44,2.8636363636363638,126,"CND"]
["A77910-1","CHEMISE",11457,"CND",2010,14,8.1,113.4,"CND"]
["A77910-1","CHEMISE",13848,"CND",2011,14,28.035714285714285,392.5,"CND"]
["A77910-1","CHEMISE",13848,"CND",2011,19,6.5542105263157895,124.53,"CND"]
["A77910-1","CHEMISE",14387,"CND",2011,24,16.083333333333332,386,"CND"]
["A77910-1","CHEMISE",15499,"CND",2012,23,11.294782608695652,259.77999999999997,"CND"]
["A77910-1","CHEMISE",18547,"CND",2013,42,22.209523809523809,932.8,"CND"]
["A77910-1","CHEMISE",10257,"CND",2009,22,35.75,786.5,"CND"]
["A77910-1","CHEMISE",11963,"CND",2010,15,202.61066666666665,3039.16,"CND"]
["A77910-1","CHEMISE",12290,"CND",2010,22,138.59227272727273,3049.03,"CND"]
["A77910-1","CHEMISE",12290,"CND",2010,14,1.4092857142857143,19.73,"CND"]
["A77910-1","CHEMISE",18546,"CND",2013,43,19.046511627906977,819,"CND"]
["A77910-1","CHEMISE",20930,"CND",2014,47,13.879148936170214,652.32000000000005,"CND"]
["A77910-1","CHEMISE",10713,"CNDNITAL",2009,23,3.177826086956522,73.09,"CND","NIT"]
["A77910-1","CHEMISE",9359,"EROSION",2009,21,1.7033333333333336,35.770000000000003,"EROSION"]
["A77910-1","CHEMISE",9966,"EROSION",2009,24,1.4904166666666667,35.770000000000003,"EROSION"]
["A77910-1","CHEMISE",9966,"EROSION",2009,23,2.2217391304347829,51.1,"EROSION"]
["A77910-1","CHEMISE",11012,"EROSION",2010,14,5.5478571428571426,77.67,"EROSION"]
["A77910-1","CHEMISE",11681,"EROSION",2010,15,5.9033333333333333,88.55,"EROSION"]
["A77910-1","CHEMISE",12008,"EROSION",2010,22,3.24,71.28,"EROSION"]
["A77910-1","CHEMISE",12008,"EROSION",2010,14,9.49,132.86000000000001,"EROSION"]
["A77910-1","CHEMISE",13395,"EROSION",2011,14,3.3328571428571427,46.66,"EROSION"]
["A77910-1","CHEMISE",13395,"EROSION",2011,20,1.7885000000000002,35.770000000000003,"EROSION"]
["A77910-1","CHEMISE",14003,"EROSION",2011,24,0,0,"EROSION"]
["A77910-1","CHEMISE",15037,"EROSION",2011,23,6.4752173913043478,148.93,"EROSION"]
["A77910-1","CHEMISE",16773,"EROSION",2012,21,5.3633333333333333,112.63,"EROSION"]
["A77910-1","CHEMISE",18019,"EROSION",2013,42,{"$f":"H4995/F4995","v":1.095},45.99,"EROSION"]
["A77910-1","CHEMISE",18077,"EROSION",2013,43,3.2888372093023253,141.41999999999999,"EROSION"]
["A77910-1","CHEMISE",20394,"EROSION",2014,47,1.2525531914893617,58.87,"EROSION"]
["A77910-1","CHEMISE",10210,"RECTIF",2009,24,4.28,102.72,"RECTIF"]
["A77910-1","CHEMISE",10570,"RECTIF",2009,23,12.646521739130435,290.87,"RECTIF"]
["A77910-1","CHEMISE",11356,"RECTIF",2010,14,18.572857142857142,260.02,"RECTIF"]
["A77910-1","CHEMISE",11906,"RECTIF",2010,15,24,360,"RECTIF"]
["A77910-1","CHEMISE",12148,"RECTIF",2010,22,15.139090909090909,333.06,"RECTIF"]
["A77910-1","CHEMISE",12148,"RECTIF",2010,14,25.567142857142859,357.94,"RECTIF"]
["A77910-1","CHEMISE",13592,"RECTIF",2011,14,9.9278571428571443,138.99,"RECTIF"]
["A77910-1","CHEMISE",13592,"RECTIF",2011,19,7.3194736842105259,139.07,"RECTIF"]
["A77910-1","CHEMISE",14197,"RECTIF",2011,24,4.125,99,"RECTIF"]
["A77910-1","CHEMISE",15269,"RECTIF",2011,23,16.826086956521738,387,"RECTIF"]
["A77910-1","CHEMISE",16942,"RECTIF",2012,21,46.170952380952386,969.59,"RECTIF"]
["A77910-1","CHEMISE",18390,"RECTIF",2013,42,2.3571428571428572,99,"RECTIF"]
["A77910-1","CHEMISE",18407,"RECTIF",2013,43,2.6786046511627908,115.18,"RECTIF"]
["A77910-1","CHEMISE",14870,"TTH",2011,23,5.1591304347826084,118.66,"TTH"]
["A77910-1","CHEMISE",16455,"TTH",2012,21,5.9528571428571428,125.01,"TTH"]
["A77910-1","CHEMISE",17532,"TTH",2012,44,15.768181818181818,693.8,"TTH"]
["A77910-1","CHEMISE",17723,"TTH",2013,44,3.5888636363636364,157.91,"TTH"]
["A77910-1","CHEMISE",17866,"TTH",2013,45,2.7784444444444443,125.03,"TTH"]
["A77910-1","CHEMISE",20757,"TTH",2014,43,0.86767441860465122,37.31,"TTH"]
["A77910-1","CHEMISE",9125,"TTH",2009,21,4.5480952380952386,95.51,"TTH"]
["A77910-1","CHEMISE",9762,"TTH",2009,24,1.5095833333333333,36.229999999999997,"TTH"]
["A77910-1","CHEMISE",9762,"TTH",2009,24,1.04125,24.99,"TTH"]
["A77910-1","CHEMISE",10812,"TTH",2009,15,1.9200000000000002,28.8,"TTH"]
["A77910-1","CHEMISE",11283,"TTH",2010,15,59.95,899.25,"TTH"]
["A77910-1","CHEMISE",11737,"TTH",2010,22,7.165909090909091,157.65,"TTH"]
["A77910-1","CHEMISE",11737,"TTH",2010,14,2.8535714285714286,39.950000000000003,"TTH"]
["A77910-1","CHEMISE",13234,"TTH",2010,14,1.8535714285714284,25.95,"TTH"]
["A77910-1","CHEMISE",13234,"TTH",2010,20,2.5725000000000002,51.45,"TTH"]
["A77910-1","CHEMISE",13847,"TTH",2011,24,1.3233333333333335,31.76,"TTH"]
["A77910-1","CHEMISE",20046,"TTH",2014,48,2.1587499999999999,103.62,"TTH"]
["A77910-1","CHEMISE",14506,"TTH1",2011,5,7.83,39.15,"TTH1"]
["A77910-1","CHEMISE",16180,"TTH1",2012,5,8.0299999999999994,40.15,"TTH1"]
["A77910-1","CHEMISE",17393,"TTH1",2012,9,13.05,117.45,"TTH1"]
["A77910-1","CHEMISE",17667,"TTH1",2012,9,2.1655555555555552,19.489999999999998,"TTH1"]
["A77910-1","CHEMISE",19053,"TTH1",2013,10,4.415,44.15,"TTH1"]
["A77910-1","CHEMISE",20290,"TTH1",2014,9,20.167777777777776,181.51,"TTH1"]
["A77910-1","CHEMISE",9583,"TTH1",2009,5,4.3499999999999996,21.75,"TTH1"]
["A77910-1","CHEMISE",9583,"TTH1",2009,5,13.23,66.150000000000006,"TTH1"]
["A77910-1","CHEMISE",10015,"TTH1",2009,3,4.01,12.03,"TTH1"]
["A77910-1","CHEMISE",10603,"TTH1",2009,3,11.049999999999999,33.15,"TTH1"]
["A77910-1","CHEMISE",10766,"TTH1",2009,5,28.830000000000002,144.15,"TTH1"]
["A77910-1","CHEMISE",10766,"TTH1",2009,3,40.64,121.92,"TTH1"]
["A77910-1","CHEMISE",12883,"TTH1",2010,3,10.783333333333333,32.35,"TTH1"]
["A77910-1","CHEMISE",12883,"TTH1",2010,4,18.177499999999998,72.709999999999994,"TTH1"]
["A77910-1","CHEMISE",13576,"TTH1",2011,5,29.03,145.15,"TTH1"]
["A77911-2","TIROIR",16331,"USI",2012,75,11.3736,853.02,"USI"]
["A77911-2","TIROIR",16409,"USI",2012,72,0.72916666666666663,52.5,"USI"]
["A78012","FOND",14725,"OAS",2011,7,7.3,51.1,"OAS"]
["A78184","ECROU",11341,"CAD",2010,10,5.4,54,"CAD"]
["A78219-4","LEVIER",10238,"CNDOAC",2009,17,2.1041176470588239,35.770000000000003,"CND","OAC"]
["A78219-4","LEVIER",16487,"CNDOAC",2012,3,43.926666666666669,131.78,"CND","OAC"]
["A78219-4","LEVIER",16931,"CNDOAC",2012,4,8.9425000000000008,35.770000000000003,"CND","OAC"]
["A78219-4","LEVIER",10238,"OC",2009,17,3.0058823529411764,51.1,"OC"]
["A78219-4","LEVIER",16806,"OC",2012,3,73.24666666666667,219.74,"OC"]
["A78219-4","LEVIER",17080,"OC",2012,4,32.397500000000001,129.59,"OC"]
["A78219-4","LEVIER",10238,"PEI",2009,17,14.705882352941176,250,"PEI"]
["A78219-4","LEVIER",16806,"PEI",2012,3,55.166666666666664,165.5,"PEI"]
["A78219-4","LEVIER",17080,"PEI",2012,4,2.4750000000000001,9.9,"PEI"]
["A78622-1","CAGE DE ROTULE",16479,"OAC",2012,8,9.6,76.8,"OAC"]
["A78718-1","CHEMISE",13112,"CNDPAS",2010,3,25.753333333333334,77.260000000000005,"CND","PAS"]
["A78720-1","CLAPET",13042,"CNDPAS",2010,3,0,0,"CND","PAS"]
["A78727","PISTON",15367,"CNDRIL",2011,4,{"$f":"H5059/F5059","v":10.4625},41.85,"CND","RIL"]
["A78727","PISTON",15648,"OC",2012,3,17.033333333333335,51.1,"OC"]
["A79677","CORPS",14968,"CNDOAC",2011,2,35.770000000000003,71.540000000000006,"CND","OAC"]
["A79677","CORPS",16240,"CNDOAC",2012,2,159,318,"CND","OAC"]
["A79677","CORPS",14969,"PEI",2011,2,52.79,105.58,"PEI"]
["A79677","CORPS",16241,"PEI",2012,2,166.32,332.64,"PEI"]
["A79782-2","FREIN",15993,"OAS",2012,30,0,0,"OAS"]
["A79782-2","FREIN",15994,"PEI",2012,30,5.6876666666666669,170.63,"PEI"]
["A79881","BAGUE",19760,"PAS",2013,7,14.6,102.2,"PAS"]
["A79890","RONDELLE",19680,"OAS",2013,26,3.1173076923076923,81.05,"OAS"]
["A79945","RONDELLE",17578,"OAS",2012,5,21.666,108.33,"OAS"]
["A79945","RONDELLE",18218,"OAS",2013,18,5.8844444444444441,105.92,"OAS"]
["A80048-4","CORPS",12723,"CNDOAC",2010,3,11.923333333333334,35.770000000000003,"CND","OAC"]
["A80048-4","CORPS",14157,"CNDOAC",2011,7,11.981428571428571,83.87,"CND","OAC"]
["A80048-4","CORPS",16746,"CNDOAC",2012,6,5.9616666666666669,35.770000000000003,"CND","OAC"]
["A80125","GUIDE DE RESSORT",17943,"OAC",2013,32,1.596875,51.1,"OAC"]
["A80125","GUIDE DE RESSORT",20461,"OAC",2014,27,19.511481481481479,526.80999999999995,"OAC"]
["A80125","GUIDE DE RESSORT",20129,"USI",2014,25,2.1,52.5,"USI"]
["A80205","RONDELLE",10636,"CAD",2009,119,0.33613445378151263,40,"CAD"]
["A80205","RONDELLE",12279,"CAD",2010,120,3.6540000000000004,438.48,"CAD"]
["A80205","RONDELLE",13104,"CAD",2010,180,0.21111111111111111,38,"CAD"]
["A80205","RONDELLE",14202,"CAD",2011,200,0.20149999999999998,40.299999999999997,"CAD"]
["A80205","RONDELLE",15687,"CAD",2012,220,0.38468181818181818,84.63,"CAD"]
["A80205","RONDELLE",17032,"CAD",2012,211,0.8801895734597156,185.72,"CAD"]
["A80205","RONDELLE",17907,"CAD",2013,251,0.21115537848605578,53,"CAD"]
["A80205","RONDELLE",17908,"CAD",2013,205,0.20682926829268292,42.4,"CAD"]
["A80205","RONDELLE",20778,"CAD",2014,208,0.32423076923076921,67.44,"CAD"]
["A80246","RONDELLE",9399,"CAD",2009,361,0,0,"CAD"]
["A80246","RONDELLE",9399,"CAD",2009,197,0.50761421319796951,100,"CAD"]
["A80246","RONDELLE",18112,"CAD",2013,473,0.42579281183932349,201.4,"CAD"]
["A80304-1","ENTRAINEUR",17528,"CND",2013,114,2.736842105263158,312,"CND"]
["A80304-1","ENTRAINEUR",16389,"CND",2012,61,2.5049180327868856,152.80000000000001,"CND"]
["A80304-1","ENTRAINEUR",19782,"CND",2013,103,11.315533980582524,1165.5,"CND"]
["A80304-1","ENTRAINEUR",16147,"TAILLAGE",2012,61,1.819672131147541,111,"TAIL"]
["A80304-1","ENTRAINEUR",17168,"TAILLAGE",2012,114,1.1667543859649121,133.01,"TAIL"]
["A80304-1","ENTRAINEUR",19280,"TAILLAGE",2013,103,2.3969902912621359,246.89,"TAIL"]
["A80304-1","ENTRAINEUR",20804,"TAILLAGE",2014,82,1.0499999999999998,86.1,"TAIL"]
["A80304-1","ENTRAINEUR",20061,"USI",2014,87,1.3517241379310345,117.6,"USI"]
["A80305","BAGUE 2 PIECES",9087,"CND",2009,125,1.8160000000000001,227,"CND"]
["A80305","BAGUE 2 PIECES",10918,"CND",2009,111,0.64990990990990993,72.14,"CND"]
["A80305","BAGUE 2 PIECES",12498,"CND",2010,127,2.0472440944881889,260,"CND"]
["A80305","BAGUE 2 PIECES",14134,"CND",2011,243,0.3037037037037037,73.8,"CND"]
["A80305","BAGUE 2 PIECES",16615,"CND",2012,114,1.2456140350877194,142,"CND"]
["A80305","BAGUE 2 PIECES",17653,"CND",2012,101,1.1881188118811881,120,"CND"]
["A80305","BAGUE 2 PIECES",19106,"CND",2013,112,0.13392857142857142,15,"CND"]
["A80305","BAGUE 2 PIECES",20973,"CND",2014,132,9.1534090909090917,1208.25,"CND"]
["A80312","CIRCLIPS",8863,"USIN",2009,220,0.72272727272727277,159,"USI"]
["A80312","CIRCLIPS",9752,"USIN",2009,210,0.59523809523809523,125,"USI"]
["A80312","CIRCLIPS",11444,"USIN",2010,208,0.60096153846153844,125,"USI"]
["A80312","CIRCLIPS",12294,"USIN",2011,206,3.9628155339805828,816.34,"USI"]
["A80312","CIRCLIPS",13570,"USIN",2011,210,0.67619047619047623,142,"USI"]
["A80312","CIRCLIPS",14894,"USIN",2012,219,0.97716894977168944,214,"USI"]
["A80312","CIRCLIPS",15836,"USIN",2012,261,0.54406130268199238,142,"USI"]
["A80312","CIRCLIPS",17741,"USIN",2013,260,0.1978076923076923,51.43,"USI"]
["A80324-3","VIS",9093,"USIN",2009,213,0.58685446009389675,125,"USI"]
["A80324-3","VIS",11972,"USIN",2010,205,0.63414634146341464,130,"USI"]
["A80324-3","VIS",13665,"USIN",2011,211,0.67298578199052128,142,"USI"]
["A80324-3","VIS",14894,"USIN",2012,215,1.4199069767441859,305.27999999999997,"USI"]
["A80324-3","VIS",16791,"USIN",2013,210,4.7272380952380955,992.72,"USI"]
["A80324-3","VIS",17741,"USIN",2013,405,1.7643703703703706,714.57,"USI"]
["A80326-1","GALET",17144,"CND",2013,192,0.65625,126,"CND"]
["A80326-1","GALET",9202,"CND",2009,145,2.6620689655172414,386,"CND"]
["A80326-1","GALET",11033,"CND",2009,155,5.5815483870967739,865.14,"CND"]
["A80326-1","GALET",12536,"CND",2010,25,17.328800000000001,433.22,"CND"]
["A80326-1","GALET",12819,"CND",2010,103,{"$f":"H5123/F5123","v":1.2621359223300972},130,"CND"]
["A80326-1","GALET",13336,"CND",2011,161,45.272298136645965,7288.84,"CND"]
["A80326-1","GALET",14940,"CND",2011,198,0.7717171717171718,152.80000000000001,"CND"]
["A80326-1","GALET",18382,"CND",2013,169,3.5644970414201183,602.4,"CND"]
["A80326-1","GALET",19941,"CND",2014,50,16.0242,801.21,"CND"]
["A80326-1","GALET",20294,"CND",2014,154,6.1819480519480514,952.02,"CND"]
["A80326-1","GALET",14616,"TTH",2011,200,0.28789999999999999,57.58,"TTH"]
["A80326-1","GALET",16899,"TTH",2012,205,0.17312195121951221,35.49,"TTH"]
["A80326-1","GALET",18202,"TTH",2013,171,16.000526315789475,2736.09,"TTH"]
["A80326-1","GALET",19361,"TTH",2013,212,0.12311320754716981,26.1,"TTH"]
["A80326-1","GALET",19262,"TTH",2013,210,9.5952380952380942E-2,20.149999999999999,"TTH"]
["A80326-1","GALET",8999,"TTH",2009,146,0,0,"TTH"]
["A80326-1","GALET",10813,"TTH",2009,155,2.1880645161290322,339.15,"TTH"]
["A80326-1","GALET",12049,"TTH",2010,135,0.46429629629629632,62.68,"TTH"]
["A80326-1","GALET",12880,"TTH",2010,164,0.40457317073170729,66.349999999999994,"TTH"]
["A80326-1","GALET",18814,"USI",2013,210,11.30952380952381,2375,"USI"]
["A80326-1","GALET",19198,"USI",2013,212,0.589622641509434,125,"USI"]
["A80341-1","COUPELLE",9093,"USIN",2009,108,1.4722222222222223,159,"USI"]
["A80341-1","COUPELLE",10624,"USIN",2010,106,3.9245283018867925,416,"USI"]
["A80341-1","COUPELLE",12294,"USIN",2010,105,1.2380952380952381,130,"USI"]
["A80341-1","COUPELLE",14082,"USIN",2011,135,2.162962962962963,292,"USI"]
["A80341-1","COUPELLE",14894,"USIN",2012,132,0.69371212121212111,91.57,"USI"]
["A80341-1","COUPELLE",17118,"USIN",2013,131,1.083969465648855,142,"USI"]
["A80341-1","COUPELLE",18370,"USIN",2013,127,1.3290551181102361,168.79,"USI"]
["A80342","EMBOUT",7629,"USIN",2009,105,1.4634285714285713,153.66,"USI"]
["A80342","EMBOUT",9298,"USIN",2009,107,1.9813084112149533,212,"USI"]
["A80342","EMBOUT",11277,"USIN",2010,104,1.2019230769230769,125,"USI"]
["A80342","EMBOUT",12555,"USIN",2011,104,9.1791346153846156,954.63,"USI"]
["A80342","EMBOUT",14229,"USIN",2011,133,1.3834586466165413,184,"USI"]
["A80342","EMBOUT",15836,"USIN",2012,259,0.54826254826254828,142,"USI"]
["A80343","ECROU",10285,"CNDPELPAS",2009,20,6.3365,126.73,"CND","PEL","PAS"]
["A80343","ECROU",10347,"CNDPELPAS",2009,96,0,0,"CND","PEL","PAS"]
["A80343","ECROU",11518,"CNDPELPAS",2010,107,0.33429906542056076,35.770000000000003,"CND","PEL","PAS"]
["A80343","ECROU",12768,"CNDPELPAS",2010,118,0.57059322033898308,67.33,"CND","PEL","PAS"]
["A80343","ECROU",14836,"CNDPELPAS",2011,140,0.33871428571428575,47.42,"CND","PEL","PAS"]
["A80343","ECROU",16988,"CNDPELPAS",2012,110,0.65027272727272734,71.53,"CND","PEL","PAS"]
["A80343","ECROU",16988,"CNDPELPAS",2012,110,0.32518181818181818,35.770000000000003,"CND","PEL","PAS"]
["A80343","ECROU",19969,"CNDPELPAS",2014,50,4.3781999999999996,218.91,"CND","PEL","PAS"]
["A80344","BAGUE",10071,"CND",2009,120,1.0833333333333333,130,"CND"]
["A80344","BAGUE",11218,"CND",2010,126,1.0317460317460319,130,"CND"]
["A80344","BAGUE",12838,"CND",2010,132,0.98484848484848486,130,"CND"]
["A80344","BAGUE",13858,"CND",2011,138,1.056014492753623,145.72999999999999,"CND"]
["A80344","BAGUE",15408,"CND",2011,142,1,142,"CND"]
["A80344","BAGUE",15407,"CND",2011,144,1.5435416666666668,222.27,"CND"]
["A80344","BAGUE",18142,"CND",2013,139,12.120863309352517,1684.8,"CND"]
["A80344","BAGUE",19600,"CND",2013,124,22.309677419354838,2766.4,"CND"]
["A80344","BAGUE",20727,"CND",2014,20,50.96,1019.2,"CND"]
["A80344","COUPELLE",19242,"COMPLET",2013,125,4.92272,615.34,"COMP"]
["A80344","COUPELLE",20453,"COMPLET",2014,155,0.26374193548387098,40.880000000000003,"COMP"]
["A80470R1","PISTON SECONDAIRE",17128,"CND",2012,19,86.600000000000009,1645.4,"CND"]
["A80470R1","PISTON SECONDAIRE",17960,"CND1",2013,18,1.096111111111111,19.73,"CND1"]
["A80470R1","PISTON SECONDAIRE",17443,"DETCHR",2013,19,3.7652631578947373,71.540000000000006,"DET","CHR"]
["A80470R1","PISTON SECONDAIRE",17129,"RECTIF",2012,19,5.2110526315789478,99.01,"RECTIF"]
["A80470R1","PISTON SECONDAIRE",17877,"RECTIF1",2013,18,12,216,"RECTIF1"]
["A80486","CORPS MATRICE USINE",12213,"CNDOAC",2010,7,15.33,107.31,"CND","OAC"]
["A80486","CORPS MATRICE USINE",20644,"CNDOAC",2014,19,3.7652631578947373,71.540000000000006,"CND","OAC"]
["A80486","CORPS MATRICE USINE",20856,"OC",2014,19,6.1531578947368422,116.91,"OC"]
["A80486","CORPS MATRICE USINE",12309,"OC",2010,7,65.418571428571425,457.93,"OC"]
["A80486-1","CORPS",15374,"CNDOAC",2011,6,5.9616666666666669,35.770000000000003,"CND","OAC"]
["A80486-1","CORPS",16006,"OC",2012,6,10.438333333333334,62.63,"OC"]
["A80491-1","BASCULEUR",20642,"CNDPAS",2014,60,1.1515,69.09,"CND","PAS"]
["A80491-1","BASCULEUR",8984,"CNDPAS",2009,19,0,0,"CND","PAS"]
["A80491-1","BASCULEUR",8984,"CNDPAS",2009,22,30.478636363636362,670.53,"CND","PAS"]
["A80491-1","BASCULEUR",10566,"CNDPAS",2009,22,3.2518181818181819,71.540000000000006,"CND","PAS"]
["A80491-1","BASCULEUR",10566,"CNDPAS",2009,22,{"$f":"H5187/F5187","v":13.193181818181818},290.25,"CND","PAS"]
["A80491-1","BASCULEUR",11496,"CNDPAS",2010,50,0.71540000000000004,35.770000000000003,"CND","PAS"]
["A80491-1","BASCULEUR",11718,"CNDPAS",2010,42,1.5671428571428569,65.819999999999993,"CND","PAS"]
["A80491-1","BASCULEUR",13694,"CNDPAS",2011,50,1.4308000000000001,71.540000000000006,"CND","PAS"]
["A80491-1","BASCULEUR",14471,"CNDPAS",2011,85,0,0,"CND","PAS"]
["A80491-1","BASCULEUR",15442,"CNDPAS",2012,102,0.65833333333333344,67.150000000000006,"CND","PAS"]
["A80491-1","BASCULEUR",15954,"CNDPAS",2012,90,0.39744444444444449,35.770000000000003,"CND","PAS"]
["A80491-1","BASCULEUR",17092,"CNDPAS",2012,54,17.55,947.7,"CND","PAS"]
["A80491-1","BASCULEUR",18227,"CNDPAS",2013,50,1.1896,59.48,"CND","PAS"]
["A80491-1","BASCULEUR",18330,"PEI",2013,50,2.5540000000000003,127.7,"PEI"]
["A80491-1","BASCULEUR",13694,"PEI",2011,50,0.72099999999999997,36.049999999999997,"PEI"]
["A80491-1","BASCULEUR",14471,"PEI",2011,85,0.6785882352941176,57.68,"PEI"]
["A80491-1","BASCULEUR",15442,"PEI",2012,102,3.1058823529411765,316.8,"PEI"]
["A80491-1","BASCULEUR",15954,"PEI",2012,90,28.644000000000002,2577.96,"PEI"]
["A80491-1","BASCULEUR",17092,"PEI",2012,54,49.133333333333333,2653.2,"PEI"]
["A80491-1","BASCULEUR",8705,"PEI",2009,19,1.8973684210526314,36.049999999999997,"PEI"]
["A80491-1","BASCULEUR",10567,"PEI",2009,22,120.15,2643.3,"PEI"]
["A80491-1","BASCULEUR",10567,"PEI",2009,22,5.8045454545454547,127.7,"PEI"]
["A80491-1","BASCULEUR",8985,"PEI",2009,19,-2.8947368421052633,-55,"PEI"]
["A80491-1","BASCULEUR",8985,"PEI",2009,22,14.4,316.8,"PEI"]
["A80491-1","BASCULEUR",11497,"PEI",2010,50,54.251999999999995,2712.6,"PEI"]
["A80491-1","BASCULEUR",11719,"PEI",2010,42,7.4123809523809525,311.32,"PEI"]
["A80504","FLASQUE",12646,"CNDOAC",2010,3,26.503333333333334,79.510000000000005,"CND","OAC"]
["A80504","FLASQUE",12743,"OC",2010,3,20.193333333333332,60.58,"OC"]
["A80504-1","FLASQUE",12646,"CNDOAC",2010,1,107.31,107.31,"CND","OAC"]
["A80552","RONDELLE",11395,"PASS",2010,142,5.598591549295775,795,"PAS"]
["A80552","RONDELLE",12730,"PASS",2010,150,17.608666666666668,2641.3,"PAS"]
["A80552","RONDELLE",14833,"PASS",2011,265,8.9867924528301888,2381.5,"PAS"]
["A80552","RONDELLE",18210,"PASS",2013,229,0.90829694323144106,208,"PAS"]
["A80552","RONDELLE",19673,"PASS",2013,200,13.42,2684,"PAS"]
["A80688","EMBOUT",19412,"CNDOAC",2013,63,0.56777777777777783,35.770000000000003,"CND","OAC"]
["A80688","EMBOUT",12358,"CNDOAC",2010,5,7.1540000000000008,35.770000000000003,"CND","OAC"]
["A80688","EMBOUT",12667,"CNDOAC",2010,6,11.923333333333334,71.540000000000006,"CND","OAC"]
["A80688","EMBOUT",13638,"CNDOAC",2011,13,4.2923076923076922,55.8,"CND","OAC"]
["A80688","EMBOUT",15611,"CNDOAC",2012,12,4.8191666666666668,57.83,"CND","OAC"]
["A80688","EMBOUT",16499,"CNDOAC",2012,18,1.9872222222222224,35.770000000000003,"CND","OAC"]
["A80688","EMBOUT",17152,"CNDOAC",2012,33,1.083939393939394,35.770000000000003,"CND","OAC"]
["A80688","EMBOUT",18971,"CNDOAC",2013,63,1.7098412698412697,107.72,"CND","OAC"]
["A80690","AXE",19704,"OC",2013,30,4.6656666666666666,139.97,"OC"]
["A80690","AXE",18621,"RIL",2013,32,3.4684374999999998,110.99,"RIL"]
["A80692","FAUSSE BOBINE",11215,"OAS",2010,45,1.5353333333333334,69.09,"OAS"]
["A80822-1","LEVIER",15329,"BROCHAGE",2011,8,18.125,145,"BROCHAGE"]
["A80822-1","LEVIER",15590,"CNDOAC",2012,8,4.4712500000000004,35.770000000000003,"CND","OAC"]
["A80823","PIGNON",15804,"CNDOAC",2012,16,2.2356250000000002,35.770000000000003,"CND","OAC"]
["A80823","PIGNON",15350,"TAILLAGE",2012,16,9.4993750000000006,151.99,"TAIL"]
["A80904","ENTRAINEUR",17778,"CND",2013,13,9.6923076923076916,126,"CND"]
["A80904","ENTRAINEUR",17566,"TAILLAGE",2012,13,17.662307692307692,229.61,"TAIL"]
["A80904","ENTRAINEUR",16912,"TTH",2012,2,96.004999999999995,192.01,"TTH"]
["A80904-1",null,17876,"CND",2013,16,10.925000000000001,174.8,"CND"]
["A80904-1",null,18181,"CND",2013,27,10.199999999999999,275.39999999999998,"CND"]
["A80904-1",null,17701,"TAILLAGE",2013,16,9.3025000000000002,148.84,"TAIL"]
["A80904-1",null,18040,"TAILLAGE",2013,27,4.1096296296296293,110.96,"TAIL"]
["A80904-1",null,20402,"TAILLAGE",2014,21,8.9523809523809526,188,"TAIL"]
["A80904-1","ENTRAINEUR",17256,"TTH",2012,3,64,192,"TTH"]
["A80904-1","ENTRAINEUR",17744,"TTH",2013,4,31.245000000000001,124.98,"TTH"]
["A80904-1","ENTRAINEUR",18328,"TTH",2013,4,19.927499999999998,79.709999999999994,"TTH"]
["A80908-1","ARBRE D'ENTRAINEMENT",17898,"CND",2013,28,4.5,126,"CND"]
["A80908-1","ARBRE D'ENTRAINEMENT",18653,"CND",2013,34,4.7647058823529411,162,"CND"]
["A80908-1","ARBRE D'ENTRAINEMENT",17662,"TAILLAGE",2013,28,3.9646428571428571,111.01,"TAIL"]
["A80908-1","ARBRE D'ENTRAINEMENT",18309,"TAILLAGE",2013,34,3.2647058823529411,111,"TAIL"]
["A80909","SUPPORT",8821,"CNDOC",2009,21,3.6500000000000004,76.650000000000006,"CND","OC"]
["A80909","SUPPORT",12583,"CNDOC",2010,39,0,0,"CND","OC"]
["A80909","SUPPORT",15581,"CNDOC",2012,38,4.7739473684210525,181.41,"CND","OC"]
["A80909-2","SUPPORT",9904,"CNDOAC",2009,43,1.6637209302325582,71.540000000000006,"CND","OAC"]
["A80909-2","SUPPORT",10845,"CNDOAC",2009,32,{"$f":"H5251/F5251","v":1.1178125000000001},35.770000000000003,"CND","OAC"]
["A80909-2","SUPPORT",14370,"CNDOAC",2011,22,3.855909090909091,84.83,"CND","OAC"]
["A80909-2","SUPPORT",18611,"CNDOAC",2013,55,0.65036363636363637,35.770000000000003,"CND","OAC"]
["A80909-2","SUPPORT",20506,"CNDOAC",2014,54,0.66240740740740744,35.770000000000003,"CND","OAC"]
["A80909-7","SUPPORT",16254,"OAC",2012,19,2.6894736842105265,51.1,"OAC"]
["A80910-1","GLACE",13371,"CND",2011,25,162.4632,4061.58,"CND"]
["A80910-1","GLACE",13372,"CND",2011,52,50.794230769230772,2641.3,"CND"]
["A80910-1","GLACE",13480,"REC",2011,25,2.58,64.5,"REC"]
["A80910-1","GLACE",13543,"REC",2011,51,1.2647058823529411,64.5,"REC"]
["A80910-1","GLACE",13233,"TTH",2010,25,2.3784000000000001,59.46,"TTH"]
["A80910-1","GLACE",13233,"TTH",2010,52,0.94423076923076921,49.1,"TTH"]
["A80910-6","GLACE",10913,"CND",2009,36,6.530555555555555,235.1,"CND"]
["A80910-6","GLACE",11343,"CND",2010,42,5.9285714285714288,249,"CND"]
["A80910-6","GLACE",13610,"CND",2011,95,84.631368421052628,8039.98,"CND"]
["A80910-6","GLACE",13821,"CND",2011,80,0.8,64,"CND"]
["A80910-6","GLACE",14160,"CND",2011,68,5.6764705882352944,386,"CND"]
["A80910-6","GLACE",15472,"CND",2011,37,6.97,257.89,"CND"]
["A80910-6","GLACE",8876,"REC",2009,27,6.5185185185185182,176,"REC"]
["A80910-6","GLACE",11004,"REC",2009,36,2.75,99,"REC"]
["A80910-6","GLACE",11435,"REC",2010,42,9.0614285714285714,380.58,"REC"]
["A80910-6","GLACE",13678,"REC",2011,95,1.5657894736842106,148.75,"REC"]
["A80910-6","GLACE",13936,"REC",2011,79,1.2534177215189872,99.02,"REC"]
["A80910-6","GLACE",14302,"REC",2011,69,1.6313043478260869,112.56,"REC"]
["A80910-6","GLACE",15629,"REC",2012,36,3.7880555555555557,136.37,"REC"]
["A80910-6","GLACE",13577,"TTH",2011,96,1.6857291666666667,161.83000000000001,"TTH"]
["A80910-6","GLACE",15305,"TTH",2011,37,2.2405405405405405,82.9,"TTH"]
["A80910-6","GLACE",10814,"TTH",2009,36,0,0,"TTH"]
["A80910-6","GLACE",11196,"TTH",2010,42,1.1207142857142858,47.07,"TTH"]
["A80910-6","GLACE",13620,"TTH",2011,80,0.51037500000000002,40.83,"TTH"]
["A80910-6","GLACE",14021,"TTH",2011,68,0.53823529411764703,36.6,"TTH"]
["A80915","VIS CREUSE",11517,"CNDPAS",2010,16,6.7068750000000001,107.31,"CND","PAS"]
["A80922-1","FLASQUE",16090,"CND",2012,87,2.2528735632183907,196,"CND"]
["A80923-1","FLASQUE",10120,"CND",2009,117,1.9698290598290598,230.47,"CND"]
["A80923-1","FLASQUE",13369,"CND",2011,111,3.0585585585585586,339.5,"CND"]
["A80923-1","FLASQUE",14660,"CND",2011,38,5.0789473684210522,193,"CND"]
["A80923-1","FLASQUE",14504,"TTH",2011,39,2.8461538461538463,111,"TTH"]
["A80923-1","FLASQUE",9930,"TTH",2009,117,2.2683760683760683,265.39999999999998,"TTH"]
["A80923-1","FLASQUE",13232,"TTH",2010,111,0.37972972972972974,42.15,"TTH"]
["A80925-1","RIVET",9093,"COMP",2009,322,0.16298136645962732,52.48,"COMP"]
["A80925-1","RIVET",10624,"COMP",2010,310,1.3582903225806451,421.07,"COMP"]
["A80925-1","RIVET",11444,"COMP",2010,315,0.88701587301587315,279.41000000000003,"COMP"]
["A80925-1","RIVET",12555,"COMP",2011,311,0.54186495176848881,168.52,"COMP"]
["A80925-1","RIVET",14082,"COMP",2011,480,0.44304166666666667,212.66,"COMP"]
["A80925-1","RIVET",16916,"COMP",2013,453,0.24843267108167771,112.54,"COMP"]
["A80925-1","RIVET",18143,"COMP",2013,404,0.71465346534653473,288.72000000000003,"COMP"]
["A80925-10","RIVET",8299,"COMP",2009,500,0.14308000000000001,71.540000000000006,"COMP"]
["A80925-10","RIVET",9367,"COMP",2009,500,8.9599999999999999E-2,44.8,"COMP"]
["A80925-10","RIVET",10624,"COMP",2010,500,0.55058000000000007,275.29000000000002,"COMP"]
["A80925-10","RIVET",12917,"COMP",2011,500,0,0,"COMP"]
["A80925-10","RIVET",13599,"COMP",2011,600,0,0,"COMP"]
["A80925-10","RIVET",14856,"COMP",2012,600,5.9616666666666672E-2,35.770000000000003,"COMP"]
["A80925-10","RIVET",15157,"COMP",2012,600,1.3144,788.64,"COMP"]
["A80925-10","RIVET",18540,"COMP",2013,400,0.5585,223.4,"COMP"]
["A80927-1","GALET",9402,"CND",2009,116,1.5104310344827587,175.21,"CND"]
["A80927-1","GALET",10638,"CND",2009,107,11.31588785046729,1210.8,"CND"]
["A80927-1","GALET",12534,"CND",2010,58,2.6494827586206893,153.66999999999999,"CND"]
["A80927-1","GALET",14965,"CND",2011,58,3.3275862068965516,193,"CND"]
["A80927-1","GALET",16406,"CND",2012,66,2.9778787878787876,196.54,"CND"]
["A80927-1","GALET",14821,"TTH",2011,58,2.4963793103448273,144.79,"TTH"]
["A80927-1","GALET",16112,"TTH",2012,66,1.893939393939394,125,"TTH"]
["A80927-1","GALET",9200,"TTH",2009,116,9.6810344827586214E-2,11.23,"TTH"]
["A80927-1","GALET",10405,"TTH",2009,107,0.25205607476635511,26.97,"TTH"]
["A80927-1","GALET",12440,"TTH",2010,58,0.42982758620689654,24.93,"TTH"]
["A80927-2","GALET",17285,"CND",2012,17,61.411764705882355,1044,"CND"]
["A80927-2","GALET",17106,"TTH",2012,17,{"$f":"H5315/F5315","v":7.3523529411764699},124.99,"TTH"]
["A80930-3","PLAQUE",9590,"CND",2009,34,2.9161764705882356,99.15,"CND"]
["A80930-3","PLAQUE",10400,"CND",2009,35,5.5142857142857142,193,"CND"]
["A80930-3","PLAQUE",11640,"CND",2010,34,13.617647058823529,463,"CND"]
["A80930-3","PLAQUE",20495,"TTH",2014,14,1.9107142857142858,26.75,"TTH"]
["A80930-3","PLAQUE",8886,"TTH",2009,35,0.26142857142857145,9.15,"TTH"]
["A80930-3","PLAQUE",10088,"TTH",2009,35,0.37457142857142856,13.11,"TTH"]
["A80930-3","PLAQUE",11312,"TTH",2010,35,0.87857142857142856,30.75,"TTH"]
["A80931","CORPS",14002,"CNDOC",2011,26,3.1169230769230771,81.040000000000006,"CND","OC"]
["A80931","CORPS",15237,"CNDOC",2011,23,3.3326086956521741,76.650000000000006,"CND","OC"]
["A80931","CORPS",15377,"CNDOC",2011,20,2.3914999999999997,47.83,"CND","OC"]
["A80931","CORPS",10847,"CNDOC",2009,19,34.736842105263158,660,"CND","OC"]
["A80931","CORPS",11533,"CNDOC",2010,21,42.857142857142854,900,"CND","OC"]
["A80931","CORPS",12718,"CNDOC",2010,8,0,0,"CND","OC"]
["A80931","CORPS",12770,"CNDOC",2010,40,6.8985000000000003,275.94,"CND","OC"]
["A80931","CORPS",13840,"CNDOC",2011,26,0,0,"CND","OC"]
["A80931","CORPS",17628,"CNDOC",2012,19,12.34736842105263,234.6,"CND","OC"]
["A80931","CORPS",17530,"CNDOC",2013,20,2.5550000000000002,51.1,"CND","OC"]
["A80931","CORPS",18045,"CNDOC",2013,21,1.7033333333333336,35.770000000000003,"CND","OC"]
["A80931-1","CORPS",10833,"CNDOC",2009,5,1615.6,8078,"CND","OC"]
["A80931-1","CORPS",14304,"CNDOC",2011,7,26.864285714285717,188.05,"CND","OC"]
["A80931-1","CORPS",17408,"CNDOC",2012,6,10.373333333333333,62.24,"CND","OC"]
["A80931-1","CORPS",18044,"CNDOC",2013,12,4.7691666666666661,57.23,"CND","OC"]
["A81047","RACCORD",9468,"CAD",2009,13,0,0,"CAD"]
["A81047","RACCORD",9947,"CAD",2009,13,6.9230769230769234,90,"CAD"]
["A81047","RACCORD",11262,"CAD",2010,14,4.2857142857142856,60,"CAD"]
["A81047","RACCORD",14647,"CAD",2011,14,4.2857142857142856,60,"CAD"]
["A81047","RACCORD",17755,"CAD",2013,12,4.416666666666667,53,"CAD"]
["A81047","RACCORD",18403,"CAD",2013,13,1.9230769230769231,25,"CAD"]
["A81047","RACCORD",18771,"CAD",2013,34,4.0967647058823529,139.29,"CAD"]
["A81047","RACCORD",18153,"TTH",2013,34,14,476,"TTH"]
["A81157","BOUCHON",11184,"OAC",2010,11,22.995454545454546,252.95,"OAC"]
["A81157","BOUCHON",11073,"OAC",2010,11,38.148181818181818,419.63,"OAC"]
["A81204-2","ARBRE D'ENTRAINEMENT",17167,"CND",2013,60,3.5213333333333332,211.28,"CND"]
["A81204-2","ARBRE D'ENTRAINEMENT",17652,"CND",2013,43,2.9302325581395348,126,"CND"]
["A81204-2","ARBRE D'ENTRAINEMENT",18620,"CND",2013,27,13.118518518518519,354.2,"CND"]
["A81204-2","ARBRE D'ENTRAINEMENT",19759,"CND",2013,27,35.199999999999996,950.4,"CND"]
["A81204-2","ARBRE D'ENTRAINEMENT",19942,"CND",2014,26,12.253846153846155,318.60000000000002,"CND"]
["A81204-2","ARBRE D'ENTRAINEMENT",20278,"CND",2014,18,61.111111111111114,1100,"CND"]
["A81204-2","ARBRE D'ENTRAINEMENT",18454,"CND",2013,52,5.953846153846154,309.60000000000002,"CND"]
["A81204-2","ARBRE D'ENTRAINEMENT",19949,"CND",2014,26,1.9653846153846155,51.1,"CND"]
["A81204-2","ARBRE D'ENTRAINEMENT",16431,"COMPLET",2012,51,1.5149019607843137,77.260000000000005,"COMP"]
["A81204-2","ARBRE D'ENTRAINEMENT",17631,"COMPLET",2013,22,0,0,"COMP"]
["A81204-2","ARBRE D'ENTRAINEMENT",17880,"COMPLET",2013,27,1.4155555555555555,38.22,"COMP"]
["A81204-2","ARBRE D'ENTRAINEMENT",17880,"COMPLET",2013,27,1.3248148148148149,35.770000000000003,"COMP"]
["A81204-2","ARBRE D'ENTRAINEMENT",17880,"COMPLET",2013,26,36.526538461538465,949.69,"COMP"]
["A81204-2","ARBRE D'ENTRAINEMENT",18656,"COMPLET",2013,26,17.043076923076924,443.12,"COMP"]
["A81204-2","ARBRE D'ENTRAINEMENT",16640,"TAILLAGE",2012,60,1.8503333333333332,111.02,"TAIL"]
["A81204-2","ARBRE D'ENTRAINEMENT",17933,"TAILLAGE",2013,22,8.545454545454545,188,"TAIL"]
["A81204-2","ARBRE D'ENTRAINEMENT",18011,"TAILLAGE",2013,52,3.6153846153846154,188,"TAIL"]
["A81204-2","ARBRE D'ENTRAINEMENT",18434,"TAILLAGE",2013,27,3.1662962962962959,85.49,"TAIL"]
["A81204-2","ARBRE D'ENTRAINEMENT",18990,"TAILLAGE",2013,27,4.1118518518518519,111.02,"TAIL"]
["A81204-2","ARBRE D'ENTRAINEMENT",19111,"TAILLAGE",2013,26,3.802692307692308,98.87,"TAIL"]
["A81204-2","ARBRE D'ENTRAINEMENT",18289,"TAILLAGE",2013,21,3.7661904761904763,79.09,"TAIL"]
["A81204-2","ARBRE D'ENTRAINEMENT",17933,"TAILLAGE",2013,-22,-19.295454545454547,424.5,"TAIL"]
["A81204-2","ARBRE D'ENTRAINEMENT",19370,"TAILLAGE",2013,26,23.655769230769231,615.04999999999995,"TAIL"]
["A81204-2","ARBRE D'ENTRAINEMENT",18289,"TAILLAGE",2014,21,9.2871428571428574,195.03,"TAIL"]
["A81204-2","ARBRE D'ENTRAINEMENT",19711,"TAILLAGE",2014,29,2.5513793103448275,73.989999999999995,"TAIL"]
["A81204-2","ARBRE D'ENTRAINEMENT",18289,"TAILLAGE",2014,-21,-1.7614285714285716,36.99,"TAIL"]
["A81204-2","ARBRE D'ENTRAINEMENT",17103,"TAILLAGE",2012,43,1.6018604651162789,68.88,"TAIL"]
["A81204-2","ARBRE D'ENTRAINEMENT",16592,"USI",2012,60,10.591666666666667,635.5,"USI"]
["A81204-2","ARBRE D'ENTRAINEMENT",17390,"USI",2013,59,2.5423728813559321,150,"USI"]
["A81204-2","ARBRE D'ENTRAINEMENT",18810,"USI",2013,33,25.90909090909091,855,"USI"]
["A81207-2","SUPPORT",14784,"TTH",2011,15,2.4660000000000002,36.99,"TTH"]
["A81207-2","SUPPORT",14783,"TTH",2011,15,{"$f":"H5379/F5379","v":10.120000000000001},151.80000000000001,"TTH"]
["A81207-2","SUPPORT",15020,"TTH",2011,17,6.5317647058823534,111.04,"TTH"]
["A81207-2","SUPPORT",15021,"TTH",2011,17,6.5294117647058822,111,"TTH"]
["A81207-2","SUPPORT",15614,"TTH",2012,15,11.201333333333334,168.02,"TTH"]
["A81207-2","SUPPORT",15614,"TTH",2012,16,43.89875,702.38,"TTH"]
["A81207-2","SUPPORT",16342,"TTH",2012,17,19.707058823529412,335.02,"TTH"]
["A81207-2","SUPPORT",16342,"TTH",2012,18,6.9444444444444446,125,"TTH"]
["A81207-2","SUPPORT",16681,"TTH",2012,15,8.3333333333333339,125,"TTH"]
["A81207-2","SUPPORT",16682,"TTH",2012,13,9.6130769230769229,124.97,"TTH"]
["A81207-2","SUPPORT",18003,"TTH",2013,15,26.828666666666667,402.43,"TTH"]
["A81207-2","SUPPORT",18002,"TTH",2013,16,2.9587500000000002,47.34,"TTH"]
["A81207-2","SUPPORT",18005,"TTH",2013,16,-1.0862499999999999,-17.38,"TTH"]
["A81207-2","SUPPORT",18004,"TTH",2013,15,-2.42,-36.299999999999997,"TTH"]
["A81207-2","SUPPORT",18505,"TTH",2013,16,1.5718749999999999,25.15,"TTH"]
["A81207-2","SUPPORT",18506,"TTH",2013,6,3.3249999999999997,19.95,"TTH"]
["A81207-2","SUPPORT",18587,"TTH",2013,14,4.7078571428571427,65.91,"TTH"]
["A81207-2","SUPPORT",19092,"TTH",2013,16,2.881875,46.11,"TTH"]
["A81207-2","SUPPORT",19109,"TTH",2013,15,1.9966666666666666,29.95,"TTH"]
["A81207-2","SUPPORT",19520,"TTH",2013,18,24.305,437.49,"TTH"]
["A81207-2","SUPPORT",19519,"TTH",2013,18,2.6594444444444445,47.87,"TTH"]
["A81207-2","SUPPORT",19809,"TTH",2013,19,0.98684210526315785,18.75,"TTH"]
["A81207-2","SUPPORT",19810,"TTH",2013,18,32.661111111111111,587.9,"TTH"]
["A81207-2","SUPPORT",20414,"TTH",2014,12,5.6208333333333336,67.45,"TTH"]
["A81207-2","SUPPORT",20416,"TTH",2014,16,3.9468749999999999,63.15,"TTH"]
["A81207-2","SUPPORT",20417,"TTH",2014,14,1.425,19.95,"TTH"]
["A81207-2","SUPPORT",20426,"TTH",2014,16,3.8031250000000001,60.85,"TTH"]
["A81207-2","SUPPORT",10176,"TTH",2009,20,1.2075,24.15,"TTH"]
["A81207-2","SUPPORT",10462,"TTH",2009,22,1.3159090909090909,28.95,"TTH"]
["A81207-2","SUPPORT",10962,"TTH",2009,19,1.3657894736842104,25.95,"TTH"]
["A81207-2","SUPPORT",11567,"TTH",2010,20,3.0975000000000001,61.95,"TTH"]
["A81207-2","SUPPORT",11741,"TTH",2010,21,1.4261904761904762,29.95,"TTH"]
["A81207-2","SUPPORT",11938,"TTH",2010,21,5.5785714285714292,117.15,"TTH"]
["A81207-2","SUPPORT",12256,"TTH",2010,21,0.97000000000000008,20.37,"TTH"]
["A81207-2","SUPPORT",10706,"TTH",2009,15,9.85,147.75,"TTH"]
["A81207-2","SUPPORT",10800,"TTH",2009,21,2.4157142857142855,50.73,"TTH"]
["A81207-2","SUPPORT",13098,"TTH",2010,20,1.4475,28.95,"TTH"]
["A81207-2","SUPPORT",13264,"TTH",2011,20,2.9325000000000001,58.65,"TTH"]
["A81207-2","SUPPORT",13264,"TTH",2011,21,3.9642857142857144,83.25,"TTH"]
["A81207-2","SUPPORT",14377,"TTH",2011,15,1.65,24.75,"TTH"]
["A81207-2","SUPPORT",14379,"TTH",2011,17,3.9352941176470591,66.900000000000006,"TTH"]
["A81207-2","SUPPORT",14376,"TTH",2011,15,13.526666666666667,202.9,"TTH"]
["A81207-2","SUPPORT",14378,"TTH",2011,17,2.1105882352941179,35.880000000000003,"TTH"]
["A81207-2","SUPPORT",17587,"TTH",2012,16,2.6118749999999999,41.79,"TTH"]
["A81207-2","SUPPORT",17586,"TTH",2012,16,12.290625,196.65,"TTH"]
["A81207-2","SUPPORT",18176,"TTH",2013,15,2.1566666666666667,32.35,"TTH"]
["A81207-2","SUPPORT",19980,"TTH",2014,13,1.8884615384615384,24.55,"TTH"]
["A81208-1","GLACE",9211,"CND",2009,34,11.352941176470589,386,"CND"]
["A81208-1","GLACE",10912,"CND",2009,64,5.3224999999999998,340.64,"CND"]
["A81208-1","GLACE",10914,"CND",2009,37,6.2710810810810811,232.03,"CND"]
["A81208-1","GLACE",12217,"CND",2010,14,26.700714285714287,373.81,"CND"]
["A81208-1","GLACE",12957,"CND",2010,48,2.7083333333333335,130,"CND"]
["A81208-1","GLACE",16955,"CND",2012,46,3.2339130434782608,148.76,"CND"]
["A81208-1","GLACE",17824,"CND",2013,39,42.436923076923073,1655.04,"CND"]
["A81208-1","GLACE",18115,"CND",2013,60,35.1,2106,"CND"]
["A81208-1","GLACE",16958,"CND",2012,35,132.02571428571429,4620.8999999999996,"CND"]
["A81208-1","GLACE",9362,"REC",2009,34,6.0588235294117645,206,"REC"]
["A81208-1","GLACE",11186,"REC",2010,36,6.3466666666666667,228.48,"REC"]
["A81208-1","GLACE",11186,"REC",2010,64,1.546875,99,"REC"]
["A81208-1","GLACE",12273,"REC",2010,13,7.615384615384615,99,"REC"]
["A81208-1","GLACE",13080,"REC",2010,48,1.5670833333333334,75.22,"REC"]
["A81208-1","GLACE",17084,"REC",2012,46,2.1519565217391303,98.99,"REC"]
["A81208-1","GLACE",17262,"REC",2012,33,5.9078787878787882,194.96,"REC"]
["A81208-1","GLACE",17944,"REC",2013,39,1.5438461538461539,60.21,"REC"]
["A81208-1","GLACE",18481,"REC",2013,63,4.1269841269841274,260,"REC"]
["A81208-1","GLACE",16842,"TTH",2012,35,{"$f":"H5443/F5443","v":15.178857142857142},531.26,"TTH"]
["A81208-1","GLACE",16842,"TTH",2012,46,9.4565217391304355,435,"TTH"]
["A81208-1","GLACE",17746,"TTH",2013,39,8.589487179487179,334.99,"TTH"]
["A81208-1","GLACE",18028,"TTH",2013,63,12.328571428571429,776.7,"TTH"]
["A81208-1","GLACE",9058,"TTH",2009,34,0.33823529411764708,11.5,"TTH"]
["A81208-1","GLACE",10826,"TTH",2009,64,0.30734375000000003,19.670000000000002,"TTH"]
["A81208-1","GLACE",10825,"TTH",2009,37,1.4027027027027026,51.9,"TTH"]
["A81208-1","GLACE",12053,"TTH",2010,14,0,0,"TTH"]
["A81208-1","GLACE",12734,"TTH",2010,48,2.4822916666666668,119.15,"TTH"]
["A81210-1","VIS",10848,"CNDOAC",2009,106,0.33745283018867928,35.770000000000003,"CND","OAC"]
["A81210-1","VIS",13314,"CNDOAC",2011,140,0.76650000000000007,107.31,"CND","OAC"]
["A81210-1","VIS",15913,"CNDOAC",2012,139,7.5741007194244601,1052.8,"CND","OAC"]
["A81210-1","VIS",18840,"CNDOAC",2013,121,0.42735537190082645,51.71,"CND","OAC"]
["A81210-1","VIS",20192,"USI",2014,100,1.4240000000000002,142.4,"USI"]
["A81212-2","RIVET",9093,"COMP",2009,216,0.38935185185185184,84.1,"COMP"]
["A81212-2","RIVET",9093,"COMP",2009,205,0.1744878048780488,35.770000000000003,"COMP"]
["A81212-2","RIVET",9299,"COMP",2009,209,0.25110047846889949,52.48,"COMP"]
["A81212-2","RIVET",12555,"COMP",2011,209,0.81679425837320574,170.71,"COMP"]
["A81212-2","RIVET",13570,"COMP",2011,207,2.8223188405797104,584.22,"COMP"]
["A81212-2","RIVET",14229,"COMP",2011,415,0,0,"COMP"]
["A81212-2","RIVET",14894,"COMP",2012,406,0.9083251231527093,368.78,"COMP"]
["A81212-2","RIVET",17118,"COMP",2013,416,0.45336538461538461,188.6,"COMP"]
["A81212-2","RIVET",19038,"COMP",2014,409,0.19943765281173592,81.569999999999993,"COMP"]
["A81216-2","AXE",8863,"USIN",2009,205,0.775609756097561,159,"USI"]
["A81216-2","AXE",11277,"USIN",2010,208,0.92307692307692313,192,"USI"]
["A81216-2","AXE",12105,"USIN",2011,200,1.20905,241.81,"USI"]
["A81216-2","AXE",12555,"USIN",2011,200,0.7298,145.96,"USI"]
["A81216-2","AXE",13570,"USIN",2011,208,0.68269230769230771,142,"USI"]
["A81216-2","AXE",14894,"USIN",2012,219,1.3939726027397259,305.27999999999997,"USI"]
["A81216-2","AXE",15836,"USIN",2012,407,0.34889434889434889,142,"USI"]
["A81216-2","AXE",17741,"USIN",2013,411,0.34549878345498786,142,"USI"]
["A81216-2","AXE",18934,"USIN",2014,414,0.31055555555555553,128.57,"USI"]
["A81217","RONDELLE",9587,"CND",2009,101,3.8217821782178216,386,"CND"]
["A81217","RONDELLE",9587,"CND",2009,109,3.5412844036697249,386,"CND"]
["A81217","RONDELLE",11971,"CND",2010,103,2.2063106796116503,227.25,"CND"]
["A81217","RONDELLE",12282,"CND",2010,133,0.60902255639097747,81,"CND"]
["A81217","RONDELLE",12584,"CND",2010,159,0.4088050314465409,65,"CND"]
["A81217","RONDELLE",13432,"CND",2011,141,0.28723404255319152,40.5,"CND"]
["A81217","RONDELLE",14404,"CND",2011,171,0.89356725146198834,152.80000000000001,"CND"]
["A81217","RONDELLE",16080,"CND",2012,172,3.1432558139534881,540.64,"CND"]
["A81217","RONDELLE",17371,"COMPLET",2013,210,0.17033333333333334,35.770000000000003,"COMP"]
["A81217","RONDELLE",17371,"COMPLET",2013,210,1.2162857142857142,255.42,"COMP"]
["A81217","RONDELLE",17914,"COMPLET",2013,210,0.34066666666666667,71.540000000000006,"COMP"]
["A81217","RONDELLE",18934,"COMPLET",2014,209,0.17114832535885169,35.770000000000003,"COMP"]
["A81218-3","FLASQUE",17070,"CND",2013,153,0.82352941176470584,126,"CND"]
["A81218-3","FLASQUE",11079,"CND",2090,122,1.9127868852459018,233.36,"CND"]
["A81218-3","FLASQUE",13109,"CND",2010,115,1.3304347826086957,153,"CND"]
["A81218-3","FLASQUE",14726,"CND",2011,102,1.892156862745098,193,"CND"]
["A81218-3","FLASQUE",18781,"CND",2013,127,8.6614173228346463,1100,"CND"]
["A81218-3","FLASQUE",16982,"TTH",2012,153,1.9803921568627452,303,"TTH"]
["A81218-3","FLASQUE",18641,"TTH",2013,127,0.11031496062992126,14.01,"TTH"]
["A81218-3","FLASQUE",10896,"TTH",2009,122,0.22254098360655736,27.15,"TTH"]
["A81218-3","FLASQUE",12924,"TTH",2010,117,0.42735042735042733,50,"TTH"]
["A81218-3","FLASQUE",14549,"TTH",2011,102,0.77156862745098043,78.7,"TTH"]
["A81219-2","FLASQUE",8937,"CND",2009,120,1.0833333333333333,130,"CND"]
["A81219-2","FLASQUE",11080,"CND",2090,122,5.546065573770492,676.62,"CND"]
["A81219-2","FLASQUE",12485,"CND",2010,152,1.706578947368421,259.39999999999998,"CND"]
["A81219-2","FLASQUE",13194,"CND",2010,170,7.0808235294117647,1203.74,"CND"]
["A81219-2","FLASQUE",15400,"CND",2011,354,0.40112994350282488,142,"CND"]
["A81219-2","FLASQUE",18337,"CND",2013,171,1.3578947368421053,232.2,"CND"]
["A81219-2","FLASQUE",20871,"CND",2014,189,6.7870899470899468,1282.76,"CND"]
["A81219-2","FLASQUE",15028,"TTH",2011,354,0.31353107344632769,110.99,"TTH"]
["A81219-2","FLASQUE",18203,"TTH",2013,71,6.873239436619718,488,"TTH"]
["A81219-2","FLASQUE",20689,"TTH",2014,190,0.36657894736842106,69.650000000000006,"TTH"]
["A81219-2","FLASQUE",10895,"TTH",2009,122,{"$f":"H5507/F5507","v":0.11188524590163934},13.65,"TTH"]
["A81219-2","FLASQUE",12379,"TTH",2010,152,0.29467105263157894,44.79,"TTH"]
["A81219-2","FLASQUE",13049,"TTH",2010,170,0.38323529411764712,65.150000000000006,"TTH"]
["A81219-2","FLASQUE",17966,"USI",2013,64,51.8046875,3315.5,"USI"]
["A81220","PLAQUE",9392,"CND",2009,79,7.0397468354430375,556.14,"CND"]
["A81220","PLAQUE",11433,"CND",2010,70,1.8571428571428572,130,"CND"]
["A81220","PLAQUE",13062,"CND",2010,87,-2.7022988505747128,-235.1,"CND"]
["A81220","PLAQUE",14557,"CND",2011,76,2.5394736842105261,193,"CND"]
["A81220","PLAQUE",15968,"CND",2012,97,4.3959793814432988,426.41,"CND"]
["A81220","PLAQUE",17417,"CND",2012,99,17.777777777777779,1760,"CND"]
["A81220","PLAQUE",18586,"CND",2013,97,21.841237113402062,2118.6,"CND"]
["A81220","PLAQUE",16077,"CND",2012,97,30.02783505154639,2912.7,"CND"]
["A81220","PLAQUE",20015,"CND",2014,106,29.416037735849056,3118.1,"CND"]
["A81220","PLAQUE",15182,"STAB",2011,99,1.1212121212121211,111,"STAB"]
["A81220","PLAQUE",16178,"STAB",2012,99,1.696969696969697,168,"STAB"]
["A81220","PLAQUE",18167,"STAB",2013,99,1.6968686868686869,167.99,"STAB"]
["A81220","PLAQUE",19305,"STAB",2013,108,1.0280555555555555,111.03,"STAB"]
["A81220","PLAQUE",20624,"STAB",2014,108,1.3764814814814814,148.66,"STAB"]
["A81220","PLAQUE",9124,"STAB",2009,80,2.3498749999999999,187.99,"STAB"]
["A81220","PLAQUE",11197,"STAB",2010,71,3.2701408450704226,232.18,"STAB"]
["A81220","PLAQUE",12700,"STAB",2010,89,1.247191011235955,111,"STAB"]
["A81220","PLAQUE",14206,"STAB",2011,81,4.8654320987654325,394.1,"STAB"]
["A81224","COUPELLE",9093,"USIN",2009,106,1.9622641509433962,208,"USI"]
["A81224","COUPELLE",11972,"USIN",2010,108,1.7777777777777777,192,"USI"]
["A81224","COUPELLE",13665,"USIN",2011,106,1.9622641509433962,208,"USI"]
["A81224","COUPELLE",14894,"USIN",2012,106,2.8795283018867925,305.23,"USI"]
["A81224","COUPELLE",16791,"USIN",2013,105,1.3523809523809525,142,"USI"]
["A81224","COUPELLE",18370,"USIN",2013,89,1.247191011235955,111,"USI"]
["A81245-1","BAGUE",10641,"CND",2009,103,1.4834951456310681,152.80000000000001,"CND"]
["A81245-1","BAGUE",12211,"CND",2010,109,2.1059633027522935,229.55,"CND"]
["A81245-1","BAGUE",13113,"CND",2010,117,1.3076923076923077,153,"CND"]
["A81245-1","BAGUE",13841,"CND",2011,127,0.2996062992125984,38.049999999999997,"CND"]
["A81245-1","BAGUE",14838,"CND",2011,112,1.7232142857142858,193,"CND"]
["A81245-1","BAGUE",15588,"CND",2012,201,1.9203980099502487,386,"CND"]
["A81245-1","BAGUE",17508,"CND",2012,170,0.70588235294117652,120,"CND"]
["A81245-1","BAGUE",19072,"CND",2013,113,0.13274336283185842,15,"CND"]
["A81245-1","COUPELLE",19242,"COMPLET",2013,155,0.81761290322580649,126.73,"COMP"]
["A81321","BAGUE",16224,"OAC",2012,25,4.0880000000000001,102.2,"OAC"]
["A81339-1","COUPELLE",10892,"CND",2009,66,4.7628787878787886,314.35000000000002,"CND"]
["A81339-1","COUPELLE",12295,"CND",2010,63,1.2857142857142858,81,"CND"]
["A81339-1","COUPELLE",13594,"CND",2011,62,11.050967741935484,685.16,"CND"]
["A81339-1","COUPELLE",14806,"CND",2011,62,3.1129032258064515,193,"CND"]
["A81339-1","COUPELLE",16086,"CND",2012,92,5.8766304347826086,540.65,"CND"]
["A81339-1","COUPELLE",17175,"CND",2012,89,9.6865168539325843,862.1,"CND"]
["A81339-1","COUPELLE",19609,"CND",2013,78,3.4551282051282053,269.5,"CND"]
["A81339-1","COUPELLE",19242,"COMPLET",2014,83,0.4309638554216868,35.770000000000003,"COMP"]
["A81426-2","EMBOUT",14242,"OAC",2011,17,4.2082352941176477,71.540000000000006,"OAC"]
["A81426-2","EMBOUT",18427,"OAC",2013,15,4.4286666666666674,66.430000000000007,"OAC"]
["A81426-2","EMBOUT",20360,"USI",2014,15,6.9159999999999995,103.74,"USI"]
["A81503-4","ARBRE D'ENTRAINEMENT",20303,"CND",2014,16,7.875,126,"CND"]
["A81503-4","ARBRE D'ENTRAINEMENT",19689,"TAILLAGE",2014,16,40.048124999999999,640.77,"TAIL"]
["A81507","VIS CREUSE",19545,"CNDPELPAS",2013,13,3.1446153846153848,40.880000000000003,"CND","PEL","PAS"]
["A81507","VIS CREUSE",9460,"CNDPELPAS",2009,15,8.4486666666666661,126.73,"CND","PEL","PAS"]
["A81507","VIS CREUSE",11563,"CNDPELPAS",2010,20,0,0,"CND","PEL","PAS"]
["A81513-2","FLASQUE",9215,"CND",2009,214,1.8037383177570094,386,"CND"]
["A81513-2","FLASQUE",9886,"CND",2009,212,0.98113207547169812,208,"CND"]
["A81513-2","FLASQUE",11078,"CND",2090,116,1.2898275862068966,149.62,"CND"]
["A81513-2","FLASQUE",11689,"CND",2010,162,0.80246913580246915,130,"CND"]
["A81513-2","FLASQUE",14193,"CND",2011,311,3.40032154340836,1057.5,"CND"]
["A81513-2","FLASQUE",15110,"CND",2011,176,2.1931818181818183,386,"CND"]
["A81513-2","FLASQUE",15633,"CND",2012,188,2.0531914893617023,386,"CND"]
["A81513-2","FLASQUE",15904,"CND",2012,92,2.055326086956522,189.09,"CND"]
["A81513-2","FLASQUE",19157,"CND",2013,64,0,0,"CND"]
["A81513-2","FLASQUE",18219,"CND",2013,112,6.9910714285714288,783,"CND"]
["A81513-2","FLASQUE",19351,"CND",2013,158,{"$f":"H5571/F5571","v":4.2151898734177218},666,"CND"]
["A81513-2","FLASQUE",16760,"CND",2012,119,9.7773109243697487,1163.5,"CND"]
["A81513-2","FLASQUE",19804,"CND",2013,125,24.865839999999999,3108.23,"CND"]
["A81513-2","FLASQUE",14924,"TTH",2011,176,0.63056818181818186,110.98,"TTH"]
["A81513-2","FLASQUE",15450,"TTH",2011,188,2.1222340425531914,398.98,"TTH"]
["A81513-2","FLASQUE",15721,"TTH",2012,92,3.1513043478260871,289.92,"TTH"]
["A81513-2","FLASQUE",16595,"TTH",2012,119,0.65100840336134458,77.47,"TTH"]
["A81513-2","FLASQUE",18104,"TTH",2013,112,6.6964285714285712,750,"TTH"]
["A81513-2","FLASQUE",18989,"TTH",2013,64,0.64296874999999998,41.15,"TTH"]
["A81513-2","FLASQUE",19240,"TTH",2013,158,0.68924050632911393,108.9,"TTH"]
["A81513-2","FLASQUE",19266,"TTH",2013,125,0.28439999999999999,35.549999999999997,"TTH"]
["A81513-2","FLASQUE",19266,"TTH",2013,125,1.0004,125.05,"TTH"]
["A81513-2","FLASQUE",19266,"TTH",2013,-125,-0.15640000000000001,19.55,"TTH"]
["A81513-2","FLASQUE",9050,"TTH",2009,214,0.11845794392523365,25.35,"TTH"]
["A81513-2","FLASQUE",9793,"TTH",2009,213,0.18394366197183099,39.18,"TTH"]
["A81513-2","FLASQUE",10964,"TTH",2009,116,0,0,"TTH"]
["A81513-2","FLASQUE",11596,"TTH",2010,162,0.26419753086419751,42.8,"TTH"]
["A81513-2","FLASQUE",14023,"TTH",2011,311,8.8842443729903534E-2,27.63,"TTH"]
["A81513-2","FLASQUE",20338,"USI",2014,63,0.73650793650793644,46.4,"USI"]
["A81513-2","FLASQUE",18298,"USI",2013,63,41.166666666666664,2593.5,"USI"]
["A81513-2","FLASQUE",18865,"USI",2013,79,20.683544303797468,1634,"USI"]
["A81517-4","PLAQUE",11412,"CND",2010,21,9.9047619047619051,208,"CND"]
["A81517-4","PLAQUE",11620,"CND",2010,17,16.623529411764707,282.60000000000002,"CND"]
["A81517-4","PLAQUE",12570,"CND",2010,19,6.8421052631578947,130,"CND"]
["A81517-4","PLAQUE",13457,"CND",2011,22,8.5909090909090917,189,"CND"]
["A81517-4","PLAQUE",14414,"CND",2011,48,4.020833333333333,193,"CND"]
["A81517-4","PLAQUE",15906,"CND",2012,50,4.16,208,"CND"]
["A81517-4","PLAQUE",16428,"CND",2012,23,42.987826086956524,988.72,"CND"]
["A81517-4","PLAQUE",20658,"CND",2014,10,20.118000000000002,201.18,"CND"]
["A81517-4","PLAQUE",15457,"STAB",2012,51,2.1764705882352939,111,"STAB"]
["A81517-4","PLAQUE",16043,"STAB",2012,24,11.333333333333334,272,"STAB"]
["A81517-4","PLAQUE",19784,"STAB",2013,11,10.092727272727272,111.02,"STAB"]
["A81517-4","PLAQUE",11132,"STAB",2010,22,5.0459090909090909,111.01,"STAB"]
["A81517-4","PLAQUE",11436,"STAB",2010,17,18.196470588235293,309.33999999999997,"STAB"]
["A81517-4","PLAQUE",12378,"STAB",2010,19,5.8410526315789477,110.98,"STAB"]
["A81517-4","PLAQUE",13152,"STAB",2010,23,4.8256521739130429,110.99,"STAB"]
["A81517-4","PLAQUE",14020,"STAB",2011,48,22.315416666666668,1071.1400000000001,"STAB"]
["A81523","ENTRAINEUR",20427,"CND",2014,3,9.8666666666666671,29.6,"CND"]
["A81523","ENTRAINEUR",19778,"TAILLAGE",2014,3,42.203333333333333,126.61,"TAIL"]
["A81523","ENTRAINEUR",19172,"TTH",2013,1,74.040000000000006,74.040000000000006,"TTH"]
["A81524-1","BAGUE 2 PIECES",11646,"CND",2010,46,2.8260869565217392,130,"CND"]
["A81524-1","BAGUE 2 PIECES",11284,"TTH",2010,1,27.85,27.85,"TTH"]
["A81684","RACCORD",10177,"PELPASS",2009,8,32.465000000000003,259.72000000000003,"PEL","PAS"]
["A81684","RACCORD",11907,"PELPASS",2010,10,33.760000000000005,337.6,"PEL","PAS"]
["A81684","RACCORD",14260,"PELPASS",2011,8,41.043750000000003,328.35,"PEL","PAS"]
["A81696-1","CHEMISE",15595,"CND",2012,10,47.992000000000004,479.92,"CND"]
["A81733","RACCORD",11821,"PELPAS",2010,17,1.8494117647058825,31.44,"PEL","PAS"]
["A81734","RACCORD",9065,"PELPAS",2009,15,129.25333333333333,1938.8,"PEL","PAS"]
["A81734","RACCORD",17531,"PELPAS",2012,16,208.94499999999999,3343.12,"PEL","PAS"]
["A81774-2","CORPS MATRICE USINE",15634,"CND",2012,14,9,126,"CND"]
["A81774-2","CORPS MATRICE USINE",17189,"CND",2012,9,137.57777777777778,1238.2,"CND"]
["A81774-2","CORPS MATRICE USINE",9007,"CNDOACOC",2009,12,7.2116666666666669,86.54,"CND","OAC","OC"]
["A81774-2","CORPS MATRICE USINE",9358,"CNDOACOC",2009,14,8.4678571428571434,118.55,"CND","OAC","OC"]
["A81774-2","CORPS MATRICE USINE",9358,"CNDOACOC",2009,6,5.9616666666666669,35.770000000000003,"CND","OAC","OC"]
["A81774-2","CORPS MATRICE USINE",15634,"OACOC",2012,14,17.225000000000001,241.15,"OAC","OC"]
["A81774-2","CORPS MATRICE USINE",17190,"OACOC",2012,9,0,0,"OAC","OC"]
["A81786","SUPPORT",16680,"OAC",2012,5,10.220000000000001,51.1,"OAC"]
["A81845","BAGUE",9584,"OAC",2009,22,3.53,77.66,"OAC"]
["A81845","BAGUE",10981,"OAC",2009,20,1.7885000000000002,35.770000000000003,"OAC"]
["A81845","BAGUE",11635,"OAC",2010,26,4.3123076923076926,112.12,"OAC"]
["A81861-2","CORPS",16072,"CNDDESAOAC",2012,4,40.0625,160.25,"CND","DESA","OAC"]
["A81861-2","CORPS",16073,"CNDDESAOAC",2012,5,7.1540000000000008,35.770000000000003,"CND","DESA","OAC"]
["A81861-2","CORPS",16073,"CNDDESAOAC",2012,5,7.1540000000000008,35.770000000000003,"CND","DESA","OAC"]
["A81861-2","CORPS",17313,"CNDDESAOAC",2012,8,112.38124999999999,899.05,"CND","DES","OAC"]
["A81861-2","CORPS",17661,"OC",2012,8,{"$f":"H5635/F5635","v":6.3875000000000002},51.1,"OC"]
["A81861-2","CORPS",18237,"OC",2013,1,112.12,112.12,"OC"]
["A81927","BOUCHON",9512,"PELPAS",2009,106,1.5754716981132075,167,"PEL","PAS"]
["A81927","BOUCHON",11990,"PELPAS",2010,108,9.1616666666666671,989.46,"PEL","PAS"]
["A82011-10","ARBRE FUSIBLE",17226,"CND",2013,39,5.0769230769230766,198,"CND"]
["A82011-10","ARBRE FUSIBLE",16407,"CND",2012,10,80.919000000000011,809.19,"CND"]
["A82011-10","ARBRE FUSIBLE",18853,"CND",2013,43,3.7674418604651163,162,"CND"]
["A82011-10","ARBRE FUSIBLE",16752,"CND",2012,15,135.96,2039.4,"CND"]
["A82011-10","ARBRE FUSIBLE",15942,"COMPLET",2012,65,0.88046153846153841,57.23,"COMP"]
["A82011-10","ARBRE FUSIBLE",18370,"COMPLET",2013,45,0.95666666666666655,43.05,"COMP"]
["A82011-10","ARBRE FUSIBLE",18370,"COMPLET",2013,-2,-78.92,157.84,"COMP"]
["A82011-10","ARBRE FUSIBLE",18694,"TAILLAGE",2013,43,5.8667441860465122,252.27,"TAIL"]
["A82011-10","ARBRE FUSIBLE",16211,"TAILLAGE",2012,10,11.101000000000001,111.01,"TAIL"]
["A82011-10","ARBRE FUSIBLE",16211,"TAILLAGE",2012,15,7.3979999999999997,110.97,"TAIL"]
["A82011-10","ARBRE FUSIBLE",16211,"TAILLAGE",2012,39,4.3076923076923075,168,"TAIL"]
["A82011-7","ARBRE FUSIBLE",16946,"CNDBRU",2012,50,44.351999999999997,2217.6,"CND","BRU"]
["A82011-7","ARBRE FUSIBLE",17707,"CNDBRU",2013,31,33.548387096774192,1040,"CND","BRU"]
["A82011-7","ARBRE FUSIBLE",17656,"CNDBRU",2013,20,234.9,4698,"CND","BRU"]
["A82011-7","ARBRE FUSIBLE",18126,"CNDBRU",2013,26,30.25,786.5,"CND","BRU"]
["A82011-7","ARBRE FUSIBLE",18141,"CNDBRU",2013,21,37.452380952380949,786.5,"CND","BRU"]
["A82011-7","ARBRE FUSIBLE",18226,"CNDBRU",2013,19,41.39473684210526,786.5,"CND","BRU"]
["A82011-7","ARBRE FUSIBLE",18304,"CNDBRU",2013,19,102.5,1947.5,"CND","BRU"]
["A82011-7","ARBRE FUSIBLE",18391,"CNDBRU",2013,41,14.165853658536584,580.79999999999995,"CND","BRU"]
["A82011-7","ARBRE FUSIBLE",19136,"CNDBRU",2013,42,1.2166666666666668,51.1,"CND","BRU"]
["A82011-7","ARBRE FUSIBLE",19590,"CNDBRU",2013,43,1.1883720930232557,51.1,"CND","BRU"]
["A82011-7","ARBRE FUSIBLE",20289,"CNDBRU",2014,42,1.2166666666666668,51.1,"CND","BRU"]
["A82011-7","ARBRE FUSIBLE",16431,"COMPLET",2012,20,17.3535,347.07,"COMP"]
["A82011-7","ARBRE FUSIBLE",16431,"COMPLET",2012,32,2.2356250000000002,71.540000000000006,"COMP"]
["A82011-7","ARBRE FUSIBLE",17457,"COMPLET",2013,41,0,0,"COMP"]
["A82011-7","ARBRE FUSIBLE",17676,"COMPLET",2013,41,6.2607317073170732,256.69,"COMP"]
["A82011-7","ARBRE FUSIBLE",17805,"COMPLET",2013,43,3.0660465116279072,131.84,"COMP"]
["A82011-7","ARBRE FUSIBLE",17805,"COMPLET",2013,43,0.84604651162790701,36.380000000000003,"COMP"]
["A82011-7","ARBRE FUSIBLE",17805,"COMPLET",2013,43,1.9679069767441861,84.62,"COMP"]
["A82011-7","ARBRE FUSIBLE",20224,"COMPLET",2014,44,4.1577272727272723,182.94,"COMP"]
["A82011-7","ARBRE FUSIBLE",17847,"TAILLAGE",2013,20,5.55,111,"TAIL"]
["A82011-7","ARBRE FUSIBLE",17940,"TAILLAGE",2013,20,4.8574999999999999,97.15,"TAIL"]
["A82011-7","ARBRE FUSIBLE",18435,"TAILLAGE",2013,43,0.32279069767441865,13.88,"TAIL"]
["A82011-7","ARBRE FUSIBLE",18847,"TAILLAGE",2013,43,2.5818604651162791,111.02,"TAIL"]
["A82011-7","ARBRE FUSIBLE",19472,"TAILLAGE",2013,42,2.9457142857142857,123.72,"TAIL"]
["A82011-7","ARBRE FUSIBLE",16638,"TAILLAGE",2012,50,7.98,399,"TAIL"]
["A82011-7","ARBRE FUSIBLE",16837,"TAILLAGE",2012,20,16.662500000000001,333.25,"TAIL"]
["A82011-7","ARBRE FUSIBLE",16838,"TAILLAGE",2012,31,3.5806451612903225,111,"TAIL"]
["A82011-7","ARBRE FUSIBLE",17846,"TAILLAGE",2013,21,5.2866666666666662,111.02,"TAIL"]
["A82011-7","ARBRE FUSIBLE",17939,"TAILLAGE",2013,26,4.2696153846153848,111.01,"TAIL"]
["A82011-7","ARBRE FUSIBLE",18012,"TAILLAGE",2013,41,7.3170731707317076,300,"TAIL"]
["A82011-7","ARBRE FUSIBLE",16592,"USI",2012,50,0.69299999999999995,34.65,"USI"]
["A82011-7","ARBRE FUSIBLE",17536,"USI",2013,46,1.2130434782608694,55.8,"USI"]
["A82156","ENTRETOISE",20235,"PEL",2014,47,3.5531914893617023,167,"PEL"]
["A82156","ENTRETOISE",9624,"PEL",2009,9,5.822222222222222,52.4,"PEL"]
["A82156","ENTRETOISE",11005,"PEL",2009,27,2.9629629629629628,80,"PEL"]
["A82156","ENTRETOISE",15008,"PEL",2011,20,13.75,275,"PEL"]
["A82156","ENTRETOISE",16517,"PEL",2012,20,16.138999999999999,322.77999999999997,"PEL"]
["A82156","ENTRETOISE",18008,"PEL",2013,29,111.66620689655173,3238.32,"PEL"]
["A82156","ENTRETOISE",20788,"PEL",2014,19,0.55157894736842106,10.48,"PEL"]
["A82173-1","COUPELLE",9954,"OAC",2009,24,0,0,"OAC"]
["A82173-1","COUPELLE",9950,"OAC",2009,60,6.2014999999999993,372.09,"OAC"]
["A82184-1","RACCORD",12201,"CNDPELPASS",2010,16,4.2162499999999996,67.459999999999994,"CND","PEL","PAS"]
["A82185-1","RACCORD A PLANTER",10541,"CNDOAC",2009,8,4.8775000000000004,39.020000000000003,"CND","OAC"]
["A82185-1","RACCORD A PLANTER",12489,"CNDOAC",2010,14,6.5514285714285716,91.72,"CND","OAC"]
["A82185-1","RACCORD A PLANTER",14529,"CNDOAC",2011,20,36.970999999999997,739.42,"CND","OAC"]
["A82185-1","RACCORD A PLANTER",16583,"CNDOAC",2012,20,1.7885000000000002,35.770000000000003,"CND","OAC"]
["A82188-4","CORPS",17539,"CNDOAC",2012,5,7.1540000000000008,35.770000000000003,"CND","OAC"]
["A82188-4","CORPS",17963,"OC",2013,5,56.863999999999997,284.32,"OC"]
["A82188-4","CORPS",18361,"PEI",2013,5,623.22,3116.1,"PEI"]
["A82331-1","RACCORD",10504,"CNDPELPASS",2009,14,{"$f":"H5699/F5699","v":2.5550000000000002},35.770000000000003,"CND","PEL","PAS"]
["A82331-1","RACCORD",12296,"CNDPELPASS",2010,23,1.9552173913043478,44.97,"CND","PEL","PAS"]
["A82331-1","RACCORD",14588,"CNDPELPASS",2011,35,0,0,"CND","PEL","PAS"]
["A82331-1","RACCORD",16562,"CNDPELPASS",2012,35,13.392285714285714,468.73,"CND","PEL","PAS"]
["A82345","CORPS",20850,"CND",2014,25,6.3552,158.88,"CND"]
["A82345","CORPS",8996,"CNDOAC",2009,5,7.1540000000000008,35.770000000000003,"CND","OAC"]
["A82345","CORPS",8997,"CNDOAC",2009,5,23.586000000000002,117.93,"CND","OAC"]
["A82345","CORPS",8853,"CNDOAC",2009,5,7.1540000000000008,35.770000000000003,"CND","OAC"]
["A82345","CORPS",8844,"CNDOAC",2009,5,32.417999999999999,162.09,"CND","OAC"]
["A82345","CORPS",9148,"CNDOAC",2009,5,8.83,44.15,"CND","OAC"]
["A82345","CORPS",9161,"CNDOAC",2009,5,7.1540000000000008,35.770000000000003,"CND","OAC"]
["A82345","CORPS",9176,"CNDOAC",2009,6,7.3583333333333334,44.15,"CND","OAC"]
["A82345","CORPS",9224,"CNDOAC",2009,5,14.308000000000002,71.540000000000006,"CND","OAC"]
["A82345","CORPS",9524,"CNDOAC",2009,5,7.1540000000000008,35.770000000000003,"CND","OAC"]
["A82345","CORPS",9511,"CNDOAC",2009,5,7.1540000000000008,35.770000000000003,"CND","OAC"]
["A82345","CORPS",9483,"CNDOAC",2009,5,91.325999999999993,456.63,"CND","OAC"]
["A82345","CORPS",9485,"CNDOAC",2009,5,36.792000000000002,183.96,"CND","OAC"]
["A82345","CORPS",9889,"CNDOAC",2009,5,7.1540000000000008,35.770000000000003,"CND","OAC"]
["A82345","CORPS",10048,"CNDOAC",2009,5,7.1540000000000008,35.770000000000003,"CND","OAC"]
["A82345","CORPS",10084,"CNDOAC",2009,5,12.931999999999999,64.66,"CND","OAC"]
["A82345","CORPS",10084,"CNDOAC",2009,5,7.1540000000000008,35.770000000000003,"CND","OAC"]
["A82345","CORPS",10416,"CNDOAC",2009,6,14.631666666666668,87.79,"CND","OAC"]
["A82345","CORPS",10538,"CNDOAC",2009,5,14.308000000000002,71.540000000000006,"CND","OAC"]
["A82345","CORPS",10538,"CNDOAC",2009,5,36.588000000000001,182.94,"CND","OAC"]
["A82345","CORPS",10731,"CNDOAC",2009,5,7.1540000000000008,35.770000000000003,"CND","OAC"]
["A82345","CORPS",11548,"CNDOAC",2010,5,6.008,30.04,"CND","OAC"]
["A82345","CORPS",11680,"CNDOAC",2010,6,5.9616666666666669,35.770000000000003,"CND","OAC"]
["A82345","CORPS",12017,"CNDOAC",2010,5,7.1540000000000008,35.770000000000003,"CND","OAC"]
["A82345","CORPS",12085,"CNDOAC",2010,5,46.272000000000006,231.36,"CND","OAC"]
["A82345","CORPS",12230,"CNDOAC",2010,5,18.274000000000001,91.37,"CND","OAC"]
["A82345","CORPS",12425,"CNDOAC",2010,4,8.9425000000000008,35.770000000000003,"CND","OAC"]
["A82345","CORPS",12425,"CNDOAC",2010,4,18.065000000000001,72.260000000000005,"CND","OAC"]
["A82345","CORPS",12579,"CNDOAC",2010,4,8.9425000000000008,35.770000000000003,"CND","OAC"]
["A82345","CORPS",12579,"CNDOAC",2010,5,7.1540000000000008,35.770000000000003,"CND","OAC"]
["A82345","CORPS",12680,"CNDOAC",2010,4,68.677499999999995,274.70999999999998,"CND","OAC"]
["A82345","CORPS",12680,"CNDOAC",2010,4,26.445,105.78,"CND","OAC"]
["A82345","CORPS",12824,"CNDOAC",2010,4,8.9425000000000008,35.770000000000003,"CND","OAC"]
["A82345","CORPS",12762,"CNDOAC",2010,5,5.0679999999999996,25.34,"CND","OAC"]
["A82345","CORPS",12762,"CNDOAC",2010,4,2.6074999999999999,10.43,"CND","OAC"]
["A82345","CORPS",12871,"CNDOAC",2010,5,7.1540000000000008,35.770000000000003,"CND","OAC"]
["A82345","CORPS",12871,"CNDOAC",2010,4,21.635000000000002,86.54,"CND","OAC"]
["A82345","CORPS",12871,"CNDOAC",2010,4,21.085000000000001,84.34,"CND","OAC"]
["A82345","CORPS",13356,"CNDOAC",2011,5,11.446,57.23,"CND","OAC"]
["A82345","CORPS",13356,"CNDOAC",2011,4,17.885000000000002,71.540000000000006,"CND","OAC"]
["A82345","CORPS",13771,"CNDOAC",2011,11,4.46,49.06,"CND","OAC"]
["A82345","CORPS",14559,"CNDOAC",2011,8,14.678750000000001,117.43,"CND","OAC"]
["A82345","CORPS",14595,"CNDOAC",2011,8,7.7675000000000001,62.14,"CND","OAC"]
["A82345","CORPS",14794,"CNDOAC",2011,8,20.03125,160.25,"CND","OAC"]
["A82345","CORPS",14834,"CNDOAC",2011,8,10.085000000000001,80.680000000000007,"CND","OAC"]
["A82345","CORPS",14837,"CNDOAC",2011,8,4.4712500000000004,35.770000000000003,"CND","OAC"]
["A82345","CORPS",14999,"CNDOAC",2011,10,6.5409999999999995,65.41,"CND","OAC"]
["A82345","CORPS",15002,"CNDOAC",2011,10,3.5770000000000004,35.770000000000003,"CND","OAC"]
["A82345","CORPS",15530,"CNDOAC",2012,8,8.9425000000000008,71.540000000000006,"CND","OAC"]
["A82345","CORPS",15644,"CNDOAC",2012,8,12.81625,102.53,"CND","OAC"]
["A82345","CORPS",15754,"CNDOAC",2012,8,31.438749999999999,251.51,"CND","OAC"]
["A82345","CORPS",15891,"CNDOAC",2012,8,7.0012499999999998,56.01,"CND","OAC"]
["A82345","CORPS",16287,"CNDOAC",2012,8,4.4712500000000004,35.770000000000003,"CND","OAC"]
["A82345","CORPS",16319,"CNDOAC",2012,8,6.3612500000000001,50.89,"CND","OAC"]
["A82345","CORPS",16426,"CNDOAC",2012,8,37.5,300,"CND","OAC"]
["A82345","CORPS",16495,"CNDOAC",2012,7,42.857142857142854,300,"CND","OAC"]
["A82345","CORPS",16632,"CNDOAC",2012,9,131.55555555555554,1184,"CND","OAC"]
["A82345","CORPS",17575,"CNDOAC",2012,6,11.923333333333334,71.540000000000006,"CND","OAC"]
["A82345","CORPS",18065,"CNDOAC",2013,11,4.3945454545454545,48.34,"CND","OAC"]
["A82345","CORPS",18507,"CNDOAC",2013,12,18.480833333333333,221.77,"CND","OAC"]
["A82345","CORPS",18565,"CNDOAC",2013,11,{"$f":"H5763/F5763","v":6.5036363636363639},71.540000000000006,"CND","OAC"]
["A82345","CORPS",18998,"CNDOAC",2013,19,19.751578947368419,375.28,"CND","OAC"]
["A82345","CORPS",19108,"CNDOAC",2013,19,4.0326315789473686,76.62,"CND","OAC"]
["A82345","CORPS",19952,"CNDOAC",2014,10,3.5770000000000004,35.770000000000003,"CND","OAC"]
["A82345","CORPS",20092,"CNDOAC",2014,11,3.2518181818181819,35.770000000000003,"CND","OAC"]
["A82345","CORPS",19958,"CNDOAC",2014,5,13.687999999999999,68.44,"CND","OAC"]
["A82345","CORPS",19776,"CNDOAC",2013,10,17.961000000000002,179.61,"CND","OAC"]
["A82345","CORPS",19717,"CNDOAC",2013,6,29.841666666666669,179.05,"CND","OAC"]
["A82345","CORPS",19718,"CNDOAC",2013,10,3.5770000000000004,35.770000000000003,"CND","OAC"]
["A82345","CORPS",20874,"OAC",2014,25,2.044,51.1,"OAC"]
["A82345","CORPS",8967,"PEI",2009,5,375.21999999999997,1876.1,"PEI"]
["A82345","CORPS",8966,"PEI",2009,5,83,415,"PEI"]
["A82345","CORPS",8804,"PEI",2009,5,145.80000000000001,729,"PEI"]
["A82345","CORPS",9121,"PEI",2009,5,98.6,493,"PEI"]
["A82345","CORPS",9121,"PEI",2009,5,61.6,308,"PEI"]
["A82345","CORPS",9325,"PEI",2009,5,0,0,"PEI"]
["A82345","CORPS",9325,"PEI",2009,5,22.496000000000002,112.48,"PEI"]
["A82345","CORPS",9325,"PEI",2009,6,0,0,"PEI"]
["A82345","CORPS",9397,"PEI",2009,5,83.763999999999996,418.82,"PEI"]
["A82345","CORPS",9845,"PEI",2009,5,529.99199999999996,2649.96,"PEI"]
["A82345","CORPS",9845,"PEI",2009,5,297.60000000000002,1488,"PEI"]
["A82345","CORPS",9754,"PEI",2009,5,505.74399999999997,2528.7199999999998,"PEI"]
["A82345","CORPS",9754,"PEI",2009,5,51.96,259.8,"PEI"]
["A82345","CORPS",10010,"PEI",2009,5,452.6,2263,"PEI"]
["A82345","CORPS",10132,"PEI",2009,5,4.12,20.6,"PEI"]
["A82345","CORPS",10232,"PEI",2009,5,386.9,1934.5,"PEI"]
["A82345","CORPS",10232,"PEI",2009,5,1.46,7.3,"PEI"]
["A82345","CORPS",10565,"PEI",2009,6,11.590000000000002,69.540000000000006,"PEI"]
["A82345","CORPS",10703,"PEI",2009,5,336.2,1681,"PEI"]
["A82345","CORPS",10703,"PEI",2009,4,36.875,147.5,"PEI"]
["A82345","CORPS",10703,"PEI",2009,1,497,497,"PEI"]
["A82345","CORPS",11472,"PEI",2010,5,70.073999999999998,350.37,"PEI"]
["A82345","CORPS",11828,"PEI",2010,6,137.5,825,"PEI"]
["A82345","CORPS",11808,"PEI",2010,5,26.4,132,"PEI"]
["A82345","CORPS",12161,"PEI",2010,5,248,1240,"PEI"]
["A82345","CORPS",12238,"PEI",2010,5,112,560,"PEI"]
["A82345","CORPS",12480,"PEI",2010,5,201.6,1008,"PEI"]
["A82345","CORPS",12556,"PEI",2010,4,487.27499999999998,1949.1,"PEI"]
["A82345","CORPS",12556,"PEI",2010,4,58.4,233.6,"PEI"]
["A82345","CORPS",12709,"PEI",2010,4,169,676,"PEI"]
["A82345","CORPS",12709,"PEI",2010,5,54.6,273,"PEI"]
["A82345","CORPS",12829,"PEI",2010,4,110,440,"PEI"]
["A82345","CORPS",12829,"PEI",2010,4,145.75,583,"PEI"]
["A82345","CORPS",12942,"PEI",2010,4,172.25,689,"PEI"]
["A82345","CORPS",13045,"PEI",2010,5,2620,13100,"PEI"]
["A82345","CORPS",13045,"PEI",2010,4,76,304,"PEI"]
["A82345","CORPS",13094,"PEI",2010,5,0,0,"PEI"]
["A82345","CORPS",13094,"PEI",2010,4,134.63249999999999,538.53,"PEI"]
["A82345","CORPS",13147,"PEI",2010,4,58.4,233.6,"PEI"]
["A82345","CORPS",13573,"PEI",2011,5,42.56,212.8,"PEI"]
["A82345","CORPS",13659,"PEI",2011,4,0,0,"PEI"]
["A82345","CORPS",13949,"PEI",2011,10,10.587999999999999,105.88,"PEI"]
["A82345","CORPS",13949,"PEI",2011,1,20.6,20.6,"PEI"]
["A82345","CORPS",14851,"PEI",2011,8,25.776250000000001,206.21,"PEI"]
["A82345","CORPS",14850,"PEI",2011,8,4.5062499999999996,36.049999999999997,"PEI"]
["A82345","CORPS",15226,"PEI",2011,10,19.77,197.7,"PEI"]
["A82345","CORPS",15227,"PEI",2011,10,20.425000000000001,204.25,"PEI"]
["A82345","CORPS",15889,"PEI",2012,8,8.9250000000000007,71.400000000000006,"PEI"]
["A82345","CORPS",16021,"PEI",2012,8,8.9250000000000007,71.400000000000006,"PEI"]
["A82345","CORPS",15890,"PEI",2012,8,9.3275000000000006,74.62,"PEI"]
["A82345","CORPS",16270,"PEI",2012,8,13.50625,108.05,"PEI"]
["A82345","CORPS",16519,"PEI",2012,8,34.587499999999999,276.7,"PEI"]
["A82345","CORPS",16647,"PEI",2012,8,42.23,337.84,"PEI"]
["A82345","CORPS",16740,"PEI",2012,8,6.5625,52.5,"PEI"]
["A82345","CORPS",16741,"PEI",2012,7,{"$f":"H5827/F5827","v":408.03285714285715},2856.23,"PEI"]
["A82345","CORPS",16646,"PEI",2012,5,66.527999999999992,332.64,"PEI"]
["A82345","CORPS",16860,"PEI",2012,9,14.18888888888889,127.7,"PEI"]
["A82345","CORPS",16883,"PEI",2012,1,227.24,227.24,"PEI"]
["A82345","CORPS",17819,"PEI",2013,6,476.03833333333336,2856.23,"PEI"]
["A82345","CORPS",18759,"PEI",2013,11,8.4418181818181814,92.86,"PEI"]
["A82345","CORPS",18675,"PEI",2013,12,3.2958333333333329,39.549999999999997,"PEI"]
["A82345","CORPS",20319,"PEI",2014,9,347.38888888888891,3126.5,"PEI"]
["A82345","CORPS",20654,"PEI",2014,5,59.4,297,"PEI"]
["A82346","CORPS",10194,"CNDOAC",2009,4,40.674999999999997,162.69999999999999,"CND","OAC"]
["A82346","CORPS",10194,"CNDOAC",2009,4,10.3725,41.49,"CND","OAC"]
["A82346","CORPS",11955,"CNDOAC",2010,12,5.9616666666666669,71.540000000000006,"CND","OAC"]
["A82346","CORPS",11955,"CNDOAC",2010,13,5.5030769230769234,71.540000000000006,"CND","OAC"]
["A82346","CORPS",10194,"PEI",2009,4,50.674999999999997,202.7,"PEI"]
["A82346","CORPS",10194,"PEI",2009,4,489.1,1956.4,"PEI"]
["A82346","CORPS",11955,"PEI",2010,12,131.25,1575,"PEI"]
["A82346","CORPS",11955,"PEI",2010,13,59.230769230769234,770,"PEI"]
["A82354-1","BOBINE",12321,"CNDOAS",2010,23,1.9552173913043478,44.97,"CND","OAS"]
["A82465","VIS",10381,"CAD",2009,12,3.125,37.5,"CAD"]
["A82465","VIS",8843,"CNDCAD",2009,44,4.1809090909090907,183.96,"CND","CAD"]
["A82465","VIS",10230,"CNDCAD",2009,41,7.5378048780487807,309.05,"CND","CAD"]
["A82483","BAGUE",13341,"CAD",2011,5,30,150,"CAD"]
["A82483","BAGUE",14057,"CAD",2011,12,4.5,54,"CAD"]
["A82483","BAGUE",15317,"CAD",2011,17,2.8370588235294116,48.23,"CAD"]
["A82483","BAGUE",17611,"CAD",2012,14,6.7857142857142856,95,"CAD"]
["A82484","BAGUE",13345,"CNDCAD",2011,8,81.900000000000006,655.20000000000005,"CND","CAD"]
["A82484","BAGUE",14004,"CNDCAD",2011,4,104.42,417.68,"CND","CAD"]
["A82484","BAGUE",14849,"CNDCAD",2011,21,5.159523809523809,108.35,"CND","CAD"]
["A82484","BAGUE",14848,"CNDCAD",2011,4,27.225000000000001,108.9,"CND","CAD"]
["A82484","BAGUE",17509,"CNDCAD",2012,10,94.01,940.1,"CND","CAD"]
["A82505-1","PLATEAU",14864,"CND",2011,26,7.4230769230769234,193,"CND"]
["A82505-1","PLATEAU",14722,"RECTIF",2011,26,6.7692307692307692,176,"RECTIF"]
["A82505-1","PLATEAU",14282,"TTH",2011,26,2.038846153846154,53.01,"TTH"]
["A82555","BOUCHON",14739,"OAC",2011,18,1.9872222222222224,35.770000000000003,"OAC"]
["A82564","RACCORD",20569,"CNDPELPAS",2014,12,70,840,"CND","PEL","PAS"]
["A82565","RACCORD",20570,"CNDPELPAS",2014,11,5.29,58.19,"CND","PEL","PAS"]
["A82591","PLAQUE",13764,"OAC",2011,11,12.761818181818182,140.38,"OAC"]
["A82591","PLAQUE",13765,"PEI",2011,11,245.7,2702.7,"PEI"]
["A82630","BAGUE",13071,"CNDPAS",2010,8,16.352499999999999,130.82,"CND","PAS"]
["A82666","CORPS",16904,"CNDOACOC",2012,20,3.5770000000000004,71.540000000000006,"CND","OAC","OC"]
["A82717","PLAQUE",10523,"OAC",2009,14,5.1100000000000003,71.540000000000006,"OAC"]
["A82717","PLAQUE",14500,"OAC",2011,18,2.838888888888889,51.1,"OAC"]
["A82717","PLAQUE",16565,"OAC",2012,19,41.760526315789477,793.45,"OAC"]
["A82731","POUSSOIR",12540,"CHR",2010,16,10.125,162,"CHR"]
["A82731","POUSSOIR",10403,"CHR",2009,10,14.863999999999999,148.63999999999999,"CHR"]
["A82731","POUSSOIR",14285,"CHR",2011,16,0,0,"CHR"]
["A82731","POUSSOIR",16554,"CHR",2012,18,10.944444444444445,197,"CHR"]
["A82731","POUSSOIR",10728,"PAS",2009,8,21.032499999999999,168.26,"PAS"]
["A82731","POUSSOIR",12803,"PAS",2010,16,3.1937500000000001,51.1,"PAS"]
["A82731","POUSSOIR",14900,"PAS",2011,16,12.897500000000001,206.36,"PAS"]
["A82731","POUSSOIR",17048,"PAS",2012,18,22.858333333333334,411.45,"PAS"]
["A82733-2","CAME",15306,"CEM",2011,8,23.137499999999999,185.1,"CEM"]
["A82733-2","CAME",12539,"CEM",2010,20,3.9,78,"CEM"]
["A82733-2","CAME",16503,"CNDCAD",2012,6,44.166666666666664,265,"CND","CAD"]
["A82733-2","CAME",13004,"CNDCAD",2010,18,90.066666666666663,1621.2,"CND","CAD"]
["A82733-2","CAME",16286,"CNDCAD",2012,6,18.8,112.8,"CND","CAD"]
["A82733-2","CAME",12381,"CUI",2010,20,0,0,"CUI"]
["A82733-2","CAME",15172,"CUI",2011,8,21.67625,173.41,"CUI"]
["A82733-2","CAME",12637,"DCUI",2010,20,1.8344999999999998,36.69,"DCU"]
["A82733-2","CAME",15587,"DCUI",2012,8,656.25,5250,"DCU"]
["A82733-2","CAME",12967,"NITAL",2010,18,0,0,"NIT"]
["A82733-2","CAME",16145,"NITAL",2012,6,23.366666666666664,140.19999999999999,"NIT"]
["A82733-2","CAME",12869,"RECT",2010,20,4.9504999999999999,99.01,"REC"]
["A82733-2","CAME",15911,"RECT",2012,8,32.878749999999997,263.02999999999997,"REC"]
["A82733-2","CAME",15720,"TTH",2012,8,{"$f":"H5891/F5891","v":17.82375},142.59,"TTH"]
["A82733-2","CAME",12716,"TTH",2010,20,1.9675,39.35,"TTH"]
["A82734-1","CAME",14587,"CAD",2011,19,2.6315789473684212,50,"CAD"]
["A82734-1","CAME",12539,"CEM",2010,16,4.875,78,"CEM"]
["A82734-1","CAME",13798,"CEM",2011,25,12.3232,308.08,"CEM"]
["A82734-1","CAME",14562,"CND",2011,19,10.157894736842104,193,"CND"]
["A82734-1","CAME",13005,"CNDCAD",2010,13,109.84615384615384,1428,"CND","CAD"]
["A82734-1","CAME",12384,"CUI",2010,16,5.8918749999999998,94.27,"CUI"]
["A82734-1","CAME",13608,"CUI",2011,25,15.293199999999999,382.33,"CUI"]
["A82734-1","CAME",12637,"DCUI",2010,16,3.0662500000000001,49.06,"DCU"]
["A82734-1","CAME",13985,"DCUI",2011,24,5.6820833333333338,136.37,"DCU"]
["A82734-1","CAME",12968,"NITAL",2010,13,14.339230769230769,186.41,"NIT"]
["A82734-1","CAME",14433,"NITAL",2011,19,40.906842105263159,777.23,"NIT"]
["A82734-1","CAME",12869,"RECT",2010,16,3.5462500000000001,56.74,"REC"]
["A82734-1","CAME",14300,"RECT",2011,24,3.5466666666666669,85.12,"REC"]
["A82734-1","CAME",12716,"TTH",2010,16,4.3156249999999998,69.05,"TTH"]
["A82734-1","CAME",14085,"TTH",2011,24,0.79625000000000001,19.11,"TTH"]
["A82766","CORPS",9982,"CNDOAS",2009,12,13.200833333333334,158.41,"CND","OAS"]
["A82766","CORPS",9983,"CNDOAS",2009,12,8.7241666666666671,104.69,"CND","OAS"]
["A82766","CORPS",9981,"CNDOAS",2009,12,7.9883333333333333,95.86,"CND","OAS"]
["A82766","CORPS",10582,"CNDOAS",2009,21,2.8033333333333332,58.87,"CND","OAS"]
["A82766","CORPS",11838,"CNDOAS",2010,13,68.343846153846158,888.47,"CND","OAS"]
["A82766","CORPS",11915,"CNDOAS",2010,23,4.9678260869565216,114.26,"CND","OAS"]
["A82766","CORPS",12347,"CNDOAS",2010,13,7.3176923076923073,95.13,"CND","OAS"]
["A82766","CORPS",13219,"CNDOAS",2010,23,3.1104347826086958,71.540000000000006,"CND","OAS"]
["A82766","CORPS",13860,"CNDOAS",2011,27,3.0129629629629626,81.349999999999994,"CND","OAS"]
["A82766","CORPS",15207,"CNDOAS",2011,11,3.2518181818181819,35.770000000000003,"CND","OAS"]
["A82766","CORPS",16574,"CNDOAS",2012,43,0.83186046511627909,35.770000000000003,"CND","OAS"]
["A82766","CORPS",18267,"CNDOAS",2013,53,26.660754716981131,1413.02,"CND","OAS"]
["A82766","CORPS",20128,"USI",2014,52,1.0096153846153846,52.5,"USI"]
["A82767","EMBOUT",16331,"USI",2012,73,1.5068493150684932,110,"USI"]
["A82767","EMBOUT",16409,"USI",2012,73,0.69726027397260271,50.9,"USI"]
["A82829","VIS",19960,"NICK",2014,7,48.910000000000004,342.37,"NICK"]
["A82851","RACCORD",11147,"CNDPELPAS",2010,3,156.36666666666667,469.1,"CND","PEL","PAS"]
["A82851","RACCORD",17438,"CNDPELPAS",2012,7,5.1100000000000003,35.770000000000003,"CND","PEL","PAS"]
["A82899","RACCORD",11349,"PEL",2010,18,179.32444444444445,3227.84,"PEL"]
["A84372","CORPS",14073,"CNDOAS",2011,17,27.681764705882351,470.59,"CND","OAS"]
["A86728-1","VIS",10799,"CNDPEL",2009,5,7.1540000000000008,35.770000000000003,"CND","PEL"]
["A86728-1","VIS",10887,"CNDPEL",2009,5,49.475999999999999,247.38,"CND","PEL"]
["A86728-1","VIS",12430,"CNDPEL",2010,12,5.3550000000000004,64.260000000000005,"CND","PEL"]
["A86728-1","VIS",10590,"PEP",2009,5,231.2,1156,"PEP"]
["A86728-1","VIS",11993,"PEP",2010,13,44.46153846153846,578,"PEP"]
["A86735","FLASQUE",9926,"CND",2009,24,5.416666666666667,130,"CND"]
["A86735","FLASQUE",10798,"CND",2009,25,6.1120000000000001,152.80000000000001,"CND"]
["A86735","FLASQUE",16525,"CND",2012,10,98.872,988.72,"CND"]
["A86735","FLASQUE",16273,"REVENU",2012,10,9.8979999999999997,98.98,"REVENU"]
["A87030-1","CHEMISE",13523,"CND",2011,4,18.5,74,"CND"]
["A8-72137","RACCORD",18986,"TTH",2013,2,33.075000000000003,66.150000000000006,"TTH"]
["A87262","CALE",9289,"CND",2009,66,105.37878787878788,6955,"CND"]
["A87262","CALE",10701,"CND",2009,60,2.1,126,"CND"]
["A87262","CALE",10701,"CND",2009,86,1.6976744186046511,146,"CND"]
["A87262","CALE",14079,"CND",2011,114,2.0385964912280703,232.4,"CND"]
["A87262","CALE",16087,"CND",2012,75,2.8146666666666667,211.1,"CND"]
["A87262","CALE",16563,"CND",2012,26,15.00923076923077,390.24,"CND"]
["A87262","CALE",19105,"CND",2013,92,2.9891304347826089,275,"CND"]
["A87262","CALE",19868,"CND",2014,13,10,130,"CND"]
["A87262","CALE",13882,"REC",2011,114,1.0192982456140351,116.2,"REC"]
["A87262","CALE",15808,"REC",2012,75,2.3466666666666667,176,"REC"]
["A87262","CALE",16088,"REC",2012,52,7.1038461538461535,369.4,"REC"]
["A87262","CALE",18854,"REC",2013,115,1.2343478260869565,141.94999999999999,"REC"]
["A87262","CALE",19562,"REC",2013,44,0.25818181818181818,11.36,"REC"]
["A87262","CALE",8969,"REC",2009,66,1.5,99,"REC"]
["A87262","CALE",10418,"REC",2009,60,1.6498333333333333,98.99,"REC"]
["A87262","CALE",10418,"REC",2009,88,1.125,99,"REC"]
["A87368","CORPS",12039,"CNDOAC",2010,3,{"$f":"H5955/F5955","v":28.74},86.22,"CND","OAC"]
["A87368","CORPS",20336,"CNDOAC",2014,12,8.0499999999999989,96.6,"CND","OAC"]
["A87371-1","GUIDE",16905,"CNDNITDET",2012,15,6.7913333333333332,101.87,"CND","NIT","DET"]
["A87371-1","GUIDE",11947,"DETCNDNIT",2010,5,14.308000000000002,71.540000000000006,"DET","CND","NIT"]
["A87371-1","GUIDE",11878,"RECTIF",2010,5,7.1099999999999994,35.549999999999997,"RECTIF"]
["A87371-1","GUIDE",16702,"RECTIF",2012,15,6.6,99,"RECTIF"]
["A87371-1","GUIDE",15979,"TTH",2012,5,16.667999999999999,83.34,"TTH"]
["A87371-1","GUIDE",16246,"TTH",2012,2,66.5,133,"TTH"]
["A87371-1","GUIDE",16701,"TTH",2012,3,41.67,125.01,"TTH"]
["A87371-1","GUIDE",11200,"TTH",2010,1,25.1,25.1,"TTH"]
["A87371-1","GUIDE",16247,"TTH1",2012,15,8.4546666666666663,126.82,"TTH1"]
["A87371-1","GUIDE",11760,"TTH1",2010,5,8.4319999999999986,42.16,"TTH1"]
["A87372","PLAQUE",11867,"OAC",2010,8,0,0,"OAC"]
["A87373","COUPELLE",11852,"PELPAS",2010,11,29.371818181818181,323.08999999999997,"PEL","PAS"]
["A87373","COUPELLE",14042,"PELPAS",2011,12,644.49333333333334,7733.92,"PEL","PAS"]
["A87373","COUPELLE",15764,"PELPAS",2012,24,108.87041666666666,2612.89,"PEL","PAS"]
["A87373","COUPELLE",18246,"PELPAS",2013,8,23.995000000000001,191.96,"PEL","PAS"]
["A87379","SUPPORT MATRICE USINE",11754,"CNDOAC",2010,3,25.55,76.650000000000006,"CND","OAC"]
["A87381-1","LEVIER",15678,"CEM",2012,12,13.833333333333334,166,"CEM"]
["A87381-1","LEVIER",12389,"CEM",2010,4,34,136,"CEM"]
["A87381-1","LEVIER",12944,"CNDCAD",2010,4,820.29750000000001,3281.19,"CND","CAD"]
["A87381-1","LEVIER",16804,"CNDCAD",2012,12,79.375,952.5,"CND","CAD"]
["A87381-1","LEVIER",12197,"CUI",2010,4,0,0,"CUI"]
["A87381-1","LEVIER",15094,"CUI",2011,12,5.9616666666666669,71.540000000000006,"CUI"]
["A87381-1","LEVIER",12531,"DECUI",2010,4,17.885000000000002,71.540000000000006,"DEC","UI"]
["A87381-1","LEVIER",15902,"DECUI",2012,12,3.16,37.92,"DEC","UI"]
["A87381-1","LEVIER",12863,"RECTIF",2010,4,17.934999999999999,71.739999999999995,"RECTIF"]
["A87381-1","LEVIER",16438,"RECTIF",2012,12,11.269166666666665,135.22999999999999,"RECTIF"]
["A87381-1","LEVIER",16033,"TTH",2012,12,10.419166666666667,125.03,"TTH"]
["A87381-1","LEVIER",12604,"TTH",2010,4,36.662500000000001,146.65,"TTH"]
["A87523","SUPPORT",18485,"OAC",2013,7,5.6728571428571426,39.71,"OAC"]
["A87523","SUPPORT",18761,"OC",2013,7,7.3,51.1,"OC"]
["A87539","BOUCHON",12264,"OAC",2010,7,5.1100000000000003,35.770000000000003,"OAC"]
["A87539","BOUCHON",14445,"OAC",2011,10,21.922000000000001,219.22,"OAC"]
["A87539","BOUCHON",20849,"OAC",2014,6,155.77000000000001,934.62,"OAC"]
["A87540-3","LEVIER MATRICE USINE",12249,"CNDOAC",2010,3,23.846666666666668,71.540000000000006,"CND","OAC"]
["A87540-3","LEVIER MATRICE USINE",15070,"CNDOAC",2011,11,3.2518181818181819,35.770000000000003,"CND","OAC"]
["A87540-3","LEVIER MATRICE USINE",16288,"CNDOAC",2012,6,5.9616666666666669,35.770000000000003,"CND","OAC"]
["A87549","RACCORD",19526,"CNDPELPAS",2013,5,7.1540000000000008,35.770000000000003,"CND","PEL","PAS"]
["A87549","RACCORD",13173,"CNDPELPAS",2010,4,8.9425000000000008,35.770000000000003,"CND","PEL","PAS"]
["A87565-4","RONDELLE",11336,"CND",2010,26,8,208,"CND"]
["A87565-4","RONDELLE",11742,"CND",2010,10,23,230,"CND"]
["A87565-4","RONDELLE",16663,"CND",2012,105,2.279809523809524,239.38,"CND"]
["A87565-4","RONDELLE",16114,"TTH",2012,3,39.206666666666671,117.62,"TTH"]
["A87565-4","RONDELLE",10894,"TTH",2009,1,28.95,28.95,"TTH"]
["A87565-4","RONDELLE",11201,"TTH",2010,1,21.75,21.75,"TTH"]
["A87565-60","RONDELLE",14194,"CND",2011,123,3.1382113821138211,386,"CND"]
["A87565-60","RONDELLE",18747,"CND",2013,96,21.53125,2067,"CND"]
["A87565-60","RONDELLE",18207,"TTH",2013,4,668.11500000000001,2672.46,"TTH"]
["A87565-60","RONDELLE",13963,"TTH",2011,4,5.7874999999999996,23.15,"TTH"]
["A8-76505","EMBOUT MASSE",11101,"CND",2010,2,65,130,"CND"]
["A8-76505","EMBOUT MASSE",16567,"CND",2012,3,89.333333333333329,268,"CND"]
["A8-76505","EMBOUT MASSE",11296,"OAC",2010,2,437.67500000000001,875.35,"OAC"]
["A8-76505","EMBOUT MASSE",16895,"OAC",2012,3,42.123333333333335,126.37,"OAC"]
["A87744","RONDELLE",16331,"COMPLET",2012,105,1.1462857142857144,120.36,"COMP"]
["A87744","RONDELLE",19038,"COMPLET",2014,102,0.88970588235294112,90.75,"COMP"]
["A87756","COUPELLE",9183,"PAS",2009,104,1.7429807692307693,181.27,"PAS"]
["A87756","COUPELLE",14632,"PAS",2011,30,11.048333333333334,331.45,"PAS"]
["A87756","COUPELLE",14633,"PAS",2011,23,16.578260869565216,381.3,"PAS"]
["A87756","COUPELLE",14646,"PAS",2011,64,4.2156250000000002,269.8,"PAS"]
["A87756","COUPELLE",16974,"PAS",2012,60,2.0166666666666666,121,"PAS"]
["A87756","COUPELLE",18456,"PAS",2013,60,6.7033333333333331,402.2,"PAS"]
["A87756","COUPELLE",19622,"PAS",2013,64,6.2843749999999998,402.2,"PAS"]
["A87759","COUPELLE",14653,"MAGNAPASS",2011,97,0,0,"MAGNA","PASS"]
["A87759","COUPELLE",16618,"MAGNAPASS",2012,82,{"$f":"H6019/F6019","v":1.963048780487805},160.97,"MAGNA","PASS"]
["A87759","COUPELLE",18839,"MAGNAPASS",2013,91,1.8521978021978023,168.55,"MAGNA","PASS"]
["A87759","COUPELLE",19968,"MAGNAPASS",2014,82,2.0825609756097561,170.77,"MAGNA","PASS"]
["A87761","BOUCHON",9553,"PELPAS",2009,44,3.7954545454545454,167,"PEL","PAS"]
["A87761","BOUCHON",11347,"PELPAS",2010,42,2.2457142857142856,94.32,"PEL","PAS"]
["A87764-2","PISTON",9038,"CND",2009,22,5.9090909090909092,130,"CND"]
["A87764-2","PISTON",9023,"CND",2009,23,2.8260869565217392,65,"CND"]
["A87764-2","PISTON",9684,"CND",2009,22,8.7727272727272734,193,"CND"]
["A87764-2","PISTON",11279,"CND",2010,21,6.1904761904761907,130,"CND"]
["A87764-2","PISTON",12027,"CND",2010,11,11.818181818181818,130,"CND"]
["A87764-2","PISTON",9423,"TTH",2009,23,4.0708695652173912,93.63,"TTH"]
["A87764-2","PISTON",10068,"TTH",2009,22,1.0922727272727273,24.03,"TTH"]
["A87764-2","PISTON",11597,"TTH",2010,12,1.9625000000000001,23.55,"TTH"]
["A87782","ARBRE CANNELE",19981,"RECTIF",2014,50,1.9808000000000001,99.04,"RECTIF"]
["A87782","ARBRE CANNELE",19999,"RECTIF",2014,25,3.1480000000000001,78.7,"RECTIF"]
["A87782","ARBRE CANNELE",20406,"RECTIF",2014,102,0.97186274509803916,99.13,"RECTIF"]
["A87782","ARBRE CANNELE",20489,"RECTIF",2014,101,0.98039603960396038,99.02,"RECTIF"]
["A87782","ARBRE CANNELE",19410,"TAILLAGE",2014,75,3.1215999999999999,234.12,"TAIL"]
["A87782","ARBRE CANNELE",19410,"TAILLAGE",2014,30,3.6993333333333336,110.98,"TAIL"]
["A87782","ARBRE CANNELE",19894,"TAILLAGE",2014,101,1.0991089108910892,111.01,"TAIL"]
["A87782","ARBRE CANNELE",19990,"TAILLAGE",2014,102,1.088235294117647,111,"TAIL"]
["A87782","ARBRE CANNELE",19410,"TAILLAGE",2014,-30,-1.046,31.38,"TAIL"]
["A87782","ARBRE CANNELE",19606,"USI",2013,104,0.50480769230769229,52.5,"USI"]
["A87782","ARBRE CANNELE",19606,"USI",2014,102,0.81441176470588228,83.07,"USI"]
["A87861","TETE DE FILTRE",10944,"CNDOAC",2009,5,47.07,235.35,"CND","OAC"]
["A87882","AXE",19908,"CHR",2014,81,3.3333333333333335,270,"CHR"]
["A87882","AXE",19908,"CHR",2014,19,10.315789473684211,196,"CHR"]
["A87882","AXE",20517,"CHR",2014,48,2.625,126,"CHR"]
["A87882","AXE",20517,"CHR",2014,54,3.6296296296296298,196,"CHR"]
["A87882","AXE",20557,"CND",2014,114,1.1052631578947369,126,"CND"]
["A87882","AXE",20749,"CND",2014,119,0.57218487394957984,68.09,"CND"]
["A87882","AXE",19881,"CND",2013,100,22.378200000000003,2237.8200000000002,"CND"]
["A87882","AXE",20356,"CND",2014,102,18.960882352941177,1934.01,"CND"]
["A87882","AXE",20819,"CNDCAD",2014,102,0.50098039215686274,51.1,"CND","CAD"]
["A87882","AXE",20154,"CNDCAD",2014,65,16.196923076923078,1052.8,"CND","CAD"]
["A87882","AXE",20429,"CNDCAD",2014,19,34.736842105263158,660,"CND","CAD"]
["A87882","AXE",20086,"RECTIF",2014,80,0.59024999999999994,47.22,"RECTIF"]
["A87882","AXE",20179,"RECTIF",2014,19,5.2084210526315786,98.96,"RECTIF"]
["A87882","AXE",20707,"RECTIF",2014,54,1.8335185185185185,99.01,"RECTIF"]
["A87882","AXE",20707,"RECTIF",2014,48,2.8627083333333334,137.41,"RECTIF"]
["A87882","AXE",20840,"RECTIF",2014,15,6.6,99,"RECTIF"]
["A87882","AXE",20991,"RECTIF",2014,88,1.8686363636363637,164.44,"RECTIF"]
["A87882","AXE",20065,"USI",2014,35,4.2514285714285718,148.80000000000001,"USI"]
["A87882","AXE",20065,"USI",2014,70,1.1571428571428573,81,"USI"]
["A87882","AXE",20066,"USI",2014,100,2.3085,230.85,"USI"]
["A87882","AXE",20064,"USI",2014,120,0.94,112.8,"USI"]
["A88004","GLACE",9431,"CND",2009,139,1.4388489208633093,200,"CND"]
["A88004","GLACE",10915,"CND",2009,60,2.1666666666666665,130,"CND"]
["A88004","GLACE",11342,"CND",2010,74,1.7567567567567568,130,"CND"]
["A88004","GLACE",11501,"CND",2010,50,2.6,130,"CND"]
["A88004","GLACE",12216,"CND",2010,37,6.5540540540540544,242.5,"CND"]
["A88004","GLACE",13583,"CND",2011,115,4.2556521739130435,489.4,"CND"]
["A88004","GLACE",14610,"CND",2011,35,11.028571428571428,386,"CND"]
["A88004","GLACE",14921,"CND",2011,55,7.0181818181818185,386,"CND"]
["A88004","GLACE",15503,"CND",2011,67,3.1940298507462686,214,"CND"]
["A88004","GLACE",15903,"CND",2012,51,5.0441176470588234,257.25,"CND"]
["A88004","GLACE",16165,"CND",2012,88,9.3763636363636369,825.12,"CND"]
["A88004","GLACE",16956,"CND",2012,45,2.1888888888888891,98.5,"CND"]
["A88004","GLACE",18251,"CND",2013,99,10.393939393939394,1029,"CND"]
["A88004","GLACE",20917,"CND",2014,33,41.212121212121211,1360,"CND"]
["A88004","GLACE",19662,"CND",2013,80,89.392499999999998,7151.4,"CND"]
["A88004","GLACE",9510,"REC",2009,139,2.784388489208633,387.03,"REC"]
["A88004","GLACE",11003,"REC",2009,59,1.8003389830508474,106.22,"REC"]
["A88004","GLACE",11434,"REC",2010,74,1.3378378378378379,99,"REC"]
["A88004","GLACE",11683,"REC",2010,49,{"$f":"H6083/F6083","v":7.6408163265306115},374.4,"REC"]
["A88004","GLACE",12271,"REC",2010,36,2.7502777777777778,99.01,"REC"]
["A88004","GLACE",13853,"REC",2011,114,0.67947368421052623,77.459999999999994,"REC"]
["A88004","GLACE",14716,"REC",2011,35,2.8285714285714287,99,"REC"]
["A88004","GLACE",15134,"REC",2011,55,1.5634545454545454,85.99,"REC"]
["A88004","GLACE",15631,"REC",2012,66,0.51651515151515159,34.090000000000003,"REC"]
["A88004","GLACE",16056,"REC",2012,51,1.9407843137254903,98.98,"REC"]
["A88004","GLACE",16322,"REC",2012,87,1.1379310344827587,99,"REC"]
["A88004","GLACE",17083,"REC",2012,45,2.2000000000000002,99,"REC"]
["A88004","GLACE",18408,"REC",2013,99,0.60808080808080811,60.2,"REC"]
["A88004","GLACE",20006,"REC",2014,80,3.17225,253.78,"REC"]
["A88004","GLACE",14766,"TTH",2011,55,2.060909090909091,113.35,"TTH"]
["A88004","GLACE",15304,"TTH",2011,67,0.30940298507462688,20.73,"TTH"]
["A88004","GLACE",15718,"TTH",2012,51,2.1762745098039216,110.99,"TTH"]
["A88004","GLACE",16036,"TTH",2012,88,3.1363636363636362,276,"TTH"]
["A88004","GLACE",16766,"TTH",2012,45,4.2666666666666666,192,"TTH"]
["A88004","GLACE",18110,"TTH",2013,99,4.808080808080808,476,"TTH"]
["A88004","GLACE",19493,"TTH",2013,80,0.30412499999999998,24.33,"TTH"]
["A88004","GLACE",20823,"TTH",2014,33,0.44696969696969696,14.75,"TTH"]
["A88004","GLACE",9308,"TTH",2009,139,0.49187050359712231,68.37,"TTH"]
["A88004","GLACE",10765,"TTH",2009,60,2.4624999999999999,147.75,"TTH"]
["A88004","GLACE",11234,"TTH",2010,74,0.23500000000000001,17.39,"TTH"]
["A88004","GLACE",11425,"TTH",2010,50,0.33340000000000003,16.670000000000002,"TTH"]
["A88004","GLACE",12080,"TTH",2010,37,0.49405405405405406,18.28,"TTH"]
["A88004","GLACE",13474,"TTH",2011,115,1.1105217391304347,127.71,"TTH"]
["A88004","GLACE",14419,"TTH",2011,35,1.1094285714285714,38.83,"TTH"]
["A88005-1","SUPPORT",15275,"CNDOC",2011,30,1.1923333333333335,35.770000000000003,"CND","OC"]
["A88005-1","SUPPORT",16123,"CNDOC",2012,29,4.7575862068965513,137.97,"CND","OC"]
["A88005-1","SUPPORT",10792,"CNDOC",2009,40,23.25,930,"CND","OC"]
["A88005-1","SUPPORT",11750,"CNDOC",2010,45,17.333333333333332,780,"CND","OC"]
["A88005-1","SUPPORT",14067,"CNDOC",2011,29,0,0,"CND","OC"]
["A88005-1","SUPPORT",17574,"CNDOC",2013,55,6.1981818181818173,340.9,"CND","OC"]
["A88079","FOND",9093,"USIN",2009,158,1.3037974683544304,206,"USI"]
["A88079","FOND",11277,"USIN",2010,157,0.79617834394904463,125,"USI"]
["A88079","FOND",14082,"USIN",2011,158,0.92379746835443044,145.96,"USI"]
["A88079","FOND",14894,"USIN",2012,153,2.2418300653594772,343,"USI"]
["A88079","FOND",17615,"USIN",2013,158,0.89873417721518989,142,"USI"]
["A88079","FOND",19038,"USIN",2014,152,0.82236842105263153,125,"USI"]
["A88089-1","FOND",8612,"USITRAIT",2009,127,1.2677165354330708,161,"USI","TRAIT"]
["A88090","ENTRETOISE",8612,"COMPLET",2009,128,4.2324999999999999,541.76,"COMP"]
["A88100-1","EMBASE",9267,"CND",2009,25,15.44,386,"CND"]
["A88100-1","EMBASE",13642,"CND",2011,25,1.48,37,"CND"]
["A88100-1","EMBASE",18888,"CND",2013,26,6.2307692307692308,162,"CND"]
["A88123-2","CORPS",9107,"CNDOAC",2009,22,2.8618181818181818,62.96,"CND","OAC"]
["A88123-2","CORPS",13496,"CNDOAC",2011,22,3.2518181818181819,71.540000000000006,"CND","OAC"]
["A88123-2","CORPS",15612,"CNDOAC",2012,23,1.5465217391304349,35.57,"CND","OAC"]
["A88123-2","CORPS",17630,"CNDOAC",2012,21,22.740476190476191,477.55,"CND","OAC"]
["A88123-2","CORPS",18798,"CNDOAC",2013,21,3.4066666666666672,71.540000000000006,"CND","OAC"]
["A88123-2","CORPS",16007,"OC",2012,23,3.4326086956521742,78.95,"OC"]
["A88123-2","CORPS",18944,"OC",2013,21,12.877142857142857,270.42,"OC"]
["A88123-2","CORPS",9270,"OC",2009,22,19.280909090909091,424.18,"OC"]
["A88123-2","CORPS",13661,"OC",2011,22,24.62,541.64,"OC"]
["A88123-2","CORPS",17870,"OC",2013,21,5.3390476190476193,112.12,"OC"]
["A88123-2","CORPS",16007,"PEI",2012,23,6.7334782608695658,154.87,"PEI"]
["A88123-2","CORPS",18944,"PEI",2013,21,2.5680952380952382,53.93,"PEI"]
["A88123-2","CORPS",13661,"PEI",2011,22,1.6386363636363634,36.049999999999997,"PEI"]
["A88123-2","CORPS",17870,"PEI",2013,21,4.7580952380952386,99.92,"PEI"]
["A88123-2","CORPS",9271,"PEI",2009,22,1.8727272727272728,41.2,"PEI"]
["A88134","FLASQUE",13741,"CND",2011,120,1.4266666666666665,171.2,"CND"]
["A88134","FLASQUE",18114,"CND",2013,67,45.985074626865675,3081,"CND"]
["A88134","FLASQUE",17984,"TTH",2013,67,-12.313432835820896,-825,"TTH"]
["A88134","FLASQUE",13528,"TTH",2011,120,0.11624999999999999,13.95,"TTH"]
["A88275","BOUCHON",15907,"OAC",2012,26,16.194615384615386,421.06,"OAC"]
["A88275","BOUCHON",15908,"PEI",2012,26,122.24923076923076,3178.48,"PEI"]
["A88394","PION",8017,"COMPLETE",2009,111,{"$f":"H6147/F6147","v":8.6644144144144146},961.75,"COMP"]
["A88484","PIGNON",13127,"CNDPAS",2010,14,5.9714285714285706,83.6,"CND","PAS"]
["A88484","PIGNON",13072,"TAILLAGE",2010,14,25.401428571428571,355.62,"TAIL"]
["A88619-1","SEMELLE",11520,"CND",2010,538,0.24163568773234201,130,"CND"]
["A88619-1","SEMELLE",13027,"CND",2010,510,0.76494117647058824,390.12,"CND"]
["A88619-1","SEMELLE",14323,"CND",2011,304,1.3157894736842106,400,"CND"]
["A88619-1","SEMELLE",17588,"CND",2012,291,4.006872852233677,1166,"CND"]
["A88619-1","SEMELLE",18826,"CND",2013,331,0.36253776435045315,120,"CND"]
["A88619-1","SEMELLE",20168,"CND",2014,422,1.1598341232227487,489.45,"CND"]
["A88619-1","SEMELLE",20344,"CND",2014,550,0.91127272727272723,501.2,"CND"]
["A88619-1","SEMELLE",20342,"CND",2014,344,3.4819767441860465,1197.8,"CND"]
["A88619-1","SEMELLE",20343,"CND",2014,550,5.3519999999999994,2943.6,"CND"]
["A88619-1","SEMELLE",19892,"USI",2014,422,0.59028436018957342,249.1,"USI"]
["A88619-1","SEMELLE",20075,"USI",2014,550,2.5818181818181817E-3,1.42,"USI"]
["A88619-1","SEMELLE",20076,"USI",2014,550,2.7272727272727271E-2,15,"USI"]
["A88619-1","SEMELLE",20077,"USI",2014,344,0.49127906976744184,169,"USI"]
["A88648","RONDELLE",17327,"OAC",2012,45,15.050666666666666,677.28,"OAC"]
["A88722","SEMELLE",15145,"CND",2011,600,0.21,126,"CND"]
["A88722","SEMELLE",9189,"CND",2009,552,2.2431159420289855,1238.2,"CND"]
["A88722","SEMELLE",9905,"CND",2009,615,0.33821138211382112,208,"CND"]
["A88722","SEMELLE",12065,"CND",2010,233,4.2072103004291845,980.28,"CND"]
["A88722","SEMELLE",12419,"CND",2010,521,0.24952015355086371,130,"CND"]
["A88722","SEMELLE",13013,"CND",2010,657,1.355357686453577,890.47,"CND"]
["A88722","SEMELLE",13919,"CND",2011,532,0.17593984962406015,93.6,"CND"]
["A88722","SEMELLE",16422,"CND",2012,532,1.3356578947368423,710.57,"CND"]
["A88722","SEMELLE",17121,"CND",2012,553,1.7423146473779385,963.5,"CND"]
["A88722","SEMELLE",17562,"CND",2012,524,3.967557251908397,2079,"CND"]
["A88722","SEMELLE",18136,"CND",2013,529,0.22684310018903592,120,"CND"]
["A88722","SEMELLE",18518,"CND",2013,579,1.3203799654576858,764.5,"CND"]
["A88722","SEMELLE",20347,"CND",2014,619,1.9846526655896608,1228.5,"CND"]
["A88722","SEMELLE",20435,"CND",2014,611,3.9198036006546646,2395,"CND"]
["A88722","SEMELLE",19149,"CND",2013,550,0.98181818181818181,540,"CND"]
["A88722","SEMELLE",20063,"USI",2014,611,0.33142389525368249,202.5,"USI"]
["A88722","SEMELLE",20067,"USI",2014,611,4.8805237315875612E-2,29.82,"USI"]
["A88728","FRETTE",14982,"CND",2011,8,57.927500000000002,463.42,"CND"]
["A88728","FRETTE",14982,"NITAL",2011,8,7.1662499999999998,57.33,"NIT"]
["A88728","FRETTE",14831,"RECTIF",2011,8,2.7787500000000001,22.23,"RECTIF"]
["A88728","FRETTE",14464,"TTH",2011,8,1.9137500000000001,15.31,"TTH"]
["A88775","SUPPORT",10533,"CNDOC",2009,10,68.400000000000006,684,"CND","OC"]
["A88775","SUPPORT",20537,"CNDOC",2014,14,177.92857142857142,2491,"CND","OC"]
["A88775","SUPPORT",20536,"CNDOC",2014,14,85.714285714285708,1200,"CND","OC"]
["A88823","ARBRE FUSIBLE",17911,"CND",2013,20,9.0120000000000005,180.24,"CND"]
["A88823","ARBRE FUSIBLE",18123,"CND",2013,21,6.1904761904761907,130,"CND"]
["A88823","ARBRE FUSIBLE",20032,"CND",2014,5,26,130,"CND"]
["A88823","ARBRE FUSIBLE",17912,"OAT",2013,20,8.016,160.32,"OAT"]
["A88823","ARBRE FUSIBLE",18124,"OAT",2013,21,3.3785714285714286,70.95,"OAT"]
["A88823","ARBRE FUSIBLE",17713,"TAILLAGE",2013,21,3.3576190476190479,70.510000000000005,"TAIL"]
["A88823","ARBRE FUSIBLE",17712,"TAILLAGE",2013,20,1.1755,23.51,"TAIL"]
["A88823","ARBRE FUSIBLE",19801,"TAILLAGE",2014,22,19.66,432.52,"TAIL"]
["A88823","ARBRE FUSIBLE",20768,"TAILLAGE",2014,21,9.02,189.42,"TAIL"]
["A89113","ECROU",19123,"USI",2013,25,6.2320000000000002,155.80000000000001,"USI"]
["A89113","ECROU",10318,"USI",2009,21,27.781904761904759,583.41999999999996,"USI"]
["A89113","ECROU",14443,"USI",2011,13,2.3615384615384616,30.7,"USI"]
["A89113","ECROU",15208,"USI",2011,29,0.57931034482758625,16.8,"USI"]
["A89216","RAMPE DE GRAISSAGE",10307,"CNDOACMSE",2009,32,2.2356250000000002,71.540000000000006,"CND","OAC"]
["A89216","RAMPE DE GRAISSAGE",10307,"PEIMSE",2009,32,1.345,43.04,"PEI"]
["A89217","BAGUE",10278,"DETCADMSE",2009,33,0,0,"DET","CAD"]
["A89217","BAGUE",10279,"PEIMSE",2009,33,258.81030303030303,8540.74,"PEI"]
["A89217","BAGUE",10020,"TTHMSE",2009,6,10.28,61.68,"TTH"]
["A89256-1","SUPPORT",16871,"CNDOC",2012,43,1.782558139534884,76.650000000000006,"CND","OC"]
["A89256-1","SUPPORT",19078,"CNDOC",2013,43,59.02325581395349,2538,"CND","OC"]
["A89256-1","SUPPORT",19560,"CNDOC",2013,43,59.02325581395349,2538,"CND","OC"]
["A89257","BAGUE",18180,"OAC",2013,44,9.8297727272727276,432.51,"OAC"]
["A89477-4","CORPS RAFALE T",18754,"CND",2013,6,130.32,781.92,"CND"]
["A89477-4","CORPS RAFALE T",9262,"CNDOCOAC",2009,3,{"$f":"H6211/F6211","v":37.376666666666665},112.13,"CND","OC","OAC"]
["A89477-4","CORPS RAFALE T",10597,"CNDOCOAC",2009,3,23.846666666666668,71.540000000000006,"CND","OC","OAC"]
["A89477-4","CORPS RAFALE T",10613,"CNDOCOAC",2009,3,246.91666666666666,740.75,"CND","OC","OAC"]
["A89477-4","CORPS RAFALE T",10864,"CNDOCOAC",2009,1,138.79,138.79,"CND","OC","OAC"]
["A89477-4","CORPS RAFALE T",12287,"CNDOCOAC",2010,5,16.352,81.760000000000005,"CND","OC","OAC"]
["A89477-4","CORPS RAFALE T",13120,"CNDOCOAC",2011,3,52.803333333333335,158.41,"CND","OC","OAC"]
["A89477-4","CORPS RAFALE T",13120,"CNDOCOAC",2011,1,100.83,100.83,"CND","OC","OAC"]
["A89477-4","CORPS RAFALE T",13676,"CNDOCOAC",2011,1,362.81,362.81,"CND","OC","OAC"]
["A89477-4","CORPS RAFALE T",14005,"CNDOCOAC",2011,4,23.504999999999999,94.02,"CND","OC","OAC"]
["A89477-4","CORPS RAFALE T",15784,"CNDOCOAC",2012,10,56.120000000000005,561.20000000000005,"CND","OC","OAC"]
["A89477-4","CORPS RAFALE T",16836,"CNDOCOAC",2012,10,28.82,288.2,"CND","OC","OAC"]
["A89477-4","CORPS RAFALE T",18724,"CNDOCOAC",2013,6,23.421666666666667,140.53,"CND","OC","OAC"]
["A89477-4","CORPS RAFALE T",20178,"CNDOCOAC",2014,5,22.484000000000002,112.42,"CND","OC","OAC"]
["A89477-4","CORPS RAFALE T",20143,"CNDOCOAC",2014,6,32.686666666666667,196.12,"CND","OC","OAC"]
["A89477-4","CORPS RAFALE T",20696,"CNDOCOAC",2014,5,15.330000000000002,76.650000000000006,"CND","OC","OAC"]
["A89477-4","CORPS RAFALE T",20482,"CNDOCOAC",2014,5,7.1540000000000008,35.770000000000003,"CND","OC","OAC"]
["A89477-4","CORPS RAFALE T",20831,"CNDOCOAC",2014,5,23.137999999999998,115.69,"CND","OC","OAC"]
["A89477-4","CORPS RAFALE T",20177,"CNDOCOAC",2014,6,5.9616666666666669,35.770000000000003,"CND","OC","OAC"]
["A89477-4","CORPS RAFALE T",20175,"CNDOCOAC",2014,6,110.75166666666667,664.51,"CND","OC","OAC"]
["A89477-4","CORPS RAFALE T",9419,"PEI",2009,3,43.363333333333337,130.09,"PEI"]
["A89477-4","CORPS RAFALE T",10909,"PEI",2009,3,77.86666666666666,233.6,"PEI"]
["A89477-4","CORPS RAFALE T",11298,"PEI",2010,4,58.4,233.6,"PEI"]
["A89477-4","CORPS RAFALE T",12605,"PEI",2010,4,300,1200,"PEI"]
["A89477-4","CORPS RAFALE T",12645,"PEI",2010,1,689,689,"PEI"]
["A89477-4","CORPS RAFALE T",13509,"PEI",2011,3,11.666666666666666,35,"PEI"]
["A89477-4","CORPS RAFALE T",13929,"PEI",2011,1,156.21,156.21,"PEI"]
["A89477-4","CORPS RAFALE T",17347,"PEI",2012,7,18.244285714285713,127.71,"PEI"]
["A89477-4","CORPS RAFALE T",17347,"PEI",2012,3,68.95,206.85,"PEI"]
["A89477-4","CORPS RAFALE T",19366,"PEI",2013,1,71.900000000000006,71.900000000000006,"PEI"]
["A89477-4","CORPS RAFALE T",19443,"PEI",2013,5,14.38,71.900000000000006,"PEI"]
["A89517","SUPPORT ACCU GAUCHE",18883,"CND",2013,31,1.9996774193548388,61.99,"CND"]
["A89517","SUPPORT ACCU GAUCHE",20528,"CND",2014,32,2.0956250000000001,67.06,"CND"]
["A89517","SUPPORT ACCU GAUCHE",19200,"CND",2013,32,8.1125000000000007,259.60000000000002,"CND"]
["A89517","SUPPORT ACCU GAUCHE",8970,"CNDOACOCPEI",2009,23,1.5552173913043479,35.770000000000003,"CND","OAC","OC","PEI"]
["A89517","SUPPORT ACCU GAUCHE",9768,"CNDOACOCPEI",2009,23,1.5552173913043479,35.770000000000003,"CND","OAC","OC","PEI"]
["A89517","SUPPORT ACCU GAUCHE",9768,"CNDOACOCPEI",2009,1,71.540000000000006,71.540000000000006,"CND","OAC","OC","PEI"]
["A89517","SUPPORT ACCU GAUCHE",9867,"CNDOACOCPEI",2009,24,2.9808333333333334,71.540000000000006,"CND","OAC","OC","PEI"]
["A89517","SUPPORT ACCU GAUCHE",10494,"CNDOACOCPEI",2009,24,1.4904166666666667,35.770000000000003,"CND","OAC","OC","PEI"]
["A89517","SUPPORT ACCU GAUCHE",11257,"CNDOACOCPEI",2010,23,4.6656521739130437,107.31,"CND","OAC","OC","PEI"]
["A89517","SUPPORT ACCU GAUCHE",11614,"CNDOACOCPEI",2010,23,1.5552173913043479,35.770000000000003,"CND","OAC","OC","PEI"]
["A89517","SUPPORT ACCU GAUCHE",12179,"CNDOACOCPEI",2010,32,5.4984374999999996,175.95,"CND","OAC","OC","PEI"]
["A89517","SUPPORT ACCU GAUCHE",12980,"CNDOACOCPEI",2010,24,1.4904166666666667,35.770000000000003,"CND","OAC","OC","PEI"]
["A89517","SUPPORT ACCU GAUCHE",12980,"CNDOACOCPEI",2010,16,2.2356250000000002,35.770000000000003,"CND","OAC","OC","PEI"]
["A89517","SUPPORT ACCU GAUCHE",14041,"CNDOACOCPEI",2011,24,3.3641666666666663,80.739999999999995,"CND","OAC","OC","PEI"]
["A89517","SUPPORT ACCU GAUCHE",14637,"CNDOACOCPEI",2011,32,1.1178125000000001,35.770000000000003,"CND","OAC","OC","PEI"]
["A89517","SUPPORT ACCU GAUCHE",15196,"CNDOACOCPEI",2011,30,1.1923333333333335,35.770000000000003,"CND","OAC","OC","PEI"]
["A89517","SUPPORT ACCU GAUCHE",16081,"CNDOACOCPEI",2012,24,4.2070833333333333,100.97,"CND","OAC","OC","PEI"]
["A89517","SUPPORT ACCU GAUCHE",16345,"CNDOACOCPEI",2012,23,1.5552173913043479,35.770000000000003,"CND","OAC","OC","PEI"]
["A89517","SUPPORT ACCU GAUCHE",16677,"CNDOACOCPEI",2012,24,1.4904166666666667,35.770000000000003,"CND","OAC","OC","PEI"]
["A89517","SUPPORT ACCU GAUCHE",17180,"CNDOACOCPEI",2012,32,1.7884374999999999,57.23,"CND","OAC","OC","PEI"]
["A89517","SUPPORT ACCU GAUCHE",17932,"CNDOACOCPEI",2013,31,40.645161290322584,1260,"CND","OAC","OC","PEI"]
["A89517","SUPPORT ACCU GAUCHE",18433,"CNDOACOCPEI",2013,24,97.916666666666671,2350,"CND","OAC","OC","PEI"]
["A89517","SUPPORT ACCU GAUCHE",19488,"CNDOACOCPEI",2013,26,2.7515384615384617,71.540000000000006,"CND","OAC","OC","PEI"]
["A89517","SUPPORT ACCU GAUCHE",19496,"CNDOACOCPEI",2013,31,2.3077419354838713,71.540000000000006,"CND","OAC","OC","PEI"]
["A89517","SUPPORT ACCU GAUCHE",19487,"CNDOACOCPEI",2013,26,3.9899999999999998,103.74,"CND","OAC","OC","PEI"]
["A89517","SUPPORT ACCU GAUCHE",19495,"CNDOACOCPEI",2013,31,3.1029032258064517,96.19,"CND","OAC","OC","PEI"]
["A89517","SUPPORT ACCU GAUCHE",18884,"OACOCPEI",2013,30,0,0,"OAC","OC","PEI"]
["A89518","SUPPORT ACCU DROIT",20526,"CND",2014,32,9.375,300,"CND"]
["A89518","SUPPORT ACCU DROIT",19201,"CND",2013,24,79.625,1911,"CND"]
["A89518","SUPPORT ACCU DROIT",9015,"CNDOACOCPEI",2009,24,4.9483333333333333,118.76,"CND","OAC","OC","PEI"]
["A89518","SUPPORT ACCU DROIT",9866,"CNDOACOCPEI",2009,24,2.9808333333333334,71.540000000000006,"CND","OAC","OC","PEI"]
["A89518","SUPPORT ACCU DROIT",10488,"CNDOACOCPEI",2009,24,4.0241666666666669,96.58,"CND","OAC","OC","PEI"]
["A89518","SUPPORT ACCU DROIT",11256,"CNDOACOCPEI",2010,24,3.8904166666666669,93.37,"CND","OAC","OC","PEI"]
["A89518","SUPPORT ACCU DROIT",11615,"CNDOACOCPEI",2010,18,5.0155555555555553,90.28,"CND","OAC","OC","PEI"]
["A89518","SUPPORT ACCU DROIT",12179,"CNDOACOCPEI",2010,26,{"$f":"H6275/F6275","v":6.921153846153846},179.95,"CND","OAC","OC","PEI"]
["A89518","SUPPORT ACCU DROIT",12997,"CNDOACOCPEI",2010,24,1.4904166666666667,35.770000000000003,"CND","OAC","OC","PEI"]
["A89518","SUPPORT ACCU DROIT",12997,"CNDOACOCPEI",2010,16,2.2356250000000002,35.770000000000003,"CND","OAC","OC","PEI"]
["A89518","SUPPORT ACCU DROIT",14034,"CNDOACOCPEI",2011,20,1.7885000000000002,35.770000000000003,"CND","OAC","OC","PEI"]
["A89518","SUPPORT ACCU DROIT",14040,"CNDOACOCPEI",2011,24,3.8783333333333334,93.08,"CND","OAC","OC","PEI"]
["A89518","SUPPORT ACCU DROIT",14740,"CNDOACOCPEI",2011,30,6.152333333333333,184.57,"CND","OAC","OC","PEI"]
["A89518","SUPPORT ACCU DROIT",15477,"CNDOACOCPEI",2012,32,1.6634374999999999,53.23,"CND","OAC","OC","PEI"]
["A89518","SUPPORT ACCU DROIT",16334,"CNDOACOCPEI",2012,32,1.1178125000000001,35.770000000000003,"CND","OAC","OC","PEI"]
["A89518","SUPPORT ACCU DROIT",16674,"CNDOACOCPEI",2012,24,1.4904166666666667,35.770000000000003,"CND","OAC","OC","PEI"]
["A89518","SUPPORT ACCU DROIT",17181,"CNDOACOCPEI",2012,24,2.3850000000000002,57.24,"CND","OAC","OC","PEI"]
["A89518","SUPPORT ACCU DROIT",17629,"CNDOACOCPEI",2013,32,42.1875,1350,"CND","OAC","OC","PEI"]
["A89518","SUPPORT ACCU DROIT",18432,"CNDOACOCPEI",2013,32,67.5,2160,"CND","OAC","OC","PEI"]
["A89518","SUPPORT ACCU DROIT",18788,"CNDOACOCPEI",2013,32,10.935625,349.94,"CND","OAC","OC","PEI"]
["A89518","SUPPORT ACCU DROIT",19525,"CNDOACOCPEI",2013,23,7.7386956521739139,177.99,"CND","OAC","OC","PEI"]
["A89518","SUPPORT ACCU DROIT",19528,"CNDOACOCPEI",2013,32,1.1178125000000001,35.770000000000003,"CND","OAC","OC","PEI"]
["A89518","SUPPORT ACCU DROIT",19524,"CNDOACOCPEI",2013,23,1.5552173913043479,35.770000000000003,"CND","OAC","OC","PEI"]
["A89518","SUPPORT ACCU DROIT",19527,"CNDOACOCPEI",2013,32,2.2981250000000002,73.540000000000006,"CND","OAC","OC","PEI"]
["A89546-2","SUPPORT USINE",9811,"CNDOAC",2009,15,2.3846666666666669,35.770000000000003,"CND","OAC"]
["A89547-2","SUPPORT USINE",9812,"CNDOAC",2009,15,12.4,186,"CND","OAC"]
["A89556-4","CORPS",9877,"CNDOAC",2009,19,5.4784210526315791,104.09,"CND","OAC"]
["A89576-1","ETRIER",18899,"PAS",2013,101,2.2277227722772279,225,"PAS"]
["A89576-1","ETRIER",19911,"PAS",2014,64,1.25,80,"PAS"]
["A89577","COUPELLE",15439,"PELPAS",2011,8,32.97,263.76,"PEL","PAS"]
["A89577","COUPELLE",15184,"TTH",2011,2,31.085000000000001,62.17,"TTH"]
["A89651","ENTRETOISE",20766,"PAS",2014,90,7.7444444444444445,697,"PAS"]
["A89651","ENTRETOISE",11933,"PAS",2010,80,6.05,484,"PAS"]
["A89651","ENTRETOISE",13222,"PAS",2010,90,1.3172222222222223,118.55,"PAS"]
["A89651","ENTRETOISE",14143,"PAS",2011,80,2.5327500000000001,202.62,"PAS"]
["A89651","ENTRETOISE",14868,"PAS",2011,260,0.78196153846153849,203.31,"PAS"]
["A89651","ENTRETOISE",17504,"PAS",2012,270,2.374222222222222,641.04,"PAS"]
["A89651","ENTRETOISE",18893,"PAS",2013,90,5.2777777777777777,475,"PAS"]
["A89651","ENTRETOISE",19394,"PAS",2013,90,0.81666666666666665,73.5,"PAS"]
["A89651","ENTRETOISE",14615,"TTH",2011,5,11.336,56.68,"TTH"]
["A89651","ENTRETOISE",17105,"TTH",2012,5,37.119999999999997,185.6,"TTH"]
["A89651","ENTRETOISE",18377,"TTH",2013,2,37.244999999999997,74.489999999999995,"TTH"]
["A89651","ENTRETOISE",19144,"TTH",2013,2,10.875,21.75,"TTH"]
["A89651","ENTRETOISE",20117,"TTH",2014,2,353.05500000000001,706.11,"TTH"]
["A89651","ENTRETOISE",11736,"TTH",2010,2,16.975000000000001,33.950000000000003,"TTH"]
["A89651","ENTRETOISE",13052,"TTH",2010,2,12.494999999999999,24.99,"TTH"]
["A89651","ENTRETOISE",13965,"TTH",2011,2,28.13,56.26,"TTH"]
["A89653","CALE AJUSTABLE",20462,"PAS",2014,90,0.56777777777777783,51.1,"PAS"]
["A89653","CALE AJUSTABLE",11908,"PAS",2010,60,30.555,1833.3,"PAS"]
["A89653","CALE AJUSTABLE",13133,"PAS",2010,120,0.89949999999999997,107.94,"PAS"]
["A89653","CALE AJUSTABLE",14105,"PAS",2011,53,2.8545283018867922,151.29,"PAS"]
["A89653","CALE AJUSTABLE",14216,"PAS",2011,39,6.1123076923076924,238.38,"PAS"]
["A89653","CALE AJUSTABLE",14667,"PAS",2011,80,0.63875000000000004,51.1,"PAS"]
["A89653","CALE AJUSTABLE",15930,"PAS",2012,80,9.9375,795,"PAS"]
["A89653","CALE AJUSTABLE",17476,"PAS",2012,110,2.9636363636363638,326,"PAS"]
["A89653","CALE AJUSTABLE",19197,"PAS",2013,51,54.647058823529413,2787,"PAS"]
["A9-71761","CROCHET",12433,"CAD",2010,31,7.354838709677419,228,"CAD"]
["A9-71761","CROCHET",12172,"CHR",2010,31,3.870967741935484,120,"CHR"]
["A9-71761","CROCHET",12172,"CND",2010,31,12.20483870967742,378.35,"CND"]
["A9-71761","CROCHET",12521,"PEI",2010,31,2.3232258064516129,72.02,"PEI"]
["A9-71761","CROCHET",11759,"TTH",2010,33,2.8372727272727269,93.63,"TTH"]
["AC 2930005","PINCE MOBILE",13103,"TTH",2010,32,3.9424999999999999,126.16,"TTH"]
["B1-27127","COUVERCLE",9352,"CND",2009,6,21.666666666666668,130,"CND"]
["B1-27387","RONDELLE",11645,"CND",2010,29,9.8427586206896542,285.44,"CND"]
["B1-27387","RONDELLE",12447,"CND",2010,26,5,130,"CND"]
["B6-27104","CORPS",9798,"CND",2009,13,29.692307692307693,386,"CND"]
["B6-27104","CORPS",19297,"CND",2013,6,7.9833333333333334,47.9,"CND"]
["B8-0115H7-090EB","BAGUE REPARATION",18579,"OAC",2013,12,23.833333333333332,286,"OAC"]
["B8-0600H7-345EB","BAGUE",10471,"OACMSE",2009,9,48.333333333333336,435,"OAC"]
["B8-0600H7-345EB","BAGUE",10858,"OACMSE",2009,12,8.35,100.2,"OAC"]
["BF6B20050001","BIELLETTE",16706,"USI",2012,200,1.08,216,"USI"]
["BF6B20050001","BIELLETTE",14365,"USI",2011,110,{"$f":"H6339/F6339","v":3.1090909090909089},342,"USI"]
["BF6B20050001","BIELLETTE",18299,"USI",2013,200,0.375,75,"USI"]
["BF6B20050001","BIELLETTE",20370,"USI",2014,200,7.4999999999999997E-2,15,"USI"]
["BF6B20050001","BIELLETTE",15388,"USI",2012,250,0.08,20,"USI"]
["BF6B20072004","AXE",16706,"USI",2012,200,0.14000000000000001,28,"USI"]
["BF6B20072004","AXE",14365,"USI",2011,100,0.84599999999999997,84.6,"USI"]
["BF6B20072004","AXE",18299,"USI",2013,200,0.66500000000000004,133,"USI"]
["BF6B20072004","AXE",20370,"USI",2014,200,0.52500000000000002,105,"USI"]
["BF6B20072004","AXE",15388,"USI",2012,250,0.44,110,"USI"]
["BF6B22023","ROTULE",13667,"NIT",2011,68,2.4648529411764706,167.61,"NIT"]
["BF6B22023","ROTULE",13756,"NIT",2011,98,0.52142857142857146,51.1,"NIT"]
["BF6B22023","ROTULE",14963,"NIT",2011,110,4.0880000000000001,449.68,"NIT"]
["BF6B22023","ROTULE",12892,"NIT",2010,27,2.8766666666666669,77.67,"NIT"]
["BF6B22023","ROTULE",13210,"NIT",2010,108,0.67046296296296293,72.41,"NIT"]
["BF6B22023","ROTULE",16902,"NIT",2012,113,0.45221238938053099,51.1,"NIT"]
["BF6B22023","ROTULE",18048,"NIT",2013,125,0.81759999999999999,102.2,"NIT"]
["BF6B22023","ROTULE",19756,"NIT",2013,102,1.0476470588235294,106.86,"NIT"]
["BISC30008","CLIQUET",15310,"TTH",2011,54,3.6114814814814817,195.02,"TTH"]
["BR4953008","PINCE FIXE",17806,"NIT",2013,4,12.775,51.1,"NIT"]
["BR4953019001","PINCE FIXE",16276,"NIT",2012,9,7.1544444444444446,64.39,"NIT"]
["BR4953022","PINCE FIXE",14624,"NITRU",2011,43,1.1883720930232557,51.1,"NITRU"]
["BR4953022","PINCE FIXE",17440,"NITRU",2012,46,1.3332608695652173,61.33,"NITRU"]
["BR6953002001","PINCE FIXE",9175,"STAB",2009,43,3.5348837209302326,152,"STAB"]
["C1-49437","PORTE GARNITURE",15847,"CNDOAS",2012,11,0,0,"CND","OAS"]
["C1-49463","RONDELLE",11775,"DETPHOMSE",2010,18,1.9872222222222224,35.770000000000003,"DET","PHO"]
["C1-49463","RONDELLE",14310,"DETPHOMSE",2011,14,43.710714285714289,611.95000000000005,"DET","PHO"]
["C1-49463","RONDELLE",15320,"DETPHOMSE",2011,27,2.12,57.24,"DET","PHO"]
["C1-49463","RONDELLE",16621,"DETPHOMSE",2012,12,0,0,"DET","PHO"]
["C1-49463","RONDELLE",15079,"TTHMSE",2011,4,4.05,16.2,"TTH"]
["C1-49463","RONDELLE",16035,"TTHMSE",2012,3,21.583333333333332,64.75,"TTH"]
["C1-49463","RONDELLE",11178,"TTHMSE",2010,3,21.076666666666664,63.23,"TTH"]
["C1-49463","RONDELLE",14127,"TTHMSE",2011,2,750,1500,"TTH"]
["C1-49682","BAGUE",15912,"CADMSE",2012,5,24,120,"CAD"]
["C1-49682","BAGUE",16665,"CADMSE",2012,6,20,120,"CAD"]
["C1-49682","BAGUE",20184,"CADMSE",2014,1,348.27,348.27,"CAD"]
["C1-50333","BOUCHON",12773,"OASMSE",2010,13,0,0,"OAS"]
["C1-56851","RONDELLE",9732,"CNDMSE",2009,20,1.7885000000000002,35.770000000000003,"CND"]
["C1-56851","RONDELLE",13108,"CNDMSE",2010,18,1.9866666666666666,35.76,"CND"]
["C1-56851","RONDELLE",9519,"TTHMSE",2009,20,1.5554999999999999,31.11,"TTH"]
["C1-56851","RONDELLE",12875,"TTHMSE",2010,18,43,774,"TTH"]
["C160-48230","ENTRETOISE DE STOCKAGE",17143,"OCMSE",2012,55,3.0530909090909089,167.92,"OC"]
["C160-48230","ENTRETOISE DE STOCKAGE",15278,"OCPEIMSE",2012,27,2.7403703703703703,73.989999999999995,"OC","PEI"]
["C160-48230","ENTRETOISE DE STOCKAGE",15454,"PEIMSE",2012,27,2.7533333333333334,74.34,"PEI"]
["C160-48230","ENTRETOISE DE STOCKAGE",17143,"PEIMSE",2012,55,3.0090909090909093,165.5,"PEI"]
["C2-50777","BAGUE FILETEE",16089,"BRU",2012,134,0.27985074626865669,37.5,"BRU"]
["C3-54508","RACCORD",9831,"CNDOAS",2009,8,12.62125,100.97,"CND","OAS"]
["C3-54508","RACCORD",12191,"CNDOAS",2010,13,5.5030769230769234,71.540000000000006,"CND","OAS"]
["C3-54508","RACCORD",14123,"CNDOAS",2011,13,11.084615384615384,144.1,"CND","OAS"]
["C3-54508","RACCORD",9831,"PEI",2009,8,27.375,219,"PEI"]
["C3-54508","RACCORD",12192,"PEI",2010,13,2.773076923076923,36.049999999999997,"PEI"]
["C3-54508","RACCORD",14124,"PEI",2011,13,9.8230769230769237,127.7,"PEI"]
["C48047","BAGUE",17148,"DETCADMSE",2012,2,403.58499999999998,807.17,"DET","CAD"]
["C48047EB","BAGUE",16843,"TTHMSE",2012,4,2.2875000000000001,9.15,"TTH"]
["C48937","BAGUE",9248,"CADMSE",2009,5,160,800,"CAD"]
["C48937","BAGUE",13191,"CADMSE",2010,6,20.833333333333332,125,"CAD"]
["C48948-3","PORTE GARNITURE",10140,"CNDMSE",2009,7,18.132857142857144,126.93,"CND"]
["C48948-3","PORTE GARNITURE",11340,"CNDMSE",2010,4,51.8675,207.47,"CND"]
["C48954","ECROU",9822,"CNDDETPHOMSE",2009,12,4.7008333333333328,56.41,"CND","DET","PHO"]
["C48954","ECROU",11115,"CNDDETPHOMSE",2010,13,5.5030769230769234,71.540000000000006,"CND","DET","PHO"]
["C48954","ECROU",13505,"CNDDETPHOMSE",2011,8,14.5525,116.42,"CND","DET","PHO"]
["C48954","ECROU",9257,"TTHMSE",2009,6,18.815000000000001,112.89,"TTH"]
["C48954","ECROU",10607,"TTHMSE",2009,7,14.264285714285714,99.85,"TTH"]
["C48954","ECROU",13058,"TTHMSE",2010,4,442,1768,"TTH"]
["C49028","BAGUE",10427,"CADMSE",2009,56,1.9501785714285713,109.21,"CAD"]
["C49028","BAGUE",10217,"TTHMSE",2009,8,{"$f":"H6403/F6403","v":8.3662500000000009},66.930000000000007,"TTH"]
["C49177","RONDELLE",14872,"TTHMSE",2011,1,63.75,63.75,"TTH"]
["C49183","RONDELLE",9971,"DETPHOMSE",2009,56,2.04,114.24,"DET","PHO"]
["C49183","RONDELLE",9724,"TTHMSE",2009,7,0,0,"TTH"]
["C49184-2","ECROU",9723,"CNDPHOMSE",2009,6,33.479999999999997,200.88,"CND","PHO"]
["C49184-2","ECROU",13785,"CNDPHOMSE",2011,9,6.7133333333333338,60.42,"CND","PHO"]
["C49184-2","ECROU",9396,"TTHMSE",2009,1,74.209999999999994,74.209999999999994,"TTH"]
["C49184-2","ECROU",13525,"TTHMSE",2011,2,435,870,"TTH"]
["C49190","ECROU",12104,"DETCADMSE",2010,15,2.3846666666666669,35.770000000000003,"DET","CAD"]
["C49190","ECROU",11711,"TTHMSE",2010,16,3.7618749999999999,60.19,"TTH"]
["C49191","ECROU DE FOND",11960,"DETCADMSE",2010,16,5.8256249999999996,93.21,"DET","CAD"]
["C49191","ECROU DE FOND",11711,"TTHMSE",2010,16,2.4925000000000002,39.880000000000003,"TTH"]
["C49192","ECROU",12059,"DETCADMSE",2010,16,6.0824999999999996,97.32,"DET","CAD"]
["C49192","ECROU",11739,"TTHMSE",2010,2,30.574999999999999,61.15,"TTH"]
["C49197","ECROU",12119,"DETCADMSE",2010,20,1.7885000000000002,35.770000000000003,"DET","CAD"]
["C49197","ECROU",11696,"TTHMSE",2010,1,26.79,26.79,"TTH"]
["C49211","DOUILLE DE VERROUILLAGE",15186,"TTHMSE",2011,21,4.1357142857142852,86.85,"TTH"]
["C49211","DOUILLE DE VERROUILLAGE",15618,"TTHMSE",2012,8,47.553750000000001,380.43,"TTH"]
["C49223","PISTON",20709,"CND",2014,10,28.080000000000002,280.8,"CND"]
["C49244","RONDELLE",12120,"CADMSE",2010,16,10.821249999999999,173.14,"CAD"]
["C49244","RONDELLE",11700,"TTHMSE",2010,16,4.3218750000000004,69.150000000000006,"TTH"]
["C49281","RONDELLE",11458,"BRUMSE",2010,51,0.98039215686274506,50,"BRU"]
["C49281","RONDELLE",11125,"TTHMSE",2010,1,21.25,21.25,"TTH"]
["C49281","RONDELLE",13962,"TTHMSE",2011,2,885.95,1771.9,"TTH"]
["C49353-1","RONDELLE",11219,"DETPHOMSE",2010,48,2.6095833333333336,125.26,"DET","PHO"]
["C49353-1","RONDELLE",13959,"DETPHOMSE",2011,54,3.1529629629629627,170.26,"DET","PHO"]
["C49353-1","RONDELLE",15038,"DETPHOMSE",2011,18,16.11888888888889,290.14,"DET","PHO"]
["C49353-1","RONDELLE",14873,"TTHMSE",2011,1,41.15,41.15,"TTH"]
["C49353-1","RONDELLE",10901,"TTHMSE",2009,3,18.05,54.15,"TTH"]
["C49353-1","RONDELLE",13733,"TTHMSE",2011,3,680,2040,"TTH"]
["C49355","TOLE D'ARRET",10689,"PHOMSE",2009,28,1.1492857142857142,32.18,"PHO"]
["C49355","TOLE D'ARRET",11921,"PHOMSE",2010,28,3.5360714285714288,99.01,"PHO"]
["C49355","TOLE D'ARRET",9079,"PHOMSE",2009,6,32.501666666666665,195.01,"PHO"]
["C49355","TOLE D'ARRET",10407,"TTHMSE",2009,2,13.955,27.91,"TTH"]
["C49355","TOLE D'ARRET",11663,"TTHMSE",2010,2,32.575000000000003,65.150000000000006,"TTH"]
["C49413","RONDELLE",12580,"BRUMSE",2010,26,7.3076923076923075,190,"BRU"]
["C49413","RONDELLE",14381,"BRUMSE",2011,15,29.232000000000003,438.48,"BRU"]
["C49413","RONDELLE",11195,"TTHMSE",2010,1,44.68,44.68,"TTH"]
["C49413","RONDELLE",14017,"TTHMSE",2011,1,1595,1595,"TTH"]
["C49434","PISTON",13123,"CND",2010,11,82.852727272727279,911.38,"CND"]
["C49434EB","PISTON",10030,"CND",2009,8,16.508749999999999,132.07,"CND"]
["C49436","BAGUE FILETEE",13344,"CNDCAD",2011,9,180.39999999999998,1623.6,"CND","CAD"]
["C49436","BAGUE FILETEE",13055,"TTH",2010,2,9.9749999999999996,19.95,"TTH"]
["C49438-1","CYLINDRE",12130,"CNDCAD",2010,3,637.86666666666667,1913.6,"CND","CAD"]
["C49438-1","CYLINDRE",12033,"RECTIF",2010,3,68.666666666666671,206,"RECTIF"]
["C49438-1","CYLINDRE",11698,"TTH",2010,4,16.7775,67.11,"TTH"]
["C49488","BAGUE",12985,"CNDMSE",2010,16,7.78,124.48,"CND"]
["C49488","BAGUE",14859,"CNDMSE",2011,36,2.6808333333333336,96.51,"CND"]
["C49488","BAGUE",15996,"CNDMSE",2012,23,8.1778260869565216,188.09,"CND"]
["C49488","RONDELLE",15015,"SABLAGEMSE",2011,36,4.6661111111111104,167.98,"SAB"]
["C49488","RONDELLE",16239,"SABLAGEMSE",2012,23,4.8260869565217392,111,"SAB"]
["C49488","BAGUE",13097,"SULFMSE",2010,16,3.46875,55.5,"SULF"]
["C49488","BAGUE",14927,"SULFMSE",2011,36,3.3691666666666666,121.29,"SULF"]
["C49488","BAGUE",16127,"SULFMSE",2012,23,14.92608695652174,343.3,"SULF"]
["C49488","BAGUE",14503,"TTHMSE",2011,10,4.2799999999999994,42.8,"TTH"]
["C49488","BAGUE",15620,"TTHMSE",2012,6,6.1499999999999995,36.9,"TTH"]
["C49488","BAGUE",12698,"TTHMSE",2010,4,123,492,"TTH"]
["C49489","RONDELLE",10481,"TTHMSE",2009,1,14.1,14.1,"TTH"]
["C49489","RONDELLE",10899,"TTHMSE",2009,1,21.75,21.75,"TTH"]
["C49489","RONDELLE",12409,"TTHMSE",2010,5,316.2,1581,"TTH"]
["C49496","ECROU",11099,"CADMSE",2010,11,11.363636363636363,125,"CAD"]
["C49496","ECROU",10610,"TTHMSE",2009,2,45.39,90.78,"TTH"]
["C49520","FOND",16581,"CNDCAD",2012,4,224.17500000000001,896.7,"CND","CAD"]
["C49520","FOND",16581,"PEI",2012,4,749.92499999999995,2999.7,"PEI"]
["C49520","FOND",16205,"TTH",2012,6,{"$f":"H6467/F6467","v":33.81666666666667},202.9,"TTH"]
["C49533","BAGUE INTERIEURE",10781,"CNDMSE",2009,6,10.133333333333333,60.8,"CND"]
["C49533","BAGUE INTERIEURE",10265,"TTHMSE",2009,6,8.0316666666666663,48.19,"TTH"]
["C49536","BAGUE",11617,"PASMSE",2010,5,420,2100,"PAS"]
["C49538","RONDELLE",14882,"DETPHOMSE",2011,29,4.0703448275862071,118.04,"DET","PHO"]
["C49538","RONDELLE",15966,"DETPHOMSE",2012,60,0.95400000000000007,57.24,"DET","PHO"]
["C49538","RONDELLE",14613,"TTHMSE",2011,2,258.67500000000001,517.35,"TTH"]
["C49538","RONDELLE",15618,"TTHMSE",2012,5,4.4060000000000006,22.03,"TTH"]
["C49542","FOND",13556,"CNDOAC",2011,6,15.64,93.84,"CND","OAC"]
["C49542","FOND",14099,"CNDOAC",2011,10,8.0730000000000004,80.73,"CND","OAC"]
["C49561","RONDELLE",14683,"BRUMSE",2011,19,9.473684210526315,180,"BRU"]
["C49561","RONDELLE",15075,"BRUMSE",2011,29,1.7241379310344827,50,"BRU"]
["C49561","RONDELLE",15291,"BRUMSE",2011,38,32.4,1231.2,"BRU"]
["C49586","RONDELLE",12035,"DETCNDBRUCNDMSE",2010,14,31.375714285714285,439.26,"DET","CND","BRU","CND"]
["C49601","RONDELLE",10378,"CNDMSE",2009,51,1.8254901960784313,93.1,"CND"]
["C49601","RONDELLE",11267,"CNDMSE",2010,17,5.4752941176470591,93.08,"CND"]
["C49601","RONDELLE",12786,"CNDMSE",2010,28,1.2775000000000001,35.770000000000003,"CND"]
["C49601","RONDELLE",10666,"DETBRUCNDMSE",2009,51,1.4770588235294118,75.33,"DET","BRU","CND"]
["C49601","RONDELLE",11499,"DETBRUCNDMSE",2010,16,4.5162500000000003,72.260000000000005,"DET","BRU","CND"]
["C49601","RONDELLE",13011,"DETBRUCNDMSE",2010,28,1.8742857142857141,52.48,"DET","BRU","CND"]
["C49601","RONDELLE",10519,"TTHMSE",2009,51,0.30019607843137258,15.31,"TTH"]
["C49601","RONDELLE",11354,"TTHMSE",2010,17,5.1647058823529406,87.8,"TTH"]
["C49601","RONDELLE",12787,"TTHMSE",2010,28,43.928571428571431,1230,"TTH"]
["C49601","RONDELLE",13945,"TTHMSE",2011,49,32.551020408163268,1595,"TTH"]
["C49601","RONDELLE",14346,"TTHMSE",2011,42,10.714285714285714,450,"TTH"]
["C49602","BAGUE",17172,"CADMSE",2012,4,378,1512,"CAD"]
["C49669-2","CORPS",15558,"CNDDESANOOAS",2012,3,63.336666666666666,190.01,"CND","DESAN","OAS"]
["C49669-2","CORPS",15673,"CNDDESANOOAS",2012,3,11.923333333333334,35.770000000000003,"CND","DESAN","OAS"]
["C49670-2","CORPS",13121,"CNDDESANOOAS",2010,4,33.93,135.72,"CND","DESAN","OAS"]
["C49691R2","BAGUE",13744,"CADMSE",2011,12,11.716666666666667,140.6,"CAD"]
["C49691R2","BAGUE",16620,"CADMSE",2012,12,20.675000000000001,248.1,"CAD"]
["C49699","BAGUE",11638,"CADMSE",2010,3,133.20333333333335,399.61,"CAD"]
["C49714","SEGMENT D'APPUI EN 2 PIECES",19839,"CAD",2014,7,17.142857142857142,120,"CAD"]
["C49714","SEGMENT D'APPUI EN 2 PIECES",19357,"TTH",2013,1,14.75,14.75,"TTH"]
["C49938","RONDELLE",9609,"CNDMSE",2009,22,2.1831818181818181,48.03,"CND"]
["C49938","RONDELLE",9731,"TTHMSE",2009,22,2.2727272727272729,50,"TTH"]
["C49938","RONDELLE",10374,"TTHMSE",2009,15,2.6433333333333331,39.65,"TTH"]
["C49938","RONDELLE",11177,"TTHMSE",2010,27,2.1762962962962962,58.76,"TTH"]
["C49938","RONDELLE",13153,"TTHMSE",2010,36,43.333333333333336,1560,"TTH"]
["C49943","TENON",13902,"DETPHOMSE",2011,18,20.04388888888889,360.79,"DET","PHO"]
["C49943","TENON",15014,"DETPHOMSE",2011,47,5.8619148936170209,275.51,"DET","PHO"]
["C49943","TENON",14724,"TTHMSE",2011,50,1.0145999999999999,50.73,"TTH"]
["C49943","TENON",13424,"TTHMSE",2011,10,98.15,981.5,"TTH"]
["C49943","TENON",13527,"TTHMSE",2011,18,49.333333333333336,888,"TTH"]
["C50100","BAGUE",10412,"CADMSE",2009,9,27.111111111111111,244,"CAD"]
["C50100","BAGUE",14952,"CADMSE",2011,45,1.1355555555555557,51.1,"CAD"]
["C50100","BAGUE",18961,"CADMSE",2013,12,10.896666666666667,130.76,"CAD"]
["C50100","BAGUE",20777,"CADMSE",2014,5,33.799999999999997,169,"CAD"]
["C50277","SEGMENT D'APPUI EN 2 PIECES",15471,"OASMSE",2011,48,1.0645833333333334,51.1,"OAS"]
["C50277","SEGMENT D'APPUI EN 2 PIECES",15531,"OASMSE",2012,17,4.9311764705882348,83.83,"OAS"]
["C50436","RONDELLE",10957,"PHOMSE",2090,14,15.25,213.5,"PHO"]
["C50436","RONDELLE",14175,"PHOMSE",2011,21,5.4266666666666667,113.96,"PHO"]
["C50538","TAMBOUR",11829,"CNDCAD",2010,17,7.0752941176470587,120.28,"CND","CAD"]
["C50834","RONDELLE",14967,"DETPHOMSE",2011,14,11.619285714285713,162.66999999999999,"DET","PHO"]
["C51181","ECROU",15025,"CAD",2011,7,9.0857142857142854,63.6,"CAD"]
["C51181","ECROU",18405,"CAD",2013,7,28.571428571428573,200,"CAD"]
["C51181","ECROU",14682,"TTH",2011,2,36.994999999999997,73.989999999999995,"TTH"]
["C51181","ECROU",17751,"TTH",2013,1,125,125,"TTH"]
["C51578","BOITIER",20010,"CND",2014,5,79.349999999999994,396.75,"CND"]
["C51578","BOITIER",20256,"CND",2014,5,228.70999999999998,1143.55,"CND"]
["C52161","RONDELLE",9595,"DETBRUMSE",2009,60,32.85,1971,"DET","BRU"]
["C52161","RONDELLE",14809,"DETBRUMSE",2011,43,2.8397674418604653,122.11,"DET","BRU"]
["C52161","RONDELLE",9441,"TTHMSE",2009,4,19.625,78.5,"TTH"]
["C52161","RONDELLE",14462,"TTHMSE",2011,3,275,825,"TTH"]
["C52276-20","RONDELLE",13070,"CNDBRU",2010,10,{"$f":"H6531/F6531","v":5.1100000000000003},51.1,"CND","BRU"]
["C52276-20","RONDELLE",13070,"CNDBRU",2010,10,5.1100000000000003,51.1,"CND","BRU"]
["C52276-20","RONDELLE",14594,"DETCNDBRUMSE",2011,19,5.68,107.92,"DET","CND","BRU"]
["C52503-4","PISTON",16552,"CNDRIL",2012,4,19.4175,77.67,"CND","RIL"]
["C52503-4","PISTON",17312,"OAC",2012,4,17.807500000000001,71.23,"OAC"]
["C52503-4","PISTON",17606,"OC",2012,3,153.70666666666668,461.12,"OC"]
["C53124","BAGUE",16666,"OAS",2012,24,2.78,66.72,"OAS"]
["C53998","BAGUE FILETEE",20120,"CND",2014,15,27.314,409.71,"CND"]
["C53998","BAGUE FILETEE",9481,"CND",2009,63,16.666666666666668,1050,"CND"]
["C53998","BAGUE FILETEE",20670,"PEI",2014,15,19.8,297,"PEI"]
["C53998","BAGUE FILETEE",9753,"PEI",2009,63,0.73730158730158735,46.45,"PEI"]
["C53998","BAGUE FILETEE",19358,"TTH",2013,4,6.7874999999999996,27.15,"TTH"]
["C53998","BAGUE FILETEE",20498,"TTH",2014,4,3.2275,12.91,"TTH"]
["C53998","BAGUE FILETEE",9482,"ZING",2009,63,3.921269841269841,247.04,"ZING"]
["C53998","BAGUE FILETEE",20121,"ZING",2014,15,4.0666666666666664,61,"ZING"]
["C54451","RONDELLE",9775,"BRUMSE",2009,29,1.7241379310344827,50,"BRU"]
["C54451","RONDELLE",13211,"BRUMSE",2010,16,5.625,90,"BRU"]
["C54451","RONDELLE",16476,"BRUMSE",2012,22,16.25,357.5,"BRU"]
["C54452","RONDELLE",9776,"BRUMSE",2009,19,4.7368421052631575,90,"BRU"]
["C54452","RONDELLE",13074,"BRUMSE",2010,20,13.5,270,"BRU"]
["C54607-1","BAGUE",10158,"CADMSE",2009,12,33.537500000000001,402.45,"CAD"]
["C54613-20","BAGUE",10092,"CADMSE",2009,6,25.599999999999998,153.6,"CAD"]
["C54614-1","BAGUE",10100,"CADMSE",2009,11,32.520000000000003,357.72,"CAD"]
["C54674-1","BAGUE",9343,"CADMSE",2009,7,30.145714285714288,211.02,"CAD"]
["C54674-1","BAGUE",10917,"CADMSE",2009,21,3.6904761904761907,77.5,"CAD"]
["C54898","BAGUE",11656,"CNDMSE",2010,11,12.454545454545455,137,"CND"]
["C54898","BAGUE",13822,"CNDMSE",2011,4,17.2,68.8,"CND"]
["C54901","PORTE GARNITURE",10077,"CNDRILMSE",2009,19,24.868421052631579,472.5,"CND","RIL"]
["C54901","PORTE GARNITURE",10077,"CNDRILMSE",2009,7,168.29999999999998,1178.0999999999999,"CND","RIL"]
["C54901","PORTE GARNITURE",10686,"CNDRILMSE",2009,8,9.4387500000000006,75.510000000000005,"CND","RIL"]
["C54901","PORTE GARNITURE",10685,"CNDRILMSE",2009,17,3.8082352941176469,64.739999999999995,"CND","RIL"]
["C54901","PORTE GARNITURE",10451,"OCMSE",2009,17,11.117647058823529,189,"OC"]
["C54901","PORTE GARNITURE",10451,"OCMSE",2009,7,73.912857142857135,517.39,"OC"]
["C54901","PORTE GARNITURE",10831,"OCMSE",2009,1,502.01,502.01,"OC"]
["C54901","PORTE GARNITURE",10832,"OCMSE",2009,2,83.96,167.92,"OC"]
["C54905-1","PISTON",10493,"CNDRILMSE",2009,8,34.237499999999997,273.89999999999998,"CND","RIL"]
["C54905-1","PISTON",13687,"CNDRILMSE",2011,1,48.21,48.21,"CND","RIL"]
["C54907","COUPELLE",13425,"TTHMSE",2011,1,768,768,"TTH"]
["C54911-1","DIAPHRAGME",11668,"CNDRILMSE",2010,7,18.594285714285714,130.16,"CND","RIL"]
["C54923-1","BAGUE",10549,"CADMSE",2009,5,25,125,"CAD"]
["C54923-1","BAGUE",11880,"CADMSE",2010,3,41.666666666666664,125,"CAD"]
["C54938-20","COUPELLE",10843,"DETBRUMSE",2009,34,0,0,"DET","BRU"]
["C54938-20","COUPELLE",12014,"DETBRUMSE",2010,33,23.376060606060605,771.41,"DET","BRU"]
["C54938-20","COUPELLE",13308,"DETBRUMSE",2011,39,3.301794871794872,128.77000000000001,"DET","BRU"]
["C54938-20","COUPELLE",16732,"DETBRUMSE",2012,42,0.85166666666666679,35.770000000000003,"DET","BRU"]
["C54952-1","BAGUE",10547,"CADMSE",2009,2,62.5,125,"CAD"]
["C54952-1","BAGUE",10548,"PEIMSE",2009,2,5.24,10.48,"PEI"]
["C54953-1","BAGUE",10553,"CADMSE",2009,3,93.243333333333339,279.73,"CAD"]
["C54953-1","BAGUE",10554,"PEIMSE",2009,3,157.67333333333332,473.02,"PEI"]
["C54978-1","BAGUE",9783,"CADMSE",2009,6,27,162,"CAD"]
["C54978-1","BAGUE",10978,"CADMSE",2009,13,10.002307692307692,130.03,"CAD"]
["C55109-1","CALE",11709,"OASMSE",2010,27,1.8925925925925926,51.1,"OAS"]
["C55109-1","CALE",11710,"PEIMSE",2010,27,6.1851851851851851,167,"PEI"]
["C55215","BAGUE",8709,"CADMSE",2009,25,4.8,120,"CAD"]
["C55215","BAGUE",10387,"CADMSE",2009,15,9.4333333333333336,141.5,"CAD"]
["C55215","BAGUE",10442,"CADMSE",2009,20,5.46,109.2,"CAD"]
["C55215","BAGUE",13006,"CADMSE",2010,16,7.8125,125,"CAD"]
["C55215","BAGUE",13043,"CADMSE",2010,4,31.25,125,"CAD"]
["C55215","BAGUE",15946,"CADMSE",2012,11,54.045454545454547,594.5,"CAD"]
["C55215","BAGUE",16465,"CADMSE",2012,12,28.291666666666668,339.5,"CAD"]
["C55215","BAGUE",18999,"CADMSE",2013,8,17.5,140,"CAD"]
["C55215R2","BAGUE",14010,"CADMSE",2011,27,11.111111111111111,300,"CAD"]
["C55215R2","BAGUE",16693,"CADMSE",2012,91,0.3930769230769231,35.770000000000003,"CAD"]
["C55216","BAGUE",13781,"CADMSE",2011,87,0.89080459770114939,77.5,"CAD"]
["C55216","BAGUE",15823,"CADMSE",2012,75,{"$f":"H6595/F6595","v":2.4},180,"CAD"]
["C55216","BAGUE",17359,"CADMSE",2012,42,22.5,945,"CAD"]
["C55216","BAGUE",10183,"CADMSE",2009,10,14.1,141,"CAD"]
["C55216R2","BAGUE",14389,"CADMSE",2011,39,108.42666666666668,4228.6400000000003,"CAD"]
["C55216R2","BAGUE",16671,"CADMSE",2012,66,1.8181818181818181,120,"CAD"]
["C55336","RONDELLE",10161,"CNDMSE",2009,11,5.0690909090909093,55.76,"CND"]
["C55442","BAGUE",14939,"CADMSE",2011,22,40.653636363636366,894.38,"CAD"]
["C55450","BAGUE",10502,"CADMSE",2009,4,31.25,125,"CAD"]
["C55450","BAGUE",15006,"CADMSE",2011,45,17.935555555555556,807.1,"CAD"]
["C55451","RONDELLE",10376,"CADMSE",2009,14,8.9285714285714288,125,"CAD"]
["C55451","RONDELLE",15017,"CADMSE",2011,17,4.7058823529411766,80,"CAD"]
["C55500","ECROU",9965,"CADMSE",2009,11,24.814545454545453,272.95999999999998,"CAD"]
["C55500","ECROU",18494,"TTHMSE",2013,1,149.07,149.07,"TTH"]
["C55500","ECROU",20454,"TTHMSE",2014,1,154.15,154.15,"TTH"]
["C55500","ECROU",9720,"TTHMSE",2009,1,49.15,49.15,"TTH"]
["C55585","BOUCHON",15965,"OAS",2012,12,20.47,245.64,"OAS"]
["C55629","SEGMENT 2 PIECES",9069,"DETBRUMSE",2009,10,9.3209999999999997,93.21,"DET","BRU"]
["C55630","PISTON",19598,"CNDRILMSE",2013,4,58.932499999999997,235.73,"CND","RIL"]
["C55630","PISTON",9840,"CNDRILMSE",2009,11,3.9672727272727273,43.64,"CND","RIL"]
["C55630","PISTON",11139,"CNDRILMSE",2010,7,133.51714285714286,934.62,"CND","RIL"]
["C55630","PISTON",11138,"CNDRILMSE",2010,7,17.987142857142857,125.91,"CND","RIL"]
["C55630","PISTON",10008,"OCMSE",2009,10,32.200000000000003,322,"OC"]
["C55630","PISTON",11272,"OCMSE",2010,7,43.654285714285713,305.58,"OC"]
["C55630","PISTON",11272,"OCMSE",2010,7,11.944285714285714,83.61,"OC"]
["C55630","PISTON",19923,"OCMSE",2014,4,12.775,51.1,"OC"]
["C55643","BAGUE FILETEE",8790,"CNDCADMSE",2009,9,17.166666666666668,154.5,"CND","CAD"]
["C55643","BAGUE FILETEE",19834,"CNDCADMSE",2014,8,8.9425000000000008,71.540000000000006,"CND","CAD"]
["C55643","BAGUE FILETEE",19049,"TTHMSE",2013,2,38.155000000000001,76.31,"TTH"]
["C55656","BAGUE",10911,"CADMSE",2009,6,34.6,207.6,"CAD"]
["C55656","BAGUE",14712,"CADMSE",2011,19,8.8126315789473679,167.44,"CAD"]
["C55738","BAGUE",10985,"CADMSE",2009,15,5.166666666666667,77.5,"CAD"]
["C55738","BAGUE",14731,"CADMSE",2011,58,10.545689655172414,611.65,"CAD"]
["C55751","RONDELLE",12756,"CADMSE",2010,24,3.125,75,"CAD"]
["C55991-1","RONDELLE",10360,"DETPHOMSE",2009,13,2.7515384615384617,35.770000000000003,"DET","PHO"]
["C55991-1","RONDELLE",13452,"DETPHOMSE",2011,8,240.35374999999999,1922.83,"DET","PHO"]
["C55991-1","RONDELLE",10020,"TTHMSE",2009,1,77.819999999999993,77.819999999999993,"TTH"]
["C55991-1","RONDELLE",13058,"TTHMSE",2010,1,1272,1272,"TTH"]
["C56139-10","ROTULE",9540,"CNDMSE",2009,12,136.58750000000001,1639.05,"CND"]
["C56139-10","ROTULE",11168,"CNDMSE",2010,11,3.2518181818181819,35.770000000000003,"CND"]
["C56141-10R5","FOND",9222,"CNDOCMSE",2009,10,63,630,"CND","OC"]
["C56141-10R5","FOND",10574,"CNDOCMSE",2009,4,157.5,630,"CND","OC"]
["C56141-10R5","FOND",12284,"CNDOCMSE",2010,8,311.25,2490,"CND","OC"]
["C56141-10R5","FOND",13289,"CNDOCMSE",2011,8,0,0,"CND","OC"]
["C56141-10R5","FOND",15785,"CNDOCMSE",2012,10,36.731000000000002,367.31,"CND","OC"]
["C56141-10R5","FOND",12284,"PEIMSE",2010,8,1.2375,9.9,"PEI"]
["C56141-10R5","FOND",13289,"PEIMSE",2011,8,15.9625,127.7,"PEI"]
["C56141-10R5","FOND",15785,"PEIMSE",2012,10,79.2,792,"PEI"]
["C56141-10R5","FOND",9223,"PEIMSE",2009,10,49.923000000000002,499.23,"PEI"]
["C56141-10R5","FOND",10575,"PEIMSE",2009,4,41.75,167,"PEI"]
["C56657","SUPPORT",12066,"OASMSE",2010,10,238.00799999999998,2380.08,"OAS"]
["C56657","SUPPORT",13340,"OASMSE",2011,6,8.5166666666666675,51.1,"OAS"]
["C56662","RONDELLE",9841,"DETCADMSE",2009,14,9.043571428571429,126.61,"DET","CAD"]
["C56662","RONDELLE",12848,"DETCADMSE",2010,26,2.2380769230769229,58.19,"DET","CAD"]
["C56662","RONDELLE",9533,"TTHMSE",2009,1,21.2,21.2,"TTH"]
["C56662","RONDELLE",12599,"TTHMSE",2010,2,247.5,495,"TTH"]
["C56673","RONDELLE",12269,"PHOMSE",2010,26,1.9849999999999999,51.61,"PHO"]
["C56673","RONDELLE",12110,"TTHMSE",2010,1,22.57,22.57,"TTH"]
["C56683-20","BAGUE",14183,"PEIMSE",2011,21,0.94285714285714284,19.8,"PEI"]
["C56829","BAGUE",17130,"CADMSE",2012,15,3.4066666666666667,51.1,"CAD"]
["C56830-10","BAGUE",17040,"CADMSE",2012,13,13.207692307692307,171.7,"CAD"]
["C56831-10","RONDELLE",9746,"CNDMSE",2009,18,3.22,57.96,"CND"]
["C56831-10","RONDELLE",16258,"CNDMSE",2012,18,1.9872222222222224,35.770000000000003,"CND"]
["C56831-10","RONDELLE",17593,"CNDMSE",2012,10,4.17,41.7,"CND"]
["C56831-10","RONDELLE",16259,"SULFMSE",2012,18,4.072222222222222,73.3,"SULF"]
["C56831-10","RONDELLE",17594,"SULFMSE",2013,10,{"$f":"H6659/F6659","v":16.8},168,"SULF"]
["C56831-10","RONDELLE",9842,"SULFMSE",2009,18,4.1094444444444447,73.97,"SULF"]
["C56831-10","RONDELLE",15885,"TTHMSE",2012,1,49.15,49.15,"TTH"]
["C56831-10","RONDELLE",17391,"TTHMSE",2012,1,143.47,143.47,"TTH"]
["C56831-10","RONDELLE",9570,"TTHMSE",2009,18,4.2111111111111112,75.8,"TTH"]
["C56834-10","BAGUE",17153,"CADMSE",2012,13,15.692307692307692,204,"CAD"]
["C56840","RONDELLE",9993,"DETCADMSE",2009,14,6.7278571428571423,94.19,"DET","CAD"]
["C56840","RONDELLE",12297,"DETCADMSE",2010,19,0,0,"DET","CAD"]
["C56840","RONDELLE",14243,"DETCADMSE",2011,21,1.7033333333333336,35.770000000000003,"DET","CAD"]
["C56840","RONDELLE",17196,"DETCADMSE",2012,16,11.880625,190.09,"DET","CAD"]
["C56840","RONDELLE",16763,"TTHMSE",2012,2,102.9,205.8,"TTH"]
["C56840","RONDELLE",9724,"TTHMSE",2009,2,21.954999999999998,43.91,"TTH"]
["C56840","RONDELLE",12126,"TTHMSE",2010,3,128.95000000000002,386.85,"TTH"]
["C56840","RONDELLE",13688,"TTHMSE",2011,3,702.66666666666663,2108,"TTH"]
["C56843","RONDELLE",13613,"DETCADMSE",2011,24,1.4904166666666667,35.770000000000003,"DET","CAD"]
["C56843","RONDELLE",17495,"TTHMSE",2012,1,30.36,30.36,"TTH"]
["C56843","RONDELLE",13426,"TTHMSE",2011,2,272,544,"TTH"]
["C56848-10","BAGUE",17127,"CADMSE",2012,13,9.2307692307692299,120,"CAD"]
["C56922","DOUILLE",9896,"CND",2009,14,9.2857142857142865,130,"CND"]
["C56922","DOUILLE",10384,"CND",2009,17,22.705882352941178,386,"CND"]
["C56922","DOUILLE",9714,"TTH",2009,3,7.2966666666666669,21.89,"TTH"]
["C56922","DOUILLE",10014,"TTH",2009,3,8.4500000000000011,25.35,"TTH"]
["C56940-10","PISTON DE VERROUILLAGE",9569,"CHR",2009,10,71.738,717.38,"CHR"]
["C56940-10","PISTON DE VERROUILLAGE",10065,"CHR",2009,21,20.766666666666669,436.1,"CHR"]
["C56940-10","PISTON DE VERROUILLAGE",11071,"CHR",2009,14,16,224,"CHR"]
["C56940-10","PISTON DE VERROUILLAGE",9310,"CND",2009,11,11.818181818181818,130,"CND"]
["C56940-10","PISTON DE VERROUILLAGE",9838,"CND",2009,22,6.9454545454545462,152.80000000000001,"CND"]
["C56940-10","PISTON DE VERROUILLAGE",10698,"CND",2009,14,19.004999999999999,266.07,"CND"]
["C56940-10","PISTON DE VERROUILLAGE",9985,"PEIN",2009,9,18.555555555555557,167,"PEI"]
["C56940-10","PISTON DE VERROUILLAGE",10444,"PEIN",2009,21,154.20571428571429,3238.32,"PEI"]
["C56940-10","PISTON DE VERROUILLAGE",11652,"PEIN",2010,9,359.81333333333333,3238.32,"PEI"]
["C56940-10","PISTON DE VERROUILLAGE",11755,"PEIN",2010,5,89.432000000000002,447.16,"PEI"]
["C56940-10","PISTON DE VERROUILLAGE",9408,"RECT1",2009,10,9.9310000000000009,99.31,"RECT1"]
["C56940-10","PISTON DE VERROUILLAGE",9948,"RECT1",2009,22,4.6813636363636357,102.99,"RECT1"]
["C56940-10","PISTON DE VERROUILLAGE",10699,"RECT1",2009,14,10.052142857142856,140.72999999999999,"RECT1"]
["C56940-10","PISTON DE VERROUILLAGE",9784,"RECT2",2009,10,11.675000000000001,116.75,"RECT2"]
["C56940-10","PISTON DE VERROUILLAGE",10188,"RECT2",2009,21,11,231,"RECT2"]
["C56940-10","PISTON DE VERROUILLAGE",11293,"RECT2",2010,14,17.642857142857142,247,"RECT2"]
["C56940-10","PISTON DE VERROUILLAGE",9859,"RIL",2009,10,9.8989999999999991,98.99,"RIL"]
["C56940-10","PISTON DE VERROUILLAGE",10244,"RIL",2009,21,18.428571428571427,387,"RIL"]
["C56940-10","PISTON DE VERROUILLAGE",11456,"RIL",2010,9,46.444444444444443,418,"RIL"]
["C56940-10","PISTON DE VERROUILLAGE",11634,"RIL",2010,5,87.679999999999993,438.4,"RIL"]
["C56940-10","PISTON DE VERROUILLAGE",9478,"SULF",2009,10,11.099,110.99,"SULF"]
["C56940-10","PISTON DE VERROUILLAGE",10001,"SULF",2009,22,22.998636363636365,505.97,"SULF"]
["C56940-10","PISTON DE VERROUILLAGE",10863,"SULF",2009,14,13.428571428571429,188,"SULF"]
["C56940-10","PISTON DE VERROUILLAGE",9254,"TTH",2009,23,1.172608695652174,26.97,"TTH"]
["C56940-10","PISTON DE VERROUILLAGE",10375,"TTH",2009,14,0.9107142857142857,12.75,"TTH"]
["C56941-10R1","PISTON",13629,"CNDRIL",2011,9,60.224444444444444,542.02,"CND","RIL"]
["C56941-10R1","PISTON",13533,"TTH",2011,2,10.164999999999999,20.329999999999998,"TTH"]
["C56941-10R4","PISTON",11442,"CNDRIL",2010,4,0,0,"CND","RIL"]
["C56941-10R4","PISTON",15467,"CNDRIL",2011,7,16.132857142857144,112.93,"CND","RIL"]
["C56941-10R4","PISTON",15106,"TTH",2011,1,55.5,55.5,"TTH"]
["C56941-10R4","PISTON",11199,"TTH",2010,1,222.91,222.91,"TTH"]
["C56948-10R1","PISTON",14333,"CNDRILMSE",2011,7,0,0,"CND","RIL"]
["C56950R1","BAGUE",9627,"CNDDETRILMSE",2009,13,5.5584615384615388,72.260000000000005,"CND","DET","RIL"]
["C56950R1","BAGUE",9787,"DETMSE",2009,13,97.81,1271.53,"DET"]
["C56950R1","BAGUE",9071,"TTHMSE",2009,13,8.3769230769230774,108.9,"TTH"]
["C56950R2","BAGUE",9628,"CNDDETRILMSE",2009,8,33.423749999999998,267.39,"CND","DET","RIL"]
["C56950R2","BAGUE",9788,"DETMSE",2009,8,0,0,"DET"]
["C56950R2","BAGUE",9072,"TTHMSE",2009,8,7.9,63.2,"TTH"]
["C56954","BAGUE FILETEE",14524,"DETCADMSE",2011,9,3.9744444444444449,35.770000000000003,"DET","CAD"]
["C56954","BAGUE FILETEE",14236,"TTHMSE",2011,3,44,132,"TTH"]
["C56956","BAGUE FILETEE",11995,"DETCADMSE",2010,10,6.44,64.400000000000006,"DET","CAD"]
["C56956","BAGUE FILETEE",12635,"DETCADMSE",2010,9,3.9744444444444449,35.770000000000003,"DET","CAD"]
["C56956","BAGUE FILETEE",11739,"TTHMSE",2010,1,{"$f":"H6723/F6723","v":45.55},45.55,"TTH"]
["C56956","BAGUE FILETEE",12405,"TTHMSE",2010,1,32.15,32.15,"TTH"]
["C56977","RONDELLE",11912,"DETPHOMSE",2010,17,3.6070588235294117,61.32,"DET","PHO"]
["C56977","RONDELLE",13063,"DETPHOMSE",2010,16,3.1937500000000001,51.1,"DET","PHO"]
["C56977","RONDELLE",11739,"TTHMSE",2010,1,22.67,22.67,"TTH"]
["C56977","RONDELLE",12697,"TTHMSE",2010,1,1260,1260,"TTH"]
["C56994","RONDELLE",9839,"CNDDETPHOMSE",2009,16,4.9824999999999999,79.72,"CND","DET","PHO"]
["C56994","RONDELLE",11570,"DETPHOMSE",2010,16,26.243749999999999,419.9,"DET","PHO"]
["C56994","RONDELLE",13313,"DETPHOMSE",2011,19,2.6894736842105265,51.1,"DET","PHO"]
["C56994","RONDELLE",13307,"DETPHOMSE",2011,25,2.9824000000000002,74.56,"DET","PHO"]
["C56994","RONDELLE",9534,"TTHMSE",2009,2,30.975000000000001,61.95,"TTH"]
["C56994","RONDELLE",11076,"TTHMSE",2009,1,91.95,91.95,"TTH"]
["C56994","RONDELLE",13058,"TTHMSE",2010,1,1284,1284,"TTH"]
["C56994","RONDELLE",13180,"TTHMSE",2010,2,1269,2538,"TTH"]
["C56995","RONDELLE",10055,"CNDDETMSE",2009,16,18.75,300,"CND","DET"]
["C56995","RONDELLE",12070,"CNDDETMSE",2010,9,33.333333333333336,300,"CND","DET"]
["C56995","RONDELLE",13449,"CNDMSE",2011,17,6.3123529411764707,107.31,"CND"]
["C56995","RONDELLE",14008,"CNDMSE",2011,18,8.0338888888888889,144.61000000000001,"CND"]
["C56995","RONDELLE",15779,"CNDMSE",2012,29,1.2334482758620691,35.770000000000003,"CND"]
["C56995","RONDELLE",12158,"SULFMSE",2010,9,9.4188888888888886,84.77,"SULF"]
["C56995","RONDELLE",13450,"SULFMSE",2011,17,4.9076470588235299,83.43,"SULF"]
["C56995","RONDELLE",14009,"SULFMSE",2011,18,4.4922222222222219,80.86,"SULF"]
["C56995","RONDELLE",15780,"SULFMSE",2012,29,15.53896551724138,450.63,"SULF"]
["C56995","RONDELLE",10175,"SULFMSE",2009,16,6.9381250000000003,111.01,"SULF"]
["C56995","RONDELLE",15261,"TTHMSE",2012,3,9.4500000000000011,28.35,"TTH"]
["C56995","RONDELLE",9719,"TTHMSE",2009,2,24.574999999999999,49.15,"TTH"]
["C56995","RONDELLE",11626,"TTHMSE",2010,1,17.190000000000001,17.190000000000001,"TTH"]
["C56995","RONDELLE",13048,"TTHMSE",2010,2,618,1236,"TTH"]
["C56995","RONDELLE",13619,"TTHMSE",2011,2,440,880,"TTH"]
["C56996","RONDELLE",9959,"CNDMSE",2009,27,3.9744444444444444,107.31,"CND"]
["C56996","RONDELLE",13907,"CNDMSE",2011,26,3.0361538461538462,78.94,"CND"]
["C57005-10","BAGUE",9649,"DETCADMSE",2009,36,0.99361111111111122,35.770000000000003,"DET","CAD"]
["C57005-10","BAGUE",10283,"DETCADMSE",2009,28,15.11107142857143,423.11,"DET","CAD"]
["C57005-10","BAGUE",11832,"DETCADMSE",2010,16,2.2356250000000002,35.770000000000003,"DET","CAD"]
["C57005-10","BAGUE",13809,"DETCADMSE",2011,32,1.7884374999999999,57.23,"DET","CAD"]
["C57005-10","BAGUE",13908,"DETCADMSE",2011,20,3.6545000000000001,73.09,"DET","CAD"]
["C57005-10","BAGUE",16400,"TTHMSE",2012,3,8.6733333333333338,26.02,"TTH"]
["C57005-10","BAGUE",9441,"TTHMSE",2009,6,67.125,402.75,"TTH"]
["C57005-10","BAGUE",10019,"TTHMSE",2009,4,10.2875,41.15,"TTH"]
["C57005-10","BAGUE",11175,"TTHMSE",2010,3,18.3,54.9,"TTH"]
["C57005-10","BAGUE",12404,"TTHMSE",2010,4,4.9874999999999998,19.95,"TTH"]
["C57005-10","BAGUE",13476,"TTHMSE",2011,6,230,1380,"TTH"]
["C57007-10","TOURILLON",9876,"CNDDETPHOMSE",2009,21,7.3514285714285714,154.38,"CND","DET","PHO"]
["C57007-10","TOURILLON",11148,"CNDDETPHOMSE",2010,18,2.4244444444444446,43.64,"CND","DET","PHO"]
["C57007-10","TOURILLON",11843,"CNDDETPHOMSE",2010,13,5.1730769230769234,67.25,"CND","DET","PHO"]
["C57007-10","TOURILLON",12678,"CNDDETPHOMSE",2010,20,1.8879999999999999,37.76,"CND","DET","PHO"]
["C57007-10","TOURILLON",13774,"CNDDETPHOMSE",2011,38,-0.33157894736842103,-12.6,"CND","DET","PHO"]
["C57010","RONDELLE",12081,"PEIMSE",2010,13,105.61538461538461,1373,"PEI"]
["C57010","RONDELLE",12991,"PEIMSE",2010,18,2.0005555555555556,36.01,"PEI"]
["C57010","RONDELLE",13293,"PEIMSE",2011,24,9.5208333333333339,228.5,"PEI"]
["C57010","RONDELLE",14094,"PEIMSE",2011,23,3.4895652173913048,80.260000000000005,"PEI"]
["C57010","RONDELLE",15938,"PEIMSE",2012,12,9.0750000000000011,108.9,"PEI"]
["C57010","RONDELLE",9110,"PEIMSE",2009,35,45.387714285714281,1588.57,"PEI"]
["C57010","RONDELLE",13537,"PEIMSE",2011,24,4.5874999999999995,110.1,"PEI"]
["C57010","RONDELLE",9109,"PHOMSE",2009,35,2.8288571428571432,99.01,"PHO"]
["C57010","RONDELLE",12081,"PHOMSE",2010,13,31.286153846153848,406.72,"PHO"]
["C57010","RONDELLE",12991,"PHOMSE",2010,18,11.833333333333334,213,"PHO"]
["C57010","RONDELLE",13293,"PHOMSE",2011,24,9.6245833333333337,230.99,"PHO"]
["C57010","RONDELLE",14094,"PHOMSE",2011,23,7.2860869565217401,167.58,"PHO"]
["C57010","RONDELLE",15938,"PHOMSE",2012,12,8.25,99,"PHO"]
["C57010","RONDELLE",15519,"TTHMSE",2012,2,26.785,53.57,"TTH"]
["C57010","RONDELLE",11627,"TTHMSE",2010,3,21.456666666666667,64.37,"TTH"]
["C57010","RONDELLE",12696,"TTHMSE",2010,3,228,684,"TTH"]
["C57010","RONDELLE",13058,"TTHMSE",2010,4,195,780,"TTH"]
["C57010","RONDELLE",13843,"TTHMSE",2011,4,{"$f":"H6787/F6787","v":562.5},2250,"TTH"]
["C57015","RONDELLE",9853,"DETPHOMSE",2009,18,2.838888888888889,51.1,"DET","PHO"]
["C57015","RONDELLE",11244,"DETPHOMSE",2010,15,3.4066666666666667,51.1,"DET","PHO"]
["C57015","RONDELLE",13698,"DETPHOMSE",2011,31,4.7880645161290323,148.43,"DET","PHO"]
["C57015","RONDELLE",9724,"TTHMSE",2009,1,35.79,35.79,"TTH"]
["C57015","RONDELLE",10963,"TTHMSE",2009,1,161.65,161.65,"TTH"]
["C57015","RONDELLE",13425,"TTHMSE",2011,2,184,368,"TTH"]
["C57026","COUPELLE",12615,"DETCNDBRUCNDMSE",2010,25,2.8616000000000001,71.540000000000006,"DET","CND","BRU","CND"]
["C57026","RONDELLE",11069,"TTHMSE",2010,36,1.0319444444444443,37.15,"TTH"]
["C57026","RONDELLE",12491,"TTHMSE",2010,25,9.6,240,"TTH"]
["C57029","RONDELLE",9848,"CADMSE",2009,30,5.4,162,"CAD"]
["C57029","RONDELLE",13163,"CADMSE",2010,18,9.5555555555555554,172,"CAD"]
["C57029","RONDELLE",14024,"CADMSE",2011,39,3.0769230769230771,120,"CAD"]
["C57029","RONDELLE",9724,"TTHMSE",2009,1,49.15,49.15,"TTH"]
["C57029","RONDELLE",12738,"TTHMSE",2010,1,5400,5400,"TTH"]
["C57029","RONDELLE",13796,"TTHMSE",2011,1,525,525,"TTH"]
["C57032-10","PLAQUETTE",13481,"CADMSE",2011,15,12.8,192,"CAD"]
["C57032-10","PLAQUETTE",13707,"CADMSE",2011,20,6.25,125,"CAD"]
["C57032-10","PLAQUETTE",13707,"CADMSE",2011,1,120,120,"CAD"]
["C57032-10","PLAQUETTE",13481,"PEIMSE",2011,15,8.5133333333333336,127.7,"PEI"]
["C57032-10","PLAQUETTE",13707,"PEIMSE",2011,20,6.3849999999999998,127.7,"PEI"]
["C57032-10","PLAQUETTE",13707,"PEIMSE",2011,1,127.7,127.7,"PEI"]
["C57032-10","PLAQUETTE",12736,"TTH",2010,10,3.907,39.07,"TTH"]
["C57032-10","PLAQUETTE",13065,"TTHMSE",2010,16,43.6875,699,"TTH"]
["C57032-10","PLAQUETTE",13274,"TTHMSE",2010,20,18.75,375,"TTH"]
["C57034","BAGUE",13944,"DETPHOMSE",2011,6,80.125,480.75,"DET","PHO"]
["C57034","BAGUE",15478,"DETPHOMSE",2012,23,4.7991304347826089,110.38,"DET","PHO"]
["C57034","BAGUE",13944,"PEIMSE",2011,6,6.0083333333333329,36.049999999999997,"PEI"]
["C57034","BAGUE",15478,"PEIMSE",2012,23,5.552173913043478,127.7,"PEI"]
["C57034","BAGUE",15034,"TTHMSE",2011,5,0,0,"TTH"]
["C57034","BAGUE",13057,"TTHMSE",2010,3,292,876,"TTH"]
["C57034","BAGUE",13579,"TTHMSE",2011,2,216,432,"TTH"]
["C57038-10","BAGUE FILETEE",15915,"TTHMSE",2012,2,30.975000000000001,61.95,"TTH"]
["C57046-20","BAGUE",13699,"CNDMSE",2011,21,1.7033333333333336,35.770000000000003,"CND"]
["C57046-20","BAGUE",14708,"CNDMSE",2011,9,9.3144444444444439,83.83,"CND"]
["C57046-20","BAGUE",13699,"PEIMSE",2011,21,6.156190476190476,129.28,"PEI"]
["C57046-20","BAGUE",14708,"PEIMSE",2011,9,331.48555555555555,2983.37,"PEI"]
["C57057","ECROU",9735,"CNDPHOMSE",2009,14,0,0,"CND","PHO"]
["C57057","ECROU",10090,"CNDPHOMSE",2009,25,15.386400000000002,384.66,"CND","PHO"]
["C57057","ECROU",13721,"CNDPHOMSE",2011,8,7.1537499999999996,57.23,"CND","PHO"]
["C57057","ECROU",13721,"CNDPHOMSE",2011,15,2.3846666666666669,35.770000000000003,"CND","PHO"]
["C57057","ECROU",13721,"PEIMSE",2011,8,15.9625,127.7,"PEI"]
["C57057","ECROU",13721,"PEIMSE",2011,15,2.4006666666666665,36.01,"PEI"]
["C57057","ECROU",9736,"PEIMSE",2009,14,32.08,449.12,"PEI"]
["C57057","ECROU",10091,"PEIMSE",2009,25,16.249600000000001,406.24,"PEI"]
["C57058","COUPELLE",13685,"PEIMSE",2011,14,7.0192857142857141,98.27,"PEI"]
["C57058","COUPELLE",13685,"PHOMSE",2011,14,7.0735714285714284,99.03,"PHO"]
["C57058","COUPELLE",14946,"TTHMSE",2011,3,29.89,89.67,"TTH"]
["C57058","COUPELLE",17925,"TTHMSE",2013,3,8.25,24.75,"TTH"]
["C57058","COUPELLE",12647,"TTHMSE",2010,3,220,660,"TTH"]
["C57058","COUPELLE",13058,"TTHMSE",2010,3,208,624,"TTH"]
["C57058","COUPELLE",13688,"TTHMSE",2011,3,407.93333333333334,1223.8,"TTH"]
["C57065-20","CALE",11171,"OASMSE",2010,5,0,0,"OAS"]
["C57065-20","CALE",13826,"OASMSE",2011,18,136.61333333333334,2459.04,"OAS"]
["C57065-20","CALE",9744,"OASMSE",2009,5,468.93,2344.65,"OAS"]
["C57065-20","CALE",11171,"PEIMSE",2010,5,33.257999999999996,166.29,"PEI"]
["C57065-20","CALE",13826,"PEIMSE",2011,18,193.60000000000002,3484.8,"PEI"]
["C57065-20","CALE",9745,"PEIMSE",2009,5,284.41999999999996,1422.1,"PEI"]
["C57208","BAGUE FILETEE",11292,"CNDMSE",2010,6,23.574999999999999,141.44999999999999,"CND"]
["C57208","BAGUE FILETEE",12298,"CNDMSE",2010,7,27.301428571428573,191.11,"CND"]
["C57208","BAGUE FILETEE",10760,"TTHMSE",2009,7,46.975714285714282,328.83,"TTH"]
["C57208","BAGUE FILETEE",12050,"TTHMSE",2010,7,10.77,75.39,"TTH"]
["C57213-20R1","PISTON SEPARATEUR",10145,"CNDRILMSE",2009,8,42,336,"CND","RIL"]
["C57213-20R1","PISTON SEPARATEUR",11268,"CNDRILMSE",2010,4,17.885000000000002,71.540000000000006,"CND","RIL"]
["C57213-20R1","PISTON SEPARATEUR",11688,"CNDRILMSE",2010,4,{"$f":"H6851/F6851","v":66.332499999999996},265.33,"CND","RIL"]
["C57213-20R1","PISTON SEPARATEUR",13000,"CNDRILMSE",2010,1,161.9,161.9,"CND","RIL"]
["C57213-20R1","PISTON SEPARATEUR",13000,"CNDRILMSE",2010,1,35.770000000000003,35.770000000000003,"CND","RIL"]
["C57213-20R1","PISTON SEPARATEUR",10331,"OACMSE",2009,8,4.5862499999999997,36.69,"OAC"]
["C57213-20R1","PISTON SEPARATEUR",11362,"OACMSE",2010,4,32.907499999999999,131.63,"OAC"]
["C57213-20R1","PISTON SEPARATEUR",11935,"OACMSE",2010,4,15.1775,60.71,"OAC"]
["C57213-20R1","PISTON SEPARATEUR",11999,"OACMSE",2010,4,25.55,102.2,"OAC"]
["C57213-20R1","PISTON SEPARATEUR",13238,"OACMSE",2010,1,167.61,167.61,"OAC"]
["C57213-20R1","PISTON SEPARATEUR",10468,"OCMSE",2009,6,10.62,63.72,"OC"]
["C57213-20R1","PISTON SEPARATEUR",11498,"OCMSE",2010,2,25.55,51.1,"OC"]
["C57213-20R1","PISTON SEPARATEUR",12102,"OCMSE",2010,4,48.67,194.68,"OC"]
["C57213-20R1","PISTON SEPARATEUR",13326,"OCMSE",2011,1,102.2,102.2,"OC"]
["C57254-10","BAGUE",8818,"CNDDETPHOMSE",2009,95,6.3157894736842106,600,"CND","DET","PHO"]
["C57255-10","BAGUE",10050,"CNDDETPHOMSE",2009,45,2.3846666666666669,107.31,"CND","DET","PHO"]
["C57255-10","BAGUE",9724,"TTHMSE",2009,4,15.2475,60.99,"TTH"]
["C57428-20","RONDELLE",9454,"DETBRUMSE",2009,52,49.237499999999997,2560.35,"DET","BRU"]
["C57428-20","RONDELLE",14013,"DETBRUMSE",2011,49,13.275102040816327,650.48,"DET","BRU"]
["C57428-20","RONDELLE",16586,"DETBRUMSE",2012,45,0.99244444444444435,44.66,"DET","BRU"]
["C57428-20R1","RONDELLE",9036,"DETBRUMSE",2009,19,41.654210526315786,791.43,"DET","BRU"]
["C57428-20R1","RONDELLE",14424,"DETBRUMSE",2011,19,1.9147368421052633,36.380000000000003,"DET","BRU"]
["C57428-20R2","RONDELLE",9037,"DETBRUMSE",2009,20,3.6534999999999997,73.069999999999993,"DET","BRU"]
["C57472","BAGUE",9490,"CADMSE",2009,5,44.072000000000003,220.36,"CAD"]
["C57472","BAGUE",12467,"CADMSE",2010,3,41.666666666666664,125,"CAD"]
["C57472","BAGUE",14672,"CADMSE",2011,4,106.375,425.5,"CAD"]
["C57493","CHEMISE",16758,"DETBRUMSE",2012,2,17.885000000000002,35.770000000000003,"DET","BRU"]
["C57493","CHEMISE",16758,"DETBRUMSE",2012,2,17.885000000000002,35.770000000000003,"DET","BRU"]
["C57590","PLAQUETTE",10389,"OAS",2009,14,8.76,122.64,"OAS"]
["C58035","BAGUE",9503,"CADMSE",2009,5,24,120,"CAD"]
["C58035","BAGUE",11783,"CADMSE",2010,2,62.5,125,"CAD"]
["C58035","BAGUE",13213,"CADMSE",2011,6,47.166666666666664,283,"CAD"]
["C58035","BAGUE",13873,"CADMSE",2011,2,150,300,"CAD"]
["C58048","SUPPORT",9405,"OASMSE",2009,11,195.82,2154.02,"OAS"]
["C58048","SUPPORT",12436,"OASMSE",2010,6,251.625,1509.75,"OAS"]
["C58364-20","BAGUE",10166,"CNDCADMSE",2009,5,57.886000000000003,289.43,"CND","CAD"]
["C58366","RONDELLE",9864,"DETPHOMSE",2009,23,4.9669565217391298,114.24,"DET","PHO"]
["C58366","RONDELLE",9724,"TTHMSE",2009,2,23.535,47.07,"TTH"]
["C58367","BAGUE",10159,"CADMSE",2009,5,32.4,162,"CAD"]
["C58372","BAGUE",10093,"CNDCADMSE",2009,11,3.2518181818181819,35.770000000000003,"CND","CAD"]
["C58388","BAGUE",10031,"CADMSE",2009,24,7.84375,188.25,"CAD"]
["C58388","BAGUE",19902,"CADMSE",2014,7,12.921428571428573,90.45,"CAD"]
["C58394","PLATINE",11676,"CADMSE",2010,71,1.7605633802816902,125,"CAD"]
["C58395","EMBASE",10103,"CNDBRUMSE",2009,24,2.1291666666666669,51.1,"CND","BRU"]
["C58395","EMBASE",11329,"CNDBRUMSE",2010,8,12.775,102.2,"CND","BRU"]
["C58395","EMBASE",12153,"CNDBRUMSE",2010,39,10.482051282051282,408.8,"CND","BRU"]
["C58395","EMBASE",14436,"CNDBRUMSE",2011,12,12.085000000000001,145.02000000000001,"CND","BRU"]
["C58395","EMBASE",16305,"CNDBRUMSE",2012,12,8.5166666666666675,102.2,"CND","BRU"]
["C58395","EMBASE",15972,"TTHMSE",2012,13,3.1438461538461535,40.869999999999997,"TTH"]
["C58395","EMBASE",9720,"TTHMSE",2009,25,1.206,30.15,"TTH"]
["C58395","EMBASE",10463,"TTHMSE",2009,8,18.39875,147.19,"TTH"]
["C58395","EMBASE",11940,"TTHMSE",2010,40,0.78,31.2,"TTH"]
["C58395","EMBASE",14126,"TTHMSE",2011,13,53.846153846153847,700,"TTH"]
["C58426","BAGUE",9334,"CADMSE",2009,13,30.76923076923077,400,"CAD"]
["C58426","BAGUE",10501,"CADMSE",2009,11,62.25090909090909,684.76,"CAD"]
["C58426","BAGUE",19926,"CADMSE",2014,6,30.150000000000002,180.9,"CAD"]
["C58428","RONDELLE",11989,"DETBRUCNDMSE",2010,19,1.8826315789473687,35.770000000000003,"DET","BRU","CND"]
["C58428","RONDELLE",11835,"TTHMSE",2010,19,2.088421052631579,39.68,"TTH"]
["C58429","BAGUE",8747,"CADMSE",2009,43,2.7906976744186047,120,"CAD"]
["C58429","BAGUE",11439,"CADMSE",2010,32,3.90625,125,"CAD"]
["C58811","ETRIER",10837,"CNDOAS",2009,5,8.4319999999999986,42.16,"CND","OAS"]
["C58812","ETRIER",14187,"CNDOAS",2011,7,10.220000000000001,71.540000000000006,"CND","OAS"]
["C59102","BAGUE FILETEE",8666,"CADMSE",2009,22,5.4545454545454541,120,"CAD"]
["C59191","BAGUE",14463,"TTHMSE",2011,8,3.4812500000000002,27.85,"TTH"]
["C59191","BAGUE",15192,"TTHMSE",2011,8,4.19625,33.57,"TTH"]
["C59191","BAGUE",16764,"TTHMSE",2012,6,9.0849999999999991,54.51,"TTH"]
["C59853-1","RONDELLE",19950,"PELPASMSE",2014,14,{"$f":"H6915/F6915","v":144.80714285714285},2027.3,"PEL","PAS"]
["C59853-1","RONDELLE",19948,"PELPASMSE",2014,18,189.80444444444444,3416.48,"PEL","PAS"]
["C59989","PISTON",10089,"CNDRIL",2009,33,4.3830303030303028,144.63999999999999,"CND","RIL"]
["C59989","PISTON",9826,"TTH",2009,12,4.6025,55.23,"TTH"]
["C59989 R1","PISTON",9420,"CNDRIL",2009,9,21.266666666666666,191.4,"CND","RIL"]
["C59989 R1","PISTON",11705,"CNDRIL",2010,14,6.7,93.8,"CND","RIL"]
["C59989 R1","PISTON",9064,"TTH",2009,3,16.726666666666667,50.18,"TTH"]
["C59989 R1","PISTON",11282,"TTH",2010,5,12.72,63.6,"TTH"]
["C59994-10","EMBOUT",12682,"CNDCAD",2010,4,2.4674999999999998,9.8699999999999992,"CND","CAD"]
["C59994-10","EMBOUT",12401,"TTH",2010,4,3.8275000000000001,15.31,"TTH"]
["C60516","PISTON",9686,"CHR",2009,16,19.5,312,"CHR"]
["C60516","PISTON",10021,"CHR",2009,7,18,126,"CHR"]
["C60516","PISTON",10557,"CHR",2009,14,9,126,"CHR"]
["C60516","PISTON",9403,"CND",2009,16,12.5,200,"CND"]
["C60516","PISTON",9758,"CND",2009,7,27.571428571428573,193,"CND"]
["C60516","PISTON",10258,"CND",2009,14,13.785714285714286,193,"CND"]
["C60516","PISTON",8947,"CNDRIL",2009,9,3.9744444444444449,35.770000000000003,"CND","RIL"]
["C60516","PISTON",9858,"CNDRIL",2009,16,20.4375,327,"CND","RIL"]
["C60516","PISTON",10199,"CNDRIL",2009,7,0,0,"CND","RIL"]
["C60516","PISTON",10717,"CNDRIL",2009,14,4.9799999999999995,69.72,"CND","RIL"]
["C60516","PISTON",9089,"PEI",2009,9,31.222222222222221,281,"PEI"]
["C60516","PISTON",9995,"PEI",2009,16,1.2875000000000001,20.6,"PEI"]
["C60516","PISTON",10338,"PEI",2009,3,652.13333333333333,1956.4,"PEI"]
["C60516","PISTON",10850,"PEI",2009,13,17.969230769230769,233.6,"PEI"]
["C60516","PISTON",9530,"RECT1",2009,16,32.454999999999998,519.28,"RECT1"]
["C60516","PISTON",9759,"RECT1",2009,7,14.712857142857143,102.99,"RECT1"]
["C60516","PISTON",10314,"RECT1",2009,14,33.18,464.52,"RECT1"]
["C60516","PISTON",8859,"RECT2",2009,9,19.555555555555557,176,"RECT2"]
["C60516","PISTON",9802,"RECT2",2009,16,7.8525,125.64,"RECT2"]
["C60516","PISTON",10104,"RECT2",2009,7,16.578571428571429,116.05,"RECT2"]
["C60516","PISTON",10632,"RECT2",2009,14,15.214285714285714,213,"RECT2"]
["C60516","PISTON",9643,"SULF",2009,16,6.9375,111,"SULF"]
["C60516","PISTON",9910,"SULF",2009,7,15.857142857142858,111,"SULF"]
["C60516","PISTON",10383,"SULF",2009,14,7.927142857142857,110.98,"SULF"]
["C60516","PISTON",8885,"TTH",2009,16,1.6031249999999999,25.65,"TTH"]
["C60516","PISTON",8991,"TTH",2009,7,0,0,"TTH"]
["C60516","PISTON",10013,"TTH",2009,15,2.0499999999999998,30.75,"TTH"]
["C60601","PISTON",13955,"CAD",2011,6,5,30,"CAD"]
["C60601","PISTON",13461,"CNDRIL",2011,9,41.425555555555555,372.83,"CND","RIL"]
["C60601R1","PISTON",10335,"CAD",2009,10,3.75,37.5,"CAD"]
["C60601R1","PISTON",10054,"CNDRIL",2009,11,0,0,"CND","RIL"]
["C60658","BAGUE FILETEE",8740,"CNDCAD",2009,14,24.060714285714287,336.85,"CND","CAD"]
["C60658","BAGUE FILETEE",9005,"PEI",2009,14,58.571428571428569,820,"PEI"]
["C60683-1","RACCORD",17789,"CNDCAD",2013,5,17.175999999999998,85.88,"CND","CAD"]
["C60683-1","RACCORD",17789,"PEI",2013,5,19.984000000000002,99.92,"PEI"]
["C61541","BAGUE",17173,"CADPEIMSE",2012,8,15.75,126,"CAD","PEI"]
["C61570","SEGMENT D'APPUI",10036,"DETCADMSE",2009,23,2.7995652173913044,64.39,"DET","CAD"]
["C61570","SEGMENT D'APPUI",12253,"DETCADMSE",2010,10,0,0,"DET","CAD"]
["C61570","SEGMENT D'APPUI",12253,"DETCADMSE",2010,8,29.778749999999999,238.23,"DET","CAD"]
["C61570","SEGMENT D'APPUI",9533,"TTHMSE",2009,4,7.9275000000000002,31.71,"TTH"]
["C61570","SEGMENT D'APPUI",12051,"TTHMSE",2010,1,25.25,25.25,"TTH"]
["C61570","SEGMENT D'APPUI",12051,"TTHMSE",2010,2,61.125,122.25,"TTH"]
["C61905","SEGMENT 2 PIECES",15007,"CNDCAD",2011,11,46.339090909090913,509.73,"CND","CAD"]
["C61905","SEGMENT 2 PIECES",14822,"TTH",2011,1,394.66,394.66,"TTH"]
["C61917-1","BAGUE",16969,"PEIMSE",2012,10,8.5670000000000002,85.67,"PEI"]
["C61917-1","BAGUE",19133,"PEIMSE",2013,14,0,0,"PEI"]
["C61917-1","BAGUE",19133,"PEIMSE",2013,1,480.5,480.5,"PEI"]
["C62049-2","COUPELLE",10469,"DETCADMSE",2009,8,22.99625,183.97,"DET","CAD"]
["C62049-2","COUPELLE",10470,"PEIMSE",2009,8,28.697500000000002,229.58,"PEI"]
["C62049-2","COUPELLE",10020,"TTHMSE",2009,8,5.7687499999999998,46.15,"TTH"]
["C62204","RONDELLE",9729,"BRUMSE",2009,86,1.3488372093023255,116,"BRU"]
["C62204","RONDELLE",13605,"BRUMSE",2011,28,5.1785714285714288,145,"BRU"]
["C62204","RONDELLE",13793,"BRUMSE",2011,31,6.129032258064516,190,"BRU"]
["C62204","RONDELLE",15281,"BRUMSE",2011,36,1.6666666666666667,60,"BRU"]
["C62204","RONDELLE",16600,"BRUMSE",2012,41,{"$f":"H6979/F6979","v":0},0,"BRU"]
["C62204","RONDELLE",17568,"BRUMSE",2012,10,13.14,131.4,"BRU"]
["C62204","RONDELLE",18589,"BRUMSE",2013,14,3.5714285714285716,50,"BRU"]
["C62204","RONDELLE",19636,"BRUMSE",2013,66,2.375757575757576,156.80000000000001,"BRU"]
["C62204","RONDELLE",20038,"BRUMSE",2014,36,1.8666666666666667,67.2,"BRU"]
["C62204","RONDELLE",15026,"TTHMSE",2011,2,28.574999999999999,57.15,"TTH"]
["C62204","RONDELLE",16173,"TTHMSE",2012,2,15.074999999999999,30.15,"TTH"]
["C62204","RONDELLE",17014,"TTHMSE",2012,2,35.9,71.8,"TTH"]
["C62204","RONDELLE",18025,"TTHMSE",2013,5,8.4659999999999993,42.33,"TTH"]
["C62204","RONDELLE",19325,"TTHMSE",2013,3,29.51,88.53,"TTH"]
["C62204","RONDELLE",19583,"TTHMSE",2013,2,74.864999999999995,149.72999999999999,"TTH"]
["C62204","RONDELLE",9440,"TTHMSE",2009,4,16.7075,66.83,"TTH"]
["C62204","RONDELLE",13421,"TTHMSE",2011,1,376,376,"TTH"]
["C62204","RONDELLE",13578,"TTHMSE",2011,2,328,656,"TTH"]
["C62208","RONDELLE",9123,"BRUMSE",2009,210,1.0414285714285714,218.7,"BRU"]
["C62208","RONDELLE",14747,"BRUMSE",2011,28,15.007499999999999,420.21,"BRU"]
["C62208","RONDELLE",15869,"BRUMSE",2012,28,0,0,"BRU"]
["C62208","RONDELLE",16364,"BRUMSE",2012,28,5.0892857142857144,142.5,"BRU"]
["C62208","RONDELLE",18812,"BRUMSE",2013,38,5,190,"BRU"]
["C62208","RONDELLE",19516,"BRUMSE",2013,26,7.3076923076923075,190,"BRU"]
["C62208","RONDELLE",19638,"BRUMSE",2013,56,4.0714285714285712,228,"BRU"]
["C62208","RONDELLE",20037,"BRUMSE",2014,48,3.9583333333333335,190,"BRU"]
["C62208","RONDELLE",15622,"TTHMSE",2012,2,14.775,29.55,"TTH"]
["C62208","RONDELLE",16113,"TTHMSE",2012,2,193.33500000000001,386.67,"TTH"]
["C62208","RONDELLE",17220,"TTHMSE",2012,4,134.64250000000001,538.57000000000005,"TTH"]
["C62208","RONDELLE",17926,"TTHMSE",2013,2,17.905000000000001,35.81,"TTH"]
["C62208","RONDELLE",18201,"TTHMSE",2013,4,3.2025000000000001,12.81,"TTH"]
["C62208","RONDELLE",18493,"TTHMSE",2013,3,55.550000000000004,166.65,"TTH"]
["C62208","RONDELLE",19325,"TTHMSE",2013,4,10.7075,42.83,"TTH"]
["C62208","RONDELLE",8822,"TTHMSE",2009,14,8.3849999999999998,117.39,"TTH"]
["C62208","RONDELLE",19863,"TTHMSE",2014,3,532,1596,"TTH"]
["C62208","RONDELLE",14518,"TTHMSE",2011,2,690.52499999999998,1381.05,"TTH"]
["C62209-1","PALIER",10115,"OACMSE",2009,22,19.024090909090908,418.53,"OAC"]
["C62209-1","PALIER",10984,"OACMSE",2009,32,4.7340625000000003,151.49,"OAC"]
["C62209-1","PALIER",12233,"OACMSE",2010,51,18.621960784313725,949.72,"OAC"]
["C62209-1","PALIER",14978,"OACMSE",2011,18,3.0750000000000002,55.35,"OAC"]
["C62209-1","PALIER",20548,"OACMSE",2014,18,0,0,"OAC"]
["C62210","BAGUE",10022,"CADMSE",2009,53,2.2641509433962264,120,"CAD"]
["C62210","BAGUE",13362,"CADMSE",2011,46,2.7173913043478262,125,"CAD"]
["C62210","BAGUE",16183,"CADMSE",2012,22,6.4090909090909092,141,"CAD"]
["C62210","BAGUE",20029,"CADMSE",2014,23,5.1717391304347826,118.95,"CAD"]
["C62212-1","OBTURATEUR",10622,"CNDMSE",2009,14,4.5992857142857142,64.39,"CND"]
["C62212-1","OBTURATEUR",10959,"CNDMSE",2009,34,1.0520588235294119,35.770000000000003,"CND"]
["C62212-1","OBTURATEUR",11532,"CNDMSE",2010,46,4.3767391304347827,201.33,"CND"]
["C62212-1","OBTURATEUR",12353,"CNDMSE",2010,32,1.1178125000000001,35.770000000000003,"CND"]
["C62212-1","OBTURATEUR",13160,"CNDMSE",2010,53,1.3498113207547171,71.540000000000006,"CND"]
["C62212-1","OBTURATEUR",10385,"TTHMSE",2009,7,4.7614285714285716,33.33,"TTH"]
["C62212-1","OBTURATEUR",10464,"TTHMSE",2009,17,2.5382352941176469,43.15,"TTH"]
["C62212-1","OBTURATEUR",11194,"TTHMSE",2010,23,7.8326086956521745,180.15,"TTH"]
["C62212-1","OBTURATEUR",12050,"TTHMSE",2010,16,8.7393750000000008,139.83000000000001,"TTH"]
["C62212-1","OBTURATEUR",12739,"TTHMSE",2010,28,24.428571428571427,684,"TTH"]
["C62214","GRAIN",9564,"DETBRUMSE",2009,33,45.909090909090907,1515,"DET","BRU"]
["C62214","GRAIN",9564,"DETBRUMSE",2009,32,48.9375,1566,"DET","BRU"]
["C62214","GRAIN",9259,"TTHMSE",2009,33,1.1015151515151516,36.35,"TTH"]
["C62214","GRAIN",9259,"TTHMSE",2009,33,14.344545454545454,473.37,"TTH"]
["C62222-1","RONDELLE",9743,"PASMSE",2009,64,2.125,136,"PAS"]
["C62222-1","RONDELLE",12483,"PASMSE",2010,60,8.6666666666666661,520,"PAS"]
["C62222-1","RONDELLE",19095,"PASMSE",2013,16,90.625,1450,"PAS"]
["C62238","BUTEE",10200,"DETBRUMSE",2009,53,41.943396226415096,2223,"DET","BRU"]
["C62238","BUTEE",9724,"TTHMSE",2009,6,8.1916666666666664,49.15,"TTH"]
["C62252","BAGUE",11300,"DETCADMSE",2010,8,4.4712500000000004,35.770000000000003,"DET","CAD"]
["C62252","BAGUE",12325,"DETCADMSE",2010,7,14.047142857142857,98.33,"DET","CAD"]
["C62252","BAGUE",12325,"PEIMSE",2010,7,67.892857142857139,475.25,"PEI"]
["C62252","BAGUE",11301,"PEIMSE",2010,8,39.928750000000001,319.43,"PEI"]
["C62252","BAGUE",10902,"TTHMSE",2009,1,{"$f":"H7043/F7043","v":54.15},54.15,"TTH"]
["C62252","BAGUE",12114,"TTHMSE",2010,1,731.54,731.54,"TTH"]
["C62253","BUTEE",11413,"DETCADMSE",2010,6,68.405000000000001,410.43,"DET","CAD"]
["C62253","BUTEE",12332,"DETCADMSE",2010,6,86.231666666666669,517.39,"DET","CAD"]
["C62253","BUTEE",12332,"PEIMSE",2010,6,503.25,3019.5,"PEI"]
["C62253","BUTEE",11414,"PEIMSE",2010,6,550.19999999999993,3301.2,"PEI"]
["C62253","BUTEE",10815,"TTHMSE",2009,6,18.371666666666666,110.23,"TTH"]
["C62253","BUTEE",12114,"TTHMSE",2010,7,30.998571428571431,216.99,"TTH"]
["C62256","BAGUE",9682,"DETCADMSE",2009,15,4.7693333333333339,71.540000000000006,"DET","CAD"]
["C62256","BAGUE",9683,"PEIMSE",2009,15,47.762666666666668,716.44,"PEI"]
["C62373","BAGUE",10550,"PEIMSE",2009,1,41.92,41.92,"PEI"]
["C62374-10","BAGUE",10551,"CADMSE",2009,2,303.89,607.78,"CAD"]
["C62374-10","BAGUE",20368,"PEIMSE",2014,1,167,167,"PEI"]
["C62374-10","BAGUE",10552,"PEIMSE",2009,2,1535.32,3070.64,"PEI"]
["C62473","BAGUE",17283,"CAD",2013,3,31.666666666666668,95,"CAD"]
["C62473","BAGUE",17283,"PEI",2013,3,105.60000000000001,316.8,"PEI"]
["C62476-1","ECROU",10173,"CNDCAD",2009,8,15.63125,125.05,"CND","CAD"]
["C62476-1","ECROU",10174,"PEI",2009,8,39.6,316.8,"PEI"]
["C62476-1","ECROU",9714,"TTH",2009,2,20.555,41.11,"TTH"]
["C62478-1","BAGUE",12326,"CND",2010,7,20.5,143.5,"CND"]
["C62478-1","BAGUE",13214,"CND",2010,12,120,1440,"CND"]
["C62478-1","BAGUE",15755,"CND",2012,12,20.833333333333332,250,"CND"]
["C62478-1","BAGUE",15448,"TTH",2012,7,15.855714285714285,110.99,"TTH"]
["C62478-1","BAGUE",11991,"TTH",2010,4,3.4874999999999998,13.95,"TTH"]
["C62478-1","BAGUE",12706,"TTH",2010,6,13.625,81.75,"TTH"]
["C62482-3","ENTRETOISE",9059,"CNDRIL",2009,17,2.6347058823529412,44.79,"CND","RIL"]
["C62482-3","ENTRETOISE",12178,"CNDRIL",2010,19,16.51736842105263,313.83,"CND","RIL"]
["C62482-3","ENTRETOISE",15931,"CNDRIL",2012,8,8.9425000000000008,71.540000000000006,"CND","RIL"]
["C62482-3","ENTRETOISE",17101,"CNDRIL",2012,10,8.1690000000000005,81.69,"CND","RIL"]
["C62482-3","ENTRETOISE",15675,"TTH",2012,8,13.876250000000001,111.01,"TTH"]
["C62482-3","ENTRETOISE",16765,"TTH",2012,10,25.992000000000001,259.92,"TTH"]
["C62482-3","ENTRETOISE",8826,"TTH",2009,17,8.4441176470588246,143.55000000000001,"TTH"]
["C62482-3","ENTRETOISE",11991,"TTH",2010,19,1.4889473684210526,28.29,"TTH"]
["C62582-20","SUPPORT DE DEPERDITEUR",14650,"CNDOCMSE",2011,7,12.70142857142857,88.91,"CND","OC"]
["C62582-20","SUPPORT DE DEPERDITEUR",14866,"PEIMSE",2011,7,5.1499999999999995,36.049999999999997,"PEI"]
["C62611","BAGUE",9204,"CADMSE",2009,4,302.5,1210,"CAD"]
["C62611","BAGUE",11464,"CADMSE",2010,8,38.482500000000002,307.86,"CAD"]
["C62611","BAGUE",9205,"PEIMSE",2009,4,224.88749999999999,899.55,"PEI"]
["C62611","BAGUE",11465,"PEIMSE",2010,8,13.1,104.8,"PEI"]
["C62639","CLAPET",10629,"TTHMSE",2009,3,18.066666666666666,54.2,"TTH"]
["C62663","BAGUE",18910,"PEIMSE",2013,9,0,0,"PEI"]
["C62663","BAGUE",20024,"PEIMSE",2014,8,69.430000000000007,555.44000000000005,"PEI"]
["C62665","RONDELLE",20783,"TTHMSE",2014,1,117.65,117.65,"TTH"]
["C62671-1","BAGUE",17749,"PEIMSE",2013,10,10.708,107.08,"PEI"]
["C62671-1","BAGUE",18923,"PEIMSE",2013,9,209,1881,"PEI"]
["C62671-1","BAGUE",18923,"PEIMSE",2013,1,1554.3,1554.3,"PEI"]
["C62671-1","BAGUE",20185,"PEIMSE",2014,8,314.39999999999998,2515.1999999999998,"PEI"]
["C62696-2","BAGUE",9155,"DETCADMSE",2009,25,3.4748000000000001,86.87,"DET","CAD"]
["C62696-2","BAGUE",9156,"PEIMSE",2009,25,17.0596,426.49,"PEI"]
["C62781-1","AXE",12484,"CHR",2010,8,21.405000000000001,171.24,"CHR"]
["C62781-1","AXE",10561,"CHR",2009,1,1101.57,1101.57,"CHR"]
["C62781-1","AXE",10368,"CND",2009,1,386,386,"CND"]
["C62781-1","AXE",12339,"CND",2010,8,10.125,81,"CND"]
["C62781-1","AXE",10715,"CNDCAD",2009,1,51.1,51.1,"CND","CAD"]
["C62781-1","AXE",12763,"CNDCAD",2010,8,3.7737500000000002,30.19,"CND","CAD"]
["C62781-1","AXE",10369,"GRENAILLAGE",2009,1,39.700000000000003,39.700000000000003,"GRENAIL"]
["C62781-1","AXE",12340,"GRENAILLAGE",2010,8,4.9625000000000004,39.700000000000003,"GRENAIL"]
["C62781-1","AXE",12763,"PEI",2010,8,13.518750000000001,108.15,"PEI"]
["C62781-1","AXE",10716,"PEI",2009,1,127.7,127.7,"PEI"]
["C62781-1","AXE",10633,"RECTIF",2009,1,119.84,119.84,"RECTIF"]
["C62781-1","AXE",12630,"RECTIF",2010,8,12.3775,99.02,"RECTIF"]
["C62844","RONDELLE",9413,"DETCADMSE",2009,21,25.566190476190474,536.89,"DET","CAD"]
["C62844","RONDELLE",11672,"DETCADMSE",2010,13,5.5030769230769234,71.540000000000006,"DET","CAD"]
["C62844","RONDELLE",12428,"DETCADMSE",2010,15,12.41,186.15,"DET","CAD"]
["C62844","RONDELLE",12428,"PEIMSE",2010,15,{"$f":"H7107/F7107","v":107.3},1609.5,"PEI"]
["C62844","RONDELLE",9414,"PEIMSE",2009,21,13.662380952380953,286.91000000000003,"PEI"]
["C62844","RONDELLE",11673,"PEIMSE",2010,13,12.846153846153847,167,"PEI"]
["C62844","RONDELLE",11178,"TTHMSE",2010,15,2.7520000000000002,41.28,"TTH"]
["C62844","RONDELLE",12129,"TTHMSE",2010,15,17.123333333333335,256.85000000000002,"TTH"]
["C62846-1","RONDELLE",9494,"PELPASMSE",2009,64,0.16375000000000001,10.48,"PEL","PAS"]
["C62846-1","RONDELLE",9258,"TTHMSE",2009,6,4.5750000000000002,27.45,"TTH"]
["C62878","BAGUE",9348,"CNDOACMSE",2009,57,12.667368421052631,722.04,"CND","OAC"]
["C62878","BAGUE",11856,"CNDOACMSE",2010,13,3.7738461538461539,49.06,"CND","OAC"]
["C62878","BAGUE",13110,"CNDOACMSE",2011,5,14.593999999999999,72.97,"CND","OAC"]
["C62878","BAGUE",13110,"CNDOACMSE",2011,6,8.1766666666666676,49.06,"CND","OAC"]
["C62878","BAGUE",13110,"CNDOACMSE",2011,7,16.425714285714285,114.98,"CND","OAC"]
["C62878","BAGUE",13381,"CNDOACMSE",2011,7,8.8914285714285715,62.24,"CND","OAC"]
["C62878","BAGUE",15095,"CNDOACMSE",2011,26,155.76923076923077,4050,"CND","OAC"]
["C62878","BAGUE",15197,"CNDOACMSE",2012,26,6.8473076923076928,178.03,"CND","OAC"]
["C62878","BAGUE",11857,"CNDOACMSE",2010,13,4.4023076923076925,57.23,"CND","OAC"]
["C62878","BAGUE",9348,"PEIMSE",2009,57,5.5578947368421057,316.8,"PEI"]
["C62878","BAGUE",13110,"PEIMSE",2011,5,45.54,227.7,"PEI"]
["C62878","BAGUE",13110,"PEIMSE",2011,6,224.4,1346.4,"PEI"]
["C62878","BAGUE",13110,"PEIMSE",2011,7,34.892857142857146,244.25,"PEI"]
["C62878","BAGUE",13381,"PEIMSE",2011,7,1.4142857142857144,9.9,"PEI"]
["C62878","BAGUE",15197,"PEIMSE",2012,26,0.3807692307692308,9.9,"PEI"]
["C62878","BAGUE",11988,"PEIMSE",2010,13,247.48923076923077,3217.36,"PEI"]
["C62879-1","ECROU",12741,"CNDCADMSE",2010,77,1.0615584415584416,81.739999999999995,"CND","CAD"]
["C62879-1","ECROU",12443,"TTHMSE",2010,26,13.784615384615384,358.4,"TTH"]
["C62886","RONDELLE",9351,"PASMSE",2009,129,3.8759689922480618,500,"PAS"]
["C62886","RONDELLE",9676,"PASMSE",2009,115,23.85217391304348,2743,"PAS"]
["C62886","RONDELLE",11936,"PASMSE",2010,153,5.1764705882352944,792,"PAS"]
["C62886","RONDELLE",12650,"PASMSE",2010,79,2.9569620253164555,233.6,"PAS"]
["C62886","RONDELLE",14679,"PASMSE",2011,94,23.686170212765958,2226.5,"PAS"]
["C62886","RONDELLE",18316,"PASMSE",2013,77,15.883116883116884,1223,"PAS"]
["C62886","RONDELLE",18517,"PASMSE",2013,53,6.2264150943396226,330,"PAS"]
["C62886","RONDELLE",19486,"PASMSE",2013,77,11,847,"PAS"]
["C62888","RONDELLE",9384,"DETCADMSE",2009,13,15.146153846153847,196.9,"DET","CAD"]
["C62888","RONDELLE",13720,"DETCADMSE",2011,23,1.5552173913043479,35.770000000000003,"DET","CAD"]
["C62888","RONDELLE",14989,"DETCADMSE",2011,18,0,0,"DET","CAD"]
["C62888","RONDELLE",20079,"DETCADMSE",2014,19,8.2878947368421052,157.47,"DET","CAD"]
["C62894","CHAPE",8808,"CNDDETCADMSE",2009,18,1.9872222222222224,35.770000000000003,"CND","DET","CAD"]
["C62894","CHAPE",10135,"CNDDETCADMSE",2009,23,1.5552173913043479,35.770000000000003,"CND","DET","CAD"]
["C62894","CHAPE",8809,"PEIMSE",2009,18,155.89777777777778,2806.16,"PEI"]
["C62894","CHAPE",10136,"PEIMSE",2009,23,7.2608695652173916,167,"PEI"]
["C62910-2","COUPELLE",12055,"OCMSE",2010,9,20.441111111111113,183.97,"OC"]
["C62910-2","COUPELLE",12055,"PEIMSE",2010,9,5.1488888888888891,46.34,"PEI"]
["C62910-3","COUPELLE",9274,"OCMSE",2009,52,7.1923076923076925,374,"OC"]
["C62910-3","COUPELLE",9275,"PEIMSE",2009,52,4.9238461538461546,256.04000000000002,"PEI"]
["C63252","BAGUE",17110,"TTHMSE",2012,1,32.33,32.33,"TTH"]
["C63531EB","ROTULE",9699,"CNDMSE",2009,6,5.9616666666666669,35.770000000000003,"CND"]
["C64039","RONDELLE",8924,"DETCADMSE",2009,16,0,0,"DET","CAD"]
["C64039","RONDELLE",12511,"DETCADMSE",2010,16,6.9749999999999996,111.6,"DET","CAD"]
["C64039","RONDELLE",12344,"TTHMSE",2010,2,192.57499999999999,385.15,"TTH"]
["C64040-1","ECROU",18529,"TTHMSE",2013,13,2.163846153846154,28.13,"TTH"]
["C64040-1","ECROU",20109,"TTHMSE",2014,3,36.883333333333333,110.65,"TTH"]
["C64040-1","ECROU",20545,"USI",2014,4,10.07,40.28,"USI"]
["C64066-1","RONDELLE",14844,"PAS",2011,82,1.7069512195121952,139.97,"PAS"]
["C64133","BAGUE",10472,"CADMSE",2009,6,18.2,109.2,"CAD"]
["C64133","BAGUE",16852,"CADMSE",2012,4,15.275,61.1,"CAD"]
["C64133","BAGUE",16852,"PEIMSE",2012,4,41.375,165.5,"PEI"]
["C64133","BAGUE",10623,"PEIMSE",2009,6,17.466666666666665,104.8,"PEI"]
["C64455","PLAQUE",11803,"OAC",2010,53,1.0798113207547169,57.23,"OAC"]
["C64455","PLAQUE",11804,"PEI",2010,53,5.8739622641509435,311.32,"PEI"]
["C64456","PLAQUE",11801,"OAC",2010,24,2.0441666666666669,49.06,"OAC"]
["C64456","PLAQUE",11802,"PEI",2010,24,2.5454166666666667,61.09,"PEI"]
["C64736","BAGUE",14460,"CAD",2011,22,5.5890909090909089,122.96,"CAD"]
["C64756","BAGUE",11592,"CADMSE",2010,12,6.4024999999999999,76.83,"CAD"]
["C64756","BAGUE",11593,"PEIMSE",2010,12,{"$f":"H7171/F7171","v":13.916666666666666},167,"PEI"]
["C65060-12","CORPS USINE",10026,"CNDRIL",2009,3,102.42,307.26,"CND","RIL"]
["C65060-12","CORPS USINE",10026,"CNDRIL",2009,4,0,0,"CND","RIL"]
["C65060-12","CORPS USINE",11602,"CNDRIL",2010,12,6.45,77.400000000000006,"CND","RIL"]
["C65060-12","CORPS USINE",13691,"CNDRIL",2011,6,31.416666666666668,188.5,"CND","RIL"]
["C65060-12","CORPS USINE",14056,"CNDRIL",2011,6,15.5,93,"CND","RIL"]
["C65060-12","CORPS USINE",14276,"CNDRIL",2011,9,11.126666666666667,100.14,"CND","RIL"]
["C65060-12","CORPS USINE",15074,"CNDRIL",2011,10,27.393999999999998,273.94,"CND","RIL"]
["C65060-12","CORPS USINE",19385,"CNDRIL",2013,9,15.33,137.97,"CND","RIL"]
["C65060-12","CORPS USINE",19715,"CNDRIL",2013,3,93.48,280.44,"CND","RIL"]
["C65060-12","CORPS USINE",10182,"OAC",2009,3,90.223333333333343,270.67,"OAC"]
["C65060-12","CORPS USINE",10182,"OAC",2009,4,0,0,"OAC"]
["C65060-12","CORPS USINE",11810,"OAC",2010,12,5.4366666666666665,65.239999999999995,"OAC"]
["C65060-12","CORPS USINE",14558,"OAC",2011,9,5.677777777777778,51.1,"OAC"]
["C65060-12","CORPS USINE",15480,"OAC",2012,10,46.579000000000001,465.79,"OAC"]
["C65060-12","CORPS USINE",19874,"OAC",2014,3,1000.0266666666666,3000.08,"OAC"]
["C65060-12","CORPS USINE",19875,"OAC",2014,9,131.98777777777778,1187.8900000000001,"OAC"]
["C65060-12","CORPS USINE",16008,"OC",2012,10,5.1100000000000003,51.1,"OC"]
["C65060-12","CORPS USINE",20254,"OC",2014,3,27.593333333333334,82.78,"OC"]
["C65060-12","CORPS USINE",20253,"OC",2014,9,5.677777777777778,51.1,"OC"]
["C65060-12","CORPS USINE",10277,"OC",2009,3,44.136666666666663,132.41,"OC"]
["C65060-12","CORPS USINE",10277,"OC",2009,4,33.932499999999997,135.72999999999999,"OC"]
["C65060-12","CORPS USINE",11930,"OC",2010,11,9.290909090909091,102.2,"OC"]
["C65135","BAGUE",9469,"CADMSE",2009,14,8.5714285714285712,120,"CAD"]
["C65135","BAGUE",14741,"CADMSE",2011,11,28.096363636363638,309.06,"CAD"]
["C65135","BAGUE",14741,"PEIMSE",2011,11,24.552727272727271,270.08,"PEI"]
["C65135","BAGUE",9470,"PEIMSE",2009,14,-114.96428571428571,-1609.5,"PEI"]
["C65179","RONDELLE",9571,"DETCADMSE",2009,31,3.5770967741935484,110.89,"DET","CAD"]
["C65179","RONDELLE",9394,"TTHMSE",2009,1,25.01,25.01,"TTH"]
["C65236","ROTULE",12416,"CNDMSE",2010,9,3.9744444444444449,35.770000000000003,"CND"]
["C65477EB","DOUILLE DE VERROUILLAGE",8819,"CNDMSE",2009,14,8.16,114.24,"CND"]
["C65483","BAGUE",16196,"PEIMSE",2012,16,2.5674999999999999,41.08,"PEI"]
["C65483","BAGUE",19518,"PEIMSE",2013,11,126.63000000000001,1392.93,"PEI"]
["C65483","BAGUE",20357,"PEIMSE",2014,57,42.65543859649123,2431.36,"PEI"]
["C65483","BAGUE",12076,"PEIMSE",2010,17,9.8235294117647065,167,"PEI"]
["C65483","BAGUE",14153,"PEIMSE",2011,18,196.20888888888891,3531.76,"PEI"]
["C65527","BAGUE",9119,"CADMSE",2009,3,36.199999999999996,108.6,"CAD"]
["C65527","BAGUE",9120,"PEIMSE",2009,3,810.45333333333338,2431.36,"PEI"]
["C65528","BAGUE",9130,"CADMSE",2009,3,16.666666666666668,50,"CAD"]
["C65528","BAGUE",9131,"PEIMSE",2009,3,55.666666666666664,167,"PEI"]
["C65529","BAGUE",8813,"CADMSE",2009,7,-2.4285714285714284,-17,"CAD"]
["C65529","BAGUE",9313,"CADMSE",2009,10,-80,-800,"CAD"]
["C65529","BAGUE",9314,"PEIMSE",2009,10,243.13600000000002,2431.36,"PEI"]
["C65529","BAGUE",8814,"PEIMSE",2009,7,243.57142857142858,1705,"PEI"]
["C65530","BAGUE",9960,"CADMSE",2009,19,7.0894736842105255,134.69999999999999,"CAD"]
["C65530","BAGUE",10890,"CADMSE",2009,24,5.208333333333333,125,"CAD"]
["C65530","BAGUE",9961,"PEIMSE",2009,19,11.036842105263156,209.7,"PEI"]
["C65530","BAGUE",10891,"PEIMSE",2009,24,133.62,3206.88,"PEI"]
["C65649","DOUILLE",9149,"CND",2009,14,27.571428571428573,386,"CND"]
["C65649","DOUILLE",10072,"CND",2009,15,13.333333333333334,200,"CND"]
["C65649","DOUILLE",15124,"CND",2011,14,71.954285714285717,1007.36,"CND"]
["C65649","DOUILLE",16520,"CND",2012,15,65.814666666666668,987.22,"CND"]
["C65649","DOUILLE",18613,"CND",2013,18,120.69999999999999,2172.6,"CND"]
["C65649","DOUILLE",14769,"TTH",2011,5,78.828000000000003,394.14,"TTH"]
["C65649","DOUILLE",16064,"TTH",2012,5,25.002000000000002,125.01,"TTH"]
["C65649","DOUILLE",18208,"TTH",2013,6,113.33333333333333,680,"TTH"]
["C65649","DOUILLE",8826,"TTH",2009,5,33.58,167.9,"TTH"]
["C65649","DOUILLE",9827,"TTH",2009,5,10.92,54.6,"TTH"]
["C65650","BAGUE",10003,"CNDRIL",2009,16,0,0,"CND","RIL"]
["C65650","BAGUE",12795,"CNDRIL",2010,12,15.397500000000001,184.77,"CND","RIL"]
["C65650","BAGUE",14983,"CNDRIL",2011,8,21.903749999999999,175.23,"CND","RIL"]
["C65650","BAGUE",16266,"CNDRIL",2012,20,1.7885000000000002,35.770000000000003,"CND","RIL"]
["C65650","BAGUE",18789,"CNDRIL",2013,12,181.74583333333331,2180.9499999999998,"CND","RIL"]
["C65655-10","GUIDE",10505,"CNDRILMSE",2009,10,42.797000000000004,427.97,"CND","RIL"]
["C65655-10","GUIDE",13107,"CNDRILMSE",2010,7,{"$f":"H7235/F7235","v":5.1100000000000003},35.770000000000003,"CND","RIL"]
["C65655-10","GUIDE",10773,"OACMSE",2009,9,79.205555555555563,712.85,"OAC"]
["C65655-10","GUIDE",13589,"OACMSE",2011,7,77.505714285714276,542.54,"OAC"]
["C65655-10","GUIDE",10936,"OCMSE",2009,5,54.173999999999999,270.87,"OC"]
["C65889-1","SEGMENT 4 PIECES",10409,"TTHMSE",2009,1,32.33,32.33,"TTH"]
["C65893-1","CLAPET",10409,"TTHMSE",2009,2,14.4,28.8,"TTH"]
["C65897","BAGUE",10354,"PEIMSE",2009,10,5.24,52.4,"PEI"]
["C65900-4","TIGE BOUCHONNEE",10841,"CNDMSE",2009,3,414,1242,"CND"]
["C65900-4","TIGE BOUCHONNEE",12186,"CNDMSE",2010,3,23.846666666666668,71.540000000000006,"CND"]
["C65900-4","TIGE BOUCHONNEE",13692,"CNDMSE",2011,3,44.216666666666669,132.65,"CND"]
["C65900-4","TIGE BOUCHONNEE",15418,"CNDMSE",2011,4,225,900,"CND"]
["C65900-4","TIGE BOUCHONNEE",16492,"CNDMSE",2012,7,32.377142857142857,226.64,"CND"]
["C65901-10","BAGUE",10631,"OACPEIMSE",2009,5,10.220000000000001,51.1,"OAC","PEI"]
["C65910","BAGUE",9283,"CADMSE",2009,21,5.7142857142857144,120,"CAD"]
["C65910","BAGUE",9284,"PEIMSE",2009,21,12.14,254.94,"PEI"]
["C65911","BAGUE",9127,"CADMSE",2009,23,7.1217391304347828,163.80000000000001,"CAD"]
["C65911","BAGUE",9128,"PEIMSE",2009,23,6.5217391304347823,150,"PEI"]
["C65930","BAGUE",9146,"CADMSE",2009,48,4.458333333333333,214,"CAD"]
["C65930","BAGUE",10979,"CADMSE",2009,27,4.6296296296296298,125,"CAD"]
["C65930","BAGUE",9147,"PEIMSE",2009,48,76.583333333333329,3676,"PEI"]
["C65930","BAGUE",10980,"PEIMSE",2010,27,13.489259259259258,364.21,"PEI"]
["C65931","BAGUE",9025,"CADMSE",2009,5,16.8,84,"CAD"]
["C65931","BAGUE",9026,"PEIMSE",2009,5,75.460000000000008,377.3,"PEI"]
["C65952","BAGUE",9702,"CNDCADMSE",2009,25,4.7675999999999998,119.19,"CND","CAD"]
["C65952","BAGUE",11164,"CNDCADMSE",2010,20,2.0745,41.49,"CND","CAD"]
["C65952","BAGUE",9703,"PEIMSE",2009,25,5.0304000000000002,125.76,"PEI"]
["C65952","BAGUE",11165,"PEIMSE",2010,20,2.62,52.4,"PEI"]
["C65952R","BAGUE",20291,"CNDCADMSE",2014,20,5.5924999999999994,111.85,"CND","CAD"]
["C65952R","BAGUE",20291,"PEIMSE",2014,20,20.327999999999999,406.56,"PEI"]
["C65957","ECROU",18079,"CNDMSE",2013,18,3.9744444444444449,71.540000000000006,"CND"]
["C66067","BAGUE",9618,"CADMSE",2009,16,0,0,"CAD"]
["C66067","BAGUE",11081,"CADMSE",2010,11,17.454545454545453,192,"CAD"]
["C66067","BAGUE",9619,"PEIMSE",2009,16,4.585,73.36,"PEI"]
["C66067","BAGUE",11082,"PEIMSE",2010,11,0.95272727272727276,10.48,"PEI"]
["C66068","BAGUE",9952,"CADMSE",2009,10,16.2,162,"CAD"]
["C66068","BAGUE",10419,"CADMSE",2009,23,4.7482608695652173,109.21,"CAD"]
["C66068","BAGUE",9953,"PEIMSE",2009,10,36.297000000000004,362.97,"PEI"]
["C66068","BAGUE",10420,"PEIMSE",2009,23,148.08695652173913,3406,"PEI"]
["C66069","BAGUE",9585,"CADMSE",2009,12,13.5,162,"CAD"]
["C66069","BAGUE",10907,"CADMSE",2009,7,27.428571428571427,192,"CAD"]
["C66069","BAGUE",9586,"PEIMSE",2009,12,20.086666666666666,241.04,"PEI"]
["C66069","BAGUE",10908,"PEIMSE",2009,7,25.947142857142858,181.63,"PEI"]
["C66071","BAGUE",9945,"CADMSE",2009,10,12,120,"CAD"]
["C66071","BAGUE",10358,"CADMSE",2009,11,15.590909090909092,171.5,"CAD"]
["C66071","BAGUE",10853,"CADMSE",2009,14,8.9285714285714288,125,"CAD"]
["C66071","BAGUE",9946,"PEIMSE",2009,10,17.815999999999999,178.16,"PEI"]
["C66071","BAGUE",10359,"PEIMSE",2009,11,3.0063636363636363,33.07,"PEI"]
["C66071","BAGUE",10854,"PEIMSE",2009,14,30.107857142857142,421.51,"PEI"]
["C66093","RONDELLE",18158,"DETBRUMSE",2013,16,0,0,"DET","BRU"]
["C66093","RONDELLE",18252,"DETBRUMSE",2013,17,10.341176470588236,175.8,"DET","BRU"]
["C66097","BAGUE",19626,"CADMSE",2013,7,23.142857142857142,162,"CAD"]
["C66097R4","BAGUE",10499,"CADMSE",2009,10,16.5,165,"CAD"]
["C66097R4","BAGUE",13402,"CADMSE",2011,7,102.71857142857142,719.03,"CAD"]
["C66097R4","BAGUE",14472,"CADMSE",2011,13,11.847692307692309,154.02000000000001,"CAD"]
["C66098","RONDELLE",10709,"PEIMSE",2009,38,84.39157894736843,3206.88,"PEI"]
["C66098","RONDELLE",10708,"PHOMSE",2009,38,2.5407894736842103,96.55,"PHO"]
["C66098","RONDELLE",19140,"TTHMSE",2013,1,85.15,85.15,"TTH"]
["C66098","RONDELLE",10408,"TTHMSE",2009,1,305.93,305.93,"TTH"]
["C66103","BAGUE",9919,"CADMSE",2009,11,21.627272727272729,237.9,"CAD"]
["C66103","BAGUE",10391,"CADMSE",2009,11,11.363636363636363,125,"CAD"]
["C66103","BAGUE",10967,"CADMSE",2009,10,12.5,125,"CAD"]
["C66103","BAGUE",20587,"CADMSE",2014,3,26,78,"CAD"]
["C66103","BAGUE",20587,"PEIMSE",2014,3,48.906666666666666,146.72,"PEI"]
["C66103","BAGUE",9920,"PEIMSE",2009,11,288.45090909090908,3172.96,"PEI"]
["C66103","BAGUE",10392,"PEIMSE",2009,11,{"$f":"H7299/F7299","v":23.083636363636362},253.92,"PEI"]
["C66103","BAGUE",10968,"PEIMSE",2010,10,52.5,525,"PEI"]
["C66106","BAGUE",9941,"CADMSE",2009,10,16.2,162,"CAD"]
["C66106","BAGUE",10118,"CADMSE",2009,10,16.2,162,"CAD"]
["C66106","BAGUE",10851,"CADMSE",2009,12,10.416666666666666,125,"CAD"]
["C66106","BAGUE",14584,"CADMSE",2011,5,24,120,"CAD"]
["C66106","BAGUE",19186,"CADMSE",2013,14,0.76214285714285712,10.67,"CAD"]
["C66106","BAGUE",14584,"PEIMSE",2011,5,10.412000000000001,52.06,"PEI"]
["C66106","BAGUE",19186,"PEIMSE",2013,14,13.714285714285714,192,"PEI"]
["C66106","BAGUE",9942,"PEIMSE",2009,11,5.7163636363636368,62.88,"PEI"]
["C66106","BAGUE",10119,"PEIMSE",2009,10,29.131999999999998,291.32,"PEI"]
["C66106","BAGUE",10852,"PEIMSE",2009,12,17.478333333333335,209.74,"PEI"]
["C66118","PLAQUE",12266,"CAD",2010,11,3.4090909090909092,37.5,"CAD"]
["C66140-10","EMBOUT",18372,"CNDCAD",2013,9,0,0,"CND","CAD"]
["C66146","CHEMISE",14325,"CND",2011,8,52,416,"CND"]
["C66146","CHEMISE",15383,"CND",2011,8,19.5,156,"CND"]
["C66146","CHEMISE",18138,"CND",2013,5,151.19999999999999,756,"CND"]
["C66146","CHEMISE",20302,"CND",2014,7,58.4,408.8,"CND"]
["C66146","CHEMISE",14876,"TTH",2011,8,19.171250000000001,153.37,"TTH"]
["C66146","CHEMISE",17217,"TTH",2012,7,17.857142857142858,125,"TTH"]
["C66146","CHEMISE",19199,"TTH",2013,8,1.55375,12.43,"TTH"]
["C66146","CHEMISE",20496,"TTH",2014,7,11.49,80.430000000000007,"TTH"]
["C66146","CHEMISE",13736,"TTH",2011,8,9.3562499999999993,74.849999999999994,"TTH"]
["C66251","PORTE GARNITURE",17604,"OAC",2012,18,1.9872222222222224,35.770000000000003,"OAC"]
["C66251","PORTE GARNITURE",17603,"OAC",2012,33,1.5484848484848486,51.1,"OAC"]
["C66275","BAGUE",18815,"CAD",2013,61,0.61475409836065575,37.5,"CAD"]
["C66275","BAGUE",19233,"CAD",2013,24,2.1291666666666669,51.1,"CAD"]
["C66275","BAGUE",10079,"CAD",2009,42,1.2857142857142858,54,"CAD"]
["C66275","BAGUE",10297,"CAD",2009,22,10.454545454545455,230,"CAD"]
["C66275","BAGUE",10992,"CAD",2009,20,16,320,"CAD"]
["C66275","BAGUE",11769,"CAD",2010,22,8.6363636363636367,190,"CAD"]
["C66275","BAGUE",12015,"CAD",2010,60,1.5,90,"CAD"]
["C66275","BAGUE",14054,"CAD",2011,61,1.5118032786885245,92.22,"CAD"]
["C66275","BAGUE",18815,"PEI",2013,61,1.7731147540983605,108.16,"PEI"]
["C66275","BAGUE",19233,"PEI",2013,24,2.9954166666666668,71.89,"PEI"]
["C66275","BAGUE",12015,"PEI",2010,60,2.1283333333333334,127.7,"PEI"]
["C66275","BAGUE",14054,"PEI",2011,61,0.59098360655737703,36.049999999999997,"PEI"]
["C66275","BAGUE",10080,"PEI",2009,42,1.214047619047619,50.99,"PEI"]
["C66275","BAGUE",10298,"PEI",2009,22,123.3,2712.6,"PEI"]
["C66275","BAGUE",10993,"PEI",2010,20,8.2750000000000004,165.5,"PEI"]
["C66275","BAGUE",11770,"PEI",2010,21,10.61,222.81,"PEI"]
["C66275","BAGUE",11770,"PEI",2010,1,216.3,216.3,"PEI"]
["C66294","BAGUE",11321,"OASMSE",2010,5,4.016,20.079999999999998,"OAS"]
["C66294","BAGUE",11320,"OASMSE",2010,9,2.6666666666666665,24,"OAS"]
["C66294","BAGUE",12801,"OASMSE",2010,15,16.568666666666665,248.53,"OAS"]
["C66294","BAGUE",15334,"OASMSE",2012,20,1.2250000000000001,24.5,"OAS"]
["C66294","BAGUE",11321,"PEIMSE",2010,5,83.403999999999996,417.02,"PEI"]
["C66294","BAGUE",11320,"PEIMSE",2010,9,6.5211111111111109,58.69,"PEI"]
["C66294","BAGUE",12801,"PEIMSE",2010,15,8.5133333333333336,127.7,"PEI"]
["C66294","BAGUE",15334,"PEIMSE",2012,20,0.99,19.8,"PEI"]
["C66303-10","FOND",15155,"CNDRIL",2011,10,3.5770000000000004,35.770000000000003,"CND","RIL"]
["C66303-10","FOND",15607,"CNDRIL",2012,10,3.5770000000000004,35.770000000000003,"CND","RIL"]
["C66303-10","FOND",17650,"CNDRIL",2013,6,63,378,"CND","RIL"]
["C66303-10","FOND",15802,"OAC",2012,10,10.220000000000001,102.2,"OAC"]
["C66303-10","FOND",18127,"OAC",2013,5,9.91,49.55,"OAC"]
["C66303-10","FOND",16122,"OC",2012,9,25.334444444444443,228.01,"OC"]
["C66303-10","FOND",18343,"OC",2013,4,31.6525,126.61,"OC"]
["C66303-10","FOND",16122,"PEI",2012,9,17.20888888888889,154.88,"PEI"]
["C66303-10","FOND",18343,"PEI",2013,4,83.16,332.64,"PEI"]
["C66303-10R1","FOND",10618,"CNDRIL",2009,10,37.521000000000001,375.21,"CND","RIL"]
["C66303-10R1","FOND",13262,"CNDRIL",2011,8,8.9425000000000008,71.540000000000006,"CND","RIL"]
["C66303-10R1","FOND",11365,"OAC",2010,9,5.677777777777778,51.1,"OAC"]
["C66303-10R1","FOND",13728,"OAC",2011,8,115.32,922.56,"OAC"]
["C66303-10R1","FOND",13954,"OC",2011,8,116.07375,928.59,"OC"]
["C66303-10R1","FOND",11487,"OC",2010,9,{"$f":"H7363/F7363","v":41.876666666666665},376.89,"OC"]
["C66303-10R1","FOND",11488,"PEI",2010,9,7.7822222222222228,70.040000000000006,"PEI"]
["C66303-10R1","FOND",14081,"PEI",2011,8,39.6,316.8,"PEI"]
["C66303-10R5","FOND",18080,"CNDRIL",2013,12,0,0,"CND","RIL"]
["C66303-10R5","FOND",18737,"CNDRIL",2013,13,0,0,"CND","RIL"]
["C66303-10R5","FOND",19729,"CNDRIL",2014,12,6.7,80.400000000000006,"CND","RIL"]
["C66303-10R5","FOND",20388,"EB",2014,44,0.81295454545454549,35.770000000000003,"EB"]
["C66303-10R5","FOND",18707,"OAC",2013,-11,-30.229090909090907,332.52,"OAC"]
["C66303-10R5","FOND",18707,"OAC",2013,11,6.0318181818181813,66.349999999999994,"OAC"]
["C66303-10R5","FOND",19852,"OAC",2014,11,4.6454545454545455,51.1,"OAC"]
["C66303-10R5","FOND",20341,"OAC",2014,10,0,0,"OAC"]
["C66303-10R5","FOND",20206,"OC",2014,11,4.878181818181818,53.66,"OC"]
["C66303-10R5","FOND",20206,"PEI",2014,11,28.35,311.85000000000002,"PEI"]
["C66311","CHAPEAU",15991,"OASMSE",2012,7,198.02571428571429,1386.18,"OAS"]
["C66311","CHAPEAU",9112,"OASMSE",2009,6,354.50166666666672,2127.0100000000002,"OAS"]
["C66311","CHAPEAU",10248,"OASMSE",2009,6,21.073333333333334,126.44,"OAS"]
["C66311","CHAPEAU",15991,"PEIMSE",2012,7,31.114285714285717,217.8,"PEI"]
["C66311","CHAPEAU",15991,"PEIMSE",2012,0,{"$error":"#DIV/0!"},1684.33,"PEI"]
["C66311","CHAPEAU",10249,"PEIMSE",2009,6,12.226666666666667,73.36,"PEI"]
["C66311","CHAPEAU",9113,"PEIMSE",2009,6,43.379999999999995,260.27999999999997,"PEI"]
["C66327","ENTRETOISE",16578,"DETCNDCADMSE",2012,9,6.5066666666666668,58.56,"DET","CND","CAD"]
["C66327","ENTRETOISE",16107,"TTHMSE",2012,2,34.935000000000002,69.87,"TTH"]
["C66327","ENTRETOISE",16174,"TTHMSE",2012,1,37.24,37.24,"TTH"]
["C66329","CORPS",20533,"CNDOAS",2014,3,11.923333333333334,35.770000000000003,"CND","OAS"]
["C66329","CORPS",15116,"CNDOAS",2011,7,5.1100000000000003,35.770000000000003,"CND","OAS"]
["C66329","CORPS",15728,"CNDOAS",2012,4,14.41,57.64,"CND","OAS"]
["C66329","CORPS",18063,"CNDOAS",2013,3,62.25333333333333,186.76,"CND","OAS"]
["C66329","CORPS",20532,"CNDOAS",2014,3,23.846666666666668,71.540000000000006,"CND","OAS"]
["C66329","CORPS",15117,"PEI",2011,7,18.391428571428573,128.74,"PEI"]
["C66329","CORPS",15729,"PEI",2012,4,667.72500000000002,2670.9,"PEI"]
["C66329","CORPS",18064,"PEI",2013,3,18.883333333333333,56.65,"PEI"]
["C66329","CORPS",20533,"PEI",2014,3,-449.5,-1348.5,"PEI"]
["C66330","CORPS",11969,"CNDOAS",2010,3,42.583333333333336,127.75,"CND","OAS"]
["C66330","CORPS",11970,"PEI",2010,3,24.596666666666668,73.790000000000006,"PEI"]
["C66415","RONDELLE",9368,"DETBRUMSE",2009,18,109.63333333333334,1973.4,"DET","BRU"]
["C66415","RONDELLE",17637,"TTHMSE",2013,1,29.95,29.95,"TTH"]
["C66420","BAGUE",9893,"OACMSE",2009,10,0,0,"OAC"]
["C66420","BAGUE",12940,"OACMSE",2010,23,2.2217391304347829,51.1,"OAC"]
["C66420","BAGUE",15559,"OACMSE",2012,14,19.417857142857144,271.85000000000002,"OAC"]
["C66420","BAGUE",19580,"OACMSE",2013,27,77.537037037037038,2093.5,"OAC"]
["C66420","BAGUE",9085,"OACMSE",2009,15,8.4820000000000011,127.23,"OAC"]
["C66420","BAGUE",12061,"OACMSE",2010,10,19.218,192.18,"OAC"]
["C66420","BAGUE",9893,"PEIMSE",2009,10,5.9399999999999995,59.4,"PEI"]
["C66420","BAGUE",12940,"PEIMSE",2010,23,5.5956521739130434,128.69999999999999,"PEI"]
["C66420","BAGUE",15559,"PEIMSE",2012,14,0.70714285714285718,9.9,"PEI"]
["C66420","BAGUE",19580,"PEIMSE",2013,27,51.333333333333336,1386,"PEI"]
["C66420","BAGUE",9086,"PEIMSE",2009,15,134.84266666666667,2022.64,"PEI"]
["C66420","BAGUE",12062,"PEIMSE",2010,10,286.10399999999998,2861.04,"PEI"]
["C66449","RONDELLE",16954,"DETBRUMSE",2012,40,0.8942500000000001,35.770000000000003,"DET","BRU"]
["C66449","RONDELLE",17874,"DETBRUMSE",2013,16,0,0,"DET","BRU"]
["C66449","RONDELLE",16447,"TTHMSE",2012,5,3.758,18.79,"TTH"]
["C66449","RONDELLE",17533,"TTHMSE",2012,2,13.375,26.75,"TTH"]
["C66475","VIS",19637,"DETCNDCADMSE",2013,44,0.81295454545454549,35.770000000000003,"DET","CND","CAD"]
["C66475","VIS",19326,"TTHMSE",2013,45,1.1313333333333333,50.91,"TTH"]
["C66537","DISQUE",12210,"OACMSE",2010,54,0.9462962962962963,51.1,"OAC"]
["C66537","DISQUE",12907,"OACMSE",2010,36,1.4194444444444445,51.1,"OAC"]
["C66537","DISQUE",13768,"OACMSE",2011,68,0.75147058823529411,51.1,"OAC"]
["C66537","DISQUE",13768,"OACMSE",2011,4,13.262499999999999,53.05,"OAC"]
["C66537","DISQUE",14744,"OACMSE",2011,36,0.99361111111111122,35.770000000000003,"OAC"]
["C66537","DISQUE",15664,"OACMSE",2012,81,0.44160493827160496,35.770000000000003,"OAC"]
["C66537","DISQUE",10266,"OACMSE",2009,18,4.83,86.94,"OAC"]
["C66537","DISQUE",11015,"OACMSE",2009,54,3.4918518518518518,188.56,"OAC"]
["C66537","DISQUE",12210,"PEIMSE",2010,54,1.646851851851852,88.93,"PEI"]
["C66537","DISQUE",12907,"PEIMSE",2010,36,9.5411111111111122,343.48,"PEI"]
["C66537","DISQUE",13768,"PEIMSE",2011,68,{"$f":"H7427/F7427","v":0.43676470588235294},29.7,"PEI"]
["C66537","DISQUE",13768,"PEIMSE",2011,4,41.375,165.5,"PEI"]
["C66537","DISQUE",14744,"PEIMSE",2011,36,83.875,3019.5,"PEI"]
["C66537","DISQUE",15664,"PEIMSE",2012,81,1.711111111111111,138.6,"PEI"]
["C66537","DISQUE",10267,"PEIMSE",2009,18,6.9866666666666672,125.76,"PEI"]
["C66537","DISQUE",11016,"PEIMSE",2010,54,2.6246296296296294,141.72999999999999,"PEI"]
["C66538","BAGUE",10364,"CADMSE",2009,11,11.363636363636363,125,"CAD"]
["C66538","BAGUE",10365,"PEIMSE",2009,11,32.671818181818182,359.39,"PEI"]
["C66557","BOUCHON",10664,"OACPEIMSE",2009,8,6.3875000000000002,51.1,"OAC","PEI"]
["C66567","VIS",9962,"CNDCADMSE",2009,10,15.011000000000001,150.11000000000001,"CND","CAD"]
["C66567","VIS",11437,"CNDCADMSE",2010,18,7.0227777777777778,126.41,"CND","CAD"]
["C66567","VIS",14548,"CNDCADMSE",2011,16,2.6156250000000001,41.85,"CND","CAD"]
["C66567","VIS",16596,"CNDCADMSE",2012,10,20.603999999999999,206.04,"CND","CAD"]
["C66567","VIS",16066,"TTHMSE",2012,12,18.887499999999999,226.65,"TTH"]
["C66567","VIS",9535,"TTHMSE",2009,22,2.2459090909090906,49.41,"TTH"]
["C66567","VIS",10817,"TTHMSE",2009,22,1.0377272727272726,22.83,"TTH"]
["C66567","VIS",14233,"TTHMSE",2011,18,-87.5,-1575,"TTH"]
["C66745","RACCORD",14710,"CNDCAD",2011,3,235.1,705.3,"CND","CAD"]
["C66745","RACCORD",14710,"PEI",2011,3,12.026666666666666,36.08,"PEI"]
["C66831","BAGUE",17171,"CADMSE",2012,13,59.181538461538466,769.36,"CAD"]
["C66831","BAGUE",17678,"CADMSE",2013,40,4.05,162,"CAD"]
["C66831","BAGUE",19099,"CNDCADMSE",2013,17,4.4064705882352939,74.91,"CND","CAD"]
["C66831","BAGUE",19954,"CNDCADMSE",2014,61,0.5863934426229509,35.770000000000003,"CND","CAD"]
["C66831","BAGUE",17678,"CNDMSE",2013,40,4.3332500000000005,173.33,"CND"]
["C66831","BAGUE",17171,"PEIMSE",2012,13,0.76153846153846161,9.9,"PEI"]
["C66831","BAGUE",17678,"PEIMSE",2013,40,8.4032499999999999,336.13,"PEI"]
["C66831","BAGUE",19099,"PEIMSE",2013,17,233.52352941176471,3969.9,"PEI"]
["C66831","BAGUE",19954,"PEIMSE",2014,61,2.737704918032787,167,"PEI"]
["C66831","BAGUE",19510,"USI",2013,62,13.705645161290322,849.75,"USI"]
["C66831EB","BAGUE",9489,"CNDMSE",2009,40,0.8942500000000001,35.770000000000003,"CND"]
["C66831EB","BAGUE",11337,"CNDMSE",2010,13,8.6861538461538466,112.92,"CND"]
["C66831EB","BAGUE",11547,"CNDMSE",2010,10,7.8180000000000005,78.180000000000007,"CND"]
["C66831EB","BAGUE",20812,"USI",2014,22,1.7727272727272727,39,"USI"]
["C66847EB","BAGUE",12106,"CNDMSE",2010,15,2.3846666666666669,35.770000000000003,"CND"]
["C66847EB","BAGUE",18266,"CNDMSE",2013,12,25.05,300.60000000000002,"CND"]
["C66847EB","BAGUE",19720,"CNDMSE",2013,4,8.9425000000000008,35.770000000000003,"CND"]
["C66847EB","BAGUE",20932,"CNDMSE",2014,10,15.206999999999999,152.07,"CND"]
["C66905","BAGUE",10074,"CADMSE",2009,38,5.9873684210526319,227.52,"CAD"]
["C66905","BAGUE",10075,"PEIMSE",2009,38,7.7242105263157894,293.52,"PEI"]
["C66906","BAGUE",8961,"CADMSE",2009,22,9.0909090909090917,200,"CAD"]
["C66906","BAGUE",10671,"CADMSE",2009,21,7.5714285714285712,159,"CAD"]
["C66906","BAGUE",10672,"PEIMSE",2009,21,169.17714285714285,3552.72,"PEI"]
["C66906","BAGUE",8962,"PEIMSE",2009,22,15.496363636363638,340.92,"PEI"]
["C67118-1","DOUILLE DE VERROUILLAGE",10976,"CNDMSE",2009,7,5.1100000000000003,35.770000000000003,"CND"]
["C67118-1","DOUILLE DE VERROUILLAGE",12281,"CNDMSE",2010,8,6.6687500000000002,53.35,"CND"]
["C67118-1","DOUILLE DE VEROUILLAGE",10761,"TTHMSE",2009,7,9.4142857142857146,65.900000000000006,"TTH"]
["C67118-1","DOUILLE DE VEROUILLAGE",12113,"TTHMSE",2010,8,46.068750000000001,368.55,"TTH"]
["C67125R5","DOUILLE DE VERROUILLAGE",12524,"CNDMSE",2010,10,3.5770000000000004,35.770000000000003,"CND"]
["C67125R5","DOUILLE DE VERROUILLAGE",13379,"CNDMSE",2011,8,13.438750000000001,107.51,"CND"]
["C67125R5","DOUILLE DE VERROUILLAGE",15488,"CNDMSE",2012,14,2.847142857142857,39.86,"CND"]
["C67125R5","DOUILLE DE VERROUILLAGE",15255,"TTHMSE",2011,14,2.4821428571428572,34.75,"TTH"]
["C67125R5","DOUILLE DE VERROUILLAGE",12301,"TTHMSE",2010,10,0,0,"TTH"]
["C67125R5","DOUILLE DE VERROUILLAGE",12879,"TTHMSE",2010,8,1650,13200,"TTH"]
["C67164","BAGUE",17097,"CADPEIMSE",2012,11,1.6363636363636365,18,"CAD","PEI"]
["C67168","BAGUE",17198,"CADPEIMSE",2012,4,81.902500000000003,327.61,"CAD","PEI"]
["C67268","ECROU",20107,"TTHMSE",2014,12,12.8575,154.29,"TTH"]
["C67324","CALE",9973,"OACPEIMSE",2009,16,5.5568749999999998,88.91,"OAC","PEI"]
["C67397","RONDELLE",19193,"TTHMSE",2013,1,0,0,"TTH"]
["C67397","RONDELLE",20547,"USI",2014,7,4.8571428571428568,34,"USI"]
["C67489","SEGMENT 2 PIECES",18755,"DETCADMSE",2013,36,0.99361111111111122,35.770000000000003,"DET","CAD"]
["C67489","SEGMENT 2 PIECES",18379,"TTHMSE",2013,3,49.816666666666663,149.44999999999999,"TTH"]
["C67489","SEGMENT 2 PIECES",18379,"TTHMSE",2013,4,24.067499999999999,96.27,"TTH"]
["C67630","BAGUE",9803,"PASCADMSE",2009,9,50.955555555555556,458.6,"PAS","CAD"]
["C67630","BAGUE",11481,"PASCADMSE",2010,7,52.428571428571431,367,"PAS","CAD"]
["C67630","BAGUE",9750,"RECTIF",2009,9,{"$f":"H7491/F7491","v":5.7033333333333331},51.33,"RECTIF"]
["C67630","BAGUE",11391,"RECTIF",2010,7,14.145714285714286,99.02,"RECTIF"]
["C67630","BAGUE",18530,"TTHMSE",2013,8,2.9312499999999999,23.45,"TTH"]
["C67630","BAGUE",9529,"TTHMSE",2009,10,4.1280000000000001,41.28,"TTH"]
["C67630","BAGUE",10900,"TTHMSE",2009,7,4.3071428571428569,30.15,"TTH"]
["C67630EB","BAGUE",14224,"RECTIF",2011,11,13.456363636363637,148.02000000000001,"RECTIF"]
["C67630EB","BAGUE",20756,"TTHMSE",2014,12,2.0841666666666669,25.01,"TTH"]
["C67630EB","BAGUE",14018,"TTHMSE",2011,11,90.690909090909088,997.6,"TTH"]
["C67909","BAGUE",12312,"OACMSE",2010,12,16.593333333333334,199.12,"OAC"]
["C67909","BAGUE",20465,"OACMSE",2014,18,23.50611111111111,423.11,"OAC"]
["C67909","BAGUE",12312,"PEIMSE",2010,12,3.0141666666666667,36.17,"PEI"]
["C67909","BAGUE",20465,"PEIMSE",2014,18,4.4444444444444446,80,"PEI"]
["C67929","RONDELLE",19229,"CADMSE",2013,24,5,120,"CAD"]
["C67980","EMBOUT",19384,"CNDCAD",2013,1,564.65,564.65,"CND","CAD"]
["C67980","EMBOUT",19384,"CNDCAD",2013,8,16.607500000000002,132.86000000000001,"CND","CAD"]
["C67980","EMBOUT",18469,"TTH",2013,8,3.1237499999999998,24.99,"TTH"]
["C67980","EMBOUT",18817,"TTH",2013,5,12.342000000000001,61.71,"TTH"]
["C68016","CORPS",19415,"CNDOAC",2013,4,59.914999999999999,239.66,"CND","OAC"]
["C68016","CORPS",14904,"CNDOAC",2011,5,7.1540000000000008,35.770000000000003,"CND","OAC"]
["C68016","CORPS",14905,"PEI",2011,5,14.419999999999998,72.099999999999994,"PEI"]
["C68130","ECROU",10291,"OAC",2009,7,61.699999999999996,431.9,"OAC"]
["C68808","RONDELLE",19991,"CADMSE",2014,19,6.3157894736842106,120,"CAD"]
["C68817","RONDELLE",13674,"DETCADPEIMSE",2011,32,1.5903125,50.89,"DET","CAD","PEI"]
["C68817","RONDELLE",13426,"TTHMSE",2011,4,467.5,1870,"TTH"]
["C68972","RAMPE DE GRAISSAGE",10213,"CNDOACPEIMSE",2009,3,13.9,41.7,"CND","OAC","PEI"]
["C69395","RONDELLE",18519,"DETCADMSE",2013,18,14.841666666666665,267.14999999999998,"DET","CAD"]
["C69395","RONDELLE",20550,"DETCADMSE",2014,52,6.9686538461538463,362.37,"DET","CAD"]
["C69561","RONDELLE DE REGLAGE",13310,"DETCADPEIMSE",2011,11,12.137272727272727,133.51,"DET","CAD","PEI"]
["C69561","RONDELLE DE REGLAGE",16212,"DETCADPEIMSE",2012,16,7.3125,117,"DET","CAD","PEI"]
["C69561","RONDELLE DE REGLAGE",20226,"DETCADPEIMSE",2014,12,20.298333333333336,243.58,"DET","CAD","PEI"]
["C69561","RONDELLE DE REGLAGE",16035,"TTHMSE",2012,2,46.814999999999998,93.63,"TTH"]
["C69561","RONDELLE DE REGLAGE",13058,"TTHMSE",2010,1,720,720,"TTH"]
["C69561","RONDELLE DE REGLAGE",19975,"TTHMSE",2014,2,365.5,731,"TTH"]
["C69568","BAGUE",18992,"PEIMSE",2013,5,33.1,165.5,"PEI"]
["C69568","BAGUE",18992,"PEIMSE",2013,1,165.5,165.5,"PEI"]
["C69568","BAGUE",11440,"PEIMSE",2010,4,500.42,2001.68,"PEI"]
["C69579","BAGUE",19925,"DETCADMSE",2014,14,43.106428571428573,603.49,"DET","CAD"]
["C69579","BAGUE",19925,"PEIMSE",2014,14,37.478571428571435,524.70000000000005,"PEI"]
["C69579","BAGUE",19051,"TTHMSE",2013,7,9.1871428571428577,64.31,"TTH"]
["C69579CA1","BAGUE",19323,"DETCADMSE",2013,4,16.260000000000002,65.040000000000006,"DET","CAD"]
["C69579CA1","BAGUE",19323,"PEIMSE",2013,4,194.17500000000001,776.7,"PEI"]
["C69579CA1","BAGUE",18982,"TTHMSE",2013,6,9.8583333333333325,59.15,"TTH"]
["C69579CA1","BAGUE",19051,"TTHMSE",2013,3,16.510000000000002,49.53,"TTH"]
["C69579CA2","BAGUE",10086,"DETCADMSE",2009,10,143.07999999999998,1430.8,"DET","CAD"]
["C69579CA2","BAGUE",10087,"PEIMSE",2009,10,256.75300000000004,2567.5300000000002,"PEI"]
["C69579CA2","BAGUE",9828,"TTHMSE",2009,5,10,50,"TTH"]
["C69580","BAGUE",19124,"CADPEIMSE",2013,14,15.35,214.9,"CAD","PEI"]
["C69580","BAGUE",19411,"CADPEIMSE",2013,8,19.2,153.6,"CAD","PEI"]
["C69581","BAGUE",19067,"CADPEIMSE",2013,11,11.454545454545455,126,"CAD","PEI"]
["C69581","BAGUE",19535,"CADPEIMSE",2013,8,21.366250000000001,170.93,"CAD","PEI"]
["C69585","BAGUE",19462,"CADPEIMSE",2013,5,30.72,153.6,"CAD","PEI"]
["C69586","BAGUE",19423,"CADPEIMSE",2013,4,40.5,162,"CAD","PEI"]
["C69607","DOIGT DE VERROUILLAGE",9421,"CHROMSE",2009,12,19.933333333333334,239.2,"CHR"]
["C69607","DOIGT DE VERROUILLAGE",13294,"CHROMSE",2011,8,39.986249999999998,319.89,"CHR"]
["C69607","DOIGT DE VERROUILLAGE",9296,"CNDMSE",2009,12,2.9808333333333334,35.770000000000003,"CND"]
["C69607","DOIGT DE VERROUILLAGE",13294,"CNDMSE",2011,8,84.861249999999998,678.89,"CND"]
["C69607","DOIGT DE VERROUILLAGE",9097,"TTHMSE",2009,12,3.3458333333333332,40.15,"TTH"]
["C69607","DOIGT DE VERROUILLAGE",12878,"TTHMSE",2010,8,40.5,324,"TTH"]
["C69620","ECROU",13980,"DETCADMSE",2011,18,1.9872222222222224,35.770000000000003,"DET","CAD"]
["C69620","ECROU",13734,"TTHMSE",2011,2,507,1014,"TTH"]
["C69639","COUPELLE FREIN",16116,"TTHMSE",2012,2,12.615,25.23,"TTH"]
["C69639","COUPELLE FREIN",9394,"TTHMSE",2009,1,85.05,85.05,"TTH"]
["C69641","BAGUE",11578,"PEIMSE",2010,4,65.632499999999993,262.52999999999997,"PEI"]
["C69642","BAGUE",11625,"PEIMSE",2010,3,1009.5733333333333,3028.72,"PEI"]
["C69642","BAGUE",18130,"PEIMSE",2013,5,{"$f":"H7555/F7555","v":33.1},165.5,"PEI"]
["C69643","BAGUE",12799,"PEIMSE",2010,5,66.652000000000001,333.26,"PEI"]
["C69720","BAGUE FILETEE",13917,"DETCNDCADMSE",2011,24,2.9808333333333334,71.540000000000006,"DET","CND","CAD"]
["C69720","BAGUE FILETEE",14329,"DETCNDCADMSE",2011,13,11.260769230769229,146.38999999999999,"DET","CND","CAD"]
["C69754EB","EMBOUT EBAUCHE",11006,"CNDMSE",2009,11,4.2363636363636363,46.6,"CND"]
["C69754EB","EMBOUT EBAUCHE",14149,"CNDMSE",2011,5,11.018000000000001,55.09,"CND"]
["C69759","ECROU",19741,"TTHMSE",2013,1,104.56,104.56,"TTH"]
["C69935","EMBASE",18952,"CND",2013,7,16.915714285714284,118.41,"CND"]
["C69949-1","BAGUE",14454,"PAS",2011,11,46.612727272727277,512.74,"PAS"]
["C69949-1","BAGUE",18608,"PAS",2013,21,32.009523809523813,672.2,"PAS"]
["C69987-1","AXE",20345,"PAS",2014,16,5.0318750000000003,80.510000000000005,"PAS"]
["C69987-1","AXE",10081,"PAS",2009,10,32.799999999999997,328,"PAS"]
["C69987-1","AXE",16206,"PAS",2012,10,197.1,1971,"PAS"]
["C69987-1","AXE",17823,"PAS",2013,22,21.272727272727273,468,"PAS"]
["C69988-1","AXE",20346,"PAS",2014,13,6.3976923076923082,83.17,"PAS"]
["C69988-1","AXE",12097,"PAS",2010,5,46.5,232.5,"PAS"]
["C69988-1","AXE",16347,"PAS",2012,8,1.825,14.6,"PAS"]
["C69988-1","AXE",17553,"PAS",2012,16,128.66249999999999,2058.6,"PAS"]
["C69989","BAGUE",12670,"OAC",2010,12,15.145833333333334,181.75,"OAC"]
["C69989","BAGUE",15870,"OAC",2012,19,22.161052631578947,421.06,"OAC"]
["C69989","BAGUE",17416,"OAC",2012,68,1.0520588235294119,71.540000000000006,"OAC"]
["C69990-1","PORTE JOINT",16609,"OAC",2012,3,91.516666666666666,274.55,"OAC"]
["C69990-1","PORTE JOINT",17503,"OAC",2012,13,32.389230769230771,421.06,"OAC"]
["C69990-1","PORTE JOINT",20123,"OAC",2014,14,66.111428571428561,925.56,"OAC"]
["C69991-1","ENTRETOISE",17418,"OAC",2012,15,51.773333333333333,776.6,"OAC"]
["C69991-1","ENTRETOISE",19823,"OAC",2013,23,7.6252173913043473,175.38,"OAC"]
["C69992-1","AXE",20247,"PAS",2014,12,56.686666666666667,680.24,"PAS"]
["C69992-1","AXE",9393,"PAS",2009,24,2.1291666666666669,51.1,"PAS"]
["C69992-1","AXE",16040,"PAS",2012,20,46.089999999999996,921.8,"PAS"]
["C69992-1","AXE",17555,"PAS",2012,13,12.386153846153848,161.02000000000001,"PAS"]
["C69992-1","AXE",18593,"PAS",2013,13,22.153846153846153,288,"PAS"]
["C69993","BAGUE",8941,"OAC",2009,21,8.5185714285714287,178.89,"OAC"]
["C69993","BAGUE",16085,"OAC",2012,44,4.875909090909091,214.54,"OAC"]
["C69993","BAGUE",17762,"OAC",2013,102,1.2023529411764706,122.64,"OAC"]
["C70001-1","VIS",9700,"OAC",2009,13,15.316923076923077,199.12,"OAC"]
["C70001-1","VIS",15637,"OAC",2012,11,16.890909090909091,185.8,"OAC"]
["C70003","ENTRETOISE",9689,"OAC",2009,12,15.330833333333333,183.97,"OAC"]
["C70003","ENTRETOISE",15613,"OAC",2012,9,16.437777777777779,147.94,"OAC"]
["C70003","ENTRETOISE",20232,"OAC",2014,11,0,0,"OAC"]
["C70004","ENTRAINEUR",16444,"PEL",2012,20,186.06900000000002,3721.38,"PEL"]
["C70004","ENTRAINEUR",16604,"PEL",2012,20,1.048,20.96,"PEL"]
["C70004","ENTRAINEUR",16840,"RECTIF",2012,20,4.9504999999999999,99.01,"RECTIF"]
["C70007","PLAQUE DE FROTTEMENT",9162,"REC",2009,26,5.6930769230769238,148.02000000000001,"REC"]
["C70007","PLAQUE DE FROTTEMENT",14903,"REC",2011,7,15.905714285714286,111.34,"REC"]
["C70007","PLAQUE DE FROTTEMENT",16193,"REC",2012,21,4.715238095238095,99.02,"REC"]
["C70007","PLAQUE DE FROTTEMENT",18887,"REC",2013,21,0.27047619047619048,5.68,"REC"]
["C70008","APPUI RONDELLES",15886,"TTH",2012,1,133,133,"TTH"]
["C70008","APPUI RONDELLES",17446,"TTH",2012,1,125.01,125.01,"TTH"]
["C70010","PATIN DE DISTRIBUTION",20039,"CND",2014,12,10.5,126,"CND"]
["C70010","PATIN DE DISTRIBUTION",9471,"CND",2009,67,2.9850746268656718,200,"CND"]
["C70010","PATIN DE DISTRIBUTION",15742,"CND",2012,46,3.321739130434783,152.80000000000001,"CND"]
["C70010","PATIN DE DISTRIBUTION",18848,"CND",2013,15,0,0,"CND"]
["C70010","PATIN DE DISTRIBUTION",9565,"SFIN",2009,67,1.7298507462686568,115.9,"SFI"]
["C70010","PATIN DE DISTRIBUTION",15868,"SFIN",2012,46,2.5195652173913046,115.9,"SFI"]
["C70010","PATIN DE DISTRIBUTION",18849,"SFIN",2013,15,1.5446666666666669,23.17,"SFI"]
["C70010","PATIN DE DISTRIBUTION",20348,"SFIN",2014,12,9.25,111,"SFI"]
["C70015","PLAQUE",13870,"CND",2011,18,3.4166666666666665,61.5,"CND"]
["C70015","PLAQUE",16095,"CND",2012,21,6.7619047619047619,142,"CND"]
["C70015","PLAQUE",17923,"CND",2013,9,423.66666666666669,3813,"CND"]
["C70073","PIGNON RATTRAPAGE JEU",16119,"OAC",2012,10,5.3140000000000001,53.14,"OAC"]
["C70073","PIGNON RATTRAPAGE JEU",18355,"OAC",2013,12,8.1758333333333333,98.11,"OAC"]
["C70073","PIGNON RATTRAPAGE JEU",18864,"OAC",2013,11,7.2381818181818183,79.62,"OAC"]
["C70073","PIGNON RATTRAPAGE JEU",15918,"TAI",2012,10,11.101000000000001,111.01,"TAIL"]
["C70073","PIGNON RATTRAPAGE JEU",17856,"TAI",2013,9,6,54,"TAIL"]
["C70073","PIGNON RATTRAPAGE JEU",17855,"TAI",2013,12,{"$f":"H7619/F7619","v":9.25},111,"TAIL"]
["C70073","PIGNON RATTRAPAGE JEU",18449,"TAI",2013,11,10.091818181818182,111.01,"TAIL"]
["C70080","BAGUE FILETEE",9636,"PELPAS",2009,18,184.56444444444443,3322.16,"PEL","PAS"]
["C70080","BAGUE FILETEE",12724,"PELPAS",2010,14,2.245714285714286,31.44,"PEL","PAS"]
["C70080","BAGUE FILETEE",15944,"PELPAS",2012,23,0.91130434782608705,20.96,"PEL","PAS"]
["C70082","SUPPORT",9928,"OAC",2009,26,23.762307692307694,617.82000000000005,"OAC"]
["C70082","SUPPORT",19803,"OAC",2013,14,2.5550000000000002,35.770000000000003,"OAC"]
["C70142","CONTRE BRIDE",16869,"OAC",2012,20,5.1100000000000003,102.2,"OAC"]
["C70517","CORPS USINE",8878,"CNDOAC",2009,4,19.315000000000001,77.260000000000005,"CND","OAC"]
["C70517","CORPS USINE",8879,"CNDOAC",2009,5,45.777999999999999,228.89,"CND","OAC"]
["C70517","CORPS USINE",9020,"CNDOAC",2009,5,14.308000000000002,71.540000000000006,"CND","OAC"]
["C70517","CORPS USINE",9020,"CNDOAC",2009,5,36.660000000000004,183.3,"CND","OAC"]
["C70517","CORPS USINE",9479,"CNDOAC",2009,5,58.172000000000004,290.86,"CND","OAC"]
["C70517","CORPS USINE",9890,"CNDOAC",2009,5,11.446,57.23,"CND","OAC"]
["C70517","CORPS USINE",9890,"CNDOAC",2009,5,7.1540000000000008,35.770000000000003,"CND","OAC"]
["C70517","CORPS USINE",10076,"CNDOAC",2009,4,49.185000000000002,196.74,"CND","OAC"]
["C70517","CORPS USINE",10386,"CNDOAC",2009,4,20.797499999999999,83.19,"CND","OAC"]
["C70517","CORPS USINE",10386,"CNDOAC",2009,5,7.1540000000000008,35.770000000000003,"CND","OAC"]
["C70517","CORPS USINE",11018,"CNDOAC",2009,4,13.772500000000001,55.09,"CND","OAC"]
["C70517","CORPS USINE",11018,"CNDOAC",2009,4,8.9425000000000008,35.770000000000003,"CND","OAC"]
["C70517","CORPS USINE",11009,"CNDOAC",2009,3,11.923333333333334,35.770000000000003,"CND","OAC"]
["C70517","CORPS USINE",11291,"CNDOAC",2010,5,7.1540000000000008,35.770000000000003,"CND","OAC"]
["C70517","CORPS USINE",11383,"CNDOAC",2010,5,1.716,8.58,"CND","OAC"]
["C70517","CORPS USINE",11669,"CNDOAC",2010,1,35.770000000000003,35.770000000000003,"CND","OAC"]
["C70517","CORPS USINE",11669,"CNDOAC",2010,4,8.9425000000000008,35.770000000000003,"CND","OAC"]
["C70517","CORPS USINE",12060,"CNDOAC",2010,5,7.1540000000000008,35.770000000000003,"CND","OAC"]
["C70517","CORPS USINE",12020,"CNDOAC",2010,5,14.308000000000002,71.540000000000006,"CND","OAC"]
["C70517","CORPS USINE",12020,"CNDOAC",2010,5,7.1540000000000008,35.770000000000003,"CND","OAC"]
["C70517","CORPS USINE",12407,"CNDOAC",2010,6,13.456666666666665,80.739999999999995,"CND","OAC"]
["C70517","CORPS USINE",12407,"CNDOAC",2010,5,13.040000000000001,65.2,"CND","OAC"]
["C70517","CORPS USINE",12725,"CNDOAC",2010,4,8.9425000000000008,35.770000000000003,"CND","OAC"]
["C70517","CORPS USINE",12725,"CNDOAC",2010,8,8.9425000000000008,71.540000000000006,"CND","OAC"]
["C70517","CORPS USINE",12841,"CNDOAC",2010,8,10.04125,80.33,"CND","OAC"]
["C70517","CORPS USINE",13014,"CNDOAC",2010,8,6.9749999999999996,55.8,"CND","OAC"]
["C70517","CORPS USINE",13014,"CNDOAC",2010,3,11.923333333333334,35.770000000000003,"CND","OAC"]
["C70517","CORPS USINE",13357,"CNDOAC",2011,13,2.7515384615384617,35.770000000000003,"CND","OAC"]
["C70517","CORPS USINE",13357,"CNDOAC",2011,13,2.7515384615384617,35.770000000000003,"CND","OAC"]
["C70517","CORPS USINE",13357,"CNDOAC",2011,8,9.1337499999999991,73.069999999999993,"CND","OAC"]
["C70517","CORPS USINE",13706,"CNDOAC",2011,8,4.4712500000000004,35.770000000000003,"CND","OAC"]
["C70517","CORPS USINE",13842,"CNDOAC",2011,12,31.596666666666668,379.16,"CND","OAC"]
["C70517","CORPS USINE",13960,"CNDOAC",2011,8,36.408749999999998,291.27,"CND","OAC"]
["C70517","CORPS USINE",13979,"CNDOAC",2011,10,8.0939999999999994,80.94,"CND","OAC"]
["C70517","CORPS USINE",13960,"CNDOAC",2011,8,4.4712500000000004,35.770000000000003,"CND","OAC"]
["C70517","CORPS USINE",14362,"CNDOAC",2011,8,8.9425000000000008,71.540000000000006,"CND","OAC"]
["C70517","CORPS USINE",13960,"CNDOAC",2011,-8,-4.4712500000000004,35.770000000000003,"CND","OAC"]
["C70517","CORPS USINE",14805,"CNDOAC",2011,8,4.4712500000000004,35.770000000000003,"CND","OAC"]
["C70517","CORPS USINE",14804,"CNDOAC",2011,8,10.085000000000001,80.680000000000007,"CND","OAC"]
["C70517","CORPS USINE",15138,"CNDOAC",2011,8,4.4712500000000004,35.770000000000003,"CND","OAC"]
["C70517","CORPS USINE",15137,"CNDOAC",2011,8,4.4712500000000004,35.770000000000003,"CND","OAC"]
["C70517","CORPS USINE",15526,"CNDOAC",2012,8,12.59125,100.73,"CND","OAC"]
["C70517","CORPS USINE",15544,"CNDOAC",2012,8,4.4712500000000004,35.770000000000003,"CND","OAC"]
["C70517","CORPS USINE",15860,"CNDOAC",2012,8,5.2312500000000002,41.85,"CND","OAC"]
["C70517","CORPS USINE",15859,"CNDOAC",2012,7,14.025714285714287,98.18,"CND","OAC"]
["C70517","CORPS USINE",16404,"CNDOAC",2012,5,18.026,90.13,"CND","OAC"]
["C70517","CORPS USINE",16420,"CNDOAC",2012,8,5.1087499999999997,40.869999999999997,"CND","OAC"]
["C70517","CORPS USINE",16527,"CNDOAC",2012,8,82.5,660,"CND","OAC"]
["C70517","CORPS USINE",16528,"CNDOAC",2012,8,157.5,1260,"CND","OAC"]
["C70517","CORPS USINE",16737,"CNDOAC",2012,7,169.14285714285714,1184,"CND","OAC"]
["C70517","CORPS USINE",16739,"CNDOAC",2012,8,135,1080,"CND","OAC"]
["C70517","CORPS USINE",17489,"CNDOAC",2012,7,10.307142857142859,72.150000000000006,"CND","OAC"]
["C70517","CORPS USINE",17490,"CNDOAC",2012,9,13.887777777777778,124.99,"CND","OAC"]
["C70517","CORPS USINE",18646,"CNDOAC",2013,30,1.274,38.22,"CND","OAC"]
["C70517","CORPS USINE",19946,"CNDOAC",2014,21,1.9466666666666668,40.880000000000003,"CND","OAC"]
["C70517","CORPS USINE",20719,"CNDOAC",2014,15,2.3846666666666669,35.770000000000003,"CND","OAC"]
["C70517","CORPS USINE",20720,"CNDOAC",2014,10,{"$f":"H7683/F7683","v":14.597},145.97,"CND","OAC"]
["C70517","CORPS USINE",20956,"CNDOAC",2014,15,2.3846666666666669,35.770000000000003,"CND","OAC"]
["C70517","CORPS USINE",20487,"CNDOAC",2014,25,3.0968,77.42,"CND","OAC"]
["C70517","CORPS USINE",20503,"CNDOAC",2014,26,66.634615384615387,1732.5,"CND","OAC"]
["C70517","CORPS USINE",20735,"CNDOAC",2014,15,7.1539999999999999,107.31,"CND","OAC"]
["C70517","CORPS USINE",19818,"CNDOAC",2013,21,1.8980952380952381,39.86,"CND","OAC"]
["C70517","CORPS USINE",8933,"PEI",2009,5,88,440,"PEI"]
["C70517","CORPS USINE",8932,"PEI",2009,5,75,375,"PEI"]
["C70517","CORPS USINE",9030,"PEI",2009,4,92.25,369,"PEI"]
["C70517","CORPS USINE",9029,"PEI",2009,5,33.9,169.5,"PEI"]
["C70517","CORPS USINE",8803,"PEI",2009,4,29.25,117,"PEI"]
["C70517","CORPS USINE",9122,"PEI",2009,5,436.53999999999996,2182.6999999999998,"PEI"]
["C70517","CORPS USINE",9122,"PEI",2009,5,46.72,233.6,"PEI"]
["C70517","CORPS USINE",9679,"PEI",2009,5,0,0,"PEI"]
["C70517","CORPS USINE",10011,"PEI",2009,5,43.8,219,"PEI"]
["C70517","CORPS USINE",10011,"PEI",2009,5,0,0,"PEI"]
["C70517","CORPS USINE",10231,"PEI",2009,4,0,0,"PEI"]
["C70517","CORPS USINE",10614,"PEI",2009,1,399.4,399.4,"PEI"]
["C70517","CORPS USINE",10614,"PEI",2009,5,115.64000000000001,578.20000000000005,"PEI"]
["C70517","CORPS USINE",10830,"PEI",2009,1,3916,3916,"PEI"]
["C70517","CORPS USINE",10830,"PEI",2009,2,978.2,1956.4,"PEI"]
["C70517","CORPS USINE",11190,"PEI",2010,3,808.26666666666677,2424.8000000000002,"PEI"]
["C70517","CORPS USINE",11190,"PEI",2010,4,34.527500000000003,138.11000000000001,"PEI"]
["C70517","CORPS USINE",11297,"PEI",2010,4,552.97500000000002,2211.9,"PEI"]
["C70517","CORPS USINE",11471,"PEI",2010,5,14.622,73.11,"PEI"]
["C70517","CORPS USINE",11641,"PEI",2010,5,57.6,288,"PEI"]
["C70517","CORPS USINE",11827,"PEI",2010,4,105,420,"PEI"]
["C70517","CORPS USINE",12162,"PEI",2010,2,978.2,1956.4,"PEI"]
["C70517","CORPS USINE",12162,"PEI",2010,3,676.4666666666667,2029.4,"PEI"]
["C70517","CORPS USINE",12185,"PEI",2010,3,760,2280,"PEI"]
["C70517","CORPS USINE",12185,"PEI",2010,2,472.5,945,"PEI"]
["C70517","CORPS USINE",12185,"PEI",2010,5,282.2,1411,"PEI"]
["C70517","CORPS USINE",12557,"PEI",2010,6,38.93333333333333,233.6,"PEI"]
["C70517","CORPS USINE",12557,"PEI",2010,5,435.08000000000004,2175.4,"PEI"]
["C70517","CORPS USINE",12857,"PEI",2010,4,243.75,975,"PEI"]
["C70517","CORPS USINE",12857,"PEI",2010,8,86.125,689,"PEI"]
["C70517","CORPS USINE",13044,"PEI",2010,8,245.46250000000001,1963.7,"PEI"]
["C70517","CORPS USINE",13382,"PEI",2011,8,29.2,233.6,"PEI"]
["C70517","CORPS USINE",13382,"PEI",2011,3,12.253333333333332,36.76,"PEI"]
["C70517","CORPS USINE",13572,"PEI",2011,13,1.5384615384615385,20,"PEI"]
["C70517","CORPS USINE",13658,"PEI",2011,13,6.9230769230769234,90,"PEI"]
["C70517","CORPS USINE",13658,"PEI",2011,8,0,0,"PEI"]
["C70517","CORPS USINE",13950,"PEI",2011,8,2.5750000000000002,20.6,"PEI"]
["C70517","CORPS USINE",13951,"PEI",2011,12,4.7216666666666667,56.66,"PEI"]
["C70517","CORPS USINE",14261,"PEI",2011,8,5.6775000000000002,45.42,"PEI"]
["C70517","CORPS USINE",14262,"PEI",2011,10,20.621000000000002,206.21,"PEI"]
["C70517","CORPS USINE",0,"PEI",2011,1,446.25,446.25,"PEI"]
["C70517","CORPS USINE",15492,"PEI",2012,8,7.7249999999999996,61.8,"PEI"]
["C70517","CORPS USINE",15493,"PEI",2012,8,8.5274999999999999,68.22,"PEI"]
["C70517","CORPS USINE",15774,"PEI",2012,8,8.7675000000000001,70.14,"PEI"]
["C70517","CORPS USINE",15775,"PEI",2012,8,8.7675000000000001,70.14,"PEI"]
["C70517","CORPS USINE",16078,"PEI",2012,1,80.83,80.83,"PEI"]
["C70517","CORPS USINE",16079,"PEI",2012,7,11.547142857142857,80.83,"PEI"]
["C70517","CORPS USINE",16274,"PEI",2012,6,18.008333333333333,108.05,"PEI"]
["C70517","CORPS USINE",16275,"PEI",2012,1,110.21,110.21,"PEI"]
["C70517","CORPS USINE",16691,"PEI",2012,8,43.53875,348.31,"PEI"]
["C70517","CORPS USINE",16692,"PEI",2012,4,28.25,113,"PEI"]
["C70517","CORPS USINE",16742,"PEI",2012,8,42.581249999999997,340.65,"PEI"]
["C70517","CORPS USINE",16861,"PEI",2012,8,350.83125000000001,2806.65,"PEI"]
["C70517","CORPS USINE",16990,"PEI",2012,8,49.243749999999999,393.95,"PEI"]
["C70517","CORPS USINE",16991,"PEI",2012,7,411.00285714285712,2877.02,"PEI"]
["C70517","CORPS USINE",17817,"PEI",2013,9,16.095555555555556,144.86000000000001,"PEI"]
["C70517","CORPS USINE",17818,"PEI",2013,7,384.27285714285711,2689.91,"PEI"]
["C70517","CORPS USINE",20327,"PEI",2014,10,12.77,127.7,"PEI"]
["C70736","DIAPHRAGME",16115,"COMPLET",2012,45,{"$f":"H7747/F7747","v":0.7951111111111111},35.78,"COMP"]
["C70967","COUPELLE",10627,"OACPEIMSE",2009,6,5.9616666666666669,35.770000000000003,"OAC","PEI"]
["C70967","COUPELLE",12939,"OACPEIMSE",2011,44,0,0,"OAC","PEI"]
["C70969","ENTRETOISE",9844,"CND",2009,57,2.6807017543859653,152.80000000000001,"CND"]
["C70969","ENTRETOISE",14451,"CND",2011,78,2.4743589743589745,193,"CND"]
["C70969","ENTRETOISE",9311,"ROD",2009,50,5.5608000000000004,278.04000000000002,"ROD"]
["C70969","ENTRETOISE",9791,"ROD",2009,57,1.9471929824561403,110.99,"ROD"]
["C70969","ENTRETOISE",14278,"ROD",2011,78,1.4230769230769231,111,"ROD"]
["C70969","ENTRETOISE",9541,"TTH",2009,60,0.46916666666666662,28.15,"TTH"]
["C70969","ENTRETOISE",13973,"TTH",2011,80,0.65337500000000004,52.27,"TTH"]
["C70970","MODELE",8920,"CND",2009,2,140,280,"CND"]
["C70970","MODELE",8920,"CND",2009,2,65,130,"CND"]
["C70970","MODELE",13391,"CND",2011,2,20.25,40.5,"CND"]
["C70970","MODELE",14372,"CND",2011,2,712.05,1424.1,"CND"]
["C70970","MODELE",14373,"CND",2011,2,719.1,1438.2,"CND"]
["C70970","MODELE",18362,"CND",2013,3,366.66666666666669,1100,"CND"]
["C70970","COIFFE",18242,"TTH",2013,3,5.69,17.07,"TTH"]
["C70970","COIFFE",13278,"TTH",2010,2,79.125,158.25,"TTH"]
["C70970","COIFFE",14239,"TTH",2011,2,32.024999999999999,64.05,"TTH"]
["C70970","COIFFE",14239,"TTH",2011,2,35.075000000000003,70.150000000000006,"TTH"]
["C71684","ROTULE",12779,"CND",2010,135,1.2740740740740741,172,"CND"]
["C71686","BAGUE",12292,"PAS",2010,121,3.0247933884297522,366,"PAS"]
["C71951","BAGUE",8794,"CNDCAD",2009,66,2.0130303030303032,132.86000000000001,"CND","CAD"]
["C71951","BAGUE",14704,"CNDCAD",2011,32,6.8984375,220.75,"CND","CAD"]
["C71951","BAGUE",17298,"CNDCAD",2012,31,2,62,"CND","CAD"]
["C71951","BAGUE",18293,"CNDCAD",2013,27,3.1822222222222223,85.92,"CND","CAD"]
["C71951","BAGUE",19921,"CNDCAD",2014,43,6.1209302325581394,263.2,"CND","CAD"]
["C71955","CAPOT",9599,"OAC",2009,12,8.6666666666666661,104,"OAC"]
["C71955","CAPOT",19169,"OAC",2013,6,6.5583333333333336,39.35,"OAC"]
["C71955","CAPOT",13349,"OAC",2011,7,398.42857142857144,2789,"OAC"]
["C71955","CAPOT",15583,"OAC",2012,6,8.0333333333333332,48.2,"OAC"]
["C71955","CAPOT",16872,"OAC",2012,8,10.220000000000001,81.760000000000005,"OAC"]
["C71955","CAPOT",9599,"PEI",2009,11,23.618181818181821,259.8,"PEI"]
["C71955","CAPOT",15584,"PEI",2012,6,9.1333333333333329,54.8,"PEI"]
["C71955","CAPOT",16873,"PEI",2012,8,2.5750000000000002,20.6,"PEI"]
["C71955","CAPOT",19169,"PEI",2013,6,38.381666666666668,230.29,"PEI"]
["C71955","CAPOT",13350,"PEI",2011,7,23.642857142857142,165.5,"PEI"]
["C72120","ARBRE D'ENTRAINEMENT",17149,"CND",2013,20,17.369,347.38,"CND"]
["C72120","ARBRE D'ENTRAINEMENT",17177,"CND",2013,4,442.63249999999999,1770.53,"CND"]
["C72120","ARBRE D'ENTRAINEMENT",17658,"CND",2013,18,33.299999999999997,599.4,"CND"]
["C72120","ARBRE D'ENTRAINEMENT",18100,"CND",2013,11,10.909090909090908,120,"CND"]
["C72120","ARBRE D'ENTRAINEMENT",18713,"CND",2013,10,21.102,211.02,"CND"]
["C72120","ARBRE D'ENTRAINEMENT",19914,"CND",2014,22,30.163636363636364,663.6,"CND"]
["C72120","ARBRE D'ENTRAINEMENT",19896,"CND",2014,22,1.5081818181818181,33.18,"CND"]
["C72120","ARBRE D'ENTRAINEMENT",16431,"COMPLET",2012,21,3.6790476190476191,77.260000000000005,"COMP"]
["C72120","ARBRE D'ENTRAINEMENT",17444,"COMPLET",2012,21,5.6576190476190478,118.81,"COMP"]
["C72120","ARBRE D'ENTRAINEMENT",17880,"COMPLET",2013,22,7.746818181818182,170.43,"COMP"]
["C72120","ARBRE D'ENTRAINEMENT",18352,"COMPLET",2013,22,1.625909090909091,35.770000000000003,"COMP"]
["C72120","ARBRE D'ENTRAINEMENT",18729,"COMPLET",2013,22,2.4481818181818182,53.86,"COMP"]
["C72120","ARBRE D'ENTRAINEMENT",18729,"COMPLET",2013,22,2.5550000000000002,56.21,"COMP"]
["C72120","ARBRE D'ENTRAINEMENT",17739,"TAILLAGE",2013,10,11.308,113.08,"TAIL"]
["C72120","ARBRE D'ENTRAINEMENT",16639,"TAILLAGE",2012,24,4.6245833333333328,110.99,"TAIL"]
["C72120","ARBRE D'ENTRAINEMENT",17243,"TAILLAGE",2012,18,6.166666666666667,111,"TAIL"]
["C72120","ARBRE D'ENTRAINEMENT",17708,"TAILLAGE",2013,11,4.2736363636363635,47.01,"TAIL"]
["C72120","ARBRE D'ENTRAINEMENT",18133,"TAILLAGE",2013,22,5.0459090909090909,111.01,"TAIL"]
["C72120","ARBRE D'ENTRAINEMENT",16592,"USI",2012,25,1.3859999999999999,34.65,"USI"]
["C72124-2","PISTON DE COMMANDE",16331,"COMPLET",2012,31,1.1538709677419356,35.770000000000003,"COMP"]
["C72124-2","PISTON DE COMMANDE",16917,"COMPLET",2013,32,3.6731250000000002,117.54,"COMP"]
["C72124-2","PISTON DE COMMANDE",18370,"COMPLET",2014,38,3.6092105263157896,137.15,"COMP"]
["C72126-2","PISTON DE COMPENSATION",16331,"COMPLET",2012,32,28.924062500000002,925.57,"COMP"]
["C72126-2","PISTON DE COMPENSATION",16917,"COMPLET",2013,32,5.0303125,160.97,"COMP"]
["C72126-2","PISTON DE COMPENSATION",18370,"COMPLET",2013,38,1.3810526315789473,52.48,"COMP"]
["C72127","BAGUE D'APPUI RESSORT",9093,"USIN",2009,54,2.9444444444444446,159,"USI"]
["C72127","BAGUE D'APPUI RESSORT",11444,"USIN",2010,55,2.2727272727272729,125,"USI"]
["C72127","BAGUE D'APPUI RESSORT",16791,"USIN",2012,52,{"$f":"H7811/F7811","v":18.024999999999999},937.3,"USI"]
["C72127","BAGUE D'APPUI RESSORT",18370,"USIN",2013,53,8.3018867924528301,440,"USI"]
["C72133","PLAQUE DE FROTTEMENT",17348,"BALINIT",2012,59,13.45135593220339,793.63,"BALINIT"]
["C72133","PLAQUE DE FROTTEMENT",18594,"BALINIT",2013,74,3.3482432432432434,247.77,"BALINIT"]
["C72133","PLAQUE DE FROTTEMENT",20652,"BALINIT",2014,46,3.6304347826086958,167,"BALINIT"]
["C72133","PLAQUE DE FROTTEMENT",9410,"CND",2009,38,3.4210526315789473,130,"CND"]
["C72133","PLAQUE DE FROTTEMENT",9865,"CND",2009,38,10.157894736842104,386,"CND"]
["C72133","PLAQUE DE FROTTEMENT",10099,"CND",2009,37,13.757837837837839,509.04,"CND"]
["C72133","PLAQUE DE FROTTEMENT",11205,"CND",2010,42,3.0952380952380953,130,"CND"]
["C72133","PLAQUE DE FROTTEMENT",16715,"CND",2012,60,1.6833333333333333,101,"CND"]
["C72133","PLAQUE DE FROTTEMENT",19635,"CND",2013,47,43.812765957446807,2059.1999999999998,"CND"]
["C72133","PLAQUE DE FROTTEMENT",18217,"CND",2013,75,5.8933333333333335,442,"CND"]
["C72133","PLAQUE DE FROTTEMENT",9163,"REC",2009,25,14.4,360,"REC"]
["C72133","PLAQUE DE FROTTEMENT",9645,"REC",2009,38,4.4213157894736836,168.01,"REC"]
["C72133","PLAQUE DE FROTTEMENT",10101,"REC",2009,38,2.2086842105263158,83.93,"REC"]
["C72133","PLAQUE DE FROTTEMENT",10346,"REC",2009,37,2.268108108108108,83.92,"REC"]
["C72133","PLAQUE DE FROTTEMENT",10779,"REC",2009,37,3.4451351351351351,127.47,"REC"]
["C72133","PLAQUE DE FROTTEMENT",11013,"REC",2009,32,22.3246875,714.39,"REC"]
["C72133","PLAQUE DE FROTTEMENT",11421,"REC",2010,18,41.876666666666665,753.78,"REC"]
["C72133","PLAQUE DE FROTTEMENT",16976,"REC",2012,60,2.4668333333333332,148.01,"REC"]
["C72133","PLAQUE DE FROTTEMENT",18526,"REC",2013,74,3.5135135135135136,260,"REC"]
["C72133","PLAQUE DE FROTTEMENT",20382,"REC",2014,46,4.66,214.36,"REC"]
["C72133","PLAQUE DE FROTTEMENT",16450,"TTH",2012,4,38.747500000000002,154.99,"TTH"]
["C72133","PLAQUE DE FROTTEMENT",17924,"TTH",2013,5,-6.9279999999999999,-34.64,"TTH"]
["C72133","PLAQUE DE FROTTEMENT",19238,"TTH",2013,3,10.75,32.25,"TTH"]
["C72133","PLAQUE DE FROTTEMENT",8993,"TTH",2009,2,19.425000000000001,38.85,"TTH"]
["C72133","PLAQUE DE FROTTEMENT",9561,"TTH",2009,3,7.8500000000000005,23.55,"TTH"]
["C72133","PLAQUE DE FROTTEMENT",9715,"TTH",2009,3,21.596666666666668,64.790000000000006,"TTH"]
["C72133","PLAQUE DE FROTTEMENT",10811,"TTH",2009,3,50.066666666666663,150.19999999999999,"TTH"]
["C72138","BAGUE",10235,"CND",2009,53,3.641509433962264,193,"CND"]
["C72138","BAGUE",12533,"CND",2010,28,5.4882142857142853,153.66999999999999,"CND"]
["C72138","BAGUE",14052,"CND",2011,64,0.8671875,55.5,"CND"]
["C72138","BAGUE",16125,"CND",2012,55,2.581818181818182,142,"CND"]
["C72138","BAGUE",18498,"CND",2013,50,34.2804,1714.02,"CND"]
["C72138","BAGUE",20407,"CND",2014,52,71.538461538461533,3720,"CND"]
["C72138","BAGUE",10361,"REC",2009,52,0.40865384615384615,21.25,"REC"]
["C72138","BAGUE",12620,"REC",2010,26,3.976923076923077,103.4,"REC"]
["C72138","BAGUE",14267,"REC",2011,62,1.5970967741935482,99.02,"REC"]
["C72138","BAGUE",16630,"REC",2012,55,1.7992727272727271,98.96,"REC"]
["C72138","BAGUE",18717,"REC",2013,50,1.98,99,"REC"]
["C72138","BAGUE",20799,"REC",2014,47,2.1061702127659574,98.99,"REC"]
["C72138","BAGUE",15975,"TTH",2012,55,4.286545454545454,235.76,"TTH"]
["C72138","BAGUE",18327,"TTH",2013,50,0.90900000000000003,45.45,"TTH"]
["C72138","BAGUE",20170,"TTH",2014,52,6.726923076923077,349.8,"TTH"]
["C72138","BAGUE",20441,"TTH",2014,54,0.64055555555555566,34.590000000000003,"TTH"]
["C72138","BAGUE",10067,"TTH",2009,53,1.1603773584905661,61.5,"TTH"]
["C72138","BAGUE",12441,"TTH",2010,28,1.2892857142857144,36.1,"TTH"]
["C72138","BAGUE",13946,"TTH",2011,64,0.33046874999999998,21.15,"TTH"]
["C72141","SUPPORT JOINT TOURNANT",9927,"CNDOAC",2009,58,1.1382758620689655,66.02,"CND","OAC"]
["C72141","SUPPORT JOINT TOURNANT",12363,"CNDOAC",2010,57,2.1719298245614036,123.8,"CND","OAC"]
["C72141","SUPPORT JOINT TOURNANT",17904,"CNDOAC",2013,51,11.764705882352942,600,"CND","OAC"]
["C72142","VIS",10293,"OAC",2009,59,2.7559322033898304,162.6,"OAC"]
["C72142","VIS",12380,"OAC",2010,54,1.5401851851851853,83.17,"OAC"]
["C72142","VIS",18066,"OAC",2013,58,1.608103448275862,93.27,"OAC"]
["C72143","RONDELLE D'APPUI RESSORT",8863,"USIN",2009,54,3.8148148148148149,206,"USI"]
["C72143","RONDELLE D'APPUI RESSORT",11277,"USIN",2010,55,3.1272727272727274,172,"USI"]
["C72143","RONDELLE D'APPUI RESSORT",16915,"USIN",2012,52,12.6325,656.89,"USI"]
["C72143","RONDELLE D'APPUI RESSORT",18370,"USIN",2013,52,1.9230769230769231,100,"USI"]
["C72144","BAGUE EPAULEE",9300,"USIN",2009,56,2.2321428571428572,125,"USI"]
["C72144","BAGUE EPAULEE",12105,"USIN",2010,54,4.3374074074074072,234.22,"USI"]
["C72144","BAGUE EPAULEE",16791,"USIN",2013,52,3.4576923076923078,179.8,"USI"]
["C72228","BOUCHON DE PROTECTION",10437,"OAS",2009,411,0.66892944038929447,274.93,"OAS"]
["C72274","GLACE",17888,"CND",2013,23,5.4782608695652177,126,"CND"]
["C72274","GLACE",9150,"CND",2009,18,0,0,"CND"]
["C72274","GLACE",9401,"CND",2009,17,{"$f":"H7875/F7875","v":11.764705882352942},200,"CND"]
["C72274","GLACE",9980,"CND",2009,26,7.740384615384615,201.25,"CND"]
["C72274","GLACE",10190,"CND",2009,53,4.5781132075471698,242.64,"CND"]
["C72274","GLACE",11870,"CND",2010,26,5,130,"CND"]
["C72274","GLACE",13283,"CND",2011,29,0.29862068965517241,8.66,"CND"]
["C72274","GLACE",19243,"CND",2013,29,7.9203448275862067,229.69,"CND"]
["C72274","GLACE",18409,"CND",2013,10,65.52000000000001,655.20000000000005,"CND"]
["C72274","GLACE",19227,"CND",2013,28,5.2860714285714279,148.01,"CND"]
["C72274","GLACE",17219,"TTH",2012,2,62.48,124.96,"TTH"]
["C72274","GLACE",17747,"TTH",2013,1,171.98,171.98,"TTH"]
["C72274","GLACE",19458,"TTH",2013,3,174.29999999999998,522.9,"TTH"]
["C72274","GLACE",19458,"TTH",2013,3,9.7099999999999991,29.13,"TTH"]
["C72274","GLACE",10012,"TTH",2009,3,6.6499999999999995,19.95,"TTH"]
["C72274","GLACE",8993,"TTH",2009,3,9.3833333333333329,28.15,"TTH"]
["C72274","GLACE",9531,"TTH",2009,6,4.9083333333333332,29.45,"TTH"]
["C72274","GLACE",12881,"TTH",2010,3,23.61,70.83,"TTH"]
["C72376","SUPPORT",20203,"CNDOAC",2014,64,0.55890625000000005,35.770000000000003,"CND","OAC"]
["C72376","SUPPORT",10242,"CNDOAC",2009,54,4.2677777777777779,230.46,"CND","OAC"]
["C72376","SUPPORT",11306,"CNDOAC",2010,63,0.56777777777777783,35.770000000000003,"CND","OAC"]
["C72376","SUPPORT",12364,"CNDOAC",2010,55,0.65036363636363637,35.770000000000003,"CND","OAC"]
["C72376","SUPPORT",13271,"CNDOAC",2011,67,0.53388059701492541,35.770000000000003,"CND","OAC"]
["C72376","SUPPORT",14324,"CNDOAC",2011,70,1.4045714285714286,98.32,"CND","OAC"]
["C72376","SUPPORT",15554,"CNDOAC",2012,105,0.68133333333333335,71.540000000000006,"CND","OAC"]
["C72376","SUPPORT",17556,"CNDOAC",2012,99,0.72878787878787887,72.150000000000006,"CND","OAC"]
["C72376","SUPPORT",18550,"CNDOAC",2013,115,1.0892173913043479,125.26,"CND","OAC"]
["C72376","SUPPORT",20858,"CNDOAC",2014,124,1.0039516129032258,124.49,"CND","OAC"]
["C72454-1","CROCHET USINE",9888,"TTH",2009,8,1.6637500000000001,13.31,"TTH"]
["C72671","BAGUE",16984,"CAD",2012,8,23.75,190,"CAD"]
["C72687EB","BAGUE",18196,"CAD",2013,52,3.0984615384615384,161.12,"CAD"]
["C72688EB","BAGUE",18486,"CAD",2013,52,1.3980769230769232,72.7,"CAD"]
["C72689","BAGUE",18531,"CAD",2013,50,1.06,53,"CAD"]
["C72690","BAGUE",18677,"CAD",2013,43,2.2730232558139534,97.74,"CAD"]
["C72691","BAGUE",18748,"CAD",2013,53,7.9913207547169813,423.54,"CAD"]
["C72727","CYLINDRE",17893,"CND",2013,32,14.839062500000001,474.85,"CND"]
["C72727","CYLINDRE",20805,"CND",2014,32,14.8728125,475.93,"CND"]
["C72727","CYLINDRE",9377,"CND",2009,22,7,154,"CND"]
["C72727","CYLINDRE",11226,"CND",2010,22,5.9090909090909092,130,"CND"]
["C72727","CYLINDRE",12655,"CND",2010,22,9.454545454545455,208,"CND"]
["C72727","CYLINDRE",13502,"CND",2011,20,74.16749999999999,1483.35,"CND"]
["C72727","CYLINDRE",14164,"CND",2011,23,16.782608695652176,386,"CND"]
["C72727","CYLINDRE",14935,"CND",2011,32,6.03125,193,"CND"]
["C72727","CYLINDRE",16041,"CND",2012,29,4.8965517241379306,142,"CND"]
["C72727","CYLINDRE",19281,"CND",2013,23,49.356521739130436,1135.2,"CND"]
["C72727","CYLINDRE",16751,"CND",2012,31,18.06451612903226,560,"CND"]
["C72727","CYLINDRE",19779,"CND",2013,26,39.28846153846154,1021.5,"CND"]
["C72727","CYLINDRE",15148,"PAS",2011,32,6.5553125000000003,209.77,"PAS"]
["C72727","CYLINDRE",9657,"PAS",2009,22,2.8431818181818183,62.55,"PAS"]
["C72727","CYLINDRE",11344,"PAS",2010,22,9.4468181818181822,207.83,"PAS"]
["C72727","CYLINDRE",12834,"PAS",2010,22,2.3227272727272728,51.1,"PAS"]
["C72727","CYLINDRE",13834,"PAS",2011,20,7.0620000000000003,141.24,"PAS"]
["C72727","CYLINDRE",14402,"PAS",2011,23,11.268260869565218,259.17,"PAS"]
["C72727","CYLINDRE",16343,"PAS",2012,29,4.6179310344827584,133.91999999999999,"PAS"]
["C72727","CYLINDRE",17093,"PAS",2012,31,2.5970967741935485,80.510000000000005,"PAS"]
["C72727","CYLINDRE",18168,"PAS",2013,32,7.578125,242.5,"PAS"]
["C72727","CYLINDRE",19505,"PAS",2013,23,30.847826086956523,709.5,"PAS"]
["C72727","CYLINDRE",20292,"PAS",2014,26,35.95384615384615,934.8,"PAS"]
["C72727","CYLINDRE",9499,"RECTIF",2009,22,1.5554545454545454,34.22,"RECTIF"]
["C72727","CYLINDRE",11227,"RECTIF",2010,22,11.819090909090908,260.02,"RECTIF"]
["C72727","CYLINDRE",12656,"RECTIF",2010,22,0.40772727272727277,8.9700000000000006,"RECTIF"]
["C72727","CYLINDRE",13503,"RECTIF",2011,20,4.9494999999999996,98.99,"RECTIF"]
["C72727","CYLINDRE",14165,"RECTIF",2011,23,2.152173913043478,49.5,"RECTIF"]
["C72727","CYLINDRE",14936,"RECTIF",2011,32,7.2946875000000002,233.43,"RECTIF"]
["C72727","CYLINDRE",16042,"RECTIF",2012,29,7.0172413793103452,203.5,"RECTIF"]
["C72727","CYLINDRE",16941,"RECTIF",2012,31,3.193548387096774,99,"RECTIF"]
["C72727","CYLINDRE",18084,"RECTIF",2013,32,{"$f":"H7939/F7939","v":3.09375},99,"RECTIF"]
["C72727","CYLINDRE",19418,"RECTIF",2013,23,5.7221739130434788,131.61000000000001,"RECTIF"]
["C72727","CYLINDRE",19903,"RECTIF",2014,25,4.3136000000000001,107.84,"RECTIF"]
["C72727","CYLINDRE",20951,"RECTIF",2014,32,3.5993750000000002,115.18,"RECTIF"]
["C72728","TUBE",20045,"TTH",2014,6,4.1883333333333335,25.13,"TTH"]
["C72729","PALIER",9737,"OAC",2009,21,3.5871428571428572,75.33,"OAC"]
["C72729","PALIER",12090,"OAC",2010,42,3.3469047619047618,140.57,"OAC"]
["C72729","PALIER",13782,"OAC",2011,60,4.7413333333333334,284.48,"OAC"]
["C72729","PALIER",15803,"OAC",2012,51,2.9117647058823528,148.5,"OAC"]
["C72729","PALIER",16559,"OAC",2012,52,0,0,"OAC"]
["C72729","PALIER",18234,"OAC",2013,45,1.2931111111111111,58.19,"OAC"]
["C72729","PALIER",19706,"OAC",2013,52,0.82788461538461533,43.05,"OAC"]
["C72906","BOUCHON",18671,"PAS",2013,31,12.419354838709678,385,"PAS"]
["C73007","BOUCHON",19610,"PAS",2013,6,42.423333333333332,254.54,"PAS"]
["C73007","BOUCHON",19771,"PAS",2013,17,3.0058823529411764,51.1,"PAS"]
["C73007","BOUCHON",17487,"PAS",2012,9,219,1971,"PAS"]
["C73007","BOUCHON",20301,"USI",2014,22,0.33636363636363636,7.4,"USI"]
["C73007","BOUCHON",20300,"USI",2014,7,1.0857142857142856,7.6,"USI"]
["C73126","EMBOUT",14295,"CND",2011,6,0,0,"CND"]
["C73126","EMBOUT",14296,"PASARG",2011,6,48.333333333333336,290,"PAS","ARG"]
["C73126","EMBOUT",17096,"PASARG",2012,6,18.666666666666668,112,"PAS","ARG"]
["C73139CA1","BAGUE",16834,"CAD",2012,10,12,120,"CAD"]
["C73139CA2","BAGUE",16835,"CAD",2012,15,8,120,"CAD"]
["C73271EB","RONDELLE EBAUCHE",14767,"TTH",2011,13,20.923076923076923,272,"TTH"]
["C73271EB","RONDELLE EBAUCHE",16108,"TTH",2012,6,20.833333333333332,125,"TTH"]
["C73271EB","RONDELLE EBAUCHE",18471,"TTH",2013,14,2.415,33.81,"TTH"]
["C73271EB","RONDELLE EBAUCHE",19303,"TTH",2013,4,4.3875000000000002,17.55,"TTH"]
["C73271EB","RONDELLE EBAUCHE",16754,"TTH",2012,17,2.4300000000000002,41.31,"TTH"]
["C73271EB","RONDELLE EBAUCHE",9381,"TTH",2009,8,1.6637500000000001,13.31,"TTH"]
["C73271EB","RONDELLE EBAUCHE",11834,"TTH",2010,10,0,0,"TTH"]
["C73271EB","RONDELLE EBAUCHE",12345,"TTH",2010,9,1.39,12.51,"TTH"]
["C73271EB","RONDELLE EBAUCHE",12732,"TTH",2010,5,4.8659999999999997,24.33,"TTH"]
["C73271EB","RONDELLE EBAUCHE",19977,"TTH",2014,9,7.416666666666667,66.75,"TTH"]
["C73276-1","VIS MAINTIEN ROULEMENT",15177,"PHO",2011,55,3.0363636363636362,167,"PHO"]
["C73276-1","VIS MAINTIEN ROULEMENT",10009,"PHO",2009,20,8.35,167,"PHO"]
["C73276-1","VIS MAINTIEN ROULEMENT",10322,"PHO",2009,35,4.7714285714285714,167,"PHO"]
["C73276-1","VIS MAINTIEN ROULEMENT",10482,"PHO",2009,35,6.121428571428571,214.25,"PHO"]
["C73276-1","VIS MAINTIEN ROULEMENT",10945,"PHO",2009,34,48.529411764705884,1650,"PHO"]
["C73276-1","VIS MAINTIEN ROULEMENT",11192,"PHO",2010,30,5.5666666666666664,167,"PHO"]
["C73276-1","VIS MAINTIEN ROULEMENT",12204,"PHO",2010,20,5.7799999999999994,115.6,"PHO"]
["C73276-1","VIS MAINTIEN ROULEMENT",12516,"PHO",2010,5,33.4,167,"PHO"]
["C73276-1","VIS MAINTIEN ROULEMENT",12554,"PHO",2010,14,11.928571428571429,167,"PHO"]
["C73276-1","VIS MAINTIEN ROULEMENT",12822,"PHO",2010,61,29.188196721311474,1780.48,"PHO"]
["C73276-1","VIS MAINTIEN ROULEMENT",13129,"PHO",2010,29,187.54517241379313,5438.81,"PHO"]
["C73276-1","VIS MAINTIEN ROULEMENT",13662,"PHO",2011,40,46.2,1848,"PHO"]
["C73276-1","VIS MAINTIEN ROULEMENT",13903,"PHO",2011,40,3,120,"PHO"]
["C73276-1","VIS MAINTIEN ROULEMENT",14192,"PHO",2011,107,1.8691588785046729,200,"PHO"]
["C73276-1","VIS MAINTIEN ROULEMENT",15628,"PHO",2012,52,3.3953846153846152,176.56,"PHO"]
["C73276-1","VIS MAINTIEN ROULEMENT",16557,"PHO",2012,50,1.6763999999999999,83.82,"PHO"]
["C73276-1","VIS MAINTIEN ROULEMENT",16795,"PHO",2012,12,6.9849999999999994,83.82,"PHO"]
["C73276-1","VIS MAINTIEN ROULEMENT",16947,"PHO",2012,63,1.3303174603174603,83.81,"PHO"]
["C73276-1","VIS MAINTIEN ROULEMENT",17012,"PHO",2012,113,0.83212389380530971,94.03,"PHO"]
["C73276-1","VIS MAINTIEN ROULEMENT",18197,"PHO",2013,117,1.4476068376068376,169.37,"PHO"]
["C73276-1","VIS MAINTIEN ROULEMENT",19494,"PHO",2013,40,1.5502499999999999,62.01,"PHO"]
["C73276-1","VIS MAINTIEN ROULEMENT",19698,"PHO",2013,46,3.0965217391304347,142.44,"PHO"]
["C73276-1","VIS MAINTIEN ROULEMENT",19943,"PHO",2014,16,5.875,94,"PHO"]
["C73276-1","VIS MAINTIEN ROULEMENT",20705,"PHO",2014,50,1.9803999999999999,99.02,"PHO"]
["C73276-1","VIS MAINTIEN ROULEMENT",14420,"TTH",2011,22,5.0463636363636359,111.02,"TTH"]
["C73276-1","VIS MAINTIEN ROULEMENT",16108,"TTH",2012,21,4.1157142857142857,86.43,"TTH"]
["C73276-1","VIS MAINTIEN ROULEMENT",16283,"TTH",2012,23,7.1739130434782608,165,"TTH"]
["C73276-1","VIS MAINTIEN ROULEMENT",17613,"TTH",2012,24,5.2087500000000002,125.01,"TTH"]
["C73276-1","VIS MAINTIEN ROULEMENT",18557,"TTH",2013,22,3.1104545454545458,68.430000000000007,"TTH"]
["C73276-1","VIS MAINTIEN ROULEMENT",19196,"TTH",2013,21,0.85476190476190472,17.95,"TTH"]
["C73276-1","VIS MAINTIEN ROULEMENT",19196,"TTH",2013,22,1.4613636363636362,32.15,"TTH"]
["C73276-1","VIS MAINTIEN ROULEMENT",8827,"TTH",2009,21,{"$f":"H8003/F8003","v":1.3785714285714286},28.95,"TTH"]
["C73276-1","VIS MAINTIEN ROULEMENT",10809,"TTH",2009,22,1.3336363636363637,29.34,"TTH"]
["C73276-1","VIS MAINTIEN ROULEMENT",13800,"TTH",2011,22,2.9759090909090911,65.47,"TTH"]
["C73276-1","VIS MAINTIEN ROULEMENT",19758,"USI",2014,124,1.1375000000000002,141.05000000000001,"USI"]
["C73276-1","VIS MAINTIEN ROULEMENT",20125,"USI",2014,132,9.1212121212121203E-2,12.04,"USI"]
["C73277","ECROU PRECHARGE",14253,"CND",2011,130,2.9692307692307693,386,"CND"]
["C73277","ECROU PRECHARGE",15440,"CND",2011,102,2.8389215686274509,289.57,"CND"]
["C73277","ECROU PRECHARGE",17375,"CND",2012,132,2.3636363636363638,312,"CND"]
["C73277","ECROU PRECHARGE",18305,"CND",2013,105,1.1428571428571428,120,"CND"]
["C73277","ECROU PRECHARGE",19155,"CND",2013,112,0.13392857142857142,15,"CND"]
["C73277","ECROU PRECHARGE",20911,"CND",2014,105,10.392380952380952,1091.2,"CND"]
["C73277","ECROU PRECHARGE",16729,"CND",2012,116,8.487068965517242,984.5,"CND"]
["C73277","ECROU PRECHARGE",14926,"TTH",2011,22,9.963636363636363,219.2,"TTH"]
["C73277","ECROU PRECHARGE",16154,"TTH",2012,21,4.1157142857142857,86.43,"TTH"]
["C73277","ECROU PRECHARGE",16283,"TTH",2012,23,5.4347826086956523,125,"TTH"]
["C73277","ECROU PRECHARGE",17668,"TTH",2012,18,3.4727777777777775,62.51,"TTH"]
["C73277","ECROU PRECHARGE",18803,"TTH",2013,19,11.481578947368421,218.15,"TTH"]
["C73277","ECROU PRECHARGE",19461,"TTH",2013,18,1.4527777777777777,26.15,"TTH"]
["C73277","ECROU PRECHARGE",19461,"TTH",2013,19,1.0973684210526315,20.85,"TTH"]
["C73277","ECROU PRECHARGE",20444,"TTH",2014,18,1.1116666666666668,20.010000000000002,"TTH"]
["C73277","ECROU PRECHARGE",8827,"TTH",2009,21,2.111904761904762,44.35,"TTH"]
["C73277","ECROU PRECHARGE",12596,"TTH",2010,22,3.2077272727272725,70.569999999999993,"TTH"]
["C73277","ECROU PRECHARGE",13895,"TTH",2011,22,3.3613636363636363,73.95,"TTH"]
["C73277","VIS MAINTIEN ROULEMENT",20450,"USI",2014,112,0.12053571428571429,13.5,"USI"]
["C73277","VIS MAINTIEN ROULEMENT",20070,"USI",2014,105,0.69142857142857139,72.599999999999994,"USI"]
["C73278EB","CALE EBAUCHE",14767,"TTH",2011,14,4.1571428571428575,58.2,"TTH"]
["C73278EB","CALE EBAUCHE",15303,"TTH",2011,10,2.073,20.73,"TTH"]
["C73278EB","CALE EBAUCHE",15888,"TTH",2012,3,41.666666666666664,125,"TTH"]
["C73278EB","CALE EBAUCHE",16108,"TTH",2012,8,17.408750000000001,139.27000000000001,"TTH"]
["C73278EB","CALE EBAUCHE",18068,"TTH",2013,8,90,720,"TTH"]
["C73278EB","CALE EBAUCHE",18926,"TTH",2013,21,1.4414285714285715,30.27,"TTH"]
["C73278EB","CALE EBAUCHE",16753,"TTH",2012,12,7.6375000000000002,91.65,"TTH"]
["C73278EB","CALE EBAUCHE",9381,"TTH",2009,11,38.942727272727275,428.37,"TTH"]
["C73278EB","CALE EBAUCHE",11834,"TTH",2010,17,1.1141176470588237,18.940000000000001,"TTH"]
["C73278EB","CALE EBAUCHE",12346,"TTH",2010,10,11.175000000000001,111.75,"TTH"]
["C73278EB","CALE EBAUCHE",12732,"TTH",2010,10,2.6149999999999998,26.15,"TTH"]
["C73285","PLAQUETTE FREIN",20634,"OAS",2014,100,0.71540000000000004,71.540000000000006,"OAS"]
["C73285","PLAQUETTE FREIN",11083,"OAS",2009,318,1.3163836477987423,418.61,"OAS"]
["C73285","PLAQUETTE FREIN",13266,"OAS",2010,230,0.46369565217391306,106.65,"OAS"]
["C73285","PLAQUETTE FREIN",14852,"OAS",2011,30,1.7033333333333334,51.1,"OAS"]
["C73285","PLAQUETTE FREIN",14892,"OAS",2011,276,0.56289855072463768,155.36000000000001,"OAS"]
["C73285","PLAQUETTE FREIN",16280,"OAS",2012,319,0.26363636363636361,84.1,"OAS"]
["C73285","PLAQUETTE FREIN",17241,"OAS",2012,310,0.46648387096774196,144.61000000000001,"OAS"]
["C73285","PLAQUETTE FREIN",18710,"OAS",2013,300,0.34066666666666667,102.2,"OAS"]
["C73286-2","BOBINE",15123,"CNDPAS",2011,111,0.36297297297297298,40.29,"CND","PAS"]
["C73286-2","BOBINE",20493,"CNDPAS",2014,110,1.3471818181818183,148.19,"CND","PAS"]
["C73286-2","BOBINE",20505,"CNDPAS",2014,210,0.34066666666666667,71.540000000000006,"CND","PAS"]
["C73286-2","BOBINE",9836,"CNDPAS",2009,104,6.6970192307692304,696.49,"CND","PAS"]
["C73286-2","BOBINE",9881,"CNDPAS",2009,101,3.636138613861386,367.25,"CND","PAS"]
["C73286-2","BOBINE",10946,"CNDPAS",2009,96,1.3413541666666668,128.77000000000001,"CND","PAS"]
["C73286-2","BOBINE",10947,"CNDPAS",2009,100,4.7983000000000002,479.83,"CND","PAS"]
["C73286-2","BOBINE",12543,"CNDPAS",2010,100,0.71540000000000004,71.540000000000006,"CND","PAS"]
["C73286-2","BOBINE",12621,"CNDPAS",2010,100,0.98109999999999997,98.11,"CND","PAS"]
["C73286-2","BOBINE",12833,"CNDPAS",2010,94,2.810531914893617,264.19,"CND","PAS"]
["C73286-2","BOBINE",13268,"CNDPAS",2011,102,1.4303921568627451,145.9,"CND","PAS"]
["C73286-2","BOBINE",13632,"CNDPAS",2011,100,0.35770000000000002,35.770000000000003,"CND","PAS"]
["C73286-2","BOBINE",14442,"CNDPAS",2011,105,0.34066666666666667,35.770000000000003,"CND","PAS"]
["C73286-2","BOBINE",14542,"CNDPAS",2011,102,0.56107843137254898,57.23,"CND","PAS"]
["C73286-2","BOBINE",15651,"CNDPAS",2012,106,0.40490566037735853,42.92,"CND","PAS"]
["C73286-2","BOBINE",16628,"CNDPAS",2012,97,0.36876288659793816,35.770000000000003,"CND","PAS"]
["C73286-2","BOBINE",17062,"CNDPAS",2012,97,4.9814432989690722,483.2,"CND","PAS"]
["C73286-2","BOBINE",17073,"CNDPAS",2012,86,0.41593023255813955,35.770000000000003,"CND","PAS"]
["C73286-2","BOBINE",17564,"CNDPAS",2012,94,0.91329787234042548,85.85,"CND","PAS"]
["C73286-2","BOBINE",17945,"CNDPAS",2013,212,0.19283018867924528,40.880000000000003,"CND","PAS"]
["C73286-2","BOBINE",18553,"CNDPAS",2013,205,{"$f":"H8067/F8067","v":1.9282439024390245},395.29,"CND","PAS"]
["C73286-2","BOBINE",18749,"CNDPAS",2013,220,0.31522727272727269,69.349999999999994,"CND","PAS"]
["C73286-2","BOBINE",16470,"USI",2012,86,1.4813953488372094,127.4,"USI"]
["C73286-2","BOBINE",16469,"USI",2012,97,1.6265979381443298,157.78,"USI"]
["C73286-2","BOBINE",18093,"USI",2013,205,0.23902439024390243,49,"USI"]
["C73286-2","BOBINE",20028,"USI",2014,210,0.39557142857142852,83.07,"USI"]
["C73286-2","BOBINE",19931,"USI",2014,110,0.41954545454545455,46.15,"USI"]
["C73286-2","BOBINE",0,"USI",2012,1,8,8,"USI"]
["C73286-2","BOBINE",0,"USI",2013,1,0,0,"USI"]
["C73286-2","BOBINE",18438,"USI",2013,220,12.501136363636364,2750.25,"USI"]
["C73287-2","BOBINE",9885,"CNDPAS",2009,107,0.68009345794392517,72.77,"CND","PAS"]
["C73287-2","BOBINE",11569,"CNDPAS",2010,103,2.4309708737864075,250.39,"CND","PAS"]
["C73287-2","BOBINE",13171,"CNDPAS",2010,105,0.96085714285714285,100.89,"CND","PAS"]
["C73287-2","BOBINE",14395,"CNDPAS",2011,106,0.47245283018867923,50.08,"CND","PAS"]
["C73287-2","BOBINE",14875,"CNDPAS",2011,112,0,0,"CND","PAS"]
["C73287-2","BOBINE",16738,"CNDPAS",2012,25,4.0288000000000004,100.72,"CND","PAS"]
["C73287-2","BOBINE",16728,"CNDPAS",2012,67,0,0,"CND","PAS"]
["C73287-2","BOBINE",17260,"CNDPAS",2012,104,0.68788461538461543,71.540000000000006,"CND","PAS"]
["C73287-2","BOBINE",17889,"CNDPAS",2013,99,4.3229292929292935,427.97,"CND","PAS"]
["C73287-2","BOBINE",18685,"CNDPAS",2013,106,0.55150943396226415,58.46,"CND","PAS"]
["C73287-2","BOBINE",20008,"CNDPAS",2014,110,0,0,"CND","PAS"]
["C73287-2","BOBINE",20236,"USI",2014,111,3.12,346.32,"USI"]
["C73287-2","BOBINE",19434,"USI",2013,110,0.54,59.4,"USI"]
["C73287-2","BOBINE",0,"USI",2012,1,35.200000000000003,35.200000000000003,"USI"]
["C73287-2",null,0,null,2013,1,468,468]
["C73291EB","RONDELLE CALAGE EBAUCHE",16108,"TTH",2012,3,54.31,162.93,"TTH"]
["C73291EB","RONDELLE CALAGE EBAUCHE",18471,"TTH",2013,60,0.61816666666666675,37.090000000000003,"TTH"]
["C73291EB","RONDELLE CALAGE EBAUCHE",16755,"TTH",2012,11,5.8900000000000006,64.790000000000006,"TTH"]
["C73291EB","RONDELLE CALAGE EBAUCHE",9381,"TTH",2009,8,2.8762500000000002,23.01,"TTH"]
["C73291EB","RONDELLE CALAGE EBAUCHE",11834,"TTH",2010,8,3.1237499999999998,24.99,"TTH"]
["C73296-1","VIS MAINTIEN ROULEMENT",10333,"PHO",2009,20,11.525,230.5,"PHO"]
["C73296-1","VIS MAINTIEN ROULEMENT",11252,"PHO",2010,30,110,3300,"PHO"]
["C73296-1","VIS MAINTIEN ROULEMENT",12091,"PHO",2010,30,49.707999999999998,1491.24,"PHO"]
["C73296-1","VIS MAINTIEN ROULEMENT",12517,"PHO",2010,9,18.555555555555557,167,"PHO"]
["C73296-1","VIS MAINTIEN ROULEMENT",13159,"PHO",2010,29,243.66482758620688,7066.28,"PHO"]
["C73296-1","VIS MAINTIEN ROULEMENT",13876,"PHO",2011,102,1.1764705882352942,120,"PHO"]
["C73296-1","VIS MAINTIEN ROULEMENT",15547,"PHO",2012,45,1.1126666666666667,50.07,"PHO"]
["C73296-1","VIS MAINTIEN ROULEMENT",16759,"PHO",2012,20,4.1909999999999998,83.82,"PHO"]
["C73296-1","VIS MAINTIEN ROULEMENT",16959,"PHO",2012,47,4.1306382978723404,194.14,"PHO"]
["C73296-1","VIS MAINTIEN ROULEMENT",17308,"PHO",2012,108,0.67212962962962963,72.59,"PHO"]
["C73296-1","VIS MAINTIEN ROULEMENT",19714,"PHO",2013,40,4.4000000000000004,176,"PHO"]
["C73296-1","VIS MAINTIEN ROULEMENT",20391,"PHO",2014,69,3.6084057971014492,248.98,"PHO"]
["C73296-1","VIS MAINTIEN ROULEMENT",15082,"TTH",2011,22,10.554545454545455,232.2,"TTH"]
["C73296-1","VIS MAINTIEN ROULEMENT",16983,"TTH",2012,22,10.888636363636364,239.55,"TTH"]
["C73296-1","VIS MAINTIEN ROULEMENT",19145,"TTH",2013,22,0.95227272727272727,20.95,"TTH"]
["C73296-1","VIS MAINTIEN ROULEMENT",19584,"TTH",2013,21,1.2928571428571427,27.15,"TTH"]
["C73296-1","VIS MAINTIEN ROULEMENT",20443,"TTH",2014,22,1.4886363636363635,32.75,"TTH"]
["C73296-1","VIS MAINTIEN ROULEMENT",8834,"TTH",2009,24,1.04125,24.99,"TTH"]
["C73296-1","VIS MAINTIEN ROULEMENT",12515,"TTH",2010,21,3.3609523809523809,70.58,"TTH"]
["C73296-1","VIS MAINTIEN ROULEMENT",19955,"USI",2014,125,0.64439999999999997,80.55,"USI"]
["C73297","ECROU PRECHARGE",15887,"TTH",2012,28,1.6535714285714285,46.3,"TTH"]
["C73297","ECROU PRECHARGE",16923,"TTH",2012,28,12.846785714285714,359.71,"TTH"]
["C73297","ECROU PRECHARGE",18688,"TTH",2013,27,1.2903703703703704,34.840000000000003,"TTH"]
["C73297","ECROU PRECHARGE",13277,"TTH",2010,28,2.0775000000000001,58.17,"TTH"]
["C73297","ECROU PRECHARGE",19872,"TTH",2014,27,0.72777777777777775,19.649999999999999,"TTH"]
["C73298EB","CALE DE REGLAGE EBAUCHE",15888,"TTH",2012,3,54.370000000000005,163.11000000000001,"TTH"]
["C73298EB","CALE DE REGLAGE EBAUCHE",16108,"TTH",2012,17,7.354705882352941,125.03,"TTH"]
["C73298EB","CALE DE REGLAGE EBAUCHE",18376,"TTH",2013,27,1.3737037037037039,37.090000000000003,"TTH"]
["C73298EB","CALE DE REGLAGE EBAUCHE",9381,"TTH",2009,14,1.125,15.75,"TTH"]
["C73298EB","CALE DE REGLAGE EBAUCHE",11834,"TTH",2010,12,4.8166666666666664,57.8,"TTH"]
["C73298EB","CALE DE REGLAGE EBAUCHE",12345,"TTH",2010,13,2.7038461538461536,35.15,"TTH"]
["C73298EB","CALE DE REGLAGE EBAUCHE",19860,"TTH",2014,14,6.3857142857142861,89.4,"TTH"]
["C73307","CALE RESSORT",17692,"OAS",2012,40,3.3847499999999995,135.38999999999999,"OAS"]
["C73307","CALE RESSORT",17683,"OAS",2012,40,6.7962500000000006,271.85000000000002,"OAS"]
["C73307","CALE RESSORT",17691,"OAS",2012,40,{"$f":"H8131/F8131","v":4.7829999999999995},191.32,"OAS"]
["C73307","CALE RESSORT",18474,"OAS",2013,45,9.9746666666666677,448.86,"OAS"]
["C73307-1","CALE RESSORT",10525,"OAS",2009,58,0.88103448275862073,51.1,"OAS"]
["C73307-1","CALE RESSORT",11424,"OAS",2010,53,1.6775471698113207,88.91,"OAS"]
["C73307-1","CALE RESSORT",12776,"OAS",2010,50,5.3279999999999994,266.39999999999998,"OAS"]
["C73307-1","CALE RESSORT",13997,"OAS",2011,83,2.0231325301204817,167.92,"OAS"]
["C73307-1","CALE RESSORT",14015,"OAS",2011,43,1.7997674418604652,77.39,"OAS"]
["C73307-1","CALE RESSORT",14014,"OAS",2011,63,3.1604761904761909,199.11,"OAS"]
["C73307-1","CALE RESSORT",15749,"OAS",2012,50,4.0266000000000002,201.33,"OAS"]
["C73307-1","CALE RESSORT",15749,"OAS",2012,49,7.1175510204081629,348.76,"OAS"]
["C73307-1","CALE RESSORT",16227,"OAS",2012,53,16.439811320754718,871.31,"OAS"]
["C73307-1","CALE RESSORT",16733,"OAS",2012,50,5.0838000000000001,254.19,"OAS"]
["C73307-1","CALE RESSORT",17690,"OAS",2012,21,6.4419047619047616,135.28,"OAS"]
["C73307-1","CALE RESSORT",17684,"OAS",2012,40,6.7962500000000006,271.85000000000002,"OAS"]
["C73307-1","CALE RESSORT",17693,"OAS",2012,40,24.119250000000001,964.77,"OAS"]
["C73307-1","CALE RESSORT",18476,"OAS",2013,45,1.1355555555555557,51.1,"OAS"]
["C73307-1","CALE RESSORT",18907,"OAS",2013,51,1.0019607843137255,51.1,"OAS"]
["C73307-1","CALE RESSORT",19189,"OAS",2013,56,2.7553571428571431,154.30000000000001,"OAS"]
["C73307-1","CALE RESSORT",19489,"OAS",2013,60,8.1890000000000001,491.34,"OAS"]
["C73307-2","CALE RESSORT",10934,"OAS",2009,59,0.86610169491525424,51.1,"OAS"]
["C73307-2","CALE RESSORT",11426,"OAS",2010,53,0,0,"OAS"]
["C73307-2","CALE RESSORT",12776,"OAS",2010,50,2.9842,149.21,"OAS"]
["C73307-2","CALE RESSORT",16734,"OAS",2012,50,2.2484000000000002,112.42,"OAS"]
["C73307-2","CALE RESSORT",17694,"OAS",2012,40,29.993749999999999,1199.75,"OAS"]
["C73307-2","CALE RESSORT",18475,"OAS",2013,45,2.8097777777777777,126.44,"OAS"]
["C73307-3","CALE RESSORT",17689,"OAS",2012,40,5.4472499999999995,217.89,"OAS"]
["C73307-3","CALE RESSORT",18477,"OAS",2013,40,1.0630000000000002,42.52,"OAS"]
["C73307-4","CALE RESSORT",18478,"OAS",2013,40,4.1982499999999998,167.93,"OAS"]
["C73378","RONDELLE BELLY FAIRING",9345,"CNDOAS",2009,73,1.1760273972602739,85.85,"CND","OAS"]
["C73378","RONDELLE BELLY FAIRING",16026,"CNDOAS",2012,22,0,0,"CND","OAS"]
["C73392","BOUCHON",13040,"CNDVERNIS",2011,18,4.9122222222222227,88.42,"CND","VERNIS"]
["C73392","BOUCHON",14203,"CNDVERNIS",2011,10,6.581999999999999,65.819999999999993,"CND","VERNIS"]
["C73392","BOUCHON",9544,"CNDVERNIS",2009,51,1.7127450980392156,87.35,"CND","VERNIS"]
["C73433","CHEMISE",17506,"CNDOAS",2012,30,2.3846666666666669,71.540000000000006,"CND","OAS"]
["C73433","CHEMISE",20913,"CNDOAS",2014,26,2.1619230769230771,56.21,"CND","OAS"]
["C73433","CHEMISE",20622,"CNDOAS",2014,33,2.167878787878788,71.540000000000006,"CND","OAS"]
["C73433","CHEMISE",17349,"CNDOAS",2012,23,7.1808695652173915,165.16,"CND","OAS"]
["C73433","CHEMISE",20621,"CNDOAS",2014,33,2.3227272727272728,76.650000000000006,"CND","OAS"]
["C73433","CHEMISE",20888,"CNDOAS",2014,5,36.792000000000002,183.96,"CND","OAS"]
["C73436","CHEMISE",17468,"CNDOAS",2012,21,6.8133333333333344,143.08000000000001,"CND","OAS"]
["C73436","CHEMISE",18152,"CNDOAS",2013,22,1.625909090909091,35.770000000000003,"CND","OAS"]
["C73436","CHEMISE",20711,"CNDOAS",2014,46,0.77760869565217394,35.770000000000003,"CND","OAS"]
["C73436","CHEMISE",17386,"CNDOAS",2012,22,3.2518181818181819,71.540000000000006,"CND","OAS"]
["C73436","CHEMISE",20710,"CNDOAS",2014,46,0.77760869565217394,35.770000000000003,"CND","OAS"]
["C73439","BOUCHON",12494,"CNDVERNIS",2010,23,23.506086956521738,540.64,"CND","VERNIS"]
["C73439","BOUCHON",13295,"CNDVERNIS",2011,22,3.2518181818181819,71.540000000000006,"CND","VERNIS"]
["C73439","BOUCHON",14110,"CNDVERNIS",2011,22,37.163636363636364,817.6,"CND","VERNIS"]
["C73439","BOUCHON",14858,"CNDVERNIS",2011,23,1.5552173913043479,35.770000000000003,"CND","VERNIS"]
["C73439","BOUCHON",15598,"CNDVERNIS",2012,24,6.1287500000000001,147.09,"CND","VERNIS"]
["C73439","BOUCHON",16481,"CNDVERNIS",2012,22,5.9572727272727271,131.06,"CND","VERNIS"]
["C73439","BOUCHON",17660,"CNDVERNIS",2013,21,5.1100000000000003,107.31,"CND","VERNIS"]
["C73439","BOUCHON",17793,"CNDVERNIS",2013,21,5.1100000000000003,107.31,"CND","VERNIS"]
["C73439","BOUCHON",18623,"CNDVERNIS",2013,23,1.5552173913043479,35.770000000000003,"CND","VERNIS"]
["C73439","BOUCHON",9252,"CNDVERNIS",2009,20,3.6075000000000004,72.150000000000006,"CND","VERNIS"]
["C73439","BOUCHON",11263,"CNDVERNIS",2010,21,2.4576190476190476,51.61,"CND","VERNIS"]
["C73439","BOUCHON",20191,"USI",2014,21,2.1109523809523809,44.33,"USI"]
["C73439","BOUCHON",20389,"USI",2014,21,2,42,"USI"]
["C73463","BOUCHON",12927,"CNDMOS2",2010,22,14.331818181818182,315.3,"CND","MOS2"]
["C73463","BOUCHON",13824,"CNDMOS2",2011,21,3.4066666666666672,71.540000000000006,"CND","MOS2"]
["C73463","BOUCHON",14590,"CNDMOS2",2011,23,25.698695652173914,591.07000000000005,"CND","MOS2"]
["C73463","BOUCHON",15325,"CNDMOS2",2011,11,10.314545454545454,113.46,"CND","MOS2"]
["C73463","BOUCHON",15970,"CNDMOS2",2012,23,1.5552173913043479,35.770000000000003,"CND","MOS2"]
["C73463","BOUCHON",16730,"CNDMOS2",2012,22,7.3322727272727271,161.31,"CND","MOS2"]
["C73463","BOUCHON",17844,"CNDMOS2",2013,22,3.2518181818181819,71.540000000000006,"CND","MOS2"]
["C73463","BOUCHON",18356,"CNDMOS2",2013,24,{"$f":"H8195/F8195","v":2.3983333333333334},57.56,"CND","MOS2"]
["C73463","BOUCHON",18966,"CNDMOS2",2013,23,3.1104347826086958,71.540000000000006,"CND","MOS2"]
["C73463","BOUCHON",9238,"CNDMOS2",2009,23,2.6660869565217391,61.32,"CND","MOS2"]
["C73463","BOUCHON",10774,"CNDMOS2",2009,21,6.005238095238095,126.11,"CND","MOS2"]
["C73463","BOUCHON",11882,"CNDMOS2",2010,23,3.7326086956521736,85.85,"CND","MOS2"]
["C73472","CHEMISE",20733,"RESSPELPASS",2014,52,1.9038461538461537,99,"RES","PEL","PASS"]
["C73472","CHEMISE",12046,"RESSPELPASS",2010,45,4.5775555555555556,205.99,"RES","PEL","PASS"]
["C73472","CHEMISE",14155,"RESSPELPASS",2011,21,4.7142857142857144,99,"RES","PEL","PASS"]
["C73472","CHEMISE",15296,"RESSPELPASS",2011,20,29.694499999999998,593.89,"RES","PEL","PASS"]
["C73472","CHEMISE",15844,"RESSPELPASS",2012,25,3.96,99,"RES","PEL","PASS"]
["C73472","CHEMISE",16238,"RESSPELPASS",2012,52,3.3846153846153846,176,"RES","PEL","PASS"]
["C73472","CHEMISE",18086,"RESSPELPASS",2013,52,1.9042307692307692,99.02,"RES","PEL","PASS"]
["C73472","CHEMISE",20732,"RESSPELPASS",2014,52,5,260,"RES","PEL","PASS"]
["C73473","BOUCHON",12707,"CNDPELPAS",2010,52,0.68788461538461543,35.770000000000003,"CND","PEL","PAS"]
["C73473","BOUCHON",14808,"CNDPELPAS",2011,54,0.66240740740740744,35.770000000000003,"CND","PEL","PAS"]
["C73473","BOUCHON",16393,"CNDPELPAS",2012,52,2.686923076923077,139.72,"CND","PEL","PAS"]
["C73473","BOUCHON",18312,"CNDPELPAS",2013,50,5.5924000000000005,279.62,"CND","PEL","PAS"]
["C73473","BOUCHON",20518,"CNDPELPAS",2014,50,0,0,"CND","PEL","PAS"]
["C73476","BOUCHON FILTRE",15142,"CNDPELPAS",2011,13,2.7515384615384617,35.770000000000003,"CND","PEL","PAS"]
["C73476","BOUCHON FILTRE",20737,"CNDPELPAS",2014,13,0,0,"CND","PEL","PAS"]
["C73476","BOUCHON FILTRE",11255,"CNDPELPAS",2010,22,3.5422727272727275,77.930000000000007,"CND","PEL","PAS"]
["C73476","BOUCHON FILTRE",14371,"CNDPELPAS",2011,13,2.7515384615384617,35.770000000000003,"CND","PEL","PAS"]
["C73476","BOUCHON FILTRE",15898,"CNDPELPAS",2012,13,34.626153846153848,450.14,"CND","PEL","PAS"]
["C73476","BOUCHON FILTRE",16491,"CNDPELPAS",2012,11,9.0581818181818186,99.64,"CND","PEL","PAS"]
["C73476","BOUCHON FILTRE",17980,"CNDPELPAS",2013,11,25.42,279.62,"CND","PEL","PAS"]
["C73476","BOUCHON FILTRE",18627,"CNDPELPAS",2013,15,53.953333333333333,809.3,"CND","PEL","PAS"]
["C73476","BOUCHON FILTRE",19420,"CNDPELPAS",2013,12,0,0,"CND","PEL","PAS"]
["C73483","BOUCHON",12938,"RESSPELPASS",2010,23,4.3043478260869561,99,"RES","PEL","PASS"]
["C73483","BOUCHON",14574,"RESSPELPASS",2011,34,3.7929411764705883,128.96,"RES","PEL","PASS"]
["C73483","BOUCHON",16099,"RESSPELPASS",2012,31,10.000322580645161,310.01,"RES","PEL","PASS"]
["C73483","BOUCHON",17659,"RESSPELPASS",2013,32,7.4587500000000002,238.68,"RES","PEL","PASS"]
["C73483","BOUCHON",20860,"RESSPELPASS",2014,37,10.652432432432432,394.14,"RES","PEL","PASS"]
["C73485","VERROU USINE MASSE",9588,"CNDCAD",2009,20,140.11700000000002,2802.34,"CND","CAD"]
["C73485","VERROU USINE MASSE",8990,"TTH",2009,25,3.6875999999999998,92.19,"TTH"]
["C73491","RONDELLE",15617,"TTH",2012,1,197.33,197.33,"TTH"]
["C73491","RONDELLE",18288,"TTH",2013,1,70.150000000000006,70.150000000000006,"TTH"]
["C73491","RONDELLE",9718,"TTH",2009,1,64.790000000000006,64.790000000000006,"TTH"]
["C73491","RONDELLE",10770,"TTH",2009,1,27.78,27.78,"TTH"]
["C73512","ECROU PRECHARGE",17184,"CND",2013,63,2,126,"CND"]
["C73512","ECROU PRECHARGE",17186,"CND",2013,63,2,126,"CND"]
["C73512","ECROU PRECHARGE",11667,"CND",2010,62,4.0224193548387097,249.39,"CND"]
["C73512","ECROU PRECHARGE",13981,"CND",2011,76,1.2315789473684209,93.6,"CND"]
["C73512","ECROU PRECHARGE",15099,"CND",2011,93,1.6430107526881721,152.80000000000001,"CND"]
["C73512","ECROU PRECHARGE",18967,"CND",2013,69,3.7721739130434777,260.27999999999997,"CND"]
["C73513","ECROU MAINTIEN",15162,"CND",2011,54,27.412592592592592,1480.28,"CND"]
["C73513","ECROU MAINTIEN",13079,"CND",2010,54,2.4074074074074074,130,"CND"]
["C73513","ECROU MAINTIEN",14428,"CND",2011,55,3.5090909090909093,193,"CND"]
["C73513","ECROU MAINTIEN",16703,"CND",2012,57,1.5614035087719298,89,"CND"]
["C73513","ECROU MAINTIEN",17055,"CND",2012,74,1.0135135135135136,75,"CND"]
["C73513","ECROU MAINTIEN",18915,"CND",2013,75,0,0,"CND"]
["C73513","ECROU MAINTIEN",20449,"USI",2014,83,0.54216867469879515,45,"USI"]
["C73517-1","BRIDE",20844,"CNDPAS",2014,61,1.2565573770491805,76.650000000000006,"CND","PAS"]
["C73517-1","BRIDE",9388,"CNDPAS",2009,61,0,0,"CND","PAS"]
["C73517-1","BRIDE",12514,"CNDPAS",2010,5,7.1540000000000008,35.770000000000003,"CND","PAS"]
["C73517-1","BRIDE",12551,"CNDPAS",2010,12,2.9808333333333334,35.770000000000003,"CND","PAS"]
["C73517-1","BRIDE",12874,"CNDPAS",2010,35,1.022,35.770000000000003,"CND","PAS"]
["C73517-1","BRIDE",13725,"CNDPAS",2011,69,0.75898550724637681,52.37,"CND","PAS"]
["C73517-1","BRIDE",15051,"CNDPAS",2011,70,2.4014285714285712,168.1,"CND","PAS"]
["C73517-1","BRIDE",16529,"CNDPAS",2012,46,1.3330434782608696,61.32,"CND","PAS"]
["C73517-1","BRIDE",17085,"CNDPAS",2012,72,7.665,551.88,"CND","PAS"]
["C73517-1","BRIDE",17085,"CNDPAS",2012,72,0.49680555555555561,35.770000000000003,"CND","PAS"]
["C73517-1","BRIDE",18861,"CNDPAS",2013,58,4.0968965517241376,237.62,"CND","PAS"]
["C73545","ECROU",9488,"CND",2009,52,4.2023076923076923,218.52,"CND"]
["C73545","ECROU",13134,"CND",2010,27,8.1074074074074076,218.9,"CND"]
["C73545","ECROU",14221,"CND",2011,7,{"$f":"H8259/F8259","v":55.142857142857146},386,"CND"]
["C73545","ECROU",14565,"CND",2011,20,19.3,386,"CND"]
["C73545","ECROU",16136,"CND",2012,24,16.083333333333332,386,"CND"]
["C73600-1","BOUCHON BY-PASS",8837,"CNDPELPAS",2009,51,6.4627450980392158,329.6,"CND","PEL","PAS"]
["C73600-1","BOUCHON BY-PASS",12653,"CNDPELPAS",2010,54,1.7888888888888888,96.6,"CND","PEL","PAS"]
["C73600-1","BOUCHON BY-PASS",15284,"CNDPELPAS",2011,57,1.5061403508771929,85.85,"CND","PEL","PAS"]
["C73600-1","BOUCHON BY-PASS",16500,"CNDPELPAS",2012,50,0.71540000000000004,35.770000000000003,"CND","PEL","PAS"]
["C73600-1","BOUCHON BY-PASS",18480,"CNDPELPAS",2013,56,1.2775000000000001,71.540000000000006,"CND","PEL","PAS"]
["C73601","RACCORD",9644,"CND",2009,23,5.9247826086956525,136.27000000000001,"CND"]
["C73601","RACCORD",14759,"CND",2011,23,6.6434782608695659,152.80000000000001,"CND"]
["C73601","RACCORD",17783,"CND",2013,20,11.113,222.26,"CND"]
["C73618","PLAQUE DE STOCKAGE",9906,"CNDOAS",2009,13,184.38461538461539,2397,"CND","OAS"]
["C73621","PISTON",8925,"CND",2009,28,27.463571428571431,768.98,"CND"]
["C73621","PISTON",9227,"CND",2009,32,0,0,"CND"]
["C73621","PISTON",16189,"CND",2012,19,7.4736842105263159,142,"CND"]
["C73621","PISTON",18503,"CND",2013,24,18.121666666666666,434.92,"CND"]
["C73644","BOUCHON",17795,"CNDPAS",2013,23,1.5552173913043479,35.770000000000003,"CND","PAS"]
["C73644","BOUCHON",11877,"CNDPAS",2010,11,3.2518181818181819,35.770000000000003,"CND","PAS"]
["C73644","BOUCHON",11961,"CNDPAS",2010,11,17.425454545454546,191.68,"CND","PAS"]
["C73644","BOUCHON",12695,"CNDPAS",2010,4,8.9425000000000008,35.770000000000003,"CND","PAS"]
["C73644","BOUCHON",13143,"CNDPAS",2010,1,540.64,540.64,"CND","PAS"]
["C73644","BOUCHON",13197,"CNDPAS",2010,8,41.616250000000001,332.93,"CND","PAS"]
["C73644","BOUCHON",16237,"CNDPAS",2012,21,2.638095238095238,55.4,"CND","PAS"]
["C73644","BOUCHON",17460,"CNDPAS",2012,23,1.5552173913043479,35.770000000000003,"CND","PAS"]
["C73644","BOUCHON",20087,"CNDPAS",2014,33,8.9936363636363641,296.79000000000002,"CND","PAS"]
["C73676","BOUCHON",11826,"CNDPAS",2010,22,1.9022727272727273,41.85,"CND","PAS"]
["C73676","BOUCHON",16120,"CNDPAS",2012,8,4.4712500000000004,35.770000000000003,"CND","PAS"]
["C73676","BOUCHON",17505,"CNDPAS",2012,23,0,0,"CND","PAS"]
["C73676","BOUCHON",18894,"CNDPAS",2013,33,3.6112121212121213,119.17,"CND","PAS"]
["C73676","BOUCHON",19173,"CNDPAS",2013,33,1.3224242424242425,43.64,"CND","PAS"]
["C73688","CAPOT",20335,"CNDOAS",2014,53,5.0618867924528299,268.27999999999997,"CND","OAS"]
["C73688","CAPOT",10410,"CNDOAS",2009,54,3.4614814814814814,186.92,"CND","OAS"]
["C73688","CAPOT",12708,"CNDOAS",2010,55,0.65036363636363637,35.770000000000003,"CND","OAS"]
["C73688","CAPOT",14112,"CNDOAS",2011,54,4.1698148148148144,225.17,"CND","OAS"]
["C73688","CAPOT",15084,"CNDOAS",2011,65,0.76092307692307692,49.46,"CND","OAS"]
["C73688","CAPOT",16281,"CNDOAS",2012,49,0.7706122448979591,37.76,"CND","OAS"]
["C73688","CAPOT",17474,"CNDOAS",2012,54,0.79481481481481486,42.92,"CND","OAS"]
["C73688","CAPOT",17974,"CNDOAS",2013,60,3.428833333333333,205.73,"CND","OAS"]
["C73688","CAPOT",20334,"CNDOAS",2014,53,0.67490566037735855,35.770000000000003,"CND","OAS"]
["C73705","PLAQUE DE STOCKAGE",16866,"OAS",2012,25,4.0880000000000001,102.2,"OAS"]
["C73707","BOUCHON D'ETANCHETITE",13916,"CNDPASMOLYKOTE",2011,74,1.0359459459459459,76.66,"CND","PAS","MOLYKOTE"]
["C73707","BOUCHON D'ETANCHETITE",14997,"CNDPASMOLYKOTE",2011,74,0.96675675675675687,71.540000000000006,"CND","PAS","MOLYKOTE"]
["C73707","BOUCHON D'ETANCHETITE",16781,"CNDPASMOLYKOTE",2012,72,0.49680555555555561,35.770000000000003,"CND","PAS","MOLYKOTE"]
["C73707","BOUCHON D'ETANCHETITE",18274,"CNDPASMOLYKOTE",2013,73,0.49000000000000005,35.770000000000003,"CND","PAS","MOLYKOTE"]
["C73707","BOUCHON D'ETANCHETITE",20556,"CNDPASMOLYKOTE",2014,70,0.51100000000000001,35.770000000000003,"CND","PAS","MOLYKOTE"]
["C73707","BOUCHON D'ETANCHETITE",9398,"CNDPASMOLYKOTE",2009,50,1.87,93.5,"CND","PAS","MOLYKOTE"]
["C73707","BOUCHON D'ETANCHETITE",11647,"CNDPASMOLYKOTE",2010,73,1.1301369863013699,82.5,"CND","PAS","MOLYKOTE"]
["C73707","BOUCHON D'ETANCHEITE",19568,"USI",2014,70,0.21428571428571427,15,"USI"]
["C73713","POIGNEE TOURNANTE",20269,"OAS",2014,64,22.21875,1422,"OAS"]
["C73713","POIGNEE TOURNANTE",11844,"OAS",2010,60,0.5595,33.57,"OAS"]
["C73713","POIGNEE TOURNANTE",11918,"OAS",2010,60,4.5918333333333328,275.51,"OAS"]
["C73713","POIGNEE TOURNANTE",14231,"OAS",2011,60,2.3983333333333334,143.9,"OAS"]
["C73713","POIGNEE TOURNANTE",15268,"OAS",2011,25,4.7012,117.53,"OAS"]
["C73713","POIGNEE TOURNANTE",15434,"OAS",2011,61,0.93819672131147536,57.23,"OAS"]
["C73713","POIGNEE TOURNANTE",15638,"OAS",2012,15,17.204000000000001,258.06,"OAS"]
["C73713","POIGNEE TOURNANTE",16775,"OAS",2012,64,0.83796875000000004,53.63,"OAS"]
["C73713","POIGNEE TOURNANTE",18467,"OAS",2013,60,1.0493333333333335,62.96,"OAS"]
["C73713",null,15053,"OC",2011,30,2.0876666666666668,62.63,"OC"]
["C73713",null,15195,"OC",2011,1,161.27000000000001,161.27000000000001,"OC"]
["C73716","CORPS",20313,"EB",2014,35,22.863714285714288,800.23,"EB"]
["C73716","CORPS",11831,"PELPAS",2010,62,8.1424193548387098,504.83,"PEL","PAS"]
["C73716","CORPS",14303,"PELPAS",2011,60,2.7833333333333332,167,"PEL","PAS"]
["C73716","CORPS",15820,"PELPAS",2012,62,4.2475806451612907,263.35000000000002,"PEL","PAS"]
["C73716","CORPS",16654,"PELPAS",2012,57,25.578947368421051,1458,"PEL","PAS"]
["C73716","CORPS",18575,"PELPAS",2013,61,{"$f":"H8323/F8323","v":45.012459016393443},2745.76,"PEL","PAS"]
["C73716","CORPS",20149,"PELPAS",2014,59,7.1050847457627118,419.2,"PEL","PAS"]
["C73716","CORPS",11590,"RECTIF",2010,63,0.75238095238095237,47.4,"RECTIF"]
["C73716","CORPS",13881,"RECTIF",2011,64,2.75,176,"RECTIF"]
["C73716","CORPS",15412,"RECTIF",2012,62,2.3617741935483871,146.43,"RECTIF"]
["C73716","CORPS",16223,"RECTIF",2012,64,6.25,400,"RECTIF"]
["C73716","CORPS",18085,"RECTIF",2013,63,3.0968253968253969,195.1,"RECTIF"]
["C73716","CORPS",19799,"RECTIF",2014,61,1.7680327868852459,107.85,"RECTIF"]
["C73716","CORPS",20795,"RECTIF",2014,34,4.5879411764705882,155.99,"RECTIF"]
["C73730-4","PLAQUE OPTURATION",18777,"CNDPAS",2013,2,17.89,35.78,"CND","PAS"]
["C73730-4","PLAQUE OPTURATION",19425,"CNDPAS",2013,10,0,0,"CND","PAS"]
["C73730-4","PLAQUE OPTURATION",20531,"CNDPAS",2014,29,7.788275862068966,225.86,"CND","PAS"]
["C73730-4","PLAQUE OPTURATION",20530,"CONTROLE",2014,4,10.1175,40.47,"CONT"]
["C73735-2","BRIDE",9667,"CNDPAS",2009,112,0,0,"CND","PAS"]
["C73735-2","BRIDE",11161,"CNDPAS",2010,112,0.30250000000000005,33.880000000000003,"CND","PAS"]
["C73735-2","BRIDE",12623,"CNDPAS",2010,27,2.1192592592592594,57.22,"CND","PAS"]
["C73735-2","BRIDE",12896,"CNDPAS",2010,107,11.633551401869159,1244.79,"CND","PAS"]
["C73735-2","BRIDE",14033,"CNDPAS",2011,125,0.48336000000000001,60.42,"CND","PAS"]
["C73735-2","BRIDE",15298,"CNDPAS",2011,50,0,0,"CND","PAS"]
["C73735-2","BRIDE",15858,"CNDPAS",2012,73,0.84,61.32,"CND","PAS"]
["C73735-2","BRIDE",16526,"CNDPAS",2012,127,1.6165354330708663,205.3,"CND","PAS"]
["C73735-2","BRIDE",17401,"CNDPAS",2012,124,0.28846774193548391,35.770000000000003,"CND","PAS"]
["C73735-2","BRIDE",18491,"CNDPAS",2013,83,1.536265060240964,127.51,"CND","PAS"]
["C73735-2","BRIDE",19069,"CNDPAS",2013,34,2.1041176470588239,71.540000000000006,"CND","PAS"]
["C73735-2","BRIDE",18997,"CNDPAS",2013,103,3.2842718446601937,338.28,"CND","PAS"]
["C73736-2","BRIDE",20843,"CNDPAS",2014,59,0.60627118644067801,35.770000000000003,"CND","PAS"]
["C73736-2","BRIDE",9984,"CNDPAS",2009,102,0.71333333333333337,72.760000000000005,"CND","PAS"]
["C73736-2","BRIDE",12497,"CNDPAS",2010,10,5.7229999999999999,57.23,"CND","PAS"]
["C73736-2","BRIDE",12523,"CNDPAS",2010,10,7.6650000000000009,76.650000000000006,"CND","PAS"]
["C73736-2","BRIDE",12925,"CNDPAS",2010,108,0.54888888888888887,59.28,"CND","PAS"]
["C73736-2","BRIDE",15224,"CNDPAS",2011,45,0,0,"CND","PAS"]
["C73736-2","BRIDE",16169,"CNDPAS",2012,62,6.8651612903225807,425.64,"CND","PAS"]
["C73736-2","BRIDE",17215,"CNDPAS",2012,90,2.819,253.71,"CND","PAS"]
["C73736-2","BRIDE",18415,"CNDPAS",2013,80,0.44712500000000005,35.770000000000003,"CND","PAS"]
["C73770","VIS A TETE FRAISEE 100°",8093,"COMPLET",2009,110,0,0,"COMP"]
["C73770","VIS A TETE FRAISEE 100°",8863,"COMPLET",2009,105,4.2086666666666668,441.91,"COMP"]
["C73770","VIS A TETE FRAISEE 100°",10961,"COMPLET",2010,111,4.3310810810810807,480.75,"COMP"]
["C73770","VIS A TETE FRAISEE 100°",11277,"COMPLET",2010,105,1.255047619047619,131.78,"COMP"]
["C73770","VIS A TETE FRAISEE 100°",12917,"COMPLET",2011,104,0.62894230769230763,65.41,"COMP"]
["C73770","VIS A TETE FRAISEE 100°",13665,"COMPLET",2011,102,2.7421568627450981,279.7,"COMP"]
["C73770","VIS A TETE FRAISEE 100°",14091,"COMPLET",2011,106,0.67490566037735855,71.540000000000006,"COMP"]
["C73770","VIS A TETE FRAISEE 100°",14577,"COMPLET",2012,108,1.0787962962962963,116.51,"COMP"]
["C73770","VIS A TETE FRAISEE 100°",15490,"COMPLET",2012,102,0.76147058823529412,77.67,"COMP"]
["C73770","VIS A TETE FRAISEE 100°",15942,"COMPLET",2012,197,0.44822335025380711,88.3,"COMP"]
["C73770","VIS A TETE FRAISEE 100°",17118,"COMPLET",2013,212,0.42283018867924527,89.64,"COMP"]
["C73770","VIS A TETE FRAISEE 100°",18778,"COMPLET",2013,205,0.1744878048780488,35.770000000000003,"COMP"]
["C73770","VIS A TETE FRAISEE 100°",18778,"COMPLET",2013,208,0.40432692307692303,84.1,"COMP"]
["C73771-1","VIS A TETE FRAISEE 100°",12098,"CND",2010,11,89.11636363636363,980.28,"CND"]
["C73771-1","VIS A TETE FRAISEE 100°",12099,"CND",2010,105,9.3360000000000003,980.28,"CND"]
["C73771-1","VIS A TETE FRAISEE 100°",8093,"COMPLET",2009,110,7.9019090909090917,869.21,"COMP"]
["C73771-1","VIS A TETE FRAISEE 100°",8863,"COMPLET",2009,105,0,0,"COMP"]
["C73771-1","VIS A TETE FRAISEE 100°",13198,"COMPLET",2011,102,1.7213725490196079,175.58,"COMP"]
["C73771-1","VIS A TETE FRAISEE 100°",14577,"COMPLET",2012,106,0.93820754716981136,99.45,"COMP"]
["C73771-1","VIS A TETE FRAISEE 100°",15489,"COMPLET",2012,102,0.60117647058823531,61.32,"COMP"]
["C73771-1","VIS A TETE FRAISEE 100°",16409,"COMPLET",2013,109,1.5635779816513762,170.43,"COMP"]
["C73771-1","VIS A TETE FRAISEE 100°",18437,"COMPLET",2013,104,0.34394230769230771,35.770000000000003,"COMP"]
["C73771-1","VIS A TETE FRAISEE 100°",19125,"COMPLET",2014,107,2.3488785046728973,251.33,"COMP"]
["C73791","C0UPELLE",16952,"CND",2013,7,18,126,"CND"]
["C73791","C0UPELLE",9425,"CND",2009,49,1.4169387755102043,69.430000000000007,"CND"]
["C73791","C0UPELLE",12811,"CND",2010,22,7.1331818181818187,156.93,"CND"]
["C73791","C0UPELLE",14330,"CND",2011,10,15.280000000000001,152.80000000000001,"CND"]
["C73791","C0UPELLE",14502,"CND",2011,18,8.4888888888888889,152.80000000000001,"CND"]
["C73823","CAPOT RENFORCE",20626,"OAS",2014,50,2.2686000000000002,113.43,"OAS"]
["C73823","CAPOT RENFORCE",9213,"OAS",2009,114,1.3988596491228069,159.47,"OAS"]
["C73823","CAPOT RENFORCE",10827,"OAS",2009,107,{"$f":"H8387/F8387","v":0.33429906542056076},35.770000000000003,"OAS"]
["C73823","CAPOT RENFORCE",12619,"OAS",2010,56,6.0957142857142861,341.36,"OAS"]
["C73823","CAPOT RENFORCE",12913,"OAS",2010,49,20.488979591836735,1003.96,"OAS"]
["C73823","CAPOT RENFORCE",13287,"OAS",2011,110,0,0,"OAS"]
["C73823","CAPOT RENFORCE",14888,"OAS",2011,107,1.5404672897196263,164.83,"OAS"]
["C73823","CAPOT RENFORCE",15394,"OAS",2011,105,0.97333333333333338,102.2,"OAS"]
["C73823","CAPOT RENFORCE",16814,"OAS",2012,40,8.8512500000000003,354.05,"OAS"]
["C73823","CAPOT RENFORCE",17049,"OAS",2012,68,0.78867647058823531,53.63,"OAS"]
["C73823","CAPOT RENFORCE",17617,"OAS",2012,102,11.785490196078431,1202.1199999999999,"OAS"]
["C73823","CAPOT RENFORCE",18504,"OAS",2013,110,0.48263636363636364,53.09,"OAS"]
["C73823","CAPOT RENFORCE",18827,"OAS",2013,104,0.49134615384615388,51.1,"OAS"]
["C73824","CAPOT RENFORCE",10429,"OAS",2009,108,1.3233333333333333,142.91999999999999,"OAS"]
["C73824","CAPOT RENFORCE",13184,"OAS",2010,23,4.724347826086956,108.66,"OAS"]
["C73824","CAPOT RENFORCE",13258,"OAS",2010,82,3.30890243902439,271.33,"OAS"]
["C73824","CAPOT RENFORCE",15577,"OAS",2012,105,0.73133333333333339,76.790000000000006,"OAS"]
["C73824","CAPOT RENFORCE",15748,"OAS",2012,14,66.542857142857144,931.6,"OAS"]
["C73824","CAPOT RENFORCE",15748,"OAS",2012,14,50.917857142857144,712.85,"OAS"]
["C73824","CAPOT RENFORCE",17035,"OAS",2012,110,1.0333636363636365,113.67,"OAS"]
["C73824","CAPOT RENFORCE",18572,"OAS",2013,102,0.51450980392156864,52.48,"OAS"]
["C74021","BOUCHON",17077,"CND",2012,22,5.7272727272727275,126,"CND"]
["C74021","BOUCHON",19150,"CND",2013,53,2.3773584905660377,126,"CND"]
["C74021","BOUCHON",17735,"CND",2013,52,3.3076923076923075,172,"CND"]
["C74021","BOUCHON",17077,"VERNIS",2012,22,3.9090909090909092,86,"VERNIS"]
["C74021","BOUCHON",17736,"VERNIS",2013,52,2.9730769230769232,154.6,"VERNIS"]
["C74021","BOUCHON",19150,"VERNIS",2013,53,0.70754716981132071,37.5,"VERNIS"]
["C74244","PLATE",9610,"CNDOAS",2009,30,11.439333333333334,343.18,"CND","OAS"]
["C74244","PLATE",12681,"CNDOAS",2010,33,2.167878787878788,71.540000000000006,"CND","OAS"]
["C74244","PLATE",17284,"CNDOAS",2012,21,10.358095238095238,217.52,"CND","OAS"]
["C74403","CAPOT D'ENTRAINEMENT",13066,"CNDPELPAS",2010,17,2.5305882352941178,43.02,"CND","PEL","PAS"]
["C74403","CAPOT D'ENTRAINEMENT",13996,"CNDPELPAS",2011,16,14.40375,230.46,"CND","PEL","PAS"]
["C74403","CAPOT D'ENTRAINEMENT",17815,"CNDPELPAS",2013,10,0,0,"CND","PEL","PAS"]
["C74403","HUBCAP",12832,"TTH",2010,20,3.1635,63.27,"TTH"]
["C74573","PLUG",13239,"OASOC",2011,14,65.035714285714292,910.5,"OAS","OC"]
["C74670","CORPS",19032,"CND",2013,24,63.208333333333336,1517,"CND"]
["C74670","CORPS",19352,"CND",2013,22,131.86454545454546,2901.02,"CND"]
["C74670","CORPS",19465,"CND",2013,46,26.266304347826086,1208.25,"CND"]
["C74670","CORPS",20105,"CND",2014,28,5.8746428571428577,164.49,"CND"]
["C74670","CORPS",20104,"CND",2014,28,0,0,"CND"]
["C74670","CORPS",19085,"OASOC",2013,15,9.640666666666668,144.61000000000001,"OAS","OC"]
["C74670","CORPS",19353,"OASOC",2013,22,5.0004545454545459,110.01,"OAS","OC"]
["C74670","CORPS",19466,"OASOC",2013,46,1.1108695652173914,51.1,"OAS","OC"]
["C74670","CORPS",19692,"OASOC",2013,39,1.3102564102564103,51.1,"OAS","OC"]
["C74670","CORPS",20243,"OASOC",2014,28,5.7328571428571431,160.52000000000001,"OAS","OC"]
["C74670","CORPS",20244,"OASOC",2014,28,1.825,51.1,"OAS","OC"]
["C74670","CORPS",20458,"OASOC",2014,28,1.825,51.1,"OAS","OC"]
["C74670","CORPS",20459,"OASOC",2014,28,1.825,51.1,"OAS","OC"]
["C74672-1","TIGE DE VERIN",19086,"CNDPAS",2013,29,1.3320689655172415,38.630000000000003,"CND","PAS"]
["C74672-1","TIGE DE VERIN",19129,"CNDPAS",2013,9,27.521111111111111,247.69,"CND","PAS"]
["C74672-1","TIGE DE VERIN",19393,"CNDPAS",2013,50,5.5860000000000003,279.3,"CND","PAS"]
["C74672-1","TIGE DE VERIN",20731,"CNDPAS",2014,25,2.8616000000000001,71.540000000000006,"CND","PAS"]
["C74672-1","TIGE DE VERIN",19030,"CNDPAS",2013,29,10.207241379310345,296.01,"CND","PAS"]
["C74672-2","TIGE DE VERIN",20567,"CNDPAS",2014,36,2.0655555555555556,74.36,"CND","PAS"]
["C74688-3","CORPS",20420,"CNDPAS",2014,24,8.4145833333333329,201.95,"CND","PAS"]
["C74688-3","CORPS",20837,"CNDPAS",2014,36,2.1291666666666669,76.650000000000006,"CND","PAS"]
["C74688-3","CORPS",19107,"CNDPAS",2013,14,5.1100000000000003,71.540000000000006,"CND","PAS"]
["C74688-3","CORPS",19203,"CNDPAS",2013,40,6.7605000000000004,270.42,"CND","PAS"]
["C74688-3","CORPS",19702,"CNDPAS",2013,12,14.819166666666668,177.83,"CND","PAS"]
["C74688-3","CORPS",19739,"CNDPAS",2013,21,17.909523809523812,376.1,"CND","PAS"]
["C74688-3","CORPS",19998,"CNDPAS",2014,24,20.133333333333333,483.2,"CND","PAS"]
["C74726","CAPOT ROUE PRINCIPALE",19554,"CNDPELPAS",2013,40,1.7885000000000002,71.540000000000006,"CND","PEL","PAS"]
["C74778","CAPOT",18189,"CND",2013,34,26.258823529411764,892.8,"CND"]
["C74805","FLASQUE",17748,"TTH",2013,73,1.7123287671232876,125,"TTH"]
["C74806","CARTER PARK",17757,"TTH",2013,10,6.25,62.5,"TTH"]
["C74821","PLAQUE DE FRICTION",18095,"PAS",2013,37,72.556756756756755,2684.6,"PAS"]
["C74822","AXE",17727,"COMPLET",2013,35,{"$f":"H8451/F8451","v":3.9408571428571428},137.93,"COMP"]
["CR100003","SPACER",12618,"PELPAS",2010,53,18.287924528301886,969.26,"PEL","PAS"]
["CR100228","UNLOST SPACER",12564,"OC",2010,20,22.738,454.76,"OC"]
["CR101177","MASSELOTTE",19504,"PEL",2013,1,2473.2800000000002,2473.2800000000002,"PEL"]
["CR101178","MASSELOTTE",19838,"PEL",2014,2,83.5,167,"PEL"]
["CR101179","MASSELOTTE",19503,"PEL",2013,1,1978.12,1978.12,"PEL"]
["CR101340","RONDELLE",17306,"ZING",2012,32,2.95,94.4,"ZING"]
["CR101340","RONDELLE",17510,"ZING",2012,30,2.1666666666666665,65,"ZING"]
["CR101886","ENTRETOISE",17299,"ZING",2012,19,5.3157894736842106,101,"ZING"]
["CR101886","ENTRETOISE",18139,"ZING",2013,14,53.321428571428569,746.5,"ZING"]
["CR101896","CHAPE",17620,"CNDPELPAS",2013,14,6.1314285714285717,85.84,"CND","PEL","PAS"]
["CR101897","VIS",18349,"CNDPAS",2013,14,23.053571428571427,322.75,"CND","PAS"]
["CR101897","VIS",17419,"CNDPAS",2012,15,10.461333333333332,156.91999999999999,"CND","PAS"]
["CR101897","VIS",17419,"CNDPAS",2013,0,{"$error":"#DIV/0!"},35.770000000000003,"CND","PAS"]
["CR102863","BAGUE",18332,"CND",2013,3,0,0,"CND"]
["CR39204","PLAQUE DE MAINTIEN",8802,"CNDPAS",2009,24,80.25,1926,"CND","PAS"]
["CR39248-1","ENTRETOISE",8864,"PAS",2009,19,27.712105263157895,526.53,"PAS"]
["CR39941","PIN",12764,"NIT",2010,96,1.8402083333333332,176.66,"NIT"]
["CR39941","PIN",12675,"RECTIF",2010,96,2.6231249999999999,251.82,"RECTIF"]
["CR73600-1","BOUCHON BY-PASS",13038,"PELPAS",2010,5,415.00799999999998,2075.04,"PEL","PAS"]
["CR81882","CHAPE",17380,"CNDPAS",2012,13,13.251538461538463,172.27,"CND","PAS"]
["CR81882","CHAPE",17380,"CNDPAS",2013,0,{"$error":"#DIV/0!"},272.87,"CND","PAS"]
["CR81884","AXE BIELLE",17209,"CNDPAS",2012,14,0,0,"CND","PAS"]
["CR81884","AXE BIELLE",18081,"CNDPAS",2013,14,6.2057142857142855,86.88,"CND","PAS"]
["CR81893","BRIDE DE ROULEMENT",17838,"CNDOAS",2013,16,11.338125,181.41,"CND","OAS"]
["CR81893","BRIDE DE ROULEMENT",17324,"CNDOAS",2012,52,4.963461538461539,258.10000000000002,"CND","OAS"]
["CR81893","BRIDE DE ROULEMENT",17779,"CNDOAS",2013,16,2.2356250000000002,35.770000000000003,"CND","OAS"]
["CR81895","PION DE CENTRAGE",17346,"PAS",2012,105,5.8171428571428567,610.79999999999995,"PAS"]
["CR81895","PION DE CENTRAGE",17367,"PAS",2012,31,3.967741935483871,123,"PAS"]
["CR81895","PION DE CENTRAGE",16977,"USI",2012,139,7.2625899280575537,1009.5,"USI"]
["CR81896","BRIDE DE JOINT",17475,"CNDOAS",2012,17,2.1041176470588239,35.770000000000003,"CND","OAS"]
["CR81896","BRIDE DE JOINT",17099,"RECTIF",2012,18,14.444444444444445,260,"RECTIF"]
["CR81904","COUVERCLE",18134,"CNDOAS",2013,9,0,0,"CND","OAS"]
["CR81905","PALIER SORTIE",18140,"CNDOAS",2013,8,22.688749999999999,181.51,"CND","OAS"]
["CR81906","PALIER D'ENTREE",18279,"CNDOAS",2013,8,14.015000000000001,112.12,"CND","OAS"]
["CR81915","ECROU M68X0.75",18221,"CNDOAS",2013,10,0,0,"CND","OAS"]
["CR81916","FOURCHETTE",18324,"CNDOAS",2013,8,60.09375,480.75,"CND","OAS"]
["CR81919","PIVOT",17805,"COMPLET",2013,17,2.4047058823529412,40.880000000000003,"COMP"]
["CR81922","SUPPORT VENTOUSE",18182,"CNDOAS",2013,10,0,0,"CND","OAS"]
["CR81923","AXE PLATEAU",17805,"COMPLET",2013,9,7.9488888888888898,71.540000000000006,"COMP"]
["CR81924","ARMATURE MAGNETIQUE",18177,"NICK",2013,11,43.481818181818184,478.3,"NICK"]
["CR81936","RONDELLE DE CALAGE",17922,"PAS",2013,13,15,195,"PAS"]
["CR81939","BOUCHON",17897,"OAS",2013,8,11.1075,88.86,"OAS"]
["CR81940","AXE",17805,"COMPLET",2013,9,4.4400000000000004,39.96,"COMP"]
["CR81945","ECROU M 140 X 1",17245,"CNDPAS",2012,16,38.042499999999997,608.67999999999995,"CND","PAS"]
["CR81953","ECROU M46X0.75",18013,"CNDOAS",2013,18,1.9872222222222224,35.770000000000003,"CND","OAS"]
["CR81955","ENTRETOISE ARBRE",17858,"OAS",2013,12,4.2591666666666663,51.11,"OAS"]
["CR81990","BRIDE DE FIXATION",17892,"PAS",2013,9,24.666666666666668,222,"PAS"]
["CR81992","PALIER CRABOT",18231,"CNDOAS",2013,9,36.792222222222222,331.13,"CND","OAS"]
["CR81993","INSERT FOURCHETTE",18149,"PAS",2013,18,10.833333333333334,195,"PAS"]
["CR82012","ECROU M50 X 0.75",17913,"CNDOAS",2013,9,4.7688888888888892,42.92,"CND","OAS"]
["CR82022","PION ANTI ROTATION",17337,"PAS",2012,55,3.3163636363636364,182.4,"PAS"]
["CR82022","PION ANTI ROTATION",16977,"USI",2012,55,29.645454545454545,1630.5,"USI"]
["CR82024","ECROU M 84 X 1",17456,"CNDPAS",2012,13,3.1446153846153848,40.880000000000003,"CND","PAS"]
["CR82024","ECROU M 84 X 1",17456,"CNDPAS",2013,0,{"$error":"#DIV/0!"},125.26,"CND","PAS"]
["CR82025","BOUCHON",17146,"CNDPAS",2012,14,0,0,"CND","PAS"]
["CR82031","PION DE COUPLE",17338,"PAS",2012,16,13.612500000000001,217.8,"PAS"]
["CR82031","PION DE COUPLE",16977,"USI",2012,16,46.40625,742.5,"USI"]
["CR82032","RETAINER",17185,"OAS",2012,34,3.0058823529411764,102.2,"OAS"]
["CR82033","PION",17336,"PAS",2012,18,14.166666666666666,255,"PAS"]
["CR82033","PION",16977,"USI",2012,18,119.33333333333333,2148,"USI"]
["CR82034","AXE",17540,"CNDPAS",2012,13,7.5284615384615385,97.87,"CND","PAS"]
["CR82034","AXE",17540,"CNDPAS",2013,0,{"$error":"#DIV/0!"},35.770000000000003,"CND","PAS"]
["CR82034","AXE",17300,"RECTIF",2012,15,6.6320000000000006,99.48,"RECTIF"]
["CR82035","BAGUE DIA 25",17268,"CND",2012,26,{"$f":"H8515/F8515","v":47.846153846153847},1244,"CND"]
["CR82037","PALIER DE BLOCAGE",17200,"CNDOAS",2012,30,1.1923333333333335,35.770000000000003,"CND","OAS"]
["CR82038","BRIDE",17399,"CNDOAS",2012,13,7.1538461538461542,93,"CND","OAS"]
["CR82041","RONDELLE FREIN",16880,"COMPLET",2012,26,1.3757692307692309,35.770000000000003,"COMP"]
["CR82041","RONDELLE FREIN",18325,"COMPLET",2013,20,34.236499999999999,684.73,"COMP"]
["CR82041","RONDELLE FREIN",18325,"COMPLET",2013,-20,-18.375,367.5,"COMP"]
["CR82041","RONDELLE FREIN",18666,"COMPLET",2013,20,0,0,"COMP"]
["CR82051","GUIDE CABLE EQUIPEMENT",18365,"CNDOAS",2013,8,4.4712500000000004,35.770000000000003,"CND","OAS"]
["CR82053","BUTEE",18128,"OAS",2013,14,3.65,51.1,"OAS"]
["CR82227","COUVERCLE",18170,"CNDOAS",2013,9,0,0,"CND","OAS"]
["CR82262","RONDELLE",17857,"PAS",2013,22,14.090909090909092,310,"PAS"]
["CR82267","COUVERCLE GUIDE CABLE",18241,"CNDOAS",2013,18,3.52,63.36,"CND","OAS"]
["CR82428","CAPOT",20877,"CND",2014,5,216.48000000000002,1082.4000000000001,"CND"]
["CR82428","CAPOT",20878,"OCOAS",2014,5,15.044,75.22,"OC","OAS"]
["CR82627","PLAQUE DE FRICTION",19663,"NICK",2013,12,2.9808333333333334,35.770000000000003,"NICK"]
["CR82627","PLAQUE DE FRICTION",19582,"TTH",2013,12,1.835,22.02,"TTH"]
["CR82629","SUPPORT BOBINE",19705,"NICK",2013,12,34.44166666666667,413.3,"NICK"]
["CR82629","SUPPORT BOBINE",19549,"TTH",2013,14,0.9107142857142857,12.75,"TTH"]
["CR82809","CAPOT ROUE PRINCIPALE",19555,"CNDPELPAS",2013,2,25.445,50.89,"CND","PEL","PAS"]
["CRA50551","ECROU",12414,"CNDDETCADMSE",2010,33,9.3512121212121198,308.58999999999997,"CND","DET","CAD"]
["CRA50551","ECROU",12414,"PEIMSE",2010,33,91.2,3009.6,"PEI"]
["CRA50551","ECROU",9794,"TTHMSE",2009,10,4.915,49.15,"TTH"]
["CRA50551","ECROU",11628,"TTHMSE",2010,6,4.97,29.82,"TTH"]
["CRA50551","ECROU",11888,"TTHMSE",2010,12,3.1008333333333336,37.21,"TTH"]
["D48014-1EP","EPROUVETTE BRAS SUP.",11007,"CNDMSE",2009,4,11.37,45.48,"CND"]
["D48078-2","RONDELLE",10839,"DETCNDBRUMSE",2009,4,124.05500000000001,496.22,"DET","CND","BRU"]
["D48078-2","RONDELLE",13315,"DETCNDBRUMSE",2011,7,39.898571428571429,279.29000000000002,"DET","CND","BRU"]
["D48078-2","RONDELLE",10480,"TTHMSE",2009,9,4.0788888888888888,36.71,"TTH"]
["D48078-2","RONDELLE",12737,"TTHMSE",2010,10,249.1,2491,"TTH"]
["D48080","BAGUE",15351,"CNDMSE",2011,15,112,1680,"CND"]
["D48080","BAGUE",17053,"CNDMSE",2012,8,5.6725000000000003,45.38,"CND"]
["D48080","BAGUE",14922,"DETMSE",2011,15,2.3846666666666669,35.770000000000003,"DET"]
["D48080","BAGUE",16884,"DETMSE",2012,8,13.41375,107.31,"DET"]
["D48080","BAGUE",15141,"RECTIF",2011,15,6.6006666666666671,99.01,"RECTIF"]
["D48080","BAGUE",16885,"RECTIF",2012,8,47.332500000000003,378.66,"RECTIF"]
["D48080","BAGUE",15352,"SULFMSE",2011,15,23.456666666666667,351.85,"SULF"]
["D48080","BAGUE",17054,"SULFMSE",2012,8,23.245000000000001,185.96,"SULF"]
["D48080","BAGUE",14640,"TTHMSE",2011,3,5.6000000000000005,16.8,"TTH"]
["D48080","BAGUE",16446,"TTHMSE",2012,2,22.67,45.34,"TTH"]
["D48080EB","BAGUE",14823,"CNDMSE",2011,13,4.1507692307692308,53.96,"CND"]
["D48080EB","BAGUE",15984,"CNDMSE",2012,13,8.4584615384615383,109.96,"CND"]
["D48080EB","BAGUE",14348,"DETMSE",2011,13,12.755384615384616,165.82,"DET"]
["D48080EB","BAGUE",14662,"RECTIF",2011,13,14.995384615384616,194.94,"RECTIF"]
["D48080EB","BAGUE",15909,"RECTIF",2012,16,6.1875,99,"RECTIF"]
["D48080EB","BAGUE",14824,"SULFMSE",2011,13,13.217692307692309,171.83,"SULF"]
["D48080EB","BAGUE",15985,"SULFMSE",2012,13,101.22923076923077,1315.98,"SULF"]
["D48080EB","BAGUE",15251,"TTHMSE",2011,2,11.285,22.57,"TTH"]
["D48080EB","BAGUE",15619,"TTHMSE",2012,14,5.0135714285714288,70.19,"TTH"]
["D48080EB","BAGUE",14087,"TTHMSE",2011,2,525,1050,"TTH"]
["D48081EB","BAGUE",14825,"CNDMSE",2011,11,4.46,49.06,"CND"]
["D48081EB","BAGUE",15745,"CNDMSE",2012,7,5.1100000000000003,35.770000000000003,"CND"]
["D48081EB","BAGUE",15982,"CNDMSE",2012,18,1.9872222222222224,35.770000000000003,"CND"]
["D48081EB","BAGUE",20551,"CNDMSE",2014,30,12.509333333333332,375.28,"CND"]
["D48081EB","BAGUE",14348,"DETMSE",2011,11,8.8081818181818186,96.89,"DET"]
["D48081EB","BAGUE",15220,"DETMSE",2011,7,16.79,117.53,"DET"]
["D48081EB","BAGUE",20059,"DETMSE",2014,30,6.1320000000000006,183.96,"DET"]
["D48081EB","BAGUE",14661,"RECTIFMSE",2011,11,8.9990909090909081,98.99,"RECTIF"]
["D48081EB","BAGUE",15586,"RECTIFMSE",2012,7,14.145714285714286,99.02,"RECTIF"]
["D48081EB","BAGUE",15910,"RECTIFMSE",2012,16,13.03125,208.5,"RECTIF"]
["D48081EB","BAGUE",20202,"RECTIFMSE",2014,30,3.2993333333333337,98.98,"RECTIF"]
["D48081EB","BAGUE",14826,"SULFMSE",2011,11,51.905454545454546,570.96,"SULF"]
["D48081EB","BAGUE",15746,"SULFMSE",2012,7,15.857142857142858,111,"SULF"]
["D48081EB","BAGUE",15983,"SULFMSE",2012,18,15.110555555555557,271.99,"SULF"]
["D48081EB","BAGUE",14948,"TTHMSE",2011,2,101.95,203.9,"TTH"]
["D48081EB","BAGUE",15251,"TTHMSE",2011,3,{"$f":"H8579/F8579","v":67.73},203.19,"TTH"]
["D48081EB","BAGUE",15619,"TTHMSE",2012,18,5.165,92.97,"TTH"]
["D48081EB","BAGUE",19236,"TTHMSE",2013,5,3.7979999999999996,18.989999999999998,"TTH"]
["D48081EB","BAGUE",14087,"TTHMSE",2011,2,600,1200,"TTH"]
["D48082","RONDELLE",10337,"DETCADMSE",2009,30,5.1779999999999999,155.34,"DET","CAD"]
["D48082","RONDELLE",18070,"TTHMSE",2013,3,17.343333333333334,52.03,"TTH"]
["D48082","RONDELLE",10178,"TTHMSE",2009,3,25.45,76.349999999999994,"TTH"]
["D48083","RONDELLE",10500,"DETCADMSE",2009,34,5.4108823529411767,183.97,"DET","CAD"]
["D48083","RONDELLE",19141,"TTHMSE",2013,3,18.356666666666666,55.07,"TTH"]
["D48083","RONDELLE",10273,"TTHMSE",2009,5,7.9340000000000002,39.67,"TTH"]
["D48452","RONDELLE",13253,"CNDMSE",2010,43,2.6418604651162791,113.6,"CND"]
["D48452","RONDELLE",17057,"CNDMSE",2012,140,0.51100000000000001,71.540000000000006,"CND"]
["D48452","RONDELLE",13254,"SULFMSE",2011,43,1.940232558139535,83.43,"SULF"]
["D48452","RONDELLE",17058,"SULFMSE",2012,140,1.2,168,"SULF"]
["D48459","RONDELLE",10220,"DETBRUMSE",2009,29,80.862068965517238,2345,"DET","BRU"]
["D48459","RONDELLE",10221,"PEIMSE",2009,29,111.3048275862069,3227.84,"PEI"]
["D48459","RONDELLE",10020,"TTHMSE",2009,2,21.95,43.9,"TTH"]
["D48462","COUPELLE",11491,"DETCADMSE",2010,14,207.59928571428571,2906.39,"DET","CAD"]
["D48462","COUPELLE",13317,"DETCADMSE",2011,12,10.220000000000001,122.64,"DET","CAD"]
["D48462","COUPELLE",20002,"DETCADMSE",2014,9,38.152222222222221,343.37,"DET","CAD"]
["D48462","COUPELLE",13317,"PEIMSE",2011,12,10.641666666666667,127.7,"PEI"]
["D48462","COUPELLE",20002,"PEIMSE",2014,9,92.4,831.6,"PEI"]
["D48462","COUPELLE",11492,"PEIMSE",2010,14,16.96,237.44,"PEI"]
["D48462","COUPELLE",19306,"TTHMSE",2013,10,6.2560000000000002,62.56,"TTH"]
["D48462","COUPELLE",10629,"TTHMSE",2009,18,1.3416666666666666,24.15,"TTH"]
["D48462","COUPELLE",11178,"TTHMSE",2010,15,1.546,23.19,"TTH"]
["D48462","COUPELLE",12879,"TTHMSE",2010,15,97.466666666666669,1462,"TTH"]
["D48464","ECROU",10151,"CNDOACMSE",2009,13,5.5030769230769234,71.540000000000006,"CND","OAC"]
["D48464","ECROU",13148,"CNDOACMSE",2011,9,7.0855555555555556,63.77,"CND","OAC"]
["D48464","ECROU",10750,"CNDOACMSE",2009,6,11.923333333333334,71.540000000000006,"CND","OAC"]
["D48464","ECROU",10151,"PEIMSE",2009,13,4.3530769230769231,56.59,"PEI"]
["D48464","ECROU",13148,"PEIMSE",2011,9,14.18888888888889,127.7,"PEI"]
["D48464","ECROU",10751,"PEIMSE",2009,6,27.833333333333332,167,"PEI"]
["D48550","BAGUE",9751,"PEIMSE",2009,22,0,0,"PEI"]
["D48572","OBTURATEUR",9957,"OAC",2009,6,0,0,"OAC"]
["D48572","OBTURATEUR",9957,"PEI",2009,6,23.433333333333334,140.6,"PEI"]
["D48572","OBTURATEUR",10038,"PEI",2009,6,6.0100000000000007,36.06,"PEI"]
["D48579","BAGUE",10690,"PEIMSE",2009,13,2.4184615384615387,31.44,"PEI"]
["D48580","BAGUE",11642,"DETCADMSE",2010,16,2.2356250000000002,35.770000000000003,"DET","CAD"]
["D48587","RONDELLE",10639,"CNDMSE",2009,7,7.3585714285714285,51.51,"CND"]
["D48587","RONDELLE",13200,"CNDMSE",2011,17,7.1552941176470588,121.64,"CND"]
["D48587","RONDELLE",13617,"CNDMSE",2011,22,3.2518181818181819,71.540000000000006,"CND"]
["D48587","RONDELLE",13200,"PEIMSE",2011,17,3.6323529411764706,61.75,"PEI"]
["D48587","RONDELLE",13617,"PEIMSE",2011,22,5.876363636363636,129.28,"PEI"]
["D48587","RONDELLE",10640,"PEIMSE",2009,7,115.01714285714286,805.12,"PEI"]
["D48587","RONDELLE",10507,"TTHMSE",2009,7,21.924285714285713,153.47,"TTH"]
["D48587","RONDELLE",12876,"TTHMSE",2010,17,45.882352941176471,780,"TTH"]
["D48587","RONDELLE",13420,"TTHMSE",2011,22,34.090909090909093,750,"TTH"]
["D48625","RONDELLE",19570,"DETBRUMSE",2013,78,0.45858974358974364,35.770000000000003,"DET","BRU"]
["D48625","RONDELLE",20934,"DETBRUMSE",2014,29,3.9224137931034484,113.75,"DET","BRU"]
["D48625","RONDELLE",19355,"TTHMSE",2013,6,7.7583333333333329,46.55,"TTH"]
["D48625","RONDELLE",20108,"TTHMSE",2014,2,79.974999999999994,159.94999999999999,"TTH"]
["D48700EB","BAGUE",16679,"CNDMSE",2012,21,3.4066666666666672,71.540000000000006,"CND"]
["D48702","BAGUE",10619,"CNDCADMSE",2009,119,0.65697478991596647,78.180000000000007,"CND","CAD"]
["D48702","BAGUE",14778,"CNDCADMSE",2011,18,3.7472222222222222,67.45,"CND","CAD"]
["D48702","BAGUE",17854,"CNDCADMSE",2013,23,3.1104347826086958,71.540000000000006,"CND","CAD"]
["D48702","BAGUE",14778,"PEIMSE",2011,18,179.85000000000002,3237.3,"PEI"]
["D48702","BAGUE",17854,"PEIMSE",2013,23,76.186956521739134,1752.3,"PEI"]
["D48702","BAGUE",10620,"PEIMSE",2009,119,12.624201680672268,1502.28,"PEI"]
["D48702EB","BAGUE",15601,"CNDMSE",2012,25,6.1803999999999997,154.51,"CND"]
["D48702EB","BAGUE",16945,"CNDMSE",2012,12,14.605833333333335,175.27,"CND"]
["D48702EB","BAGUE",17772,"CNDMSE",2013,16,2.2356250000000002,35.770000000000003,"CND"]
["D48784","RONDELLE",11140,"DETCADMSE",2010,26,5.3834615384615381,139.97,"DET","CAD"]
["D48784","RONDELLE",12322,"DETCADMSE",2010,18,20.894444444444446,376.1,"DET","CAD"]
["D48784","RONDELLE",13267,"DETCADMSE",2011,35,{"$f":"H8643/F8643","v":5.6891428571428575},199.12,"DET","CAD"]
["D48784","RONDELLE",12322,"PEIMSE",2010,18,122.10000000000001,2197.8000000000002,"PEI"]
["D48784","RONDELLE",13267,"PEIMSE",2011,35,3.9077142857142859,136.77000000000001,"PEI"]
["D48784","RONDELLE",11141,"PEIMSE",2010,26,9.6123076923076916,249.92,"PEI"]
["D48784","RONDELLE",10660,"TTHMSE",2009,4,10.6875,42.75,"TTH"]
["D48784","RONDELLE",12181,"TTHMSE",2010,2,30.375,60.75,"TTH"]
["D48784","RONDELLE",12877,"TTHMSE",2010,5,329.8,1649,"TTH"]
["D48822","BAGUE",9933,"CADMSE",2009,10,12,120,"CAD"]
["D48822","BAGUE",10356,"CADMSE",2009,5,34.4,172,"CAD"]
["D48822","BAGUE",10929,"CADMSE",2009,16,7.8125,125,"CAD"]
["D48822","BAGUE",9934,"PEIMSE",2009,10,323.83199999999999,3238.32,"PEI"]
["D48822","BAGUE",10357,"PEIMSE",2009,5,8.3840000000000003,41.92,"PEI"]
["D48822","BAGUE",10930,"PEIMSE",2010,16,66.155000000000001,1058.48,"PEI"]
["D48875","PISTON",17756,"TTHMSE",2013,3,19.87,59.61,"TTH"]
["D48875R1","PISTON",17413,"TTHMSE",2012,3,7.25,21.75,"TTH"]
["D48875R1","PISTON",19306,"TTHMSE",2013,5,7.3780000000000001,36.89,"TTH"]
["D48879","BAGUE",11024,"CNDPEIMSE",2090,6,99.816666666666663,598.9,"CND","PEI"]
["D48879","BAGUE",11025,"CNDPEIMSE",2010,6,5.9616666666666669,35.770000000000003,"CND","PEI"]
["D48880","BAGUE",9637,"PEIMSE",2009,7,72.05,504.35,"PEI"]
["D48880","BAGUE",11357,"PEIMSE",2010,8,386.45,3091.6,"PEI"]
["D48911R1","PISTON",18832,"CNDRIL",2013,15,0,0,"CND","RIL"]
["D48911R1","PISTON",20572,"CNDRIL",2014,15,4.7693333333333339,71.540000000000006,"CND","RIL"]
["D48911R1","PISTON",18642,"TTH",2013,3,8.4500000000000011,25.35,"TTH"]
["D48911R1","PISTON",20172,"TTH",2014,3,16.849999999999998,50.55,"TTH"]
["D48911R2","PISTON",13604,"CNDRIL",2011,8,22.675000000000001,181.4,"CND","RIL"]
["D48911R2","PISTON",17618,"CNDRIL",2013,7,105,735,"CND","RIL"]
["D48911R2","PISTON",19179,"CNDRIL",2013,9,0,0,"CND","RIL"]
["D48911R2","PISTON",20836,"CNDRIL",2014,14,11.03,154.41999999999999,"CND","RIL"]
["D48911R2","PISTON",17302,"TTH",2012,2,86.01,172.02,"TTH"]
["D48911R2","PISTON",18984,"TTH",2013,2,9.5749999999999993,19.149999999999999,"TTH"]
["D48911R2","PISTON",20496,"TTH",2014,3,19.63,58.89,"TTH"]
["D48911R2","PISTON",13415,"TTH",2011,2,0,0,"TTH"]
["D48911R3","PISTON",20223,"CNDRIL",2014,9,11.31,101.79,"CND","RIL"]
["D48911R3","PISTON",20571,"CNDRIL",2014,4,8.9425000000000008,35.770000000000003,"CND","RIL"]
["D48911R3","PISTON",19241,"TTH",2013,2,9.0749999999999993,18.149999999999999,"TTH"]
["D48911R3","PISTON",20115,"TTH",2014,1,31.15,31.15,"TTH"]
["D48911R3","PISTON",20456,"TTH",2014,1,31.71,31.71,"TTH"]
["D48911R4","PISTON",18836,"CNDRIL",2013,5,128.77199999999999,643.86,"CND","RIL"]
["D48911R4","PISTON",18642,"TTH",2013,2,9.0749999999999993,18.149999999999999,"TTH"]
["D48933","DIAPHRAGME",9650,"CNDRILMSE",2009,5,107.42400000000001,537.12,"CND","RIL"]
["D48933","DIAPHRAGME",11392,"CNDRILMSE",2010,4,104.255,417.02,"CND","RIL"]
["D48933","DIAPHRAGME",12424,"CNDRILMSE",2010,8,4.4712500000000004,35.770000000000003,"CND","RIL"]
["D48933","DIAPHRAGME",13077,"CNDRILMSE",2010,10,16.411000000000001,164.11,"CND","RIL"]
["D48933","DIAPHRAGME",13696,"CNDRILMSE",2011,9,5.9988888888888887,53.99,"CND","RIL"]
["D48995","RONDELLE",9082,"PASMSE",2009,18,20.277777777777779,365,"PAS"]
["D48995","RONDELLE",10167,"PASMSE",2009,18,10.833333333333334,195,"PAS"]
["D48995","RONDELLE",11855,"PASMSE",2010,17,114.70588235294117,1950,"PAS"]
["D48995","RONDELLE",12828,"PASMSE",2010,16,128.75,2060,"PAS"]
["D48995","RONDELLE",15546,"PASMSE",2012,23,10.3,236.9,"PAS"]
["D48995","RONDELLE",20181,"PASMSE",2014,8,52.475000000000001,419.8,"PAS"]
["D48996","RONDELLE",20333,"PASMSE",2014,3,356,1068,"PAS"]
["D48996","RONDELLE",9473,"PASMSE",2009,25,4.8,120,"PAS"]
["D48996","RONDELLE",10596,"PASMSE",2009,15,7.9333333333333336,119,"PAS"]
["D48996","RONDELLE",12816,"PASMSE",2010,22,11.818181818181818,260,"PAS"]
["D48996","RONDELLE",14448,"PASMSE",2011,16,16.875,270,"PAS"]
["D49012","PLAQUE",10128,"OACMSE",2009,8,0,0,"OAC"]
["D49012","PLAQUE",8914,"OACMSE",2009,4,23.89,95.56,"OAC"]
["D49012","PLAQUE",10128,"PEIMSE",2009,8,182.25,1458,"PEI"]
["D49012","PLAQUE",8915,"PEIMSE",2009,4,41.75,167,"PEI"]
["D49017","FOND",13361,"CNDOAC",2011,8,4.4712500000000004,35.770000000000003,"CND","OAC"]
["D49017","FOND",14474,"CNDOAC",2011,8,8.9425000000000008,71.540000000000006,"CND","OAC"]
["D49017","FOND",15378,"CNDOAC",2011,9,5.1033333333333335,45.93,"CND","OAC"]
["D49085","EMBOUT REGLABLE",9070,"TTH",2009,11,2.7545454545454544,30.3,"TTH"]
["D49096","RONDELLE",9330,"DETBRUMSE",2009,13,13.458461538461538,174.96,"DET","BRU"]
["D49096","RONDELLE",10473,"DETBRUMSE",2009,11,{"$f":"H8707/F8707","v":294},3234,"DET","BRU"]
["D49096","RONDELLE",13229,"DETBRUMSE",2010,12,8.6016666666666666,103.22,"DET","BRU"]
["D49096","RONDELLE",15594,"DETBRUMSE",2012,16,4.4343750000000002,70.95,"DET","BRU"]
["D49096","RONDELLE",18108,"DETBRUMSE",2013,21,10.220000000000001,214.62,"DET","BRU"]
["D49096","RONDELLE",19752,"DETBRUMSE",2013,16,29.356874999999999,469.71,"DET","BRU"]
["D49147","SIEGE A CLAPET",12849,"CNDRILMSE",2010,12,4.0541666666666663,48.65,"CND","RIL"]
["D49147","SIEGE A CLAPET",14096,"CNDRILMSE",2011,8,4.47,35.76,"CND","RIL"]
["D49147R2","SIEGE A CLAPET",12851,"CNDRILMSE",2010,7,80.352857142857147,562.47,"CND","RIL"]
["D49176","COIFFE",19976,"TTHMSE",2014,1,396,396,"TTH"]
["D49263","BAGUE",9727,"OACMSE",2009,29,4.141034482758621,120.09,"OAC"]
["D49263","BAGUE",9727,"PEIMSE",2009,29,93.537931034482753,2712.6,"PEI"]
["D49263-1","ENTRETOISE",9726,"OACPEIMSE",2009,14,0,0,"OAC","PEI"]
["D49263-1","ENTRETOISE",11299,"OACPEIMSE",2010,12,4.2583333333333337,51.1,"OAC","PEI"]
["D49328","BAGUE",9572,"CADMSE",2009,11,35.807272727272725,393.88,"CAD"]
["D49328","BAGUE",11022,"CADMSE",2009,7,27.428571428571427,192,"CAD"]
["D49328","BAGUE",9573,"PEIMSE",2009,11,295.34545454545457,3248.8,"PEI"]
["D49328","BAGUE",11023,"PEIMSE",2010,7,434.17142857142852,3039.2,"PEI"]
["D49330","CALE",12420,"OACMSE",2010,6,8.5166666666666675,51.1,"OAC"]
["D49330","CALE",13404,"OACMSE",2011,12,9.8441666666666663,118.13,"OAC"]
["D49330","CALE",19833,"OACMSE",2014,29,161.98655172413791,4697.6099999999997,"OAC"]
["D49330","CALE",9705,"OACMSE",2009,24,4.0879166666666666,98.11,"OAC"]
["D49330","CALE",11786,"OACMSE",2010,9,16.006666666666668,144.06,"OAC"]
["D49330","CALE",12420,"PEIMSE",2010,6,6.0033333333333339,36.020000000000003,"PEI"]
["D49330","CALE",13404,"PEIMSE",2011,12,3.3000000000000003,39.6,"PEI"]
["D49330","CALE",19833,"PEIMSE",2014,29,145.27448275862068,4212.96,"PEI"]
["D49330","CALE",9706,"PEIMSE",2009,24,132.31,3175.44,"PEI"]
["D49330","CALE",11787,"PEIMSE",2010,9,18.555555555555557,167,"PEI"]
["D49537","BAGUE",16408,"CADMSE",2012,10,19.265000000000001,192.65,"CAD"]
["D49537","BAGUE",16408,"PEIMSE",2012,10,309.87,3098.7,"PEI"]
["D49542","BAGUE",16494,"CADPEIMSE",2012,5,25.2,126,"CAD","PEI"]
["D49544","BAGUE",16430,"CADMSE",2012,10,29.302,293.02,"CAD"]
["D49544","BAGUE",16430,"PEIMSE",2012,10,74.25,742.5,"PEI"]
["D49545","BAGUE",16060,"CADMSE",2012,6,20,120,"CAD"]
["D49545","BAGUE",16060,"PEIMSE",2012,6,16.5,99,"PEI"]
["D49586","ECROU DE FOND",11654,"CNDDETCADMSE",2010,11,4.1809090909090907,45.99,"CND","DET","CAD"]
["D49586","ECROU DE FOND",11127,"TTHMSE",2010,6,19.025000000000002,114.15,"TTH"]
["D49788","BAGUE",9747,"CNDOACMSE",2009,16,2.2356250000000002,35.770000000000003,"CND","OAC"]
["D49788","BAGUE",15685,"CNDOACMSE",2012,9,7.9488888888888898,71.540000000000006,"CND","OAC"]
["D49788","BAGUE",9747,"PEIMSE",2009,16,37.413125000000001,598.61,"PEI"]
["D49788","BAGUE",15685,"PEIMSE",2012,9,4.4000000000000004,39.6,"PEI"]
["D49788","BAGUE",15685,"PEIMSE",2012,0,{"$error":"#DIV/0!"},792,"PEI"]
["D49788EB","BAGUE",9430,"CNDMSE",2009,50,0.71540000000000004,35.770000000000003,"CND"]
["D49788EB","BAGUE",9701,"CNDMSE",2009,62,0.57693548387096782,35.770000000000003,"CND"]
["D49788EB","BAGUE",14758,"CNDMSE",2011,21,7.2219047619047618,151.66,"CND"]
["D49788EB","BAGUE",15240,"CNDMSE",2011,15,2.3839999999999999,35.76,"CND"]
["D49788EB","BAGUE",15980,"CNDMSE",2012,17,20.024117647058826,340.41,"CND"]
["D49788EB","BAGUE",17056,"CNDMSE",2012,16,5.03,80.48,"CND"]
["D49797","BAGUE",14563,"PEIMSE",2011,39,0.92512820512820504,36.08,"PEI"]
["D49797","BAGUE",14570,"PEIMSE",2011,40,5.6579999999999995,226.32,"PEI"]
["D49797","BAGUE",15878,"PEIMSE",2012,116,0.48198275862068962,55.91,"PEI"]
["D49797","BAGUE",16207,"PEIMSE",2012,35,1.2945714285714287,45.31,"PEI"]
["D49797","BAGUE",9373,"PEIMSE",2009,67,3.5098507462686568,235.16,"PEI"]
["D49797","BAGUE",10878,"PEIMSE",2009,34,8.7949999999999999,299.02999999999997,"PEI"]
["D49797","BAGUE",12077,"PEIMSE",2010,22,0.95272727272727276,20.96,"PEI"]
["D49797","BAGUE",12459,"PEIMSE",2010,32,150.62375,4819.96,"PEI"]
["D49797","BAGUE",11381,"PEIMSE",2010,15,229.16266666666667,3437.44,"PEI"]
["D49845","BAGUE",16084,"PEIMSE",2012,6,14.346666666666666,86.08,"PEI"]
["D49845","BAGUE",10906,"PEIMSE",2009,6,62.516666666666673,375.1,"PEI"]
["D49845","BAGUE",14104,"PEIMSE",2011,6,349.33333333333331,2096,"PEI"]
["D49845","BAGUE",14583,"PEIMSE",2011,11,3.2772727272727269,36.049999999999997,"PEI"]
["D49845","BAGUE",15012,"PEIMSE",2011,46,5.7976086956521735,266.69,"PEI"]
["D49845","BAGUE",10691,"PEIMSE",2009,7,458.12571428571431,3206.88,"PEI"]
["D49845","BAGUE",11588,"PEIMSE",2010,4,39.299999999999997,157.19999999999999,"PEI"]
["D49845","BAGUE",11407,"PEIMSE",2010,8,143.75,1150,"PEI"]
["D49847-2","BAGUE",11348,"CADMSE",2010,5,{"$f":"H8771/F8771","v":47.760000000000005},238.8,"CAD"]
["D49847-2","BAGUE",14680,"CADMSE",2011,10,42.273000000000003,422.73,"CAD"]
["D49847-2","BAGUE",9132,"CADMSE",2009,17,2.9411764705882355,50,"CAD"]
["D49847-2","BAGUE",11400,"CADMSE",2010,7,11.357142857142858,79.5,"CAD"]
["D49850-1","BAGUE",11216,"CNDCADMSE",2010,2,31.94,63.88,"CND","CAD"]
["D49850-1","BAGUE",14654,"CNDCADMSE",2011,5,7.2780000000000005,36.39,"CND","CAD"]
["D49850-1","BAGUE",14654,"PEIMSE",2011,5,7.1980000000000004,35.99,"PEI"]
["D49850-1","BAGUE",11217,"PEIMSE",2010,2,1582.48,3164.96,"PEI"]
["D49850-1","BAGUE",8978,"CNDCADMSE",2009,8,19.5,156,"CND","CAD"]
["D49850-1","BAGUE",10856,"CNDCADMSE",2009,8,11.6675,93.34,"CND","CAD"]
["D49850-1","BAGUE",14058,"CNDCADMSE",2011,10,18.928999999999998,189.29,"CND","CAD"]
["D49850-1","BAGUE",14058,"PEIMSE",2011,10,88.751000000000005,887.51,"PEI"]
["D49850-1","BAGUE",10857,"PEIMSE",2009,8,31.23,249.84,"PEI"]
["D49850-1","BAGUE",8979,"PEIMSE",2009,8,27.51,220.08,"PEI"]
["D49851-1","BAGUE",11322,"CADMSE",2010,4,70.75,283,"CAD"]
["D49851-1","BAGUE",14701,"CADMSE",2011,12,6.6149999999999993,79.38,"CAD"]
["D49851-1","BAGUE",9039,"CADMSE",2009,16,11.875,190,"CAD"]
["D49851-1","BAGUE",11380,"CADMSE",2010,5,15.9,79.5,"CAD"]
["D49853","RONDELLE",9601,"OACMSE",2009,21,4.9057142857142857,103.02,"OAC"]
["D49853","RONDELLE",12205,"OACMSE",2010,39,9.7512820512820522,380.3,"OAC"]
["D49853","RONDELLE",12466,"OACMSE",2010,35,5.2794285714285714,184.78,"OAC"]
["D49853","RONDELLE",16650,"OACMSE",2012,13,13.299230769230768,172.89,"OAC"]
["D49853","RONDELLE",18436,"OACMSE",2013,18,8.0338888888888889,144.61000000000001,"OAC"]
["D49875","RONDELLE DE REGLAGE",9818,"DETBRUMSE",2009,215,21.488372093023255,4620,"DET","BRU"]
["D49875","RONDELLE DE REGLAGE",12607,"DETBRUMSE",2010,116,5.4593103448275864,633.28,"DET","BRU"]
["D49875","RONDELLE DE REGLAGE",16082,"DETBRUMSE",2012,48,2.0141666666666667,96.68,"DET","BRU"]
["D49875-1","RONDELLE DE REGLAGE",8862,"DETBRUMSE",2009,272,0.47944852941176469,130.41,"DET","BRU"]
["D49875-1","RONDELLE DE REGLAGE",9451,"DETBRUMSE",2009,74,24.735135135135135,1830.4,"DET","BRU"]
["D49875-1","RONDELLE DE REGLAGE",12602,"DETBRUMSE",2010,254,0,0,"DET","BRU"]
["D49875-1","RONDELLE DE REGLAGE",18739,"DETBRUMSE",2013,24,0,0,"DET","BRU"]
["D49875R1","RONDELLE DE REGLAGE",9912,"DETBRUMSE",2009,24,90.833333333333329,2180,"DET","BRU"]
["D49875R1","RONDELLE DE REGLAGE",10527,"DETBRUMSE",2009,25,95.4,2385,"DET","BRU"]
["D49875R1","RONDELLE DE REGLAGE",10455,"DETBRUMSE",2009,27,43.333333333333336,1170,"DET","BRU"]
["D49875R1","RONDELLE DE REGLAGE",12458,"DETBRUMSE",2010,93,1.3978494623655915,130,"DET","BRU"]
["D49875R1","RONDELLE DE REGLAGE",14777,"DETBRUMSE",2011,39,4.8741025641025644,190.09,"DET","BRU"]
["D49875R2","RONDELLE DE REGLAGE",8861,"DETBRUMSE",2009,32,1.36375,43.64,"DET","BRU"]
["D49875R2","RONDELLE DE REGLAGE",9808,"DETBRUMSE",2009,61,18.590163934426229,1134,"DET","BRU"]
["D49875R2","RONDELLE DE REGLAGE",12809,"DETBRUMSE",2010,62,0.90854838709677421,56.33,"DET","BRU"]
["D49875R2","RONDELLE DE REGLAGE",14252,"DETBRUMSE",2011,48,18.459791666666668,886.07,"DET","BRU"]
["D49875R3","RONDELLE DE REGLAGE",11379,"DETBRUMSE",2010,21,9.7771428571428576,205.32,"DET","BRU"]
["D49875R3","RONDELLE DE REGLAGE",14251,"DETBRUMSE",2011,63,2.746031746031746,173,"DET","BRU"]
["D49875R3","RONDELLE DE REGLAGE",14780,"DETBRUMSE",2011,60,0.59616666666666673,35.770000000000003,"DET","BRU"]
["D49875R3","RONDELLE DE REGLAGE",17045,"DETBRUMSE",2012,39,0.91717948717948727,35.770000000000003,"DET","BRU"]
["D49875R3","RONDELLE DE REGLAGE",17045,"DETBRUMSE",2012,39,1.5594871794871794,60.82,"DET","BRU"]
["D49893","RONDELLE",9611,"DETBRUMSE",2009,26,63.07692307692308,1640,"DET","BRU"]
["D49950","ECROU DE FOND",11109,"DETCNDCADMSE",2010,14,13.212857142857143,184.98,"DET","CND","CAD"]
["D49950","ECROU DE FOND",14114,"DETCNDCADMSE",2011,27,3.4444444444444446,93,"DET","CND","CAD"]
["D49950","ECROU DE FOND",14114,"PEIMSE",2011,27,1.3718518518518519,37.04,"PEI"]
["D49950","ECROU DE FOND",11110,"PEIMSE",2010,14,155.70285714285714,2179.84,"PEI"]
["D49950","ECROU DE FOND",10903,"TTHMSE",2009,15,6.0606666666666662,90.91,"TTH"]
["D49950","ECROU DE FOND",13843,"TTHMSE",2011,27,31.111111111111111,840,"TTH"]
["D50012-1R3","RONDELLE",13076,"PASMSE",2010,36,10,360,"PAS"]
["D50012-1R3","RONDELLE",13076,"PASMSE",2010,23,15.652173913043478,360,"PAS"]
["D50032","BUTEE",14947,"TTHMSE",2011,23,3.0769565217391301,70.77,"TTH"]
["D50032","BUTEE",15884,"TTHMSE",2012,22,2.435909090909091,53.59,"TTH"]
["D50032","BUTEE",16844,"TTHMSE",2012,24,10.745833333333332,257.89999999999998,"TTH"]
["D50032","BUTEE",18378,"TTHMSE",2013,10,4.1710000000000003,41.71,"TTH"]
["D50032","BUTEE",19260,"TTHMSE",2013,33,0.83969696969696972,27.71,"TTH"]
["D50032","BUTEE",10409,"TTHMSE",2009,21,3.1976190476190478,67.150000000000006,"TTH"]
["D50032","BUTEE",11286,"TTHMSE",2010,23,1.4691304347826086,33.79,"TTH"]
["D50032","BUTEE",12445,"TTHMSE",2010,10,19.712,197.12,"TTH"]
["D50032","BUTEE",13844,"TTHMSE",2011,45,79.333333333333329,3570,"TTH"]
["D50039","SEGMENT 2 PIECES",9333,"DETCADMSE",2009,18,9.3288888888888888,167.92,"DET","CAD"]
["D50039","SEGMENT 2 PIECES",8888,"TTHMSE",2009,2,32.024999999999999,64.05,"TTH"]
["D50041-1","BUTEE",9315,"CNDMSE",2009,7,{"$f":"H8835/F8835","v":12.03},84.21,"CND"]
["D50041-1","BUTEE",12417,"CNDMSE",2010,8,8.15,65.2,"CND"]
["D50041-1","BUTEE",8989,"TTHMSE",2009,3,8.3833333333333329,25.15,"TTH"]
["D50041-1","BUTEE",12182,"TTHMSE",2010,3,33.196666666666665,99.59,"TTH"]
["D50041-1EB","BUTEE",12772,"CNDMSE",2010,11,16.890909090909091,185.8,"CND"]
["D50041-1EB","BUTEE",12408,"TTHMSE",2010,4,16.637499999999999,66.55,"TTH"]
["D50041-1R1","BUTEE",11896,"CNDMSE",2010,11,6.5036363636363639,71.540000000000006,"CND"]
["D50041-1R1","BUTEE",11355,"TTHMSE",2010,4,6.6150000000000002,26.46,"TTH"]
["D50041-1R5","BUTEE",9316,"CNDMSE",2009,8,8.5850000000000009,68.680000000000007,"CND"]
["D50041-1R5","BUTEE",14458,"CNDMSE",2011,8,4.4712500000000004,35.770000000000003,"CND"]
["D50041-1R5","BUTEE",15672,"CNDMSE",2012,17,6.5952941176470592,112.12,"CND"]
["D50041-1R5","BUTEE",15307,"TTHMSE",2011,6,2.8249999999999997,16.95,"TTH"]
["D50041-1R5","BUTEE",19355,"TTHMSE",2013,5,16.086000000000002,80.430000000000007,"TTH"]
["D50041-1R5","BUTEE",20173,"TTHMSE",2014,6,9.1183333333333341,54.71,"TTH"]
["D50041-1R5","BUTEE",20440,"TTHMSE",2014,6,37.15,222.9,"TTH"]
["D50041-1R5","BUTEE",8887,"TTHMSE",2009,3,16.91,50.73,"TTH"]
["D50041-1R5","BUTEE",14235,"TTHMSE",2011,3,2000,6000,"TTH"]
["D50093-1R1","RONDELLE",8939,"PASMSE",2009,278,1.1115107913669064,309,"PAS"]
["D50093-1R1","RONDELLE",9656,"PASMSE",2009,173,5.2543352601156066,909,"PAS"]
["D50093-1R1","RONDELLE",10737,"PASMSE",2009,200,1.6850000000000001,337,"PAS"]
["D50093-1R1","RONDELLE",12308,"PASMSE",2010,56,8.9285714285714288,500,"PAS"]
["D50093-1R1","RONDELLE",12479,"PASMSE",2010,60,13.066666666666666,784,"PAS"]
["D50093-1R1","RONDELLE",12823,"PASMSE",2010,58,47.551724137931032,2758,"PAS"]
["D50194R1","PISTON",13498,"CNDRIL",2011,4,14.307499999999999,57.23,"CND","RIL"]
["D50197-1EB","FOND",14426,"CND",2011,4,48.25,193,"CND"]
["D50199","EMBOUT",13441,"CNDCAD",2011,67,0.76268656716417915,51.1,"CND","CAD"]
["D50199","EMBOUT",15347,"CNDCAD",2012,71,0.71971830985915497,51.1,"CND","CAD"]
["D50199","EMBOUT",18287,"CNDCAD",2013,71,2.1378873239436618,151.79,"CND","CAD"]
["D50199","EMBOUT",20771,"CNDCAD",2014,75,0.94,70.5,"CND","CAD"]
["D50199","EMBOUT",18502,"PEI",2013,70,5.6144285714285713,393.01,"PEI"]
["D50199","EMBOUT",13441,"PEI",2011,67,0.53805970149253723,36.049999999999997,"PEI"]
["D50199","EMBOUT",15347,"PEI",2012,71,37.369014084507043,2653.2,"PEI"]
["D50199","EMBOUT",17497,"TTH",2012,76,5.6447368421052628,429,"TTH"]
["D50199","EMBOUT",13126,"TTH",2010,72,0.68513888888888885,49.33,"TTH"]
["D50199","EMBOUT",13126,"TTH",2010,75,0.53560000000000008,40.17,"TTH"]
["D50202","CALE",14244,"OAC",2011,9,5.677777777777778,51.1,"OAC"]
["D50202","CALE",18272,"OAC",2013,15,7.3340000000000005,110.01,"OAC"]
["D50202","CALE",18273,"PEI",2013,15,9.5886666666666667,143.83000000000001,"PEI"]
["D50202","CALE",14245,"PEI",2011,9,35.200000000000003,316.8,"PEI"]
["D50204","LINGUET",14027,"CND",2011,21,4.4571428571428573,93.6,"CND"]
["D50204","LINGUET",18018,"CND",2013,19,8.526315789473685,162,"CND"]
["D50204","LINGUET",18109,"NITRU",2013,19,2.6894736842105265,51.1,"NITRU"]
["D50204","LINGUET",14028,"NITRU",2011,21,52.333333333333336,1099,"NITRU"]
["D50218","RONDELLE",9028,"CADMSE",2009,60,2.3333333333333335,140,"CAD"]
["D50218","RONDELLE",9543,"CADMSE",2009,137,11.842335766423359,1622.4,"CAD"]
["D50218","RONDELLE",9631,"CADMSE",2009,58,7.3841379310344823,428.28,"CAD"]
["D50218","RONDELLE",11335,"CADMSE",2010,27,4.6296296296296298,125,"CAD"]
["D50218","RONDELLE",11789,"CADMSE",2010,30,17.663666666666664,529.91,"CAD"]
["D50218","RONDELLE",11950,"CADMSE",2010,183,0.68306010928961747,125,"CAD"]
["D50218","RONDELLE",12411,"CADMSE",2010,114,1.147017543859649,130.76,"CAD"]
["D50218","RONDELLE",14169,"CADMSE",2011,116,0.44051724137931036,51.1,"CAD"]
["D50218","RONDELLE",14964,"CADMSE",2011,110,0.91054545454545455,100.16,"CAD"]
["D50218","RONDELLE",17794,"CADMSE",2013,128,1.265625,162,"CAD"]
["D50218","RONDELLE",19439,"CADMSE",2013,60,1.2465000000000002,74.790000000000006,"CAD"]
["D50218","RONDELLE",20019,"CADMSE",2014,25,4.8,120,"CAD"]
["D50218","RONDELLE",17512,"TTHMSE",2012,3,12.229999999999999,36.69,"TTH"]
["D50218","RONDELLE",20821,"TTHMSE",2014,2,116.8,233.6,"TTH"]
["D50233","BAGUE",15156,"CNDPEIMSE",2011,12,2.9808333333333334,35.770000000000003,"CND","PEI"]
["D50240","ECROU",10160,"OACMSE",2009,24,11.190833333333332,268.58,"OAC"]
["D50240","ECROU",12149,"OACMSE",2010,20,3.5770000000000004,71.540000000000006,"OAC"]
["D50240","ECROU",12382,"OACMSE",2010,11,6.5036363636363639,71.540000000000006,"OAC"]
["D50240","ECROU",12387,"OACMSE",2010,20,6.3159999999999998,126.32,"OAC"]
["D50240","ECROU",13957,"OACMSE",2011,29,5.0410344827586204,146.19,"OAC"]
["D50240","ECROU",14383,"OACMSE",2011,15,2.3846666666666669,35.770000000000003,"OAC"]
["D50240","ECROU",15992,"OACMSE",2012,5,{"$f":"H8899/F8899","v":23.628},118.14,"OAC"]
["D50240","ECROU",9355,"OACMSE",2009,31,1.6483870967741936,51.1,"OAC"]
["D50240","ECROU",10160,"PEIMSE",2009,24,11.549999999999999,277.2,"PEI"]
["D50240","ECROU",12149,"PEIMSE",2010,20,9.379999999999999,187.6,"PEI"]
["D50240","ECROU",12382,"PEIMSE",2010,11,276.3,3039.3,"PEI"]
["D50240","ECROU",12387,"PEIMSE",2010,20,23.949000000000002,478.98,"PEI"]
["D50240","ECROU",13957,"PEIMSE",2011,29,1.7068965517241379,49.5,"PEI"]
["D50240","ECROU",14383,"PEIMSE",2011,15,1.98,29.7,"PEI"]
["D50240","ECROU",15992,"PEIMSE",2012,5,1.98,9.9,"PEI"]
["D50240","ECROU",9356,"PEIMSE",2009,31,12.612903225806452,391,"PEI"]
["D50242","RONDELLE",9080,"CADMSE",2009,12,25.833333333333332,310,"CAD"]
["D50247","RONDELLE",11210,"CNDMSE",2010,10,3.5770000000000004,35.770000000000003,"CND"]
["D50247","RONDELLE",14748,"CNDMSE",2011,14,8.9792857142857141,125.71,"CND"]
["D50247","RONDELLE",11482,"PASMSE",2010,4,285,1140,"PAS"]
["D50247","RONDELLE",14995,"PASMSE",2011,14,36.785714285714285,515,"PAS"]
["D50247","RONDELLE",11211,"RECTMSE",2010,9,11,99,"RECTIF"]
["D50247","RONDELLE",14749,"RECTMSE",2011,14,14.892857142857142,208.5,"RECTIF"]
["D50247","RONDELLE",10506,"CNDPASMSE",2009,81,0.23777777777777781,19.260000000000002,"CND","PAS"]
["D50247","RONDELLE",10506,"CNDPASMSE",2009,32,1.91625,61.32,"CND","PAS"]
["D50247","RONDELLE",10506,"CNDPASMSE",2009,10,3.5770000000000004,35.770000000000003,"CND","PAS"]
["D50247","RONDELLE",13073,"CNDPASMSE",2010,97,0.61113402061855671,59.28,"CND","PAS"]
["D50249","BAGUE",14889,"CNDPHOMSE",2011,14,2.5550000000000002,35.770000000000003,"CND","PHO"]
["D50249","BAGUE",13087,"PEIMSE",2010,11,9.5436363636363648,104.98,"PEI"]
["D50249","BAGUE",14889,"PEIMSE",2011,14,33.946428571428569,475.25,"PEI"]
["D50249","BAGUE",13087,"PHOMSE",2010,11,15.272727272727273,168,"PHO"]
["D50249","BAGUE",14681,"TTHMSE",2011,1,37.35,37.35,"TTH"]
["D50249","BAGUE",12643,"TTHMSE",2010,2,630,1260,"TTH"]
["D50250","FREIN",10732,"CNDCADMSE",2009,8,42.725000000000001,341.8,"CND","CAD"]
["D50250","FREIN",11577,"CNDCADMSE",2010,6,5.9633333333333338,35.78,"CND","CAD"]
["D50250","FREIN",12131,"CNDCADMSE",2010,53,1.3498113207547171,71.540000000000006,"CND","CAD"]
["D50250","FREIN",12815,"CNDCADMSE",2010,90,0.48600000000000004,43.74,"CND","CAD"]
["D50250","FREIN",14497,"CNDCADMSE",2011,25,3.4092000000000002,85.23,"CND","CAD"]
["D50250","FREIN",15807,"CNDCADMSE",2012,8,16.671250000000001,133.37,"CND","CAD"]
["D50250","FREIN",17280,"CNDCADMSE",2012,11,3.4836363636363639,38.32,"CND","CAD"]
["D50250","FREIN",20095,"CNDCADMSE",2014,1,544.59,544.59,"CND","CAD"]
["D50250","FREIN",19522,"CNDCADMSE",2013,3,33.216666666666669,99.65,"CND","CAD"]
["D50312","BAGUE",10925,"CNDCADMSE",2009,14,2.5550000000000002,35.770000000000003,"CND","CAD"]
["D50312","BAGUE",14171,"CNDCADMSE",2011,15,2.3846666666666669,35.770000000000003,"CND","CAD"]
["D50312","BAGUE",14171,"PEIMSE",2011,15,13.170666666666667,197.56,"PEI"]
["D50312","BAGUE",10926,"PEIMSE",2010,14,227.56571428571428,3185.92,"PEI"]
["D50312EB","BAGUE",11706,"CNDMSE",2010,2,33.880000000000003,67.760000000000005,"CND"]
["D50340","PISTON",12565,"CNDRIL",2010,6,52.81,316.86,"CND","RIL"]
["D50340","PISTON",13680,"CNDRIL",2011,11,3.2518181818181819,35.770000000000003,"CND","RIL"]
["D50340","PISTON",14988,"CNDRIL",2011,6,5.9616666666666669,35.770000000000003,"CND","RIL"]
["D50340","PISTON",15710,"CNDRIL",2012,13,5.8492307692307701,76.040000000000006,"CND","RIL"]
["D50340","PISTON",16802,"CNDRIL",2012,10,3.5770000000000004,35.770000000000003,"CND","RIL"]
["D50340","PISTON",16802,"CNDRIL",2012,10,8.17,81.7,"CND","RIL"]
["D50340","PISTON",18562,"CNDRIL",2013,9,68.542222222222222,616.88,"CND","RIL"]
["D50340","PISTON",14617,"TTH",2011,1,111,111,"TTH"]
["D50340","PISTON",15448,"TTH",2012,2,206,412,"TTH"]
["D50340","PISTON",16327,"TTH",2012,1,192,192,"TTH"]
["D50340","PISTON",18206,"TTH",2013,1,750,750,"TTH"]
["D50340","PISTON",12402,"TTH",2010,1,141.16999999999999,141.16999999999999,"TTH"]
["D50340","PISTON",13473,"TTH",2011,1,24.99,24.99,"TTH"]
["D50341","ECROU",13566,"CND",2011,9,0.9622222222222222,8.66,"CND"]
["D50420","SUPPORT",18229,"OAC PEI",2013,23,0,0,"OAC","PEI"]
["D50433","BAGUE",18875,"CND",2013,3,403,1209,"CND"]
["D50487","PISTON",11060,"CNDMSE",2009,4,17.885000000000002,71.540000000000006,"CND"]
["D50487EB","PISTON",10169,"CNDMSE",2009,5,35.892000000000003,179.46,"CND"]
["D50487EB","PISTON",12142,"CNDMSE",2010,8,4.4712500000000004,35.770000000000003,"CND"]
["D50487EB","PISTON",12729,"CNDMSE",2010,12,4.2450000000000001,50.94,"CND"]
["D50487EB","PISTON",12729,"CNDMSE",2010,9,11.676666666666668,105.09,"CND"]
["D50487EB","PISTON",14425,"CNDMSE",2011,10,10.731,107.31,"CND"]
["D50487EB","PISTON",15642,"CNDMSE",2012,21,4.0471428571428572,84.99,"CND"]
["D50487EB","PISTON",15699,"CNDMSE",2012,14,{"$f":"H8963/F8963","v":5.5185714285714287},77.260000000000005,"CND"]
["D50487EB","PISTON",15149,"USI",2012,21,0.8571428571428571,18,"USI"]
["D50515","RAMPE DE GRAISSAGE",10722,"CNDOACPEIMSE",2009,8,9.8112499999999994,78.489999999999995,"CND","OAC","PEI"]
["D50515","RAMPE DE GRAISSAGE",10722,"CNDOACPEIMSE",2009,5,53.826000000000001,269.13,"CND","OAC","PEI"]
["D50515","RAMPE DE GRAISSAGE",14313,"CNDOACPEIMSE",2011,2,17.885000000000002,35.770000000000003,"CND","OAC","PEI"]
["D50639","CALE",10868,"PELPASMSE",2009,10,15.8,158,"PEL","PAS"]
["D50639","CALE",13677,"PELPASMSE",2011,17,187.64705882352942,3190,"PEL","PAS"]
["D50639","CALE",16355,"PELPASMSE",2012,18,13.177222222222222,237.19,"PEL","PAS"]
["D50697","BAGUE",16458,"PEIMSE",2012,21,8.9433333333333334,187.81,"PEI"]
["D50698EB","NOIX",10034,"CNDMSE",2009,23,12.929130434782609,297.37,"CND"]
["D50698EB","NOIX",10955,"CNDMSE",2009,23,1.5552173913043479,35.770000000000003,"CND"]
["D50698EB","NOIX",9810,"TTHMSE",2009,23,2.1739130434782608,50,"TTH"]
["D50698EB","NOIX",10816,"TTHMSE",2009,23,0.93913043478260871,21.6,"TTH"]
["D50852","RONDELLE",15845,"CADMSE",2012,64,12.339062500000001,789.7,"CAD"]
["D50852","RONDELLE",15568,"TTHMSE",2012,5,9.4220000000000006,47.11,"TTH"]
["D50852","RONDELLE",10764,"TTHMSE",2009,9,2.3499999999999996,21.15,"TTH"]
["D50860-1","COIFFE",11660,"CADMSE",2010,5,80.11,400.55,"CAD"]
["D50860-1","COIFFE",11445,"CNDRILMSE",2010,5,7.1540000000000008,35.770000000000003,"CND","RIL"]
["D50860-1","COIFFE",8632,"PEIMSE",2009,5,10.48,52.4,"PEI"]
["D50860-1","COIFFE",11661,"PEIMSE",2010,5,33.4,167,"PEI"]
["D50860-1","COIFFE",10818,"STABMSE",2009,5,22.2,111,"STAB"]
["D50860-1","COIFFE",11264,"SULFMSE",2010,5,22.202000000000002,111.01,"SULF"]
["D50860-1","COIFFE",12030,"SULFMSE",2010,7,19.03142857142857,133.22,"SULF"]
["D50860-1","COIFFE",10532,"TTHMSE",2009,5,11.870000000000001,59.35,"TTH"]
["D50860-1","COIFFE",11176,"TTHMSE",2010,7,13.127142857142857,91.89,"TTH"]
["D50860-1","COIFFE",11836,"TTHMSE",2010,7,3.867142857142857,27.07,"TTH"]
["D50908","BAGUE DE BUTEE",9724,"TTHMSE",2009,3,0,0,"TTH"]
["D50908","BAGUE DE BUTEE",10178,"TTHMSE",2009,3,26.463333333333335,79.39,"TTH"]
["D50908","BAGUE DE BUTEE",10904,"TTHMSE",2009,5,9.83,49.15,"TTH"]
["D50908","BAGUE DE BUTEE",11992,"TTHMSE",2010,3,7.73,23.19,"TTH"]
["D50910","DIAPHRAGME",10996,"CNDRILMSE",2009,5,0,0,"CND","RIL"]
["D50910R1","DIAPHRAGME",8965,"CNDRILMSE",2009,7,27.798571428571428,194.59,"CND","RIL"]
["D50910R1","DIAPHRAGME",10207,"CNDRILMSE",2009,4,0,0,"CND","RIL"]
["D50910R1","DIAPHRAGME",11515,"CNDRILMSE",2010,5,7.1540000000000008,35.770000000000003,"CND","RIL"]
["D50910R1","DIAPHRAGME",12054,"CNDRILMSE",2010,5,7.1540000000000008,35.770000000000003,"CND","RIL"]
["D51097","RONDELLE",15121,"CADMSE",2011,35,3.4285714285714284,120,"CAD"]
["D51097","RONDELLE",12082,"CADMSE",2010,21,5.9523809523809526,125,"CAD"]
["D51097","RONDELLE",12082,"CADMSE",2010,61,2.7049180327868854,165,"CAD"]
["D51097","RONDELLE",14732,"CADMSE",2011,27,4.4444444444444446,120,"CAD"]
["D51097","RONDELLE",18921,"CADMSE",2013,21,5.9523809523809526,125,"CAD"]
["D51097","RONDELLE",19317,"CADMSE",2013,35,3.7142857142857144,130,"CAD"]
["D51373","BAGUE",10398,"CADMSE",2009,11,21.628181818181819,237.91,"CAD"]
["D51379","BAGUE",9461,"CADMSE",2009,10,26.363999999999997,263.64,"CAD"]
["D51386-1","BAGUE",9049,"OCMSE",2009,23,5.4208695652173917,124.68,"OC"]
["D51386-1","BAGUE",9498,"OCMSE",2009,53,2.8113207547169812,149,"OC"]
["D51386-1","BAGUE",10977,"OCMSE",2009,42,18.667142857142856,784.02,"OC"]
["D51386-1","BAGUE",12471,"OCMSE",2010,24,7.6654166666666663,183.97,"OC"]
["D51386-1","BAGUE",15425,"OCMSE",2012,58,2.8587931034482761,165.81,"OC"]
["D51386-1","BAGUE",19396,"OCMSE",2013,22,8.8490909090909096,194.68,"OC"]
["D51503","RONDELLE",9328,"CNDOACMSE",2009,41,1.4736585365853658,60.42,"CND","OAC"]
["D51503","RONDELLE",12189,"CNDOACMSE",2010,30,2.609666666666667,78.290000000000006,"CND","OAC"]
["D51503","RONDELLE",12463,"CNDOACMSE",2010,80,0.8942500000000001,71.540000000000006,"CND","OAC"]
["D51503","RONDELLE",14495,"CNDOACMSE",2011,40,0.94399999999999995,37.76,"CND","OAC"]
["D51503","RONDELLE",16096,"CNDOACMSE",2012,24,1.4904166666666667,35.770000000000003,"CND","OAC"]
["D51503","RONDELLE",9328,"PEIMSE",2009,41,4.0365853658536581,165.5,"PEI"]
["D51503","RONDELLE",12189,"PEIMSE",2010,30,1.2006666666666668,36.020000000000003,"PEI"]
["D51503","RONDELLE",12463,"PEIMSE",2010,80,0.90037500000000004,72.03,"PEI"]
["D51503","RONDELLE",14495,"PEIMSE",2011,40,0.495,19.8,"PEI"]
["D51503","RONDELLE",16096,"PEIMSE",2012,24,325.72583333333336,7817.42,"PEI"]
["D51503",null,0,null,2013,1,165,165]
["D51535","ECROU",10702,"CNDOACMSE",2009,11,12.493636363636364,137.43,"CND","OAC"]
["D51535","ECROU",12594,"CNDOACMSE",2010,42,0.85166666666666679,35.770000000000003,"CND","OAC"]
["D51535","ECROU",14785,"CNDOACMSE",2011,25,1.7168000000000001,42.92,"CND","OAC"]
["D51535","ECROU",12594,"PEIMSE",2010,42,78.492857142857133,3296.7,"PEI"]
["D51535","ECROU",14785,"PEIMSE",2011,25,{"$f":"H9027/F9027","v":3.96},99,"PEI"]
["D51601","RAMPE DE GRAISSAGE",11545,"OACMSE",2010,7,7.3,51.1,"OAC"]
["D51601","RAMPE DE GRAISSAGE",9171,"OACMSE",2009,6,19.418333333333333,116.51,"OAC"]
["D51601","RAMPE DE GRAISSAGE",10577,"OACMSE",2009,7,29.975714285714286,209.83,"OAC"]
["D51601","RAMPE DE GRAISSAGE",11545,"PEIMSE",2010,7,17.157142857142855,120.1,"PEI"]
["D51601","RAMPE DE GRAISSAGE",9172,"PEIMSE",2009,6,20.96,125.76,"PEI"]
["D51601","RAMPE DE GRAISSAGE",10578,"PEIMSE",2009,7,149.71428571428572,1048,"PEI"]
["D51684","RONDELLE",12994,"OACPEIMSE",2010,30,1.8866666666666667,56.6,"OAC","PEI"]
["D51684","RONDELLE",15632,"OACPEIMSE",2012,15,6.6479999999999997,99.72,"OAC","PEI"]
["D51684","RONDELLE",19552,"OACPEIMSE",2013,30,4.5283333333333333,135.85,"OAC","PEI"]
["D51778","AXE",10593,"DETCADMSE",2009,5,89.364000000000004,446.82,"DET","CAD"]
["D51778","AXE",10594,"PEIMSE",2009,5,33.4,167,"PEI"]
["D51778","AXE",10209,"TTHMSE",2009,5,6.3179999999999996,31.59,"TTH"]
["D51830","RONDELLE",17494,"TTHMSE",2012,1,146.65,146.65,"TTH"]
["D51832","RONDELLE",17258,"TTHMSE",2012,2,21.045000000000002,42.09,"TTH"]
["D51833","RONDELLE",17496,"TTHMSE",2012,1,157.9,157.9,"TTH"]
["D51871","BAGUE",13212,"CADPEIMSE",2011,7,19.46857142857143,136.28,"CAD","PEI"]
["D51871","BAGUE",16214,"CADPEIMSE",2012,23,5.4782608695652177,126,"CAD","PEI"]
["D51871","BAGUE",11474,"CADMSE",2010,22,5.9640909090909098,131.21,"CAD"]
["D51871","BAGUE",13925,"CADMSE",2011,5,24,120,"CAD"]
["D51871","BAGUE",18236,"CADMSE",2013,5,26,130,"CAD"]
["D51871","BAGUE",13925,"PEIMSE",2011,5,19.652000000000001,98.26,"PEI"]
["D51871","BAGUE",18236,"PEIMSE",2013,5,33.1,165.5,"PEI"]
["D51871","BAGUE",11475,"PEIMSE",2010,22,17.588636363636365,386.95,"PEI"]
["D51872","BAGUE",10733,"CADMSE",2009,117,1.358974358974359,159,"CAD"]
["D51872","BAGUE",14781,"CADMSE",2011,15,8,120,"CAD"]
["D51872","BAGUE",17836,"CADMSE",2013,26,6.2307692307692308,162,"CAD"]
["D51872","BAGUE",14781,"PEIMSE",2011,15,8.5133333333333336,127.7,"PEI"]
["D51872","BAGUE",17836,"PEIMSE",2013,26,90.623076923076923,2356.1999999999998,"PEI"]
["D51872","BAGUE",10734,"PEIMSE",2009,117,1.4273504273504274,167,"PEI"]
["D51872","BAGUE",11530,"CADMSE",2010,8,15.625,125,"CAD"]
["D51872","BAGUE",12473,"CADMSE",2010,8,53.213749999999997,425.71,"CAD"]
["D51872","BAGUE",15840,"CADMSE",2012,5,82,410,"CAD"]
["D51872","BAGUE",12473,"PEIMSE",2010,8,55.081249999999997,440.65,"PEI"]
["D51872","BAGUE",15840,"PEIMSE",2012,5,58.417999999999992,292.08999999999997,"PEI"]
["D51872","BAGUE",11531,"PEIMSE",2010,8,20.875,167,"PEI"]
["D51939","PLAQUE",8959,"BRUMSE",2009,16,9.0625,145,"BRU"]
["D51939","PLAQUE",9629,"BRUMSE",2009,17,7.9058823529411768,134.4,"BRU"]
["D51939","PLAQUE",14773,"BRUMSE",2011,10,5,50,"BRU"]
["D51939","PLAQUE",14773,"PEIMSE",2011,10,13.4,134,"PEI"]
["D51939","PLAQUE",9630,"PEIMSE",2009,17,0,0,"PEI"]
["D51939","PLAQUE",8960,"PEIMSE",2009,16,87.1875,1395,"PEI"]
["D51939","PLAQUE",9301,"TTHMSE",2009,9,15.629999999999999,140.66999999999999,"TTH"]
["D51939","PLAQUE",14533,"TTHMSE",2011,5,208,1040,"TTH"]
["D51946-1","BAGUE",11333,"CADMSE",2010,4,31.25,125,"CAD"]
["D51946-1","BAGUE",14694,"CADMSE",2011,10,8.9439999999999991,89.44,"CAD"]
["D51946-1","BAGUE",9182,"CADMSE",2009,17,22.941176470588236,390,"CAD"]
["D51946-1","BAGUE",11526,"CADMSE",2010,5,57.120000000000005,285.60000000000002,"CAD"]
["D52045","FOND",17210,"CNDCAD",2012,7,145.37142857142857,1017.6,"CND","CAD"]
["D52045","FOND",17916,"PEI",2013,8,7.0787500000000003,56.63,"PEI"]
["D52045","FOND",16536,"TTH",2012,12,6.4558333333333335,77.47,"TTH"]
["D52051","ROTULE",11942,"TTHMSE",2010,23,0.38739130434782609,8.91,"TTH"]
["D52122","FOURRURE",10181,"CNDOACPEIMSE",2009,23,3.8491304347826087,88.53,"CND","OAC","PEI"]
["D52122","FOURRURE",11764,"CNDOACPEIMSE",2010,28,7.0078571428571426,196.22,"CND","OAC","PEI"]
["D52122","FOURRURE",12354,"CNDOACPEIMSE",2010,9,3.9744444444444449,35.770000000000003,"CND","OAC","PEI"]
["D52122","FOURRURE",12589,"CNDOACPEIMSE",2010,26,1.3757692307692309,35.770000000000003,"CND","OAC","PEI"]
["D52122","FOURRURE",13018,"CNDOACPEIMSE",2010,10,5.7229999999999999,57.23,"CND","OAC","PEI"]
["D52122","FOURRURE",13808,"CNDOACPEIMSE",2011,29,1.2337931034482759,35.78,"CND","OAC","PEI"]
["D52122","FOURRURE",14334,"CNDOACPEIMSE",2011,14,2.5550000000000002,35.770000000000003,"CND","OAC","PEI"]
["D52122","FOURRURE",15060,"CNDOACPEIMSE",2011,16,10.922499999999999,174.76,"CND","OAC","PEI"]
["D52122","FOURRURE",15822,"CNDOACPEIMSE",2012,19,3.7652631578947373,71.540000000000006,"CND","OAC","PEI"]
["D52122","FOURRURE",16453,"CNDOACPEIMSE",2012,20,6.1524999999999999,123.05,"CND","OAC","PEI"]
["D52122","FOURRURE",16719,"CNDOACPEIMSE",2012,51,1.8235294117647058,93,"CND","OAC","PEI"]
["D52122","FOURRURE",20436,"CNDOACPEIMSE",2014,1,71.540000000000006,71.540000000000006,"CND","OAC","PEI"]
["D52122","FOURRURE",20436,"CNDOACPEIMSE",2014,19,{"$f":"H9091/F9091","v":9.547894736842105},181.41,"CND","OAC","PEI"]
["D52122","FOURRURE",20437,"CNDOACPEIMSE",2014,17,2.1041176470588239,35.770000000000003,"CND","OAC","PEI"]
["D52156","DOUILLE",15375,"PASMSE",2011,16,19.75,316,"PAS"]
["D52315-0466EB","BAGUE",18813,"CADMSE",2013,7,17.142857142857142,120,"CAD"]
["D52315-0466EB","BAGUE",20094,"CADMSE",2014,6,20,120,"CAD"]
["D52315-0470EB","BAGUE",12075,"CADMSE",2010,5,25,125,"CAD"]
["D52315-121EB","BAGUE",10439,"CNDMSE",2009,12,7.6141666666666667,91.37,"CND"]
["D52315-121EB","BAGUE",10696,"CNDOACMSE",2009,12,10.996666666666668,131.96,"CND","OAC"]
["D52315-121EB","BAGUE",12074,"CNDOACMSE",2010,10,3.5770000000000004,35.770000000000003,"CND","OAC"]
["D52315-121EB","BAGUE",10670,"OACMSE",2009,12,0,0,"OAC"]
["D52315-124EB","BAGUE",10989,"CNDOACMSE",2009,6,5.9616666666666669,35.770000000000003,"CND","OAC"]
["D52315-124EB","BAGUE",12462,"CNDOACMSE",2010,3,72.903333333333336,218.71,"CND","OAC"]
["D52315-124EB","BAGUE",10990,"CNDOACMSE",2009,6,14.486666666666666,86.92,"CND","OAC"]
["D52315-160EB","BAGUE",10886,"CADMSE",2009,18,9,162,"CAD"]
["D52315-160EB","BAGUE",12685,"CADMSE",2010,14,12.096428571428572,169.35,"CAD"]
["D52315-160EB","BAGUE",10885,"CNDMSE",2009,18,70,1260,"CND"]
["D52315-160EB","BAGUE",12684,"CNDMSE",2010,14,2.7564285714285717,38.590000000000003,"CND"]
["D52315-229EB","BAGUE",11735,"DETCADMSE",2010,7,5.1100000000000003,35.770000000000003,"DET","CAD"]
["D52315-229EB","BAGUE",15596,"DETCADMSE",2012,7,17.52,122.64,"DET","CAD"]
["D52315-229EB","BAGUE",16386,"DETCADMSE",2012,5,17.782,88.91,"DET","CAD"]
["D52315-315EB","BAGUE",10520,"PELPASMSE",2009,7,23.857142857142858,167,"PEL","PAS"]
["D52315-315EB","BAGUE",10943,"PELPASMSE",2009,11,143.40363636363637,1577.44,"PEL","PAS"]
["D52315-315EB","BAGUE",16683,"PELPASMSE",2012,12,13.916666666666666,167,"PEL","PAS"]
["D52315-7EB","BAGUE",19392,"OACMSE",2013,7,31.477142857142859,220.34,"OAC"]
["D52315-98EB","BAGUE",9152,"OACMSE",2009,7,7.8485714285714279,54.94,"OAC"]
["D52444","CHAPEAU",18664,"OAC",2013,8,29.63625,237.09,"OAC"]
["D52444","CHAPEAU",14248,"OAC",2011,11,10.74,118.14,"OAC"]
["D52444","CHAPEAU",18664,"PEI",2013,8,11.6075,92.86,"PEI"]
["D52444","CHAPEAU",14249,"PEI",2011,11,243,2673,"PEI"]
["D52542","RONDELLE",20328,"PELPASMSE",2014,16,90,1440,"PEL","PAS"]
["D52542","RONDELLE",11847,"PELPASMSE",2010,16,13.755000000000001,220.08,"PEL","PAS"]
["D52615-141","BAGUE",10299,"CADMSE",2009,7,33.132857142857141,231.93,"CAD"]
["D52615-141","BAGUE",10300,"PEIMSE",2009,7,47.128571428571426,329.9,"PEI"]
["D52638","BAGUE",17199,"CADPEIMSE",2012,4,103.19750000000001,412.79,"CAD","PEI"]
["D52654","SUPPORT",15837,"CNDOAS",2012,8,82.5,660,"CND","OAS"]
["D52654","SUPPORT",15838,"PEI",2012,8,41.58,332.64,"PEI"]
["D52681","RONDELLE",13483,"PASMSE",2011,70,12,840,"PAS"]
["D52681","RONDELLE",13046,"TTHMSE",2010,5,141.6,708,"TTH"]
["D52681-1","RONDELLE",11271,"PASMSE",2010,25,12.124000000000001,303.10000000000002,"PAS"]
["D52681-1","RONDELLE",11890,"PASMSE",2010,19,57.236842105263158,1087.5,"PAS"]
["D52681-1","RONDELLE",12797,"PASMSE",2010,28,116.42857142857143,3260,"PAS"]
["D52681-1","RONDELLE",13174,"PASMSE",2010,84,2.3214285714285716,195,"PAS"]
["D52681-2","RONDELLE",10598,"PASMSE",2009,56,2.125,119,"PAS"]
["D52681-2","RONDELLE",11591,"PASMSE",2010,71,6.71830985915493,477,"PAS"]
["D52681-2","RONDELLE",12503,"PASMSE",2010,56,9.2857142857142865,520,"PAS"]
["D52681-2","RONDELLE",12796,"PASMSE",2010,42,86.666666666666671,3640,"PAS"]
["D52681-2","RONDELLE",10373,"TTHMSE",2009,4,78.387500000000003,313.55,"TTH"]
["D52681-2","RONDELLE",11066,"TTHMSE",2010,5,9.3060000000000009,46.53,"TTH"]
["D52681-2","RONDELLE",12302,"TTHMSE",2010,4,137.64750000000001,550.59,"TTH"]
["D52706","BAGUE",13408,"CADMSE",2011,12,10.416666666666666,125,"CAD"]
["D52706","BAGUE",14618,"CADMSE",2011,16,14.6625,234.6,"CAD"]
["D52706","BAGUE",13408,"PEIMSE",2011,12,18.166666666666668,218,"PEI"]
["D52706","BAGUE",14618,"PEIMSE",2011,16,6.8425000000000002,109.48,"PEI"]
["D52709","BAGUE",11643,"CADMSE",2010,5,157.85,789.25,"CAD"]
["D52709","BAGUE",12767,"CADMSE",2010,7,17.857142857142858,125,"CAD"]
["D52709","BAGUE",12767,"PEIMSE",2010,7,6.3257142857142856,44.28,"PEI"]
["D52709","BAGUE",11644,"PEIMSE",2010,5,8.3840000000000003,41.92,"PEI"]
["D52711","BAGUE",11605,"CADMSE",2010,5,42.366,211.83,"CAD"]
["D52711","BAGUE",12771,"CADMSE",2010,7,28.571428571428573,200,"CAD"]
["D52711","BAGUE",12771,"PEIMSE",2010,7,16.672857142857143,116.71,"PEI"]
["D52711","BAGUE",11606,"PEIMSE",2010,5,60.784000000000006,303.92,"PEI"]
["D52714","BAGUE",9501,"CNDCADMSE",2009,7,23.385714285714283,163.69999999999999,"CND","CAD"]
["D52714","BAGUE",13977,"CNDCADMSE",2011,20,3.5770000000000004,71.540000000000006,"CND","CAD"]
["D52714","BAGUE",13977,"PEIMSE",2011,20,1.8024999999999998,36.049999999999997,"PEI"]
["D52714","BAGUE",9502,"PEIMSE",2009,7,{"$f":"H9155/F9155","v":94.271428571428572},659.9,"PEI"]
["D52716","BAGUE",13146,"CADPEIMSE",2011,26,4.615384615384615,120,"CAD","PEI"]
["D52716","BAGUE",14353,"CADPEIMSE",2011,34,3.7058823529411766,126,"CAD","PEI"]
["D52719","BAGUE",9557,"CADMSE",2009,4,8.75,35,"CAD"]
["D52719","BAGUE",9558,"PEIMSE",2009,4,269.67250000000001,1078.69,"PEI"]
["D52720","BAGUE",9559,"CADMSE",2009,4,40.5,162,"CAD"]
["D52720","BAGUE",9560,"PEIMSE",2009,4,107.42,429.68,"PEI"]
["D52722","BAGUE",13158,"CADPEIMSE",2011,6,27,162,"CAD","PEI"]
["D52722","BAGUE",14475,"CADPEIMSE",2011,8,30.725000000000001,245.8,"CAD","PEI"]
["D52730","GALET",9522,"CNDDETCADMSE",2009,5,7.1540000000000008,35.770000000000003,"CND","DET","CAD"]
["D52730","GALET",12190,"DETCADMSE",2010,4,17.885000000000002,71.540000000000006,"DET","CAD"]
["D52730","GALET",11992,"TTHMSE",2010,2,42.094999999999999,84.19,"TTH"]
["D52732","BAGUE",10555,"CADMSE",2009,16,10.75,172,"CAD"]
["D52732","BAGUE",11721,"CADMSE",2010,12,10.416666666666666,125,"CAD"]
["D52732","BAGUE",10556,"PEIMSE",2009,16,88.181875000000005,1410.91,"PEI"]
["D52732","BAGUE",11722,"PEIMSE",2010,12,261.12666666666667,3133.52,"PEI"]
["D52732","BAGUE",10251,"CADMSE",2009,9,16.666666666666668,150,"CAD"]
["D52732","BAGUE",10252,"PEIMSE",2009,9,347.00444444444446,3123.04,"PEI"]
["D52733","RONDELLE",9129,"PELPASMSE",2009,87,12.172413793103448,1059,"PEL","PAS"]
["D52734","BAGUE",12209,"CADPEIMSE",2010,2,81,162,"CAD","PEI"]
["D52734","BAGUE",12526,"CADPEIMSE",2010,6,27,162,"CAD","PEI"]
["D52734","BAGUE",10027,"CADMSE",2009,10,18.824999999999999,188.25,"CAD"]
["D52734","BAGUE",10028,"PEIMSE",2009,10,27.850999999999999,278.51,"PEI"]
["D52748","BAGUE",8618,"PEIMSE",2009,40,80.171999999999997,3206.88,"PEI"]
["D52750","COUPELLE",12058,"CNDMSE",2010,8,17.578749999999999,140.63,"CND"]
["D52753","RONDELLE",9476,"OACMSE",2009,5,35.622,178.11,"OAC"]
["D52753","RONDELLE",9477,"PEIMSE",2009,5,49.444000000000003,247.22,"PEI"]
["D52753","RONDELLE",8742,"PEIMSE",2009,38,80.530526315789473,3060.16,"PEI"]
["D52823","LOCK PLATE",8735,"CNDDETCADMSE",2009,57,1.5742105263157895,89.73,"CND","DET","CAD"]
["D52823","LOCK PLATE",10302,"CNDDETCADMSE",2009,48,3.2156249999999997,154.35,"CND","DET","CAD"]
["D52823","LOCK PLATE",8736,"PEIMSE",2009,57,16.230701754385965,925.15,"PEI"]
["D52823","LOCK PLATE",10303,"PEIMSE",2009,48,4.3727083333333328,209.89,"PEI"]
["D52831EB","BAGUE",9282,"CNDCADMSE",2009,9,29.297777777777778,263.68,"CND","CAD"]
["D52844","SPACER",9509,"PASMSE",2009,30,4,120,"PAS"]
["D52844","SPACER",9265,"TTHMSE",2009,3,29.849999999999998,89.55,"TTH"]
["D52847EB","BAGUE",9195,"CNDCADMSE",2009,9,17.455555555555556,157.1,"CND","CAD"]
["D52875","BODY",10367,"CNDOACPEIMSE",2009,4,21.462499999999999,85.85,"CND","OAC","PEI"]
["D52901","BAGUE",8753,"CNDCADMSE",2009,10,1098.9000000000001,10989,"CND","CAD"]
["D52901","BAGUE",8754,"PEIMSE",2009,10,62.975000000000001,629.75,"PEI"]
["D52901EB","BAGUE",11905,"CNDCADMSE",2010,8,8.7125000000000004,69.7,"CND","CAD"]
["D52940EB","BAGUE",9730,"CNDMSE",2009,17,2.1041176470588239,35.770000000000003,"CND"]
["D52944","BAGUE",11762,"CNDCADMSE",2010,2,314.52999999999997,629.05999999999995,"CND","CAD"]
["D52944","BAGUE",17541,"CNDCADMSE",2013,2,17.885000000000002,35.770000000000003,"CND","CAD"]
["D52944","BAGUE",17541,"PEIMSE",2013,2,103.06,206.12,"PEI"]
["D52944","BAGUE",11763,"PEIMSE",2010,2,163,326,"PEI"]
["D52961-1","HOUSING",11213,"CNDOACPEIMSE",2010,5,95.965999999999994,479.83,"CND","OAC","PEI"]
["D52961-1","HOUSING",11061,"CNDOACPEIMSE",2009,5,15.658000000000001,78.290000000000006,"CND","OAC","PEI"]
["D52961-1","HOUSING",12487,"CNDOACPEIMSE",2010,6,9.0616666666666656,54.37,"CND","OAC","PEI"]
["D52961-1","HOUSING",11062,"CNDOACPEIMSE",2010,5,18.846,94.23,"CND","OAC","PEI"]
["D52981","SLEEVE",9517,"CNDMSE",2009,7,10.220000000000001,71.540000000000006,"CND"]
["D52991EB","BAGUE",9198,"CNDCADMSE",2009,5,14.308000000000002,71.540000000000006,"CND","CAD"]
["D52991EB","BAGUE",10440,"CNDCADMSE",2009,8,16.991250000000001,135.93,"CND","CAD"]
["D52992","BAGUE",10579,"CNDCADMSE",2009,51,2.1792156862745098,111.14,"CND","CAD"]
["D52992","BAGUE",10580,"PEIMSE",2009,51,1.0274509803921568,52.4,"PEI"]
["D52993","BAGUE",10558,"CNDCADMSE",2009,47,2.2961702127659573,107.92,"CND","CAD"]
["D52993","BAGUE",10559,"PEIMSE",2009,47,1.1727659574468086,55.12,"PEI"]
["D52993EB","BAGUE",11295,"CNDCADMSE",2010,7,24.017142857142858,168.12,"CND","CAD"]
["D52994","ENTRETOISE",9307,"CNDOACMSE",2009,55,0.65036363636363637,35.770000000000003,"CND","OAC"]
["D52994","ENTRETOISE",9307,"PEIMSE",2009,55,2.757090909090909,151.63999999999999,"PEI"]
["D52998","ENTRETOISE",12171,"CNDOACPEIMSE",2010,20,1.7885000000000002,35.770000000000003,"CND","OAC","PEI"]
["D52998","ENTRETOISE",12383,"CNDOACPEIMSE",2010,20,19.4055,388.11,"CND","OAC","PEI"]
["D53000","BAGUE",10723,"CNDCADMSE",2009,93,0.76924731182795703,71.540000000000006,"CND","CAD"]
["D53000","BAGUE",10724,"PEIMSE",2009,93,0.33806451612903227,31.44,"PEI"]
["D53015","SPACER",12215,"PASMSE",2010,36,14.444444444444445,520,"PAS"]
["D53015","SPACER",11887,"TTHMSE",2010,3,{"$f":"H9219/F9219","v":4.6933333333333334},14.08,"TTH"]
["D53017","COUPELLE",9819,"DETCADMSE",2009,13,5.8961538461538465,76.650000000000006,"DET","CAD"]
["D53017","COUPELLE",9820,"PEIMSE",2009,13,81.553846153846152,1060.2,"PEI"]
["D53017","COUPELLE",9639,"TTHMSE",2009,13,2.0515384615384615,26.67,"TTH"]
["D53021","BAGUE",11318,"CNDCADMSE",2010,4,4.47,17.88,"CND","CAD"]
["D53021","BAGUE",13007,"CNDCADMSE",2010,5,29.598000000000003,147.99,"CND","CAD"]
["D53021","BAGUE",14384,"CNDCADMSE",2011,11,52.074545454545458,572.82000000000005,"CND","CAD"]
["D53021","BAGUE",16191,"CNDCADMSE",2012,6,16.794999999999998,100.77,"CND","CAD"]
["D53021","BAGUE",13007,"PEIMSE",2010,5,14.819999999999999,74.099999999999994,"PEI"]
["D53021","BAGUE",14384,"PEIMSE",2011,11,3.2754545454545454,36.03,"PEI"]
["D53021","BAGUE",16191,"PEIMSE",2012,6,212.85,1277.0999999999999,"PEI"]
["D53021","BAGUE",11319,"PEIMSE",2010,4,63.094999999999999,252.38,"PEI"]
["D53021EB","BAGUE",10449,"CNDCADMSE",2009,8,60.972499999999997,487.78,"CND","CAD"]
["D53021EB","BAGUE",11317,"CNDCADMSE",2010,8,13.41375,107.31,"CND","CAD"]
["D53021EB","BAGUE",11649,"CNDCADMSE",2010,6,62.54666666666666,375.28,"CND","CAD"]
["D53023","ENTRETOISE",9626,"CNDPASMSE",2009,162,0.22080246913580248,35.770000000000003,"CND","PAS"]
["D53025","BAGUE",11315,"CNDCADMSE",2010,4,8.9425000000000008,35.770000000000003,"CND","CAD"]
["D53025","BAGUE",13015,"CNDCADMSE",2010,6,5.9616666666666669,35.770000000000003,"CND","CAD"]
["D53025","BAGUE",14385,"CNDCADMSE",2011,10,3.5770000000000004,35.770000000000003,"CND","CAD"]
["D53025","BAGUE",16190,"CNDCADMSE",2012,2,53.945,107.89,"CND","CAD"]
["D53025","BAGUE",13015,"PEIMSE",2010,6,15.645000000000001,93.87,"PEI"]
["D53025","BAGUE",14385,"PEIMSE",2011,10,3.6280000000000001,36.28,"PEI"]
["D53025","BAGUE",16190,"PEIMSE",2012,2,262.35000000000002,524.70000000000005,"PEI"]
["D53025","BAGUE",11316,"PEIMSE",2010,4,41.75,167,"PEI"]
["D53025EB","BAGUE",10325,"CNDCADMSE",2009,20,2.1355,42.71,"CND","CAD"]
["D53028EB","BAGUE",10524,"CNDCADMSE",2009,21,8.1419047619047618,170.98,"CND","CAD"]
["D53028EB","BAGUE",11650,"CNDCADMSE",2010,10,11.754000000000001,117.54,"CND","CAD"]
["D53028EB","BAGUE",11898,"CNDCADMSE",2010,15,10.389333333333333,155.84,"CND","CAD"]
["D53028EB","BAGUE",13366,"CNDCADMSE",2011,18,2.3505555555555557,42.31,"CND","CAD"]
["D53041EB","BAGUE",10332,"CNDCADMSE",2009,35,2.5579999999999998,89.53,"CND","CAD"]
["D53041EB","BAGUE",11307,"CNDCADMSE",2010,18,2.0977777777777775,37.76,"CND","CAD"]
["D53041EB","BAGUE",11885,"CNDCADMSE",2010,18,12.627222222222223,227.29,"CND","CAD"]
["D53041EB","BAGUE",13312,"CNDCADMSE",2011,27,2.4288888888888889,65.58,"CND","CAD"]
["D53043-1EB","BAGUE",13370,"CNDCADMSE",2011,5,35.81,179.05,"CND","CAD"]
["D53046","BAGUE",11881,"CNDCADMSE",2010,2,17.885000000000002,35.770000000000003,"CND","CAD"]
["D53046","BAGUE",17432,"CNDCADMSE",2012,3,48.199999999999996,144.6,"CND","CAD"]
["D53046","BAGUE",17433,"PEIMSE",2012,3,12.013333333333334,36.04,"PEI"]
["D53046","BAGUE",11881,"PEIMSE",2010,2,31.715,63.43,"PEI"]
["D53108EB","BAGUE",12193,"CNDDETCADMSE",2010,14,5.4457142857142857,76.239999999999995,"CND","DET","CAD"]
["D53108EB","BAGUE",13499,"CNDDETCADMSE",2011,15,2.3846666666666669,35.770000000000003,"CND","DET","CAD"]
["D53108EB","BAGUE",13712,"CNDDETCADMSE",2011,9,12.401111111111112,111.61,"CND","DET","CAD"]
["D53108EB","BAGUE",19389,"CNDDETCADMSE",2013,10,3.5759999999999996,35.76,"CND","DET","CAD"]
["D53108EB","BAGUE",20511,"CNDDETCADMSE",2014,18,16.666666666666668,300,"CND","DET","CAD"]
["D53112-1","CLAPET",10304,"CNDMSE",2009,10,3.5770000000000004,35.770000000000003,"CND"]
["D53112-1","CLAPET",12280,"CNDMSE",2010,12,11.446666666666667,137.36000000000001,"CND"]
["D53112-1","CLAPET",8989,"TTHMSE",2009,1,61.95,61.95,"TTH"]
["D53112-1","CLAPET",11711,"TTHMSE",2010,1,49.1,49.1,"TTH"]
["D53112-1","CLAPET",12183,"TTHMSE",2010,1,386.85,386.85,"TTH"]
["D53113-1","CLAPET",18425,"TTHMSE",2013,1,878.55,878.55,"TTH"]
["D53147","RONDELLE",20323,"PASMSE",2014,10,94.2,942,"PAS"]
["D53147","RONDELLE",20480,"PASMSE",2014,7,59.971428571428575,419.8,"PAS"]
["D53216","RONDELLE",9949,"OACMSE",2009,17,8.8494117647058825,150.44,"OAC"]
["D53216","RONDELLE",12399,"OACMSE",2010,14,14.064285714285715,196.9,"OAC"]
["D53216","RONDELLE",9949,"PEIMSE",2009,17,15.006470588235295,255.11,"PEI"]
["D53216","RONDELLE",12399,"PEIMSE",2010,14,2.5714285714285716,36,"PEI"]
["D53219","RONDELLE",9371,"CNDMSE",2009,45,0.79488888888888898,35.770000000000003,"CND"]
["D53219","RONDELLE",16553,"CNDMSE",2012,5,131.77799999999999,658.89,"CND"]
["D53222-2","COUPELLE",16341,"CNDDETCADMSE",2012,19,3.3910526315789475,64.430000000000007,"CND","DET","CAD"]
["D53222-2","COUPELLE",16341,"PEIMSE",2012,19,1.0421052631578949,19.8,"PEI"]
["D53222-2","COUPELLE",15974,"TTHMSE",2012,19,2.3247368421052634,44.17,"TTH"]
["D53244","RONDELLE",9951,"CADMSE",2009,24,6.3999999999999995,153.6,"CAD"]
["D53246","BAGUE",9199,"CADMSE",2009,19,6.3157894736842106,120,"CAD"]
["D53246","BAGUE",10195,"CADMSE",2009,19,6.3157894736842106,120,"CAD"]
["D53269","BAGUE",18800,"CADMSE",2013,12,10.833333333333334,130,"CAD"]
["D53269","BAGUE",19674,"CADMSE",2013,16,{"$f":"H9283/F9283","v":7.5},120,"CAD"]
["D53269","BAGUE",19674,"PEIMSE",2013,16,87.058125000000004,1392.93,"PEI"]
["D53269","BAGUE",9331,"CADMSE",2009,5,160,800,"CAD"]
["D53269","BAGUE",10348,"CADMSE",2009,6,32,192,"CAD"]
["D53269","BAGUE",14107,"CADMSE",2011,10,165.5,1655,"CAD"]
["D53269","BAGUE",14107,"PEIMSE",2011,10,3.601,36.01,"PEI"]
["D53269","BAGUE",9332,"PEIMSE",2009,5,33.4,167,"PEI"]
["D53269","BAGUE",10349,"PEIMSE",2009,6,27.833333333333332,167,"PEI"]
["D53270","RONDELLE",9041,"CADMSE",2009,31,3.870967741935484,120,"CAD"]
["D53270","RONDELLE",9042,"PEIMSE",2009,31,10.382903225806452,321.87,"PEI"]
["D53270","RONDELLE",8823,"TTHMSE",2009,1,214.11,214.11,"TTH"]
["D53271","RONDELLE",9459,"PELPASMSE",2009,120,21.833333333333332,2620,"PEL","PAS"]
["D53271","RONDELLE",9455,"PELPASMSE",2009,96,23.907499999999999,2295.12,"PEL","PAS"]
["D53271","RONDELLE",9972,"PELPASMSE",2009,194,5.8342268041237109,1131.8399999999999,"PEL","PAS"]
["D53341","BAGUE",9720,"TTHMSE",2009,2,24.574999999999999,49.15,"TTH"]
["D53342","RONDELLE",9500,"CNDMSE",2009,10,8.3919999999999995,83.92,"CND"]
["D53342","RONDELLE",10589,"CNDMSE",2009,26,1.7923076923076924,46.6,"CND"]
["D53342","RONDELLE",9257,"TTHMSE",2009,1,23.12,23.12,"TTH"]
["D53342","RONDELLE",10406,"TTHMSE",2009,2,116.535,233.07,"TTH"]
["D53387","FOND",9625,"CNDOAC",2009,21,2.3285714285714283,48.9,"CND","OAC"]
["D53387","FOND",9615,"CNDOAC",2009,21,5.7185714285714289,120.09,"CND","OAC"]
["D53387","FOND",11954,"CNDOAC",2010,11,3.2518181818181819,35.770000000000003,"CND","OAC"]
["D53387","FOND",12464,"CNDOAC",2010,10,7.1540000000000008,71.540000000000006,"CND","OAC"]
["D53387","FOND",13329,"CNDOAC",2011,10,3.5770000000000004,35.770000000000003,"CND","OAC"]
["D53387","FOND",13330,"CNDOAC",2011,22,1.625909090909091,35.770000000000003,"CND","OAC"]
["D53387","FOND",14025,"CNDOAC",2011,12,3.1616666666666666,37.94,"CND","OAC"]
["D53387","FOND",11454,"CNDOAC",2010,10,6.7450000000000001,67.45,"CND","OAC"]
["D53387","FOND",11454,"CNDOAC",2010,9,3.9744444444444449,35.770000000000003,"CND","OAC"]
["D53387","FOND",15097,"CNDOAC",2011,10,8.2270000000000003,82.27,"CND","OAC"]
["D53387","FOND",15098,"CNDOAC",2011,10,3.5770000000000004,35.770000000000003,"CND","OAC"]
["D53387","FOND",15881,"CNDOAC",2012,20,1.7885000000000002,35.770000000000003,"CND","OAC"]
["D53387","FOND",16607,"CNDOAC",2012,33,3.5118181818181817,115.89,"CND","OAC"]
["D53387","FOND",17277,"CNDOAC",2012,41,0.87243902439024401,35.770000000000003,"CND","OAC"]
["D53387","FOND",18957,"CNDOAC",2013,30,5.0350000000000001,151.05000000000001,"CND","OAC"]
["D53387EB","FOND",20476,"CND",2014,3,75.13333333333334,225.4,"CND"]
["D53388","FOND",10043,"CNDOAC",2009,17,3.3664705882352939,57.23,"CND","OAC"]
["D53388","FOND",11239,"CNDOAC",2010,11,3.2518181818181819,35.770000000000003,"CND","OAC"]
["D53388","FOND",11239,"CNDOAC",2010,10,20.849,208.49,"CND","OAC"]
["D53388","FOND",11579,"CNDOAC",2010,22,1.625909090909091,35.770000000000003,"CND","OAC"]
["D53388","FOND",11957,"CNDOAC",2010,21,3.4066666666666672,71.540000000000006,"CND","OAC"]
["D53388","FOND",13670,"CNDOAC",2011,10,6.4390000000000001,64.39,"CND","OAC"]
["D53388","FOND",13672,"CNDOAC",2011,10,9.484,94.84,"CND","OAC"]
["D53388","FOND",13672,"CNDOAC",2011,10,3.5770000000000004,35.770000000000003,"CND","OAC"]
["D53388","FOND",19657,"CNDOAC",2013,30,1.1923333333333335,35.770000000000003,"CND","OAC"]
["D53388","FOND",8981,"CNDOAC",2009,10,29.814,298.14,"CND","OAC"]
["D53388","FOND",8980,"CNDOAC",2009,10,59.33,593.29999999999995,"CND","OAC"]
["D53388","FOND",14417,"CNDOAC",2011,9,3.9744444444444449,35.770000000000003,"CND","OAC"]
["D53388","FOND",14418,"CNDOAC",2011,10,8.7279999999999998,87.28,"CND","OAC"]
["D53388","FOND",15427,"CNDOAC",2011,10,14.921000000000001,149.21,"CND","OAC"]
["D53388","FOND",15923,"CNDOAC",2012,20,1.7885000000000002,35.770000000000003,"CND","OAC"]
["D53388","FOND",16598,"CNDOAC",2012,23,2.1773913043478261,50.08,"CND","OAC"]
["D53388","FOND",17042,"CNDOAC",2012,10,3.9350000000000001,39.35,"CND","OAC"]
["D53388","FOND",17573,"CNDOAC",2012,24,14.234583333333333,341.63,"CND","OAC"]
["D53388","FOND",18552,"CNDOAC",2013,25,7.5275999999999996,188.19,"CND","OAC"]
["D53388","FOND",20187,"CNDOAC",2014,24,1.4904166666666667,35.770000000000003,"CND","OAC"]
["D53481","RONDELLE",12457,"OACPEIMSE",2010,11,15.331818181818182,168.65,"OAC","PEI"]
["D53495","RONDELLE A TENON",15567,"TTHMSE",2012,1,0,0,"TTH"]
["D53513","ECROU",20116,"TTHMSE",2014,7,11.678571428571429,81.75,"TTH"]
["D53542","BOUCHON",11260,"CNDCADMSE",2010,13,8.2861538461538462,107.72,"CND","CAD"]
["D53542","BOUCHON",12775,"CNDCADMSE",2010,10,3.8020000000000005,38.020000000000003,"CND","CAD"]
["D53542","BOUCHON",13861,"CNDCADMSE",2011,10,8.609,86.09,"CND","CAD"]
["D53542","BOUCHON",12775,"PEIMSE",2010,10,4.4279999999999999,44.28,"PEI"]
["D53542","BOUCHON",13861,"PEIMSE",2011,10,9.7750000000000004,97.75,"PEI"]
["D53542","BOUCHON",11261,"PEIMSE",2010,13,8.8676923076923071,115.28,"PEI"]
["D53542","BOUCHON",11089,"TTHMSE",2009,14,{"$f":"H9347/F9347","v":3.3249999999999997},46.55,"TTH"]
["D53542","BOUCHON",12444,"TTHMSE",2010,10,15.75,157.5,"TTH"]
["D53542","BOUCHON",13423,"TTHMSE",2011,10,107.8,1078,"TTH"]
["D53571","RONDELLE",11163,"PASMSE",2010,42,2.617142857142857,109.92,"PAS"]
["D53572","RONDELLE",9974,"PASMSE",2009,20,4.25,85,"PAS"]
["D53572","RONDELLE",10747,"PASMSE",2009,30,50.5,1515,"PAS"]
["D53572","RONDELLE",13183,"PASMSE",2010,30,26.6,798,"PAS"]
["D53572","RONDELLE",13183,"PASMSE",2010,20,72.099999999999994,1442,"PAS"]
["D53576","RONDELLE",13443,"PASMSE",2011,24,29.166666666666668,700,"PAS"]
["D53576","RONDELLE",15231,"PASMSE",2011,32,7.71875,247,"PAS"]
["D53699EB","ENTRETOISE",16687,"CNDMSE",2012,6,5.9616666666666669,35.770000000000003,"CND"]
["D53699EB","ENTRETOISE",16448,"TTHMSE",2012,3,12.436666666666667,37.31,"TTH"]
["D53738","BAGUE",9000,"CADMSE",2009,6,20,120,"CAD"]
["D53738","BAGUE",9996,"CADMSE",2009,12,10,120,"CAD"]
["D53738","BAGUE",11537,"CADMSE",2010,41,3.0487804878048781,125,"CAD"]
["D53738","BAGUE",13807,"CADMSE",2011,24,3.2291666666666665,77.5,"CAD"]
["D53738","BAGUE",18968,"CADMSE",2013,5,26,130,"CAD"]
["D53739","BAGUE",11309,"CNDCADMSE",2010,14,1.2778571428571428,17.89,"CND","CAD"]
["D53739","BAGUE",12101,"CNDCADMSE",2010,3,23.846666666666668,71.540000000000006,"CND","CAD"]
["D53739","BAGUE",17288,"CNDCADMSE",2012,8,4.4712500000000004,35.770000000000003,"CND","CAD"]
["D53739","BAGUE",19068,"CNDCADMSE",2013,10,3.5770000000000004,35.770000000000003,"CND","CAD"]
["D53821","BAGUE",9574,"CADMSE",2009,12,3.3333333333333335,40,"CAD"]
["D53821","BAGUE",10928,"CADMSE",2009,8,28.75,230,"CAD"]
["D53822","BAGUE",9582,"CADMSE",2009,12,13.5,162,"CAD"]
["D53822","BAGUE",10927,"CADMSE",2009,10,12.5,125,"CAD"]
["D53917","BAGUE",17296,"CADPEIMSE",2012,3,55.59,166.77,"CAD","PEI"]
["D53975","RONDELLE",10600,"CADMSE",2009,16,7.8125,125,"CAD"]
["D53975","RONDELLE",11135,"CADMSE",2010,9,13.888888888888889,125,"CAD"]
["D53975","RONDELLE",12203,"CADMSE",2010,42,2.9761904761904763,125,"CAD"]
["D53975","RONDELLE",12203,"PEIMSE",2010,42,3.0404761904761903,127.7,"PEI"]
["D53975","RONDELLE",10601,"PEIMSE",2009,16,9.8249999999999993,157.19999999999999,"PEI"]
["D53975","RONDELLE",11136,"PEIMSE",2010,9,95.765555555555551,861.89,"PEI"]
["D53988","KIT BAGUE",9322,"CADMSE",2009,18,9.6538888888888899,173.77,"CAD"]
["D53988","KIT BAGUE",11374,"CADMSE",2010,21,9.5238095238095237,200,"CAD"]
["D53988","KIT BAGUE",9323,"PEIMSE",2009,18,46.3,833.4,"PEI"]
["D53988","KIT BAGUE",11375,"PEIMSE",2010,21,168.17904761904762,3531.76,"PEI"]
["D53991","BAGUE",9591,"CADMSE",2009,4,40.5,162,"CAD"]
["D53991","BAGUE",9592,"PEIMSE",2009,4,66.555000000000007,266.22000000000003,"PEI"]
["D53997","ENTRETOISE",9552,"OACPEIMSE",2009,9,13.288888888888888,119.6,"OAC","PEI"]
["D54134","BAGUE",12930,"CADPEIMSE",2010,10,32.495999999999995,324.95999999999998,"CAD","PEI"]
["D54134","BAGUE",13611,"CADPEIMSE",2011,8,15,120,"CAD","PEI"]
["D54134","BAGUE",12735,"TTHMSE",2010,2,504,1008,"TTH"]
["D54134","BAGUE",13273,"TTHMSE",2010,1,2444,2444,"TTH"]
["D54135","BAGUE",13273,"TTHMSE",2010,1,720,720,"TTH"]
["D54135","BAGUE",12931,"CADPEIMSE",2010,10,33.68,336.8,"CAD","PEI"]
["D54135","BAGUE",13612,"CADPEIMSE",2011,10,22.821000000000002,228.21,"CAD","PEI"]
["D54135","BAGUE",12735,"TTHMSE",2010,1,441,441,"TTH"]
["D54136","BAGUE",12747,"CADPEIMSE",2010,8,19.2,153.6,"CAD","PEI"]
["D54136","BAGUE",13397,"CADPEIMSE",2011,7,23.142857142857142,162,"CAD","PEI"]
["D54137","BAGUE",13598,"CADMSE",2011,4,15,60,"CAD"]
["D54137","BAGUE",13856,"PEIMSE",2011,4,10.48,41.92,"PEI"]
["D54137","BAGUE",12926,"CADPEIMSE",2010,4,51.5,206,"CAD","PEI"]
["D54137","BAGUE",13124,"CADPEIMSE",2010,4,51.5,206,"CAD","PEI"]
["D54138","BAGUE",10261,"CADMSE",2009,9,5.5111111111111111,49.6,"CAD"]
["D54138","BAGUE",10263,"CADMSE",2009,9,13.611111111111111,122.5,"CAD"]
["D54138","BAGUE",12710,"CADMSE",2010,14,31.556428571428572,441.79,"CAD"]
["D54138","BAGUE",12710,"PEIMSE",2010,14,0.49000000000000005,6.86,"PEI"]
["D54138","BAGUE",10264,"PEIMSE",2009,9,17.666666666666668,159,"PEI"]
["D54138","BAGUE",10262,"PEIMSE",2009,9,1.1644444444444444,10.48,"PEI"]
["D54139","BAGUE",10401,"CADMSE",2009,2,149.42500000000001,298.85000000000002,"CAD"]
["D54139","BAGUE",10401,"CADMSE",2009,7,17.857142857142858,125,"CAD"]
["D54139","BAGUE",12742,"CADMSE",2010,9,28.666666666666668,258,"CAD"]
["D54139","BAGUE",12742,"PEIMSE",2010,9,14.493333333333332,130.44,"PEI"]
["D54139","BAGUE",10402,"PEIMSE",2009,2,1116.1199999999999,2232.2399999999998,"PEI"]
["D54139","BAGUE",10402,"PEIMSE",2009,7,{"$f":"H9411/F9411","v":23.857142857142858},167,"PEI"]
["D54170","RONDELLE",9370,"PASMSE",2009,14,41.300000000000004,578.20000000000005,"PAS"]
["D54170","RONDELLE",9860,"PASMSE",2009,37,17.621621621621621,652,"PAS"]
["D54170","RONDELLE",11633,"PASMSE",2010,20,78.3,1566,"PAS"]
["D54170","RONDELLE",15744,"PASMSE",2012,19,0,0,"PAS"]
["D54170","RONDELLE",15258,"TTHMSE",2011,1,104.85,104.85,"TTH"]
["D54170","RONDELLE",8988,"TTHMSE",2009,1,64.150000000000006,64.150000000000006,"TTH"]
["D54170","RONDELLE",9633,"TTHMSE",2009,1,52.27,52.27,"TTH"]
["D54170","RONDELLE",11287,"TTHMSE",2010,1,20.149999999999999,20.149999999999999,"TTH"]
["D54182","BAGUE",9385,"CNDCADMSE",2009,16,7.921875,126.75,"CND","CAD"]
["D54182","BAGUE",10932,"CNDCADMSE",2009,14,10.897142857142857,152.56,"CND","CAD"]
["D54182","BAGUE",18137,"CNDCADMSE",2013,8,30.29,242.32,"CND","CAD"]
["D54182","BAGUE",19074,"CNDCADMSE",2013,9,3.9744444444444449,35.770000000000003,"CND","CAD"]
["D54196","RONDELLE",12225,"OACPEIMSE",2010,33,1.5484848484848486,51.1,"OAC","PEI"]
["D54221SP","BAGUE",19625,"CNDCADMSE",2013,10,7.8180000000000005,78.180000000000007,"CND","CAD"]
["D54221SP","BAGUE",19625,"CNDCADMSE",2014,-10,-7.1540000000000008,71.540000000000006,"CND","CAD"]
["D54222","RONDELLE",15181,"CNDMSE",2011,29,6.9917241379310342,202.76,"CND"]
["D54222","RONDELLE",11467,"CNDMSE",2010,8,12.83375,102.67,"CND"]
["D54222","RONDELLE",12806,"CNDMSE",2010,29,1.2334482758620691,35.770000000000003,"CND"]
["D54222","RONDELLE",16367,"CNDMSE",2012,26,12.087307692307691,314.27,"CND"]
["D54222","RONDELLE",19387,"CNDMSE",2013,10,3.5770000000000004,35.770000000000003,"CND"]
["D54315","SUPPORT",12359,"CNDOAC",2010,2,35.770000000000003,71.540000000000006,"CND","OAC"]
["D54315","SUPPORT",12360,"PEI",2010,2,18.015000000000001,36.03,"PEI"]
["D54317","CALE",12639,"CND",2010,7,125.71428571428571,880,"CND"]
["D54317","CALE",12639,"OAC",2010,7,30.642857142857142,214.5,"OAC"]
["D54317","CALE",12640,"PEI",2010,6,6.0049999999999999,36.03,"PEI"]
["D54478","ECROU",12885,"CNDDETCADMSE",2010,8,19.254999999999999,154.04,"CND","DET","CAD"]
["D54478","ECROU",12885,"PEIMSE",2010,8,8.5612499999999994,68.489999999999995,"PEI"]
["D54478","ECROU",10606,"TTHMSE",2009,9,3.79,34.11,"TTH"]
["D54478","ECROU",12647,"TTHMSE",2010,5,46.72,233.6,"TTH"]
["D54510","PORTE GARNITURE",20150,"CNDRIL",2014,15,17.091999999999999,256.38,"CND","RIL"]
["D54510","PORTE GARNITURE",20151,"CNDRIL",2014,15,2.7253333333333334,40.880000000000003,"CND","RIL"]
["D54510","PORTE GARNITURE",12530,"CNDRIL",2010,12,0,0,"CND","RIL"]
["D54510","PORTE GARNITURE",13161,"CNDRIL",2010,13,0,0,"CND","RIL"]
["D54510","PORTE GARNITURE",13309,"CNDRIL",2011,12,13.285833333333334,159.43,"CND","RIL"]
["D54510","PORTE GARNITURE",13956,"DEOX",2011,12,6.1316666666666668,73.58,"DEOX"]
["D54510","PORTE GARNITURE",20708,"DEOX",2014,15,82.195999999999998,1232.94,"DEOX"]
["D54510","PORTE GARNITURE",12679,"OAC",2010,11,13.146363636363638,144.61000000000001,"OAC"]
["D54510","PORTE GARNITURE",13306,"OAC",2011,13,2.94,38.22,"OAC"]
["D54510","PORTE GARNITURE",14337,"OAC",2011,12,4.2583333333333337,51.1,"OAC"]
["D54510","PORTE GARNITURE",14438,"OC",2011,11,11.92909090909091,131.22,"OC"]
["D54510","PORTE GARNITURE",12830,"OC",2010,7,7.3,51.1,"OC"]
["D54510","PORTE GARNITURE",13641,"OC",2011,13,8.2546153846153842,107.31,"OC"]
["D54510","PORTE GARNITURE",14438,"PEI",2011,11,28.270909090909093,310.98,"PEI"]
["D54510","PORTE GARNITURE",12830,"PEI",2010,7,37.348571428571425,261.44,"PEI"]
["D54510","PORTE GARNITURE",13641,"PEI",2011,13,2.766923076923077,35.97,"PEI"]
["D54510EB","PORTE GARNITURE",10250,"CNDRIL",2009,4,114.9,459.6,"CND","RIL"]
["D54510EB","PORTE GARNITURE",10436,"OAC",2009,4,48.67,194.68,"OAC"]
["D54510EB","PORTE GARNITURE",10680,"OC",2009,4,41.98,167.92,"OC"]
["D54529-1","BAGUE",12820,"OASMSE",2010,8,355.32,2842.56,"OAS"]
["D54529-1","BAGUE",10586,"OASMSE",2009,4,25.55,102.2,"OAS"]
["D54529-1","BAGUE",12820,"PEIMSE",2010,8,71.087500000000006,568.70000000000005,"PEI"]
["D54529-1","BAGUE",10587,"PEIMSE",2009,4,57.12,228.48,"PEI"]
["D54531","EMBASE",10069,"CNDOACMSE",2009,5,26.616000000000003,133.08000000000001,"CND","OAC"]
["D54538","PLATINE",16645,"CAD",2012,12,10,120,"CAD"]
["D54538","PLATINE",16644,"CND",2012,12,11.333333333333334,136,"CND"]
["D54563","BAGUE",9593,"CADMSE",2009,2,118.95,237.9,"CAD"]
["D54563","BAGUE",11691,"CADMSE",2010,4,65.805000000000007,263.22000000000003,"CAD"]
["D54563","BAGUE",20030,"CADMSE",2014,6,5.3883333333333328,32.33,"CAD"]
["D54563","BAGUE",20030,"PEIMSE",2014,6,13.333333333333334,80,"PEI"]
["D54563","BAGUE",9594,"PEIMSE",2009,2,83.5,167,"PEI"]
["D54563","BAGUE",11692,"PEIMSE",2010,4,15.72,62.88,"PEI"]
["D54573","ENTRETOISE",10143,"OACMSE",2009,8,28.934999999999999,231.48,"OAC"]
["D54573","ENTRETOISE",10144,"PEIMSE",2009,8,32.97,263.76,"PEI"]
["D54580","AXE",9550,"CNDDETCADMSE",2009,22,{"$f":"H9475/F9475","v":2.1368181818181817},47.01,"CND","DET","CAD"]
["D54610","RONDELLE",9366,"PELPASMSE",2009,46,0.6834782608695652,31.44,"PEL","PAS"]
["D54681","BAGUE",9486,"CNDCADMSE",2009,7,14.6,102.2,"CND","CAD"]
["D54681","BAGUE",14122,"CNDCADMSE",2011,18,3.9744444444444449,71.540000000000006,"CND","CAD"]
["D54681","BAGUE",14122,"PEIMSE",2011,18,2.0055555555555555,36.1,"PEI"]
["D54681","BAGUE",9487,"PEIMSE",2009,7,154.59285714285716,1082.1500000000001,"PEI"]
["D54681EB","BAGUE",8951,"CNDMSE",2009,5,27.077999999999996,135.38999999999999,"CND"]
["D54681EB","BAGUE",10873,"CNDMSE",2009,14,90,1260,"CND"]
["D54681EB","BAGUE",10931,"CNDMSE",2009,16,78.75,1260,"CND"]
["D55205","BAGUE",11250,"CNDCADMSE",2010,4,31.875,127.5,"CND","CAD"]
["D55205","BAGUE",14657,"CNDCADMSE",2011,8,146.82,1174.56,"CND","CAD"]
["D55205","BAGUE",14657,"PEIMSE",2011,8,8.3087499999999999,66.47,"PEI"]
["D55205","BAGUE",11251,"PEIMSE",2010,4,267.9325,1071.73,"PEI"]
["D55205","BAGUE",10861,"CNDCADMSE",2009,10,52.816999999999993,528.16999999999996,"CND","CAD"]
["D55205","BAGUE",14700,"CNDCADMSE",2011,10,47.186,471.86,"CND","CAD"]
["D55205","BAGUE",14700,"PEIMSE",2011,10,39.862000000000002,398.62,"PEI"]
["D55205","BAGUE",10862,"PEIMSE",2009,10,300.77600000000001,3007.76,"PEI"]
["D55378","BAGUE",12527,"CNDCADMSE",2010,8,4.4712500000000004,35.770000000000003,"CND","CAD"]
["D55378","BAGUE",12527,"PEIMSE",2010,8,363.82499999999999,2910.6,"PEI"]
["D55378EB","BAGUE",9991,"CNDMSE",2009,5,22.687999999999999,113.44,"CND"]
["D55378EB","BAGUE",10438,"CNDMSE",2009,8,11.203749999999999,89.63,"CND"]
["D55378EB","BAGUE",10517,"CNDMSE",2009,13,3.632307692307692,47.22,"CND"]
["D55378EB","BAGUE",11677,"CNDMSE",2010,19,5.938421052631579,112.83,"CND"]
["D55378EB","BAGUE",13597,"CNDMSE",2011,24,8.4049999999999994,201.72,"CND"]
["D55378EB","BAGUE",17891,"CNDMSE",2013,8,12.26375,98.11,"CND"]
["D55423","CLAPET",11126,"TTHMSE",2010,1,29.85,29.85,"TTH"]
["D55530","RONDELLE",9766,"OASMSE",2009,17,10.882941176470588,185.01,"OAS"]
["D55730","BAGUE",19400,"OACPEIMSE",2013,59,7.5732203389830506,446.82,"OAC","PEI"]
["D55759","BAGUE",11866,"CNDCADMSE",2010,4,14.307499999999999,57.23,"CND","CAD"]
["D55759","BAGUE",12468,"CNDCADMSE",2010,7,5.1100000000000003,35.770000000000003,"CND","CAD"]
["D55759","BAGUE",11866,"PEIMSE",2010,4,48.19,192.76,"PEI"]
["D55759","BAGUE",12468,"PEIMSE",2010,7,129.39285714285714,905.75,"PEI"]
["D55801","BAGUE",14196,"CNDCADMSE",2011,3,62,186,"CND","CAD"]
["D55801","BAGUE",14196,"PEIMSE",2011,3,22.636666666666667,67.91,"PEI"]
["D55801EB","BAGUE",13484,"CNDCADMSE",2011,20,9.7264999999999997,194.53,"CND","CAD"]
["D55850","RONDELLE",9742,"PELPASMSE",2009,62,23.157419354838709,1435.76,"PEL","PAS"]
["D55866EB","BAGUE",10988,"CNDCADMSE",2009,20,1.7885000000000002,35.770000000000003,"CND","CAD"]
["D55873-10","BAGUE",11790,"CNDCADMSE",2010,3,11.923333333333334,35.770000000000003,"CND","CAD"]
["D55873-10","BAGUE",17665,"CNDCADMSE",2013,3,14.306666666666667,42.92,"CND","CAD"]
["D55873-10","BAGUE",11790,"PEIMSE",2010,3,22.650000000000002,67.95,"PEI"]
["D55873-10","BAGUE",17665,"PEIMSE",2013,3,99.543333333333337,298.63,"PEI"]
["D55873-10EB","BAGUE",12265,"CNDCADMSE",2010,30,1.1923333333333335,35.770000000000003,"CND","CAD"]
["D55886","ECROU",12175,"CNDCADMSE",2010,11,3.2527272727272729,35.78,"CND","CAD"]
["D55886","ECROU",12175,"PEIMSE",2010,11,60.863636363636367,669.5,"PEI"]
["D55886","ECROU",11758,"TTHMSE",2010,2,16.635000000000002,33.270000000000003,"TTH"]
["D55886","ECROU",20822,"TTHMSE",2014,3,810.33333333333337,2431,"TTH"]
["D56230","RONDELLE",16192,"OACPEIMSE",2012,16,0,0,"OAC","PEI"]
["D56230","RONDELLE",16372,"OACPEIMSE",2012,18,4.46,80.28,"OAC","PEI"]
["D56230","RONDELLE",16192,"OACPEIMSE",2013,0,{"$error":"#DIV/0!"},69.72,"OAC","PEI"]
["D56292","ENTRETOISE",9612,"OAC",2009,25,10.103999999999999,252.6,"OAC"]
["D56292","ENTRETOISE",18075,"OAC",2013,19,2.6894736842105265,51.1,"OAC"]
["D56292","ENTRETOISE",9612,"PEI",2009,25,42.78,1069.5,"PEI"]
["D56292","ENTRETOISE",18076,"PEI",2013,19,2.9815789473684209,56.65,"PEI"]
["D56382","FOND",18720,"TTHMSE",2013,10,2.335,23.35,"TTH"]
["D56383","BUTEE DE TIGE",16845,"TTHMSE",2012,4,12.6275,50.51,"TTH"]
["D56383-1","BUTEE DE TIGE",20378,"CNDMSE",2014,10,-90,-900,"CND"]
["D56383-1","BUTEE DE TIGE",16845,"TTHMSE",2012,15,4.0766666666666662,61.15,"TTH"]
["D56383-1","BUTEE DE TIGE",20047,"TTHMSE",2014,10,28.8,288,"TTH"]
["D56383-1","BUTEE DE TIGE",20866,"TTHMSE",2014,4,503.7,2014.8,"TTH"]
["D56389","BAGUE",20497,"TTHMSE",2014,2,11.51,23.02,"TTH"]
["D56463-1","BUTEE DE TIGE",20173,"TTHMSE",2014,5,8.5640000000000001,42.82,"TTH"]
["D56470","RONDELLE",10148,"CNDOACMSE",2009,19,1.8826315789473687,35.770000000000003,"CND","OAC"]
["D56470","RONDELLE",12194,"CNDOACMSE",2010,33,1.3224242424242425,43.64,"CND","OAC"]
["D56470","RONDELLE",14168,"CNDOACMSE",2011,15,2.9979999999999998,44.97,"CND","OAC"]
["D56470","RONDELLE",15917,"CNDOACMSE",2012,14,{"$f":"H9539/F9539","v":7.11},99.54,"CND","OAC"]
["D56470","RONDELLE",10148,"PEIMSE",2009,19,111.15789473684211,2112,"PEI"]
["D56470","RONDELLE",12194,"PEIMSE",2010,33,1.0918181818181818,36.03,"PEI"]
["D56470","RONDELLE",14168,"PEIMSE",2011,15,1.98,29.7,"PEI"]
["D56470","RONDELLE",15917,"PEIMSE",2012,14,0.70714285714285718,9.9,"PEI"]
["D56470","RONDELLE",18606,"PEIMSE",2013,10,29.675999999999998,296.76,"PEI"]
["D56529","COUPELLE",8841,"CNDDETCADMSE",2009,13,8.4176923076923078,109.43,"CND","DET","CAD"]
["D56529","COUPELLE",9053,"PEIMSE",2009,13,8.0615384615384613,104.8,"PEI"]
["D56532","COUPELLE",10201,"DETCADMSE",2009,8,0,0,"DET","CAD"]
["D56532","COUPELLE",10866,"DETCADMSE",2009,13,2.822307692307692,36.69,"DET","CAD"]
["D56532","COUPELLE",12634,"DETCADMSE",2010,8,8.4312500000000004,67.45,"DET","CAD"]
["D56532","COUPELLE",12814,"DETCADMSE",2010,11,6.5036363636363639,71.540000000000006,"DET","CAD"]
["D56532","COUPELLE",12634,"PEIMSE",2010,8,11.83625,94.69,"PEI"]
["D56532","COUPELLE",12814,"PEIMSE",2010,11,17.920909090909092,197.13,"PEI"]
["D56532","COUPELLE",10202,"PEIMSE",2009,8,34.89875,279.19,"PEI"]
["D56532","COUPELLE",10867,"PEIMSE",2009,13,220.88615384615383,2871.52,"PEI"]
["D56532","COUPELLE",10020,"TTHMSE",2009,8,3.55375,28.43,"TTH"]
["D56532","COUPELLE",10659,"TTHMSE",2009,13,2.5746153846153845,33.47,"TTH"]
["D56532","COUPELLE",12445,"TTHMSE",2010,8,29.12,232.96,"TTH"]
["D56532","COUPELLE",12647,"TTHMSE",2010,11,140.56727272727272,1546.24,"TTH"]
["D56671","BAGUE",20144,"CNDCADMSE",2014,8,17.285,138.28,"CND","CAD"]
["D56671","BAGUE",20144,"PEIMSE",2014,8,105.75,846,"PEI"]
["D56671EB","BAGUE",9712,"CNDMSE",2009,10,37.283000000000001,372.83,"CND"]
["D56673","BAGUE",20575,"OACPEIMSE",2014,23,2.7034782608695651,62.18,"OAC","PEI"]
["D56687","BAGUE",19537,"CNDCADPEIMSE",2013,7,5.1100000000000003,35.770000000000003,"CND","CAD","PEI"]
["D56687EB","BAGUE",11684,"CNDMSE",2010,18,4.8738888888888887,87.73,"CND"]
["D56687EB","BAGUE",12232,"CNDMSE",2010,12,32.150833333333331,385.81,"CND"]
["D56687EB","BAGUE",12810,"CNDMSE",2010,12,5.9616666666666669,71.540000000000006,"CND"]
["D56687EB","BAGUE",12810,"CNDMSE",2010,8,7.6550000000000002,61.24,"CND"]
["D56687EB","BAGUE",14933,"CNDMSE",2011,10,13.879,138.79,"CND"]
["D56687EB","BAGUE",15897,"CNDMSE",2012,10,28.4,284,"CND"]
["D56687EB","BAGUE",18906,"CNDMSE",2013,10,5.0890000000000004,50.89,"CND"]
["D56687EB","BAGUE",19821,"CNDMSE",2014,16,4.4712500000000004,71.540000000000006,"CND"]
["D56741","RONDELLE 2 PIECES",18268,"OAC",2013,19,5.3789473684210529,102.2,"OAC"]
["D56741","BAGUE DEUX PIECES",20359,"TOUR",2014,15,3.444,51.66,"TOU"]
["D56803-1","BAGUE",11429,"CNDDETCADMSE",2010,12,6.8983333333333334,82.78,"CND","DET","CAD"]
["D56803-1","BAGUE",12839,"CNDDETCADMSE",2010,10,7.1540000000000008,71.540000000000006,"CND","DET","CAD"]
["D56803-1","BAGUE",13226,"CNDDETCADMSE",2011,24,2.1204166666666668,50.89,"CND","DET","CAD"]
["D56803-1","BAGUE",14315,"CNDDETCADMSE",2011,37,0.96675675675675687,35.770000000000003,"CND","DET","CAD"]
["D56803-1","BAGUE",12839,"PEIMSE",2010,10,12.844999999999999,128.44999999999999,"PEI"]
["D56803-1","BAGUE",13226,"PEIMSE",2011,24,5.3208333333333337,127.7,"PEI"]
["D56803-1","BAGUE",14315,"PEIMSE",2011,37,3.253783783783784,120.39,"PEI"]
["D56803-1","BAGUE",14315,"PEIMSE",2011,1,36.01,36.01,"PEI"]
["D56803-1","BAGUE",11430,"PEIMSE",2010,12,1.6733333333333331,20.079999999999998,"PEI"]
["D56803-1","BAGUE",10902,"TTHMSE",2009,4,22.087499999999999,88.35,"TTH"]
["D56803-1","BAGUE",10902,"TTHMSE",2009,4,13.5375,54.15,"TTH"]
["D56803-1","BAGUE",12647,"TTHMSE",2010,4,315,1260,"TTH"]
["D56803-1","BAGUE",12790,"TTHMSE",2010,10,120,1200,"TTH"]
["D56803-1","BAGUE",14127,"TTHMSE",2011,13,87.692307692307693,1140,"TTH"]
["D56806","BAGUE",17595,"CNDCADMSE",2013,58,0.61672413793103453,35.770000000000003,"CND","CAD"]
["D56806","BAGUE",19301,"CNDCADMSE",2013,29,2.5831034482758621,74.91,"CND","CAD"]
["D56806","BAGUE",19624,"CNDCADMSE",2013,64,1.1178125000000001,71.540000000000006,"CND","CAD"]
["D56806","BAGUE",17595,"PEIMSE",2013,58,2.853448275862069,165.5,"PEI"]
["D56806","BAGUE",19301,"PEIMSE",2013,29,25.917241379310347,751.6,"PEI"]
["D56806","BAGUE",19624,"PEIMSE",2013,64,2.609375,167,"PEI"]
["D56806","BAGUE",10982,"CNDCADMSE",2009,20,3.9,78,"CND","CAD"]
["D56806","BAGUE",12221,"CNDCADMSE",2010,35,2.044,71.540000000000006,"CND","CAD"]
["D56806","BAGUE",12949,"CNDCADMSE",2010,34,1.1105882352941177,37.76,"CND","CAD"]
["D56806","BAGUE",13446,"CNDCADMSE",2011,63,3.0776190476190473,193.89,"CND","CAD"]
["D56806","BAGUE",14840,"CNDCADMSE",2011,45,7.376666666666666,331.95,"CND","CAD"]
["D56806","BAGUE",15178,"CNDCADMSE",2011,43,9.9348837209302321,427.2,"CND","CAD"]
["D56806","BAGUE",12221,"PEIMSE",2010,35,5.4085714285714293,189.3,"PEI"]
["D56806","BAGUE",12949,"PEIMSE",2010,34,1.0594117647058825,36.020000000000003,"PEI"]
["D56806","BAGUE",13446,"PEIMSE",2011,63,3.4603174603174605,218,"PEI"]
["D56806","BAGUE",14840,"PEIMSE",2011,45,{"$f":"H9603/F9603","v":12.708666666666666},571.89,"PEI"]
["D56806","BAGUE",15178,"PEIMSE",2011,43,30.709302325581394,1320.5,"PEI"]
["D56806","BAGUE",10983,"PEIMSE",2010,20,52.4,1048,"PEI"]
["D56807-1","BAGUE",17430,"CNDCADMSE",2012,29,1.7544827586206897,50.88,"CND","CAD"]
["D56807-1","BAGUE",19279,"CNDCADMSE",2013,18,1.9872222222222224,35.770000000000003,"CND","CAD"]
["D56807-1","BAGUE",19534,"CNDCADMSE",2013,42,2.7383333333333333,115.01,"CND","CAD"]
["D56807-1","BAGUE",17431,"PEIMSE",2012,29,1.2424137931034482,36.03,"PEI"]
["D56807-1","BAGUE",19279,"PEIMSE",2013,18,0,0,"PEI"]
["D56807-1","BAGUE",19534,"PEIMSE",2013,42,3.9761904761904763,167,"PEI"]
["D56807-1","BAGUE",10295,"CNDCADMSE",2009,29,1.2334482758620691,35.770000000000003,"CND","CAD"]
["D56807-1","BAGUE",10973,"CNDCADMSE",2009,15,5.2,78,"CND","CAD"]
["D56807-1","BAGUE",12219,"CNDCADMSE",2010,18,13.314444444444444,239.66,"CND","CAD"]
["D56807-1","BAGUE",12937,"CNDCADMSE",2010,16,4.4712500000000004,71.540000000000006,"CND","CAD"]
["D56807-1","BAGUE",13506,"CNDCADMSE",2011,31,8.571612903225807,265.72000000000003,"CND","CAD"]
["D56807-1","BAGUE",14839,"CNDCADMSE",2011,23,4.8413043478260871,111.35,"CND","CAD"]
["D56807-1","BAGUE",15273,"CNDCADMSE",2011,28,3.2703571428571427,91.57,"CND","CAD"]
["D56807-1","BAGUE",12937,"PEIMSE",2010,16,8.5812500000000007,137.30000000000001,"PEI"]
["D56807-1","BAGUE",13506,"PEIMSE",2011,31,5.338709677419355,165.5,"PEI"]
["D56807-1","BAGUE",14839,"PEIMSE",2011,23,24.059565217391306,553.37,"PEI"]
["D56807-1","BAGUE",15273,"PEIMSE",2011,28,62.582142857142856,1752.3,"PEI"]
["D56807-1","BAGUE",10296,"PEIMSE",2009,29,6.8275862068965516,198,"PEI"]
["D56807-1","BAGUE",10974,"PEIMSE",2010,15,5.4473333333333329,81.709999999999994,"PEI"]
["D56816","ECROU D'ESSIEU",10289,"CNDDETCADMSE",2009,32,3.0181249999999999,96.58,"CND","DET","CAD"]
["D56816","ECROU D'ESSIEU",10923,"CNDDETCADMSE",2009,30,11.608333333333333,348.25,"CND","DET","CAD"]
["D56816","ECROU D'ESSIEU",11549,"CNDDETCADMSE",2010,22,2.2113636363636364,48.65,"CND","DET","CAD"]
["D56816","ECROU D'ESSIEU",12544,"CNDDETCADMSE",2010,52,1.7198076923076924,89.43,"CND","DET","CAD"]
["D56816","ECROU D'ESSIEU",14328,"CNDDETCADMSE",2011,54,0.66240740740740744,35.770000000000003,"CND","DET","CAD"]
["D56816","ECROU D'ESSIEU",12544,"PEIMSE",2010,52,1.8209615384615385,94.69,"PEI"]
["D56816","ECROU D'ESSIEU",14328,"PEIMSE",2011,54,0.86685185185185187,46.81,"PEI"]
["D56816","ECROU D'ESSIEU",10290,"PEIMSE",2009,32,94.974999999999994,3039.2,"PEI"]
["D56816","ECROU D'ESSIEU",10924,"PEIMSE",2010,30,104.10133333333333,3123.04,"PEI"]
["D56816","ECROU D'ESSIEU",11550,"PEIMSE",2010,22,149.10181818181817,3280.24,"PEI"]
["D56816","ECROU D'ESSIEU",8887,"TTHMSE",2009,7,10.027142857142858,70.19,"TTH"]
["D56816","ECROU D'ESSIEU",9724,"TTHMSE",2009,6,3.5416666666666665,21.25,"TTH"]
["D56816","ECROU D'ESSIEU",9724,"TTHMSE",2009,17,2.8182352941176467,47.91,"TTH"]
["D56818-1","BAGUE",11913,"CNDCAD",2010,206,0.16776699029126216,34.56,"CND","CAD"]
["D56818-1","BAGUE",11913,"PEI",2010,206,4.8058252427184471E-2,9.9,"PEI"]
["D56818-1","BAGUE",13024,"CNDCADMSE",2010,42,1.9223809523809523,80.739999999999995,"CND","CAD"]
["D56818-1","BAGUE",14074,"CNDCADMSE",2011,148,0.25513513513513514,37.76,"CND","CAD"]
["D56818-1","BAGUE",13024,"PEIMSE",2010,42,0.85761904761904773,36.020000000000003,"PEI"]
["D56818-1","BAGUE",14074,"PEIMSE",2011,148,0.2433108108108108,36.01,"PEI"]
["D56819","BUTEE",9389,"CNDOACMSE",2009,23,1.3930434782608696,32.04,"CND","OAC"]
["D56819","BUTEE",11372,"CNDOACMSE",2010,28,4.8928571428571432,137,"CND","OAC"]
["D56819","BUTEE",13559,"CNDOACMSE",2011,22,6.55,144.1,"CND","OAC"]
["D56819","BUTEE",14250,"CNDOACMSE",2011,24,5.0674999999999999,121.62,"CND","OAC"]
["D56819","BUTEE",15013,"CNDOACMSE",2011,22,19.727272727272727,434,"CND","OAC"]
["D56819","BUTEE",20460,"CNDOACMSE",2014,3,23.846666666666668,71.540000000000006,"CND","OAC"]
["D56820EB","BAGUE",12418,"CNDMSE",2010,9,255.91666666666666,2303.25,"CND"]
["D56820EB","BAGUE",18107,"CNDMSE",2013,21,2.1871428571428573,45.93,"CND"]
["D56820EB","BAGUE",18919,"CNDMSE",2013,9,3.9744444444444449,35.770000000000003,"CND"]
["D56831","RONDELLE",11401,"CNDMSE",2010,36,7.1652777777777779,257.95,"CND"]
["D56842EB","BAGUE",15781,"CNDMSE",2012,6,10.731666666666667,64.39,"CND"]
["D56842EB","BAGUE",17959,"CNDMSE",2013,4,25.55,102.2,"CND"]
["D56842EB","BAGUE",18406,"CNDMSE",2013,29,8.4458620689655177,244.93,"CND"]
["D56854","BAGUE",17397,"CADPEIMSE",2012,2,29.43,58.86,"CAD","PEI"]
["D56859","BAGUE",17396,"CADPEIMSE",2012,2,14.715,29.43,"CAD","PEI"]
["D56860-2","RONDELLE",9207,"CNDPELPASMSE",2009,38,5.0892105263157887,193.39,"CND","PEL","PAS"]
["D56860-2","RONDELLE",8846,"TTHMSE",2009,1,142.9,142.9,"TTH"]
["D56910","COUPELLE",20174,"TTHMSE",2014,3,45.449999999999996,136.35,"TTH"]
["D56934","PALIER",9047,"CNDCADMSE",2009,23,51.652173913043477,1188,"CND","CAD"]
["D56934","PALIER",9047,"CNDCADMSE",2009,-1,-35.770000000000003,35.770000000000003,"CND","CAD"]
["D56934","PALIER",13616,"CNDCADMSE",2011,4,8.9425000000000008,35.770000000000003,"CND","CAD"]
["D56934","PALIER",13616,"PEIMSE",2011,4,740.02499999999998,2960.1,"PEI"]
["D56934","PALIER",9048,"PEIMSE",2009,22,56.227272727272727,1237,"PEI"]
["D56934","PALIER",14038,"PEIMSE",2011,3,{"$f":"H9667/F9667","v":55.666666666666664},167,"PEI"]
["D56938","PISTON",10592,"CNDOACPEIMSE",2009,2,20.745000000000001,41.49,"CND","OAC","PEI"]
["D56938","PISTON",11048,"CNDOACPEIMSE",2009,2,70.52,141.04,"CND","OAC","PEI"]
["D56938","PISTON",11049,"CNDOACPEIMSE",2009,2,17.885000000000002,35.770000000000003,"CND","OAC","PEI"]
["D56938","PISTON",11142,"CNDOACPEIMSE",2010,2,28.664999999999999,57.33,"CND","OAC","PEI"]
["D56940","ECROU",10170,"CNDDETCADMSE",2009,4,35.82,143.28,"CND","DET","CAD"]
["D56940","ECROU",9931,"DETCADMSE",2009,8,4.4712500000000004,35.770000000000003,"DET","CAD"]
["D56940","ECROU",9663,"TTHMSE",2009,2,24.574999999999999,49.15,"TTH"]
["D57037EB","BAGUE",10653,"CNDMSE",2009,19,16.782105263157895,318.86,"CND"]
["D57037EB","BAGUE",10490,"TTHMSE",2009,19,21.233684210526317,403.44,"TTH"]
["D57187","ECROU",9415,"DETCADMSE",2009,17,9.8776470588235288,167.92,"DET","CAD"]
["D57187","ECROU",18259,"TTHMSE",2013,1,167.91,167.91,"TTH"]
["D57187","ECROU",8987,"TTHMSE",2009,2,13.574999999999999,27.15,"TTH"]
["D57191","RONDELLE",9021,"DETCADMSE",2009,95,3.9348421052631579,373.81,"DET","CAD"]
["D57191","RONDELLE",11112,"DETCADMSE",2010,23,1.5552173913043479,35.770000000000003,"DET","CAD"]
["D57191","RONDELLE",11833,"DETCADMSE",2010,11,3.2518181818181819,35.770000000000003,"DET","CAD"]
["D57191","RONDELLE",12469,"DETCADMSE",2010,32,4.3728125000000002,139.93,"DET","CAD"]
["D57191","RONDELLE",19989,"DETCADMSE",2014,35,26.961714285714283,943.66,"DET","CAD"]
["D57191","RONDELLE",11833,"PEIMSE",2010,11,17.86,196.46,"PEI"]
["D57191","RONDELLE",12469,"PEIMSE",2010,32,23.612500000000001,755.6,"PEI"]
["D57191","RONDELLE",19989,"PEIMSE",2014,35,4.7714285714285714,167,"PEI"]
["D57191","RONDELLE",9022,"PEIMSE",2009,95,9.3675789473684201,889.92,"PEI"]
["D57191","RONDELLE",11113,"PEIMSE",2010,23,0.45565217391304352,10.48,"PEI"]
["D57191","RONDELLE",19235,"TTHMSE",2013,35,1.9094285714285715,66.83,"TTH"]
["D57191","RONDELLE",10659,"TTHMSE",2009,23,2.3543478260869564,54.15,"TTH"]
["D57191","RONDELLE",11355,"TTHMSE",2010,13,4.6269230769230765,60.15,"TTH"]
["D57191","RONDELLE",12182,"TTHMSE",2010,34,1.2379411764705883,42.09,"TTH"]
["D57199-1","COUPELLE",17513,"TTHMSE",2012,2,17.204999999999998,34.409999999999997,"TTH"]
["D57209","ECROU",11189,"CNDOACMSE",2010,23,1.5552173913043479,35.770000000000003,"CND","OAC"]
["D57209","ECROU",11189,"PEIMSE",2010,23,2.4604347826086959,56.59,"PEI"]
["D57239","RONDELLE",20512,"PASMSE",2014,283,3.2226148409893991,912,"PAS"]
["D57266","CLAPET",19147,"CNDMSE",2013,10,35.692,356.92,"CND"]
["D57266","CLAPET",19371,"CNDMSE",2013,14,9.4585714285714282,132.41999999999999,"CND"]
["D57266","CLAPET",19380,"CNDMSE",2013,12,5.9616666666666669,71.540000000000006,"CND"]
["D57266","CLAPET",19379,"CNDMSE",2013,12,2.9808333333333334,35.770000000000003,"CND"]
["D57266","CLAPET",19377,"CNDMSE",2013,20,1.7885000000000002,35.770000000000003,"CND"]
["D57310","RONDELLE",17037,"PASMSE",2012,27,18.888888888888889,510,"PAS"]
["D57314","RONDELLE",19165,"PASMSE",2013,8,191.875,1535,"PAS"]
["D57314","RONDELLE",19168,"PASMSE",2013,16,129.9375,2079,"PAS"]
["D57314","RONDELLE",19166,"PASMSE",2013,8,353.875,2831,"PAS"]
["D57314","RONDELLE",19167,"PASMSE",2013,16,27.3125,437,"PAS"]
["D57314","RONDELLE",20481,"PASMSE",2014,180,1.6677777777777778,300.2,"PAS"]
["D57316","BAGUE",19234,"CADPEIMSE",2013,40,12.731999999999999,509.28,"CAD","PEI"]
["D57316","BAGUE",20205,"CADPEIMSE",2014,52,2.620769230769231,136.28,"CAD","PEI"]
["D57316","BAGUE",20704,"CADPEIMSE",2014,115,1.7434782608695651,200.5,"CAD","PEI"]
["D57316","BAGUE",20195,"USI",2014,115,1.1717391304347826,134.75,"USI"]
["D57316","BAGUE",19844,"USI",2014,54,0.34259259259259262,18.5,"USI"]
["D57389","BAGUE",13401,"CADPEIMSE",2011,64,2.4,153.6,"CAD","PEI"]
["D57389","BAGUE",14645,"CADPEIMSE",2011,66,1.9090909090909092,126,"CAD","PEI"]
["D57391","BAGUE",13571,"CADMSE",2011,62,3.8935483870967742,241.4,"CAD"]
["D57391","BAGUE",14631,"CADMSE",2011,26,116.76307692307692,3035.84,"CAD"]
["D57391","BAGUE",15385,"CADMSE",2012,46,1.7391304347826086,80,"CAD"]
["D57391","BAGUE",13571,"PEIMSE",2011,62,4.1516129032258062,257.39999999999998,"PEI"]
["D57391","BAGUE",14631,"PEIMSE",2011,26,3.561923076923077,92.61,"PEI"]
["D57391","BAGUE",15385,"PEIMSE",2012,46,25.139130434782611,1156.4000000000001,"PEI"]
["D57403","BAGUE",19251,"CADPEIMSE",2013,44,5.186590909090909,228.21,"CAD","PEI"]
["D57403","BAGUE",19645,"CADPEIMSE",2014,4,49.424999999999997,197.7,"CAD","PEI"]
["D57410EB","BAGUE",19620,"USI",2014,193,0.45264248704663212,87.36,"USI"]
["D57432","COUPELLE",18730,"CNDMSE",2013,9,4.0422222222222226,36.380000000000003,"CND"]
["D57432","COUPELLE",19153,"CNDMSE",2013,8,25.004999999999999,200.04,"CND"]
["D57432","COUPELLE",19154,"CNDMSE",2013,8,6.1325000000000003,49.06,"CND"]
["D57432","COUPELLE",19204,"CNDMSE",2013,8,8.9425000000000008,71.540000000000006,"CND"]
["D57432","COUPELLE",19205,"CNDMSE",2013,7,18.25,127.75,"CND"]
["D57432","COUPELLE",19222,"CNDMSE",2013,8,4.4712500000000004,35.770000000000003,"CND"]
["D57432","COUPELLE",20846,"CNDMSE",2014,12,{"$f":"H9731/F9731","v":15.350833333333334},184.21,"CND"]
["D57432","COUPELLE",20073,"USI",2014,21,2.0714285714285716,43.5,"USI"]
["D57432","COUPELLE",20074,"USI",2014,21,3.6666666666666665,77,"USI"]
["D57432","COUPELLE",20815,"USI",2014,34,0.14588235294117646,4.96,"USI"]
["D57711","RONDELLE",20295,"PASMSE",2014,80,5.4124999999999996,433,"PAS"]
["D57711","RONDELLE",9276,"PASMSE",2009,112,1.9776785714285714,221.5,"PAS"]
["D57711","RONDELLE",18969,"PASMSE",2013,52,38.325000000000003,1992.9,"PAS"]
["D57711","RONDELLE",18970,"PASMSE",2013,36,5.1111111111111107,184,"PAS"]
["D57711","RONDELLE",19563,"PASMSE",2013,55,36.936363636363637,2031.5,"PAS"]
["D57711","RONDELLE",20017,"PASMSE",2014,5,142,710,"PAS"]
["D58010","COUPELLE",13671,"CNDDETCADMSE",2011,15,3.0113333333333334,45.17,"CND","DET","CAD"]
["D58010","COUPELLE",13671,"PEIMSE",2011,15,6.5186666666666664,97.78,"PEI"]
["D58010","COUPELLE",19057,"TTHMSE",2013,20,1.6774999999999998,33.549999999999997,"TTH"]
["D58010","COUPELLE",19057,"TTHMSE",2013,20,8.5824999999999996,171.65,"TTH"]
["D58010","COUPELLE",19057,"TTHMSE",2013,-20,-2.2395,44.79,"TTH"]
["D58010","COUPELLE",13272,"TTHMSE",2010,15,1005.3333333333334,15080,"TTH"]
["D58011EB","BAGUE",15143,"CNDCADMSE",2011,6,95,570,"CND","CAD"]
["D58011EB","BAGUE",12208,"CNDCADMSE",2010,4,26.975000000000001,107.9,"CND","CAD"]
["D58011EB","BAGUE",12208,"CNDCADMSE",2010,4,8.9425000000000008,35.770000000000003,"CND","CAD"]
["D58011EB","BAGUE",14531,"CNDCADMSE",2011,10,3.7770000000000001,37.770000000000003,"CND","CAD"]
["D58012EB","BAGUE",9329,"CNDCADMSE",2009,11,21.480909090909091,236.29,"CND","CAD"]
["D58016","BAGUE",12155,"CNDCADMSE",2010,12,8.9908333333333328,107.89,"CND","CAD"]
["D58016","BAGUE",12836,"CNDCADMSE",2010,15,5.2326666666666659,78.489999999999995,"CND","CAD"]
["D58016","BAGUE",13542,"CNDCADMSE",2011,3,133.06666666666666,399.2,"CND","CAD"]
["D58016","BAGUE",12155,"PEIMSE",2010,12,247.5,2970,"PEI"]
["D58016","BAGUE",12836,"PEIMSE",2010,15,2.7373333333333334,41.06,"PEI"]
["D58016","BAGUE",13542,"PEIMSE",2011,3,38,114,"PEI"]
["D58016EB","BAGUE",10545,"CNDCADMSE",2009,26,3.8619230769230768,100.41,"CND","CAD"]
["D58017","BAGUE",11452,"CNDCADMSE",2010,9,4.195555555555555,37.76,"CND","CAD"]
["D58017","BAGUE",13016,"CNDCADMSE",2010,8,9.1337499999999991,73.069999999999993,"CND","CAD"]
["D58017","BAGUE",14481,"CNDCADMSE",2011,19,15.644736842105264,297.25,"CND","CAD"]
["D58017","BAGUE",16208,"CNDCADMSE",2012,4,48.657499999999999,194.63,"CND","CAD"]
["D58017","BAGUE",13016,"PEIMSE",2010,8,19.813749999999999,158.51,"PEI"]
["D58017","BAGUE",14481,"PEIMSE",2011,19,9.9568421052631582,189.18,"PEI"]
["D58017","BAGUE",16208,"PEIMSE",2012,4,22.274999999999999,89.1,"PEI"]
["D58017","BAGUE",11453,"PEIMSE",2010,9,355.15555555555557,3196.4,"PEI"]
["D58017EB","BAGUE",10546,"CNDCADMSE",2009,21,16.128095238095238,338.69,"CND","CAD"]
["D58017EB","BAGUE",11346,"CNDCADMSE",2010,11,38.840909090909093,427.25,"CND","CAD"]
["D58017EB","BAGUE",11508,"CNDCADMSE",2010,11,3.2518181818181819,35.770000000000003,"CND","CAD"]
["D58017EB","BAGUE",11648,"CNDCADMSE",2010,6,19.59,117.54,"CND","CAD"]
["D58074","RAMPE DE GRAISSAGE",13255,"OACMSE",2011,8,6.3875000000000002,51.1,"OAC"]
["D58207EB","BAGUE",19612,"USI",2013,126,6.7440476190476186,849.75,"USI"]
["D58241","RONDELLE",18994,"OACPEIMSE",2013,8,0,0,"OAC","PEI"]
["D58241","RONDELLE",18994,"OACPEIMSE",2013,1,108.5,108.5,"OAC","PEI"]
["D58241","RONDELLE",19218,"OACPEIMSE",2013,7,35.798571428571428,250.59,"OAC","PEI"]
["D58241","RONDELLE",19217,"OACPEIMSE",2013,7,11.388571428571428,79.72,"OAC","PEI"]
["D58241","RONDELLE",19219,"OACPEIMSE",2013,15,2.7593333333333332,41.39,"OAC","PEI"]
["D58444","COIFFE",9504,"CNDMSE",2009,21,1.7033333333333336,35.770000000000003,"CND"]
["D58444","COIFFE",14290,"CNDMSE",2011,13,10.613076923076923,137.97,"CND"]
["D58444","COIFFE",9063,"TTHMSE",2009,3,40.836666666666666,122.51,"TTH"]
["D58444","COIFFE",13892,"TTHMSE",2011,1,1771.9,1771.9,"TTH"]
["D58445","BAGUE",11450,"CNDMSE",2010,11,19.046363636363637,209.51,"CND"]
["D58445","BAGUE",11077,"TTHMSE",2009,2,12.255000000000001,24.51,"TTH"]
["D58446","BAGUE COULISSANTE",15077,"CNDMSE",2011,33,5.2030303030303031,171.7,"CND"]
["D58446","BAGUE COULISSANTE",19409,"CNDMSE",2013,3,11.923333333333334,35.770000000000003,"CND"]
["D58446","BAGUE COULISSANTE",20553,"CNDMSE",2014,1,111.85,111.85,"CND"]
["D58446","BAGUE COULISSANTE",20845,"CNDMSE",2014,16,19.821249999999999,317.14,"CND"]
["D58471R2","PISTON",9922,"CNDRILMSE",2009,8,4.4712500000000004,35.770000000000003,"CND","RIL"]
["D58471R3","PISTON",9921,"CNDRILMSE",2009,4,24.145,96.58,"CND","RIL"]
["D58472","RONDELLE",11169,"OACMSE",2010,17,13.526470588235293,229.95,"OAC"]
["D58472","RONDELLE",12631,"OACMSE",2010,28,1.825,51.1,"OAC"]
["D58472","RONDELLE",11169,"PEIMSE",2010,17,2.1223529411764703,36.08,"PEI"]
["D58472","RONDELLE",12631,"PEIMSE",2010,28,4.5607142857142859,127.7,"PEI"]
["D58475","RONDELLE",9411,"CNDMSE",2009,13,2.7515384615384617,35.770000000000003,"CND"]
["D58475","RONDELLE",10969,"CNDMSE",2009,15,{"$f":"H9795/F9795","v":6.7473333333333327},101.21,"CND"]
["D58475","RONDELLE",12355,"CNDMSE",2010,14,3.5985714285714288,50.38,"CND"]
["D58475","RONDELLE",12587,"CNDMSE",2010,23,1.6417391304347826,37.76,"CND"]
["D58475","RONDELLE",15520,"CNDMSE",2012,18,3.9744444444444449,71.540000000000006,"CND"]
["D58475","RONDELLE",16209,"CNDMSE",2012,18,1.9872222222222224,35.770000000000003,"CND"]
["D58475","RONDELLE",19401,"CNDMSE",2013,27,1.3248148148148149,35.770000000000003,"CND"]
["D58475","RONDELLE",12356,"SULFMSE",2010,14,12.327142857142858,172.58,"SULF"]
["D58475","RONDELLE",12588,"SULFMSE",2010,23,1.2065217391304348,27.75,"SULF"]
["D58475","RONDELLE",15665,"SULFMSE",2012,18,6.1677777777777774,111.02,"SULF"]
["D58475","RONDELLE",16210,"SULFMSE",2012,18,2.7144444444444442,48.86,"SULF"]
["D58475","RONDELLE",19402,"SULFMSE",2013,27,2.2162962962962962,59.84,"SULF"]
["D58475","RONDELLE",9521,"SULFMSE",2009,13,2.8453846153846154,36.99,"SULF"]
["D58475","RONDELLE",10970,"SULFMSE",2009,15,14.868,223.02,"SULF"]
["D58475","RONDELLE",15260,"TTHMSE",2011,2,13.395,26.79,"TTH"]
["D58475","RONDELLE",15885,"TTHMSE",2012,2,14.734999999999999,29.47,"TTH"]
["D58475","RONDELLE",19048,"TTHMSE",2013,4,7.7874999999999996,31.15,"TTH"]
["D58475","RONDELLE",9095,"TTHMSE",2009,2,16.125,32.25,"TTH"]
["D58475","RONDELLE",10759,"TTHMSE",2009,2,209.11500000000001,418.23,"TTH"]
["D58475","RONDELLE",12111,"TTHMSE",2010,2,77.775000000000006,155.55000000000001,"TTH"]
["D58475","RONDELLE",12303,"TTHMSE",2010,3,13.25,39.75,"TTH"]
["D58813","PISTON RILSAN",10062,"RILMSE",2009,12,9.2508333333333344,111.01,"RIL"]
["D58813","PISTON RILSAN",9828,"TTHMSE",2009,4,7.5075000000000003,30.03,"TTH"]
["D58813R1","PISTON",9740,"CNDDETRILMSE",2009,15,2.3846666666666669,35.770000000000003,"CND","DET","RIL"]
["D58813R1","PISTON",10057,"RILMSE",2009,15,1.29,19.350000000000001,"RIL"]
["D58813R1","PISTON",16062,"TTHMSE",2012,2,179.815,359.63,"TTH"]
["D58813R1","PISTON",9257,"TTHMSE",2009,5,0,0,"TTH"]
["D58813R1","PISTON",9902,"TTHMSE",2009,5,16.294,81.47,"TTH"]
["D58813R2","PISTON",10056,"RILMSE",2009,8,13.876250000000001,111.01,"RIL"]
["D58813R2","PISTON",12826,"RILMSE",2010,12,14.512500000000001,174.15,"RIL"]
["D58813R2","PISTON",16764,"TTHMSE",2012,3,11.530000000000001,34.590000000000003,"TTH"]
["D58813R2","PISTON",9828,"TTHMSE",2009,3,8.1833333333333336,24.55,"TTH"]
["D58813R2","PISTON",12599,"TTHMSE",2010,4,154,616,"TTH"]
["D58814","RONDELLE",9450,"DETCADMSE",2009,18,7.6450000000000005,137.61000000000001,"DET","CAD"]
["D58814","RONDELLE",11294,"DETCADMSE",2010,27,4.4570370370370371,120.34,"DET","CAD"]
["D58814","RONDELLE",14571,"DETCADMSE",2011,17,8.9888235294117642,152.81,"DET","CAD"]
["D58814","RONDELLE",8888,"TTHMSE",2009,2,113.515,227.03,"TTH"]
["D58814","RONDELLE",10762,"TTHMSE",2009,3,7.7833333333333341,23.35,"TTH"]
["D58814","RONDELLE",14347,"TTHMSE",2011,2,360,720,"TTH"]
["D58940","BAGUE",9201,"CNDMSE",2009,11,7.6209090909090911,83.83,"CND"]
["D58940","BAGUE",11714,"CNDMSE",2010,7,5.1100000000000003,35.770000000000003,"CND"]
["D58940","BAGUE",12267,"CNDMSE",2010,13,8.0907692307692312,105.18,"CND"]
["D58940","BAGUE",13090,"CNDMSE",2010,9,9.9477777777777785,89.53,"CND"]
["D58940","BAGUE",14772,"CNDMSE",2011,102,0.35068627450980394,35.770000000000003,"CND"]
["D58940","BAGUE",15338,"CNDMSE",2011,9,3.9733333333333332,35.76,"CND"]
["D58940","BAGUE",18667,"CNDMSE",2013,2,111.6,223.2,"CND"]
["D58940","BAGUE",19388,"CNDMSE",2013,2,71.540000000000006,143.08000000000001,"CND"]
["D58940","BAGUE",20268,"CNDMSE",2014,4,11.625,46.5,"CND"]
["D58954","DEMI-PONTET",12562,"OACMSE",2010,24,2.1291666666666669,51.1,"OAC"]
["D58954","DEMI-PONTET",13522,"OACMSE",2011,50,2.4916,124.58,"OAC"]
["D58954","DEMI-PONTET",9382,"OACMSE",2009,16,4.3687500000000004,69.900000000000006,"OAC"]
["D58954","DEMI-PONTET",11010,"OACMSE",2009,16,5.6875,91,"OAC"]
["D58954","DEMI-PONTET",12562,"PEIMSE",2010,24,53.876666666666665,1293.04,"PEI"]
["D58954","DEMI-PONTET",13522,"PEIMSE",2011,50,2.7719999999999998,138.6,"PEI"]
["D58954","DEMI-PONTET",9383,"PEIMSE",2009,16,140.01499999999999,2240.2399999999998,"PEI"]
["D58954","DEMI-PONTET",11011,"PEIMSE",2010,16,8.8331250000000008,141.33000000000001,"PEI"]
["D59172","EMBOUT",9033,"CNDCAD",2009,15,13.998666666666667,209.98,"CND","CAD"]
["D59389","CLAPET",18975,"CNDMSE",2013,5,32.622,163.11000000000001,"CND"]
["D59389","CLAPET",18973,"CNDMSE",2013,8,132.58750000000001,1060.7,"CND"]
["D59389","CLAPET",18977,"CNDMSE",2013,8,8.9425000000000008,71.540000000000006,"CND"]
["D59389","CLAPET",18974,"CNDMSE",2013,8,4.4712500000000004,35.770000000000003,"CND"]
["D59389","CLAPET",18978,"CNDMSE",2013,8,33.78,270.24,"CND"]
["D59389","CLAPET",18976,"CNDMSE",2013,4,78,312,"CND"]
["D59389","CLAPET",20242,"CNDMSE",2014,30,1.1923333333333335,35.770000000000003,"CND"]
["D59389","CLAPET",20255,"CNDMSE",2014,30,2.871666666666667,86.15,"CND"]
["D59410","BOUCHON",12164,"CNDMSE",2010,8,{"$f":"H9859/F9859","v":4.4712500000000004},35.770000000000003,"CND"]
["D59410","BOUCHON",13731,"CNDMSE",2011,9,3.9744444444444449,35.770000000000003,"CND"]
["D59410","BOUCHON",15319,"CNDMSE",2012,9,34.634444444444441,311.70999999999998,"CND"]
["D59410","BOUCHON",15318,"CNDMSE",2012,10,3.5770000000000004,35.770000000000003,"CND"]
["D59410","BOUCHON",12164,"OACMSE",2010,8,6.7037500000000003,53.63,"OAC"]
["D59410","BOUCHON",13731,"OACMSE",2011,9,5.677777777777778,51.1,"OAC"]
["D59410","BOUCHON",15319,"OACMSE",2012,9,105.18666666666667,946.68,"OAC"]
["D59410","BOUCHON",15318,"OACMSE",2012,10,5.4369999999999994,54.37,"OAC"]
["D59410","BOUCHON",12164,"PEIMSE",2010,8,18.526250000000001,148.21,"PEI"]
["D59410","BOUCHON",13731,"PEIMSE",2011,9,3.3,29.7,"PEI"]
["D59410","BOUCHON",13731,"PEIMSE",2011,0,{"$error":"#DIV/0!"},165.5,"PEI"]
["D59410","BOUCHON",15319,"PEIMSE",2012,9,11,99,"PEI"]
["D59410","BOUCHON",15318,"PEIMSE",2012,10,137.60999999999999,1376.1,"PEI"]
["D59429","PALIER",13773,"CNDCADMSE",2011,7,18.14142857142857,126.99,"CND","CAD"]
["D59429","PALIER",15691,"CNDCADMSE",2012,24,15.534583333333332,372.83,"CND","CAD"]
["D59429","PALIER",19962,"CNDCADMSE",2014,26,2.7515384615384617,71.540000000000006,"CND","CAD"]
["D59429","PALIER",13773,"PEIMSE",2011,7,11.174285714285714,78.22,"PEI"]
["D59429","PALIER",15691,"PEIMSE",2012,24,65.587499999999991,1574.1,"PEI"]
["D59429","PALIER",15691,"PEIMSE",2012,2,198,396,"PEI"]
["D59429","PALIER",19962,"PEIMSE",2014,26,7.9723076923076928,207.28,"PEI"]
["D59429","PALIER",19668,"USI",2013,53,2.35,124.55,"USI"]
["D59429","PALIER",19669,"USI",2013,26,5.4923076923076923,142.80000000000001,"USI"]
["D59431","PLAQUE",12654,"CNDPELPASMSE",2010,24,2.9808333333333334,71.540000000000006,"CND","PEL","PAS"]
["D59457","PALIER",10102,"CNDCADMSE",2009,21,17.099523809523809,359.09,"CND","CAD"]
["D59457","PALIER",11994,"CNDCADMSE",2010,10,8.7279999999999998,87.28,"CND","CAD"]
["D59457","PALIER",20361,"USI",2014,10,6.93,69.3,"USI"]
["D59458","BAGUE FILETEE",11232,"CNDDETCADMSE",2010,17,2.1041176470588239,35.770000000000003,"CND","DET","CAD"]
["D59458","BAGUE FILETEE",11883,"CNDDETCADMSE",2010,27,1.3248148148148149,35.770000000000003,"CND","DET","CAD"]
["D59458","BAGUE FILETEE",13915,"CNDDETCADMSE",2011,10,9.8109999999999999,98.11,"CND","DET","CAD"]
["D59458","BAGUE FILETEE",15465,"CNDDETCADMSE",2012,25,4.7224000000000004,118.06,"CND","DET","CAD"]
["D59458","BAGUE FILETEE",19953,"CNDDETCADMSE",2014,65,20.030769230769231,1302,"CND","DET","CAD"]
["D59458","BAGUE FILETEE",11883,"PEIMSE",2010,27,1.3348148148148147,36.04,"PEI"]
["D59458","BAGUE FILETEE",13915,"PEIMSE",2011,10,14.075999999999999,140.76,"PEI"]
["D59458","BAGUE FILETEE",15465,"PEIMSE",2012,25,11.88,297,"PEI"]
["D59458","BAGUE FILETEE",19953,"PEIMSE",2014,65,2.5692307692307694,167,"PEI"]
["D59458","BAGUE FILETEE",11233,"PEIMSE",2010,17,28.382352941176471,482.5,"PEI"]
["D59458","BAGUE FILETEE",15105,"TTHMSE",2011,2,11.695,23.39,"TTH"]
["D59458","BAGUE FILETEE",16284,"TTHMSE",2012,2,33.17,66.34,"TTH"]
["D59458","BAGUE FILETEE",19056,"TTHMSE",2013,5,6.6659999999999995,33.33,"TTH"]
["D59458","BAGUE FILETEE",10903,"TTHMSE",2009,1,28.95,28.95,"TTH"]
["D59458","BAGUE FILETEE",11355,"TTHMSE",2010,2,13.775,27.55,"TTH"]
["D59458","BAGUE FILETEE",12405,"TTHMSE",2010,2,26.155000000000001,52.31,"TTH"]
["D59458","BAGUE FILETEE",13526,"TTHMSE",2011,1,810,810,"TTH"]
["D59458","BAGUE FILETEE",19670,"USI",2013,67,0.59104477611940298,39.6,"USI"]
["D59915","BUTEE",14075,"CNDCADMSE",2011,79,0.90556962025316468,71.540000000000006,"CND","CAD"]
["D59915","BUTEE",17218,"TTHMSE",2012,7,6.9642857142857144,48.75,"TTH"]
["D59915","BUTEE",18087,"TTHMSE",2013,7,3.0871428571428572,21.61,"TTH"]
["D59915","BUTEE",18558,"TTHMSE",2013,50,0.92700000000000005,46.35,"TTH"]
["D59915","BUTEE",19059,"TTHMSE",2013,50,1.8725999999999998,93.63,"TTH"]
["D59915","BUTEE",13797,"TTHMSE",2011,10,84,840,"TTH"]
["D59943","BAGUE",17211,"CADMSE",2012,25,2.5756000000000001,64.39,"CAD"]
["D59943","BAGUE",19947,"CADMSE",2014,10,30.7,307,"CAD"]
["D59943","BAGUE",20574,"CADMSE",2014,15,12.131333333333334,181.97,"CAD"]
["D59943EB","BAGUE",14915,"CNDMSE",2011,42,0.85166666666666679,35.770000000000003,"CND"]
["D59943EB","BAGUE",15872,"CNDMSE",2012,33,2.0066666666666668,66.22,"CND"]
["D59943EB","BAGUE",16667,"CNDMSE",2012,49,6.7242857142857142,329.49,"CND"]
["D59943EB","BAGUE",17726,"CNDMSE",2013,40,3.7429999999999999,149.72,"CND"]
["D59943EB","BAGUE",19128,"CNDMSE",2013,8,270,2160,"CND"]
["D59943EB","BAGUE",19148,"CNDMSE",2013,25,1.8396000000000001,45.99,"CND"]
["D59943EB","BAGUE",19922,"CNDMSE",2014,34,4.4438235294117652,151.09,"CND"]
["D59943EB","BAGUE",20419,"CNDMSE",2014,16,10.935625,174.97,"CND"]
["D59943EB","BAGUE",19611,"USI",2013,34,2.9705882352941178,101,"USI"]
["D59970","BAGUE",18363,"CNDCADMSE",2013,33,9.168484848484848,302.56,"CND","CAD"]
["D59970","BAGUE",19593,"CNDCADMSE",2013,18,3.5772222222222223,64.39,"CND","CAD"]
["D59970","BAGUE",20620,"CNDCADMSE",2014,33,{"$f":"H9923/F9923","v":1.083939393939394},35.770000000000003,"CND","CAD"]
["D59970EB","BAGUE",12244,"CNDMSE",2010,4,8.9425000000000008,35.770000000000003,"CND"]
["D59970EB","BAGUE",12606,"CNDMSE",2010,77,2.7407792207792205,211.04,"CND"]
["D59970EB","BAGUE",12905,"CNDMSE",2010,68,0.53661764705882353,36.49,"CND"]
["D59970EB","BAGUE",12909,"CNDMSE",2010,79,0.45278481012658234,35.770000000000003,"CND"]
["D59970EB","BAGUE",13460,"CNDMSE",2011,55,1.9874545454545456,109.31,"CND"]
["D59970EB","BAGUE",13767,"CNDMSE",2011,55,1.7132727272727273,94.23,"CND"]
["D59970EB","BAGUE",14699,"CNDMSE",2011,71,2.6952112676056341,191.36,"CND"]
["D59970EB","BAGUE",14934,"CNDMSE",2011,93,0.48354838709677417,44.97,"CND"]
["D59970EB","BAGUE",15580,"CNDMSE",2012,68,0.55529411764705883,37.76,"CND"]
["D59970EB","BAGUE",16083,"CNDMSE",2012,61,1.3486885245901639,82.27,"CND"]
["D59970EB","BAGUE",16306,"CNDMSE",2012,115,1.4930434782608695,171.7,"CND"]
["D59970EB","BAGUE",16978,"CNDMSE",2012,70,0.74842857142857144,52.39,"CND"]
["D59970EB","BAGUE",18022,"CNDMSE",2013,49,4.0671428571428567,199.29,"CND"]
["D59970EB","BAGUE",19346,"CNDMSE",2013,1,89.65,89.65,"CND"]
["D59970EB","BAGUE",19345,"CNDMSE",2013,69,0.51840579710144929,35.770000000000003,"CND"]
["D59970EB","BAGUE",19712,"CNDMSE",2013,20,5.766,115.32,"CND"]
["D59970EB","BAGUE",19961,"CNDMSE",2014,75,2.2679999999999998,170.1,"CND"]
["D59970EB","BAGUE",20891,"CNDMSE",2014,41,3.7141463414634148,152.28,"CND"]
["D59970EB","BAGUE",20892,"CNDMSE",2014,17,2.4041176470588232,40.869999999999997,"CND"]
["D59989","BAGUE",18629,"CNDCADMSE",2013,36,0.99361111111111122,35.770000000000003,"CND","CAD"]
["D59989","BAGUE",19666,"CNDCADMSE",2013,17,6.8147058823529409,115.85,"CND","CAD"]
["D59989","BAGUE",20103,"CNDCADMSE",2014,40,2.7962499999999997,111.85,"CND","CAD"]
["D59989","BAGUE",20857,"CNDCADMSE",2014,40,0.8942500000000001,35.770000000000003,"CND","CAD"]
["D59989EB","BAGUE",8963,"CND",2009,40,11.770250000000001,470.81,"CND"]
["D59989EB","BAGUE",10568,"CND",2009,26,167.90769230769232,4365.6000000000004,"CND"]
["D59989EB","BAGUE",12044,"CND",2010,117,2.0786324786324784,243.2,"CND"]
["D59989EB","BAGUE",12045,"CND",2010,113,1.2460176991150445,140.80000000000001,"CND"]
["D59989EB","BAGUE",12465,"CND",2010,51,3.253921568627451,165.95,"CND"]
["D59989EB","BAGUE",13635,"CND",2011,50,3.8104,190.52,"CND"]
["D59989EB","BAGUE",13635,"CND",2011,56,12.37142857142857,692.8,"CND"]
["D59989EB","BAGUE",14607,"CND",2011,70,2.7571428571428571,193,"CND"]
["D59989EB","BAGUE",15346,"CND",2011,77,1.8441558441558441,142,"CND"]
["D59989EB","BAGUE",16213,"CND",2012,77,2.779220779220779,214,"CND"]
["D59989EB","BAGUE",18700,"CND",2013,87,13.183908045977011,1147,"CND"]
["D59989EB","BAGUE",19786,"CND",2013,70,3.1428571428571428,220,"CND"]
["D59989EB","BAGUE",20020,"CND",2014,9,146.66666666666666,1320,"CND"]
["D59989EB","BAGUE",20021,"CND",2014,7,199.62857142857143,1397.4,"CND"]
["D59996","BAGUE",8943,"CADMSE",2009,57,2.1052631578947367,120,"CAD"]
["D59996","BAGUE",15243,"CADMSE",2011,23,6.780869565217392,155.96,"CAD"]
["D59996","BAGUE",15391,"CADMSE",2011,32,12.8125,410,"CAD"]
["D59996","BAGUE",20725,"CADMSE",2014,15,16.550666666666665,248.26,"CAD"]
["D59996","BAGUE",20832,"CADMSE",2014,5,25.2,126,"CAD"]
["D59999","MASQUE",8854,"CNDMSE",2009,65,0.55030769230769239,35.770000000000003,"CND"]
["D59999","MASQUE",19178,"CNDMSE",2013,6,16.608333333333334,99.65,"CND"]
["D59999","MASQUE",20900,"CNDMSE",2014,6,5.9616666666666669,35.770000000000003,"CND"]
["D59999","MASQUE",20901,"CNDMSE",2014,13,2.7515384615384617,35.770000000000003,"CND"]
["D59999","MASQUE",20515,"TOUR",2014,11,10.091818181818182,111.01,"TOU"]
["D59999","MASQUE",20546,"TOUR",2014,13,8.5384615384615383,111,"TOU"]
["D60013","PLAQUETTE D'ARRET",13513,"DETCADPEIMSE",2011,39,0,0,"DET","CAD","PEI"]
["D60013","PLAQUETTE D'ARRET",15689,"DETCADPEIMSE",2012,20,32.799999999999997,656,"DET","CAD","PEI"]
["D60013","PLAQUETTE D'ARRET",15798,"DETCADPEIMSE",2012,22,0,0,"DET","CAD","PEI"]
["D60013","PLAQUETTE D'ARRET",15999,"DETCADPEIMSE",2012,28,2.8542857142857145,79.92,"DET","CAD","PEI"]
["D60013","PLAQUETTE D'ARRET",15218,"TTHMSE",2011,10,2.895,28.95,"TTH"]
["D60013","PLAQUETTE D'ARRET",15257,"TTHMSE",2011,11,4.9618181818181819,54.58,"TTH"]
["D60013","PLAQUETTE D'ARRET",15567,"TTHMSE",2012,14,1.3607142857142858,19.05,"TTH"]
["D60013","PLAQUETTE D'ARRET",13272,"TTHMSE",2010,20,21.375,427.5,"TTH"]
["D60050","RONDELLE",20798,"PASMSE",2014,40,9,360,"PAS"]
["D60050","RONDELLE",9188,"PASMSE",2009,93,15.35,1427.55,"PAS"]
["D60050","RONDELLE",14299,"PASMSE",2011,70,6.3428571428571425,444,"PAS"]
["D60050","RONDELLE",15763,"PASMSE",2012,57,0,0,"PAS"]
["D60050","RONDELLE",16864,"PASMSE",2012,37,104.39189189189189,3862.5,"PAS"]
["D60050","RONDELLE",18042,"PASMSE",2013,15,144,2160,"PAS"]
["D60050","RONDELLE",19664,"PASMSE",2013,42,78.952380952380949,3316,"PAS"]
["D60063","BAGUE",11751,"CADMSE",2010,91,{"$f":"H9987/F9987","v":2.1098901098901099},192,"CAD"]
["D60063","BAGUE",12037,"CADMSE",2010,81,1.5432098765432098,125,"CAD"]
["D60063","BAGUE",12677,"CADMSE",2010,73,1.7123287671232876,125,"CAD"]
["D60063","BAGUE",18318,"CADMSE",2013,46,3.9960869565217392,183.82,"CAD"]
["D60063","BAGUE",18956,"CADMSE",2013,56,2.3214285714285716,130,"CAD"]
["D60063","BAGUE",19450,"CADMSE",2013,57,4.3438596491228072,247.6,"CAD"]
["D60063","BAGUE",19634,"CADMSE",2013,71,2.1633802816901406,153.6,"CAD"]
["D60063","BAGUE",20018,"CADMSE",2014,18,0,0,"CAD"]
["D60063","BAGUE",12037,"PEIMSE",2010,81,30.555555555555557,2475,"PEI"]
["D60063","BAGUE",12677,"PEIMSE",2010,73,1.3790410958904109,100.67,"PEI"]
["D60063","BAGUE",18318,"PEIMSE",2013,46,3.597826086956522,165.5,"PEI"]
["D60063","BAGUE",18956,"PEIMSE",2013,56,5.0823214285714284,284.61,"PEI"]
["D60063","BAGUE",19450,"PEIMSE",2013,57,24.437368421052632,1392.93,"PEI"]
["D60063","BAGUE",19634,"PEIMSE",2013,71,5.7261971830985914,406.56,"PEI"]
["D60063","BAGUE",20018,"PEIMSE",2014,18,139.73333333333332,2515.1999999999998,"PEI"]
["D60063","BAGUE",11752,"PEIMSE",2010,91,35.010109890109888,3185.92,"PEI"]
["D60088","BAGUE",18615,"CADPEIMSE",2013,16,12.3125,197,"CAD","PEI"]
["D60088","BAGUE",19898,"CADPEIMSE",2014,8,33.248750000000001,265.99,"CAD","PEI"]
["D60088","BAGUE",20592,"CADPEIMSE",2014,20,8.1,162,"CAD","PEI"]
["D60088","BAGUE",20722,"USI",2014,18,26.401666666666667,475.23,"USI"]
["D60088EB","BAGUE",19891,"USI",2014,48,0.72499999999999998,34.799999999999997,"USI"]
["D60091","BAGUE",20665,"CADPEIMSE",2014,10,20.05,200.5,"CAD","PEI"]
["D60091EB","BAGUE",19746,"USI",2013,48,1.0004166666666667,48.02,"USI"]
["D60098EB","BAGUE",10621,"CNDMSE",2009,92,0.69989130434782609,64.39,"CND"]
["D60100","DOUILLE",9536,"PASMSE",2009,12,20.75,249,"PAS"]
["D60216","FLASQUE",10149,"OACMSE",2009,18,13.079444444444444,235.43,"OAC"]
["D60216","FLASQUE",10149,"PEIMSE",2009,18,7.094444444444445,127.7,"PEI"]
["D60220","ECROU",17737,"CNDCAD",2013,7,144.04285714285714,1008.3,"CND","CAD"]
["D60220","ECROU",17737,"PEI",2013,7,11.618571428571428,81.33,"PEI"]
["D60224","CORPS",13360,"CNDPELPASMSE",2011,31,2.3077419354838713,71.540000000000006,"CND","PEL","PAS"]
["D60224","CORPS",20312,"EB",2014,11,0,0,"EB"]
["D60224","CORPS",13360,"PEIMSE",2011,31,97.403225806451616,3019.5,"PEI"]
["D60316","ECROU",12626,"DETCNDCADPEIMSE",2010,7,10.220000000000001,71.540000000000006,"DET","CND","CAD","PEI"]
["D60316","ECROU",12405,"TTHMSE",2010,3,9.0499999999999989,27.15,"TTH"]
["D60332","RONDELLE",11191,"DETCADMSE",2010,48,9.6131250000000001,461.43,"DET","CAD"]
["D60332","RONDELLE",12212,"DETCADMSE",2010,35,1.022,35.770000000000003,"DET","CAD"]
["D60332","RONDELLE",13700,"DETCADMSE",2011,93,0.62569892473118283,58.19,"DET","CAD"]
["D60334","ECROU",9386,"CNDCAD",2009,21,2.2876190476190477,48.04,"CND","CAD"]
["D60334","ECROU",10529,"CNDCAD",2009,26,1.9653846153846155,51.1,"CND","CAD"]
["D60334","ECROU",12261,"CNDDETCADMSE",2010,10,5.1820000000000004,51.82,"CND","DET","CAD"]
["D60334","ECROU",12460,"CNDDETCADMSE",2010,15,2.3846666666666669,35.770000000000003,"CND","DET","CAD"]
["D60334","ECROU",13783,"CNDDETCADMSE",2011,30,1.1923333333333335,35.770000000000003,"CND","DET","CAD"]
["D60334","ECROU",16475,"CNDDETCADMSE",2012,12,6.7283333333333326,80.739999999999995,"CND","DET","CAD"]
["D60334","ECROU",20564,"CNDDETCADMSE",2014,10,30,300,"CND","DET","CAD"]
["D60334","ECROU",12261,"PEIMSE",2010,10,48.832999999999998,488.33,"PEI"]
["D60334","ECROU",12460,"PEIMSE",2010,15,11.033333333333333,165.5,"PEI"]
["D60334","ECROU",13783,"PEIMSE",2011,30,4.2566666666666668,127.7,"PEI"]
["D60334","ECROU",16475,"PEIMSE",2012,12,40.149166666666666,481.79,"PEI"]
["D60334","ECROU",20564,"PEIMSE",2014,10,8,80,"PEI"]
["D60334","ECROU",9387,"PEIMSE",2009,21,14.899999999999999,312.89999999999998,"PEI"]
["D60334","ECROU",10530,"PEIMSE",2009,26,128.58153846153846,3343.12,"PEI"]
["D60363","BAGUE",18393,"CADPEIMSE",2013,14,19.285714285714285,270,"CAD","PEI"]
["D60363","BAGUE",18393,"CADPEIMSE",2013,0,{"$error":"#DIV/0!"},126,"CAD","PEI"]
["D60363","BAGUE",19945,"CADPEIMSE",2014,8,15,120,"CAD","PEI"]
["D60363","BAGUE",20186,"CADPEIMSE",2014,19,8.0842105263157897,153.6,"CAD","PEI"]
["D60363EB","BAGUE",19748,"USI",2013,50,3.2,160,"USI"]
["D60363EB","BAGUE",19930,"USI",2014,58,0.37931034482758619,22,"USI"]
["D60415","DOUILLE",12827,"OACMSE",2010,29,97.09482758620689,2815.75,"OAC"]
["D60415","DOUILLE",13758,"OACMSE",2011,35,1.6625714285714286,58.19,"OAC"]
["D60415","DOUILLE",15176,"OACMSE",2011,30,6.0816666666666661,182.45,"OAC"]
["D60431","BAGUE",20671,"CADMSE",2014,3,84.233333333333334,252.7,"CAD"]
["D60432","BAGUE",20693,"CADMSE",2014,5,25.552,127.76,"CAD"]
["D60433","BAGUE",20694,"CADMSE",2014,3,42,126,"CAD"]
["D60434","BAGUE",9193,"CNDCADMSE",2009,5,27.288,136.44,"CND","CAD"]
["D60435","BAGUE",20890,"CADMSE",2014,3,{"$f":"H10051/F10051","v":25.2},75.599999999999994,"CAD"]
["D60532","EMBOUT",18129,"OAC",2013,25,1.4308000000000001,35.770000000000003,"OAC"]
["D60532","EMBOUT",18421,"PEI",2013,25,104.94,2623.5,"PEI"]
["D60551","BAGUE",20706,"CADMSE",2014,5,25.2,126,"CAD"]
["D60563","RONDELLE",20379,"PASMSE",2014,10,28.8,288,"PAS"]
["D60563","RONDELLE",15486,"PASMSE",2012,60,1.9656666666666667,117.94,"PAS"]
["D60563","RONDELLE",15873,"PASMSE",2012,192,0.68343750000000003,131.22,"PAS"]
["D60563","RONDELLE",16253,"PASMSE",2012,123,4.7008130081300816,578.20000000000005,"PAS"]
["D60581","RONDELLE",9054,"PASMSE",2009,130,0.81538461538461537,106,"PAS"]
["D60581","RONDELLE",11345,"PASMSE",2010,129,18.058449612403102,2329.54,"PAS"]
["D60701","BAGUE",8664,"CADMSE",2009,89,2.0224719101123596,180,"CAD"]
["D60701","BAGUE",9428,"CADMSE",2009,26,13.566153846153847,352.72,"CAD"]
["D60704","BAGUE",17197,"CADPEIMSE",2012,26,4.1538461538461542,108,"CAD","PEI"]
["D60704","BAGUE",18353,"CADPEIMSE",2013,17,12.118235294117646,206.01,"CAD","PEI"]
["D60704","BAGUE",18353,"CADPEIMSE",2013,0,{"$error":"#DIV/0!"},126,"CAD","PEI"]
["D60704","BAGUE",20053,"CADPEIMSE",2014,6,20,120,"CAD","PEI"]
["D60704","BAGUE",20240,"CADPEIMSE",2014,37,0,0,"CAD","PEI"]
["D60721","BAGUE",11618,"PELPASMSE",2010,33,6.3515151515151516,209.6,"PEL","PAS"]
["D60721","BAGUE",12502,"PELPASMSE",2010,21,78.571428571428569,1650,"PEL","PAS"]
["D60724","ENTRETOISE",9688,"PELPASMSE",2009,39,0.80615384615384622,31.44,"PEL","PAS"]
["D60724","ENTRETOISE",13026,"PELPASMSE",2010,17,161.76470588235293,2750,"PEL","PAS"]
["D60893","RONDELLE",10179,"CADMSE",2009,30,6.66,199.8,"CAD"]
["D60893","RONDELLE",14494,"CADMSE",2011,98,1.9667346938775512,192.74,"CAD"]
["D60893","RONDELLE",19550,"CADMSE",2013,8,19.2,153.6,"CAD"]
["D60893","RONDELLE",14494,"PEIMSE",2011,98,0.36785714285714283,36.049999999999997,"PEI"]
["D60893","RONDELLE",19550,"PEIMSE",2013,8,105.75,846,"PEI"]
["D60893","RONDELLE",10180,"PEIMSE",2009,30,7.8456666666666672,235.37,"PEI"]
["D60894","RONDELLE",19685,"CNDPELPASMSE",2013,21,2.117142857142857,44.46,"CND","PEL","PAS"]
["D60894","RONDELLE",9728,"CNDPELPASMSE",2009,11,6.9681818181818187,76.650000000000006,"CND","PEL","PAS"]
["D60894","RONDELLE",19356,"TTHMSE",2013,3,23.383333333333336,70.150000000000006,"TTH"]
["D60894","RONDELLE",9439,"TTHMSE",2009,2,44,88,"TTH"]
["D60900","RONDELLE",16445,"TTHMSE",2012,2,13.375,26.75,"TTH"]
["D60900","RONDELLE",19050,"TTHMSE",2013,2,142.07499999999999,284.14999999999998,"TTH"]
["D61063EB","BAGUE",19740,"USI",2013,94,0.23936170212765959,22.5,"USI"]
["D61238","BAGUE",14447,"CADPEIMSE",2011,176,0.71590909090909094,126,"CAD","PEI"]
["D61238","BAGUE",14447,"CADPEIMSE",2011,176,0.71590909090909094,126,"CAD","PEI"]
["D61267","RONDELLE",20679,"CNDPASMSE",2014,18,18.838888888888889,339.1,"CND","PAS"]
["D61267","RONDELLE",20810,"CNDPASMSE",2014,41,3.0287804878048781,124.18,"CND","PAS"]
["D61267","RONDELLE",8842,"CNDPASMSE",2009,416,0.26449519230769231,110.03,"CND","PAS"]
["D61267","RONDELLE",9305,"CNDPASMSE",2009,444,0.16112612612612615,71.540000000000006,"CND","PAS"]
["D61267","RONDELLE",9491,"CNDPASMSE",2009,837,0.1684109916367981,140.96,"CND","PAS"]
["D61267","RONDELLE",12986,"CNDPASMSE",2010,299,0.11963210702341139,35.770000000000003,"CND","PAS"]
["D61267","RONDELLE",13270,"CNDPASMSE",2011,206,1.3797087378640778,284.22000000000003,"CND","PAS"]
["D61267","RONDELLE",13508,"CNDPASMSE",2011,260,0.35799999999999998,93.08,"CND","PAS"]
["D61267","RONDELLE",13602,"CNDPASMSE",2011,276,0,0,"CND","PAS"]
["D61267","RONDELLE",14072,"CNDPASMSE",2011,260,0,0,"CND","PAS"]
["D61267","RONDELLE",14492,"CNDPASMSE",2011,386,1.5655699481865284,604.30999999999995,"CND","PAS"]
["D61267","RONDELLE",14619,"CNDPASMSE",2011,186,0.71080645161290323,132.21,"CND","PAS"]
["D61267","RONDELLE",14608,"CNDPASMSE",2011,222,2.5605405405405408,568.44000000000005,"CND","PAS"]
["D61267","RONDELLE",14752,"CNDPASMSE",2011,226,0.61747787610619476,139.55000000000001,"CND","PAS"]
["D61267","RONDELLE",15386,"CNDPASMSE",2011,219,0.45547945205479451,99.75,"CND","PAS"]
["D61267","RONDELLE",15589,"CNDPASMSE",2012,289,0.7178892733564014,207.47,"CND","PAS"]
["D61267","RONDELLE",16585,"CNDPASMSE",2012,304,0.26473684210526316,80.48,"CND","PAS"]
["D61267","RONDELLE",16989,"CNDPASMSE",2012,208,0.3559615384615385,74.040000000000006,"CND","PAS"]
["D61267","RONDELLE",17002,"CNDPASMSE",2012,161,0.56937888198757769,91.67,"CND","PAS"]
["D61267","RONDELLE",17330,"CNDPASMSE",2012,213,0.16793427230046951,35.770000000000003,"CND","PAS"]
["D61267","RONDELLE",17409,"CNDPASMSE",2012,178,0.21213483146067413,37.76,"CND","PAS"]
["D61267","RONDELLE",18144,"CNDPASMSE",2013,158,0.4682911392405063,73.989999999999995,"CND","PAS"]
["D61267","RONDELLE",18283,"CNDPASMSE",2013,159,0,0,"CND","PAS"]
["D61267","RONDELLE",18564,"CNDPASMSE",2013,160,0.45162500000000005,72.260000000000005,"CND","PAS"]
["D61267","RONDELLE",18879,"CNDPASMSE",2013,390,0.5400256410256411,210.61,"CND","PAS"]
["D61267","RONDELLE",19464,"CNDPASMSE",2013,210,0.34066666666666667,71.540000000000006,"CND","PAS"]
["D61267","RONDELLE",19506,"CNDPASMSE",2013,208,0.17197115384615386,35.770000000000003,"CND","PAS"]
["D61267","RONDELLE",20140,"CNDPASMSE",2014,121,0.36487603305785121,44.15,"CND","PAS"]
["D61267","RONDELLE",20085,"CNDPASMSE",2014,37,{"$f":"H10115/F10115","v":0.96675675675675687},35.770000000000003,"CND","PAS"]
["D61267","RONDELLE",20158,"CNDPASMSE",2014,293,0.191160409556314,56.01,"CND","PAS"]
["D61267-1","RONDELLE",20750,"CNDPASMSE",2014,148,0.48337837837837844,71.540000000000006,"CND","PAS"]
["D61267-1","RONDELLE",8913,"CNDPASMSE",2009,240,0.20983333333333334,50.36,"CND","PAS"]
["D61267-1","RONDELLE",9407,"CNDPASMSE",2009,267,0.13078651685393258,34.92,"CND","PAS"]
["D61267-1","RONDELLE",9764,"CNDPASMSE",2009,220,0.16259090909090909,35.770000000000003,"CND","PAS"]
["D61267-1","RONDELLE",12864,"CNDPASMSE",2010,146,0.96390410958904105,140.72999999999999,"CND","PAS"]
["D61267-1","RONDELLE",13291,"CNDPASMSE",2011,118,0.30313559322033901,35.770000000000003,"CND","PAS"]
["D61267-1","RONDELLE",13633,"CNDPASMSE",2011,138,8.872753623188407,1224.44,"CND","PAS"]
["D61267-1","RONDELLE",14286,"CNDPASMSE",2011,271,0,0,"CND","PAS"]
["D61267-1","RONDELLE",14648,"CNDPASMSE",2011,138,0.5758695652173913,79.47,"CND","PAS"]
["D61267-1","RONDELLE",15285,"CNDPASMSE",2011,119,0.79386554621848737,94.47,"CND","PAS"]
["D61267-1","RONDELLE",15302,"CNDPASMSE",2011,190,0.37652631578947371,71.540000000000006,"CND","PAS"]
["D61267-1","RONDELLE",15498,"CNDPASMSE",2012,75,0,0,"CND","PAS"]
["D61267-1","RONDELLE",15551,"CNDPASMSE",2012,113,4.883893805309734,551.88,"CND","PAS"]
["D61267-1","RONDELLE",15821,"CNDPASMSE",2012,174,0.50339080459770114,87.59,"CND","PAS"]
["D61267-1","RONDELLE",17246,"CNDPASMSE",2012,225,0.59186666666666665,133.16999999999999,"CND","PAS"]
["D61267-1","RONDELLE",17384,"CNDPASMSE",2012,246,0.88906504065040659,218.71,"CND","PAS"]
["D61267-1","RONDELLE",17929,"CNDPASMSE",2013,175,0.2336,40.880000000000003,"CND","PAS"]
["D61267-1","RONDELLE",17947,"CNDPASMSE",2013,175,2.7948,489.09,"CND","PAS"]
["D61267-1","RONDELLE",18125,"CNDPASMSE",2013,177,2.2796045197740114,403.49,"CND","PAS"]
["D61267-1","RONDELLE",18843,"CNDPASMSE",2013,207,0,0,"CND","PAS"]
["D61267-1","RONDELLE",19134,"CNDPASMSE",2013,312,0.55849358974358976,174.25,"CND","PAS"]
["D61267-1","RONDELLE",19311,"CNDPASMSE",2013,40,0,0,"CND","PAS"]
["D61267-1","RONDELLE",19372,"CNDPASMSE",2013,170,3.5228823529411764,598.89,"CND","PAS"]
["D61267-1","RONDELLE",19381,"CNDPASMSE",2013,106,13.771509433962263,1459.78,"CND","PAS"]
["D61267-1","RONDELLE",19543,"CNDPASMSE",2013,274,0.3356934306569343,91.98,"CND","PAS"]
["D61267-1","RONDELLE",20080,"CNDPASMSE",2014,154,0.2322727272727273,35.770000000000003,"CND","PAS"]
["D61267-1","RONDELLE",20093,"CNDPASMSE",2014,234,0.32965811965811964,77.14,"CND","PAS"]
["D61267-2","RONDELLE",20685,"CNDPASMSE",2014,284,2.9472535211267603,837.02,"CND","PAS"]
["D61267-2","RONDELLE",8934,"CNDPASMSE",2009,280,0.94374999999999998,264.25,"CND","PAS"]
["D61267-2","RONDELLE",12151,"CNDPASMSE",2010,240,0.18525,44.46,"CND","PAS"]
["D61267-2","RONDELLE",12622,"CNDPASMSE",2010,140,0.8175714285714285,114.46,"CND","PAS"]
["D61267-2","RONDELLE",12633,"CNDPASMSE",2010,100,0.55270000000000008,55.27,"CND","PAS"]
["D61267-2","RONDELLE",13582,"CNDPASMSE",2011,40,1.272,50.88,"CND","PAS"]
["D61267-2","RONDELLE",13581,"CNDPASMSE",2011,97,0.36876288659793816,35.770000000000003,"CND","PAS"]
["D61267-2","RONDELLE",14077,"CNDPASMSE",2011,80,7.8898750000000009,631.19000000000005,"CND","PAS"]
["D61267-2","RONDELLE",14530,"CNDPASMSE",2011,143,0,0,"CND","PAS"]
["D61267-2","RONDELLE",14635,"CNDPASMSE",2011,103,0,0,"CND","PAS"]
["D61267-2","RONDELLE",15365,"CNDPASMSE",2011,260,0.96696153846153843,251.41,"CND","PAS"]
["D61267-2","RONDELLE",15829,"CNDPASMSE",2012,157,1.9463694267515923,305.58,"CND","PAS"]
["D61267-2","RONDELLE",17025,"CNDPASMSE",2012,229,0.17672489082969431,40.47,"CND","PAS"]
["D61267-2","RONDELLE",17293,"CNDPASMSE",2012,92,1.0664130434782608,98.11,"CND","PAS"]
["D61267-2","RONDELLE",17612,"CNDPASMSE",2012,103,0.75407766990291258,77.67,"CND","PAS"]
["D61267-2","RONDELLE",17964,"CNDPASMSE",2013,245,1.5428571428571429,378,"CND","PAS"]
["D61267-2","RONDELLE",18945,"CNDPASMSE",2013,105,0,0,"CND","PAS"]
["D61267-2","RONDELLE",19254,"CNDPASMSE",2013,75,0,0,"CND","PAS"]
["D61267-2","RONDELLE",19285,"CNDPASMSE",2013,100,1.4187000000000001,141.87,"CND","PAS"]
["D61267-2","RONDELLE",19553,"CNDPASMSE",2013,181,0.88685082872928178,160.52000000000001,"CND","PAS"]
["D61267-2","RONDELLE",20000,"CNDPASMSE",2014,140,0.2555,35.770000000000003,"CND","PAS"]
["D61268","RONDELLE",20767,"PASMSE",2014,26,60.653846153846153,1577,"PAS"]
["D61268","RONDELLE",9024,"PASMSE",2009,632,3.0221518987341773,1910,"PAS"]
["D61268","RONDELLE",9114,"PASMSE",2009,325,1.0489538461538461,340.91,"PAS"]
["D61268","RONDELLE",13025,"PASMSE",2010,360,1.0833333333333333,390,"PAS"]
["D61268","RONDELLE",13392,"PASMSE",2011,15,169.86666666666667,2548,"PAS"]
["D61268","RONDELLE",13757,"PASMSE",2011,96,29.489583333333332,2831,"PAS"]
["D61268","RONDELLE",14444,"PASMSE",2011,150,1.9333333333333333,290,"PAS"]
["D61268","RONDELLE",15550,"PASMSE",2012,110,0,0,"PAS"]
["D61268","RONDELLE",15610,"PASMSE",2012,101,0,0,"PAS"]
["D61268","RONDELLE",16057,"PASMSE",2012,390,0.70769230769230773,276,"PAS"]
["D61268","RONDELLE",16678,"PASMSE",2012,529,2.7504725897920603,1455,"PAS"]
["D61268","RONDELLE",17142,"PASMSE",2012,5,314,1570,"PAS"]
["D61268","RONDELLE",19591,"PASMSE",2013,23,14.739130434782609,339,"PAS"]
["D61268-1","RONDELLE",15152,"PAS",2011,37,2.7510810810810811,101.79,"PAS"]
["D61268-1","RONDELLE",9084,"PAS",2009,69,{"$f":"H10179/F10179","v":1.6875362318840579},116.44,"PAS"]
["D61268-1","RONDELLE",13387,"PAS",2011,120,1.0602500000000001,127.23,"PAS"]
["D61268-1","RONDELLE",14693,"PAS",2011,75,9.2661333333333342,694.96,"PAS"]
["D61268-1","RONDELLE",15543,"PAS",2012,69,5.8714492753623189,405.13,"PAS"]
["D61268-1","RONDELLE",17282,"PAS",2012,103,0.92077669902912629,94.84,"PAS"]
["D61268-1","RONDELLE",17470,"PAS",2012,22,68.181818181818187,1500,"PAS"]
["D61268-1","RONDELLE",18102,"PASMSE",2013,134,9.2686567164179099,1242,"PAS"]
["D61268-1","RONDELLE",18573,"PASMSE",2013,119,27.3781512605042,3258,"PAS"]
["D61268-1","RONDELLE",18964,"PASMSE",2013,59,3.9593220338983048,233.6,"PAS"]
["D61268-1","RONDELLE",19453,"PASMSE",2013,90,2.9444444444444446,265,"PAS"]
["D61268-1","RONDELLE",19730,"PASMSE",2013,120,19.917999999999999,2390.16,"PAS"]
["D61298EB","BAGUE",10452,"CNDMSE",2009,17,3.03,51.51,"CND"]
["D61298EB","BAGUE",11304,"CNDMSE",2010,17,2.1041176470588239,35.770000000000003,"CND"]
["D61298EB","BAGUE",13754,"CNDMSE",2011,12,13.649166666666666,163.79,"CND"]
["D61303","CAPOT",11314,"PASMSE",2010,18,4.833333333333333,87,"PAS"]
["D61303","CAPOT",13137,"PASMSE",2010,19,20.526315789473685,390,"PAS"]
["D61303","CAPOT",13627,"PASMSE",2011,53,15.849056603773585,840,"PAS"]
["D61305","RONDELLE",10777,"OACMSE",2009,14,0,0,"OAC"]
["D61347EB","BAGUE",11052,"PASMSE",2010,9,30,270,"PAS"]
["D61347EB","BAGUE",12757,"PASMSE",2010,6,590,3540,"PAS"]
["D61347EB","BAGUE",12757,"PASMSE",2010,7,269.28571428571428,1885,"PAS"]
["D61347EB","BAGUE",10940,"PELMSE",2009,9,18.555555555555557,167,"PEL"]
["D61347EB","BAGUE",12575,"PELMSE",2010,6,533.98500000000001,3203.91,"PEL"]
["D61347EB","BAGUE",12575,"PELMSE",2010,7,69.875714285714281,489.13,"PEL"]
["D61347EB","BAGUE",10763,"TTHMSE",2009,3,45.396666666666668,136.19,"TTH"]
["D61347EB","BAGUE",12446,"TTHMSE",2010,2,1518,3036,"TTH"]
["D61347EB","BAGUE",12446,"TTHMSE",2010,2,187.5,375,"TTH"]
["D61363","PLAQUE",10972,"CNDOAC",2009,12,13.626666666666667,163.52000000000001,"CND","OAC"]
["D61603","PISTON",9309,"CNDMSE",2009,15,25.672666666666665,385.09,"CND"]
["D61603","PISTON",10991,"CNDMSE",2090,5,57.661999999999999,288.31,"CND"]
["D61603","PISTON",11334,"CNDMSE",2010,5,74.891999999999996,374.46,"CND"]
["D61603","PISTON",12412,"CNDMSE",2010,7,5.1100000000000003,35.770000000000003,"CND"]
["D61603","PISTON",13186,"CNDMSE",2010,5,21.462,107.31,"CND"]
["D61603","PISTON",13711,"CNDMSE",2011,12,10.317500000000001,123.81,"CND"]
["D61603","PISTON",14068,"CNDMSE",2011,16,5.5343749999999998,88.55,"CND"]
["D61603","PISTON",15481,"CNDMSE",2012,24,1.4904166666666667,35.770000000000003,"CND"]
["D61603","PISTON",19160,"CNDMSE",2013,24,3.7475000000000001,89.94,"CND"]
["D61603","PISTON",20663,"CNDMSE",2014,7,15.978571428571428,111.85,"CND"]
["D61603","PISTON",20664,"CNDMSE",2014,37,1.9335135135135137,71.540000000000006,"CND"]
["D61772","BAGUE",16613,"CNDCADMSE",2012,8,4.4712500000000004,35.770000000000003,"CND","CAD"]
["D61774-1","RONDELLE",8946,"PASMSE",2009,15,22.466666666666665,337,"PAS"]
["D61774-2","RONDELLE",9027,"PASMSE",2009,14,13.964285714285714,195.5,"PAS"]
["D61774-2","RONDELLE",10208,"PASMSE",2009,15,22.466666666666665,337,"PAS"]
["D61774-2","RONDELLE",14970,"PASMSE",2011,15,67.473333333333329,1012.1,"PAS"]
["D61776-1","RONDELLE",11839,"PASMSE",2010,22,180,3960,"PAS"]
["D61776-1","RONDELLE",15406,"PASMSE",2011,26,20.576923076923077,535,"PAS"]
["D61776-2","RONDELLE",12188,"PASMSE",2010,13,171.83076923076925,2233.8000000000002,"PAS"]
["D61776-3","RONDELLE",9969,null,2009,15,7.6219999999999999,114.33]
["D61776-3","RONDELLE",11830,null,2010,8,12.9925,103.94]
["D61779-1","RONDELLE",9074,"CNDPASMSE",2009,25,2.2891999999999997,57.23,"CND","PAS"]
["D61779-1","RONDELLE",15494,"CNDPASMSE",2012,39,7.3007692307692311,284.73,"CND","PAS"]
["D61779-1","RONDELLE",15834,"CNDPASMSE",2012,17,7.9594117647058829,135.31,"CND","PAS"]
["D61779-2","RONDELLE",12004,"CNDPASMSE",2010,24,1.4904166666666667,35.770000000000003,"CND","PAS"]
["D61779-2","RONDELLE",16171,"CNDPASMSE",2012,18,20.889444444444443,376.01,"CND","PAS"]
["D61779-2","RONDELLE",16464,"CNDPASMSE",2012,12,26.734166666666667,320.81,"CND","PAS"]
["D61779-3","RONDELLE",8877,"CNDPASMSE",2009,55,1.3736363636363635,75.55,"CND","PAS"]
["D61779-4","RONDELLE",10142,"CNDPASMSE",2009,5,3.3020000000000005,16.510000000000002,"CND","PAS"]
["D61779-4","RONDELLE",11105,"CNDPASMSE",2010,11,9.290909090909091,102.2,"CND","PAS"]
["D61779-4","RONDELLE",12180,"CNDPASMSE",2010,26,3.02,78.52,"CND","PAS"]
["D61779-5","RONDELLE",12001,"CNDPASMSE",2010,26,14.341153846153846,372.87,"CND","PAS"]
["D62346","BAGUE",10542,"DETCADMSE",2009,12,37.234999999999999,446.82,"DET","CAD"]
["D62346","BAGUE",11846,"DETCADMSE",2010,12,13.560833333333333,162.72999999999999,"DET","CAD"]
["D62346","BAGUE",11846,"PEIMSE",2010,12,4.1183333333333332,49.42,"PEI"]
["D62346","BAGUE",10543,"PEIMSE",2009,12,266.36666666666667,3196.4,"PEI"]
["D62346","BAGUE",10206,"TTHMSE",2009,13,{"$f":"H10243/F10243","v":3.7038461538461536},48.15,"TTH"]
["D62346","BAGUE",11355,"TTHMSE",2010,12,5.2041666666666666,62.45,"TTH"]
["D62347","BAGUE",8832,"CNDDETCADMSE",2009,27,5.2870370370370372,142.75,"CND","DET","CAD"]
["D62347","BAGUE",8833,"PEIMSE",2009,27,1.5525925925925927,41.92,"PEI"]
["D62348","BAGUE",9878,"CNDDETCADMSE",2009,22,3.791818181818182,83.42,"CND","DET","CAD"]
["D62348","BAGUE",11542,"CNDDETCADMSE",2010,31,2.7858064516129031,86.36,"CND","DET","CAD"]
["D62348","BAGUE",13140,"CNDDETCADMSE",2011,17,4.22,71.739999999999995,"CND","DET","CAD"]
["D62348","BAGUE",13140,"PEIMSE",2011,17,3.8141176470588238,64.84,"PEI"]
["D62348","BAGUE",9879,"PEIMSE",2009,22,23.507272727272724,517.16,"PEI"]
["D62348","BAGUE",11543,"PEIMSE",2010,31,5.387096774193548,167,"PEI"]
["D62348","BAGUE",9640,"TTHMSE",2009,23,2.5804347826086955,59.35,"TTH"]
["D62348","BAGUE",11067,"TTHMSE",2009,31,2.3680645161290323,73.41,"TTH"]
["D62348","BAGUE",12699,"TTHMSE",2010,17,74.117647058823536,1260,"TTH"]
["D64251","BAGUE",18933,"TTHMSE",2013,13,4.55,59.15,"TTH"]
["D64382","BAGUE",19119,"CNDCADPEIMSE",2013,24,1.4904166666666667,35.770000000000003,"CND","CAD","PEI"]
["D64382","BAGUE",20384,"CNDCADPEIMSE",2014,9,4.3966666666666665,39.57,"CND","CAD","PEI"]
["D64430","RONDELLE",13451,"PASMSE",2011,62,31.048387096774192,1925,"PAS"]
["D65517EB","BAGUE",19893,"USI",2014,78,0.35897435897435898,28,"USI"]
["D65567","RONDELLE",20906,"CNDPASMSE",2014,12,35.237500000000004,422.85,"CND","PAS"]
["D65567","RONDELLE",9341,"CNDPASMSE",2009,240,0.21820833333333331,52.37,"CND","PAS"]
["D65567","RONDELLE",15461,"CNDPASMSE",2011,117,1.0817094017094018,126.56,"CND","PAS"]
["D65567","RONDELLE",16970,"CNDPASMSE",2012,68,1.8035294117647058,122.64,"CND","PAS"]
["D65567","RONDELLE",15191,"TTHMSE",2011,6,7.16,42.96,"TTH"]
["D65567","RONDELLE",16593,"TTHMSE",2012,4,101.22750000000001,404.91,"TTH"]
["D65567","RONDELLE",17821,"TTHMSE",2013,4,10.827500000000001,43.31,"TTH"]
["D65567","RONDELLE",9061,"TTHMSE",2009,12,8.6274999999999995,103.53,"TTH"]
["D65567","RONDELLE",20781,"TTHMSE",2014,3,283.33333333333331,850,"TTH"]
["D65569","BAGUE",17295,"CADMSE",2012,49,3.306122448979592,162,"CAD"]
["D65569","BAGUE",18626,"CADMSE",2013,32,11.551875000000001,369.66,"CAD"]
["D65569","BAGUE",19808,"CADMSE",2014,19,11.947368421052632,227,"CAD"]
["D65569","BAGUE",20421,"CADMSE",2014,36,3.5,126,"CAD"]
["D65569EB","BAGUE",20558,"USI",2014,35,1.2697142857142856,44.44,"USI"]
["D65569EB","BAGUE",19747,"USI",2013,77,0.30753246753246755,23.68,"USI"]
["D65572","BAGUE",17254,"CADMSE",2012,57,19.771929824561404,1127,"CAD"]
["D65572","BAGUE",18612,"CADMSE",2013,16,8.0150000000000006,128.24,"CAD"]
["D65572","BAGUE",19719,"CADMSE",2013,18,1.796111111111111,32.33,"CAD"]
["D65572","BAGUE",20418,"CADMSE",2014,34,5.7473529411764703,195.41,"CAD"]
["D65572","BAGUE",19847,"USI",2014,36,2.0833333333333335,75,"USI"]
["D65572EB","BAGUE",19843,"USI",2014,74,3.8648648648648649,286,"USI"]
["D65573","BAGUE",17176,"CADMSE",2012,24,3.9175,94.02,"CAD"]
["D65573","BAGUE",19785,"CADMSE",2013,19,6.8421052631578947,130,"CAD"]
["D65573","BAGUE",19787,"CADMSE",2013,8,21.625,173,"CAD"]
["D65573","BAGUE",20949,"CADMSE",2014,17,9.0352941176470587,153.6,"CAD"]
["D65573EB","BAGUE",19748,"USI",2013,47,0.88936170212765953,41.8,"USI"]
["D65576","BAGUE",17286,"CADMSE",2012,49,3.1346938775510202,153.6,"CAD"]
["D65576","BAGUE",18588,"CADMSE",2013,30,23.7,711,"CAD"]
["D65576","BAGUE",19829,"CADMSE",2014,15,8.6666666666666661,130,"CAD"]
["D65576","BAGUE",20659,"CADMSE",2014,32,6.125,196,"CAD"]
["D65576EB","BAGUE",20660,"USI",2014,75,0.54666666666666663,41,"USI"]
["D65577","BAGUE",18699,"CADMSE",2013,14,12.291428571428572,172.08,"CAD"]
["D65577","BAGUE",19951,"CADMSE",2014,8,16.25,130,"CAD"]
["D65577","BAGUE",20358,"CADMSE",2014,16,27.754375,444.07,"CAD"]
["D65578","BAGUE",18539,"CADMSE",2013,7,29.428571428571427,206,"CAD"]
["D65578","BAGUE",19815,"CADMSE",2014,6,15,90,"CAD"]
["D65578","BAGUE",20464,"CADMSE",2014,9,14,126,"CAD"]
["D65578EB","BAGUE",20723,"USI",2014,43,4.8372093023255811,208,"USI"]
["D65579","BAGUE",18455,"CADMSE",2013,14,0,0,"CAD"]
["D65579","BAGUE",19766,"CADMSE",2013,8,40.619999999999997,324.95999999999998,"CAD"]
["D65579","BAGUE",20207,"CADMSE",2014,18,0,0,"CAD"]
["D65579","BAGUE",20941,"CADMSE",2014,20,8.1,162,"CAD"]
["D65579EB","BAGUE",19746,"USI",2013,46,45.782608695652172,2106,"USI"]
["D65598","RONDELLE",20588,"PASMSE",2014,42,7.5714285714285712,318,"PAS"]
["D65598","RONDELLE",9098,"PASMSE",2009,219,0.506986301369863,111.03,"PAS"]
["D65598","RONDELLE",14664,"PASMSE",2011,135,1.7303703703703703,233.6,"PAS"]
["D65598","RONDELLE",15076,"PASMSE",2011,110,{"$f":"H10307/F10307","v":2.2272727272727271},245,"PAS"]
["D65598","RONDELLE",15697,"PASMSE",2012,130,0,0,"PAS"]
["D65598","RONDELLE",16603,"PASMSE",2012,22,42.727272727272727,940,"PAS"]
["D65613","RONDELLE",20947,"PASMSE",2014,33,3.2121212121212119,106,"PAS"]
["D65613","RONDELLE",9083,"PASMSE",2009,65,3.8769230769230769,252,"PAS"]
["D65613","RONDELLE",13866,"PASMSE",2011,33,13.636363636363637,450,"PAS"]
["D65613","RONDELLE",14793,"PASMSE",2011,44,2.1590909090909092,95,"PAS"]
["D65613","RONDELLE",15470,"PASMSE",2011,41,10.199999999999999,418.2,"PAS"]
["D65613","RONDELLE",15705,"PASMSE",2012,54,2.2316666666666669,120.51,"PAS"]
["D65613","RONDELLE",19646,"PASMSE",2013,44,3.0681818181818183,135,"PAS"]
["D65614","RONDELLE",9214,"PASMSE",2009,123,2.3902439024390243,294,"PAS"]
["D65614","RONDELLE",14435,"PASMSE",2011,60,5.15,309,"PAS"]
["D65614","RONDELLE",14789,"PASMSE",2011,60,9.3433333333333337,560.6,"PAS"]
["D65614","RONDELLE",15348,"PASMSE",2011,56,3.2142857142857144,180,"PAS"]
["D65614","RONDELLE",15709,"PASMSE",2012,115,0,0,"PAS"]
["D65614","RONDELLE",16236,"PASMSE",2012,35,78.371428571428567,2743,"PAS"]
["D65617","BAGUE",20380,"CADMSE",2014,16,49.525624999999998,792.41,"CAD"]
["D65618","BAGUE",17244,"CADMSE",2012,25,45.08,1127,"CAD"]
["D65618","BAGUE",18533,"CADMSE",2013,20,18.852,377.04,"CAD"]
["D65618","BAGUE",19726,"CADMSE",2013,8,17.035,136.28,"CAD"]
["D65618","BAGUE",20645,"CADMSE",2014,18,9.2955555555555556,167.32,"CAD"]
["D65618","BAGUE",19846,"USI",2014,18,6.9777777777777779,125.6,"USI"]
["D65618","BAGUE",20605,"USI",2014,19,1.0105263157894737,19.2,"USI"]
["D65618EB","BAGUE",19845,"USI",2014,41,2.3902439024390243,98,"USI"]
["D65621","WASHER",14217,"PELPASMSE",2011,100,1.67,167,"PEL","PAS"]
["D65621","WASHER",15241,"PELPASMSE",2011,117,1.9709401709401708,230.6,"PEL","PAS"]
["D65621","WASHER",15690,"PELPASMSE",2012,150,2.4855999999999998,372.84,"PEL","PAS"]
["D65621","WASHER",14945,"TTHMSE",2011,6,11.691666666666668,70.150000000000006,"TTH"]
["D65621","WASHER",15259,"TTHMSE",2011,8,0,0,"TTH"]
["D65621","WASHER",13891,"TTHMSE",2011,5,374,1870,"TTH"]
["D65623","BAGUE",19826,"CADMSE",2014,5,40,200,"CAD"]
["D65623","BAGUE",20851,"CADMSE",2014,11,15.890909090909092,174.8,"CAD"]
["D65624","RONDELLE",9158,"PASMSE",2009,48,6.041666666666667,290,"PAS"]
["D65624","RONDELLE",14264,"PASMSE",2011,38,27.763157894736842,1055,"PAS"]
["D65624","RONDELLE",15655,"PASMSE",2012,38,8.9713157894736852,340.91,"PAS"]
["D65625","RONDELLE",15113,"PELPASMSE",2011,36,4.6388888888888893,167,"PEL","PAS"]
["D65625","RONDELLE",9115,"PELPASMSE",2009,77,18.642857142857142,1435.5,"PEL","PAS"]
["D65625","RONDELLE",15676,"PELPASMSE",2012,59,3.4413559322033898,203.04,"PEL","PAS"]
["D65625","RONDELLE",16320,"PELPASMSE",2012,16,23.302499999999998,372.84,"PEL","PAS"]
["D65625","RONDELLE",16951,"PELPASMSE",2012,40,4.1749999999999998,167,"PEL","PAS"]
["D65625","RONDELLE",20180,"PELPASMSE",2014,20,8.35,167,"PEL","PAS"]
["D65627","BAGUE",18698,"CADMSE",2013,20,2.4579999999999997,49.16,"CAD"]
["D65627","BAGUE",19767,"CADMSE",2013,8,23.608750000000001,188.87,"CAD"]
["D65627","BAGUE",20593,"CADMSE",2014,19,14.210526315789474,270,"CAD"]
["D65630","RONDELLE",9102,"PASMSE",2009,46,1.7913043478260871,82.4,"PAS"]
["D65630","RONDELLE",14271,"PASMSE",2011,38,7.8947368421052628,300,"PAS"]
["D65630","RONDELLE",15103,"PASMSE",2011,24,10,240,"PAS"]
["D65632","BAGUE",18576,"CADMSE",2013,18,6.9444444444444446,125,"CAD"]
["D65632","BAGUE",19094,"CADMSE",2013,7,18.571428571428573,130,"CAD"]
["D65632","BAGUE",20267,"CADMSE",2014,20,15.602500000000001,312.05,"CAD"]
["D65633","BAGUE",18744,"CADMSE",2013,14,8.9285714285714288,125,"CAD"]
["D65633","BAGUE",19835,"CADMSE",2014,11,6.3636363636363633,70,"CAD"]
["D65633","BAGUE",20590,"CADMSE",2014,17,4.5882352941176467,78,"CAD"]
["D65634","BAGUE",18448,"CADMSE",2013,7,23.142857142857142,162,"CAD"]
["D65634","BAGUE",19665,"CADMSE",2013,4,30,120,"CAD"]
["D65634","BAGUE",20169,"CADMSE",2014,10,0,0,"CAD"]
["D65634","BAGUE",20894,"CADMSE",2014,13,15.076923076923077,196,"CAD"]
["D65636","BAGUE",18431,"CADMSE",2013,14,28.571428571428573,400,"CAD"]
["D65636","BAGUE",19677,"CADMSE",2013,9,17.066666666666666,153.6,"CAD"]
["D65636","BAGUE",20210,"CADMSE",2014,16,10.584375,169.35,"CAD"]
["D65636","BAGUE",20829,"CADMSE",2014,18,15,270,"CAD"]
["D65637","BAGUE",17270,"CADMSE",2012,12,94.330833333333331,1131.97,"CAD"]
["D65637","BAGUE",18549,"CADMSE",2013,7,29.428571428571427,206,"CAD"]
["D65637","BAGUE",19709,"CADMSE",2013,4,40.5,162,"CAD"]
["D65637","BAGUE",20463,"CADMSE",2014,10,{"$f":"H10371/F10371","v":19.7},197,"CAD"]
["D65638","BAGUE",17271,"CADMSE",2012,16,9.6,153.6,"CAD"]
["D65638","BAGUE",18585,"CADMSE",2013,6,20.833333333333332,125,"CAD"]
["D65638","BAGUE",19708,"CADMSE",2013,5,69.587999999999994,347.94,"CAD"]
["D65638","BAGUE",20591,"CADMSE",2014,11,11.454545454545455,126,"CAD"]
["D65640",null,9357,"PASMSE",2009,39,3.5230769230769234,137.4,"PAS"]
["D65640",null,13947,"PASMSE",2011,23,7.0869565217391308,163,"PAS"]
["D65640",null,14743,"PASMSE",2011,19,23.684210526315791,450,"PAS"]
["D65640",null,15321,"PASMSE",2011,24,9.6875,232.5,"PAS"]
["D65640",null,15540,"PASMSE",2012,31,5.0435483870967737,156.35,"PAS"]
["D65640",null,19895,"PASMSE",2014,15,76.36666666666666,1145.5,"PAS"]
["D65640",null,20933,"PASMSE",2014,23,9.695652173913043,223,"PAS"]
["D65641","BAGUE",18548,"CADMSE",2013,13,10.864615384615385,141.24,"CAD"]
["D65641","BAGUE",20241,"CADMSE",2014,19,9.2105263157894743,175,"CAD"]
["D65641","BAGUE",20935,"CADMSE",2014,28,5.7857142857142856,162,"CAD"]
["D65651","BAGUE",19081,"CADMSE",2013,4,30,120,"CAD"]
["D65651","BAGUE",19347,"CADMSE",2013,3,40,120,"CAD"]
["D65651","BAGUE",19399,"CADMSE",2013,4,37.332500000000003,149.33000000000001,"CAD"]
["D65651","BAGUE",20883,"CADMSE",2014,26,4.8461538461538458,126,"CAD"]
["D65652","BAGUE",18979,"CADMSE",2013,2,130.5,261,"CAD"]
["D65652","BAGUE",20332,"CADMSE",2014,14,14.285714285714286,200,"CAD"]
["D65653","BAGUE",19187,"CADMSE",2013,8,15,120,"CAD"]
["D65653","BAGUE",19933,"USI",2014,55,4.2272727272727275,232.5,"USI"]
["D65653","BAGUE",19933,"USI",2014,-55,-0.58181818181818179,32,"USI"]
["D65653","BAGUE",20793,"USI",2014,55,0.81818181818181823,45,"USI"]
["D65655","BAGUE",17242,"CADMSE",2012,13,4.6453846153846152,60.39,"CAD"]
["D65655","BAGUE",18584,"CADMSE",2013,9,14.24888888888889,128.24,"CAD"]
["D65655","BAGUE",19854,"CADMSE",2014,6,22.27333333333333,133.63999999999999,"CAD"]
["D65655","BAGUE",20612,"CADMSE",2014,9,21.293333333333333,191.64,"CAD"]
["D65655","BAGUE",20884,"CADMSE",2014,10,5.04,50.4,"CAD"]
["D65656","BAGUE",17247,"CADMSE",2012,13,34.159230769230767,444.07,"CAD"]
["D65656","BAGUE",18536,"CADMSE",2013,7,23.142857142857142,162,"CAD"]
["D65656","BAGUE",19710,"CADMSE",2013,4,40.5,162,"CAD"]
["D65656","BAGUE",20409,"CADMSE",2014,12,119.61916666666667,1435.43,"CAD"]
["D65656","BAGUE",20882,"CADMSE",2014,12,13.82,165.84,"CAD"]
["D65996","BAGUE",17269,"CADMSE",2012,27,1.8925925925925926,51.1,"CAD"]
["D65996","BAGUE",18596,"CADMSE",2013,14,12.285714285714286,172,"CAD"]
["D65996","BAGUE",19716,"CADMSE",2013,8,29.737500000000001,237.9,"CAD"]
["D65996","BAGUE",20611,"CADMSE",2014,17,7.4117647058823533,126,"CAD"]
["D66169EB","BAGUE",9675,"CNDMSE",2009,12,4.3433333333333328,52.12,"CND"]
["D66169EB","BAGUE",11599,"CNDMSE",2010,9,11.128888888888888,100.16,"CND"]
["D66169EB","BAGUE",12218,"CNDMSE",2010,6,35.233333333333334,211.4,"CND"]
["D66170EB","BAGUE",10247,"CNDMSE",2009,34,1.0520588235294119,35.770000000000003,"CND"]
["D66170EB","BAGUE",10748,"CNDMSE",2009,35,1.022,35.770000000000003,"CND"]
["D66170EB","BAGUE",12243,"CNDMSE",2010,20,4.9210000000000003,98.42,"CND"]
["D66170EB","BAGUE",13331,"CNDMSE",2011,21,6.4404761904761907,135.25,"CND"]
["D66170EB","BAGUE",14106,"CNDMSE",2011,26,9.2373076923076916,240.17,"CND"]
["D66244","BAGUE",14080,"CNDCADPEIMSE",2011,5,52.838000000000001,264.19,"CND","CAD","PEI"]
["D66245","BAGUE",11387,"CNDCADMSE",2010,19,17.68578947368421,336.03,"CND","CAD"]
["D66245","BAGUE",11388,"PEIMSE",2010,19,175.95368421052632,3343.12,"PEI"]
["D66245EB","BAGUE",12840,"CNDMSE",2010,12,37.537500000000001,450.45,"CND"]
["D66245EB","BAGUE",13190,"CNDMSE",2010,9,356.66666666666669,3210,"CND"]
["D66245EB","BAGUE",14668,"CNDMSE",2011,22,1.625909090909091,35.770000000000003,"CND"]
["D66616","RONDELLE",9380,"PASMSE",2009,129,0.98837209302325579,127.5,"PAS"]
["D66616-1","RONDELLE",19565,"PASMSE",2013,19,50.368421052631582,957,"PAS"]
["D66616-2","RONDELLE",18872,"PASMSE",2013,8,158.38499999999999,1267.08,"PAS"]
["D66616-3","RONDELLE",19571,"PASMSE",2013,19,25.105263157894736,477,"PAS"]
["D66616-4","RONDELLE",18871,"PASMSE",2013,8,164.75,1318,"PAS"]
["D66616-5","RONDELLE",18029,"PASMSE",2013,10,31.2,312,"PAS"]
["D66616-5","RONDELLE",18874,"PASMSE",2013,7,115,805,"PAS"]
["D66616-6","RONDELLE",18873,"PASMSE",2013,10,112.5,1125,"PAS"]
["D66622","RONDELLE",9218,"PASMSE",2009,48,3.9583333333333335,190,"PAS"]
["D66622","RONDELLE",14854,"PASMSE",2011,30,15.433333333333334,463,"PAS"]
["D66622","RONDELLE",15359,"PASMSE",2011,30,37.700000000000003,1131,"PAS"]
["D66622","RONDELLE",15360,"PASMSE",2011,24,{"$f":"H10435/F10435","v":16},384,"PAS"]
["D66623","RONDELLE",9212,"PASMSE",2009,48,10.520833333333334,505,"PAS"]
["D66623","RONDELLE",14853,"PASMSE",2011,18,46.833333333333336,843,"PAS"]
["D66623","RONDELLE",15361,"PASMSE",2011,52,2.7115384615384617,141,"PAS"]
["D66623","RONDELLE",15362,"PASMSE",2011,30,65.7,1971,"PAS"]
["D66625","RONDELLE",11560,"PASMSE",2010,11,137.45454545454547,1512,"PAS"]
["D66625","RONDELLE",11560,"PASMSE",2010,7,75.05714285714285,525.4,"PAS"]
["D66625","RONDELLE",14566,"PASMSE",2011,30,7.7866666666666662,233.6,"PAS"]
["D66625","RONDELLE",15234,"PASMSE",2011,24,13.291666666666666,319,"PAS"]
["D66625","RONDELLE",15358,"PASMSE",2011,39,54.282051282051285,2117,"PAS"]
["D66773","BAGUE",19566,"CADMSE",2013,12,10.833333333333334,130,"CAD"]
["D66774","BAGUE",19856,"CADMSE",2014,8,15,120,"CAD"]
["D66774","BAGUE",20381,"CADMSE",2014,1,120,120,"CAD"]
["D66978EB","BAGUE",9695,"CNDMSE",2009,16,5.5187499999999998,88.3,"CND"]
["D66978EB","BAGUE",10780,"CNDMSE",2009,10,3.5770000000000004,35.770000000000003,"CND"]
["D66978EB","BAGUE",11539,"CNDMSE",2010,9,4.195555555555555,37.76,"CND"]
["D66978EB","BAGUE",12616,"CNDMSE",2010,47,9.7042553191489365,456.1,"CND"]
["D66978EB","BAGUE",13601,"CNDMSE",2011,40,0.8942500000000001,35.770000000000003,"CND"]
["D66978EB","BAGUE",16039,"CNDMSE",2012,37,6.4556756756756757,238.86,"CND"]
["D67184","BAGUE",20025,"CADMSE",2014,6,25.599999999999998,153.6,"CAD"]
["D67206","RONDELLE",12019,"DETCADMSE",2010,13,3.5876923076923077,46.64,"DET","CAD"]
["D67422","BAGUE",19275,"PELPASDETCADMSE",2013,30,102.02600000000001,3060.78,"PEL","PAS","DET","CAD"]
["D67422","BAGUE",20183,"PELPASDETCADMSE",2014,14,11.928571428571429,167,"PEL","PAS","DET","CAD"]
["D67457","BAGUE",19780,"CADMSE",2013,10,20.240000000000002,202.4,"CAD"]
["D67457","BAGUE",19822,"CADMSE",2014,3,42,126,"CAD"]
["D68537","ECROU",11937,"CNDCADMSE",2010,137,0.26109489051094892,35.770000000000003,"CND","CAD"]
["D68537","ECROU",12449,"CNDCADMSE",2010,203,0.83807881773399018,170.13,"CND","CAD"]
["D68537","ECROU",12488,"CNDCADMSE",2010,54,1.1957407407407405,64.569999999999993,"CND","CAD"]
["D68537","ECROU",12689,"CNDCADMSE",2010,140,3.6908571428571428,516.72,"CND","CAD"]
["D68537","ECROU",12689,"CNDCADMSE",2010,53,0.67490566037735855,35.770000000000003,"CND","CAD"]
["D68537","ECROU",15771,"CNDCADMSE",2012,41,1.5931707317073169,65.319999999999993,"CND","CAD"]
["D68537","ECROU",15252,"TTHMSE",2011,14,1.4378571428571427,20.13,"TTH"]
["D68537","ECROU",11664,"TTHMSE",2010,48,1.4172916666666666,68.03,"TTH"]
["D68537","ECROU",11941,"TTHMSE",2010,69,0.38739130434782609,26.73,"TTH"]
["D68537","ECROU",11941,"TTHMSE",2010,18,1.088888888888889,19.600000000000001,"TTH"]
["D68537","ECROU",11664,"TTHMSE",2010,0,{"$error":"#DIV/0!"},26.23,"TTH"]
["D68731","CHAPEAU",8830,"OACMSE",2009,54,0.9462962962962963,51.1,"OAC"]
["D68792","RONDELLE",18889,"PASMSE",2013,53,7.7358490566037732,410,"PAS"]
["D68905","RONDELLE",11468,"SULFMSE",2010,25,4.4400000000000004,111,"SULF"]
["D68905","RONDELLE",13242,"SULFMSE",2011,28,5.4285714285714288,152,"SULF"]
["D68905","RONDELLE",14289,"SULFMSE",2011,33,3.0627272727272725,101.07,"SULF"]
["D68905","RONDELLE",15003,"SULFMSE",2011,33,8.2424242424242422,272,"SULF"]
["D68905","RONDELLE",15004,"SULFMSE",2011,33,12.312727272727273,406.32,"SULF"]
["D68905","RONDELLE",16233,"SULFMSE",2012,24,6.3329166666666667,151.99,"SULF"]
["D68962","BAGUE",11572,"CADMSE",2010,20,3.8414999999999999,76.83,"CAD"]
["D68962","BAGUE",12068,"CADMSE",2010,6,28.856666666666666,173.14,"CAD"]
["D68962","BAGUE",12198,"CADMSE",2010,47,3.1119148936170209,146.26,"CAD"]
["D68962","BAGUE",12601,"CADMSE",2010,7,17.857142857142858,125,"CAD"]
["D68962","BAGUE",13030,"CADMSE",2010,3,57.333333333333336,172,"CAD"]
["D68962","BAGUE",13943,"CADMSE",2011,50,7.8024000000000004,390.12,"CAD"]
["D68962","BAGUE",14669,"CADMSE",2011,54,1.2751851851851852,68.86,"CAD"]
["D68962","BAGUE",15096,"CADMSE",2011,56,1.0767857142857142,60.3,"CAD"]
["D68962","BAGUE",15928,"CADMSE",2012,72,1.8599999999999999,133.91999999999999,"CAD"]
["D68962","BAGUE",15929,"CADMSE",2012,23,7.7495652173913046,178.24,"CAD"]
["D68962","BAGUE",19202,"CADMSE",2013,26,4.6026923076923074,119.67,"CAD"]
["D68962","BAGUE",20237,"CADMSE",2014,9,19.444444444444443,175,"CAD"]
["D68962","BAGUE",12068,"PEIMSE",2010,6,79.208333333333329,475.25,"PEI"]
["D68962","BAGUE",12198,"PEIMSE",2010,47,65.962765957446805,3100.25,"PEI"]
["D68962","BAGUE",12601,"PEIMSE",2010,7,75.368571428571428,527.58000000000004,"PEI"]
["D68962","BAGUE",13030,"PEIMSE",2010,3,23.91333333333333,71.739999999999995,"PEI"]
["D68962","BAGUE",13943,"PEIMSE",2011,50,0.72019999999999995,36.01,"PEI"]
["D68962","BAGUE",14669,"PEIMSE",2011,54,2.3648148148148147,127.7,"PEI"]
["D68962","BAGUE",15096,"PEIMSE",2011,56,4.7417857142857143,265.54000000000002,"PEI"]
["D68962","BAGUE",15928,"PEIMSE",2012,72,28.875,2079,"PEI"]
["D68962","BAGUE",15929,"PEIMSE",2012,23,{"$f":"H10499/F10499","v":11.191304347826087},257.39999999999998,"PEI"]
["D68962","BAGUE",19202,"PEIMSE",2013,26,87.44,2273.44,"PEI"]
["D68962","BAGUE",20237,"PEIMSE",2014,9,91.199999999999989,820.8,"PEI"]
["D68962","BAGUE",11573,"PEIMSE",2010,20,1.048,20.96,"PEI"]
["EBA87614","PATIN EBAUCHE",11245,"CND",2010,538,0.44408921933085499,238.92,"CND"]
["EBA87614","PATIN EBAUCHE",12897,"CND",2010,537,0.24208566108007448,130,"CND"]
["EBA87614","PATIN EBAUCHE",14349,"CND",2011,333,0.9294894894894894,309.52,"CND"]
["EBA87614","PATIN EBAUCHE",17709,"CND",2013,279,0.82326164874551966,229.69,"CND"]
["EBA87614","PATIN EBAUCHE",19258,"CND",2013,350,11.053714285714285,3868.8,"CND"]
["EBA87614","PATIN EBAUCHE",20614,"CND",2014,32,35.959375000000001,1150.7,"CND"]
["EBA87614","PATIN EBAUCHE",20613,"CND",2014,32,64.349999999999994,2059.1999999999998,"CND"]
["EBA87614","PATIN EBAUCHE",20163,"USI",2014,344,5.9433139534883717,2044.5,"USI"]
["EBA87614","PATIN EBAUCHE",20161,"USI",2014,320,6.8203125,2182.5,"USI"]
["EBA87614","PATIN EBAUCHE",20161,"USI",2014,180,1.0166666666666666,183,"USI"]
["EBA87614","PATIN EBAUCHE",20164,"USI",2014,350,0.34857142857142859,122,"USI"]
["EBA87614","PATIN EBAUCHE",20162,"USI",2014,627,0.19457735247208932,122,"USI"]
["EBA88721","PATIN EBAUCHE",17415,"CND",2013,539,1.0612244897959184,572,"CND"]
["EBA88721","PATIN EBAUCHE",17997,"CND",2013,562,0.22419928825622776,126,"CND"]
["EBA88721","PATIN EBAUCHE",9412,"CND",2009,608,0.15225328947368419,92.57,"CND"]
["EBA88721","PATIN EBAUCHE",10061,"CND",2009,645,0.79930232558139525,515.54999999999995,"CND"]
["EBA88721","PATIN EBAUCHE",12025,"CND",2010,285,0.45614035087719296,130,"CND"]
["EBA88721","PATIN EBAUCHE",12548,"CND",2010,500,0.30599999999999999,153,"CND"]
["EBA88721","PATIN EBAUCHE",12898,"CND",2010,557,0.42886894075403947,238.88,"CND"]
["EBA88721","PATIN EBAUCHE",14006,"CND",2011,563,0.16625222024866784,93.6,"CND"]
["EBA88721","PATIN EBAUCHE",14832,"CND",2011,546,0.3534798534798535,193,"CND"]
["EBA88721","PATIN EBAUCHE",16532,"CND",2012,500,1.0535600000000001,526.78,"CND"]
["EBA88721","PATIN EBAUCHE",16721,"CND",2012,502,0.27091633466135456,136,"CND"]
["EBA88721","PATIN EBAUCHE",18463,"CND",2013,579,1.9222797927461139,1113,"CND"]
["EBA88721","PATIN EBAUCHE",19077,"CND",2013,545,0,0,"CND"]
["EBA88721","PATIN EBAUCHE",20130,"CND",2014,50,74.400000000000006,3720,"CND"]
["EBA88721","PATIN EBAUCHE",20726,"CND",2014,32,9.8609375000000004,315.55,"CND"]
["EBA88721","PATIN EBAUCHE",16398,"USI",2012,500,1.881,940.5,"USI"]
["EBA88721","PATIN EBAUCHE",16399,"USI",2012,502,1.8047808764940239,906,"USI"]
["EBA88721","PATIN EBAUCHE",16783,"USI",2012,500,0.94499999999999995,472.5,"USI"]
["EBA88721","PATIN EBAUCHE",16783,"USI",2012,39,25.294871794871796,986.5,"USI"]
["EBA88721","PATIN EBAUCHE",18240,"USI",2013,579,3.7694300518134716,2182.5,"USI"]
["EBA88721","PATIN EBAUCHE",18809,"USI",2013,546,1.2032967032967032,657,"USI"]
["EBA88721","PATIN EBAUCHE",19210,"USI",2014,698,0.23280802292263611,162.5,"USI"]
["EBA88721","PATIN EBAUCHE",20135,"USI",2014,500,0.94499999999999995,472.5,"USI"]
["EBA88721","PATIN EBAUCHE",20134,"USI",2014,567,1.1111111111111112,630,"USI"]
["EBA88721","PATIN EBAUCHE",20133,"USI",2014,500,0.3,150,"USI"]
["GA56498-11","CORPS EQUIPE",10522,"OC",2009,3,145.80666666666667,437.42,"OC"]
["GA56498-11","CORPS EQUIPE",10522,"OC",2009,4,44.8825,179.53,"OC"]
["GA56498-11","CORPS EQUIPE",16194,"OC",2012,10,5.1100000000000003,51.1,"OC"]
["GA56498-11","CORPS EQUIPE",16571,"OC",2012,10,188.43099999999998,1884.31,"OC"]
["GA56498-11","CORPS EQUIPE",20618,"OC",2014,9,14.353333333333333,129.18,"OC"]
["GA56498-11","CORPS EQUIPE",20619,"OC",2014,3,64.893333333333331,194.68,"OC"]
["GA56498-11","CORPS EQUIPE",12036,"OC",2010,9,177.56444444444443,1598.08,"OC"]
["GA56498-11","CORPS EQUIPE",12481,"OC",2010,2,48.655000000000001,97.31,"OC"]
["GA56498-11","CORPS USINE EQUIPE",10522,"PEI",2009,3,26.083333333333332,78.25,"PEI"]
["GA56498-11","CORPS USINE EQUIPE",10522,"PEI",2009,4,44.25,177,"PEI"]
["GA56498-11","CORPS USINE EQUIPE",16194,"PEI",2012,10,10.74,107.4,"PEI"]
["GA56498-11","CORPS USINE EQUIPE",20618,"PEI",2014,9,286,2574,"PEI"]
["GA56498-11","CORPS USINE EQUIPE",20619,"PEI",2014,3,42.56666666666667,127.7,"PEI"]
["GA56498-11","CORPS USINE EQUIPE",12036,"PEI",2010,9,19.346666666666668,174.12,"PEI"]
["GA56498-11","CORPS USINE EQUIPE",12481,"PEI",2010,2,41.2,82.4,"PEI"]
["GA70546","FLASQUE EQUIPEE",12866,"PEI",2010,1,197.76,197.76,"PEI"]
["GA70546-1","FLASQUE EQUIPEE",12866,"PEI",2010,1,62.42,62.42,"PEI"]
["GA71281","PATIN BRASE",15171,"SOUDURE",2012,304,0.70148026315789469,213.25,"SOUD"]
["GA71281","PATIN BRASE",17828,"SOUDURE",2013,278,0.39928057553956836,111,"SOUD"]
["GA71281","PATIN BRASE",19514,"SOUDURE",2013,331,0.16942598187311178,56.08,"SOUD"]
["GA71281","PATIN BRASE",11586,"SOUDURE",2010,538,2.6059479553903343E-2,14.02,"SOUD"]
["GA71281","PATIN BRASE",13156,"SOUDURE",2011,508,5.5196850393700786E-2,28.04,"SOUD"]
["GA71309","PATIN BRASE",14147,"BRASURE",2011,532,0.42349624060150376,225.3,"BRASURE"]
["GA71309","PATIN BRASE",15345,"BRASURE",2012,576,{"$f":"H10563/F10563","v":6.2100694444444451E-2},35.770000000000003,"BRASURE"]
["GA71309","PATIN BRASE",16720,"BRASURE",2012,500,0.18109999999999998,90.55,"BRASURE"]
["GA71309","PATIN BRASE",17339,"BRASURE",2012,502,0.18221115537848606,91.47,"BRASURE"]
["GA71309","PATIN BRASE",17732,"BRASURE",2013,524,0.10240458015267175,53.66,"BRASURE"]
["GA71309","PATIN BRASE",18439,"BRASURE",2013,528,6.7746212121212124E-2,35.770000000000003,"BRASURE"]
["GA71309","PATIN BRASE",18696,"BRASURE",2013,578,0.24451557093425608,141.33000000000001,"BRASURE"]
["GA71309","PATIN BRASE",19476,"BRASURE",2013,545,0.12921100917431194,70.42,"BRASURE"]
["GA71309","PATIN BRASE",9556,"BRASURE",2009,562,0.24090747330960852,135.38999999999999,"BRASURE"]
["GA71309","PATIN BRASE",10171,"BRASURE",2009,614,0.90247557003257328,554.12,"BRASURE"]
["GA71309","PATIN BRASE",12150,"BRASURE",2010,232,0.40439655172413791,93.82,"BRASURE"]
["GA71309","PATIN BRASE",12549,"BRASURE",2010,128,0.51898437500000005,66.430000000000007,"BRASURE"]
["GA71309","PATIN BRASE",12674,"BRASURE",2010,393,0.36796437659033082,144.61000000000001,"BRASURE"]
["GA71309","PATIN BRASE",13157,"BRASURE",2011,654,0.10938837920489297,71.540000000000006,"BRASURE"]
["GA71625","EMBASE EQUIPEE",12096,"SOUDURE",2010,2,94,188,"SOUD"]
["GA71625","EMBASE EQUIPEE",13772,"SOUDURE",2011,2,57.005000000000003,114.01,"SOUD"]
["GA71625","EMBASE EQUIPEE",14656,"SOUDURE",2011,3,62.666666666666664,188,"SOUD"]
["GA71625","EMBASE EQUIPEE",17240,"SOUDURE",2012,5,39.012,195.06,"SOUD"]
["GA71625","EMBASE EQUIPEE",19438,"SOUDURE",2013,3,37,111,"SOUD"]
["GA71625","EMBASE EQUIPEE",19814,"SOUDURE",2013,2,55.5,111,"SOUD"]
["GA71625","EMBASE EQUIPEE",18833,"SOUDURE",2013,3,56,168,"SOUD"]
["J15784000","CARTER",9665,"CND",2009,14,8.5714285714285712,120,"CND"]
["J15784000","CARTER",9666,"OASOC",2009,1,102.2,102.2,"OAS","OC"]
["J15784000","CARTER",8311,"OASOC",2009,13,9.4807692307692299,123.25,"OAS","OC"]
["J15871000","SUPPORT NSIU",9605,"CND",2009,23,6.9043478260869566,158.80000000000001,"CND"]
["J15871000","SUPPORT NSIU",9606,"OASOC",2009,1,51.1,51.1,"OAS","OC"]
["J15871000","SUPPORT NSIU",8236,"OASOC",2009,17,3.0058823529411764,51.1,"OAS","OC"]
["J15871000","SUPPORT NSIU",8236,"OASOC",2009,4,12.775,51.1,"OAS","OC"]
["J15871000","SUPPORT NSIU",8236,"OASOC",2009,2,49.055,98.11,"OAS","OC"]
["J15871001","SUPPORT NSIU",10164,"CND",2009,10,23.75,237.5,"CND"]
["J15871001","SUPPORT NSIU",11265,"CND",2010,9,74,666,"CND"]
["J15871001","SUPPORT NSIU",10164,"OASOC",2009,10,10.220000000000001,102.2,"OAS","OC"]
["J15871001","SUPPORT NSIU",11265,"OASOC",2010,9,11.798888888888889,106.19,"OAS","OC"]
["J15872000","CAPOT MAIN",11224,"CND",2010,14,26.015714285714289,364.22,"CND"]
["J15872000","CAPOT MAIN",11224,"OASOC",2010,14,7.585,106.19,"OAS","OC"]
["J15873000","COUVERCLE MAIN",11088,"CND",2010,10,19.8,198,"CND"]
["J15873000","COUVERCLE MAIN",9547,"CND",2009,10,15.280000000000001,152.80000000000001,"CND"]
["J15873000","COUVERCLE MAIN",11088,"OASOC",2010,10,9.8109999999999999,98.11,"OAS","OC"]
["J15873000","COUVERCLE MAIN",8340,"OASOC",2009,29,1.7620689655172415,51.1,"OAS","OC"]
["J15873000","COUVERCLE MAIN",9548,"OASOC",2009,10,5.5789999999999997,55.79,"OAS","OC"]
["J15874000","BRIDE ANTENNE",9260,"OAS",2009,5,18.396000000000001,91.98,"OAS"]
["J15874000","BRIDE ANTENNE",9261,"OAS",2009,9,27.003333333333334,243.03,"OAS"]
["J15874000","BRIDE ANTENNE",11228,"OAS",2010,20,5.1100000000000003,102.2,"OAS"]
["J15875000","BRIDE CABLE PS",9575,"OAS",2009,8,8.8687500000000004,70.95,"OAS"]
["J15875000","BRIDE CABLE PS",9576,"OAS",2009,5,53.486000000000004,267.43,"OAS"]
["J15875000","BRIDE CABLE PS",11451,"OAS",2010,8,13.44375,107.55,"OAS"]
["J15876000","COUVERCLE NOSE",10960,"OAS",2009,6,28.343333333333334,170.06,"OAS"]
["R408","VIS BOUCHON",13216,"CAD",2011,41,0.70731707317073167,29,"CAD"]
["R408","VIS BOUCHON",15512,"CAD",2012,22,2.5909090909090908,57,"CAD"]
["R408","VIS BOUCHON",15950,"CAD",2012,104,0.93980769230769223,97.74,"CAD"]
["T749936","CHEMISE",17655,"CND",2013,95,4.4210526315789478,420,"CND"]
["T749936","CHEMISE",15700,"CND",2012,13,16.384615384615383,213,"CND"]
["T749936","CHEMISE",16295,"CND",2012,63,4.6349206349206353,292,"CND"]
["T749936","CHEMISE",16294,"CND",2012,50,16.502400000000002,825.12,"CND"]
["T749936","CHEMISE",16597,"CND",2012,64,2.21875,142,"CND"]
["T749936","CHEMISE",17804,"CND",2013,100,18.643599999999999,1864.36,"CND"]
["T749936","CHEMISE",17941,"CND",2013,104,28.134615384615383,2926,"CND"]
["T749936","CHEMISE",16109,"TTH",2012,50,2.3521999999999998,117.61,"TTH"]
["T749936","CHEMISE",16109,"TTH",2012,63,1.9842857142857144,125.01,"TTH"]
["T749936","CHEMISE",16451,"TTH",2012,64,8.1875,524,"TTH"]
["T749936","CHEMISE",17447,"TTH",2012,95,1.3155789473684212,124.98,"TTH"]
["T749936","CHEMISE",17632,"TTH",2012,100,2.9394,293.94,"TTH"]
["T749936","CHEMISE",17820,"TTH",2013,104,1.2017307692307693,124.98,"TTH"]
["T749936","CHEMISE",10035,"TTH",2009,74,1.4447297297297297,106.91,"TTH"]
["T749936","CHEMISE",11180,"TTH",2010,94,0.34627659574468084,32.549999999999997,"TTH"]
["T749936","CHEMISE",13281,"TTH",2010,11,{"$f":"H10627/F10627","v":2.1409090909090911},23.55,"TTH"]
["T749936","CHEMISE",13846,"TTH",2011,72,1.1270833333333334,81.150000000000006,"TTH"]
["T749936","CHEMISE",17695,"USI",2013,104,1.1538461538461537,120,"USI"]
["TA30328","BUTEE",9507,"CUI",2009,133,0.47030075187969922,62.55,"CUI"]
["TA30328","BUTEE",11238,"CUI",2010,60,18.865000000000002,1131.9000000000001,"CUI"]
["TA30328","BUTEE",12895,"CUI",2010,548,0.97198905109489042,532.65,"CUI"]
["TA30328","BUTEE",14814,"CUI",2011,253,0,0,"CUI"]
["TA30328","BUTEE",14819,"CUI",2011,217,3.0942396313364058,671.45,"CUI"]
["TA30328","BUTEE",15292,"CUI",2011,232,0.30836206896551727,71.540000000000006,"CUI"]
["TA30328","BUTEE",15293,"CUI",2011,259,0.4186872586872587,108.44,"CUI"]
["TA30328","BUTEE",15485,"CUI",2012,322,1.8874534161490684,607.76,"CUI"]
["TA30328","BUTEE",15704,"CUI",2012,201,0.58835820895522395,118.26,"CUI"]
["TA30328","BUTEE",16160,"CUI",2012,266,0.19131578947368422,50.89,"CUI"]
["TA30328","BUTEE",16172,"CUI",2012,333,0.10741741741741742,35.770000000000003,"CUI"]
["TA30328","BUTEE",16161,"CUI",2012,183,0.19546448087431695,35.770000000000003,"CUI"]
["TA30328","BUTEE",16384,"CUI",2012,332,0.1077409638554217,35.770000000000003,"CUI"]
["TA30328","BUTEE",16385,"CUI",2012,183,0.30612021857923499,56.02,"CUI"]
["TA30328","BUTEE",20273,"CUI",2014,105,0,0,"CUI"]
["TA30328","BUTEE",20275,"CUI",2014,35,5.6179999999999994,196.63,"CUI"]
["TA30328","BUTEE",20286,"CUI",2014,217,0.72142857142857153,156.55000000000001,"CUI"]
["TA30329","BUTEE",9508,"CUIV",2009,132,1.4246212121212123,188.05,"CUI"]
["TA30329","BUTEE",11236,"CUIV",2010,59,0.60627118644067801,35.770000000000003,"CUI"]
["TA30329","BUTEE",12901,"CUIV",2010,530,6.9226415094339619E-2,36.69,"CUI"]
["TA30329","BUTEE",14801,"CUIV",2011,224,0,0,"CUI"]
["TA30329","BUTEE",14800,"CUIV",2011,225,1.6063111111111112,361.42,"CUI"]
["TA30329","BUTEE",15294,"CUIV",2011,246,0,0,"CUI"]
["TA30329","BUTEE",15295,"CUIV",2011,257,0.67801556420233466,174.25,"CUI"]
["TA30329","BUTEE",15491,"CUIV",2012,292,0,0,"CUI"]
["TA30329","BUTEE",15711,"CUIV",2012,200,0.91980000000000006,183.96,"CUI"]
["TA30329","BUTEE",16184,"CUIV",2012,271,0,0,"CUI"]
["TA30329","BUTEE",16182,"CUIV",2012,335,0.48050746268656719,160.97,"CUI"]
["TA30329","BUTEE",16382,"CUIV",2012,331,0.2161329305135952,71.540000000000006,"CUI"]
["TA30329","BUTEE",16383,"CUIV",2012,30,0,0,"CUI"]
["TA30329","BUTEE",16807,"CUIV",2012,128,5.7886718750000004,740.95,"CUI"]
["TA30329","BUTEE",20272,"CUIV",2014,75,7.1616,537.12,"CUI"]
["TA30329","BUTEE",20271,"CUIV",2014,215,0.51167441860465124,110.01,"CUI"]
["TA30329","BUTEE",20274,"CUIV",2014,104,2.273942307692308,236.49,"CUI"]
["TGA71156-1","ARMATURE EQUIPEE",13922,"SOUD",2011,24,17.729166666666668,425.5,"SOUD"]
["TGA71156-1","ARMATURE EQUIPEE",18882,"SOUD",2013,10,16.538999999999998,165.39,"SOUD"]
["TGA71156-1","ARMATURE EQUIPEE",19102,"SOUD",2013,14,2.7800000000000002,38.92,"SOUD"]
["TGA71156-1","ARMATURE EQUIPEE",20477,"SOUD",2014,12,30.766666666666666,369.2,"SOUD"]
["TGA71156-1","ARMATURE EQUIPEE",9378,"SOUD",2009,24,15.383333333333333,369.2,"SOUD"]
["WG13447204101","AXE DE SECURITE",19294,"FIL",2013,22,18.147727272727273,399.25,"FIL"]
["WG13447204101","AXE DE SECURITE",19232,"USI",2013,22,7.6363636363636367,168,"USI"]

{"sheet":"Recherche","index":1,"n_rows":6,"n_cols":12,"rows_kept":6,"cut":false,"hidden":false,"merged":[]}
[]
["Recherche référence"]
[]
[]
[]
[null,null,"Référence","N°BC","Traitement","Année","Qté","Prix U","Trait 1","Trait 2","Trait 3","Trait 4"]

{"sheet":"Traitement","index":2,"n_rows":10663,"n_cols":4,"rows_kept":10663,"cut":false,"hidden":false,"merged":[]}
["TRAIT 1","TRAIT 2","TRAIT 3","TRAIT 4"]
["BALINIT"]
["BALINIT"]
["BALINIT"]
["BRASURE"]
["BRASURE"]
["BRASURE"]
["BRASURE"]
["BRASURE"]
["BRASURE"]
["BRASURE"]
["BRASURE"]
["BRASURE"]
["BRASURE"]
["BRASURE"]
["BRASURE"]
["BRASURE"]
["BRASURE"]
["BROCHAGE"]
["BROCHAGE"]
["BROCHAGE"]
["BROCHAGE"]
["BROCHAGE"]
["BROCHAGE"]
["BROCHAGE"]
["BROCHAGE"]
["BROCHAGE"]
["BRU"]
["BRU"]
["BRU"]
["BRU"]
["BRU"]
["BRU"]
["BRU"]
["BRU"]
["BRU"]
["BRU"]
["BRU"]
["BRU"]
["BRU"]
["BRU"]
["BRU"]
["BRU"]
["BRU"]
["BRU"]
["BRU"]
["BRU"]
["BRU"]
["BRU"]
["BRU"]
["BRU"]
["BRU"]
["BRU"]
["BRU"]
["BRU"]
["BRU"]
["BRU"]
["BRU"]
["BRU"]
["BRU"]
["BRU"]
["BRU"]
["BRU"]
["BRU"]
["BRU"]
["BRU"]
["BRU"]
["BRU"]
["BRU"]
["BRU"]
["BRU"]
["CAD"]
["CAD"]
["CAD"]
["CAD"]
["CAD"]
["CAD"]
["CAD"]
["CAD"]
["CAD"]
["CAD"]
["CAD"]
["CAD"]
["CAD"]
["CAD"]
["CAD"]
["CAD"]
["CAD"]
["CAD"]
["CAD"]
["CAD"]
["CAD"]
["CAD"]
["CAD"]
["CAD"]
["CAD"]
["CAD"]
["CAD"]
["CAD"]
["CAD"]
["CAD"]
["CAD"]
["CAD"]
["CAD"]
["CAD"]
["CAD"]
["CAD"]
["CAD"]
["CAD"]
["CAD"]
["CAD"]
["CAD"]
["CAD"]
["CAD"]
["CAD"]
["CAD"]
["CAD"]
["CAD"]
["CAD"]
["CAD"]
["CAD"]
["CAD"]
["CAD"]
["CAD"]
["CAD"]
["CAD"]
["CAD"]
["CAD"]
["CAD"]
["CAD"]
["CAD"]
["CAD"]
["CAD"]
["CAD"]
["CAD"]
["CAD"]
["CAD"]
["CAD"]
["CAD"]
["CAD"]
["CAD"]
["CAD"]
["CAD"]
["CAD"]
["CAD"]
["CAD"]
["CAD"]
["CAD"]
["CAD"]
["CAD"]
["CAD"]
["CAD"]
["CAD"]
["CAD"]
["CAD"]
["CAD"]
["CAD"]
["CAD"]
["CAD"]
["CAD"]
["CAD"]
["CAD"]
["CAD"]
["CAD"]
["CAD"]
["CAD"]
["CAD"]
["CAD"]
["CAD"]
["CAD"]
["CAD"]
["CAD"]
["CAD"]
["CAD"]
["CAD"]
["CAD"]
["CAD"]
["CAD"]
["CAD"]
["CAD"]
["CAD"]
["CAD"]
["CAD"]
["CAD"]
["CAD"]
["CAD"]
["CAD"]
["CAD"]
["CAD"]
["CAD"]
["CAD"]
["CAD"]
["CAD"]
["CAD"]
["CAD"]
["CAD"]
["CAD"]
["CAD"]
["CAD"]
["CAD"]
["CAD"]
["CAD"]
["CAD"]
["CAD"]
["CAD"]
["CAD"]
["CAD"]
["CAD"]
["CAD"]
["CAD"]
["CAD"]
["CAD"]
["CAD"]
["CAD"]
["CAD"]
["CAD"]
["CAD"]
["CAD"]
["CAD"]
["CAD"]
["CAD"]
["CAD"]
["CAD"]
["CAD"]
["CAD"]
["CAD"]
["CAD"]
["CAD"]
["CAD"]
["CAD"]
["CAD"]
["CAD"]
["CAD"]
["CAD"]
["CAD"]
["CAD"]
["CAD"]
["CAD"]
["CAD"]
["CAD"]
["CAD"]
["CAD"]
["CAD"]
["CAD"]
["CAD"]
["CAD"]
["CAD"]
["CAD"]
["CAD"]
["CAD"]
["CAD"]
["CAD"]
["CAD"]
["CAD"]
["CAD"]
["CAD"]
["CAD"]
["CAD"]
["CAD"]
["CAD"]
["CAD"]
["CAD"]
["CAD"]
["CAD"]
["CAD"]
["CAD"]
["CAD"]
["CAD"]
["CAD"]
["CAD"]
["CAD"]
["CAD"]
["CAD"]
["CAD"]
["CAD"]
["CAD"]
["CAD"]
["CAD"]
["CAD"]
["CAD"]
["CAD"]
["CAD"]
["CAD"]
["CAD"]
["CAD"]
["CAD"]
["CAD"]
["CAD"]
["CAD"]
["CAD"]
["CAD"]
["CAD"]
["CAD"]
["CAD"]
["CAD"]
["CAD"]
["CAD"]
["CAD"]
["CAD"]
["CAD"]
["CAD"]
["CAD"]
["CAD"]
["CAD"]
["CAD"]
["CAD"]
["CAD"]
["CAD"]
["CAD"]
["CAD"]
["CAD"]
["CAD"]
["CAD"]
["CAD"]
["CAD"]
["CAD"]
["CAD"]
["CAD"]
["CAD"]
["CAD"]
["CAD"]
["CAD"]
["CAD"]
["CAD"]
["CAD"]
["CAD"]
["CAD"]
["CAD"]
["CAD"]
["CAD"]
["CAD"]
["CAD"]
["CAD"]
["CAD"]
["CAD"]
["CAD"]
["CAD"]
["CAD"]
["CAD"]
["CAD"]
["CAD"]
["CAD"]
["CAD"]
["CAD"]
["CAD"]
["CAD"]
["CAD"]
["CAD"]
["CAD"]
["CAD"]
["CAD"]
["CAD"]
["CAD"]
["CAD"]
["CAD"]
["CAD"]
["CAD"]
["CAD"]
["CAD"]
["CAD"]
["CAD"]
["CAD"]
["CAD"]
["CAD"]
["CAD"]
["CAD"]
["CAD"]
["CAD"]
["CAD"]
["CAD"]
["CAD"]
["CAD"]
["CAD"]
["CAD"]
["CAD"]
["CAD"]
["CAD"]
["CAD"]
["CAD"]
["CAD"]
["CAD"]
["CAD"]
["CAD"]
["CAD"]
["CAD"]
["CAD"]
["CAD"]
["CAD"]
["CAD"]
["CAD"]
["CAD"]
["CAD"]
["CAD"]
["CAD"]
["CAD"]
["CAD"]
["CAD"]
["CAD"]
["CAD"]
["CAD"]
["CAD"]
["CAD"]
["CAD"]
["CAD"]
["CAD"]
["CAD"]
["CAD"]
["CAD"]
["CAD"]
["CAD"]
["CAD"]
["CAD"]
["CAD"]
["CAD"]
["CAD"]
["CAD"]
["CAD"]
["CAD"]
["CAD"]
["CAD"]
["CAD"]
["CAD"]
["CAD"]
["CAD"]
["CAD"]
["CAD"]
["CAD"]
["CAD"]
["CAD"]
["CAD"]
["CAD"]
["CAD"]
["CAD"]
["CAD"]
["CAD"]
["CAD"]
["CAD"]
["CAD"]
["CAD"]
["CAD"]
["CAD"]
["CAD"]
["CAD"]
["CAD"]
["CAD"]
["CAD"]
["CAD"]
["CAD"]
["CAD"]
["CAD"]
["CAD"]
["CAD"]
["CAD"]
["CAD"]
["CAD"]
["CAD"]
["CAD"]
["CAD"]
["CAD"]
["CAD"]
["CAD"]
["CAD"]
["CAD"]
["CAD"]
["CAD"]
["CAD"]
["CAD"]
["CAD"]
["CAD"]
["CAD"]
["CAD"]
["CAD"]
["CAD"]
["CAD"]
["CAD"]
["CAD"]
["CAD"]
["CAD"]
["CAD"]
["CAD"]
["CAD"]
["CAD"]
["CAD"]
["CAD"]
["CAD"]
["CAD"]
["CAD"]
["CAD"]
["CAD"]
["CAD"]
["CAD"]
["CAD"]
["CAD"]
["CAD"]
["CAD"]
["CAD"]
["CAD"]
["CAD"]
["CAD"]
["CAD"]
["CAD"]
["CAD"]
["CAD"]
["CAD"]
["CAD"]
["CAD"]
["CAD"]
["CAD"]
["CAD"]
["CAD"]
["CAD"]
["CAD"]
["CAD"]
["CAD"]
["CAD"]
["CAD"]
["CAD"]
["CAD"]
["CAD"]
["CAD"]
["CAD"]
["CAD"]
["CAD"]
["CAD"]
["CAD"]
["CAD"]
["CAD"]
["CAD"]
["CAD"]
["CAD"]
["CAD"]
["CAD"]
["CAD"]
["CAD"]
["CAD"]
["CAD"]
["CAD"]
["CAD"]
["CAD"]
["CAD"]
["CAD"]
["CAD"]
["CAD"]
["CAD"]
["CAD"]
["CAD"]
["CAD"]
["CAD"]
["CAD"]
["CAD"]
["CAD"]
["CAD"]
["CAD"]
["CAD"]
["CAD"]
["CAD"]
["CAD"]
["CAD"]
["CAD"]
["CAD"]
["CAD"]
["CAD"]
["CAD"]
["CAD"]
["CAD"]
["CAD"]
["CAD"]
["CAD"]
["CAD"]
["CAD"]
["CAD"]
["CAD"]
["CAD"]
["CAD"]
["CAD"]
["CAD"]
["CAD"]
["CAD"]
["CAD"]
["CAD"]
["CAD"]
["CAD"]
["CAD"]
["CAD"]
["CAD"]
["CAD"]
["CAD"]
["CAD"]
["CAD"]
["CAD"]
["CAD"]
["CAD"]
["CAD"]
["CAD"]
["CAD"]
["CAD"]
["CAD"]
["CAD"]
["CAD"]
["CAD"]
["CAD"]
["CAD"]
["CAD"]
["CAD"]
["CAD"]
["CAD"]
["CAD"]
["CAD"]
["CAD"]
["CAD"]
["CAD"]
["CAD"]
["CAD"]
["CAD"]
["CAD"]
["CAD"]
["CAD"]
["CAD"]
["CAD"]
["CAD"]
["CAD"]
["CAD"]
["CAD"]
["CAD"]
["CAD"]
["CAD"]
["CAD"]
["CAD"]
["CAD"]
["CAD"]
["CAD"]
["CAD"]
["CAD"]
["CAD"]
["CAD"]
["CAD"]
["CAD"]
["CAD"]
["CAD"]
["CAD"]
["CAD"]
["CAD"]
["CAD"]
["CAD"]
["CAD"]
["CAD"]
["CAD"]
["CAD"]
["CAD"]
["CAD"]
["CAD"]
["CAD"]
["CAD"]
["CAD"]
["CAD"]
["CAD"]
["CAD"]
["CAD"]
["CAD"]
["CAD"]
["CAD"]
["CAD"]
["CAD"]
["CAD"]
["CAD"]
["CAD"]
["CAD"]
["CAD"]
["CAD"]
["CAD"]
["CAD"]
["CAD"]
["CAD"]
["CAD"]
["CAD"]
["CAD"]
["CAD"]
["CAD"]
["CAD"]
["CAD"]
["CAD"]
["CAD"]
["CAD"]
["CAD"]
["CAD"]
["CAD"]
["CAD"]
["CAD"]
["CAD"]
["CAD"]
["CAD"]
["CAD"]
["CAD"]
["CAD"]
["CAD"]
["CAD"]
["CAD"]
["CAD"]
["CAD"]
["CAD"]
["CAD"]
["CAD"]
["CAD"]
["CAD"]
["CAD"]
["CAD"]
["CAD"]
["CAD"]
["CAD"]
["CAD"]
["CAD"]
["CAD"]
["CAD"]
["CAD"]
["CAD"]
["CAD"]
["CAD"]
["CAD"]
["CAD"]
["CAD"]
["CAD"]
["CAD"]
["CAD"]
["CAD"]
["CAD"]
["CAD"]
["CAD"]
["CAD"]
["CAD"]
["CAD"]
["CAD"]
["CAD"]
["CAD"]
["CAD"]
["CAD"]
["CAD"]
["CAD"]
["CAD"]
["CAD"]
["CAD"]
["CAD"]
["CAD"]
["CAD"]
["CAD"]
["CAD"]
["CAD"]
["CAD"]
["CAD"]
["CAD"]
["CAD"]
["CAD"]
["CAD"]
["CAD"]
["CAD"]
["CAD"]
["CAD"]
["CAD"]
["CAD"]
["CAD"]
["CAD"]
["CAD"]
["CAD"]
["CAD"]
["CAD"]
["CAD"]
["CAD"]
["CAD"]
["CAD"]
["CAD"]
["CAD"]
["CAD"]
["CAD"]
["CAD"]
["CAD"]
["CAD"]
["CAD"]
["CAD"]
["CAD"]
["CAD"]
["CAD"]
["CAD"]
["CAD"]
["CAD"]
["CAD"]
["CAD"]
["CAD"]
["CAD"]
["CAD"]
["CAD"]
["CAD"]
["CAD"]
["CAD"]
["CAD"]
["CAD"]
["CAD"]
["CAD"]
["CAD"]
["CAD"]
["CAD"]
["CAD"]
["CAD"]
["CAD"]
["CAD"]
["CAD"]
["CAD"]
["CAD"]
["CAD"]
["CAD"]
["CAD"]
["CAD"]
["CAD"]
["CAD"]
["CAD"]
["CAD"]
["CAD"]
["CAD"]
["CAD"]
["CAD"]
["CAD"]
["CAD"]
["CAD"]
["CAD"]
["CAD"]
["CAD"]
["CAD"]
["CAD"]
["CAD"]
["CAD"]
["CAD"]
["CAD"]
["CAD"]
["CAD"]
["CAD"]
["CAD"]
["CAD"]
["CAD"]
["CAD"]
["CAD"]
["CAD"]
["CAD"]
["CAD"]
["CAD"]
["CAD"]
["CAD"]
["CAD"]
["CAD"]
["CAD"]
["CAD"]
["CAD"]
["CAD"]
["CAD"]
["CAD"]
["CAD"]
["CAD"]
["CAD"]
["CAD"]
["CAD"]
["CAD"]
["CAD"]
["CAD"]
["CAD"]
["CAD"]
["CAD"]
["CAD"]
["CAD"]
["CAD"]
["CAD"]
["CAD"]
["CAD"]
["CAD"]
["CAD"]
["CAD"]
["CAD"]
["CAD"]
["CAD"]
["CAD"]
["CAD"]
["CAD"]
["CAD"]
["CAD"]
["CAD"]
["CAD"]
["CAD"]
["CAD"]
["CAD"]
["CAD"]
["CAD"]
["CAD"]
["CAD"]
["CAD"]
["CAD"]
["CAD"]
["CAD"]
["CAD","PEI"]
["CAD","PEI"]
["CAD","PEI"]
["CAD","PEI"]
["CAD","PEI"]
["CAD","PEI"]
["CAD","PEI"]
["CAD","PEI"]
["CAD","PEI"]
["CAD","PEI"]
["CAD","PEI"]
["CAD","PEI"]
["CAD","PEI"]
["CAD","PEI"]
["CAD","PEI"]
["CAD","PEI"]
["CAD","PEI"]
["CAD","PEI"]
["CAD","PEI"]
["CAD","PEI"]
["CAD","PEI"]
["CAD","PEI"]
["CAD","PEI"]
["CAD","PEI"]
["CAD","PEI"]
["CAD","PEI"]
["CAD","PEI"]
["CAD","PEI"]
["CAD","PEI"]
["CAD","PEI"]
["CAD","PEI"]
["CAD","PEI"]
["CAD","PEI"]
["CAD","PEI"]
["CAD","PEI"]
["CAD","PEI"]
["CAD","PEI"]
["CAD","PEI"]
["CAD","PEI"]
["CAD","PEI"]
["CAD","PEI"]
["CAD","PEI"]
["CAD","PEI"]
["CAD","PEI"]
["CAD","PEI"]
["CAD","PEI"]
["CAD","PEI"]
["CAD","PEI"]
["CAD","PEI"]
["CAD","PEI"]
["CAD","PEI"]
["CAD","PEI"]
["CAD","PEI"]
["CAD","PEI"]
["CAD","PEI"]
["CAD","PEI"]
["CEM"]
["CEM"]
["CEM"]
["CEM"]
["CEM"]
["CEM"]
["CEM"]
["CEM"]
["CEM"]
["CEM"]
["CHR"]
["CHR"]
["CHR"]
["CHR"]
["CHR"]
["CHR"]
["CHR"]
["CHR"]
["CHR"]
["CHR"]
["CHR"]
["CHR"]
["CHR"]
["CHR"]
["CHR"]
["CHR"]
["CHR"]
["CHR"]
["CHR"]
["CHR"]
["CHR"]
["CHR"]
["CHR"]
["CHR"]
["CHR"]
["CHR"]
["CHR"]
["CHR"]
["CHR"]
["CHR"]
["CHR"]
["CHR"]
["CHR"]
["CHR"]
["CHR"]
["CHR"]
["CHR"]
["CHR"]
["CHR"]
["CHR"]
["CHR"]
["CHR"]
["CHR"]
["CHR"]
["CHR"]
["CHR"]
["CHR"]
["CHR"]
["CHR"]
["CHR"]
["CHR"]
["CHR"]
["CHR"]
["CHR"]
["CHR"]
["CHR"]
["CHR"]
["CHR"]
["CHR"]
["CHR"]
["CHR"]
["CHR"]
["CHR"]
["CHR"]
["CND"]
["CND"]
["CND"]
["CND"]
["CND"]
["CND"]
["CND"]
["CND"]
["CND"]
["CND"]
["CND"]
["CND"]
["CND"]
["CND"]
["CND"]
["CND"]
["CND"]
["CND"]
["CND"]
["CND"]
["CND"]
["CND"]
["CND"]
["CND"]
["CND"]
["CND"]
["CND"]
["CND"]
["CND"]
["CND"]
["CND"]
["CND"]
["CND"]
["CND"]
["CND"]
["CND"]
["CND"]
["CND"]
["CND"]
["CND"]
["CND"]
["CND"]
["CND"]
["CND"]
["CND"]
["CND"]
["CND"]
["CND"]
["CND"]
["CND"]
["CND"]
["CND"]
["CND"]
["CND"]
["CND"]
["CND"]
["CND"]
["CND"]
["CND"]
["CND"]
["CND"]
["CND"]
["CND"]
["CND"]
["CND"]
["CND"]
["CND"]
["CND"]
["CND"]
["CND"]
["CND"]
["CND"]
["CND"]
["CND"]
["CND"]
["CND"]
["CND"]
["CND"]
["CND"]
["CND"]
["CND"]
["CND"]
["CND"]
["CND"]
["CND"]
["CND"]
["CND"]
["CND"]
["CND"]
["CND"]
["CND"]
["CND"]
["CND"]
["CND"]
["CND"]
["CND"]
["CND"]
["CND"]
["CND"]
["CND"]
["CND"]
["CND"]
["CND"]
["CND"]
["CND"]
["CND"]
["CND"]
["CND"]
["CND"]
["CND"]
["CND"]
["CND"]
["CND"]
["CND"]
["CND"]
["CND"]
["CND"]
["CND"]
["CND"]
["CND"]
["CND"]
["CND"]
["CND"]
["CND"]
["CND"]
["CND"]
["CND"]
["CND"]
["CND"]
["CND"]
["CND"]
["CND"]
["CND"]
["CND"]
["CND"]
["CND"]
["CND"]
["CND"]
["CND"]
["CND"]
["CND"]
["CND"]
["CND"]
["CND"]
["CND"]
["CND"]
["CND"]
["CND"]
["CND"]
["CND"]
["CND"]
["CND"]
["CND"]
["CND"]
["CND"]
["CND"]
["CND"]
["CND"]
["CND"]
["CND"]
["CND"]
["CND"]
["CND"]
["CND"]
["CND"]
["CND"]
["CND"]
["CND"]
["CND"]
["CND"]
["CND"]
["CND"]
["CND"]
["CND"]
["CND"]
["CND"]
["CND"]
["CND"]
["CND"]
["CND"]
["CND"]
["CND"]
["CND"]
["CND"]
["CND"]
["CND"]
["CND"]
["CND"]
["CND"]
["CND"]
["CND"]
["CND"]
["CND"]
["CND"]
["CND"]
["CND"]
["CND"]
["CND"]
["CND"]
["CND"]
["CND"]
["CND"]
["CND"]
["CND"]
["CND"]
["CND"]
["CND"]
["CND"]
["CND"]
["CND"]
["CND"]
["CND"]
["CND"]
["CND"]
["CND"]
["CND"]
["CND"]
["CND"]
["CND"]
["CND"]
["CND"]
["CND"]
["CND"]
["CND"]
["CND"]
["CND"]
["CND"]
["CND"]
["CND"]
["CND"]
["CND"]
["CND"]
["CND"]
["CND"]
["CND"]
["CND"]
["CND"]
["CND"]
["CND"]
["CND"]
["CND"]
["CND"]
["CND"]
["CND"]
["CND"]
["CND"]
["CND"]
["CND"]
["CND"]
["CND"]
["CND"]
["CND"]
["CND"]
["CND"]
["CND"]
["CND"]
["CND"]
["CND"]
["CND"]
["CND"]
["CND"]
["CND"]
["CND"]
["CND"]
["CND"]
["CND"]
["CND"]
["CND"]
["CND"]
["CND"]
["CND"]
["CND"]
["CND"]
["CND"]
["CND"]
["CND"]
["CND"]
["CND"]
["CND"]
["CND"]
["CND"]
["CND"]
["CND"]
["CND"]
["CND"]
["CND"]
["CND"]
["CND"]
["CND"]
["CND"]
["CND"]
["CND"]
["CND"]
["CND"]
["CND"]
["CND"]
["CND"]
["CND"]
["CND"]
["CND"]
["CND"]
["CND"]
["CND"]
["CND"]
["CND"]
["CND"]
["CND"]
["CND"]
["CND"]
["CND"]
["CND"]
["CND"]
["CND"]
["CND"]
["CND"]
["CND"]
["CND"]
["CND"]
["CND"]
["CND"]
["CND"]
["CND"]
["CND"]
["CND"]
["CND"]
["CND"]
["CND"]
["CND"]
["CND"]
["CND"]
["CND"]
["CND"]
["CND"]
["CND"]
["CND"]
["CND"]
["CND"]
["CND"]
["CND"]
["CND"]
["CND"]
["CND"]
["CND"]
["CND"]
["CND"]
["CND"]
["CND"]
["CND"]
["CND"]
["CND"]
["CND"]
["CND"]
["CND"]
["CND"]
["CND"]
["CND"]
["CND"]
["CND"]
["CND"]
["CND"]
["CND"]
["CND"]
["CND"]
["CND"]
["CND"]
["CND"]
["CND"]
["CND"]
["CND"]
["CND"]
["CND"]
["CND"]
["CND"]
["CND"]
["CND"]
["CND"]
["CND"]
["CND"]
["CND"]
["CND"]
["CND"]
["CND"]
["CND"]
["CND"]
["CND"]
["CND"]
["CND"]
["CND"]
["CND"]
["CND"]
["CND"]
["CND"]
["CND"]
["CND"]
["CND"]
["CND"]
["CND"]
["CND"]
["CND"]
["CND"]
["CND"]
["CND"]
["CND"]
["CND"]
["CND"]
["CND"]
["CND"]
["CND"]
["CND"]
["CND"]
["CND"]
["CND"]
["CND"]
["CND"]
["CND"]
["CND"]
["CND"]
["CND"]
["CND"]
["CND"]
["CND"]
["CND"]
["CND"]
["CND"]
["CND"]
["CND"]
["CND"]
["CND"]
["CND"]
["CND"]
["CND"]
["CND"]
["CND"]
["CND"]
["CND"]
["CND"]
["CND"]
["CND"]
["CND"]
["CND"]
["CND"]
["CND"]
["CND"]
["CND"]
["CND"]
["CND"]
["CND"]
["CND"]
["CND"]
["CND"]
["CND"]
["CND"]
["CND"]
["CND"]
["CND"]
["CND"]
["CND"]
["CND"]
["CND"]
["CND"]
["CND"]
["CND"]
["CND"]
["CND"]
["CND"]
["CND"]
["CND"]
["CND"]
["CND"]
["CND"]
["CND"]
["CND"]
["CND"]
["CND"]
["CND"]
["CND"]
["CND"]
["CND"]
["CND"]
["CND"]
["CND"]
["CND"]
["CND"]
["CND"]
["CND"]
["CND"]
["CND"]
["CND"]
["CND"]
["CND"]
["CND"]
["CND"]
["CND"]
["CND"]
["CND"]
["CND"]
["CND"]
["CND"]
["CND"]
["CND"]
["CND"]
["CND"]
["CND"]
["CND"]
["CND"]
["CND"]
["CND"]
["CND"]
["CND"]
["CND"]
["CND"]
["CND"]
["CND"]
["CND"]
["CND"]
["CND"]
["CND"]
["CND"]
["CND"]
["CND"]
["CND"]
["CND"]
["CND"]
["CND"]
["CND"]
["CND"]
["CND"]
["CND"]
["CND"]
["CND"]
["CND"]
["CND"]
["CND"]
["CND"]
["CND"]
["CND"]
["CND"]
["CND"]
["CND"]
["CND"]
["CND"]
["CND"]
["CND"]
["CND"]
["CND"]
["CND"]
["CND"]
["CND"]
["CND"]
["CND"]
["CND"]
["CND"]
["CND"]
["CND"]
["CND"]
["CND"]
["CND"]
["CND"]
["CND"]
["CND"]
["CND"]
["CND"]
["CND"]
["CND"]
["CND"]
["CND"]
["CND"]
["CND"]
["CND"]
["CND"]
["CND"]
["CND"]
["CND"]
["CND"]
["CND"]
["CND"]
["CND"]
["CND"]
["CND"]
["CND"]
["CND"]
["CND"]
["CND"]
["CND"]
["CND"]
["CND"]
["CND"]
["CND"]
["CND"]
["CND"]
["CND"]
["CND"]
["CND"]
["CND"]
["CND"]
["CND"]
["CND"]
["CND"]
["CND"]
["CND"]
["CND"]
["CND"]
["CND"]
["CND"]
["CND"]
["CND"]
["CND"]
["CND"]
["CND"]
["CND"]
["CND"]
["CND"]
["CND"]
["CND"]
["CND"]
["CND"]
["CND"]
["CND"]
["CND"]
["CND"]
["CND"]
["CND"]
["CND"]
["CND"]
["CND"]
["CND"]
["CND"]
["CND"]
["CND"]
["CND"]
["CND"]
["CND"]
["CND"]
["CND"]
["CND"]
["CND"]
["CND"]
["CND"]
["CND"]
["CND"]
["CND"]
["CND"]
["CND"]
["CND"]
["CND"]
["CND"]
["CND"]
["CND"]
["CND"]
["CND"]
["CND"]
["CND"]
["CND"]
["CND"]
["CND"]
["CND"]
["CND"]
["CND"]
["CND"]
["CND"]
["CND"]
["CND"]
["CND"]
["CND"]
["CND"]
["CND"]
["CND"]
["CND"]
["CND"]
["CND"]
["CND"]
["CND"]
["CND"]
["CND"]
["CND"]
["CND"]
["CND"]
["CND"]
["CND"]
["CND"]
["CND"]
["CND"]
["CND"]
["CND"]
["CND"]
["CND"]
["CND"]
["CND"]
["CND"]
["CND"]
["CND"]
["CND"]
["CND"]
["CND"]
["CND"]
["CND"]
["CND"]
["CND"]
["CND"]
["CND"]
["CND"]
["CND"]
["CND"]
["CND"]
["CND"]
["CND"]
["CND"]
["CND"]
["CND"]
["CND"]
["CND"]
["CND"]
["CND"]
["CND"]
["CND"]
["CND"]
["CND"]
["CND"]
["CND"]
["CND"]
["CND"]
["CND"]
["CND"]
["CND"]
["CND"]
["CND"]
["CND"]
["CND"]
["CND"]
["CND"]
["CND"]
["CND"]
["CND"]
["CND"]
["CND"]
["CND"]
["CND"]
["CND"]
["CND"]
["CND"]
["CND"]
["CND"]
["CND"]
["CND"]
["CND"]
["CND"]
["CND"]
["CND"]
["CND"]
["CND"]
["CND"]
["CND"]
["CND"]
["CND"]
["CND"]
["CND"]
["CND"]
["CND"]
["CND"]
["CND"]
["CND"]
["CND"]
["CND"]
["CND"]
["CND"]
["CND"]
["CND"]
["CND"]
["CND"]
["CND"]
["CND"]
["CND"]
["CND"]
["CND"]
["CND"]
["CND"]
["CND"]
["CND"]
["CND"]
["CND"]
["CND"]
["CND"]
["CND"]
["CND"]
["CND"]
["CND"]
["CND"]
["CND"]
["CND"]
["CND"]
["CND"]
["CND"]
["CND"]
["CND"]
["CND"]
["CND"]
["CND"]
["CND"]
["CND"]
["CND"]
["CND"]
["CND"]
["CND"]
["CND"]
["CND"]
["CND"]
["CND"]
["CND"]
["CND"]
["CND"]
["CND"]
["CND"]
["CND"]
["CND"]
["CND"]
["CND"]
["CND"]
["CND"]
["CND"]
["CND"]
["CND"]
["CND"]
["CND"]
["CND"]
["CND"]
["CND"]
["CND"]
["CND"]
["CND"]
["CND"]
["CND"]
["CND"]
["CND"]
["CND"]
["CND"]
["CND"]
["CND"]
["CND"]
["CND"]
["CND"]
["CND"]
["CND"]
["CND"]
["CND"]
["CND"]
["CND"]
["CND"]
["CND"]
["CND"]
["CND"]
["CND"]
["CND"]
["CND"]
["CND"]
["CND"]
["CND"]
["CND"]
["CND"]
["CND"]
["CND"]
["CND"]
["CND"]
["CND"]
["CND"]
["CND"]
["CND"]
["CND"]
["CND"]
["CND"]
["CND"]
["CND"]
["CND"]
["CND"]
["CND"]
["CND"]
["CND"]
["CND"]
["CND"]
["CND"]
["CND"]
["CND"]
["CND"]
["CND"]
["CND"]
["CND"]
["CND"]
["CND"]
["CND"]
["CND"]
["CND"]
["CND"]
["CND"]
["CND"]
["CND"]
["CND"]
["CND"]
["CND"]
["CND"]
["CND"]
["CND"]
["CND"]
["CND"]
["CND"]
["CND"]
["CND"]
["CND"]
["CND"]
["CND"]
["CND"]
["CND"]
["CND"]
["CND"]
["CND"]
["CND"]
["CND"]
["CND"]
["CND"]
["CND"]
["CND"]
["CND"]
["CND"]
["CND"]
["CND"]
["CND"]
["CND"]
["CND"]
["CND"]
["CND"]
["CND"]
["CND"]
["CND"]
["CND"]
["CND"]
["CND"]
["CND"]
["CND"]
["CND"]
["CND"]
["CND"]
["CND1"]
["CND1"]
["CND1"]
["CND1"]
["CND1"]
["CND1"]
["CND","BRU"]
["CND","BRU"]
["CND","BRU"]
["CND","BRU"]
["CND","BRU"]
["CND","BRU"]
["CND","BRU"]
["CND","BRU"]
["CND","BRU"]
["CND","BRU"]
["CND","BRU"]
["CND","BRU"]
["CND","BRU"]
["CND","BRU"]
["CND","BRU"]
["CND","BRU"]
["CND","BRU"]
["CND","BRU"]
["CND","BRU"]
["CND","BRU"]
["CND","BRU"]
["CND","BRU"]
["CND","BRU"]
["CND","BRU"]
["CND","BRU"]
["CND","BRU"]
["CND","BRU"]
["CND","CAD"]
["CND","CAD"]
["CND","CAD"]
["CND","CAD"]
["CND","CAD"]
["CND","CAD"]
["CND","CAD"]
["CND","CAD"]
["CND","CAD"]
["CND","CAD"]
["CND","CAD"]
["CND","CAD"]
["CND","CAD"]
["CND","CAD"]
["CND","CAD"]
["CND","CAD"]
["CND","CAD"]
["CND","CAD"]
["CND","CAD"]
["CND","CAD"]
["CND","CAD"]
["CND","CAD"]
["CND","CAD"]
["CND","CAD"]
["CND","CAD"]
["CND","CAD"]
["CND","CAD"]
["CND","CAD"]
["CND","CAD"]
["CND","CAD"]
["CND","CAD"]
["CND","CAD"]
["CND","CAD"]
["CND","CAD"]
["CND","CAD"]
["CND","CAD"]
["CND","CAD"]
["CND","CAD"]
["CND","CAD"]
["CND","CAD"]
["CND","CAD"]
["CND","CAD"]
["CND","CAD"]
["CND","CAD"]
["CND","CAD"]
["CND","CAD"]
["CND","CAD"]
["CND","CAD"]
["CND","CAD"]
["CND","CAD"]
["CND","CAD"]
["CND","CAD"]
["CND","CAD"]
["CND","CAD"]
["CND","CAD"]
["CND","CAD"]
["CND","CAD"]
["CND","CAD"]
["CND","CAD"]
["CND","CAD"]
["CND","CAD"]
["CND","CAD"]
["CND","CAD"]
["CND","CAD"]
["CND","CAD"]
["CND","CAD"]
["CND","CAD"]
["CND","CAD"]
["CND","CAD"]
["CND","CAD"]
["CND","CAD"]
["CND","CAD"]
["CND","CAD"]
["CND","CAD"]
["CND","CAD"]
["CND","CAD"]
["CND","CAD"]
["CND","CAD"]
["CND","CAD"]
["CND","CAD"]
["CND","CAD"]
["CND","CAD"]
["CND","CAD"]
["CND","CAD"]
["CND","CAD"]
["CND","CAD"]
["CND","CAD"]
["CND","CAD"]
["CND","CAD"]
["CND","CAD"]
["CND","CAD"]
["CND","CAD"]
["CND","CAD"]
["CND","CAD"]
["CND","CAD"]
["CND","CAD"]
["CND","CAD"]
["CND","CAD"]
["CND","CAD"]
["CND","CAD"]
["CND","CAD"]
["CND","CAD"]
["CND","CAD"]
["CND","CAD"]
["CND","CAD"]
["CND","CAD"]
["CND","CAD"]
["CND","CAD"]
["CND","CAD"]
["CND","CAD"]
["CND","CAD"]
["CND","CAD"]
["CND","CAD"]
["CND","CAD"]
["CND","CAD"]
["CND","CAD"]
["CND","CAD"]
["CND","CAD"]
["CND","CAD"]
["CND","CAD"]
["CND","CAD"]
["CND","CAD"]
["CND","CAD"]
["CND","CAD"]
["CND","CAD"]
["CND","CAD"]
["CND","CAD"]
["CND","CAD"]
["CND","CAD"]
["CND","CAD"]
["CND","CAD"]
["CND","CAD"]
["CND","CAD"]
["CND","CAD"]
["CND","CAD"]
["CND","CAD"]
["CND","CAD"]
["CND","CAD"]
["CND","CAD"]
["CND","CAD"]
["CND","CAD"]
["CND","CAD"]
["CND","CAD"]
["CND","CAD"]
["CND","CAD"]
["CND","CAD"]
["CND","CAD"]
["CND","CAD"]
["CND","CAD"]
["CND","CAD"]
["CND","CAD"]
["CND","CAD"]
["CND","CAD"]
["CND","CAD"]
["CND","CAD"]
["CND","CAD"]
["CND","CAD"]
["CND","CAD"]
["CND","CAD"]
["CND","CAD"]
["CND","CAD"]
["CND","CAD"]
["CND","CAD"]
["CND","CAD"]
["CND","CAD"]
["CND","CAD"]
["CND","CAD"]
["CND","CAD"]
["CND","CAD"]
["CND","CAD"]
["CND","CAD"]
["CND","CAD"]
["CND","CAD"]
["CND","CAD"]
["CND","CAD"]
["CND","CAD"]
["CND","CAD"]
["CND","CAD"]
["CND","CAD"]
["CND","CAD"]
["CND","CAD"]
["CND","CAD"]
["CND","CAD"]
["CND","CAD"]
["CND","CAD"]
["CND","CAD"]
["CND","CAD"]
["CND","CAD"]
["CND","CAD"]
["CND","CAD"]
["CND","CAD"]
["CND","CAD"]
["CND","CAD"]
["CND","CAD"]
["CND","CAD"]
["CND","CAD"]
["CND","CAD"]
["CND","CAD"]
["CND","CAD"]
["CND","CAD"]
["CND","CAD"]
["CND","CAD"]
["CND","CAD"]
["CND","CAD"]
["CND","CAD"]
["CND","CAD"]
["CND","CAD"]
["CND","CAD"]
["CND","CAD"]
["CND","CAD"]
["CND","CAD"]
["CND","CAD"]
["CND","CAD"]
["CND","CAD"]
["CND","CAD"]
["CND","CAD"]
["CND","CAD"]
["CND","CAD"]
["CND","CAD"]
["CND","CAD"]
["CND","CAD"]
["CND","CAD"]
["CND","CAD"]
["CND","CAD"]
["CND","CAD"]
["CND","CAD"]
["CND","CAD"]
["CND","CAD"]
["CND","CAD"]
["CND","CAD"]
["CND","CAD"]
["CND","CAD"]
["CND","CAD"]
["CND","CAD"]
["CND","CAD"]
["CND","CAD"]
["CND","CAD"]
["CND","CAD"]
["CND","CAD"]
["CND","CAD"]
["CND","CAD"]
["CND","CAD"]
["CND","CAD"]
["CND","CAD"]
["CND","CAD"]
["CND","CAD"]
["CND","CAD"]
["CND","CAD"]
["CND","CAD"]
["CND","CAD"]
["CND","CAD"]
["CND","CAD"]
["CND","CAD"]
["CND","CAD"]
["CND","CAD"]
["CND","CAD"]
["CND","CAD"]
["CND","CAD"]
["CND","CAD"]
["CND","CAD"]
["CND","CAD"]
["CND","CAD"]
["CND","CAD"]
["CND","CAD"]
["CND","CAD"]
["CND","CAD"]
["CND","CAD"]
["CND","CAD"]
["CND","CAD"]
["CND","CAD"]
["CND","CAD"]
["CND","CAD"]
["CND","CAD"]
["CND","CAD"]
["CND","CAD"]
["CND","CAD"]
["CND","CAD"]
["CND","CAD"]
["CND","CAD"]
["CND","CAD"]
["CND","CAD"]
["CND","CAD"]
["CND","CAD"]
["CND","CAD"]
["CND","CAD"]
["CND","CAD"]
["CND","CAD"]
["CND","CAD"]
["CND","CAD"]
["CND","CAD"]
["CND","CAD"]
["CND","CAD"]
["CND","CAD"]
["CND","CAD"]
["CND","CAD"]
["CND","CAD"]
["CND","CAD"]
["CND","CAD"]
["CND","CAD"]
["CND","CAD"]
["CND","CAD"]
["CND","CAD"]
["CND","CAD"]
["CND","CAD"]
["CND","CAD"]
["CND","CAD"]
["CND","CAD"]
["CND","CAD"]
["CND","CAD"]
["CND","CAD"]
["CND","CAD"]
["CND","CAD"]
["CND","CAD"]
["CND","CAD"]
["CND","CAD"]
["CND","CAD"]
["CND","CAD"]
["CND","CAD"]
["CND","CAD"]
["CND","CAD"]
["CND","CAD"]
["CND","CAD"]
["CND","CAD"]
["CND","CAD"]
["CND","CAD"]
["CND","CAD"]
["CND","CAD"]
["CND","CAD"]
["CND","CAD"]
["CND","CAD"]
["CND","CAD"]
["CND","CAD"]
["CND","CAD"]
["CND","CAD"]
["CND","CAD"]
["CND","CAD"]
["CND","CAD"]
["CND","CAD"]
["CND","CAD"]
["CND","CAD"]
["CND","CAD"]
["CND","CAD"]
["CND","CAD"]
["CND","CAD"]
["CND","CAD"]
["CND","CAD"]
["CND","CAD"]
["CND","CAD"]
["CND","CAD"]
["CND","CAD"]
["CND","CAD"]
["CND","CAD"]
["CND","CAD"]
["CND","CAD"]
["CND","CAD"]
["CND","CAD"]
["CND","CAD"]
["CND","CAD"]
["CND","CAD"]
["CND","CAD"]
["CND","CAD"]
["CND","CAD"]
["CND","CAD"]
["CND","CAD"]
["CND","CAD"]
["CND","CAD"]
["CND","CAD"]
["CND","CAD"]
["CND","CAD"]
["CND","CAD"]
["CND","CAD"]
["CND","CAD"]
["CND","CAD"]
["CND","CAD"]
["CND","CAD"]
["CND","CAD"]
["CND","CAD"]
["CND","CAD"]
["CND","CAD"]
["CND","CAD"]
["CND","CAD"]
["CND","CAD"]
["CND","CAD"]
["CND","CAD"]
["CND","CAD"]
["CND","CAD"]
["CND","CAD"]
["CND","CAD"]
["CND","CAD"]
["CND","CAD"]
["CND","CAD"]
["CND","CAD"]
["CND","CAD"]
["CND","CAD"]
["CND","CAD"]
["CND","CAD"]
["CND","CAD"]
["CND","CAD"]
["CND","CAD"]
["CND","CAD"]
["CND","CAD"]
["CND","CAD"]
["CND","CAD"]
["CND","CAD"]
["CND","CAD"]
["CND","CAD"]
["CND","CAD"]
["CND","CAD"]
["CND","CAD"]
["CND","CAD"]
["CND","CAD"]
["CND","CAD"]
["CND","CAD"]
["CND","CAD"]
["CND","CAD"]
["CND","CAD"]
["CND","CAD"]
["CND","CAD"]
["CND","CAD"]
["CND","CAD"]
["CND","CAD"]
["CND","CAD"]
["CND","CAD"]
["CND","CAD"]
["CND","CAD"]
["CND","CAD"]
["CND","CAD"]
["CND","CAD"]
["CND","CAD"]
["CND","CAD"]
["CND","CAD"]
["CND","CAD"]
["CND","CAD"]
["CND","CAD"]
["CND","CAD"]
["CND","CAD"]
["CND","CAD"]
["CND","CAD"]
["CND","CAD"]
["CND","CAD"]
["CND","CAD"]
["CND","CAD"]
["CND","CAD"]
["CND","CAD"]
["CND","CAD"]
["CND","CAD"]
["CND","CAD"]
["CND","CAD"]
["CND","CAD"]
["CND","CAD"]
["CND","CAD"]
["CND","CAD"]
["CND","CAD"]
["CND","CAD"]
["CND","CAD"]
["CND","CAD"]
["CND","CAD"]
["CND","CAD"]
["CND","CAD"]
["CND","CAD"]
["CND","CAD"]
["CND","CAD"]
["CND","CAD"]
["CND","CAD"]
["CND","CAD"]
["CND","CAD"]
["CND","CAD"]
["CND","CAD"]
["CND","CAD"]
["CND","CAD"]
["CND","CAD"]
["CND","CAD"]
["CND","CAD"]
["CND","CAD"]
["CND","CAD"]
["CND","CAD"]
["CND","CAD"]
["CND","CAD"]
["CND","CAD"]
["CND","CAD"]
["CND","CAD"]
["CND","CAD"]
["CND","CAD"]
["CND","CAD","PEI"]
["CND","CAD","PEI"]
["CND","CAD","PEI"]
["CND","CAD","PEI"]
["CND","CHR","BRU"]
["CND","CHR","BRU"]
["CND","CHR","PHO"]
["CND","DESAN","ANO","OAS"]
["CND","DESAN","ANO","OAS"]
["CND","DESAN","ANO","OAS"]
["CND","DESA","OAC"]
["CND","DESA","OAC"]
["CND","DESA","OAC"]
["CND","DES","OAC"]
["CND","DET","BRU"]
["CND","DET","BRU"]
["CND","DET","CAD"]
["CND","DET","CAD"]
["CND","DET","CAD"]
["CND","DET","CAD"]
["CND","DET","CAD"]
["CND","DET","CAD"]
["CND","DET","CAD"]
["CND","DET","CAD"]
["CND","DET","CAD"]
["CND","DET","CAD"]
["CND","DET","CAD"]
["CND","DET","CAD"]
["CND","DET","CAD"]
["CND","DET","CAD"]
["CND","DET","CAD"]
["CND","DET","CAD"]
["CND","DET","CAD"]
["CND","DET","CAD"]
["CND","DET","CAD"]
["CND","DET","CAD"]
["CND","DET","CAD"]
["CND","DET","CAD"]
["CND","DET","CAD"]
["CND","DET","CAD"]
["CND","DET","CAD"]
["CND","DET","CAD"]
["CND","DET","CAD"]
["CND","DET","CAD"]
["CND","DET","CAD"]
["CND","DET","CAD"]
["CND","DET","CAD"]
["CND","DET","CAD"]
["CND","DET","CAD"]
["CND","DET","CAD"]
["CND","DET","CAD"]
["CND","DET","CAD"]
["CND","DET","CAD"]
["CND","DET","CAD"]
["CND","DET","CAD"]
["CND","DET","CAD"]
["CND","DET","CAD"]
["CND","DET","CAD"]
["CND","DET","CAD"]
["CND","DET","CAD"]
["CND","DET","CAD"]
["CND","DET","CAD"]
["CND","DET","MSE"]
["CND","DET","MSE"]
["CND","DET","PHO"]
["CND","DET","PHO"]
["CND","DET","PHO"]
["CND","DET","PHO"]
["CND","DET","PHO"]
["CND","DET","PHO"]
["CND","DET","PHO"]
["CND","DET","PHO"]
["CND","DET","PHO"]
["CND","DET","PHO"]
["CND","DET","PHO"]
["CND","DET","PHO"]
["CND","DET","RIL"]
["CND","DET","RIL"]
["CND","DET","RIL"]
["CND","MOS2"]
["CND","MOS2"]
["CND","MOS2"]
["CND","MOS2"]
["CND","MOS2"]
["CND","MOS2"]
["CND","MOS2"]
["CND","MOS2"]
["CND","MOS2"]
["CND","MOS2"]
["CND","MOS2"]
["CND","MOS2"]
["CND"]
["CND"]
["CND"]
["CND"]
["CND"]
["CND"]
["CND"]
["CND"]
["CND"]
["CND"]
["CND"]
["CND"]
["CND"]
["CND"]
["CND"]
["CND"]
["CND"]
["CND"]
["CND"]
["CND"]
["CND"]
["CND"]
["CND"]
["CND"]
["CND"]
["CND"]
["CND"]
["CND"]
["CND"]
["CND"]
["CND"]
["CND"]
["CND"]
["CND"]
["CND"]
["CND"]
["CND"]
["CND"]
["CND"]
["CND"]
["CND"]
["CND"]
["CND"]
["CND"]
["CND"]
["CND"]
["CND"]
["CND"]
["CND"]
["CND"]
["CND"]
["CND"]
["CND"]
["CND"]
["CND"]
["CND"]
["CND"]
["CND"]
["CND"]
["CND"]
["CND"]
["CND"]
["CND"]
["CND"]
["CND"]
["CND"]
["CND"]
["CND"]
["CND"]
["CND"]
["CND"]
["CND"]
["CND"]
["CND"]
["CND"]
["CND"]
["CND"]
["CND"]
["CND"]
["CND"]
["CND"]
["CND"]
["CND"]
["CND"]
["CND"]
["CND"]
["CND"]
["CND"]
["CND"]
["CND"]
["CND"]
["CND"]
["CND"]
["CND"]
["CND"]
["CND"]
["CND"]
["CND"]
["CND"]
["CND"]
["CND"]
["CND"]
["CND"]
["CND"]
["CND"]
["CND"]
["CND"]
["CND"]
["CND"]
["CND"]
["CND"]
["CND"]
["CND"]
["CND"]
["CND"]
["CND"]
["CND"]
["CND"]
["CND"]
["CND"]
["CND"]
["CND"]
["CND"]
["CND"]
["CND"]
["CND"]
["CND"]
["CND"]
["CND"]
["CND"]
["CND"]
["CND"]
["CND"]
["CND"]
["CND"]
["CND"]
["CND"]
["CND"]
["CND"]
["CND"]
["CND"]
["CND"]
["CND"]
["CND"]
["CND"]
["CND"]
["CND"]
["CND"]
["CND"]
["CND"]
["CND"]
["CND"]
["CND"]
["CND"]
["CND"]
["CND"]
["CND"]
["CND"]
["CND"]
["CND"]
["CND"]
["CND"]
["CND"]
["CND"]
["CND"]
["CND"]
["CND"]
["CND"]
["CND"]
["CND"]
["CND"]
["CND"]
["CND"]
["CND"]
["CND"]
["CND"]
["CND"]
["CND"]
["CND"]
["CND"]
["CND"]
["CND"]
["CND"]
["CND"]
["CND"]
["CND"]
["CND"]
["CND"]
["CND"]
["CND"]
["CND"]
["CND"]
["CND"]
["CND"]
["CND"]
["CND"]
["CND"]
["CND"]
["CND"]
["CND"]
["CND"]
["CND"]
["CND"]
["CND"]
["CND"]
["CND"]
["CND"]
["CND"]
["CND"]
["CND"]
["CND"]
["CND"]
["CND"]
["CND"]
["CND"]
["CND"]
["CND"]
["CND"]
["CND"]
["CND"]
["CND"]
["CND"]
["CND"]
["CND"]
["CND"]
["CND"]
["CND"]
["CND"]
["CND"]
["CND"]
["CND"]
["CND"]
["CND"]
["CND"]
["CND"]
["CND"]
["CND"]
["CND"]
["CND"]
["CND"]
["CND"]
["CND"]
["CND"]
["CND"]
["CND"]
["CND"]
["CND"]
["CND"]
["CND"]
["CND"]
["CND"]
["CND"]
["CND"]
["CND"]
["CND"]
["CND"]
["CND"]
["CND"]
["CND"]
["CND"]
["CND"]
["CND"]
["CND"]
["CND"]
["CND"]
["CND"]
["CND"]
["CND"]
["CND"]
["CND"]
["CND"]
["CND"]
["CND"]
["CND"]
["CND"]
["CND"]
["CND"]
["CND"]
["CND"]
["CND"]
["CND"]
["CND"]
["CND"]
["CND"]
["CND"]
["CND"]
["CND"]
["CND"]
["CND"]
["CND"]
["CND"]
["CND"]
["CND","NIT"]
["CND","NIT"]
["CND","NIT"]
["CND","NIT"]
["CND","NIT"]
["CND","NIT","AL"]
["CND","NIT","AL"]
["CND","NIT","AL"]
["CND","NIT","DET"]
["CND","OAC"]
["CND","OAC"]
["CND","OAC"]
["CND","OAC"]
["CND","OAC"]
["CND","OAC"]
["CND","OAC"]
["CND","OAC"]
["CND","OAC"]
["CND","OAC"]
["CND","OAC"]
["CND","OAC"]
["CND","OAC"]
["CND","OAC"]
["CND","OAC"]
["CND","OAC"]
["CND","OAC"]
["CND","OAC"]
["CND","OAC"]
["CND","OAC"]
["CND","OAC"]
["CND","OAC"]
["CND","OAC"]
["CND","OAC"]
["CND","OAC"]
["CND","OAC"]
["CND","OAC"]
["CND","OAC"]
["CND","OAC"]
["CND","OAC"]
["CND","OAC"]
["CND","OAC"]
["CND","OAC"]
["CND","OAC"]
["CND","OAC"]
["CND","OAC"]
["CND","OAC"]
["CND","OAC"]
["CND","OAC"]
["CND","OAC"]
["CND","OAC"]
["CND","OAC"]
["CND","OAC"]
["CND","OAC"]
["CND","OAC"]
["CND","OAC"]
["CND","OAC"]
["CND","OAC"]
["CND","OAC"]
["CND","OAC"]
["CND","OAC"]
["CND","OAC"]
["CND","OAC"]
["CND","OAC"]
["CND","OAC"]
["CND","OAC"]
["CND","OAC"]
["CND","OAC"]
["CND","OAC"]
["CND","OAC"]
["CND","OAC"]
["CND","OAC"]
["CND","OAC"]
["CND","OAC"]
["CND","OAC"]
["CND","OAC"]
["CND","OAC"]
["CND","OAC"]
["CND","OAC"]
["CND","OAC"]
["CND","OAC"]
["CND","OAC"]
["CND","OAC"]
["CND","OAC"]
["CND","OAC"]
["CND","OAC"]
["CND","OAC"]
["CND","OAC"]
["CND","OAC"]
["CND","OAC"]
["CND","OAC"]
["CND","OAC"]
["CND","OAC"]
["CND","OAC"]
["CND","OAC"]
["CND","OAC"]
["CND","OAC"]
["CND","OAC"]
["CND","OAC"]
["CND","OAC"]
["CND","OAC"]
["CND","OAC"]
["CND","OAC"]
["CND","OAC"]
["CND","OAC"]
["CND","OAC"]
["CND","OAC"]
["CND","OAC"]
["CND","OAC"]
["CND","OAC"]
["CND","OAC"]
["CND","OAC"]
["CND","OAC"]
["CND","OAC"]
["CND","OAC"]
["CND","OAC"]
["CND","OAC"]
["CND","OAC"]
["CND","OAC"]
["CND","OAC"]
["CND","OAC"]
["CND","OAC"]
["CND","OAC"]
["CND","OAC"]
["CND","OAC"]
["CND","OAC"]
["CND","OAC"]
["CND","OAC"]
["CND","OAC"]
["CND","OAC"]
["CND","OAC"]
["CND","OAC"]
["CND","OAC"]
["CND","OAC"]
["CND","OAC"]
["CND","OAC"]
["CND","OAC"]
["CND","OAC"]
["CND","OAC"]
["CND","OAC"]
["CND","OAC"]
["CND","OAC"]
["CND","OAC"]
["CND","OAC"]
["CND","OAC"]
["CND","OAC"]
["CND","OAC"]
["CND","OAC"]
["CND","OAC"]
["CND","OAC"]
["CND","OAC"]
["CND","OAC"]
["CND","OAC"]
["CND","OAC"]
["CND","OAC"]
["CND","OAC"]
["CND","OAC"]
["CND","OAC"]
["CND","OAC"]
["CND","OAC"]
["CND","OAC"]
["CND","OAC"]
["CND","OAC"]
["CND","OAC"]
["CND","OAC"]
["CND","OAC"]
["CND","OAC"]
["CND","OAC"]
["CND","OAC"]
["CND","OAC"]
["CND","OAC"]
["CND","OAC"]
["CND","OAC"]
["CND","OAC"]
["CND","OAC"]
["CND","OAC"]
["CND","OAC"]
["CND","OAC"]
["CND","OAC"]
["CND","OAC"]
["CND","OAC"]
["CND","OAC"]
["CND","OAC"]
["CND","OAC"]
["CND","OAC"]
["CND","OAC"]
["CND","OAC"]
["CND","OAC"]
["CND","OAC"]
["CND","OAC"]
["CND","OAC"]
["CND","OAC"]
["CND","OAC"]
["CND","OAC"]
["CND","OAC"]
["CND","OAC"]
["CND","OAC"]
["CND","OAC"]
["CND","OAC"]
["CND","OAC"]
["CND","OAC"]
["CND","OAC"]
["CND","OAC"]
["CND","OAC"]
["CND","OAC"]
["CND","OAC"]
["CND","OAC"]
["CND","OAC"]
["CND","OAC"]
["CND","OAC"]
["CND","OAC"]
["CND","OAC"]
["CND","OAC"]
["CND","OAC"]
["CND","OAC"]
["CND","OAC"]
["CND","OAC"]
["CND","OAC"]
["CND","OAC"]
["CND","OAC"]
["CND","OAC"]
["CND","OAC"]
["CND","OAC"]
["CND","OAC"]
["CND","OAC"]
["CND","OAC"]
["CND","OAC"]
["CND","OAC"]
["CND","OAC"]
["CND","OAC"]
["CND","OAC"]
["CND","OAC"]
["CND","OAC"]
["CND","OAC"]
["CND","OAC"]
["CND","OAC"]
["CND","OAC"]
["CND","OAC"]
["CND","OAC"]
["CND","OAC"]
["CND","OAC"]
["CND","OAC"]
["CND","OAC"]
["CND","OAC"]
["CND","OAC"]
["CND","OAC"]
["CND","OAC"]
["CND","OAC"]
["CND","OAC"]
["CND","OAC"]
["CND","OAC"]
["CND","OAC"]
["CND","OAC"]
["CND","OAC"]
["CND","OAC"]
["CND","OAC"]
["CND","OAC"]
["CND","OAC"]
["CND","OAC"]
["CND","OAC"]
["CND","OAC"]
["CND","OAC"]
["CND","OAC"]
["CND","OAC"]
["CND","OAC"]
["CND","OAC"]
["CND","OAC"]
["CND","OAC"]
["CND","OAC"]
["CND","OAC"]
["CND","OAC"]
["CND","OAC"]
["CND","OAC"]
["CND","OAC"]
["CND","OAC"]
["CND","OAC"]
["CND","OAC"]
["CND","OAC"]
["CND","OAC"]
["CND","OAC"]
["CND","OAC"]
["CND","OAC"]
["CND","OAC"]
["CND","OAC"]
["CND","OAC"]
["CND","OAC"]
["CND","OAC"]
["CND","OAC"]
["CND","OAC"]
["CND","OAC"]
["CND","OAC"]
["CND","OAC"]
["CND","OAC"]
["CND","OAC"]
["CND","OAC"]
["CND","OAC"]
["CND","OAC"]
["CND","OAC"]
["CND","OAC"]
["CND","OAC"]
["CND","OAC"]
["CND","OAC"]
["CND","OAC"]
["CND","OAC"]
["CND","OAC"]
["CND","OAC"]
["CND","OAC"]
["CND","OAC"]
["CND","OAC"]
["CND","OAC"]
["CND","OAC"]
["CND","OAC"]
["CND","OAC"]
["CND","OAC"]
["CND","OAC"]
["CND","OAC"]
["CND","OAC"]
["CND","OAC"]
["CND","OAC"]
["CND","OAC"]
["CND","OAC"]
["CND","OAC"]
["CND","OAC"]
["CND","OAC"]
["CND","OAC"]
["CND","OAC"]
["CND","OAC"]
["CND","OAC"]
["CND","OAC"]
["CND","OAC"]
["CND","OAC"]
["CND","OAC"]
["CND","OAC"]
["CND","OAC"]
["CND","OAC"]
["CND","OAC"]
["CND","OAC"]
["CND","OAC"]
["CND","OAC"]
["CND","OAC"]
["CND","OAC"]
["CND","OAC"]
["CND","OAC"]
["CND","OAC"]
["CND","OAC"]
["CND","OAC"]
["CND","OAC"]
["CND","OAC"]
["CND","OAC"]
["CND","OAC"]
["CND","OAC"]
["CND","OAC"]
["CND","OAC"]
["CND","OAC"]
["CND","OAC"]
["CND","OAC"]
["CND","OAC"]
["CND","OAC"]
["CND","OAC"]
["CND","OAC"]
["CND","OAC"]
["CND","OAC"]
["CND","OAC"]
["CND","OAC"]
["CND","OAC"]
["CND","OAC"]
["CND","OAC"]
["CND","OAC"]
["CND","OAC"]
["CND","OAC"]
["CND","OAC"]
["CND","OAC"]
["CND","OAC"]
["CND","OAC"]
["CND","OAC"]
["CND","OAC"]
["CND","OAC"]
["CND","OAC"]
["CND","OAC"]
["CND","OAC"]
["CND","OAC"]
["CND","OAC"]
["CND","OAC"]
["CND","OAC"]
["CND","OAC"]
["CND","OAC"]
["CND","OAC"]
["CND","OAC"]
["CND","OAC"]
["CND","OAC"]
["CND","OAC"]
["CND","OAC"]
["CND","OAC"]
["CND","OAC"]
["CND","OAC"]
["CND","OAC"]
["CND","OAC"]
["CND","OAC"]
["CND","OAC"]
["CND","OAC"]
["CND","OAC","OC"]
["CND","OAC","OC"]
["CND","OAC","OC"]
["CND","OAC","OC"]
["CND","OAC","OC","PEI"]
["CND","OAC","OC","PEI"]
["CND","OAC","OC","PEI"]
["CND","OAC","OC","PEI"]
["CND","OAC","OC","PEI"]
["CND","OAC","OC","PEI"]
["CND","OAC","OC","PEI"]
["CND","OAC","OC","PEI"]
["CND","OAC","OC","PEI"]
["CND","OAC","OC","PEI"]
["CND","OAC","OC","PEI"]
["CND","OAC","OC","PEI"]
["CND","OAC","OC","PEI"]
["CND","OAC","OC","PEI"]
["CND","OAC","OC","PEI"]
["CND","OAC","OC","PEI"]
["CND","OAC","OC","PEI"]
["CND","OAC","OC","PEI"]
["CND","OAC","OC","PEI"]
["CND","OAC","OC","PEI"]
["CND","OAC","OC","PEI"]
["CND","OAC","OC","PEI"]
["CND","OAC","OC","PEI"]
["CND","OAC","OC","PEI"]
["CND","OAC","OC","PEI"]
["CND","OAC","OC","PEI"]
["CND","OAC","OC","PEI"]
["CND","OAC","OC","PEI"]
["CND","OAC","OC","PEI"]
["CND","OAC","OC","PEI"]
["CND","OAC","OC","PEI"]
["CND","OAC","OC","PEI"]
["CND","OAC","OC","PEI"]
["CND","OAC","OC","PEI"]
["CND","OAC","OC","PEI"]
["CND","OAC","OC","PEI"]
["CND","OAC","OC","PEI"]
["CND","OAC","OC","PEI"]
["CND","OAC","OC","PEI"]
["CND","OAC","OC","PEI"]
["CND","OAC","OC","PEI"]
["CND","OAC","OC","PEI"]
["CND","OAC","OC","PEI"]
["CND","OAC","OC","PEI"]
["CND","OAC","OC","PEI"]
["CND","OAC","PEI"]
["CND","OAC","PEI"]
["CND","OAC","PEI"]
["CND","OAC","PEI"]
["CND","OAC","PEI"]
["CND","OAC","PEI"]
["CND","OAC","PEI"]
["CND","OAC","PEI"]
["CND","OAC","PEI"]
["CND","OAC","PEI"]
["CND","OAC","PEI"]
["CND","OAC","PEI"]
["CND","OAC","PEI"]
["CND","OAC","PEI"]
["CND","OAC","PEI"]
["CND","OAC","PEI"]
["CND","OAC","PEI"]
["CND","OAC","PEI"]
["CND","OAC","PEI"]
["CND","OAC","PEI"]
["CND","OAC","PEI"]
["CND","OAC","PEI"]
["CND","OAC","PEI"]
["CND","OAC","PEI"]
["CND","OAC","PEI"]
["CND","OAC","PEI"]
["CND","OAC","PEI"]
["CND","OAC","PEI"]
["CND","OAC","PEI"]
["CND","OAC","PEI"]
["CND","OAD"]
["CND","OAS"]
["CND","OAS"]
["CND","OAS"]
["CND","OAS"]
["CND","OAS"]
["CND","OAS"]
["CND","OAS"]
["CND","OAS"]
["CND","OAS"]
["CND","OAS"]
["CND","OAS"]
["CND","OAS"]
["CND","OAS"]
["CND","OAS"]
["CND","OAS"]
["CND","OAS"]
["CND","OAS"]
["CND","OAS"]
["CND","OAS"]
["CND","OAS"]
["CND","OAS"]
["CND","OAS"]
["CND","OAS"]
["CND","OAS"]
["CND","OAS"]
["CND","OAS"]
["CND","OAS"]
["CND","OAS"]
["CND","OAS"]
["CND","OAS"]
["CND","OAS"]
["CND","OAS"]
["CND","OAS"]
["CND","OAS"]
["CND","OAS"]
["CND","OAS"]
["CND","OAS"]
["CND","OAS"]
["CND","OAS"]
["CND","OAS"]
["CND","OAS"]
["CND","OAS"]
["CND","OAS"]
["CND","OAS"]
["CND","OAS"]
["CND","OAS"]
["CND","OAS"]
["CND","OAS"]
["CND","OAS"]
["CND","OAS"]
["CND","OAS"]
["CND","OAS"]
["CND","OAS"]
["CND","OAS"]
["CND","OAS"]
["CND","OAS"]
["CND","OAS"]
["CND","OAS"]
["CND","OAS"]
["CND","OAS"]
["CND","OAS"]
["CND","OAS"]
["CND","OAS"]
["CND","OAS"]
["CND","OAS"]
["CND","OAS"]
["CND","OAS"]
["CND","OAS"]
["CND","OAS"]
["CND","OAS"]
["CND","OAS"]
["CND","OAS"]
["CND","OAS"]
["CND","OAS"]
["CND","OAS"]
["CND","OAS"]
["CND","OAS"]
["CND","OAS"]
["CND","OAS"]
["CND","OAS"]
["CND","OAS"]
["CND","OAS"]
["CND","OAS"]
["CND","OAS"]
["CND","OAS"]
["CND","OAS"]
["CND","OAS"]
["CND","OAS"]
["CND","OAS"]
["CND","OAS"]
["CND","OAS"]
["CND","OAS"]
["CND","OAS"]
["CND","OAS"]
["CND","OAS"]
["CND","OAS"]
["CND","OAS"]
["CND","OAS"]
["CND","OAS"]
["CND","OAS"]
["CND","OAS"]
["CND","OAS"]
["CND","OAS"]
["CND","OAS"]
["CND","OAS"]
["CND","OAS"]
["CND","OAS"]
["CND","OAS"]
["CND","OAS"]
["CND","OAS"]
["CND","OAS"]
["CND","OAS"]
["CND","OAS"]
["CND","OAS"]
["CND","OAS"]
["CND","OAS"]
["CND","OAS"]
["CND","OAS"]
["CND","OAS"]
["CND","OAS"]
["CND","OAS"]
["CND","OAS"]
["CND","OAS"]
["CND","OAS"]
["CND","OAS"]
["CND","OAS"]
["CND","OAS"]
["CND","OAS"]
["CND","OAS"]
["CND","OAS"]
["CND","OAS"]
["CND","OAS"]
["CND","OAS"]
["CND","OAS"]
["CND","OAS"]
["CND","OAS"]
["CND","OAS"]
["CND","OAS"]
["CND","OAS"]
["CND","OAS"]
["CND","OAS"]
["CND","OAS"]
["CND","OAS"]
["CND","OAS"]
["CND","OAS"]
["CND","OAS"]
["CND","OAS"]
["CND","OAS"]
["CND","OAS"]
["CND","OAS"]
["CND","OAS"]
["CND","OAS"]
["CND","OAS"]
["CND","OAS"]
["CND","OAS"]
["CND","OAS"]
["CND","OAS"]
["CND","OAS"]
["CND","OAS"]
["CND","OAS"]
["CND","OAS"]
["CND","OAS"]
["CND","OAS"]
["CND","OAS"]
["CND","OAS"]
["CND","OAS"]
["CND","OAS"]
["CND","OAS"]
["CND","OAS"]
["CND","OAS"]
["CND","OAS"]
["CND","OAS"]
["CND","OAS"]
["CND","OAS"]
["CND","OAS"]
["CND","OAS"]
["CND","OAS"]
["CND","OAS"]
["CND","OAS"]
["CND","OAS"]
["CND","OAS"]
["CND","OAS"]
["CND","OAS"]
["CND","OAS"]
["CND","OAS"]
["CND","OAS"]
["CND","OAS"]
["CND","OAS"]
["CND","OAS"]
["CND","OAS"]
["CND","OAS"]
["CND","OAS"]
["CND","OAS"]
["CND","OAS"]
["CND","OAS"]
["CND","OAS"]
["CND","OAS"]
["CND","OAS"]
["CND","OAS"]
["CND","OAS"]
["CND","OAS"]
["CND","OAS"]
["CND","OAS"]
["CND","OAS"]
["CND","OAS"]
["CND","OAS"]
["CND","OAS"]
["CND","OAS"]
["CND","OAS"]
["CND","OAS"]
["CND","OAS"]
["CND","OAS"]
["CND","OAS"]
["CND","OAS"]
["CND","OAS"]
["CND","OAS"]
["CND","OAS"]
["CND","OAS"]
["CND","OAS"]
["CND","OAS"]
["CND","OAS"]
["CND","OAS"]
["CND","OAS"]
["CND","OAS"]
["CND","OAS"]
["CND","OAS"]
["CND","OAS"]
["CND","OAS"]
["CND","OAS"]
["CND","OAS"]
["CND","OAS"]
["CND","OAS"]
["CND","OAS"]
["CND","OAS"]
["CND","OAS"]
["CND","OAS"]
["CND","OAS"]
["CND","OAS"]
["CND","OAS"]
["CND","OAS"]
["CND","OAS"]
["CND","OAS"]
["CND","OC"]
["CND","OC"]
["CND","OC"]
["CND","OC"]
["CND","OC"]
["CND","OC"]
["CND","OC"]
["CND","OC"]
["CND","OC"]
["CND","OC"]
["CND","OC"]
["CND","OC"]
["CND","OC"]
["CND","OC"]
["CND","OC"]
["CND","OC"]
["CND","OC"]
["CND","OC"]
["CND","OC"]
["CND","OC"]
["CND","OC"]
["CND","OC"]
["CND","OC"]
["CND","OC"]
["CND","OC"]
["CND","OC"]
["CND","OC"]
["CND","OC"]
["CND","OC"]
["CND","OC"]
["CND","OC"]
["CND","OC"]
["CND","OC"]
["CND","OC"]
["CND","OC"]
["CND","OC"]
["CND","OC"]
["CND","OC"]
["CND","OCO","AC"]
["CND","OCO","AC"]
["CND","OCO","AC"]
["CND","OCO","AC"]
["CND","OCO","AC"]
["CND","OCO","AC"]
["CND","OCO","AC"]
["CND","OCO","AC"]
["CND","OCO","AC"]
["CND","OCO","AC"]
["CND","OCO","AC"]
["CND","OCO","AC"]
["CND","OCO","AC"]
["CND","OCO","AC"]
["CND","OCO","AC"]
["CND","OCO","AC"]
["CND","OCO","AC"]
["CND","OCO","AC"]
["CND","OCO","AC"]
["CND","PAS"]
["CND","PAS"]
["CND","PAS"]
["CND","PAS"]
["CND","PAS"]
["CND","PAS"]
["CND","PAS"]
["CND","PAS"]
["CND","PAS"]
["CND","PAS"]
["CND","PAS"]
["CND","PAS"]
["CND","PAS"]
["CND","PAS"]
["CND","PAS"]
["CND","PAS"]
["CND","PAS"]
["CND","PAS"]
["CND","PAS"]
["CND","PAS"]
["CND","PAS"]
["CND","PAS"]
["CND","PAS"]
["CND","PAS"]
["CND","PAS"]
["CND","PAS"]
["CND","PAS"]
["CND","PAS"]
["CND","PAS"]
["CND","PAS"]
["CND","PAS"]
["CND","PAS"]
["CND","PAS"]
["CND","PAS"]
["CND","PAS"]
["CND","PAS"]
["CND","PAS"]
["CND","PAS"]
["CND","PAS"]
["CND","PAS"]
["CND","PAS"]
["CND","PAS"]
["CND","PAS"]
["CND","PAS"]
["CND","PAS"]
["CND","PAS"]
["CND","PAS"]
["CND","PAS"]
["CND","PAS"]
["CND","PAS"]
["CND","PAS"]
["CND","PAS"]
["CND","PAS"]
["CND","PAS"]
["CND","PAS"]
["CND","PAS"]
["CND","PAS"]
["CND","PAS"]
["CND","PAS"]
["CND","PAS"]
["CND","PAS"]
["CND","PAS"]
["CND","PAS"]
["CND","PAS"]
["CND","PAS"]
["CND","PAS"]
["CND","PAS"]
["CND","PAS"]
["CND","PAS"]
["CND","PAS"]
["CND","PAS"]
["CND","PAS"]
["CND","PAS"]
["CND","PAS"]
["CND","PAS"]
["CND","PAS"]
["CND","PAS"]
["CND","PAS"]
["CND","PAS"]
["CND","PAS"]
["CND","PAS"]
["CND","PAS"]
["CND","PAS"]
["CND","PAS"]
["CND","PAS"]
["CND","PAS"]
["CND","PAS"]
["CND","PAS"]
["CND","PAS"]
["CND","PAS"]
["CND","PAS"]
["CND","PAS"]
["CND","PAS"]
["CND","PAS"]
["CND","PAS"]
["CND","PAS"]
["CND","PAS"]
["CND","PAS"]
["CND","PAS"]
["CND","PAS"]
["CND","PAS"]
["CND","PAS"]
["CND","PAS"]
["CND","PAS"]
["CND","PAS"]
["CND","PAS"]
["CND","PAS"]
["CND","PAS"]
["CND","PAS"]
["CND","PAS"]
["CND","PAS"]
["CND","PAS"]
["CND","PAS"]
["CND","PAS"]
["CND","PAS"]
["CND","PAS"]
["CND","PAS"]
["CND","PAS"]
["CND","PAS"]
["CND","PAS"]
["CND","PAS"]
["CND","PAS"]
["CND","PAS"]
["CND","PAS"]
["CND","PAS"]
["CND","PAS"]
["CND","PAS"]
["CND","PAS"]
["CND","PAS"]
["CND","PAS"]
["CND","PAS"]
["CND","PAS"]
["CND","PAS"]
["CND","PAS"]
["CND","PAS"]
["CND","PAS"]
["CND","PAS"]
["CND","PAS"]
["CND","PAS"]
["CND","PAS"]
["CND","PAS"]
["CND","PAS"]
["CND","PAS"]
["CND","PAS"]
["CND","PAS"]
["CND","PAS"]
["CND","PAS"]
["CND","PAS"]
["CND","PAS"]
["CND","PAS"]
["CND","PAS"]
["CND","PAS"]
["CND","PAS"]
["CND","PAS"]
["CND","PAS"]
["CND","PAS"]
["CND","PAS"]
["CND","PAS"]
["CND","PAS"]
["CND","PAS"]
["CND","PAS"]
["CND","PAS"]
["CND","PAS"]
["CND","PAS"]
["CND","PAS"]
["CND","PAS"]
["CND","PAS"]
["CND","PAS"]
["CND","PAS"]
["CND","PAS"]
["CND","PAS"]
["CND","PAS"]
["CND","PAS"]
["CND","PAS"]
["CND","PAS"]
["CND","PAS"]
["CND","PAS"]
["CND","PAS"]
["CND","PAS"]
["CND","PAS"]
["CND","PAS"]
["CND","PAS"]
["CND","PAS"]
["CND","PAS"]
["CND","PAS"]
["CND","PAS"]
["CND","PAS"]
["CND","PAS"]
["CND","PAS"]
["CND","PAS"]
["CND","PAS"]
["CND","PAS"]
["CND","PAS"]
["CND","PAS"]
["CND","PAS"]
["CND","PAS"]
["CND","PAS"]
["CND","PAS"]
["CND","PAS"]
["CND","PAS"]
["CND","PAS"]
["CND","PAS"]
["CND","PAS"]
["CND","PAS"]
["CND","PAS"]
["CND","PAS"]
["CND","PAS"]
["CND","PAS"]
["CND","PAS"]
["CND","PAS"]
["CND","PAS"]
["CND","PAS"]
["CND","PAS"]
["CND","PAS"]
["CND","PAS"]
["CND","PAS"]
["CND","PAS"]
["CND","PAS"]
["CND","PAS"]
["CND","PAS"]
["CND","PAS"]
["CND","PAS"]
["CND","PAS"]
["CND","PAS"]
["CND","PAS"]
["CND","PAS"]
["CND","PAS"]
["CND","PAS"]
["CND","PAS"]
["CND","PAS"]
["CND","PAS"]
["CND","PAS"]
["CND","PAS"]
["CND","PAS"]
["CND","PAS"]
["CND","PAS"]
["CND","PAS","MOL","YKOTE"]
["CND","PAS","MOL","YKOTE"]
["CND","PAS","MOL","YKOTE"]
["CND","PAS","MOL","YKOTE"]
["CND","PAS","MOL","YKOTE"]
["CND","PAS","MOL","YKOTE"]
["CND","PAS","MOL","YKOTE"]
["CND","PAS"]
["CND","PAS"]
["CND","PAS"]
["CND","PAS"]
["CND","PAS"]
["CND","PAS"]
["CND","PAS"]
["CND","PAS"]
["CND","PAS"]
["CND","PAS"]
["CND","PAS"]
["CND","PAS"]
["CND","PAS"]
["CND","PAS"]
["CND","PAS"]
["CND","PAS"]
["CND","PAS"]
["CND","PAS"]
["CND","PAS"]
["CND","PAS"]
["CND","PAS"]
["CND","PAS"]
["CND","PAS"]
["CND","PAS"]
["CND","PAS"]
["CND","PAS"]
["CND","PAS"]
["CND","PAS"]
["CND","PAS"]
["CND","PAS"]
["CND","PAS"]
["CND","PAS"]
["CND","PAS"]
["CND","PAS"]
["CND","PAS"]
["CND","PAS"]
["CND","PAS"]
["CND","PAS"]
["CND","PAS"]
["CND","PAS"]
["CND","PAS"]
["CND","PAS"]
["CND","PAS"]
["CND","PAS"]
["CND","PAS"]
["CND","PAS"]
["CND","PAS"]
["CND","PAS"]
["CND","PAS"]
["CND","PAS"]
["CND","PAS"]
["CND","PAS"]
["CND","PAS"]
["CND","PAS"]
["CND","PAS"]
["CND","PAS"]
["CND","PAS"]
["CND","PAS"]
["CND","PAS"]
["CND","PAS"]
["CND","PAS"]
["CND","PAS"]
["CND","PAS"]
["CND","PAS"]
["CND","PAS"]
["CND","PAS"]
["CND","PAS"]
["CND","PAS"]
["CND","PAS"]
["CND","PAS"]
["CND","PAS"]
["CND","PAS"]
["CND","PAS"]
["CND","PAS"]
["CND","PAS"]
["CND","PAS"]
["CND","PAS"]
["CND","PAS"]
["CND","PAS"]
["CND","PAS"]
["CND","PAS"]
["CND","PAS"]
["CND","PAS"]
["CND","PAS"]
["CND","PAS"]
["CND","PAS"]
["CND","PAS"]
["CND","PAS"]
["CND","PAS"]
["CND","PAS"]
["CND","PAS"]
["CND","PAS"]
["CND","PAS"]
["CND","PAS"]
["CND","PAS"]
["CND","PAS"]
["CND","PAS"]
["CND","PAS"]
["CND","PEI"]
["CND","PEI"]
["CND","PEI"]
["CND","PEL"]
["CND","PEL"]
["CND","PEL"]
["CND","PEL"]
["CND","PEL"]
["CND","PEL"]
["CND","PEL"]
["CND","PEL"]
["CND","PEL"]
["CND","PEL"]
["CND","PEL"]
["CND","PEL"]
["CND","PEL"]
["CND","PEL"]
["CND","PEL"]
["CND","PEL"]
["CND","PEL"]
["CND","PEL","PAS"]
["CND","PEL","PAS"]
["CND","PEL","PAS"]
["CND","PEL","PAS"]
["CND","PEL","PAS"]
["CND","PEL","PAS"]
["CND","PEL","PAS"]
["CND","PEL","PAS"]
["CND","PEL","PAS"]
["CND","PEL","PAS"]
["CND","PEL","PAS"]
["CND","PEL","PAS"]
["CND","PEL","PAS"]
["CND","PEL","PAS"]
["CND","PEL","PAS"]
["CND","PEL","PAS"]
["CND","PEL","PAS"]
["CND","PEL","PAS"]
["CND","PEL","PAS"]
["CND","PEL","PAS"]
["CND","PEL","PAS"]
["CND","PEL","PAS"]
["CND","PEL","PAS"]
["CND","PEL","PAS"]
["CND","PEL","PAS"]
["CND","PEL","PAS"]
["CND","PEL","PAS"]
["CND","PEL","PAS"]
["CND","PEL","PAS"]
["CND","PEL","PAS"]
["CND","PEL","PAS"]
["CND","PEL","PAS"]
["CND","PEL","PAS"]
["CND","PEL","PAS"]
["CND","PEL","PAS"]
["CND","PEL","PAS"]
["CND","PEL","PAS"]
["CND","PEL","PAS"]
["CND","PEL","PAS"]
["CND","PEL","PAS"]
["CND","PEL","PAS"]
["CND","PEL","PAS"]
["CND","PEL","PAS"]
["CND","PEL","PAS"]
["CND","PEL","PAS"]
["CND","PEL","PAS"]
["CND","PEL","PAS"]
["CND","PEL","PAS"]
["CND","PEL","PAS"]
["CND","PEL","PAS"]
["CND","PEL","PAS"]
["CND","PEL","PAS"]
["CND","PEL","PAS","RIL"]
["CND","PEL","PAS","RIL"]
["CND","PEL","PAS","RIL"]
["CND","PEL","PAS","RIL"]
["CND","PEL","PAS","RIL"]
["CND","PEL","PAS","RIL"]
["CND","PEL","PAS"]
["CND","PEL","PAS"]
["CND","PEL","PAS"]
["CND","PEL","PAS"]
["CND","PEL","PAS"]
["CND","PHO"]
["CND","PHO"]
["CND","PHO"]
["CND","PHO"]
["CND","PHO"]
["CND","PHO"]
["CND","PHO"]
["CND","PHO"]
["CND","PHO"]
["CND","PHO"]
["CND","PHO"]
["CND","PHO"]
["CND","PHO"]
["CND","PHO"]
["CND","PHO"]
["CND","PHO"]
["CND","PHO"]
["CND","PHO"]
["CND","PHO"]
["CND","PHO"]
["CND","PHO"]
["CND","PHO"]
["CND","PHO"]
["CND","PHO"]
["CND","PHO"]
["CND","PHO"]
["CND","PHO"]
["CND","PHO"]
["CND","PHO"]
["CND","PHO"]
["CND","PHO"]
["CND","PHO"]
["CND","PHO"]
["CND","PHO"]
["CND","PHO"]
["CND","PHO"]
["CND","PHO"]
["CND","PHO"]
["CND","PHO"]
["CND","PHO"]
["CND","PHO"]
["CND","PHO"]
["CND","PHO"]
["CND","PHO"]
["CND","PHO"]
["CND","PHO"]
["CND","PHO"]
["CND","PHO"]
["CND","PHO"]
["CND","PHO"]
["CND","PHO"]
["CND","PHO"]
["CND","PHO"]
["CND","PHO"]
["CND","PHO"]
["CND","PHO"]
["CND","PHO"]
["CND","PHO"]
["CND","PHO"]
["CND","PHO"]
["CND","PHO"]
["CND","PHO"]
["CND","PHO"]
["CND","PHO"]
["CND","PHO"]
["CND","PHO"]
["CND","PHO"]
["CND","PHO"]
["CND","PHO"]
["CND","PHO"]
["CND","PHO"]
["CND","PHO"]
["CND","PHO"]
["CND","PHO"]
["CND","PHO"]
["CND","PHO"]
["CND","PHO"]
["CND","PHO"]
["CND","PHO"]
["CND","PHO"]
["CND","PHO"]
["CND","PHO"]
["CND","PHO"]
["CND","PHO"]
["CND","PHO"]
["CND","PHO"]
["CND","PHO"]
["CND","PHO"]
["CND","PHO"]
["CND","PHO"]
["CND","PHO"]
["CND","PHO"]
["CND","PHO"]
["CND","PHO"]
["CND","PHO"]
["CND","PHO"]
["CND","PHO"]
["CND","PHO"]
["CND","PHO"]
["CND","PHO"]
["CND","PHO"]
["CND","PHO"]
["CND","PHO"]
["CND","PHO"]
["CND","PHO"]
["CND","PHO"]
["CND","PHO"]
["CND","PHO"]
["CND","PHO"]
["CND","PHO"]
["CND","PHO"]
["CND","PHO"]
["CND","PHO"]
["CND","PHO"]
["CND","PHO"]
["CND","PHO"]
["CND","PHO"]
["CND","PHO"]
["CND","PHO"]
["CND","PHO"]
["CND","PHO"]
["CND","PHO"]
["CND","PHO"]
["CND","PHO"]
["CND","PHO"]
["CND","PHO"]
["CND","PHO"]
["CND","PHO"]
["CND","PHO"]
["CND","PHO"]
["CND","PHO"]
["CND","PHO"]
["CND","PHO"]
["CND","PHO"]
["CND","PHO","CAD"]
["CND","PHO","CAD"]
["CND","PHO","CAD"]
["CND","PHO"]
["CND","PHO"]
["CND","PHO"]
["CND","PHO"]
["CND","PHO"]
["CND","PHO"]
["CND","PHO"]
["CND","PHO"]
["CND","PHO"]
["CND","PHO"]
["CND","PHO"]
["CND","RIL"]
["CND","RIL"]
["CND","RIL"]
["CND","RIL"]
["CND","RIL"]
["CND","RIL"]
["CND","RIL"]
["CND","RIL"]
["CND","RIL"]
["CND","RIL"]
["CND","RIL"]
["CND","RIL"]
["CND","RIL"]
["CND","RIL"]
["CND","RIL"]
["CND","RIL"]
["CND","RIL"]
["CND","RIL"]
["CND","RIL"]
["CND","RIL"]
["CND","RIL"]
["CND","RIL"]
["CND","RIL"]
["CND","RIL"]
["CND","RIL"]
["CND","RIL"]
["CND","RIL"]
["CND","RIL"]
["CND","RIL"]
["CND","RIL"]
["CND","RIL"]
["CND","RIL"]
["CND","RIL"]
["CND","RIL"]
["CND","RIL"]
["CND","RIL"]
["CND","RIL"]
["CND","RIL"]
["CND","RIL"]
["CND","RIL"]
["CND","RIL"]
["CND","RIL"]
["CND","RIL"]
["CND","RIL"]
["CND","RIL"]
["CND","RIL"]
["CND","RIL"]
["CND","RIL"]
["CND","RIL"]
["CND","RIL"]
["CND","RIL"]
["CND","RIL"]
["CND","RIL"]
["CND","RIL"]
["CND","RIL"]
["CND","RIL"]
["CND","RIL"]
["CND","RIL"]
["CND","RIL"]
["CND","RIL"]
["CND","RIL"]
["CND","RIL"]
["CND","RIL"]
["CND","RIL"]
["CND","RIL"]
["CND","RIL"]
["CND","RIL"]
["CND","RIL"]
["CND","RIL"]
["CND","RIL"]
["CND","RIL"]
["CND","RIL"]
["CND","RIL"]
["CND","RIL"]
["CND","RIL"]
["CND","RIL"]
["CND","RIL"]
["CND","RIL"]
["CND","RIL"]
["CND","RIL"]
["CND","RIL"]
["CND","RIL"]
["CND","RIL"]
["CND","RIL"]
["CND","RIL"]
["CND","RIL"]
["CND","RIL"]
["CND","RIL"]
["CND","RIL"]
["CND","RIL"]
["CND","RIL"]
["CND","RIL"]
["CND","RIL"]
["CND","RIL"]
["CND","RIL"]
["CND","RIL"]
["CND","RIL"]
["CND","RIL"]
["CND","RIL"]
["CND","RIL"]
["CND","RIL"]
["CND","RIL"]
["CND","RIL"]
["CND","RIL"]
["CND","RIL"]
["CND","RIL"]
["CND","VERNIS"]
["CND","VERNIS"]
["CND","VERNIS"]
["CND","VERNIS"]
["CND","VERNIS"]
["CND","VERNIS"]
["CND","VERNIS"]
["CND","VERNIS"]
["CND","VERNIS"]
["CND","VERNIS"]
["CND","VERNIS"]
["CND","VERNIS"]
["CND","VERNIS"]
["CND","VERNIS"]
["COM"]
["COM"]
["COM"]
["COM"]
["COM"]
["COM"]
["COM"]
["COM"]
["COM"]
["COM"]
["COM"]
["COM"]
["COM"]
["COM"]
["COM"]
["COM"]
["COM"]
["COM"]
["COM"]
["COM"]
["COM"]
["COM"]
["COM"]
["COM"]
["COM"]
["COM"]
["COM"]
["COM"]
["COM"]
["COM"]
["COM"]
["COM"]
["COM"]
["COM"]
["COM"]
["COM"]
["COM"]
["COM"]
["COM"]
["COM"]
["COM"]
["COM"]
["COM"]
["COM"]
["COM"]
["COM"]
["COM"]
["COM"]
["COM"]
["COM"]
["COM"]
["COM"]
["COM"]
["COM"]
["COM"]
["COM"]
["COM"]
["COM"]
["COM"]
["COM"]
["COM"]
["COM"]
["COM"]
["COM"]
["COM"]
["COM"]
["COM"]
["COM"]
["COM"]
["COM"]
["COM"]
["COM"]
["COM"]
["COM"]
["COM"]
["COM"]
["COM"]
["COM"]
["COM"]
["COM"]
["COM"]
["COM"]
["COM"]
["COM"]
["COM"]
["COM"]
["COM"]
["COM"]
["COM"]
["COM"]
["COM"]
["COM"]
["COM"]
["COM"]
["COM"]
["COM"]
["COM"]
["COM"]
["COM"]
["COM"]
["COM"]
["COM"]
["COM"]
["COM"]
["COM"]
["COM"]
["COM"]
["COM"]
["CON"]
["CUB"]
["CUB"]
["CUB"]
["CUB"]
["CUB"]
["CUB"]
["CUB"]
["CUB"]
["CUB"]
["CUB"]
["CUB"]
["CUB"]
["CUB"]
["CUB"]
["CUB"]
["CUB"]
["CUB"]
["CUB"]
["CUB"]
["CUB"]
["CUB"]
["CUB"]
["CUB"]
["CUB"]
["CUB"]
["CUB"]
["CUB"]
["CUB"]
["CUB"]
["CUB"]
["CUB"]
["CUB"]
["CUB"]
["CUB"]
["CUB"]
["CUB"]
["CUB"]
["CUB"]
["CUB2"]
["CUB2"]
["CUB2"]
["CUB2"]
["CUB2"]
["CUB2"]
["CUB2"]
["CUB2"]
["CUB2"]
["CUB2"]
["CUB2"]
["CUB2"]
["CUB2"]
["CUB2"]
["CUB2"]
["CUB150P"]
["CUI"]
["CUI"]
["CUI"]
["CUI"]
["CUI"]
["CUI"]
["CUI"]
["CUI"]
["CUI"]
["CUI"]
["CUI"]
["CUI"]
["CUI"]
["CUI"]
["CUI"]
["CUI"]
["CUI"]
["CUI"]
["CUI"]
["CUI"]
["CUI"]
["CUI"]
["CUI"]
["CUI"]
["CUI"]
["CUI"]
["CUI"]
["CUI"]
["CUI"]
["CUI"]
["CUI"]
["CUI"]
["CUI"]
["CUI"]
["CUI"]
["CUI"]
["CUI"]
["CUI"]
["CUI"]
["CUI"]
["CUI"]
["CUI"]
["CUI"]
["CUI"]
["CUI"]
["CUI"]
["CUI"]
["CUI"]
["CUI"]
["CUI"]
["CUI"]
["CUI"]
["CUI"]
["CUI"]
["CUI"]
["CUI"]
["CUI"]
["CUI"]
["CUI"]
["CUI"]
["CUI"]
["CUI"]
["CUI"]
["DCU"]
["DCU"]
["DCU"]
["DCU"]
["DECAD"]
["DECAD","CAD"]
["DECAD","CAD"]
["DECAP","PEI"]
["DECAP","PHO"]
["DEC","UI"]
["DEC","UI"]
["DEC","UI"]
["DEC","UI"]
["DEC","UI"]
["DEC","UI"]
["DEC","UI"]
["DEC","UI"]
["DEC","UI"]
["DEC","UI"]
["DEC","UI"]
["DEC","UI"]
["DEC","UI"]
["DEC","UI"]
["DEC","UI"]
["DEC","UI"]
["DEO"]
["DEO"]
["DEPEINDRE"]
["DEPHOS"]
["DET"]
["DET","BRU","CND"]
["DET","BRU","CND"]
["DET","BRU","CND"]
["DET","BRU","CND"]
["DET","BRU"]
["DET","BRU"]
["DET","BRU"]
["DET","BRU"]
["DET","BRU"]
["DET","BRU"]
["DET","BRU"]
["DET","BRU"]
["DET","BRU"]
["DET","BRU"]
["DET","BRU"]
["DET","BRU"]
["DET","BRU"]
["DET","BRU"]
["DET","BRU"]
["DET","BRU"]
["DET","BRU"]
["DET","BRU"]
["DET","BRU"]
["DET","BRU"]
["DET","BRU"]
["DET","BRU"]
["DET","BRU"]
["DET","BRU"]
["DET","BRU"]
["DET","BRU"]
["DET","BRU"]
["DET","BRU"]
["DET","BRU"]
["DET","BRU"]
["DET","BRU"]
["DET","BRU"]
["DET","BRU"]
["DET","BRU"]
["DET","BRU"]
["DET","BRU"]
["DET","BRU"]
["DET","BRU"]
["DET","BRU"]
["DET","BRU"]
["DET","BRU"]
["DET","BRU"]
["DET","BRU"]
["DET","BRU"]
["DET","BRU"]
["DET","BRU"]
["DET","BRU"]
["DET","BRU"]
["DET","BRU"]
["DET","BRU"]
["DET","BRU"]
["DET","BRU"]
["DET","BRU"]
["DET","BRU"]
["DET","BRU"]
["DET","BRU"]
["DET","BRU"]
["DET","BRU"]
["DET","BRU"]
["DET","BRU"]
["DET","CAD"]
["DET","CAD"]
["DET","CAD"]
["DET","CAD"]
["DET","CAD"]
["DET","CAD"]
["DET","CAD"]
["DET","CAD"]
["DET","CAD"]
["DET","CAD"]
["DET","CAD"]
["DET","CAD"]
["DET","CAD"]
["DET","CAD"]
["DET","CAD"]
["DET","CAD"]
["DET","CAD"]
["DET","CAD"]
["DET","CAD"]
["DET","CAD"]
["DET","CAD"]
["DET","CAD"]
["DET","CAD"]
["DET","CAD"]
["DET","CAD"]
["DET","CAD"]
["DET","CAD"]
["DET","CAD"]
["DET","CAD"]
["DET","CAD"]
["DET","CAD"]
["DET","CAD"]
["DET","CAD"]
["DET","CAD"]
["DET","CAD"]
["DET","CAD"]
["DET","CAD"]
["DET","CAD"]
["DET","CAD"]
["DET","CAD"]
["DET","CAD"]
["DET","CAD"]
["DET","CAD"]
["DET","CAD"]
["DET","CAD"]
["DET","CAD"]
["DET","CAD"]
["DET","CAD"]
["DET","CAD"]
["DET","CAD"]
["DET","CAD"]
["DET","CAD"]
["DET","CAD"]
["DET","CAD"]
["DET","CAD"]
["DET","CAD"]
["DET","CAD"]
["DET","CAD"]
["DET","CAD"]
["DET","CAD"]
["DET","CAD"]
["DET","CAD"]
["DET","CAD"]
["DET","CAD"]
["DET","CAD"]
["DET","CAD"]
["DET","CAD"]
["DET","CAD"]
["DET","CAD"]
["DET","CAD"]
["DET","CAD"]
["DET","CAD"]
["DET","CAD"]
["DET","CAD"]
["DET","CAD"]
["DET","CAD"]
["DET","CAD"]
["DET","CAD"]
["DET","CAD"]
["DET","CAD"]
["DET","CAD"]
["DET","CAD"]
["DET","CAD"]
["DET","CAD"]
["DET","CAD"]
["DET","CAD"]
["DET","CAD"]
["DET","CAD"]
["DET","CAD"]
["DET","CAD"]
["DET","CAD"]
["DET","CAD"]
["DET","CAD"]
["DET","CAD"]
["DET","CAD"]
["DET","CAD"]
["DET","CAD","PEI"]
["DET","CAD","PEI"]
["DET","CAD","PEI"]
["DET","CAD","PEI"]
["DET","CAD","PEI"]
["DET","CAD","PEI"]
["DET","CAD","PEI"]
["DET","CAD","PEI"]
["DET","CHR"]
["DET","CND","BRU","CND"]
["DET","CND","BRU","CND"]
["DET","CND","BRU"]
["DET","CND","BRU"]
["DET","CND","BRU"]
["DET","CND","CAD"]
["DET","CND","CAD"]
["DET","CND","CAD"]
["DET","CND","CAD"]
["DET","CND","CAD"]
["DET","CND","CAD"]
["DET","CND","CAD"]
["DET","CND","CAD"]
["DET","CND","CAD"]
["DET","CND","CAD"]
["DET","CND","CAD"]
["DET","CND","CAD","PEI"]
["DET","CND"]
["DET","CND"]
["DET","CND","NIT"]
["DET","CND","PHO"]
["DET"]
["DET"]
["DET"]
["DET"]
["DET"]
["DET"]
["DET"]
["DET"]
["DET","NIT"]
["DET","NIT"]
["DET","NIT"]
["DET","NIT"]
["DET","PHO"]
["DET","PHO"]
["DET","PHO"]
["DET","PHO"]
["DET","PHO"]
["DET","PHO"]
["DET","PHO"]
["DET","PHO"]
["DET","PHO"]
["DET","PHO"]
["DET","PHO"]
["DET","PHO"]
["DET","PHO"]
["DET","PHO"]
["DET","PHO"]
["DET","PHO"]
["DET","PHO"]
["DET","PHO"]
["DET","PHO"]
["DET","PHO"]
["DET","PHO"]
["DET","PHO"]
["DET","PHO"]
["DET","PHO"]
["DET","PHO"]
["DET","PHO"]
["DET","PHO"]
["DET","PHO"]
["DET","PHO"]
["DET","PHO"]
["DET","PHO"]
["DET","PHO"]
["DET","PHO"]
["DET","PHO"]
["EB"]
["EB"]
["EB"]
["EB"]
["EB"]
["EB"]
["EB"]
["EB"]
["EB"]
["EB"]
["EB"]
["EB"]
["EB"]
["EB"]
["EB"]
["EB"]
["EB"]
["EB"]
["EB"]
["EB"]
["EROSION"]
["EROSION"]
["EROSION"]
["EROSION"]
["EROSION"]
["EROSION"]
["EROSION"]
["EROSION"]
["EROSION"]
["EROSION"]
["EROSION"]
["EROSION"]
["EROSION"]
["EROSION"]
["EROSION"]
["EROSION"]
["FIL"]
["FIN"]
["FIN"]
["FIN"]
["FIN"]
["FIN"]
["FIN"]
["FIN"]
["FIN"]
["FIN"]
["FIN"]
["FIN"]
["FIN"]
["FIN"]
["FIN"]
["FIN"]
["FIN"]
["FIN"]
["GRENAIL"]
["GRENAIL"]
["GRENAIL"]
["GRENAIL"]
["GRENAIL"]
["GRENAIL"]
["GRENAIL"]
["GRENAIL"]
["MAGNA","CAD"]
["MAGNA","CAD"]
["MAGNA","CAD"]
["MAGNA","CAD"]
["MAGNA","CAD"]
["MAGNA","CAD"]
["MAGNA","CAD"]
["MAGNA","CAD"]
["MAGNA","CAD"]
["MAGNA","CAD"]
["MAGNA","CAD"]
["MAGNA","CAD"]
["MAGNA","PASS"]
["MAGNA","PASS"]
["MAGNA","PASS"]
["MAGNA","PASS"]
["NIC"]
["NIC"]
["NIC"]
["NIC"]
["NIC"]
["NIC"]
["NIC"]
["NIC"]
["NIC"]
["NIC"]
["NIC"]
["NIC"]
["NIC"]
["NIC"]
["NIC"]
["NIC"]
["NIC"]
["NIC"]
["NIC"]
["NIC"]
["NIC"]
["NIC"]
["NIC"]
["NIC"]
["NIC"]
["NIC"]
["NIC"]
["NIC"]
["NIC"]
["NIC"]
["NIC"]
["NIC"]
["NIC"]
["NIC"]
["NIC"]
["NIC"]
["NIC"]
["NIC"]
["NIC"]
["NIC"]
["NIC"]
["NIC"]
["NIC"]
["NIC"]
["NIC"]
["NIC"]
["NIC"]
["NIC"]
["NIC"]
["NIC"]
["NIC"]
["NIC"]
["NIC"]
["NIC"]
["NIC"]
["NIC"]
["NIC"]
["NIC"]
["NIC"]
["NIC"]
["NIC"]
["NIC"]
["NIC"]
["NIC"]
["NIC"]
["NIC"]
["NIC"]
["NIC"]
["NIC"]
["NIC"]
["NIC"]
["NIC"]
["NIC"]
["NIC"]
["NIC"]
["NIC"]
["NIC"]
["NIC"]
["NIC"]
["NIC"]
["NIC"]
["NIC"]
["NIC"]
["NIC"]
["NIC"]
["NIC"]
["NIC"]
["NIC"]
["NIC"]
["NIC"]
["NIC"]
["NIC"]
["NIC"]
["NIC"]
["NIC"]
["NIC"]
["NIC"]
["NIC"]
["NIC"]
["NIC"]
["NIC"]
["NIC"]
["NIC"]
["NIC"]
["NIC"]
["NIC"]
["NIC"]
["NIC"]
["NIC"]
["NIC"]
["NIC"]
["NIC"]
["NIC"]
["NIC"]
["NIC"]
["NIC"]
["NIC"]
["NIC"]
["NIC"]
["NIC"]
["NIC"]
["NIC"]
["NIC"]
["NIC"]
["NIC"]
["NIC"]
["NIC"]
["NIC"]
["NIC"]
["NIC"]
["NIC"]
["NIC"]
["NIC"]
["NIC"]
["NIC"]
["NIC"]
["NIC"]
["NIC"]
["NIC"]
["NIC"]
["NIC"]
["NIC"]
["NIC"]
["NIC"]
["NIC"]
["NIC"]
["NIC"]
["NIC"]
["NIC"]
["NIC"]
["NIC"]
["NIC"]
["NIC"]
["NIC"]
["NIC"]
["NIC"]
["NIC"]
["NIC"]
["NIC"]
["NIC"]
["NIC"]
["NIC"]
["NIC"]
["NIC"]
["NIC"]
["NIC"]
["NIC"]
["NIC"]
["NIC"]
["NIC"]
["NIC"]
["NIC"]
["NIC"]
["NIC"]
["NIC"]
["NIC"]
["NIC"]
["NIC"]
["NIC"]
["NIC"]
["NIC"]
["NIC"]
["NIC"]
["NIC"]
["NIC"]
["NIC"]
["NIC"]
["NIC"]
["NIC"]
["NIC"]
["NIC"]
["NIC"]
["NIC"]
["NIC"]
["NIC"]
["NIC"]
["NIC"]
["NIC"]
["NIC"]
["NIC"]
["NIC"]
["NIC"]
["NIC"]
["NIC"]
["NIC"]
["NIC"]
["NIC"]
["NIC"]
["NIC"]
["NIC"]
["NIC"]
["NIC"]
["NIC"]
["NIC"]
["NIC"]
["NIC"]
["NIC"]
["NIC"]
["NIC"]
["NIC"]
["NIC"]
["NIC"]
["NIC"]
["NIC"]
["NIC"]
["NIC"]
["NIC"]
["NIC"]
["NIC"]
["NIC"]
["NIC"]
["NIC"]
["NIC"]
["NIC"]
["NIC"]
["NIC"]
["NIC"]
["NIC"]
["NIC"]
["NIC"]
["NIC"]
["NIC"]
["NIC"]
["NIC"]
["NIC"]
["NIC"]
["NIC"]
["NIC"]
["NIC"]
["NIC"]
["NIC"]
["NIC"]
["NIC"]
["NIC"]
["NIC"]
["NIC"]
["NIC"]
["NIC"]
["NIC"]
["NIC"]
["NIC"]
["NIC"]
["NIC"]
["NIC"]
["NIC"]
["NIC"]
["NIC"]
["NIC"]
["NIC"]
["NIC"]
["NIC"]
["NIC"]
["NIC"]
["NIC"]
["NIC"]
["NIC"]
["NIC"]
["NIC"]
["NIC"]
["NIC"]
["NIC"]
["NIC"]
["NIC"]
["NIC"]
["NIC"]
["NIC"]
["NIC"]
["NIC"]
["NIC"]
["NIC"]
["NIC"]
["NIC"]
["NIC"]
["NIC"]
["NIC"]
["NIC"]
["NIC"]
["NIC"]
["NIC"]
["NIC"]
["NIC"]
["NIC"]
["NIC"]
["NIC"]
["NIC"]
["NIC"]
["NIC"]
["NIC"]
["NIC"]
["NIC"]
["NIC"]
["NIC"]
["NIC"]
["NIC"]
["NIC"]
["NIC"]
["NIC"]
["NIC"]
["NIC"]
["NIC"]
["NIC"]
["NIC"]
["NIC"]
["NIC"]
["NIC"]
["NIC"]
["NIC"]
["NIC"]
["NIC"]
["NIC"]
["NIC"]
["NIC"]
["NIC"]
["NIC"]
["NIC"]
["NIC"]
["NIC"]
["NIC"]
["NIC"]
["NIC"]
["NIC"]
["NIC"]
["NIC"]
["NIC"]
["NIC"]
["NIC"]
["NIC"]
["NIC"]
["NIC"]
["NIC"]
["NIC"]
["NIC"]
["NIC"]
["NIC"]
["NIC"]
["NIC"]
["NIC"]
["NIC"]
["NIC"]
["NIC"]
["NIC"]
["NIC"]
["NIC"]
["NIC"]
["NIC"]
["NIC"]
["NIC"]
["NIC"]
["NIC"]
["NIC"]
["NIC"]
["NIC"]
["NIC"]
["NIC"]
["NIC"]
["NIC"]
["NIC"]
["NIC"]
["NIC"]
["NIC"]
["NIC"]
["NIC"]
["NIC"]
["NIC"]
["NIC"]
["NIC"]
["NIC"]
["NIC"]
["NIC"]
["NIC"]
["NIC"]
["NIC"]
["NIC"]
["NIC"]
["NIC"]
["NIC"]
["NIC"]
["NIC"]
["NIC"]
["NIC"]
["NIC"]
["NIC"]
["NIT"]
["NIT"]
["NIT"]
["NIT"]
["NIT"]
["NIT"]
["NIT"]
["NIT"]
["NIT"]
["NIT"]
["NIT"]
["NIT"]
["NIT"]
["NIT"]
["NIT"]
["NIT"]
["NIT"]
["NIT"]
["NIT"]
["NIT"]
["NIT"]
["NIT"]
["NIT"]
["NIT"]
["NIT"]
["NIT"]
["NIT"]
["NIT"]
["NIT"]
["NIT"]
["NIT"]
["NIT"]
["NIT"]
["NIT","DET","ET"]
["NIT","DET","ET"]
["NIT"]
["NITRU","RU"]
["NITRU","RU"]
["NITRU","RU"]
["NITRU","RU"]
["NUFLON"]
["NUFLON"]
["NUFLON"]
["OAC"]
["OAC"]
["OAC"]
["OAC"]
["OAC"]
["OAC"]
["OAC"]
["OAC"]
["OAC"]
["OAC"]
["OAC"]
["OAC"]
["OAC"]
["OAC"]
["OAC"]
["OAC"]
["OAC"]
["OAC"]
["OAC"]
["OAC"]
["OAC"]
["OAC"]
["OAC"]
["OAC"]
["OAC"]
["OAC"]
["OAC"]
["OAC"]
["OAC"]
["OAC"]
["OAC"]
["OAC"]
["OAC"]
["OAC"]
["OAC"]
["OAC"]
["OAC"]
["OAC"]
["OAC"]
["OAC"]
["OAC"]
["OAC"]
["OAC"]
["OAC"]
["OAC"]
["OAC"]
["OAC"]
["OAC"]
["OAC"]
["OAC"]
["OAC"]
["OAC"]
["OAC"]
["OAC"]
["OAC"]
["OAC"]
["OAC"]
["OAC"]
["OAC"]
["OAC"]
["OAC"]
["OAC"]
["OAC"]
["OAC"]
["OAC"]
["OAC"]
["OAC"]
["OAC"]
["OAC"]
["OAC"]
["OAC"]
["OAC"]
["OAC"]
["OAC"]
["OAC"]
["OAC"]
["OAC"]
["OAC"]
["OAC"]
["OAC"]
["OAC"]
["OAC"]
["OAC"]
["OAC"]
["OAC"]
["OAC"]
["OAC"]
["OAC"]
["OAC"]
["OAC"]
["OAC"]
["OAC"]
["OAC"]
["OAC"]
["OAC"]
["OAC"]
["OAC"]
["OAC"]
["OAC"]
["OAC"]
["OAC"]
["OAC"]
["OAC"]
["OAC"]
["OAC"]
["OAC"]
["OAC"]
["OAC"]
["OAC"]
["OAC"]
["OAC"]
["OAC"]
["OAC"]
["OAC"]
["OAC"]
["OAC"]
["OAC"]
["OAC"]
["OAC"]
["OAC"]
["OAC"]
["OAC"]
["OAC"]
["OAC"]
["OAC"]
["OAC"]
["OAC"]
["OAC"]
["OAC"]
["OAC"]
["OAC"]
["OAC"]
["OAC"]
["OAC"]
["OAC"]
["OAC"]
["OAC"]
["OAC"]
["OAC"]
["OAC"]
["OAC"]
["OAC"]
["OAC"]
["OAC"]
["OAC"]
["OAC"]
["OAC"]
["OAC"]
["OAC"]
["OAC"]
["OAC"]
["OAC"]
["OAC"]
["OAC"]
["OAC"]
["OAC"]
["OAC"]
["OAC"]
["OAC"]
["OAC"]
["OAC"]
["OAC"]
["OAC"]
["OAC"]
["OAC"]
["OAC"]
["OAC"]
["OAC"]
["OAC"]
["OAC"]
["OAC"]
["OAC"]
["OAC"]
["OAC"]
["OAC"]
["OAC","PEI"]
["OAC"]
["OAC"]
["OAC"]
["OAC"]
["OAC"]
["OAC"]
["OAC"]
["OAC"]
["OAC"]
["OAC"]
["OAC"]
["OAC"]
["OAC"]
["OAC"]
["OAC"]
["OAC"]
["OAC"]
["OAC"]
["OAC"]
["OAC"]
["OAC"]
["OAC"]
["OAC"]
["OAC"]
["OAC"]
["OAC"]
["OAC"]
["OAC"]
["OAC"]
["OAC"]
["OAC"]
["OAC"]
["OAC"]
["OAC"]
["OAC"]
["OAC"]
["OAC"]
["OAC"]
["OAC"]
["OAC"]
["OAC"]
["OAC"]
["OAC"]
["OAC"]
["OAC"]
["OAC"]
["OAC"]
["OAC"]
["OAC"]
["OAC"]
["OAC"]
["OAC"]
["OAC"]
["OAC"]
["OAC"]
["OAC"]
["OAC"]
["OAC"]
["OAC"]
["OAC"]
["OAC"]
["OAC"]
["OAC"]
["OAC"]
["OAC"]
["OAC"]
["OAC"]
["OAC"]
["OAC"]
["OAC"]
["OAC"]
["OAC"]
["OAC"]
["OAC"]
["OAC"]
["OAC"]
["OAC"]
["OAC"]
["OAC"]
["OAC"]
["OAC"]
["OAC"]
["OAC"]
["OAC"]
["OAC"]
["OAC"]
["OAC"]
["OAC","OC"]
["OAC","OC"]
["OAC","OC"]
["OAC","OC","PEI"]
["OAC","PEI"]
["OAC","PEI"]
["OAC","PEI"]
["OAC","PEI"]
["OAC","PEI"]
["OAC","PEI"]
["OAC","PEI"]
["OAC","PEI"]
["OAC","PEI"]
["OAC","PEI"]
["OAC","PEI"]
["OAC","PEI"]
["OAC","PEI"]
["OAC","PEI"]
["OAC","PEI"]
["OAC","PEI"]
["OAC","PEI"]
["OAC","PEI"]
["OAC","PEI"]
["OAC","PEI"]
["OAC","PEI"]
["OAC","PEI"]
["OAC","PEI"]
["OAC","PEI"]
["OAC","PEI"]
["OAD"]
["OAD"]
["OAD"]
["OAD"]
["OAD"]
["OAD"]
["OAD"]
["OAD"]
["OAD"]
["OAS"]
["OAS"]
["OAS"]
["OAS"]
["OAS"]
["OAS"]
["OAS"]
["OAS"]
["OAS"]
["OAS"]
["OAS"]
["OAS"]
["OAS"]
["OAS"]
["OAS"]
["OAS"]
["OAS"]
["OAS"]
["OAS"]
["OAS"]
["OAS"]
["OAS"]
["OAS"]
["OAS"]
["OAS"]
["OAS"]
["OAS"]
["OAS"]
["OAS"]
["OAS"]
["OAS"]
["OAS"]
["OAS"]
["OAS"]
["OAS"]
["OAS"]
["OAS"]
["OAS"]
["OAS"]
["OAS"]
["OAS"]
["OAS"]
["OAS"]
["OAS"]
["OAS"]
["OAS"]
["OAS"]
["OAS"]
["OAS"]
["OAS"]
["OAS"]
["OAS"]
["OAS"]
["OAS"]
["OAS"]
["OAS"]
["OAS"]
["OAS"]
["OAS"]
["OAS"]
["OAS"]
["OAS"]
["OAS"]
["OAS"]
["OAS"]
["OAS"]
["OAS"]
["OAS"]
["OAS"]
["OAS"]
["OAS"]
["OAS"]
["OAS"]
["OAS"]
["OAS"]
["OAS"]
["OAS"]
["OAS"]
["OAS"]
["OAS"]
["OAS"]
["OAS"]
["OAS"]
["OAS"]
["OAS"]
["OAS"]
["OAS"]
["OAS"]
["OAS"]
["OAS"]
["OAS"]
["OAS"]
["OAS"]
["OAS"]
["OAS"]
["OAS"]
["OAS"]
["OAS"]
["OAS"]
["OAS"]
["OAS"]
["OAS"]
["OAS"]
["OAS"]
["OAS"]
["OAS"]
["OAS"]
["OAS"]
["OAS"]
["OAS"]
["OAS"]
["OAS"]
["OAS"]
["OAS"]
["OAS"]
["OAS"]
["OAS"]
["OAS"]
["OAS"]
["OAS"]
["OAS"]
["OAS"]
["OAS"]
["OAS"]
["OAS"]
["OAS"]
["OAS"]
["OAS"]
["OAS"]
["OAS"]
["OAS"]
["OAS"]
["OAS"]
["OAS"]
["OAS"]
["OAS"]
["OAS"]
["OAS"]
["OAS"]
["OAS"]
["OAS"]
["OAS"]
["OAS"]
["OAS"]
["OAS"]
["OAS"]
["OAS"]
["OAS"]
["OAS"]
["OAS"]
["OAS"]
["OAS"]
["OAS"]
["OAS"]
["OAS"]
["OAS"]
["OAS"]
["OAS"]
["OAS"]
["OAS"]
["OAS"]
["OAS"]
["OAS"]
["OAS"]
["OAS"]
["OAS"]
["OAS"]
["OAS"]
["OAS"]
["OAS"]
["OAS"]
["OAS"]
["OAS"]
["OAS"]
["OAS"]
["OAS"]
["OAS"]
["OAS"]
["OAS"]
["OAS"]
["OAS"]
["OAS"]
["OAS"]
["OAS"]
["OAS"]
["OAS"]
["OAS"]
["OAS"]
["OAS"]
["OAS"]
["OAS"]
["OAS"]
["OAS"]
["OAS"]
["OAS"]
["OAS"]
["OAS"]
["OAS"]
["OAS"]
["OAS"]
["OAS"]
["OAS"]
["OAS"]
["OAS"]
["OAS"]
["OAS"]
["OAS"]
["OAS"]
["OAS"]
["OAS"]
["OAS"]
["OAS"]
["OAS"]
["OAS"]
["OAS"]
["OAS"]
["OAS"]
["OAS"]
["OAS"]
["OAS"]
["OAS"]
["OAS"]
["OAS"]
["OAS"]
["OAS"]
["OAS"]
["OAS"]
["OAS"]
["OAS"]
["OAS"]
["OAS"]
["OAS"]
["OAS"]
["OAS"]
["OAS"]
["OAS"]
["OAS"]
["OAS"]
["OAS"]
["OAS"]
["OAS"]
["OAS"]
["OAS"]
["OAS"]
["OAS"]
["OAS"]
["OAS"]
["OAS"]
["OAS"]
["OAS"]
["OAS"]
["OAS"]
["OAS"]
["OAS"]
["OAS"]
["OAS"]
["OAS"]
["OAS"]
["OAS"]
["OAS"]
["OAS"]
["OAS"]
["OAS"]
["OAS"]
["OAS"]
["OAS"]
["OAS"]
["OAS"]
["OAS"]
["OAS"]
["OAS"]
["OAS"]
["OAS"]
["OAS"]
["OAS"]
["OAS"]
["OAS"]
["OAS"]
["OAS"]
["OAS"]
["OAS"]
["OAS"]
["OAS"]
["OAS"]
["OAS"]
["OAS"]
["OAS"]
["OAS"]
["OAS"]
["OAS"]
["OAS"]
["OAS"]
["OAS"]
["OAS"]
["OAS"]
["OAS"]
["OAS"]
["OAS"]
["OAS"]
["OAS"]
["OAS"]
["OAS"]
["OAS"]
["OAS"]
["OAS"]
["OAS"]
["OAS"]
["OAS"]
["OAS"]
["OAS"]
["OAS"]
["OAS"]
["OAS"]
["OAS"]
["OAS"]
["OAS"]
["OAS"]
["OAS"]
["OAS"]
["OAS"]
["OAS"]
["OAS"]
["OAS"]
["OAS"]
["OAS"]
["OAS"]
["OAS"]
["OAS"]
["OAS"]
["OAS"]
["OAS"]
["OAS"]
["OAS"]
["OAS"]
["OAS"]
["OAS"]
["OAS"]
["OAS"]
["OAS"]
["OAS"]
["OAS"]
["OAS"]
["OAS"]
["OAS"]
["OAS"]
["OAS"]
["OAS"]
["OAS"]
["OAS"]
["OAS"]
["OAS"]
["OAS"]
["OAS"]
["OAS"]
["OAS"]
["OAS"]
["OAS"]
["OAS"]
["OAS"]
["OAS"]
["OAS"]
["OAS"]
["OAS"]
["OAS"]
["OAS"]
["OAS"]
["OAS"]
["OAS"]
["OAS"]
["OAS"]
["OAS"]
["OAS"]
["OAS"]
["OAS"]
["OAS"]
["OAS"]
["OAS"]
["OAS"]
["OAS"]
["OAS"]
["OAS"]
["OAS"]
["OAS"]
["OAS"]
["OAS"]
["OAS"]
["OAS"]
["OAS"]
["OAS"]
["OAS"]
["OAS"]
["OAS","OC"]
["OAS","OC"]
["OAS","OC"]
["OAS","OC"]
["OAS","OC"]
["OAS","OC"]
["OAS","OC"]
["OAS","OC"]
["OAS","OC"]
["OAS","OC"]
["OAS","OC"]
["OAS","OC"]
["OAS","OC"]
["OAS","OC"]
["OAS","OC"]
["OAS","OC"]
["OAS","OC"]
["OAS","OC"]
["OAS","OC"]
["OAS","OC"]
["OAS","OC"]
["OAS","OC"]
["OAS","OC"]
["OASROUGE"]
["OASROUGE"]
["OASROUGE"]
["OASROUGE"]
["OASROUGE"]
["OASROUGE"]
["OASROUGE"]
["OASROUGE"]
["OASROUGE"]
["OASROUGE"]
["OASROUGE"]
["OASROUGE"]
["OASROUGE"]
["OASROUGE"]
["OASROUGE"]
["OASROUGE"]
["OASROUGE"]
["OASROUGE"]
["OASROUGE"]
["OASROUGE"]
["OASROUGE"]
["OASROUGE"]
["OASROUGE"]
["OASROUGE"]
["OASROUGE"]
["OASROUGE"]
["OASROUGE"]
["OASROUGE"]
["OASROUGE"]
["OASROUGE"]
["OASROUGE"]
["OASROUGE"]
["OASROUGE"]
["OASROUGE"]
["OASROUGE"]
["OASROUGE"]
["OASROUGE"]
["OASROUGE"]
["OASROUGE"]
["OASROUGE"]
["OASROUGE"]
["OASROUGE"]
["OASROUGE"]
["OASROUGE"]
["OASROUGE"]
["OASROUGE"]
["OASROUGE"]
["OASROUGE"]
["OASROUGE"]
["OASROUGE"]
["OASROUGE"]
["OASROUGE"]
["OASROUGE"]
["OASROUGE"]
["OASROUGE"]
["OASROUGE"]
["OASROUGE"]
["OASROUGE"]
["OASROUGE"]
["OASROUGE"]
["OASROUGE"]
["OASROUGE"]
["OASROUGE"]
["OASROUGE"]
["OASROUGE"]
["OASROUGE"]
["OASROUGE"]
["OASROUGE"]
["OASROUGE"]
["OASROUGE"]
["OASROUGE"]
["OASROUGE"]
["OASROUGE"]
["OASROUGE"]
["OASROUGE"]
["OASROUGE"]
["OASROUGE"]
["OASROUGE"]
["OASROUGE"]
["OASROUGE"]
["OASROUGE"]
["OASROUGE"]
["OASROUGE"]
["OASROUGE"]
["OASROUGE"]
["OASROUGE"]
["OASROUGE"]
["OASROUGE"]
["OASROUGE"]
["OASROUGE"]
["OASROUGE"]
["OASROUGE"]
["OASROUGE"]
["OASROUGE"]
["OASROUGE"]
["OASROUGE"]
["OASROUGE"]
["OASROUGE"]
["OASROUGE"]
["OASROUGE"]
["OASROUGE"]
["OASROUGE"]
["OASROUGE"]
["OASROUGE"]
["OASROUGE"]
["OASROUGE"]
["OASROUGE"]
["OASROUGE"]
["OASROUGE"]
["OASROUGE"]
["OASROUGE"]
["OASROUGE"]
["OASROUGE"]
["OASROUGE"]
["OASROUGE"]
["OASROUGE"]
["OASROUGE"]
["OASROUGE"]
["OASROUGE"]
["OASROUGE"]
["OASROUGE"]
["OASROUGE"]
["OASROUGE"]
["OASROUGE"]
["OASROUGE"]
["OASROUGE"]
["OASROUGE"]
["OASROUGE"]
["OASROUGE"]
["OASROUGE"]
["OASROUGE"]
["OASROUGE"]
["OASROUGE"]
["OASROUGE"]
["OASROUGE"]
["OAT"]
["OAT"]
["OAT"]
["OAT"]
["OAT"]
["OAT"]
["OAT"]
["OAT"]
["OAT"]
["OAT"]
["OAT"]
["OAT"]
["OAT"]
["OAT"]
["OAT"]
["OAT"]
["OAT"]
["OAT"]
["OAT"]
["OAT"]
["OAT"]
["OAT"]
["OAT"]
["OAT"]
["OAT"]
["OAT"]
["OAT"]
["OAT"]
["OAT"]
["OAT"]
["OAT"]
["OAT"]
["OAT"]
["OAT"]
["OAT"]
["OAT"]
["OAT"]
["OAT"]
["OAT"]
["OAT"]
["OAT"]
["OAT"]
["OAT"]
["OAT"]
["OAT"]
["OAT"]
["OAT"]
["OAT"]
["OAT"]
["OAT"]
["OAT"]
["OAT"]
["OAT"]
["OAT"]
["OAT"]
["OAT"]
["OAT"]
["OC"]
["OC"]
["OC"]
["OC"]
["OC"]
["OC"]
["OC"]
["OC"]
["OC"]
["OC"]
["OC"]
["OC"]
["OC"]
["OC"]
["OC"]
["OC"]
["OC"]
["OC"]
["OC"]
["OC"]
["OC"]
["OC"]
["OC"]
["OC"]
["OC"]
["OC"]
["OC"]
["OC"]
["OC"]
["OC"]
["OC"]
["OC"]
["OC"]
["OC"]
["OC"]
["OC"]
["OC"]
["OC"]
["OC"]
["OC"]
["OC"]
["OC"]
["OC"]
["OC"]
["OC"]
["OC"]
["OC"]
["OC"]
["OC"]
["OC"]
["OC"]
["OC"]
["OC"]
["OC"]
["OC"]
["OC"]
["OC"]
["OC"]
["OC"]
["OC"]
["OC"]
["OC"]
["OC"]
["OC"]
["OC"]
["OC"]
["OC"]
["OC"]
["OC"]
["OC"]
["OC"]
["OC"]
["OC"]
["OC1"]
["OC1"]
["OC1"]
["OC"]
["OC"]
["OC"]
["OC"]
["OC"]
["OC"]
["OC"]
["OC"]
["OC"]
["OC"]
["OC"]
["OC"]
["OC"]
["OC"]
["OC"]
["OC"]
["OC"]
["OC"]
["OC"]
["OC"]
["OC"]
["OC"]
["OC"]
["OCO","PAS"]
["OC","PEI"]
["OC","PEI"]
["PAS"]
["PAS"]
["PAS"]
["PAS"]
["PAS"]
["PAS"]
["PAS"]
["PAS"]
["PAS"]
["PAS"]
["PAS"]
["PAS"]
["PAS"]
["PAS"]
["PAS"]
["PAS"]
["PAS"]
["PAS"]
["PAS"]
["PAS"]
["PAS"]
["PAS"]
["PAS"]
["PAS"]
["PAS"]
["PAS"]
["PAS"]
["PAS"]
["PAS"]
["PAS"]
["PAS"]
["PAS"]
["PAS"]
["PAS"]
["PAS"]
["PAS"]
["PAS"]
["PAS"]
["PAS"]
["PAS"]
["PAS"]
["PAS"]
["PAS"]
["PAS"]
["PAS"]
["PAS"]
["PAS"]
["PAS"]
["PAS"]
["PAS"]
["PAS"]
["PAS"]
["PAS"]
["PAS"]
["PAS"]
["PAS"]
["PAS"]
["PAS"]
["PAS"]
["PAS"]
["PAS"]
["PAS"]
["PAS"]
["PAS"]
["PAS"]
["PAS"]
["PAS"]
["PAS"]
["PAS"]
["PAS"]
["PAS"]
["PAS"]
["PAS"]
["PAS"]
["PAS"]
["PAS"]
["PAS"]
["PAS"]
["PAS"]
["PAS"]
["PAS"]
["PAS"]
["PAS"]
["PAS"]
["PAS"]
["PAS"]
["PAS"]
["PAS"]
["PAS"]
["PAS"]
["PAS"]
["PAS"]
["PAS"]
["PAS"]
["PAS"]
["PAS"]
["PAS"]
["PAS"]
["PAS"]
["PAS"]
["PAS"]
["PAS"]
["PAS"]
["PAS"]
["PAS"]
["PAS"]
["PAS"]
["PAS"]
["PAS"]
["PAS"]
["PAS"]
["PAS"]
["PAS"]
["PAS"]
["PAS"]
["PAS"]
["PAS"]
["PAS"]
["PAS"]
["PAS"]
["PAS"]
["PAS"]
["PAS"]
["PAS"]
["PAS"]
["PAS"]
["PAS"]
["PAS"]
["PAS"]
["PAS"]
["PAS"]
["PAS"]
["PAS"]
["PAS"]
["PAS"]
["PAS"]
["PAS"]
["PAS"]
["PAS"]
["PAS"]
["PAS"]
["PAS"]
["PAS"]
["PAS"]
["PAS"]
["PAS"]
["PAS"]
["PAS"]
["PAS"]
["PAS"]
["PAS"]
["PAS"]
["PAS"]
["PAS"]
["PAS"]
["PAS"]
["PAS"]
["PAS"]
["PAS"]
["PAS"]
["PAS"]
["PAS"]
["PAS"]
["PAS"]
["PAS"]
["PAS"]
["PAS"]
["PAS"]
["PAS"]
["PAS"]
["PAS"]
["PAS"]
["PAS"]
["PAS"]
["PAS"]
["PAS"]
["PAS"]
["PAS"]
["PAS"]
["PAS"]
["PAS"]
["PAS"]
["PAS"]
["PAS"]
["PAS"]
["PAS"]
["PAS"]
["PAS"]
["PAS"]
["PAS","ARG"]
["PAS","ARG"]
["PAS","CAD"]
["PAS","CAD"]
["PAS","CAD"]
["PAS","CAD"]
["PAS","CAD"]
["PAS","CAD"]
["PAS","CAD"]
["PAS","CAD"]
["PAS","CAD"]
["PAS","CAD"]
["PAS","CAD"]
["PAS","CAD"]
["PAS","CAD"]
["PAS","CAD"]
["PAS","CAD"]
["PAS","CAD"]
["PAS","CAD"]
["PAS","CAD"]
["PAS","CAD"]
["PAS","CAD"]
["PAS","CAD"]
["PAS","CAD"]
["PAS","CAD"]
["PAS","CAD"]
["PAS","CAD"]
["PAS","CAD"]
["PAS"]
["PAS"]
["PAS"]
["PAS"]
["PAS"]
["PAS"]
["PAS"]
["PAS"]
["PAS"]
["PAS"]
["PAS"]
["PAS"]
["PAS"]
["PAS"]
["PAS"]
["PAS"]
["PAS"]
["PAS"]
["PAS"]
["PAS"]
["PAS"]
["PAS"]
["PAS"]
["PAS"]
["PAS"]
["PAS"]
["PAS"]
["PAS"]
["PAS"]
["PAS"]
["PAS"]
["PAS"]
["PAS"]
["PAS"]
["PAS"]
["PAS"]
["PAS"]
["PAS"]
["PAS"]
["PAS"]
["PAS"]
["PAS"]
["PAS"]
["PAS"]
["PAS"]
["PAS"]
["PAS"]
["PAS"]
["PAS"]
["PAS"]
["PAS"]
["PAS"]
["PAS"]
["PAS"]
["PAS"]
["PAS"]
["PAS"]
["PAS"]
["PAS"]
["PAS"]
["PAS"]
["PAS"]
["PAS"]
["PAS"]
["PAS"]
["PAS"]
["PAS"]
["PAS"]
["PAS"]
["PAS"]
["PAS"]
["PAS"]
["PAS"]
["PAS"]
["PAS"]
["PAS"]
["PAS"]
["PAS"]
["PAS"]
["PAS"]
["PAS"]
["PAS"]
["PAS"]
["PAS"]
["PAS"]
["PAS"]
["PAS"]
["PAS"]
["PAS"]
["PAS"]
["PAS"]
["PAS"]
["PAS"]
["PAS"]
["PAS"]
["PAS"]
["PAS"]
["PAS"]
["PAS"]
["PAS"]
["PAS"]
["PAS"]
["PAS"]
["PAS"]
["PAS"]
["PAS"]
["PAS"]
["PAS"]
["PAS"]
["PAS"]
["PAS"]
["PAS"]
["PAS"]
["PAS"]
["PAS"]
["PAS"]
["PAS"]
["PAS"]
["PAS"]
["PAS"]
["PAS"]
["PAS"]
["PAS"]
["PAS"]
["PAS"]
["PAS"]
["PAS"]
["PAS"]
["PAS"]
["PAS"]
["PAS"]
["PAS"]
["PAS"]
["PAS"]
["PAS"]
["PAS"]
["PAS"]
["PAS"]
["PAS"]
["PAS"]
["PAS"]
["PAS"]
["PAS"]
["PAS"]
["PAS"]
["PAS"]
["PAS"]
["PAS"]
["PAS"]
["PAS"]
["PAS"]
["PAS"]
["PAS"]
["PAS"]
["PAS"]
["PAS"]
["PAS"]
["PAS"]
["PAS"]
["PAS"]
["PAS"]
["PAS"]
["PAS"]
["PAS"]
["PAS"]
["PAS"]
["PAS"]
["PAS"]
["PAS"]
["PAS"]
["PAS"]
["PAS"]
["PAS"]
["PAS"]
["PAS"]
["PAS"]
["PAS"]
["PAS"]
["PAS"]
["PAS"]
["PAS"]
["PEI"]
["PEI"]
["PEI"]
["PEI"]
["PEI"]
["PEI"]
["PEI"]
["PEI"]
["PEI"]
["PEI"]
["PEI"]
["PEI"]
["PEI"]
["PEI"]
["PEI"]
["PEI"]
["PEI"]
["PEI"]
["PEI"]
["PEI"]
["PEI"]
["PEI"]
["PEI"]
["PEI"]
["PEI"]
["PEI"]
["PEI"]
["PEI"]
["PEI"]
["PEI"]
["PEI"]
["PEI"]
["PEI"]
["PEI"]
["PEI"]
["PEI"]
["PEI"]
["PEI"]
["PEI"]
["PEI"]
["PEI"]
["PEI"]
["PEI"]
["PEI"]
["PEI"]
["PEI"]
["PEI"]
["PEI"]
["PEI"]
["PEI"]
["PEI"]
["PEI"]
["PEI"]
["PEI"]
["PEI"]
["PEI"]
["PEI"]
["PEI"]
["PEI"]
["PEI"]
["PEI"]
["PEI"]
["PEI"]
["PEI"]
["PEI"]
["PEI"]
["PEI"]
["PEI"]
["PEI"]
["PEI"]
["PEI"]
["PEI"]
["PEI"]
["PEI"]
["PEI"]
["PEI"]
["PEI"]
["PEI"]
["PEI"]
["PEI"]
["PEI"]
["PEI"]
["PEI"]
["PEI"]
["PEI"]
["PEI"]
["PEI"]
["PEI"]
["PEI"]
["PEI"]
["PEI"]
["PEI"]
["PEI"]
["PEI"]
["PEI"]
["PEI"]
["PEI"]
["PEI"]
["PEI"]
["PEI"]
["PEI"]
["PEI"]
["PEI"]
["PEI"]
["PEI"]
["PEI"]
["PEI"]
["PEI"]
["PEI"]
["PEI"]
["PEI"]
["PEI"]
["PEI"]
["PEI"]
["PEI"]
["PEI"]
["PEI"]
["PEI"]
["PEI"]
["PEI"]
["PEI"]
["PEI"]
["PEI"]
["PEI"]
["PEI"]
["PEI"]
["PEI"]
["PEI"]
["PEI"]
["PEI"]
["PEI"]
["PEI"]
["PEI"]
["PEI"]
["PEI"]
["PEI"]
["PEI"]
["PEI"]
["PEI"]
["PEI"]
["PEI"]
["PEI"]
["PEI"]
["PEI"]
["PEI"]
["PEI"]
["PEI"]
["PEI"]
["PEI"]
["PEI"]
["PEI"]
["PEI"]
["PEI"]
["PEI"]
["PEI"]
["PEI"]
["PEI"]
["PEI"]
["PEI"]
["PEI"]
["PEI"]
["PEI"]
["PEI"]
["PEI"]
["PEI"]
["PEI"]
["PEI"]
["PEI"]
["PEI"]
["PEI"]
["PEI"]
["PEI"]
["PEI"]
["PEI"]
["PEI"]
["PEI"]
["PEI"]
["PEI"]
["PEI"]
["PEI"]
["PEI"]
["PEI"]
["PEI"]
["PEI"]
["PEI"]
["PEI"]
["PEI"]
["PEI"]
["PEI"]
["PEI"]
["PEI"]
["PEI"]
["PEI"]
["PEI"]
["PEI"]
["PEI"]
["PEI"]
["PEI"]
["PEI"]
["PEI"]
["PEI"]
["PEI"]
["PEI"]
["PEI"]
["PEI"]
["PEI"]
["PEI"]
["PEI"]
["PEI"]
["PEI"]
["PEI"]
["PEI"]
["PEI"]
["PEI"]
["PEI"]
["PEI"]
["PEI"]
["PEI"]
["PEI"]
["PEI"]
["PEI"]
["PEI"]
["PEI"]
["PEI"]
["PEI"]
["PEI"]
["PEI"]
["PEI"]
["PEI"]
["PEI"]
["PEI"]
["PEI"]
["PEI"]
["PEI"]
["PEI"]
["PEI"]
["PEI"]
["PEI"]
["PEI"]
["PEI"]
["PEI"]
["PEI"]
["PEI"]
["PEI"]
["PEI"]
["PEI"]
["PEI"]
["PEI"]
["PEI"]
["PEI"]
["PEI"]
["PEI"]
["PEI"]
["PEI"]
["PEI"]
["PEI"]
["PEI"]
["PEI"]
["PEI"]
["PEI"]
["PEI"]
["PEI"]
["PEI"]
["PEI"]
["PEI"]
["PEI"]
["PEI"]
["PEI"]
["PEI"]
["PEI"]
["PEI"]
["PEI"]
["PEI"]
["PEI"]
["PEI"]
["PEI"]
["PEI"]
["PEI"]
["PEI"]
["PEI"]
["PEI"]
["PEI"]
["PEI"]
["PEI"]
["PEI"]
["PEI"]
["PEI"]
["PEI"]
["PEI"]
["PEI"]
["PEI"]
["PEI"]
["PEI"]
["PEI"]
["PEI"]
["PEI"]
["PEI"]
["PEI"]
["PEI"]
["PEI"]
["PEI"]
["PEI"]
["PEI"]
["PEI"]
["PEI"]
["PEI"]
["PEI"]
["PEI"]
["PEI"]
["PEI"]
["PEI"]
["PEI"]
["PEI"]
["PEI"]
["PEI"]
["PEI"]
["PEI"]
["PEI"]
["PEI"]
["PEI"]
["PEI"]
["PEI"]
["PEI"]
["PEI"]
["PEI"]
["PEI"]
["PEI"]
["PEI"]
["PEI"]
["PEI"]
["PEI"]
["PEI"]
["PEI"]
["PEI"]
["PEI"]
["PEI"]
["PEI"]
["PEI"]
["PEI"]
["PEI"]
["PEI"]
["PEI"]
["PEI"]
["PEI"]
["PEI"]
["PEI"]
["PEI"]
["PEI"]
["PEI"]
["PEI"]
["PEI"]
["PEI"]
["PEI"]
["PEI"]
["PEI"]
["PEI"]
["PEI"]
["PEI"]
["PEI"]
["PEI"]
["PEI"]
["PEI"]
["PEI"]
["PEI"]
["PEI"]
["PEI"]
["PEI"]
["PEI"]
["PEI"]
["PEI"]
["PEI"]
["PEI"]
["PEI"]
["PEI"]
["PEI"]
["PEI"]
["PEI"]
["PEI"]
["PEI"]
["PEI"]
["PEI"]
["PEI"]
["PEI"]
["PEI"]
["PEI"]
["PEI"]
["PEI"]
["PEI"]
["PEI"]
["PEI"]
["PEI"]
["PEI"]
["PEI"]
["PEI"]
["PEI"]
["PEI"]
["PEI"]
["PEI"]
["PEI"]
["PEI"]
["PEI"]
["PEI"]
["PEI"]
["PEI"]
["PEI"]
["PEI"]
["PEI"]
["PEI"]
["PEI"]
["PEI"]
["PEI"]
["PEI"]
["PEI"]
["PEI"]
["PEI"]
["PEI"]
["PEI"]
["PEI"]
["PEI"]
["PEI"]
["PEI"]
["PEI"]
["PEI"]
["PEI"]
["PEI"]
["PEI"]
["PEI"]
["PEI"]
["PEI"]
["PEI"]
["PEI"]
["PEI"]
["PEI"]
["PEI"]
["PEI"]
["PEI"]
["PEI"]
["PEI"]
["PEI"]
["PEI"]
["PEI"]
["PEI"]
["PEI"]
["PEI"]
["PEI"]
["PEI"]
["PEI"]
["PEI"]
["PEI"]
["PEI"]
["PEI"]
["PEI"]
["PEI"]
["PEI"]
["PEI"]
["PEI"]
["PEI"]
["PEI"]
["PEI"]
["PEI"]
["PEI"]
["PEI"]
["PEI"]
["PEI"]
["PEI"]
["PEI"]
["PEI"]
["PEI"]
["PEI"]
["PEI"]
["PEI"]
["PEI"]
["PEI"]
["PEI"]
["PEI"]
["PEI"]
["PEI"]
["PEI"]
["PEI"]
["PEI"]
["PEI"]
["PEI"]
["PEI"]
["PEI"]
["PEI"]
["PEI"]
["PEI"]
["PEI"]
["PEI"]
["PEI"]
["PEI"]
["PEI"]
["PEI"]
["PEI"]
["PEI"]
["PEI"]
["PEI"]
["PEI"]
["PEI"]
["PEI"]
["PEI"]
["PEI"]
["PEI"]
["PEI"]
["PEI"]
["PEI"]
["PEI"]
["PEI"]
["PEI"]
["PEI"]
["PEI"]
["PEI"]
["PEI"]
["PEI"]
["PEI"]
["PEI"]
["PEI"]
["PEI"]
["PEI"]
["PEI"]
["PEI"]
["PEI"]
["PEI"]
["PEI"]
["PEI"]
["PEI"]
["PEI"]
["PEI"]
["PEI"]
["PEI"]
["PEI"]
["PEI"]
["PEI"]
["PEI"]
["PEI"]
["PEI"]
["PEI"]
["PEI"]
["PEI"]
["PEI"]
["PEI"]
["PEI"]
["PEI"]
["PEI"]
["PEI"]
["PEI"]
["PEI"]
["PEI"]
["PEI"]
["PEI"]
["PEI"]
["PEI"]
["PEI"]
["PEI"]
["PEI"]
["PEI"]
["PEI"]
["PEI"]
["PEI"]
["PEI"]
["PEI"]
["PEI"]
["PEI"]
["PEI"]
["PEI"]
["PEI"]
["PEI"]
["PEI"]
["PEI"]
["PEI"]
["PEI"]
["PEI"]
["PEI"]
["PEI"]
["PEI"]
["PEI"]
["PEI"]
["PEI"]
["PEI"]
["PEI"]
["PEI"]
["PEI"]
["PEI"]
["PEI"]
["PEI"]
["PEI"]
["PEI"]
["PEI"]
["PEI"]
["PEI"]
["PEI"]
["PEI"]
["PEI"]
["PEI"]
["PEI"]
["PEI"]
["PEI"]
["PEI"]
["PEI"]
["PEI"]
["PEI"]
["PEI"]
["PEI"]
["PEI"]
["PEI"]
["PEI"]
["PEI"]
["PEI"]
["PEI"]
["PEI"]
["PEI"]
["PEI"]
["PEI"]
["PEI"]
["PEI"]
["PEI"]
["PEI"]
["PEI"]
["PEI"]
["PEI"]
["PEI"]
["PEI"]
["PEI"]
["PEI"]
["PEI"]
["PEI"]
["PEI"]
["PEI"]
["PEI"]
["PEI"]
["PEI"]
["PEI"]
["PEI"]
["PEI"]
["PEI"]
["PEI"]
["PEI"]
["PEI"]
["PEI"]
["PEI"]
["PEI"]
["PEI"]
["PEI"]
["PEI"]
["PEI"]
["PEI"]
["PEI"]
["PEI"]
["PEI"]
["PEI"]
["PEI"]
["PEI"]
["PEI"]
["PEI"]
["PEI"]
["PEI"]
["PEI"]
["PEI"]
["PEI"]
["PEI"]
["PEI"]
["PEI"]
["PEI"]
["PEI"]
["PEI"]
["PEI"]
["PEI"]
["PEI"]
["PEI"]
["PEI"]
["PEI"]
["PEI"]
["PEI"]
["PEI"]
["PEI"]
["PEI"]
["PEI"]
["PEI"]
["PEI"]
["PEI"]
["PEI"]
["PEI"]
["PEI"]
["PEI"]
["PEI"]
["PEI"]
["PEI"]
["PEI"]
["PEI"]
["PEI"]
["PEI"]
["PEI"]
["PEI"]
["PEI"]
["PEI"]
["PEI"]
["PEI"]
["PEI"]
["PEI"]
["PEI"]
["PEI"]
["PEI"]
["PEI"]
["PEI"]
["PEI"]
["PEI"]
["PEI"]
["PEI"]
["PEI"]
["PEI"]
["PEI"]
["PEI"]
["PEI"]
["PEI"]
["PEI"]
["PEI"]
["PEI"]
["PEI"]
["PEI"]
["PEI"]
["PEI"]
["PEI"]
["PEI"]
["PEI"]
["PEI"]
["PEI"]
["PEI"]
["PEI"]
["PEI"]
["PEI"]
["PEI"]
["PEI"]
["PEI"]
["PEI"]
["PEI"]
["PEI"]
["PEI"]
["PEI"]
["PEI"]
["PEI"]
["PEI"]
["PEI"]
["PEI"]
["PEI"]
["PEI"]
["PEI"]
["PEI"]
["PEI"]
["PEI"]
["PEI"]
["PEI"]
["PEI"]
["PEI"]
["PEI"]
["PEI"]
["PEI"]
["PEI"]
["PEI"]
["PEI"]
["PEI"]
["PEI"]
["PEI"]
["PEI"]
["PEI"]
["PEI"]
["PEI"]
["PEI"]
["PEI"]
["PEI"]
["PEI"]
["PEI"]
["PEI"]
["PEI"]
["PEI"]
["PEI"]
["PEI"]
["PEI"]
["PEI"]
["PEI"]
["PEI"]
["PEI"]
["PEI"]
["PEI"]
["PEI"]
["PEI"]
["PEI"]
["PEI"]
["PEI"]
["PEI"]
["PEI"]
["PEI"]
["PEI"]
["PEI"]
["PEI"]
["PEI"]
["PEI"]
["PEI"]
["PEI"]
["PEI"]
["PEI"]
["PEI"]
["PEI"]
["PEI"]
["PEI"]
["PEI"]
["PEI"]
["PEI"]
["PEI"]
["PEI"]
["PEI"]
["PEI"]
["PEI"]
["PEI"]
["PEI"]
["PEI"]
["PEI"]
["PEI"]
["PEI"]
["PEI"]
["PEI"]
["PEI"]
["PEI"]
["PEI"]
["PEI"]
["PEI"]
["PEI"]
["PEI"]
["PEI"]
["PEI"]
["PEI"]
["PEI"]
["PEI"]
["PEI"]
["PEI"]
["PEI"]
["PEI"]
["PEI"]
["PEI"]
["PEI"]
["PEI"]
["PEI"]
["PEI"]
["PEI"]
["PEI"]
["PEI"]
["PEI"]
["PEI"]
["PEI"]
["PEI"]
["PEI"]
["PEI"]
["PEI"]
["PEI"]
["PEI"]
["PEI"]
["PEI"]
["PEI"]
["PEI"]
["PEI"]
["PEI"]
["PEI"]
["PEI"]
["PEI"]
["PEI"]
["PEI"]
["PEI"]
["PEI"]
["PEI"]
["PEI"]
["PEI"]
["PEI"]
["PEI"]
["PEI"]
["PEI"]
["PEI"]
["PEI"]
["PEI"]
["PEI"]
["PEI"]
["PEI"]
["PEI"]
["PEI"]
["PEI"]
["PEI"]
["PEI"]
["PEI"]
["PEI"]
["PEI"]
["PEI"]
["PEI"]
["PEI"]
["PEI"]
["PEI"]
["PEI"]
["PEI"]
["PEI"]
["PEI"]
["PEI"]
["PEI"]
["PEI"]
["PEI"]
["PEI"]
["PEI"]
["PEI"]
["PEI"]
["PEI"]
["PEI"]
["PEI","OC"]
["PEI","OC"]
["PEL"]
["PEL"]
["PEL"]
["PEL"]
["PEL"]
["PEL"]
["PEL"]
["PEL"]
["PEL"]
["PEL"]
["PEL"]
["PEL"]
["PEL"]
["PEL"]
["PEL"]
["PEL"]
["PEL"]
["PEL"]
["PEL"]
["PEL"]
["PEL"]
["PEL"]
["PEL"]
["PEL"]
["PEL"]
["PEL"]
["PEL"]
["PEL"]
["PEL"]
["PEL"]
["PEL"]
["PEL"]
["PEL"]
["PEL"]
["PEL"]
["PEL","PAS"]
["PEL","PAS"]
["PEL","PAS"]
["PEL","PAS"]
["PEL","PAS"]
["PEL","PAS"]
["PEL","PAS"]
["PEL","PAS"]
["PEL","PAS"]
["PEL","PAS"]
["PEL","PAS"]
["PEL","PAS"]
["PEL","PAS"]
["PEL","PAS"]
["PEL","PAS"]
["PEL","PAS"]
["PEL","PAS"]
["PEL","PAS"]
["PEL","PAS"]
["PEL","PAS"]
["PEL","PAS"]
["PEL","PAS"]
["PEL","PAS"]
["PEL","PAS"]
["PEL","PAS"]
["PEL","PAS"]
["PEL","PAS"]
["PEL","PAS"]
["PEL","PAS"]
["PEL","PAS"]
["PEL","PAS"]
["PEL","PAS"]
["PEL","PAS"]
["PEL","PAS"]
["PEL","PAS"]
["PEL","PAS"]
["PEL","PAS"]
["PEL","PAS"]
["PEL","PAS"]
["PEL","PAS"]
["PEL","PAS"]
["PEL","PAS"]
["PEL","PAS"]
["PEL","PAS"]
["PEL","PAS"]
["PEL","PAS"]
["PEL","PAS"]
["PEL","PAS"]
["PEL","PAS"]
["PEL","PAS"]
["PEL","PAS"]
["PEL","PAS"]
["PEL","PAS"]
["PEL","PAS"]
["PEL","PAS"]
["PEL","PAS"]
["PEL","PAS"]
["PEL","PAS"]
["PEL","PAS"]
["PEL","PAS"]
["PEL","PAS"]
["PEL","PAS"]
["PEL","PAS"]
["PEL","PAS"]
["PEL","PAS"]
["PEL","PAS"]
["PEL","PAS"]
["PEL","PAS"]
["PEL","PAS"]
["PEL","PAS"]
["PEL","PAS"]
["PEL","PAS"]
["PEL","PAS"]
["PEL","PAS"]
["PEL","PAS"]
["PEL","PAS"]
["PEL","PAS"]
["PEL","PAS"]
["PEL","PAS"]
["PEL","PAS"]
["PEL","PAS"]
["PEL","PAS","DET","CAD"]
["PEL","PAS","DET","CAD"]
["PEL","PAS"]
["PEL","PAS"]
["PEL","PAS"]
["PEL","PAS"]
["PEL","PAS"]
["PEL","PAS"]
["PEL","PAS"]
["PEL","PAS"]
["PEL","PAS"]
["PEL","PAS"]
["PEL","PAS"]
["PEL","PAS"]
["PEL","PAS"]
["PEL","PAS"]
["PEL","PAS"]
["PEL","PAS"]
["PEL","PAS"]
["PEL","PAS"]
["PEL","PAS"]
["PEL","PAS"]
["PEL","PAS"]
["PEL","PAS"]
["PEL","PAS"]
["PEL","PAS"]
["PEL","PAS"]
["PEL","PAS"]
["PEL","PAS"]
["PEL","PAS"]
["PEL","PAS"]
["PEL","PAS"]
["PEL","PAS"]
["PEL","PAS"]
["PEL","PAS"]
["PEL","PAS"]
["PEL","PAS"]
["PEP"]
["PEP"]
["PEP"]
["PEP"]
["PEP"]
["PEP"]
["PEP"]
["PEP"]
["PEP"]
["PEP"]
["PHO"]
["PHO"]
["PHO"]
["PHO"]
["PHO"]
["PHO"]
["PHO"]
["PHO"]
["PHO"]
["PHO"]
["PHO"]
["PHO"]
["PHO"]
["PHO"]
["PHO"]
["PHO"]
["PHO"]
["PHO"]
["PHO"]
["PHO"]
["PHO"]
["PHO"]
["PHO"]
["PHO"]
["PHO"]
["PHO"]
["PHO"]
["PHO"]
["PHO"]
["PHO"]
["PHO"]
["PHO"]
["PHO"]
["PHO"]
["PHO"]
["PHO"]
["PHO"]
["PHO"]
["PHO"]
["PHO"]
["PHO"]
["PHO"]
["PHO"]
["PHO"]
["PHO"]
["PHO"]
["PHO"]
["PHO"]
["PHO"]
["PHO"]
["PHO"]
["PHO"]
["PHO"]
["PHO"]
["PHO"]
["PHO"]
["PHO"]
["PHO"]
["PHO"]
["PHO"]
["PHO"]
["PHO"]
["PHO"]
["PHO"]
["PHO"]
["PHO"]
["PHO"]
["PHO"]
["PHO"]
["PHO"]
["PHO"]
["PHO"]
["PHO"]
["PHO"]
["PHO"]
["PHO"]
["PHO"]
["PHO"]
["PHO"]
["PHO"]
["PHO"]
["PHO"]
["PHO"]
["PHO"]
["PHO"]
["PHO"]
["PHO"]
["PHO"]
["PHO"]
["PHO"]
["PHO"]
["PHO"]
["PHO"]
["PHO"]
["PHO"]
["PHO"]
["PHO"]
["PHO"]
["PHO"]
["PHO"]
["PHO"]
["PHO"]
["PHO"]
["PHO"]
["PHO"]
["PHO"]
["PHO"]
["RADIO"]
["RADIO"]
["REC"]
["REC"]
["REC"]
["REC"]
["REC"]
["REC"]
["REC"]
["REC"]
["REC"]
["REC"]
["REC"]
["REC"]
["REC"]
["REC"]
["REC"]
["REC"]
["REC"]
["REC"]
["REC"]
["REC"]
["REC"]
["REC"]
["REC"]
["REC"]
["REC"]
["REC"]
["REC"]
["REC"]
["REC"]
["REC"]
["REC"]
["REC"]
["REC"]
["REC"]
["REC"]
["REC"]
["REC"]
["REC"]
["REC"]
["REC"]
["REC"]
["REC"]
["REC"]
["REC"]
["REC"]
["REC"]
["REC"]
["REC"]
["REC"]
["REC"]
["REC"]
["REC"]
["REC"]
["REC"]
["REC"]
["REC"]
["REC"]
["REC"]
["REC"]
["REC"]
["REC"]
["REC"]
["REC"]
["REC"]
["REC"]
["REC"]
["REC"]
["REC"]
["REC"]
["REC"]
["REC"]
["REC"]
["REC"]
["RECT1"]
["RECT1"]
["RECT1"]
["RECT1"]
["RECT1"]
["RECT1"]
["RECT2"]
["RECT2"]
["RECT2"]
["RECT2"]
["RECT2"]
["RECT2"]
["RECT2"]
["RECTIF"]
["RECTIF"]
["RECTIF"]
["RECTIF"]
["RECTIF"]
["RECTIF"]
["RECTIF"]
["RECTIF"]
["RECTIF"]
["RECTIF"]
["RECTIF"]
["RECTIF"]
["RECTIF"]
["RECTIF"]
["RECTIF"]
["RECTIF"]
["RECTIF"]
["RECTIF"]
["RECTIF"]
["RECTIF"]
["RECTIF"]
["RECTIF"]
["RECTIF"]
["RECTIF"]
["RECTIF"]
["RECTIF"]
["RECTIF"]
["RECTIF"]
["RECTIF"]
["RECTIF"]
["RECTIF"]
["RECTIF"]
["RECTIF"]
["RECTIF"]
["RECTIF"]
["RECTIF"]
["RECTIF"]
["RECTIF"]
["RECTIF"]
["RECTIF"]
["RECTIF"]
["RECTIF"]
["RECTIF"]
["RECTIF"]
["RECTIF"]
["RECTIF"]
["RECTIF"]
["RECTIF"]
["RECTIF"]
["RECTIF"]
["RECTIF"]
["RECTIF"]
["RECTIF"]
["RECTIF"]
["RECTIF"]
["RECTIF"]
["RECTIF"]
["RECTIF"]
["RECTIF"]
["RECTIF"]
["RECTIF"]
["RECTIF"]
["RECTIF"]
["RECTIF"]
["RECTIF"]
["RECTIF"]
["RECTIF"]
["RECTIF"]
["RECTIF"]
["RECTIF"]
["RECTIF"]
["RECTIF"]
["RECTIF"]
["RECTIF"]
["RECTIF"]
["RECTIF"]
["RECTIF"]
["RECTIF"]
["RECTIF"]
["RECTIF"]
["RECTIF"]
["RECTIF"]
["RECTIF"]
["RECTIF"]
["RECTIF"]
["RECTIF"]
["RECTIF"]
["RECTIF"]
["RECTIF"]
["RECTIF"]
["RECTIF"]
["RECTIF"]
["RECTIF"]
["RECTIF"]
["RECTIF"]
["RECTIF"]
["RECTIF"]
["RECTIF"]
["RECTIF"]
["RECTIF"]
["RECTIF"]
["RECTIF"]
["RECTIF"]
["RECTIF"]
["RECTIF"]
["RECTIF"]
["RECTIF"]
["RECTIF"]
["RECTIF"]
["RECTIF"]
["RECTIF"]
["RECTIF"]
["RECTIF"]
["RECTIF"]
["RECTIF1"]
["RECTIF1"]
["RECTIF1"]
["RECTIF","DET"]
["RECTIF","DET"]
["RECTIF","DET"]
["RECTIF","DET"]
["RECTIF","DET"]
["RECTIF","DET"]
["RECTIF","DET"]
["RECTIF","DET"]
["RECTIF","DET"]
["RECTIF","DET"]
["RECTIF","DET"]
["RECTIF"]
["RECTIF"]
["RECTIF"]
["RECTIF"]
["RECTIF"]
["RECTIF"]
["RECTIF"]
["RECTIF"]
["RECTIF"]
["RECUIT","MAGN"]
["RES","PEL","PASS"]
["RES","PEL","PASS"]
["RES","PEL","PASS"]
["RES","PEL","PASS"]
["RES","PEL","PASS"]
["RES","PEL","PASS"]
["RES","PEL","PASS"]
["RES","PEL","PASS"]
["RES","PEL","PASS"]
["RES","PEL","PASS"]
["RES","PEL","PASS"]
["RES","PEL","PASS"]
["RES","PEL","PASS"]
["REVENU"]
["RIL"]
["RIL"]
["RIL"]
["RIL"]
["RIL"]
["RIL"]
["RIL"]
["RIL"]
["RIL"]
["ROD"]
["ROD"]
["ROD"]
["ROD"]
["ROD"]
["SAB"]
["SAB"]
["SAB"]
["SAB"]
["SAB","ZING"]
["SAB","ZING"]
["SAB","ZING"]
["SAB","ZING"]
["SCI"]
["SCI"]
["SFI"]
["SFI"]
["SFI"]
["SFI"]
["SHO"]
["SHO"]
["SOUD"]
["SOUD"]
["SOUD"]
["SOUD"]
["SOUD"]
["SOUD"]
["SOUD"]
["SOUD"]
["SOUD"]
["SOUD"]
["SOUD"]
["SOUD"]
["SOUD"]
["SOUD"]
["SOUD"]
["SOUD"]
["SOUD"]
["SOUD"]
["SOUD"]
["SOUD"]
["STAB"]
["STAB"]
["STAB"]
["STAB"]
["STAB"]
["STAB"]
["STAB"]
["STAB"]
["STAB"]
["STAB"]
["STAB"]
["STAB"]
["STAB"]
["STAB"]
["STAB"]
["STAB"]
["STAB"]
["STAB"]
["STAB"]
["STE","LLI","TES","ABL"]
["SUL"]
["SUL"]
["SUL"]
["SUL"]
["SUL"]
["SUL"]
["SUL"]
["SUL"]
["SUL"]
["SUL"]
["SUL"]
["SUL"]
["SUL"]
["SUL"]
["SUL"]
["SUL"]
["SUL"]
["SUL"]
["SUL"]
["SUL"]
["SUL"]
["SUL"]
["SUL"]
["SUL"]
["SUL"]
["SUL"]
["SUL"]
["SUL"]
["SUL"]
["SUL"]
["SUL"]
["SUL"]
["SUL"]
["SUL"]
["SUL"]
["SUL"]
["SUL"]
["SUL"]
["SUL"]
["SUL"]
["SUL"]
["SUL"]
["SUL"]
["SUL"]
["SUL"]
["SUL"]
["SUL"]
["SUL"]
["SUL"]
["SUL"]
["SUL"]
["SUL"]
["SUL"]
["SURTEC"]
["TAI"]
["TAI"]
["TAI"]
["TAI"]
["TAI"]
["TAI"]
["TAI"]
["TAI"]
["TAI"]
["TAI"]
["TAI"]
["TAI"]
["TAI"]
["TAI"]
["TAI"]
["TAI"]
["TAI"]
["TAI"]
["TAI"]
["TAI"]
["TAI"]
["TAI"]
["TAI"]
["TAI"]
["TAI"]
["TAI"]
["TAI"]
["TAI"]
["TAI"]
["TAI"]
["TAI"]
["TAI"]
["TAI"]
["TAI"]
["TAI"]
["TAI"]
["TAI"]
["TAI"]
["TAI"]
["TAI"]
["TAI"]
["TAI"]
["TAI"]
["TAI"]
["TAI"]
["TAI"]
["TAI"]
["TAI"]
["TAI"]
["TAI"]
["TAI"]
["TAI"]
["TAI"]
["TAI"]
["TAI"]
["TAI"]
["TAI"]
["TAI"]
["TAI"]
["TAI"]
["TAI"]
["TAI"]
["TAI"]
["TAI"]
["TAI"]
["TAI"]
["TAI"]
["TAI"]
["TAI"]
["TOU"]
["TOU"]
["TOU"]
["TTH"]
["TTH"]
["TTH"]
["TTH"]
["TTH"]
["TTH"]
["TTH"]
["TTH"]
["TTH"]
["TTH"]
["TTH"]
["TTH"]
["TTH"]
["TTH"]
["TTH"]
["TTH"]
["TTH"]
["TTH"]
["TTH"]
["TTH"]
["TTH"]
["TTH"]
["TTH"]
["TTH"]
["TTH"]
["TTH"]
["TTH"]
["TTH"]
["TTH"]
["TTH"]
["TTH"]
["TTH"]
["TTH"]
["TTH"]
["TTH"]
["TTH"]
["TTH"]
["TTH"]
["TTH"]
["TTH"]
["TTH"]
["TTH"]
["TTH"]
["TTH"]
["TTH"]
["TTH"]
["TTH"]
["TTH"]
["TTH"]
["TTH"]
["TTH"]
["TTH"]
["TTH"]
["TTH"]
["TTH"]
["TTH"]
["TTH"]
["TTH"]
["TTH"]
["TTH"]
["TTH"]
["TTH"]
["TTH"]
["TTH"]
["TTH"]
["TTH"]
["TTH"]
["TTH"]
["TTH"]
["TTH"]
["TTH"]
["TTH"]
["TTH"]
["TTH"]
["TTH"]
["TTH"]
["TTH"]
["TTH"]
["TTH"]
["TTH"]
["TTH"]
["TTH"]
["TTH"]
["TTH"]
["TTH"]
["TTH"]
["TTH"]
["TTH"]
["TTH"]
["TTH"]
["TTH"]
["TTH"]
["TTH"]
["TTH"]
["TTH"]
["TTH"]
["TTH"]
["TTH"]
["TTH"]
["TTH"]
["TTH"]
["TTH"]
["TTH"]
["TTH"]
["TTH"]
["TTH"]
["TTH"]
["TTH"]
["TTH"]
["TTH"]
["TTH"]
["TTH"]
["TTH"]
["TTH"]
["TTH"]
["TTH"]
["TTH"]
["TTH"]
["TTH"]
["TTH"]
["TTH"]
["TTH"]
["TTH"]
["TTH"]
["TTH"]
["TTH"]
["TTH"]
["TTH"]
["TTH"]
["TTH"]
["TTH"]
["TTH"]
["TTH"]
["TTH"]
["TTH"]
["TTH"]
["TTH"]
["TTH"]
["TTH"]
["TTH"]
["TTH"]
["TTH"]
["TTH"]
["TTH"]
["TTH"]
["TTH"]
["TTH"]
["TTH"]
["TTH"]
["TTH"]
["TTH"]
["TTH"]
["TTH"]
["TTH"]
["TTH"]
["TTH"]
["TTH"]
["TTH"]
["TTH"]
["TTH"]
["TTH"]
["TTH"]
["TTH"]
["TTH"]
["TTH"]
["TTH"]
["TTH"]
["TTH"]
["TTH"]
["TTH"]
["TTH"]
["TTH"]
["TTH"]
["TTH"]
["TTH"]
["TTH"]
["TTH"]
["TTH"]
["TTH"]
["TTH"]
["TTH"]
["TTH"]
["TTH"]
["TTH"]
["TTH"]
["TTH"]
["TTH"]
["TTH"]
["TTH"]
["TTH"]
["TTH"]
["TTH"]
["TTH"]
["TTH"]
["TTH"]
["TTH"]
["TTH"]
["TTH"]
["TTH"]
["TTH"]
["TTH"]
["TTH"]
["TTH"]
["TTH"]
["TTH"]
["TTH"]
["TTH"]
["TTH"]
["TTH"]
["TTH"]
["TTH"]
["TTH"]
["TTH"]
["TTH"]
["TTH"]
["TTH"]
["TTH"]
["TTH"]
["TTH"]
["TTH"]
["TTH"]
["TTH"]
["TTH"]
["TTH"]
["TTH"]
["TTH"]
["TTH"]
["TTH"]
["TTH"]
["TTH"]
["TTH"]
["TTH"]
["TTH"]
["TTH"]
["TTH"]
["TTH"]
["TTH"]
["TTH"]
["TTH"]
["TTH"]
["TTH"]
["TTH"]
["TTH"]
["TTH"]
["TTH"]
["TTH"]
["TTH"]
["TTH"]
["TTH"]
["TTH"]
["TTH"]
["TTH"]
["TTH"]
["TTH"]
["TTH"]
["TTH"]
["TTH"]
["TTH"]
["TTH"]
["TTH"]
["TTH"]
["TTH"]
["TTH"]
["TTH"]
["TTH"]
["TTH"]
["TTH"]
["TTH"]
["TTH"]
["TTH"]
["TTH"]
["TTH"]
["TTH"]
["TTH"]
["TTH"]
["TTH"]
["TTH"]
["TTH"]
["TTH"]
["TTH"]
["TTH"]
["TTH"]
["TTH"]
["TTH"]
["TTH"]
["TTH"]
["TTH"]
["TTH"]
["TTH"]
["TTH"]
["TTH"]
["TTH"]
["TTH"]
["TTH"]
["TTH"]
["TTH"]
["TTH"]
["TTH"]
["TTH"]
["TTH"]
["TTH"]
["TTH"]
["TTH"]
["TTH"]
["TTH"]
["TTH"]
["TTH"]
["TTH"]
["TTH"]
["TTH"]
["TTH"]
["TTH"]
["TTH"]
["TTH"]
["TTH"]
["TTH"]
["TTH"]
["TTH"]
["TTH"]
["TTH"]
["TTH"]
["TTH"]
["TTH"]
["TTH"]
["TTH"]
["TTH"]
["TTH"]
["TTH"]
["TTH"]
["TTH"]
["TTH"]
["TTH"]
["TTH"]
["TTH"]
["TTH"]
["TTH"]
["TTH"]
["TTH"]
["TTH"]
["TTH"]
["TTH"]
["TTH"]
["TTH"]
["TTH"]
["TTH"]
["TTH"]
["TTH"]
["TTH"]
["TTH"]
["TTH"]
["TTH"]
["TTH"]
["TTH"]
["TTH"]
["TTH"]
["TTH"]
["TTH"]
["TTH"]
["TTH"]
["TTH"]
["TTH"]
["TTH"]
["TTH"]
["TTH"]
["TTH"]
["TTH"]
["TTH"]
["TTH"]
["TTH"]
["TTH"]
["TTH"]
["TTH"]
["TTH"]
["TTH"]
["TTH"]
["TTH"]
["TTH"]
["TTH"]
["TTH"]
["TTH"]
["TTH"]
["TTH"]
["TTH"]
["TTH"]
["TTH"]
["TTH"]
["TTH"]
["TTH"]
["TTH"]
["TTH"]
["TTH"]
["TTH"]
["TTH"]
["TTH"]
["TTH"]
["TTH"]
["TTH"]
["TTH"]
["TTH"]
["TTH"]
["TTH"]
["TTH"]
["TTH"]
["TTH"]
["TTH"]
["TTH"]
["TTH"]
["TTH"]
["TTH"]
["TTH"]
["TTH"]
["TTH"]
["TTH"]
["TTH"]
["TTH"]
["TTH"]
["TTH"]
["TTH"]
["TTH"]
["TTH"]
["TTH"]
["TTH"]
["TTH"]
["TTH"]
["TTH"]
["TTH"]
["TTH"]
["TTH"]
["TTH"]
["TTH"]
["TTH"]
["TTH"]
["TTH"]
["TTH"]
["TTH"]
["TTH"]
["TTH"]
["TTH"]
["TTH"]
["TTH"]
["TTH"]
["TTH"]
["TTH"]
["TTH"]
["TTH"]
["TTH"]
["TTH"]
["TTH"]
["TTH"]
["TTH"]
["TTH"]
["TTH"]
["TTH"]
["TTH"]
["TTH"]
["TTH"]
["TTH"]
["TTH"]
["TTH"]
["TTH"]
["TTH"]
["TTH"]
["TTH"]
["TTH"]
["TTH"]
["TTH"]
["TTH"]
["TTH"]
["TTH"]
["TTH"]
["TTH"]
["TTH"]
["TTH"]
["TTH"]
["TTH"]
["TTH"]
["TTH"]
["TTH"]
["TTH"]
["TTH"]
["TTH"]
["TTH"]
["TTH"]
["TTH"]
["TTH"]
["TTH"]
["TTH"]
["TTH"]
["TTH"]
["TTH"]
["TTH"]
["TTH"]
["TTH"]
["TTH"]
["TTH"]
["TTH"]
["TTH"]
["TTH"]
["TTH"]
["TTH"]
["TTH"]
["TTH"]
["TTH"]
["TTH"]
["TTH"]
["TTH"]
["TTH"]
["TTH"]
["TTH"]
["TTH"]
["TTH"]
["TTH"]
["TTH"]
["TTH"]
["TTH"]
["TTH"]
["TTH"]
["TTH"]
["TTH"]
["TTH"]
["TTH"]
["TTH"]
["TTH"]
["TTH"]
["TTH"]
["TTH"]
["TTH"]
["TTH"]
["TTH"]
["TTH"]
["TTH"]
["TTH"]
["TTH"]
["TTH"]
["TTH"]
["TTH"]
["TTH"]
["TTH"]
["TTH"]
["TTH"]
["TTH"]
["TTH"]
["TTH"]
["TTH"]
["TTH"]
["TTH"]
["TTH"]
["TTH"]
["TTH"]
["TTH"]
["TTH"]
["TTH"]
["TTH"]
["TTH"]
["TTH"]
["TTH"]
["TTH"]
["TTH"]
["TTH"]
["TTH"]
["TTH"]
["TTH"]
["TTH"]
["TTH"]
["TTH"]
["TTH"]
["TTH"]
["TTH"]
["TTH"]
["TTH"]
["TTH"]
["TTH"]
["TTH"]
["TTH"]
["TTH"]
["TTH"]
["TTH"]
["TTH"]
["TTH"]
["TTH"]
["TTH"]
["TTH"]
["TTH"]
["TTH"]
["TTH"]
["TTH"]
["TTH"]
["TTH"]
["TTH"]
["TTH"]
["TTH"]
["TTH"]
["TTH"]
["TTH"]
["TTH"]
["TTH"]
["TTH"]
["TTH"]
["TTH"]
["TTH"]
["TTH"]
["TTH"]
["TTH"]
["TTH"]
["TTH"]
["TTH"]
["TTH"]
["TTH"]
["TTH"]
["TTH"]
["TTH"]
["TTH"]
["TTH"]
["TTH"]
["TTH"]
["TTH"]
["TTH"]
["TTH"]
["TTH"]
["TTH"]
["TTH"]
["TTH"]
["TTH"]
["TTH"]
["TTH"]
["TTH"]
["TTH"]
["TTH"]
["TTH"]
["TTH"]
["TTH"]
["TTH"]
["TTH"]
["TTH"]
["TTH"]
["TTH"]
["TTH"]
["TTH"]
["TTH"]
["TTH"]
["TTH"]
["TTH"]
["TTH"]
["TTH"]
["TTH"]
["TTH"]
["TTH"]
["TTH"]
["TTH"]
["TTH"]
["TTH"]
["TTH"]
["TTH"]
["TTH"]
["TTH"]
["TTH"]
["TTH"]
["TTH"]
["TTH"]
["TTH"]
["TTH"]
["TTH"]
["TTH"]
["TTH"]
["TTH"]
["TTH"]
["TTH"]
["TTH"]
["TTH"]
["TTH"]
["TTH"]
["TTH"]
["TTH"]
["TTH"]
["TTH"]
["TTH"]
["TTH"]
["TTH"]
["TTH"]
["TTH"]
["TTH"]
["TTH"]
["TTH"]
["TTH"]
["TTH"]
["TTH"]
["TTH"]
["TTH"]
["TTH"]
["TTH"]
["TTH"]
["TTH"]
["TTH"]
["TTH"]
["TTH"]
["TTH"]
["TTH"]
["TTH"]
["TTH"]
["TTH"]
["TTH"]
["TTH"]
["TTH"]
["TTH"]
["TTH"]
["TTH"]
["TTH"]
["TTH"]
["TTH"]
["TTH"]
["TTH"]
["TTH"]
["TTH"]
["TTH"]
["TTH"]
["TTH"]
["TTH"]
["TTH"]
["TTH"]
["TTH"]
["TTH"]
["TTH"]
["TTH"]
["TTH"]
["TTH"]
["TTH"]
["TTH"]
["TTH"]
["TTH"]
["TTH"]
["TTH"]
["TTH"]
["TTH"]
["TTH"]
["TTH"]
["TTH"]
["TTH"]
["TTH"]
["TTH"]
["TTH"]
["TTH"]
["TTH"]
["TTH"]
["TTH"]
["TTH"]
["TTH"]
["TTH"]
["TTH"]
["TTH"]
["TTH"]
["TTH"]
["TTH"]
["TTH"]
["TTH"]
["TTH"]
["TTH"]
["TTH"]
["TTH"]
["TTH"]
["TTH"]
["TTH"]
["TTH"]
["TTH"]
["TTH"]
["TTH"]
["TTH"]
["TTH"]
["TTH"]
["TTH"]
["TTH"]
["TTH"]
["TTH"]
["TTH"]
["TTH"]
["TTH"]
["TTH"]
["TTH"]
["TTH"]
["TTH"]
["TTH"]
["TTH"]
["TTH"]
["TTH"]
["TTH"]
["TTH"]
["TTH"]
["TTH"]
["TTH"]
["TTH"]
["TTH"]
["TTH"]
["TTH"]
["TTH"]
["TTH"]
["TTH"]
["TTH"]
["TTH"]
["TTH"]
["TTH"]
["TTH"]
["TTH"]
["TTH"]
["TTH"]
["TTH"]
["TTH"]
["TTH"]
["TTH"]
["TTH"]
["TTH"]
["TTH"]
["TTH"]
["TTH"]
["TTH"]
["TTH"]
["TTH"]
["TTH"]
["TTH"]
["TTH"]
["TTH"]
["TTH"]
["TTH"]
["TTH1"]
["TTH1"]
["TTH1"]
["TTH1"]
["TTH1"]
["TTH1"]
["TTH1"]
["TTH1"]
["TTH1"]
["TTH1"]
["TTH1"]
["TTH1"]
["TTH1"]
["TTH1"]
["TTH1"]
["TTH1"]
["TTH1"]
["TTH1"]
["TTH830"]
["TTH"]
["TTH"]
["TTH"]
["TTH"]
["TTH"]
["TTH"]
["TTH"]
["TTH"]
["TTH"]
["TTH"]
["TTH"]
["TTH"]
["TTH"]
["TTH"]
["TTH"]
["TTH"]
["TTH"]
["TTH"]
["TTH"]
["TTH"]
["TTH"]
["TTH"]
["TTH"]
["TTH"]
["TTH"]
["TTH"]
["TTH"]
["TTH"]
["TTH"]
["TTH"]
["TTH"]
["TTH"]
["TTH"]
["TTH"]
["TTH"]
["TTH"]
["TTH"]
["TTH"]
["TTH"]
["TTH"]
["TTH"]
["TTH"]
["TTH"]
["TTH"]
["TTH"]
["TTH"]
["TTH"]
["TTH"]
["TTH"]
["TTH"]
["TTH"]
["TTH"]
["TTH"]
["TTH"]
["TTH"]
["TTH"]
["TTH"]
["TTH"]
["TTH"]
["TTH"]
["TTH"]
["TTH"]
["TTH"]
["TTH"]
["TTH"]
["TTH"]
["TTH"]
["TTH"]
["TTH"]
["TTH"]
["TTH"]
["TTH"]
["TTH"]
["TTH"]
["TTH"]
["TTH"]
["TTH"]
["TTH"]
["TTH"]
["TTH"]
["TTH"]
["TTH"]
["TTH"]
["TTH"]
["TTH"]
["TTH"]
["TTH"]
["TTH"]
["TTH"]
["TTH"]
["TTH"]
["TTH"]
["TTH"]
["TTH"]
["TTH"]
["TTH"]
["TTH"]
["TTH"]
["TTH"]
["TTH"]
["TTH"]
["TTH"]
["TTH"]
["TTH"]
["TTH"]
["TTH"]
["TTH"]
["TTH"]
["TTH"]
["TTH"]
["TTH"]
["TTH"]
["TTH"]
["TTH"]
["TTH"]
["TTH"]
["TTH"]
["TTH"]
["TTH"]
["TTH"]
["TTH"]
["TTH"]
["TTH"]
["TTH"]
["TTH"]
["TTH"]
["TTH"]
["TTH"]
["TTH"]
["TTH"]
["TTH"]
["TTH"]
["TTH"]
["TTH"]
["TTH"]
["TTH"]
["TTH"]
["TTH"]
["TTH"]
["TTH"]
["TTH"]
["TTH"]
["TTH"]
["TTH"]
["TTH"]
["TTH"]
["TTH"]
["TTH"]
["TTH"]
["TTH"]
["TTH"]
["TTH"]
["TTH"]
["TTH"]
["TTH"]
["TTH"]
["TTH"]
["TTH"]
["TTH"]
["TTH"]
["TTH"]
["TTH"]
["TTH"]
["TTH"]
["TTH"]
["TTH"]
["TTH"]
["TTH"]
["TTH"]
["TTH"]
["TTH"]
["TTH"]
["TTH"]
["TTH"]
["TTH"]
["TTH"]
["TTH"]
["TTH"]
["TTH"]
["TTH"]
["TTH"]
["TTH"]
["TTH"]
["TTH"]
["TTH"]
["TTH"]
["TTH"]
["TTH"]
["TTH"]
["TTH"]
["TTH"]
["TTH"]
["TTH"]
["TTH"]
["TTH"]
["TTH"]
["TTH"]
["TTH"]
["TTH"]
["TTH"]
["TTH"]
["TTH"]
["TTH"]
["TTH"]
["TTH"]
["TTH"]
["TTH"]
["TTH"]
["TTH"]
["TTH"]
["TTH"]
["TTH"]
["TTH"]
["TTH"]
["TTH"]
["TTH"]
["TTH"]
["TTH"]
["TTH"]
["TTH"]
["TTH"]
["TTH"]
["TTH"]
["TTH"]
["TTH"]
["TTH"]
["TTH"]
["TTH"]
["TTH"]
["TTH"]
["TTH"]
["TTH"]
["TTH"]
["TTH"]
["TTH"]
["TTH"]
["TTH"]
["TTH"]
["TTH"]
["TTH"]
["TTH"]
["TTH"]
["TTH"]
["TTH"]
["TTH"]
["TTH"]
["TTH"]
["TTH"]
["TTH"]
["TTH"]
["TTH"]
["TTH"]
["TTH"]
["TTH"]
["TTH"]
["TTH"]
["TTH"]
["TTH"]
["TTH"]
["TTH"]
["TTH"]
["TTH"]
["TTH"]
["TTH"]
["TTH"]
["TTH"]
["TTH"]
["TTH"]
["TTH"]
["TTH"]
["TTH"]
["TTH"]
["TTH"]
["TTH"]
["TTH"]
["TTH"]
["TTH"]
["TTH"]
["TTH"]
["TTH"]
["TTH"]
["TTH"]
["TTH"]
["TTH"]
["TTH"]
["TTH"]
["TTH"]
["TTH"]
["TTH"]
["TTH"]
["TTH"]
["TTH"]
["TTH"]
["TTH"]
["TTH"]
["TTH"]
["TTH"]
["TTH"]
["TTH"]
["TTH"]
["TTH"]
["TTH"]
["TTH"]
["TTH"]
["TTH"]
["TTH"]
["TTH"]
["TTH"]
["TTH"]
["TTH"]
["TTH"]
["TTH"]
["TTH"]
["TTH"]
["TTH"]
["TTH"]
["TTH"]
["TTH"]
["TTH"]
["TTH"]
["TTH"]
["TTH"]
["TTH"]
["TTH"]
["TTH"]
["TTH"]
["TTH"]
["TTH"]
["TTH"]
["TTH"]
["TTH"]
["TTH"]
["TTH"]
["TTH"]
["TTH"]
["TTH"]
["TTH"]
["TTH"]
["TTH"]
["TTH"]
["TTH"]
["TTH"]
["TTH"]
["TTH"]
["TTH"]
["TTH"]
["TTH"]
["TTH"]
["TTH"]
["TTH"]
["TTH"]
["TTH"]
["TTH"]
["TTH"]
["TTH"]
["TTH"]
["TTH"]
["TTH"]
["TTH"]
["TTH"]
["TTH"]
["TTH"]
["TTH"]
["TTH"]
["TTH"]
["TTH"]
["TTH"]
["TTH"]
["TTH"]
["TTH"]
["TTH"]
["TTH"]
["TTH"]
["TTH"]
["TTH"]
["TTH"]
["TTH"]
["TTH"]
["TTH"]
["TTH"]
["TTH"]
["TTH"]
["TTH"]
["TTH"]
["TTH"]
["TTH"]
["TTH"]
["TTH"]
["TTH"]
["TTH"]
["TTH"]
["TTH"]
["TTH"]
["TTH"]
["TTH"]
["TTH"]
["TTH"]
["TTH"]
["TTH"]
["TTH"]
["TTH"]
["TTH"]
["TTH"]
["TTH"]
["TTH"]
["TTH"]
["TTH"]
["TTH"]
["TTH"]
["TTH"]
["TTH"]
["TTH"]
["TTH"]
["TTH"]
["TTH"]
["TTH"]
["TTH"]
["TTH"]
["TTH"]
["TTH"]
["TTH"]
["TTH"]
["TTH"]
["TTH"]
["TTH"]
["TTH"]
["TTH"]
["TTH"]
["TTH"]
["TTH"]
["TTH"]
["TTH"]
["TTH"]
["TTH"]
["TTH"]
["TTH"]
["TTH"]
["TTH"]
["TTH"]
["TTH"]
["TTH"]
["TTH"]
["TTH"]
["TTH"]
["TTH"]
["TTH"]
["TTH"]
["TTH"]
["TTH"]
["TTH"]
["TTH"]
["TTH"]
["TTH"]
["TTH"]
["TTH"]
["TTH"]
["TTH"]
["TTH"]
["TTH"]
["TTH"]
["TTH"]
["TTH"]
["TTH"]
["TTH"]
["TTH"]
["TTH"]
["TTH"]
["TTH"]
["TTH"]
["TTH"]
["TTH"]
["TTH"]
["TTH"]
["TTH"]
["TTH"]
["TTH"]
["TTH"]
["TTH"]
["TTH"]
["TTH"]
["TTH"]
["TTH"]
["TTH"]
["TTH"]
["TTH"]
["TTH"]
["TTH"]
["TTH"]
["TTH"]
["TTH"]
["TTH"]
["TTH"]
["TTH"]
["TTH"]
["TTH"]
["TTH"]
["TTH"]
["TTH"]
["TTH"]
["TTH"]
["TTH"]
["TTH"]
["TTH"]
["TTH"]
["TTH"]
["TTH"]
["TTH"]
["TTH"]
["TTH"]
["TTH"]
["TTH"]
["TTH"]
["TTH"]
["TTH"]
["TTH"]
["TTH"]
["TTH"]
["TTH"]
["TTH"]
["TTH"]
["TTH"]
["TTH"]
["TTH"]
["TTH"]
["TTH"]
["TTH"]
["TTH"]
["TTH"]
["TTH"]
["TTH"]
["TTH"]
["TTH"]
["TTH"]
["TTH"]
["TTH"]
["TTH"]
["TUN"]
["TUN"]
["TUN"]
["TUN"]
["TUN"]
["TUN"]
["TUN"]
["TUN"]
["TUN"]
["TUN"]
["TUN"]
["TUN"]
["TUN"]
["TUN"]
["TUN"]
["TUN"]
["TUN"]
["TUN"]
["TUN"]
["TUN"]
["TUN"]
["TUN"]
["TUN"]
["TUN"]
["TUN"]
["TUN"]
["TUN"]
["TUN"]
["TUN"]
["TUN"]
["TUN"]
["TUN"]
["TUN"]
["TUN"]
["TUN"]
["TUN"]
["TUN"]
["TUN"]
["TUN"]
["TUN"]
["TUN"]
["TUN"]
["TUN"]
["TUN"]
["TUN"]
["TUN"]
["TUN"]
["TUN"]
["TUN"]
["TUN"]
["TUN"]
["TUN"]
["TUN"]
["TUN"]
["TUN"]
["TUN"]
["TUN"]
["TUN"]
["TUN"]
["TUN"]
["TUN"]
["TUN"]
["TUN"]
["TUN"]
["TUN"]
["TUN"]
["TUN"]
["TUN"]
["TUN"]
["TUN"]
["TUN"]
["TUN"]
["TUN"]
["TUN"]
["TUN"]
["TUN"]
["TUN"]
["TUN"]
["TUN"]
["TUN"]
["TUN"]
["TUN"]
["TUN"]
["TUN"]
["TUN"]
["TUN"]
["TUN"]
["TUN"]
["TUN"]
["TUN"]
["TUN"]
["TUN"]
["TUN"]
["TUN"]
["TUN"]
["TUN"]
["TUN"]
["TUN"]
["TUN"]
["TUN"]
["TUN"]
["TUN"]
["TUN"]
["TUN"]
["TUN"]
["TUN"]
["TUN"]
["TUN"]
["TUN"]
["TUN"]
["TUN"]
["TUN"]
["TUN"]
["TUN"]
["TUN"]
["TUN"]
["TUN"]
["TUN"]
["TUN"]
["TUN"]
["TUN"]
["TUN"]
["TUN"]
["TUN"]
["TUN"]
["TUN"]
["TUN"]
["TUN"]
["TUN"]
["TUN"]
["TUN"]
["TUN"]
["TUN"]
["TUN"]
["TUN"]
["TUN"]
["TUN"]
["TUN"]
["TUN"]
["TUN"]
["TUN"]
["TUN"]
["TUN"]
["TUN"]
["TUN"]
["TUN"]
["TUN"]
["TUN"]
["TUN"]
["TUN"]
["TUN"]
["TUN"]
["TUN"]
["TUN"]
["TUN"]
["TUN"]
["TUN"]
["TUN"]
["TUN"]
["TUN"]
["TUN"]
["TUN"]
["TUN"]
["TUN"]
["TUN"]
["TUN"]
["TUN"]
["TUN"]
["TUN"]
["TUN"]
["TUN"]
["TUN"]
["TUN"]
["TUN"]
["TUN"]
["TUN"]
["TUN"]
["TUN"]
["TUN"]
["TUN"]
["TUN"]
["TUN"]
["TUN"]
["TUN"]
["TUN"]
["TUN"]
["TUN"]
["TUN"]
["TUN"]
["TUN"]
["TUN"]
["TUN"]
["TUN"]
["TUN"]
["TUN"]
["TUN"]
["TUN"]
["TUN"]
["TUN"]
["TUN"]
["TUN"]
["TUN"]
["TUN"]
["TUN"]
["TUN"]
["TUN"]
["TUN"]
["TUN"]
["TUN"]
["TUN"]
["TUN"]
["TUN"]
["TUN"]
["TUN"]
["TUN"]
["TUN"]
["TUN"]
["TUN"]
["TUN"]
["TUN"]
["TUN"]
["TUN"]
["TUN"]
["TUN"]
["TUN"]
["TUN"]
["TUN"]
["TUN"]
["TUN"]
["TUN"]
["TUN"]
["TUN"]
["TUN"]
["TUN"]
["TUN"]
["TUN"]
["TUN"]
["TUN"]
["TUN"]
["TUN"]
["TUN"]
["TUN"]
["TUN"]
["TUN"]
["TUN"]
["TUN"]
["TUN"]
["TUN"]
["TUN"]
["TUN"]
["TUN"]
["TUN"]
["TUN"]
["TUN"]
["TUN"]
["TUN"]
["TUN"]
["TUN"]
["TUN"]
["TUN"]
["TUN"]
["TUN"]
["TUN"]
["TUN"]
["TUN"]
["TUN"]
["TUN"]
["TUN"]
["TUN"]
["TUN"]
["TUN"]
["TUN"]
["TUN"]
["TUN"]
["TUN"]
["TUN"]
["TUN"]
["TUN"]
["TUN"]
["TUN"]
["TUN"]
["TUN"]
["TUN"]
["TUN"]
["TUN"]
["TUN"]
["TUN"]
["TUN"]
["TUN"]
["TUN"]
["TUN"]
["TUN"]
["TUN"]
["TUN"]
["TUN"]
["TUN"]
["TUN"]
["TUN"]
["TUN"]
["TUN"]
["TUN"]
["TUN"]
["TUN"]
["TUN"]
["TUN"]
["TUN"]
["TUN"]
["TUN"]
["TUN"]
["TUN"]
["TUN"]
["TUN"]
["TUN"]
["TUN"]
["TUN"]
["TUN"]
["TUN"]
["TUN"]
["TUN"]
["TUN"]
["TUN"]
["TUN"]
["TUN"]
["TUN"]
["TUN"]
["TUN"]
["TUN"]
["TUN"]
["TUN"]
["TUN"]
["TUN"]
["TUN"]
["TUN"]
["TUN"]
["TUN"]
["TUN"]
["TUN"]
["TUN"]
["TUN"]
["TUN"]
["TUN"]
["TUN"]
["TUN"]
["TUN"]
["TUN"]
["TUN"]
["TUN"]
["TUN"]
["TUN"]
["TUN"]
["TUN"]
["TUN"]
["TUN"]
["TUN"]
["TUN"]
["TUN"]
["TUN"]
["TUN"]
["TUN"]
["TUN"]
["TUN"]
["TUN"]
["TUN"]
["TUN"]
["TUN"]
["TUN"]
["TUN"]
["TUN"]
["TUN"]
["TUN"]
["TUN"]
["TUN"]
["TUN"]
["TUN"]
["TUN"]
["TUN"]
["TUN"]
["TUN"]
["TUN"]
["TUN"]
["TUN"]
["TUN"]
["TUN"]
["TUN"]
["TUN"]
["TUN"]
["TUN"]
["TUN"]
["TUN"]
["TUN"]
["TUN"]
["TUN"]
["TUN"]
["TUN"]
["TUN"]
["TUN"]
["TUN"]
["TUN"]
["TUN"]
["TUN"]
["TUN"]
["TUN"]
["TUN"]
["TUN"]
["TUN"]
["TUN"]
["TUN"]
["TUN"]
["TUN"]
["TUN"]
["TUN"]
["TUN"]
["TUN"]
["TUN"]
["TUN"]
["TUN"]
["TUN"]
["TUN"]
["TUN"]
["TUN"]
["TUN"]
["TUN"]
["TUN"]
["TUN"]
["TUN"]
["TUN"]
["TUN"]
["USI"]
["USI"]
["USI"]
["USI"]
["USI"]
["USI"]
["USI"]
["USI"]
["USI"]
["USI"]
["USI"]
["USI"]
["USI"]
["USI"]
["USI"]
["USI"]
["USI"]
["USI"]
["USI"]
["USI"]
["USI"]
["USI"]
["USI"]
["USI"]
["USI"]
["USI"]
["USI"]
["USI"]
["USI"]
["USI"]
["USI"]
["USI"]
["USI"]
["USI"]
["USI"]
["USI"]
["USI"]
["USI"]
["USI"]
["USI"]
["USI"]
["USI"]
["USI"]
["USI"]
["USI"]
["USI"]
["USI"]
["USI"]
["USI"]
["USI"]
["USI"]
["USI"]
["USI"]
["USI"]
["USI"]
["USI"]
["USI"]
["USI"]
["USI"]
["USI"]
["USI"]
["USI"]
["USI"]
["USI"]
["USI"]
["USI"]
["USI"]
["USI"]
["USI"]
["USI"]
["USI"]
["USI"]
["USI"]
["USI"]
["USI"]
["USI"]
["USI"]
["USI"]
["USI"]
["USI"]
["USI"]
["USI"]
["USI"]
["USI"]
["USI"]
["USI"]
["USI"]
["USI"]
["USI"]
["USI"]
["USI"]
["USI"]
["USI"]
["USI"]
["USI"]
["USI"]
["USI"]
["USI"]
["USI"]
["USI"]
["USI"]
["USI"]
["USI"]
["USI"]
["USI"]
["USI"]
["USI"]
["USI"]
["USI"]
["USI"]
["USI"]
["USI"]
["USI"]
["USI"]
["USI"]
["USI"]
["USI"]
["USI"]
["USI"]
["USI"]
["USI"]
["USI"]
["USI"]
["USI"]
["USI"]
["USI"]
["USI"]
["USI"]
["USI"]
["USI"]
["USI"]
["USI"]
["USI"]
["USI"]
["USI"]
["USI"]
["USI"]
["USI"]
["USI"]
["USI"]
["USI"]
["USI"]
["USI"]
["USI"]
["USI"]
["USI"]
["USI"]
["USI"]
["USI"]
["USI"]
["USI"]
["USI"]
["USI"]
["USI"]
["USI"]
["USI"]
["USI"]
["USI"]
["USI"]
["USI"]
["USI"]
["USI"]
["USI"]
["USI"]
["USI"]
["USI"]
["USI"]
["USI"]
["USI"]
["USI"]
["USI"]
["USI"]
["USI"]
["USI"]
["USI"]
["USI"]
["USI"]
["USI"]
["USI"]
["USI"]
["USI"]
["USI"]
["USI"]
["USI"]
["USI"]
["USI"]
["USI"]
["USI"]
["USI"]
["USI"]
["USI"]
["USI"]
["USI"]
["USI"]
["USI"]
["USI"]
["USI"]
["USI"]
["USI"]
["USI"]
["USI"]
["USI"]
["USI"]
["USI"]
["USI"]
["USI"]
["USI"]
["USI"]
["USI"]
["USI"]
["USI"]
["USI"]
["USI"]
["USI"]
["USI"]
["USI"]
["USI"]
["USI"]
["USI"]
["USI"]
["USI"]
["USI"]
["USI"]
["USI"]
["USI"]
["USI"]
["USI"]
["USI"]
["USI"]
["USI"]
["USI"]
["USI"]
["USI"]
["USI"]
["USI"]
["USI"]
["USI"]
["USI"]
["USI"]
["USI"]
["USI"]
["USI"]
["USI"]
["USI"]
["USI"]
["USI"]
["USI"]
["USI"]
["USI"]
["USI"]
["USI"]
["USI"]
["USI"]
["USI"]
["USI"]
["USI"]
["USI"]
["USI"]
["USI"]
["USI"]
["USI"]
["USI"]
["USI"]
["USI"]
["USI"]
["USI"]
["USI"]
["USI"]
["USI"]
["USI"]
["USI"]
["USI"]
["USI"]
["USI"]
["USI"]
["USI"]
["USI"]
["USI"]
["USI"]
["USI"]
["USI"]
["USI"]
["USI"]
["USI"]
["USI"]
["USI"]
["USI"]
["USI"]
["USI"]
["USI"]
["USI"]
["USI"]
["USI"]
["USI"]
["USI"]
["USI"]
["USI"]
["USI"]
["USI"]
["USI"]
["USI"]
["USI"]
["USI"]
["USI"]
["USI"]
["USI"]
["USI"]
["USI"]
["USI"]
["USI"]
["USI"]
["USI"]
["USI"]
["USI"]
["USI"]
["USI"]
["USI"]
["USI"]
["USI"]
["USI"]
["USI"]
["USI"]
["USI"]
["USI"]
["USI"]
["USI"]
["USI"]
["USI"]
["USI"]
["USI"]
["USI"]
["USI"]
["USI"]
["USI"]
["USI"]
["USI"]
["USI"]
["USI"]
["USI"]
["USI"]
["USI"]
["USI"]
["USI"]
["USI"]
["USI"]
["USI"]
["USI"]
["USI"]
["USI"]
["USI"]
["USI"]
["USI"]
["USI"]
["USI"]
["USI"]
["USI"]
["USI"]
["USI"]
["USI"]
["USI"]
["USI"]
["USI"]
["USI"]
["USI"]
["USI"]
["USI"]
["USI"]
["USI"]
["USI"]
["USI"]
["USI"]
["USI"]
["USI"]
["USI"]
["USI"]
["USI"]
["USI"]
["USI"]
["USI"]
["USI"]
["USI"]
["USI"]
["USI"]
["USI"]
["USI"]
["USI"]
["USI"]
["USI"]
["USI"]
["USI"]
["USI"]
["USI"]
["USI"]
["USI"]
["USI"]
["USI"]
["USI"]
["USI"]
["USI"]
["USI"]
["USI"]
["USI"]
["USI"]
["USI"]
["USI"]
["USI"]
["USI"]
["USI"]
["USI"]
["USI"]
["USI"]
["USI"]
["USI"]
["USI"]
["USI"]
["USI"]
["USI"]
["USI"]
["USI"]
["USI"]
["USI"]
["USI"]
["USI"]
["USI"]
["USI","TRAIT"]
["VERNIS"]
["VERNIS"]
["VERNIS"]
["ZING"]
["ZING"]
["ZING"]
["ZING"]
["ZING"]
["ZING"]
["ZING"]
["ZING"]
["ZING"]
["ZING"]
["ZING"]
["ZING"]
["ZING"]
["ZING"]
["ZING"]
["ZING"]
["ZING"]
["ZING"]
["ZING"]
["ZING"]
["ZING"]
["ZING"]
["ZING"]
["ZING"]
["ZING"]
["ZING"]
["ZING"]
["ZING"]
["ZING"]
["ZING"]
["ZING"]
["ZING"]
["ZING"]
["ZING"]
["ZING"]
["ZING"]
["ZING"]
["ZING"]
["ZING"]
["ZING"]
["ZING"]
["ZING"]
["ZING"]
["ZING"]
["ZING"]
["ZING"]
["ZING"]
["ZING"]
["ZING"]
["ZING"]
["ZING"]
["ZING"]
["ZING"]
["ZING"]
["ZING"]
["ZING"]
["ZING"]
["ZING"]
["ZING"]
["ZING"]
["ZING"]
["ZING"]
["ZING"]
["ZING"]